{"text_format":"3","workbook":"xlsx","n_sheets":1,"sheets":["SICETAC_PARTE3"],"read":"whole","date_system":"1900"}

{"sheet":"SICETAC_PARTE3","index":0,"n_rows":559921,"n_cols":25,"rows_kept":2250,"cut":true,"bounds":{"rows_first":1000,"rows_last":250,"rows_between":1000,"halvings":1}}
["FECHA_SICETAC","CODIGO_ORIGEN","ORIGEN","DPTO_ORIGEN","CODIGO_DESTINO","DESTINO","DPTO_DESTINO","DISTANCIA","TIPO_VEHICULO","CAPACIDAD_VEHICULO","COSTO_HORA","HORAS_LOGISTICAS","HORAS_RECORRIDO","COSTO_MOVILIZACION","COSTO_TIEMPOS_ESPERA","COSTO_TN_MOVILIZACION","COSTO_KM_MOVILIZACION","COSTO_KM_VIAJE","COSTO_TN_VIAJE","COSTO_TOTAL_VIAJE","TIPO_CARROCERIA","TIPO_CARGA","CONDICION_CARGA","VIA_ESTANDAR","VIA"]
["2026-07-01",50001000,"VILLAVICENCIO","META",5212000,"COPACABANA","ANTIOQUIA",526,"2",9,54531,8,14.19,2474935,436248,274992.78,4705.2,5534.57,323464.78,{"v":2911183,"d":"$ 2,911,183"},"ESTACAS","General","CARGADO","SI","Guayabetal,Chipaque,Bogota,Funza,Mosquera,Madrid,Facatativa,Alban,Sasaima,Villet"]
["2026-07-01",50001000,"VILLAVICENCIO","META",5212000,"COPACABANA","ANTIOQUIA",526,"2",9,55663,8,14.19,2490989,445304,276776.56,4735.72,5582.31,326254.78,{"v":2936293,"d":"$ 2,936,293"},"PLATAFORMA","Granel Sólido","CARGADO","SI","Guayabetal,Chipaque,Bogota,Funza,Mosquera,Madrid,Facatativa,Alban,Sasaima,Villet"]
["2026-07-01",50001000,"VILLAVICENCIO","META",5212000,"COPACABANA","ANTIOQUIA",526,"2",9,60412,8,14.19,2558377,483296,284264.11,4863.83,5782.65,337963.67,{"v":3041673,"d":"$ 3,041,673"},"FURGON","General","CARGADO","SI","Guayabetal,Chipaque,Bogota,Funza,Mosquera,Madrid,Facatativa,Alban,Sasaima,Villet"]
["2026-07-01",50001000,"VILLAVICENCIO","META",5212000,"COPACABANA","ANTIOQUIA",526,"2",9,54531,8,14.19,2474935,436248,274992.78,4705.2,5534.57,323464.78,{"v":2911183,"d":"$ 2,911,183"},"PORTACONTENEDORES","Contenedor cargado","CARGADO","SI","Guayabetal,Chipaque,Bogota,Funza,Mosquera,Madrid,Facatativa,Alban,Sasaima,Villet"]
["2026-07-01",50001000,"VILLAVICENCIO","META",5212000,"COPACABANA","ANTIOQUIA",526,"2S2",22,63992,8,12.99,3331562,511936,151434.64,6333.77,7307.03,174704.45,{"v":3843498,"d":"$ 3,843,498"},"ESTACAS","Granel Sólido","CARGADO","SI","Guayabetal,Chipaque,Bogota,Funza,Mosquera,Madrid,Facatativa,Alban,Sasaima,Villet"]
["2026-07-01",50001000,"VILLAVICENCIO","META",5212000,"COPACABANA","ANTIOQUIA",526,"2S2",22,78048,8,12.99,3514173,624384,159735.14,6680.94,7867.98,188116.23,{"v":4138557,"d":"$ 4,138,557"},"FURGON","Granel Sólido","CARGADO","SI","Guayabetal,Chipaque,Bogota,Funza,Mosquera,Madrid,Facatativa,Alban,Sasaima,Villet"]
["2026-07-01",5154000,"CAUCASIA","ANTIOQUIA",5212000,"COPACABANA","ANTIOQUIA",269,"2L3 Liviano entre 7.5 y 8 Tonel.",6,71753,4,5.88,1045337,287012,174222.83,3886.01,4952.97,222058.17,{"v":1332349,"d":"$ 1,332,349"},"FURGON REFRIGERADO","Carga Refrigerada","CARGADO","SI","Taraza,Valdivia,Yarumal,Santa Rosa De Osos,Don Matias"]
["2026-07-01",5154000,"CAUCASIA","ANTIOQUIA",5212000,"COPACABANA","ANTIOQUIA",269,"2L3 Liviano entre 7.5 y 8 Tonel.",6,40348,4,5.88,806700,161392,134450,2998.88,3598.86,161348.67,{"v":968092,"d":"$ 968,092"},"ESTACAS","Granel Sólido","CARGADO","SI","Taraza,Valdivia,Yarumal,Santa Rosa De Osos,Don Matias"]
["2026-07-01",5154000,"CAUCASIA","ANTIOQUIA",5212000,"COPACABANA","ANTIOQUIA",269,"2L3 Liviano entre 7.5 y 8 Tonel.",6,43458,4,5.88,829010,173832,138168.33,3081.82,3728.04,167140.33,{"v":1002842,"d":"$ 1,002,842"},"FURGON","Granel Sólido","CARGADO","SI","Taraza,Valdivia,Yarumal,Santa Rosa De Osos,Don Matias"]
["2026-07-01",5154000,"CAUCASIA","ANTIOQUIA",5212000,"COPACABANA","ANTIOQUIA",269,"2L3 Liviano entre 7.5 y 8 Tonel.",6,40348,4,5.88,810727,161392,135121.17,3013.86,3613.83,162019.83,{"v":972119,"d":"$ 972,119"},"ESTIBAS","Granel Sólido","CARGADO","SI","Taraza,Valdivia,Yarumal,Santa Rosa De Osos,Don Matias"]
["2026-07-01",5154000,"CAUCASIA","ANTIOQUIA",5212000,"COPACABANA","ANTIOQUIA",269,"2L3 Liviano entre 7.5 y 8 Tonel.",6,40348,4,5.88,810727,161392,135121.17,3013.86,3613.83,162019.83,{"v":972119,"d":"$ 972,119"},"PLATAFORMA","Granel Sólido","CARGADO","SI","Taraza,Valdivia,Yarumal,Santa Rosa De Osos,Don Matias"]
["2026-07-01",5154000,"CAUCASIA","ANTIOQUIA",5212000,"COPACABANA","ANTIOQUIA",269,"2L3 Liviano entre 7.5 y 8 Tonel.",6,39217,4,5.88,804076,156868,134012.67,2989.13,3572.28,160157.33,{"v":960944,"d":"$ 960,944"},"ESTACAS","General","CARGADO","SI","Taraza,Valdivia,Yarumal,Santa Rosa De Osos,Don Matias"]
["2026-07-01",5154000,"CAUCASIA","ANTIOQUIA",5212000,"COPACABANA","ANTIOQUIA",269,"2L3 Liviano entre 7.5 y 8 Tonel.",6,42327,4,5.88,822359,169308,137059.83,3057.1,3686.49,165277.83,{"v":991667,"d":"$ 991,667"},"FURGON","General","CARGADO","SI","Taraza,Valdivia,Yarumal,Santa Rosa De Osos,Don Matias"]
["2026-07-01",5154000,"CAUCASIA","ANTIOQUIA",5212000,"COPACABANA","ANTIOQUIA",269,"2L3 Liviano entre 7.5 y 8 Tonel.",6,39217,4,5.88,804076,156868,134012.67,2989.13,3572.28,160157.33,{"v":960944,"d":"$ 960,944"},"ESTIBAS","General","CARGADO","SI","Taraza,Valdivia,Yarumal,Santa Rosa De Osos,Don Matias"]
["2026-07-01",5154000,"CAUCASIA","ANTIOQUIA",5212000,"COPACABANA","ANTIOQUIA",269,"2L3 Liviano entre 7.5 y 8 Tonel.",6,39217,4,5.88,804076,156868,134012.67,2989.13,3572.28,160157.33,{"v":960944,"d":"$ 960,944"},"PLATAFORMA","General","CARGADO","SI","Taraza,Valdivia,Yarumal,Santa Rosa De Osos,Don Matias"]
["2026-07-01",5154000,"CAUCASIA","ANTIOQUIA",5212000,"COPACABANA","ANTIOQUIA",269,"2_8_105",5.4,70516,4,5.88,1076554,282064,199361.85,4002.06,5050.62,251595.93,{"v":1358618,"d":"$ 1,358,618"},"FURGON REFRIGERADO","Carga Refrigerada","CARGADO","SI","Taraza,Valdivia,Yarumal,Santa Rosa De Osos,Don Matias"]
["2026-07-01",5154000,"CAUCASIA","ANTIOQUIA",5212000,"COPACABANA","ANTIOQUIA",269,"2_8_105",5.4,41061,4,5.88,857573,164244,158809.81,3188,3798.58,189225.37,{"v":1021817,"d":"$ 1,021,817"},"ESTACAS","Granel Sólido","CARGADO","SI","Taraza,Valdivia,Yarumal,Santa Rosa De Osos,Don Matias"]
["2026-07-01",5154000,"CAUCASIA","ANTIOQUIA",5212000,"COPACABANA","ANTIOQUIA",269,"2_8_105",5.4,43798,4,5.88,873660,175192,161788.89,3247.81,3899.08,194231.85,{"v":1048852,"d":"$ 1,048,852"},"FURGON","Granel Sólido","CARGADO","SI","Taraza,Valdivia,Yarumal,Santa Rosa De Osos,Don Matias"]
["2026-07-01",5154000,"CAUCASIA","ANTIOQUIA",5212000,"COPACABANA","ANTIOQUIA",269,"2_8_105",5.4,41061,4,5.88,857573,164244,158809.81,3188,3798.58,189225.37,{"v":1021817,"d":"$ 1,021,817"},"ESTIBAS","Granel Sólido","CARGADO","SI","Taraza,Valdivia,Yarumal,Santa Rosa De Osos,Don Matias"]
["2026-07-01",5154000,"CAUCASIA","ANTIOQUIA",5212000,"COPACABANA","ANTIOQUIA",269,"2_8_105",5.4,41061,4,5.88,857573,164244,158809.81,3188,3798.58,189225.37,{"v":1021817,"d":"$ 1,021,817"},"PLATAFORMA","Granel Sólido","CARGADO","SI","Taraza,Valdivia,Yarumal,Santa Rosa De Osos,Don Matias"]
["2026-07-01",5154000,"CAUCASIA","ANTIOQUIA",5212000,"COPACABANA","ANTIOQUIA",269,"2_8_105",5.4,39930,4,5.88,850922,159720,157578.15,3163.28,3757.03,187155.93,{"v":1010642,"d":"$ 1,010,642"},"ESTACAS","General","CARGADO","SI","Taraza,Valdivia,Yarumal,Santa Rosa De Osos,Don Matias"]
["2026-07-01",5154000,"CAUCASIA","ANTIOQUIA",5212000,"COPACABANA","ANTIOQUIA",269,"2_8_105",5.4,42101,4,5.88,863687,168404,159942.04,3210.73,3836.77,191127.96,{"v":1032091,"d":"$ 1,032,091"},"FURGON","General","CARGADO","SI","Taraza,Valdivia,Yarumal,Santa Rosa De Osos,Don Matias"]
["2026-07-01",5154000,"CAUCASIA","ANTIOQUIA",5212000,"COPACABANA","ANTIOQUIA",269,"2_8_105",5.4,40495,4,5.88,854243,161980,158193.15,3175.62,3777.78,188189.44,{"v":1016223,"d":"$ 1,016,223"},"ESTIBAS","General","CARGADO","SI","Taraza,Valdivia,Yarumal,Santa Rosa De Osos,Don Matias"]
["2026-07-01",5154000,"CAUCASIA","ANTIOQUIA",5212000,"COPACABANA","ANTIOQUIA",269,"2_8_105",5.4,39930,4,5.88,850922,159720,157578.15,3163.28,3757.03,187155.93,{"v":1010642,"d":"$ 1,010,642"},"PLATAFORMA","General","CARGADO","SI","Taraza,Valdivia,Yarumal,Santa Rosa De Osos,Don Matias"]
["2026-07-01",5154000,"CAUCASIA","ANTIOQUIA",5212000,"COPACABANA","ANTIOQUIA",269,"2L2 Liviano entre 8 y 9 Tonel.",5,72221,4,5.88,1068477,288884,213695.4,3972.03,5045.95,271472.2,{"v":1357361,"d":"$ 1,357,361"},"FURGON REFRIGERADO","Carga Refrigerada","CARGADO","SI","Taraza,Valdivia,Yarumal,Santa Rosa De Osos,Don Matias"]
["2026-07-01",5154000,"CAUCASIA","ANTIOQUIA",5212000,"COPACABANA","ANTIOQUIA",269,"2L2 Liviano entre 8 y 9 Tonel.",5,41243,4,5.88,836377,164972,167275.4,3109.21,3722.49,200269.8,{"v":1001349,"d":"$ 1,001,349"},"ESTACAS","Granel Sólido","CARGADO","SI","Taraza,Valdivia,Yarumal,Santa Rosa De Osos,Don Matias"]
["2026-07-01",5154000,"CAUCASIA","ANTIOQUIA",5212000,"COPACABANA","ANTIOQUIA",269,"2L2 Liviano entre 8 y 9 Tonel.",5,43397,4,5.88,849039,173588,169807.8,3156.28,3801.59,204525.4,{"v":1022627,"d":"$ 1,022,627"},"FURGON","Granel Sólido","CARGADO","SI","Taraza,Valdivia,Yarumal,Santa Rosa De Osos,Don Matias"]
["2026-07-01",5154000,"CAUCASIA","ANTIOQUIA",5212000,"COPACABANA","ANTIOQUIA",269,"2L2 Liviano entre 8 y 9 Tonel.",5,41243,4,5.88,836377,164972,167275.4,3109.21,3722.49,200269.8,{"v":1001349,"d":"$ 1,001,349"},"ESTIBAS","Granel Sólido","CARGADO","SI","Taraza,Valdivia,Yarumal,Santa Rosa De Osos,Don Matias"]
["2026-07-01",5154000,"CAUCASIA","ANTIOQUIA",5212000,"COPACABANA","ANTIOQUIA",269,"2L2 Liviano entre 8 y 9 Tonel.",5,41243,4,5.88,836377,164972,167275.4,3109.21,3722.49,200269.8,{"v":1001349,"d":"$ 1,001,349"},"PLATAFORMA","Granel Sólido","CARGADO","SI","Taraza,Valdivia,Yarumal,Santa Rosa De Osos,Don Matias"]
["2026-07-01",5148000,"EL CARMEN DE VIBORAL","ANTIOQUIA",5212000,"COPACABANA","ANTIOQUIA",60,"V3",28.7,66231,4,2.08,457186,264924,15929.83,7619.77,12035.17,25160.63,{"v":722110,"d":"$ 722,110"},"VOLCO","Granel Sólido","CARGADO","SI","Rionegro,Guarne,Bello,Medellin"]
["2026-07-01",5148000,"EL CARMEN DE VIBORAL","ANTIOQUIA",5212000,"COPACABANA","ANTIOQUIA",60,"V2",17.5,57575,4,2.36,363500,230300,20771.43,6058.33,9896.67,33931.43,{"v":593800,"d":"$ 593,800"},"VOLCO","Granel Sólido","CARGADO","SI","Rionegro,Guarne,Bello,Medellin"]
["2026-07-01",5148000,"EL CARMEN DE VIBORAL","ANTIOQUIA",5212000,"COPACABANA","ANTIOQUIA",60,"V4",36.9,66252,4,1.77,549586,265008,14893.93,9159.77,13576.57,22075.72,{"v":814594,"d":"$ 814,594"},"VOLCO","Granel Sólido","CARGADO","SI","Rionegro,Guarne,Bello,Medellin"]
["2026-07-01",85001000,"YOPAL","CASANARE",5212000,"COPACABANA","ANTIOQUIA",786,"2",9,57575,8,18.8,3485121,460600,387235.67,4434,5020,438413.44,{"v":3945721,"d":"$ 3,945,721"},"VOLCO","Granel Sólido","CARGADO","SI","Aguazul,Monterrey,Villanueva,Barranca De Upia,Paratebueno,Cumaral,Restrepo,Villa"]
["2026-07-01",85001000,"YOPAL","CASANARE",5212000,"COPACABANA","ANTIOQUIA",786,"2",9,60412,8,18.8,3481136,483296,386792.89,4428.93,5043.81,440492.44,{"v":3964432,"d":"$ 3,964,432"},"FURGON","General","CARGADO","SI","Aguazul,Monterrey,Villanueva,Barranca De Upia,Paratebueno,Cumaral,Restrepo,Villa"]
["2026-07-01",85001000,"YOPAL","CASANARE",5212000,"COPACABANA","ANTIOQUIA",786,"2",9,86677,8,18.8,4024843,693416,447204.78,5120.67,6002.87,524251,{"v":4718259,"d":"$ 4,718,259"},"FURGON REFRIGERADO","Carga Refrigerada","CARGADO","SI","Aguazul,Monterrey,Villanueva,Barranca De Upia,Paratebueno,Cumaral,Restrepo,Villa"]
["2026-07-01",85001000,"YOPAL","CASANARE",5212000,"COPACABANA","ANTIOQUIA",786,"2",9,55663,8,18.8,3391853,445304,376872.56,4315.33,4881.88,426350.78,{"v":3837157,"d":"$ 3,837,157"},"ESTACAS","Granel Sólido","CARGADO","SI","Aguazul,Monterrey,Villanueva,Barranca De Upia,Paratebueno,Cumaral,Restrepo,Villa"]
["2026-07-01",85001000,"YOPAL","CASANARE",5212000,"COPACABANA","ANTIOQUIA",786,"2",9,61544,8,18.8,3502405,492352,389156.11,4455.99,5082.39,443861.89,{"v":3994757,"d":"$ 3,994,757"},"FURGON","Granel Sólido","CARGADO","SI","Aguazul,Monterrey,Villanueva,Barranca De Upia,Paratebueno,Cumaral,Restrepo,Villa"]
["2026-07-01",85001000,"YOPAL","CASANARE",5212000,"COPACABANA","ANTIOQUIA",786,"2",9,55663,8,18.8,3391853,445304,376872.56,4315.33,4881.88,426350.78,{"v":3837157,"d":"$ 3,837,157"},"PLATAFORMA","Granel Sólido","CARGADO","SI","Aguazul,Monterrey,Villanueva,Barranca De Upia,Paratebueno,Cumaral,Restrepo,Villa"]
["2026-07-01",85001000,"YOPAL","CASANARE",5212000,"COPACABANA","ANTIOQUIA",786,"2",9,54531,8,18.8,3370584,436248,374509.33,4288.27,4843.3,422981.33,{"v":3806832,"d":"$ 3,806,832"},"PORTACONTENEDORES","Contenedor cargado","CARGADO","SI","Aguazul,Monterrey,Villanueva,Barranca De Upia,Paratebueno,Cumaral,Restrepo,Villa"]
["2026-07-01",85001000,"YOPAL","CASANARE",5212000,"COPACABANA","ANTIOQUIA",786,"2",9,55663,8,18.8,3391853,445304,376872.56,4315.33,4881.88,426350.78,{"v":3837157,"d":"$ 3,837,157"},"ESTIBAS","Granel Sólido","CARGADO","SI","Aguazul,Monterrey,Villanueva,Barranca De Upia,Paratebueno,Cumaral,Restrepo,Villa"]
["2026-07-01",85001000,"YOPAL","CASANARE",5212000,"COPACABANA","ANTIOQUIA",786,"2",9,54531,8,18.8,3370584,436248,374509.33,4288.27,4843.3,422981.33,{"v":3806832,"d":"$ 3,806,832"},"PLATAFORMA","General","CARGADO","SI","Aguazul,Monterrey,Villanueva,Barranca De Upia,Paratebueno,Cumaral,Restrepo,Villa"]
["2026-07-01",85001000,"YOPAL","CASANARE",5212000,"COPACABANA","ANTIOQUIA",786,"2",9,54531,8,18.8,3370584,436248,374509.33,4288.27,4843.3,422981.33,{"v":3806832,"d":"$ 3,806,832"},"ESTACAS","General","CARGADO","SI","Aguazul,Monterrey,Villanueva,Barranca De Upia,Paratebueno,Cumaral,Restrepo,Villa"]
["2026-07-01",85001000,"YOPAL","CASANARE",5212000,"COPACABANA","ANTIOQUIA",786,"2",9,54531,8,18.8,3370584,436248,374509.33,4288.27,4843.3,422981.33,{"v":3806832,"d":"$ 3,806,832"},"ESTIBAS","General","CARGADO","SI","Aguazul,Monterrey,Villanueva,Barranca De Upia,Paratebueno,Cumaral,Restrepo,Villa"]
["2026-07-01",85001000,"YOPAL","CASANARE",5212000,"COPACABANA","ANTIOQUIA",786,"2",9,54531,8,18.8,2930250,436248,325583.33,3728.05,4283.08,374055.33,{"v":3366498,"d":"$ 3,366,498"},"PORTACONTENEDORES","Contenedor vacío","CARGADO","SI","Aguazul,Monterrey,Villanueva,Barranca De Upia,Paratebueno,Cumaral,Restrepo,Villa"]
["2026-07-01",85001000,"YOPAL","CASANARE",5212000,"COPACABANA","ANTIOQUIA",786,"2",9,61066,8,18.8,3493414,488528,388157.11,4444.55,5066.08,442438,{"v":3981942,"d":"$ 3,981,942"},"TANQUE","Granel líquido","CARGADO","SI","Aguazul,Monterrey,Villanueva,Barranca De Upia,Paratebueno,Cumaral,Restrepo,Villa"]
["2026-07-01",85001000,"YOPAL","CASANARE",5212000,"COPACABANA","ANTIOQUIA",786,"2S2",22,119585,8,17.4,5593054,956680,254229.73,7115.84,8332.99,297715.18,{"v":6549734,"d":"$ 6,549,734"},"FURGON REFRIGERADO","Carga Refrigerada","CARGADO","SI","Aguazul,Monterrey,Villanueva,Barranca De Upia,Paratebueno,Cumaral,Restrepo,Villa"]
["2026-07-01",85001000,"YOPAL","CASANARE",5212000,"COPACABANA","ANTIOQUIA",786,"2S2",22,78048,8,17.4,4787166,624384,217598.45,6090.54,6884.92,245979.55,{"v":5411550,"d":"$ 5,411,550"},"FURGON","Granel Sólido","CARGADO","SI","Aguazul,Monterrey,Villanueva,Barranca De Upia,Paratebueno,Cumaral,Restrepo,Villa"]
["2026-07-01",85001000,"YOPAL","CASANARE",5212000,"COPACABANA","ANTIOQUIA",786,"2S2",22,63992,8,17.4,4542646,511936,206483.91,5779.45,6430.77,229753.73,{"v":5054582,"d":"$ 5,054,582"},"ESTIBAS","Granel Sólido","CARGADO","SI","Aguazul,Monterrey,Villanueva,Barranca De Upia,Paratebueno,Cumaral,Restrepo,Villa"]
["2026-07-01",85001000,"YOPAL","CASANARE",5212000,"COPACABANA","ANTIOQUIA",786,"2S2",22,63992,8,17.4,4542646,511936,206483.91,5779.45,6430.77,229753.73,{"v":5054582,"d":"$ 5,054,582"},"PLATAFORMA","Granel Sólido","CARGADO","SI","Aguazul,Monterrey,Villanueva,Barranca De Upia,Paratebueno,Cumaral,Restrepo,Villa"]
["2026-07-01",85001000,"YOPAL","CASANARE",5212000,"COPACABANA","ANTIOQUIA",786,"2S2",22,62860,8,17.4,4522963,502880,205589.23,5754.41,6394.2,228447.41,{"v":5025843,"d":"$ 5,025,843"},"ESTACAS","General","CARGADO","SI","Aguazul,Monterrey,Villanueva,Barranca De Upia,Paratebueno,Cumaral,Restrepo,Villa"]
["2026-07-01",5042000,"SANTAFE DE ANTIOQUIA","ANTIOQUIA",5212000,"COPACABANA","ANTIOQUIA",69,"3",16,58409,4,2.53,407296,233636,25456,5902.84,9288.87,40058.25,{"v":640932,"d":"$ 640,932"},"PORTACONTENEDORES","Contenedor vacío","CARGADO","SI","San Jeronimo,Medellin,Bello"]
["2026-07-01",5042000,"SANTAFE DE ANTIOQUIA","ANTIOQUIA",5212000,"COPACABANA","ANTIOQUIA",69,"3",16,64943,4,2.53,509881,259772,31867.56,7389.58,11154.39,48103.31,{"v":769653,"d":"$ 769,653"},"TANQUE","Granel líquido","CARGADO","SI","San Jeronimo,Medellin,Bello"]
["2026-07-01",5042000,"SANTAFE DE ANTIOQUIA","ANTIOQUIA",5212000,"COPACABANA","ANTIOQUIA",69,"3S2",31,145004,4,2.19,846746,580016,27314.39,12271.68,20677.71,46024.58,{"v":1426762,"d":"$ 1,426,762"},"FURGON REFRIGERADO","Carga Refrigerada","CARGADO","SI","San Jeronimo,Medellin,Bello"]
["2026-07-01",5042000,"SANTAFE DE ANTIOQUIA","ANTIOQUIA",5212000,"COPACABANA","ANTIOQUIA",69,"3S2",31,86847,4,2.19,635938,347388,20514.13,9216.49,14251.1,31720.19,{"v":983326,"d":"$ 983,326"},"ESTACAS","Granel Sólido","CARGADO","SI","San Jeronimo,Medellin,Bello"]
["2026-07-01",5042000,"SANTAFE DE ANTIOQUIA","ANTIOQUIA",5212000,"COPACABANA","ANTIOQUIA",69,"3S2",31,101482,4,2.19,668015,405928,21548.87,9681.38,15564.39,34643.32,{"v":1073943,"d":"$ 1,073,943"},"FURGON","Granel Sólido","CARGADO","SI","San Jeronimo,Medellin,Bello"]
["2026-07-01",5042000,"SANTAFE DE ANTIOQUIA","ANTIOQUIA",5212000,"COPACABANA","ANTIOQUIA",69,"3S2",31,89209,4,2.19,645993,356836,20838.48,9362.22,14533.75,32349.32,{"v":1002829,"d":"$ 1,002,829"},"VOLCO","Granel Sólido","CARGADO","SI","San Jeronimo,Medellin,Bello"]
["2026-07-01",5042000,"SANTAFE DE ANTIOQUIA","ANTIOQUIA",5212000,"COPACABANA","ANTIOQUIA",69,"3S2",31,86847,4,2.19,635938,347388,20514.13,9216.49,14251.1,31720.19,{"v":983326,"d":"$ 983,326"},"ESTIBAS","Granel Sólido","CARGADO","SI","San Jeronimo,Medellin,Bello"]
["2026-07-01",5042000,"SANTAFE DE ANTIOQUIA","ANTIOQUIA",5212000,"COPACABANA","ANTIOQUIA",69,"3S2",31,86847,4,2.19,635938,347388,20514.13,9216.49,14251.1,31720.19,{"v":983326,"d":"$ 983,326"},"PLATAFORMA","Granel Sólido","CARGADO","SI","San Jeronimo,Medellin,Bello"]
["2026-07-01",5042000,"SANTAFE DE ANTIOQUIA","ANTIOQUIA",5212000,"COPACABANA","ANTIOQUIA",69,"3S2",31,85716,4,2.19,633458,342864,20434.13,9180.55,14149.59,31494.26,{"v":976322,"d":"$ 976,322"},"ESTACAS","General","CARGADO","SI","San Jeronimo,Medellin,Bello"]
["2026-07-01",5042000,"SANTAFE DE ANTIOQUIA","ANTIOQUIA",5212000,"COPACABANA","ANTIOQUIA",69,"3S2",31,100350,4,2.19,665535,401400,21468.87,9645.43,15462.83,34417.26,{"v":1066935,"d":"$ 1,066,935"},"FURGON","General","CARGADO","SI","San Jeronimo,Medellin,Bello"]
["2026-07-01",5042000,"SANTAFE DE ANTIOQUIA","ANTIOQUIA",5212000,"COPACABANA","ANTIOQUIA",69,"3S2",31,85716,4,2.19,633458,342864,20434.13,9180.55,14149.59,31494.26,{"v":976322,"d":"$ 976,322"},"ESTIBAS","General","CARGADO","SI","San Jeronimo,Medellin,Bello"]
["2026-07-01",5042000,"SANTAFE DE ANTIOQUIA","ANTIOQUIA",5212000,"COPACABANA","ANTIOQUIA",69,"3S2",31,85716,4,2.19,633458,342864,20434.13,9180.55,14149.59,31494.26,{"v":976322,"d":"$ 976,322"},"PLATAFORMA","General","CARGADO","SI","San Jeronimo,Medellin,Bello"]
["2026-07-01",5042000,"SANTAFE DE ANTIOQUIA","ANTIOQUIA",5212000,"COPACABANA","ANTIOQUIA",69,"3S2",31,84854,4,2.19,631568,339416,20373.16,9153.16,14072.23,31322.06,{"v":970984,"d":"$ 970,984"},"PORTACONTENEDORES","Contenedor cargado","CARGADO","SI","San Jeronimo,Medellin,Bello"]
["2026-07-01",5042000,"SANTAFE DE ANTIOQUIA","ANTIOQUIA",5212000,"COPACABANA","ANTIOQUIA",69,"3S2",31,84854,4,2.19,513016,339416,16548.9,7435.01,12354.09,27497.81,{"v":852432,"d":"$ 852,432"},"PORTACONTENEDORES","Contenedor vacío","CARGADO","SI","San Jeronimo,Medellin,Bello"]
["2026-07-01",5042000,"SANTAFE DE ANTIOQUIA","ANTIOQUIA",5212000,"COPACABANA","ANTIOQUIA",69,"3S2",31,98908,4,2.19,662374,395632,21366.9,9599.62,15333.42,34129.23,{"v":1058006,"d":"$ 1,058,006"},"TANQUE","Granel líquido","CARGADO","SI","San Jeronimo,Medellin,Bello"]
["2026-07-01",5042000,"SANTAFE DE ANTIOQUIA","ANTIOQUIA",5212000,"COPACABANA","ANTIOQUIA",69,"3S3",34,146310,4,2.19,903123,585240,26562.44,13088.74,21570.48,43775.38,{"v":1488363,"d":"$ 1,488,363"},"FURGON REFRIGERADO","Carga Refrigerada","CARGADO","SI","San Jeronimo,Medellin,Bello"]
["2026-07-01",5042000,"SANTAFE DE ANTIOQUIA","ANTIOQUIA",5212000,"COPACABANA","ANTIOQUIA",69,"3S3",34,87862,4,2.19,691675,351448,20343.38,10024.28,15117.72,30680.09,{"v":1043123,"d":"$ 1,043,123"},"ESTACAS","Granel Sólido","CARGADO","SI","San Jeronimo,Medellin,Bello"]
["2026-07-01",5042000,"SANTAFE DE ANTIOQUIA","ANTIOQUIA",5212000,"COPACABANA","ANTIOQUIA",69,"3S3",34,102788,4,2.19,724392,411152,21305.65,10498.43,16457.16,33398.35,{"v":1135544,"d":"$ 1,135,544"},"FURGON","Granel Sólido","CARGADO","SI","San Jeronimo,Medellin,Bello"]
["2026-07-01",5042000,"SANTAFE DE ANTIOQUIA","ANTIOQUIA",5212000,"COPACABANA","ANTIOQUIA",69,"3S3",34,89674,4,2.19,700450,358696,20601.47,10151.45,15349.94,31151.35,{"v":1059146,"d":"$ 1,059,146"},"VOLCO","Granel Sólido","CARGADO","SI","San Jeronimo,Medellin,Bello"]
["2026-07-01",5042000,"SANTAFE DE ANTIOQUIA","ANTIOQUIA",5212000,"COPACABANA","ANTIOQUIA",69,"3S3",34,87862,4,2.19,691675,351448,20343.38,10024.28,15117.72,30680.09,{"v":1043123,"d":"$ 1,043,123"},"ESTIBAS","Granel Sólido","CARGADO","SI","San Jeronimo,Medellin,Bello"]
["2026-07-01",5042000,"SANTAFE DE ANTIOQUIA","ANTIOQUIA",5212000,"COPACABANA","ANTIOQUIA",69,"3S3",34,87862,4,2.19,691675,351448,20343.38,10024.28,15117.72,30680.09,{"v":1043123,"d":"$ 1,043,123"},"PLATAFORMA","Granel Sólido","CARGADO","SI","San Jeronimo,Medellin,Bello"]
["2026-07-01",5042000,"SANTAFE DE ANTIOQUIA","ANTIOQUIA",5212000,"COPACABANA","ANTIOQUIA",69,"3S3",34,86730,4,2.19,689195,346920,20270.44,9988.33,15016.16,30473.97,{"v":1036115,"d":"$ 1,036,115"},"ESTACAS","General","CARGADO","SI","San Jeronimo,Medellin,Bello"]
["2026-07-01",5042000,"SANTAFE DE ANTIOQUIA","ANTIOQUIA",5212000,"COPACABANA","ANTIOQUIA",69,"3S3",34,101656,4,2.19,721911,406624,21232.68,10462.48,16355.58,33192.21,{"v":1128535,"d":"$ 1,128,535"},"FURGON","General","CARGADO","SI","San Jeronimo,Medellin,Bello"]
["2026-07-01",5042000,"SANTAFE DE ANTIOQUIA","ANTIOQUIA",5212000,"COPACABANA","ANTIOQUIA",69,"3S3",34,86730,4,2.19,689195,346920,20270.44,9988.33,15016.16,30473.97,{"v":1036115,"d":"$ 1,036,115"},"ESTIBAS","General","CARGADO","SI","San Jeronimo,Medellin,Bello"]
["2026-07-01",5042000,"SANTAFE DE ANTIOQUIA","ANTIOQUIA",5212000,"COPACABANA","ANTIOQUIA",69,"3S3",34,86730,4,2.19,689195,346920,20270.44,9988.33,15016.16,30473.97,{"v":1036115,"d":"$ 1,036,115"},"PLATAFORMA","General","CARGADO","SI","San Jeronimo,Medellin,Bello"]
["2026-07-01",5042000,"SANTAFE DE ANTIOQUIA","ANTIOQUIA",5212000,"COPACABANA","ANTIOQUIA",69,"3S3",34,85728,4,2.19,686999,342912,20205.85,9956.51,14926.25,30291.5,{"v":1029911,"d":"$ 1,029,911"},"PORTACONTENEDORES","Contenedor cargado","CARGADO","SI","San Jeronimo,Medellin,Bello"]
["2026-07-01",44001000,"RIOHACHA","LA GUAJIRA",5212000,"COPACABANA","ANTIOQUIA",980,"2S2",22,62860,8,17.21,4703538,502880,213797.18,4799.53,5312.67,236655.36,{"v":5206418,"d":"$ 5,206,418"},"ESTIBAS","General","CARGADO","SI","Santa Marta,El Copey,Bosconia,Curumani,Pailitas,Pelaya,Aguachica,San Alberto,Cis"]
["2026-07-01",44001000,"RIOHACHA","LA GUAJIRA",5212000,"COPACABANA","ANTIOQUIA",980,"2S3",27,64983,8,17.21,5055883,519864,187254.93,5159.06,5689.54,206509.15,{"v":5575747,"d":"$ 5,575,747"},"ESTACAS","Granel Sólido","CARGADO","SI","Santa Marta,El Copey,Bosconia,Curumani,Pailitas,Pelaya,Aguachica,San Alberto,Cis"]
["2026-07-01",44001000,"RIOHACHA","LA GUAJIRA",5212000,"COPACABANA","ANTIOQUIA",980,"2S2",22,75644,8,17.21,4923601,605152,223800.05,5024.08,5641.58,251306.95,{"v":5528753,"d":"$ 5,528,753"},"TANQUE","Granel líquido","CARGADO","SI","Santa Marta,El Copey,Bosconia,Curumani,Pailitas,Pelaya,Aguachica,San Alberto,Cis"]
["2026-07-01",44001000,"RIOHACHA","LA GUAJIRA",5212000,"COPACABANA","ANTIOQUIA",980,"2S3",27,78005,8,17.21,5280038,624040,195556.96,5387.79,6024.57,218669.56,{"v":5904078,"d":"$ 5,904,078"},"FURGON","General","CARGADO","SI","Santa Marta,El Copey,Bosconia,Curumani,Pailitas,Pelaya,Aguachica,San Alberto,Cis"]
["2026-07-01",44001000,"RIOHACHA","LA GUAJIRA",5212000,"COPACABANA","ANTIOQUIA",980,"2S3",27,63851,8,17.21,5036406,510808,186533.56,5139.19,5660.42,205452.37,{"v":5547214,"d":"$ 5,547,214"},"ESTIBAS","General","CARGADO","SI","Santa Marta,El Copey,Bosconia,Curumani,Pailitas,Pelaya,Aguachica,San Alberto,Cis"]
["2026-07-01",44001000,"RIOHACHA","LA GUAJIRA",5212000,"COPACABANA","ANTIOQUIA",980,"2S3",27,63851,8,17.21,5036406,510808,186533.56,5139.19,5660.42,205452.37,{"v":5547214,"d":"$ 5,547,214"},"PLATAFORMA","General","CARGADO","SI","Santa Marta,El Copey,Bosconia,Curumani,Pailitas,Pelaya,Aguachica,San Alberto,Cis"]
["2026-07-01",44001000,"RIOHACHA","LA GUAJIRA",5212000,"COPACABANA","ANTIOQUIA",980,"2S3",27,62754,8,17.21,5017515,502032,185833.89,5119.91,5632.19,204427.67,{"v":5519547,"d":"$ 5,519,547"},"PORTACONTENEDORES","Contenedor cargado","CARGADO","SI","Santa Marta,El Copey,Bosconia,Curumani,Pailitas,Pelaya,Aguachica,San Alberto,Cis"]
["2026-07-01",44001000,"RIOHACHA","LA GUAJIRA",5212000,"COPACABANA","ANTIOQUIA",980,"2S3",27,62754,8,17.21,4132425,502032,153052.78,4216.76,4729.04,171646.56,{"v":4634457,"d":"$ 4,634,457"},"PORTACONTENEDORES","Contenedor vacío","CARGADO","SI","Santa Marta,El Copey,Bosconia,Curumani,Pailitas,Pelaya,Aguachica,San Alberto,Cis"]
["2026-07-01",44001000,"RIOHACHA","LA GUAJIRA",5212000,"COPACABANA","ANTIOQUIA",980,"2S3",27,75310,8,17.21,5233654,602480,193839.04,5340.46,5955.24,216153.11,{"v":5836134,"d":"$ 5,836,134"},"TANQUE","Granel líquido","CARGADO","SI","Santa Marta,El Copey,Bosconia,Curumani,Pailitas,Pelaya,Aguachica,San Alberto,Cis"]
["2026-07-01",44001000,"RIOHACHA","LA GUAJIRA",5212000,"COPACABANA","ANTIOQUIA",980,"2_5_8",3.4,64759,4,16.82,2950816,259036,867887.06,3011.04,3275.36,944074.12,{"v":3209852,"d":"$ 3,209,852"},"FURGON REFRIGERADO","Carga Refrigerada","CARGADO","SI","Santa Marta,El Copey,Bosconia,Curumani,Pailitas,Pelaya,Aguachica,San Alberto,Cis"]
["2026-07-01",44001000,"RIOHACHA","LA GUAJIRA",5212000,"COPACABANA","ANTIOQUIA",980,"2_5_8",3.4,37352,4,16.82,2439440,149408,717482.35,2489.22,2641.68,761425.88,{"v":2588848,"d":"$ 2,588,848"},"ESTACAS","Granel Sólido","CARGADO","SI","Santa Marta,El Copey,Bosconia,Curumani,Pailitas,Pelaya,Aguachica,San Alberto,Cis"]
["2026-07-01",44001000,"RIOHACHA","LA GUAJIRA",5212000,"COPACABANA","ANTIOQUIA",980,"2_5_8",3.4,39821,4,16.82,2495621,159284,734006.18,2546.55,2709.09,780854.41,{"v":2654905,"d":"$ 2,654,905"},"FURGON","Granel Sólido","CARGADO","SI","Santa Marta,El Copey,Bosconia,Curumani,Pailitas,Pelaya,Aguachica,San Alberto,Cis"]
["2026-07-01",44001000,"RIOHACHA","LA GUAJIRA",5212000,"COPACABANA","ANTIOQUIA",980,"2_5_8",3.4,37352,4,16.82,2454111,149408,721797.35,2504.19,2656.65,765740.88,{"v":2603519,"d":"$ 2,603,519"},"ESTIBAS","Granel Sólido","CARGADO","SI","Santa Marta,El Copey,Bosconia,Curumani,Pailitas,Pelaya,Aguachica,San Alberto,Cis"]
["2026-07-01",44001000,"RIOHACHA","LA GUAJIRA",5212000,"COPACABANA","ANTIOQUIA",980,"2_5_8",3.4,37352,4,16.82,2454111,149408,721797.35,2504.19,2656.65,765740.88,{"v":2603519,"d":"$ 2,603,519"},"PLATAFORMA","Granel Sólido","CARGADO","SI","Santa Marta,El Copey,Bosconia,Curumani,Pailitas,Pelaya,Aguachica,San Alberto,Cis"]
["2026-07-01",44001000,"RIOHACHA","LA GUAJIRA",5212000,"COPACABANA","ANTIOQUIA",980,"2_5_8",3.4,36221,4,16.82,2435084,144884,716201.18,2484.78,2632.62,758814.12,{"v":2579968,"d":"$ 2,579,968"},"ESTACAS","General","CARGADO","SI","Santa Marta,El Copey,Bosconia,Curumani,Pailitas,Pelaya,Aguachica,San Alberto,Cis"]
["2026-07-01",44001000,"RIOHACHA","LA GUAJIRA",5212000,"COPACABANA","ANTIOQUIA",980,"2_5_8",3.4,38689,4,16.82,2476594,154756,728410,2527.14,2685.05,773926.47,{"v":2631350,"d":"$ 2,631,350"},"FURGON","General","CARGADO","SI","Santa Marta,El Copey,Bosconia,Curumani,Pailitas,Pelaya,Aguachica,San Alberto,Cis"]
["2026-07-01",44001000,"RIOHACHA","LA GUAJIRA",5212000,"COPACABANA","ANTIOQUIA",980,"2_5_8",3.4,36221,4,16.82,2435084,144884,716201.18,2484.78,2632.62,758814.12,{"v":2579968,"d":"$ 2,579,968"},"ESTIBAS","General","CARGADO","SI","Santa Marta,El Copey,Bosconia,Curumani,Pailitas,Pelaya,Aguachica,San Alberto,Cis"]
["2026-07-01",44001000,"RIOHACHA","LA GUAJIRA",5212000,"COPACABANA","ANTIOQUIA",980,"2_5_8",3.4,36221,4,16.82,2435084,144884,716201.18,2484.78,2632.62,758814.12,{"v":2579968,"d":"$ 2,579,968"},"PLATAFORMA","General","CARGADO","SI","Santa Marta,El Copey,Bosconia,Curumani,Pailitas,Pelaya,Aguachica,San Alberto,Cis"]
["2026-07-01",63001000,"ARMENIA","QUINDIO",5212000,"COPACABANA","ANTIOQUIA",320,"3",16,66231,8,8.47,2164142,529848,135258.88,6762.94,8418.72,168374.38,{"v":2693990,"d":"$ 2,693,990"},"VOLCO","Granel Sólido","CARGADO","SI","Circasia,Pereira,La Virginia,La Pintada,Caldas,La Estrella,Sabaneta,Envigado,Med"]
["2026-07-01",63001000,"ARMENIA","QUINDIO",5212000,"COPACABANA","ANTIOQUIA",320,"3",16,92437,8,8.47,2424158,739496,151509.88,7575.49,9886.42,197728.38,{"v":3163654,"d":"$ 3,163,654"},"FURGON REFRIGERADO","Carga Refrigerada","CARGADO","SI","Circasia,Pereira,La Virginia,La Pintada,Caldas,La Estrella,Sabaneta,Envigado,Med"]
["2026-07-01",63001000,"ARMENIA","QUINDIO",5212000,"COPACABANA","ANTIOQUIA",320,"3",16,59540,8,8.47,2084561,476320,130285.06,6514.25,8002.75,160055.06,{"v":2560881,"d":"$ 2,560,881"},"ESTACAS","Granel Sólido","CARGADO","SI","Circasia,Pereira,La Virginia,La Pintada,Caldas,La Estrella,Sabaneta,Envigado,Med"]
["2026-07-01",63001000,"ARMENIA","QUINDIO",5212000,"COPACABANA","ANTIOQUIA",320,"3",16,62802,8,8.47,2112200,502416,132012.5,6600.62,8170.68,163413.5,{"v":2614616,"d":"$ 2,614,616"},"FURGON","Granel Sólido","CARGADO","SI","Circasia,Pereira,La Virginia,La Pintada,Caldas,La Estrella,Sabaneta,Envigado,Med"]
["2026-07-01",63001000,"ARMENIA","QUINDIO",5212000,"COPACABANA","ANTIOQUIA",320,"3",16,59540,8,8.47,2084561,476320,130285.06,6514.25,8002.75,160055.06,{"v":2560881,"d":"$ 2,560,881"},"ESTIBAS","Granel Sólido","CARGADO","SI","Circasia,Pereira,La Virginia,La Pintada,Caldas,La Estrella,Sabaneta,Envigado,Med"]
["2026-07-01",63001000,"ARMENIA","QUINDIO",5212000,"COPACABANA","ANTIOQUIA",320,"3",16,59540,8,8.47,2084561,476320,130285.06,6514.25,8002.75,160055.06,{"v":2560881,"d":"$ 2,560,881"},"PLATAFORMA","Granel Sólido","CARGADO","SI","Circasia,Pereira,La Virginia,La Pintada,Caldas,La Estrella,Sabaneta,Envigado,Med"]
["2026-07-01",63001000,"ARMENIA","QUINDIO",5212000,"COPACABANA","ANTIOQUIA",320,"3",16,58409,8,8.47,2074973,467272,129685.81,6484.29,7944.52,158890.31,{"v":2542245,"d":"$ 2,542,245"},"ESTACAS","General","CARGADO","SI","Circasia,Pereira,La Virginia,La Pintada,Caldas,La Estrella,Sabaneta,Envigado,Med"]
["2026-07-01",63001000,"ARMENIA","QUINDIO",5212000,"COPACABANA","ANTIOQUIA",320,"3",16,61671,8,8.47,2102612,493368,131413.25,6570.66,8112.44,162248.75,{"v":2595980,"d":"$ 2,595,980"},"FURGON","General","CARGADO","SI","Circasia,Pereira,La Virginia,La Pintada,Caldas,La Estrella,Sabaneta,Envigado,Med"]
["2026-07-01",63001000,"ARMENIA","QUINDIO",5212000,"COPACABANA","ANTIOQUIA",320,"3",16,58409,8,8.47,2074973,467272,129685.81,6484.29,7944.52,158890.31,{"v":2542245,"d":"$ 2,542,245"},"ESTIBAS","General","CARGADO","SI","Circasia,Pereira,La Virginia,La Pintada,Caldas,La Estrella,Sabaneta,Envigado,Med"]
["2026-07-01",63001000,"ARMENIA","QUINDIO",5212000,"COPACABANA","ANTIOQUIA",320,"3",16,58409,8,8.47,2074973,467272,129685.81,6484.29,7944.52,158890.31,{"v":2542245,"d":"$ 2,542,245"},"PLATAFORMA","General","CARGADO","SI","Circasia,Pereira,La Virginia,La Pintada,Caldas,La Estrella,Sabaneta,Envigado,Med"]
["2026-07-01",63001000,"ARMENIA","QUINDIO",5212000,"COPACABANA","ANTIOQUIA",320,"3",16,58409,8,8.47,2074973,467272,129685.81,6484.29,7944.52,158890.31,{"v":2542245,"d":"$ 2,542,245"},"PORTACONTENEDORES","Contenedor cargado","CARGADO","SI","Circasia,Pereira,La Virginia,La Pintada,Caldas,La Estrella,Sabaneta,Envigado,Med"]
["2026-07-01",63001000,"ARMENIA","QUINDIO",5212000,"COPACABANA","ANTIOQUIA",320,"3",16,58409,8,8.47,1737549,467272,108596.81,5429.84,6890.07,137801.31,{"v":2204821,"d":"$ 2,204,821"},"PORTACONTENEDORES","Contenedor vacío","CARGADO","SI","Circasia,Pereira,La Virginia,La Pintada,Caldas,La Estrella,Sabaneta,Envigado,Med"]
["2026-07-01",63001000,"ARMENIA","QUINDIO",5212000,"COPACABANA","ANTIOQUIA",320,"3",16,64943,8,8.47,2130346,519544,133146.62,6657.33,8280.91,165618.12,{"v":2649890,"d":"$ 2,649,890"},"TANQUE","Granel líquido","CARGADO","SI","Circasia,Pereira,La Virginia,La Pintada,Caldas,La Estrella,Sabaneta,Envigado,Med"]
["2026-07-01",63001000,"ARMENIA","QUINDIO",5212000,"COPACABANA","ANTIOQUIA",320,"3S2",31,145004,4,7.85,3210221,580016,103555.52,10031.94,11844.49,122265.71,{"v":3790237,"d":"$ 3,790,237"},"FURGON REFRIGERADO","Carga Refrigerada","CARGADO","SI","Circasia,Pereira,La Virginia,La Pintada,Caldas,La Estrella,Sabaneta,Envigado,Med"]
["2026-07-01",63001000,"ARMENIA","QUINDIO",5212000,"COPACABANA","ANTIOQUIA",320,"3S2",31,86847,4,7.85,2670647,347388,86149.9,8345.77,9431.36,97355.97,{"v":3018035,"d":"$ 3,018,035"},"ESTACAS","Granel Sólido","CARGADO","SI","Circasia,Pereira,La Virginia,La Pintada,Caldas,La Estrella,Sabaneta,Envigado,Med"]
["2026-07-01",63001000,"ARMENIA","QUINDIO",5212000,"COPACABANA","ANTIOQUIA",320,"3S2",31,101482,4,7.85,2785455,405928,89853.39,8704.55,9973.07,102947.84,{"v":3191383,"d":"$ 3,191,383"},"FURGON","Granel Sólido","CARGADO","SI","Circasia,Pereira,La Virginia,La Pintada,Caldas,La Estrella,Sabaneta,Envigado,Med"]
["2026-07-01",63001000,"ARMENIA","QUINDIO",5212000,"COPACABANA","ANTIOQUIA",320,"3S2",31,89209,4,7.85,2711551,356836,87469.39,8473.6,9588.71,98980.23,{"v":3068387,"d":"$ 3,068,387"},"VOLCO","Granel Sólido","CARGADO","SI","Circasia,Pereira,La Virginia,La Pintada,Caldas,La Estrella,Sabaneta,Envigado,Med"]
["2026-07-01",63001000,"ARMENIA","QUINDIO",5212000,"COPACABANA","ANTIOQUIA",320,"3S2",31,86847,4,7.85,2670647,347388,86149.9,8345.77,9431.36,97355.97,{"v":3018035,"d":"$ 3,018,035"},"ESTIBAS","Granel Sólido","CARGADO","SI","Circasia,Pereira,La Virginia,La Pintada,Caldas,La Estrella,Sabaneta,Envigado,Med"]
["2026-07-01",63001000,"ARMENIA","QUINDIO",5212000,"COPACABANA","ANTIOQUIA",320,"3S2",31,86847,4,7.85,2670647,347388,86149.9,8345.77,9431.36,97355.97,{"v":3018035,"d":"$ 3,018,035"},"PLATAFORMA","Granel Sólido","CARGADO","SI","Circasia,Pereira,La Virginia,La Pintada,Caldas,La Estrella,Sabaneta,Envigado,Med"]
["2026-07-01",63001000,"ARMENIA","QUINDIO",5212000,"COPACABANA","ANTIOQUIA",320,"3S2",31,85716,4,7.85,2661771,342864,85863.58,8318.03,9389.48,96923.71,{"v":3004635,"d":"$ 3,004,635"},"ESTACAS","General","CARGADO","SI","Circasia,Pereira,La Virginia,La Pintada,Caldas,La Estrella,Sabaneta,Envigado,Med"]
["2026-07-01",63001000,"ARMENIA","QUINDIO",5212000,"COPACABANA","ANTIOQUIA",320,"3S2",31,100350,4,7.85,2776578,401400,89567.03,8676.81,9931.18,102515.42,{"v":3177978,"d":"$ 3,177,978"},"FURGON","General","CARGADO","SI","Circasia,Pereira,La Virginia,La Pintada,Caldas,La Estrella,Sabaneta,Envigado,Med"]
["2026-07-01",63001000,"ARMENIA","QUINDIO",5212000,"COPACABANA","ANTIOQUIA",320,"3S2",31,85716,4,7.85,2661771,342864,85863.58,8318.03,9389.48,96923.71,{"v":3004635,"d":"$ 3,004,635"},"ESTIBAS","General","CARGADO","SI","Circasia,Pereira,La Virginia,La Pintada,Caldas,La Estrella,Sabaneta,Envigado,Med"]
["2026-07-01",63001000,"ARMENIA","QUINDIO",5212000,"COPACABANA","ANTIOQUIA",320,"3S2",31,85716,4,7.85,2661771,342864,85863.58,8318.03,9389.48,96923.71,{"v":3004635,"d":"$ 3,004,635"},"PLATAFORMA","General","CARGADO","SI","Circasia,Pereira,La Virginia,La Pintada,Caldas,La Estrella,Sabaneta,Envigado,Med"]
["2026-07-01",63001000,"ARMENIA","QUINDIO",5212000,"COPACABANA","ANTIOQUIA",320,"3S2",31,84854,4,7.85,2655007,339416,85645.39,8296.9,9357.57,96594.29,{"v":2994423,"d":"$ 2,994,423"},"PORTACONTENEDORES","Contenedor cargado","CARGADO","SI","Circasia,Pereira,La Virginia,La Pintada,Caldas,La Estrella,Sabaneta,Envigado,Med"]
["2026-07-01",5237000,"DON MATIAS","ANTIOQUIA",8001000,"BARRANQUILLA","ATLÁNTICO",653,"2S2",22,62860,8,12.5,3269784,502880,148626.55,5007.33,5777.43,171484.73,{"v":3772664,"d":"$ 3,772,664"},"ESTIBAS","General","CARGADO","SI","Santa Rosa De Osos,Yarumal,Valdivia,Taraza,Caucasia,La Apartada Y La Frontera,Bu"]
["2026-07-01",5237000,"DON MATIAS","ANTIOQUIA",8001000,"BARRANQUILLA","ATLÁNTICO",653,"2S2",22,66320,8,12.5,3358094,530560,152640.64,5142.56,5955.06,176757,{"v":3888654,"d":"$ 3,888,654"},"VOLCO","Granel Sólido","CARGADO","SI","Santa Rosa De Osos,Yarumal,Valdivia,Taraza,Caucasia,La Apartada Y La Frontera,Bu"]
["2026-07-01",5237000,"DON MATIAS","ANTIOQUIA",8001000,"BARRANQUILLA","ATLÁNTICO",653,"2S2",22,62860,8,12.5,3269784,502880,148626.55,5007.33,5777.43,171484.73,{"v":3772664,"d":"$ 3,772,664"},"ESTACAS","General","CARGADO","SI","Santa Rosa De Osos,Yarumal,Valdivia,Taraza,Caucasia,La Apartada Y La Frontera,Bu"]
["2026-07-01",5237000,"DON MATIAS","ANTIOQUIA",8001000,"BARRANQUILLA","ATLÁNTICO",653,"2S2",22,76917,8,12.5,3445473,615336,156612.41,5276.38,6218.7,184582.23,{"v":4060809,"d":"$ 4,060,809"},"FURGON","General","CARGADO","SI","Santa Rosa De Osos,Yarumal,Valdivia,Taraza,Caucasia,La Apartada Y La Frontera,Bu"]
["2026-07-01",5237000,"DON MATIAS","ANTIOQUIA",8001000,"BARRANQUILLA","ATLÁNTICO",653,"2S2",22,62860,8,12.5,3269784,502880,148626.55,5007.33,5777.43,171484.73,{"v":3772664,"d":"$ 3,772,664"},"PLATAFORMA","General","CARGADO","SI","Santa Rosa De Osos,Yarumal,Valdivia,Taraza,Caucasia,La Apartada Y La Frontera,Bu"]
["2026-07-01",5237000,"DON MATIAS","ANTIOQUIA",8001000,"BARRANQUILLA","ATLÁNTICO",653,"2S2",22,63992,8,12.5,3283927,511936,149269.41,5028.98,5812.96,172539.23,{"v":3795863,"d":"$ 3,795,863"},"ESTACAS","Granel Sólido","CARGADO","SI","Santa Rosa De Osos,Yarumal,Valdivia,Taraza,Caucasia,La Apartada Y La Frontera,Bu"]
["2026-07-01",5237000,"DON MATIAS","ANTIOQUIA",8001000,"BARRANQUILLA","ATLÁNTICO",653,"2S2",22,63992,8,12.5,3283927,511936,149269.41,5028.98,5812.96,172539.23,{"v":3795863,"d":"$ 3,795,863"},"ESTIBAS","Granel Sólido","CARGADO","SI","Santa Rosa De Osos,Yarumal,Valdivia,Taraza,Caucasia,La Apartada Y La Frontera,Bu"]
["2026-07-01",5237000,"DON MATIAS","ANTIOQUIA",8001000,"BARRANQUILLA","ATLÁNTICO",653,"2S2",22,63992,8,12.5,3283927,511936,149269.41,5028.98,5812.96,172539.23,{"v":3795863,"d":"$ 3,795,863"},"PLATAFORMA","Granel Sólido","CARGADO","SI","Santa Rosa De Osos,Yarumal,Valdivia,Taraza,Caucasia,La Apartada Y La Frontera,Bu"]
["2026-07-01",5237000,"DON MATIAS","ANTIOQUIA",8001000,"BARRANQUILLA","ATLÁNTICO",653,"2S2",22,61871,8,12.5,3257415,494968,148064.32,4988.38,5746.38,170562.86,{"v":3752383,"d":"$ 3,752,383"},"PORTACONTENEDORES","Contenedor cargado","CARGADO","SI","Santa Rosa De Osos,Yarumal,Valdivia,Taraza,Caucasia,La Apartada Y La Frontera,Bu"]
["2026-07-01",5237000,"DON MATIAS","ANTIOQUIA",8001000,"BARRANQUILLA","ATLÁNTICO",653,"2S2",22,61871,8,12.5,2653745,494968,120624.77,4063.93,4821.92,143123.32,{"v":3148713,"d":"$ 3,148,713"},"PORTACONTENEDORES","Contenedor vacío","CARGADO","SI","Santa Rosa De Osos,Yarumal,Valdivia,Taraza,Caucasia,La Apartada Y La Frontera,Bu"]
["2026-07-01",5237000,"DON MATIAS","ANTIOQUIA",8001000,"BARRANQUILLA","ATLÁNTICO",653,"2S2",22,75644,8,12.5,3429568,605152,155889.45,5252.02,6178.74,183396.36,{"v":4034720,"d":"$ 4,034,720"},"TANQUE","Granel líquido","CARGADO","SI","Santa Rosa De Osos,Yarumal,Valdivia,Taraza,Caucasia,La Apartada Y La Frontera,Bu"]
["2026-07-01",5237000,"DON MATIAS","ANTIOQUIA",8001000,"BARRANQUILLA","ATLÁNTICO",653,"2S3",27,120421,8,12.5,4335298,963368,160566.59,6639.05,8114.34,196246.89,{"v":5298666,"d":"$ 5,298,666"},"FURGON REFRIGERADO","Carga Refrigerada","CARGADO","SI","Santa Rosa De Osos,Yarumal,Valdivia,Taraza,Caucasia,La Apartada Y La Frontera,Bu"]
["2026-07-01",5237000,"DON MATIAS","ANTIOQUIA",8001000,"BARRANQUILLA","ATLÁNTICO",653,"2S3",27,64983,8,12.5,3559083,519864,131817.89,5450.36,6246.47,151072.11,{"v":4078947,"d":"$ 4,078,947"},"ESTACAS","Granel Sólido","CARGADO","SI","Santa Rosa De Osos,Yarumal,Valdivia,Taraza,Caucasia,La Apartada Y La Frontera,Bu"]
["2026-07-01",5237000,"DON MATIAS","ANTIOQUIA",8001000,"BARRANQUILLA","ATLÁNTICO",653,"2S3",27,66706,8,12.5,3626261,533648,134305.96,5553.23,6370.46,154070.7,{"v":4159909,"d":"$ 4,159,909"},"VOLCO","Granel Sólido","CARGADO","SI","Santa Rosa De Osos,Yarumal,Valdivia,Taraza,Caucasia,La Apartada Y La Frontera,Bu"]
["2026-07-01",5237000,"DON MATIAS","ANTIOQUIA",8001000,"BARRANQUILLA","ATLÁNTICO",653,"2S3",27,64983,8,12.5,3559083,519864,131817.89,5450.36,6246.47,151072.11,{"v":4078947,"d":"$ 4,078,947"},"ESTIBAS","Granel Sólido","CARGADO","SI","Santa Rosa De Osos,Yarumal,Valdivia,Taraza,Caucasia,La Apartada Y La Frontera,Bu"]
["2026-07-01",5237000,"DON MATIAS","ANTIOQUIA",8001000,"BARRANQUILLA","ATLÁNTICO",653,"2S3",27,63851,8,12.5,3544942,510808,131294.15,5428.7,6210.95,150212.96,{"v":4055750,"d":"$ 4,055,750"},"ESTACAS","General","CARGADO","SI","Santa Rosa De Osos,Yarumal,Valdivia,Taraza,Caucasia,La Apartada Y La Frontera,Bu"]
["2026-07-01",5237000,"DON MATIAS","ANTIOQUIA",8001000,"BARRANQUILLA","ATLÁNTICO",653,"2S3",27,78005,8,12.5,3721836,624040,137845.78,5699.6,6655.25,160958.37,{"v":4345876,"d":"$ 4,345,876"},"FURGON","General","CARGADO","SI","Santa Rosa De Osos,Yarumal,Valdivia,Taraza,Caucasia,La Apartada Y La Frontera,Bu"]
["2026-07-01",5237000,"DON MATIAS","ANTIOQUIA",8001000,"BARRANQUILLA","ATLÁNTICO",653,"2S3",27,63851,8,12.5,3544942,510808,131294.15,5428.7,6210.95,150212.96,{"v":4055750,"d":"$ 4,055,750"},"ESTIBAS","General","CARGADO","SI","Santa Rosa De Osos,Yarumal,Valdivia,Taraza,Caucasia,La Apartada Y La Frontera,Bu"]
["2026-07-01",5237000,"DON MATIAS","ANTIOQUIA",8001000,"BARRANQUILLA","ATLÁNTICO",653,"2S3",27,62754,8,12.5,3531226,502032,130786.15,5407.7,6176.51,149379.93,{"v":4033258,"d":"$ 4,033,258"},"PORTACONTENEDORES","Contenedor cargado","CARGADO","SI","Santa Rosa De Osos,Yarumal,Valdivia,Taraza,Caucasia,La Apartada Y La Frontera,Bu"]
["2026-07-01",5237000,"DON MATIAS","ANTIOQUIA",8001000,"BARRANQUILLA","ATLÁNTICO",653,"2S3",27,79136,8,12.5,3735977,633088,138369.52,5721.25,6690.76,161817.22,{"v":4369065,"d":"$ 4,369,065"},"FURGON","Granel Sólido","CARGADO","SI","Santa Rosa De Osos,Yarumal,Valdivia,Taraza,Caucasia,La Apartada Y La Frontera,Bu"]
["2026-07-01",5686000,"SANTA ROSA DE OSOS","ANTIOQUIA",13001000,"CARTAGENA DE INDIAS","BOLÍVAR",587,"V2",17.5,57575,8,14.13,2758242,460600,157613.83,4698.88,5483.55,183933.83,{"v":3218842,"d":"$ 3,218,842"},"VOLCO","Granel Sólido","CARGADO","SI","Yarumal,Valdivia,Taraza,Caucasia,La Apartada Y La Frontera,Buenavista,Planeta Ri"]
["2026-07-01",5686000,"SANTA ROSA DE OSOS","ANTIOQUIA",13001000,"CARTAGENA DE INDIAS","BOLÍVAR",587,"V3",28.7,66231,8,12.99,3552303,529848,123773.62,6051.62,6954.26,142235.23,{"v":4082151,"d":"$ 4,082,151"},"VOLCO","Granel Sólido","CARGADO","SI","Yarumal,Valdivia,Taraza,Caucasia,La Apartada Y La Frontera,Buenavista,Planeta Ri"]
["2026-07-01",5686000,"SANTA ROSA DE OSOS","ANTIOQUIA",13001000,"CARTAGENA DE INDIAS","BOLÍVAR",587,"V4",36.9,66252,8,12.34,4310523,530016,116816.34,7343.31,8246.23,131179.92,{"v":4840539,"d":"$ 4,840,539"},"VOLCO","Granel Sólido","CARGADO","SI","Yarumal,Valdivia,Taraza,Caucasia,La Apartada Y La Frontera,Buenavista,Planeta Ri"]
["2026-07-01",11001000,"BOGOTA, D.C.","BOGOTÁ, D.C.",23189000,"CIENAGA DE ORO","CÓRDOBA",739,"2",9,86677,8,15.74,3392111,693416,376901.22,4590.14,5528.45,453947.44,{"v":4085527,"d":"$ 4,085,527"},"FURGON REFRIGERADO","Carga Refrigerada","CARGADO","SI","Funza,Mosquera,Madrid,Facatativa,Alban,Sasaima,Villeta,Guaduas,Maceo,Caucasia,La"]
["2026-07-01",11001000,"BOGOTA, D.C.","BOGOTÁ, D.C.",23189000,"CIENAGA DE ORO","CÓRDOBA",739,"2",9,55663,8,15.74,2853855,445304,317095,3861.78,4464.36,366573.22,{"v":3299159,"d":"$ 3,299,159"},"ESTACAS","Granel Sólido","CARGADO","SI","Funza,Mosquera,Madrid,Facatativa,Alban,Sasaima,Villeta,Guaduas,Maceo,Caucasia,La"]
["2026-07-01",11001000,"BOGOTA, D.C.","BOGOTÁ, D.C.",23189000,"CIENAGA DE ORO","CÓRDOBA",739,"2",9,61544,8,15.74,2946443,492352,327382.56,3987.07,4653.31,382088.33,{"v":3438795,"d":"$ 3,438,795"},"FURGON","Granel Sólido","CARGADO","SI","Funza,Mosquera,Madrid,Facatativa,Alban,Sasaima,Villeta,Guaduas,Maceo,Caucasia,La"]
["2026-07-01",11001000,"BOGOTA, D.C.","BOGOTÁ, D.C.",23189000,"CIENAGA DE ORO","CÓRDOBA",739,"2",9,55663,8,15.74,2853855,445304,317095,3861.78,4464.36,366573.22,{"v":3299159,"d":"$ 3,299,159"},"ESTIBAS","Granel Sólido","CARGADO","SI","Funza,Mosquera,Madrid,Facatativa,Alban,Sasaima,Villeta,Guaduas,Maceo,Caucasia,La"]
["2026-07-01",11001000,"BOGOTA, D.C.","BOGOTÁ, D.C.",23189000,"CIENAGA DE ORO","CÓRDOBA",739,"2",9,57575,8,15.74,2937846,460600,326427.33,3975.43,4598.71,377605.11,{"v":3398446,"d":"$ 3,398,446"},"VOLCO","Granel Sólido","CARGADO","SI","Funza,Mosquera,Madrid,Facatativa,Alban,Sasaima,Villeta,Guaduas,Maceo,Caucasia,La"]
["2026-07-01",11001000,"BOGOTA, D.C.","BOGOTÁ, D.C.",23189000,"CIENAGA DE ORO","CÓRDOBA",739,"2",9,55663,8,15.74,2853855,445304,317095,3861.78,4464.36,366573.22,{"v":3299159,"d":"$ 3,299,159"},"PLATAFORMA","Granel Sólido","CARGADO","SI","Funza,Mosquera,Madrid,Facatativa,Alban,Sasaima,Villeta,Guaduas,Maceo,Caucasia,La"]
["2026-07-01",11001000,"BOGOTA, D.C.","BOGOTÁ, D.C.",23189000,"CIENAGA DE ORO","CÓRDOBA",739,"2",9,60412,8,15.74,2928630,483296,325403.33,3962.96,4616.95,379102.89,{"v":3411926,"d":"$ 3,411,926"},"FURGON","General","CARGADO","SI","Funza,Mosquera,Madrid,Facatativa,Alban,Sasaima,Villeta,Guaduas,Maceo,Caucasia,La"]
["2026-07-01",11001000,"BOGOTA, D.C.","BOGOTÁ, D.C.",23189000,"CIENAGA DE ORO","CÓRDOBA",739,"2",9,54531,8,15.74,2836042,436248,315115.78,3837.68,4428,363587.78,{"v":3272290,"d":"$ 3,272,290"},"ESTACAS","General","CARGADO","SI","Funza,Mosquera,Madrid,Facatativa,Alban,Sasaima,Villeta,Guaduas,Maceo,Caucasia,La"]
["2026-07-01",11001000,"BOGOTA, D.C.","BOGOTÁ, D.C.",23189000,"CIENAGA DE ORO","CÓRDOBA",739,"2",9,54531,8,15.74,2836042,436248,315115.78,3837.68,4428,363587.78,{"v":3272290,"d":"$ 3,272,290"},"ESTIBAS","General","CARGADO","SI","Funza,Mosquera,Madrid,Facatativa,Alban,Sasaima,Villeta,Guaduas,Maceo,Caucasia,La"]
["2026-07-01",11001000,"BOGOTA, D.C.","BOGOTÁ, D.C.",23189000,"CIENAGA DE ORO","CÓRDOBA",739,"2",9,54531,8,15.74,2836042,436248,315115.78,3837.68,4428,363587.78,{"v":3272290,"d":"$ 3,272,290"},"PLATAFORMA","General","CARGADO","SI","Funza,Mosquera,Madrid,Facatativa,Alban,Sasaima,Villeta,Guaduas,Maceo,Caucasia,La"]
["2026-07-01",11001000,"BOGOTA, D.C.","BOGOTÁ, D.C.",23189000,"CIENAGA DE ORO","CÓRDOBA",739,"2",9,54531,8,15.74,2836042,436248,315115.78,3837.68,4428,363587.78,{"v":3272290,"d":"$ 3,272,290"},"PORTACONTENEDORES","Contenedor cargado","CARGADO","SI","Funza,Mosquera,Madrid,Facatativa,Alban,Sasaima,Villeta,Guaduas,Maceo,Caucasia,La"]
["2026-07-01",11001000,"BOGOTA, D.C.","BOGOTÁ, D.C.",23189000,"CIENAGA DE ORO","CÓRDOBA",739,"2",9,54531,8,15.74,2440725,436248,271191.67,3302.74,3893.06,319663.67,{"v":2876973,"d":"$ 2,876,973"},"PORTACONTENEDORES","Contenedor vacío","CARGADO","SI","Funza,Mosquera,Madrid,Facatativa,Alban,Sasaima,Villeta,Guaduas,Maceo,Caucasia,La"]
["2026-07-01",11001000,"BOGOTA, D.C.","BOGOTÁ, D.C.",23189000,"CIENAGA DE ORO","CÓRDOBA",739,"2",9,61066,8,15.74,2938913,488528,326545.89,3976.88,4637.94,380826.78,{"v":3427441,"d":"$ 3,427,441"},"TANQUE","Granel líquido","CARGADO","SI","Funza,Mosquera,Madrid,Facatativa,Alban,Sasaima,Villeta,Guaduas,Maceo,Caucasia,La"]
["2026-07-01",11001000,"BOGOTA, D.C.","BOGOTÁ, D.C.",23189000,"CIENAGA DE ORO","CÓRDOBA",739,"2S2",22,66320,8,14.76,4106014,530560,186637,5556.18,6274.12,210753.36,{"v":4636574,"d":"$ 4,636,574"},"VOLCO","Granel Sólido","CARGADO","SI","Funza,Mosquera,Madrid,Facatativa,Alban,Sasaima,Villeta,Guaduas,Maceo,Caucasia,La"]
["2026-07-01",11001000,"BOGOTA, D.C.","BOGOTÁ, D.C.",23189000,"CIENAGA DE ORO","CÓRDOBA",739,"2S2",22,63992,8,14.76,4020627,511936,182755.77,5440.63,6133.37,206025.59,{"v":4532563,"d":"$ 4,532,563"},"ESTIBAS","Granel Sólido","CARGADO","SI","Funza,Mosquera,Madrid,Facatativa,Alban,Sasaima,Villeta,Guaduas,Maceo,Caucasia,La"]
["2026-07-01",11001000,"BOGOTA, D.C.","BOGOTÁ, D.C.",23189000,"CIENAGA DE ORO","CÓRDOBA",739,"2S2",22,76917,8,14.76,4211412,615336,191427.82,5698.8,6531.46,219397.64,{"v":4826748,"d":"$ 4,826,748"},"FURGON","General","CARGADO","SI","Funza,Mosquera,Madrid,Facatativa,Alban,Sasaima,Villeta,Guaduas,Maceo,Caucasia,La"]
["2026-07-01",11001000,"BOGOTA, D.C.","BOGOTÁ, D.C.",23189000,"CIENAGA DE ORO","CÓRDOBA",739,"2S2",22,62860,8,14.76,4003924,502880,181996.55,5418.03,6098.52,204854.73,{"v":4506804,"d":"$ 4,506,804"},"ESTIBAS","General","CARGADO","SI","Funza,Mosquera,Madrid,Facatativa,Alban,Sasaima,Villeta,Guaduas,Maceo,Caucasia,La"]
["2026-07-01",11001000,"BOGOTA, D.C.","BOGOTÁ, D.C.",23189000,"CIENAGA DE ORO","CÓRDOBA",739,"2S2",22,119585,8,14.76,4924577,956680,223844.41,6663.84,7958.4,267329.86,{"v":5881257,"d":"$ 5,881,257"},"FURGON REFRIGERADO","Carga Refrigerada","CARGADO","SI","Funza,Mosquera,Madrid,Facatativa,Alban,Sasaima,Villeta,Guaduas,Maceo,Caucasia,La"]
["2026-07-01",11001000,"BOGOTA, D.C.","BOGOTÁ, D.C.",23189000,"CIENAGA DE ORO","CÓRDOBA",739,"2S2",22,63992,8,14.76,4020627,511936,182755.77,5440.63,6133.37,206025.59,{"v":4532563,"d":"$ 4,532,563"},"ESTACAS","Granel Sólido","CARGADO","SI","Funza,Mosquera,Madrid,Facatativa,Alban,Sasaima,Villeta,Guaduas,Maceo,Caucasia,La"]
["2026-07-01",95001000,"SAN JOSE DEL GUAVIARE","GUAVIARE",8001000,"BARRANQUILLA","ATLÁNTICO",1382,"2_5_8",3.4,37352,4,24.47,3798751,149408,1117279.71,2748.73,2856.84,1161223.24,{"v":3948159,"d":"$ 3,948,159"},"PLATAFORMA","Granel Sólido","CARGADO","SI","Puerto Concordia,Puerto Lleras,Fuente De Oro,Granada,San Martin,Guamal,Acacias,V"]
["2026-07-01",95001000,"SAN JOSE DEL GUAVIARE","GUAVIARE",8001000,"BARRANQUILLA","ATLÁNTICO",1382,"2_5_8",3.4,37352,4,24.47,3778066,149408,1111195.88,2733.77,2841.88,1155139.41,{"v":3927474,"d":"$ 3,927,474"},"ESTACAS","Granel Sólido","CARGADO","SI","Puerto Concordia,Puerto Lleras,Fuente De Oro,Granada,San Martin,Guamal,Acacias,V"]
["2026-07-01",95001000,"SAN JOSE DEL GUAVIARE","GUAVIARE",8001000,"BARRANQUILLA","ATLÁNTICO",1382,"2_5_8",3.4,39821,4,24.47,3859145,159284,1135042.65,2792.43,2907.69,1181890.88,{"v":4018429,"d":"$ 4,018,429"},"FURGON","Granel Sólido","CARGADO","SI","Puerto Concordia,Puerto Lleras,Fuente De Oro,Granada,San Martin,Guamal,Acacias,V"]
["2026-07-01",95001000,"SAN JOSE DEL GUAVIARE","GUAVIARE",8001000,"BARRANQUILLA","ATLÁNTICO",1382,"2_5_8",3.4,37352,4,24.47,3798751,149408,1117279.71,2748.73,2856.84,1161223.24,{"v":3948159,"d":"$ 3,948,159"},"ESTIBAS","Granel Sólido","CARGADO","SI","Puerto Concordia,Puerto Lleras,Fuente De Oro,Granada,San Martin,Guamal,Acacias,V"]
["2026-07-01",95001000,"SAN JOSE DEL GUAVIARE","GUAVIARE",8001000,"BARRANQUILLA","ATLÁNTICO",1382,"2_5_8",3.4,36221,4,24.47,3771068,144884,1109137.65,2728.7,2833.54,1151750.59,{"v":3915952,"d":"$ 3,915,952"},"ESTACAS","General","CARGADO","SI","Puerto Concordia,Puerto Lleras,Fuente De Oro,Granada,San Martin,Guamal,Acacias,V"]
["2026-07-01",95001000,"SAN JOSE DEL GUAVIARE","GUAVIARE",8001000,"BARRANQUILLA","ATLÁNTICO",1382,"2_5_8",3.4,38689,4,24.47,3831462,154756,1126900.59,2772.4,2884.38,1172417.06,{"v":3986218,"d":"$ 3,986,218"},"FURGON","General","CARGADO","SI","Puerto Concordia,Puerto Lleras,Fuente De Oro,Granada,San Martin,Guamal,Acacias,V"]
["2026-07-01",95001000,"SAN JOSE DEL GUAVIARE","GUAVIARE",8001000,"BARRANQUILLA","ATLÁNTICO",1382,"2_5_8",3.4,36221,4,24.47,3771068,144884,1109137.65,2728.7,2833.54,1151750.59,{"v":3915952,"d":"$ 3,915,952"},"ESTIBAS","General","CARGADO","SI","Puerto Concordia,Puerto Lleras,Fuente De Oro,Granada,San Martin,Guamal,Acacias,V"]
["2026-07-01",95001000,"SAN JOSE DEL GUAVIARE","GUAVIARE",8001000,"BARRANQUILLA","ATLÁNTICO",1382,"2_5_8",3.4,36221,4,24.47,3771068,144884,1109137.65,2728.7,2833.54,1151750.59,{"v":3915952,"d":"$ 3,915,952"},"PLATAFORMA","General","CARGADO","SI","Puerto Concordia,Puerto Lleras,Fuente De Oro,Granada,San Martin,Guamal,Acacias,V"]
["2026-07-01",95001000,"SAN JOSE DEL GUAVIARE","GUAVIARE",8001000,"BARRANQUILLA","ATLÁNTICO",1382,"2L3 Liviano entre 7.5 y 8 Tonel.",6,71753,4,24.47,4754802,287012,792467,3440.52,3648.2,840302.33,{"v":5041814,"d":"$ 5,041,814"},"FURGON REFRIGERADO","Carga Refrigerada","CARGADO","SI","Puerto Concordia,Puerto Lleras,Fuente De Oro,Granada,San Martin,Guamal,Acacias,V"]
["2026-07-01",95001000,"SAN JOSE DEL GUAVIARE","GUAVIARE",8001000,"BARRANQUILLA","ATLÁNTICO",1382,"2L3 Liviano entre 7.5 y 8 Tonel.",6,40348,4,24.47,3915782,161392,652630.33,2833.42,2950.2,679529,{"v":4077174,"d":"$ 4,077,174"},"ESTACAS","Granel Sólido","CARGADO","SI","Puerto Concordia,Puerto Lleras,Fuente De Oro,Granada,San Martin,Guamal,Acacias,V"]
["2026-07-01",95001000,"SAN JOSE DEL GUAVIARE","GUAVIARE",8001000,"BARRANQUILLA","ATLÁNTICO",1382,"2L3 Liviano entre 7.5 y 8 Tonel.",6,43458,4,24.47,4012559,173832,668759.83,2903.44,3029.23,697731.83,{"v":4186391,"d":"$ 4,186,391"},"FURGON","Granel Sólido","CARGADO","SI","Puerto Concordia,Puerto Lleras,Fuente De Oro,Granada,San Martin,Guamal,Acacias,V"]
["2026-07-01",95001000,"SAN JOSE DEL GUAVIARE","GUAVIARE",8001000,"BARRANQUILLA","ATLÁNTICO",1382,"2L3 Liviano entre 7.5 y 8 Tonel.",6,40348,4,24.47,3936468,161392,656078,2848.38,2965.17,682976.67,{"v":4097860,"d":"$ 4,097,860"},"ESTIBAS","Granel Sólido","CARGADO","SI","Puerto Concordia,Puerto Lleras,Fuente De Oro,Granada,San Martin,Guamal,Acacias,V"]
["2026-07-01",95001000,"SAN JOSE DEL GUAVIARE","GUAVIARE",8001000,"BARRANQUILLA","ATLÁNTICO",1382,"2L3 Liviano entre 7.5 y 8 Tonel.",6,40348,4,24.47,3936468,161392,656078,2848.38,2965.17,682976.67,{"v":4097860,"d":"$ 4,097,860"},"PLATAFORMA","Granel Sólido","CARGADO","SI","Puerto Concordia,Puerto Lleras,Fuente De Oro,Granada,San Martin,Guamal,Acacias,V"]
["2026-07-01",95001000,"SAN JOSE DEL GUAVIARE","GUAVIARE",8001000,"BARRANQUILLA","ATLÁNTICO",1382,"2L3 Liviano entre 7.5 y 8 Tonel.",6,39217,4,24.47,3908785,156868,651464.17,2828.35,2941.86,677608.83,{"v":4065653,"d":"$ 4,065,653"},"ESTACAS","General","CARGADO","SI","Puerto Concordia,Puerto Lleras,Fuente De Oro,Granada,San Martin,Guamal,Acacias,V"]
["2026-07-01",95001000,"SAN JOSE DEL GUAVIARE","GUAVIARE",8001000,"BARRANQUILLA","ATLÁNTICO",1382,"2L3 Liviano entre 7.5 y 8 Tonel.",6,42327,4,24.47,3984876,169308,664146,2883.41,3005.92,692364,{"v":4154184,"d":"$ 4,154,184"},"FURGON","General","CARGADO","SI","Puerto Concordia,Puerto Lleras,Fuente De Oro,Granada,San Martin,Guamal,Acacias,V"]
["2026-07-01",95001000,"SAN JOSE DEL GUAVIARE","GUAVIARE",8001000,"BARRANQUILLA","ATLÁNTICO",1382,"2L3 Liviano entre 7.5 y 8 Tonel.",6,39217,4,24.47,3908785,156868,651464.17,2828.35,2941.86,677608.83,{"v":4065653,"d":"$ 4,065,653"},"ESTIBAS","General","CARGADO","SI","Puerto Concordia,Puerto Lleras,Fuente De Oro,Granada,San Martin,Guamal,Acacias,V"]
["2026-07-01",95001000,"SAN JOSE DEL GUAVIARE","GUAVIARE",8001000,"BARRANQUILLA","ATLÁNTICO",1382,"2L3 Liviano entre 7.5 y 8 Tonel.",6,39217,4,24.47,3908785,156868,651464.17,2828.35,2941.86,677608.83,{"v":4065653,"d":"$ 4,065,653"},"PLATAFORMA","General","CARGADO","SI","Puerto Concordia,Puerto Lleras,Fuente De Oro,Granada,San Martin,Guamal,Acacias,V"]
["2026-07-01",95001000,"SAN JOSE DEL GUAVIARE","GUAVIARE",8001000,"BARRANQUILLA","ATLÁNTICO",1382,"2_8_105",5.4,70516,4,24.47,4909058,282064,909084.81,3552.14,3756.24,961318.89,{"v":5191122,"d":"$ 5,191,122"},"FURGON REFRIGERADO","Carga Refrigerada","CARGADO","SI","Puerto Concordia,Puerto Lleras,Fuente De Oro,Granada,San Martin,Guamal,Acacias,V"]
["2026-07-01",95001000,"SAN JOSE DEL GUAVIARE","GUAVIARE",8001000,"BARRANQUILLA","ATLÁNTICO",1382,"2_8_105",5.4,41061,4,24.47,4142594,164244,767147.04,2997.54,3116.38,797562.59,{"v":4306838,"d":"$ 4,306,838"},"ESTACAS","Granel Sólido","CARGADO","SI","Puerto Concordia,Puerto Lleras,Fuente De Oro,Granada,San Martin,Guamal,Acacias,V"]
["2026-07-01",95001000,"SAN JOSE DEL GUAVIARE","GUAVIARE",8001000,"BARRANQUILLA","ATLÁNTICO",1382,"2_8_105",5.4,43798,4,24.47,4209544,175192,779545.19,3045.98,3172.75,811988.15,{"v":4384736,"d":"$ 4,384,736"},"FURGON","Granel Sólido","CARGADO","SI","Puerto Concordia,Puerto Lleras,Fuente De Oro,Granada,San Martin,Guamal,Acacias,V"]
["2026-07-01",25473000,"MOSQUERA","CUNDINAMARCA",70820000,"SANTIAGO DE TOLU","SUCRE",810,"2S2",22,62860,8,15.78,4262115,502880,193732.5,5261.87,5882.71,216590.68,{"v":4764995,"d":"$ 4,764,995"},"PLATAFORMA","General","CARGADO","SI","Madrid,Facatativa,Alban,Sasaima,Villeta,Guaduas,Maceo,Caucasia,La Apartada Y La "]
["2026-07-01",25473000,"MOSQUERA","CUNDINAMARCA",70820000,"SANTIAGO DE TOLU","SUCRE",810,"2S2",22,61871,8,15.78,4246504,494968,193022.91,5242.6,5853.67,215521.45,{"v":4741472,"d":"$ 4,741,472"},"PORTACONTENEDORES","Contenedor cargado","CARGADO","SI","Madrid,Facatativa,Alban,Sasaima,Villeta,Guaduas,Maceo,Caucasia,La Apartada Y La "]
["2026-07-01",25473000,"MOSQUERA","CUNDINAMARCA",70820000,"SANTIAGO DE TOLU","SUCRE",810,"2S2",22,61871,8,15.78,3493536,494968,158797.09,4313.01,4924.08,181295.64,{"v":3988504,"d":"$ 3,988,504"},"PORTACONTENEDORES","Contenedor vacío","CARGADO","SI","Madrid,Facatativa,Alban,Sasaima,Villeta,Guaduas,Maceo,Caucasia,La Apartada Y La "]
["2026-07-01",25473000,"MOSQUERA","CUNDINAMARCA",70820000,"SANTIAGO DE TOLU","SUCRE",810,"2S2",22,75644,8,15.78,4463791,605152,202899.59,5510.85,6257.95,230406.5,{"v":5068943,"d":"$ 5,068,943"},"TANQUE","Granel líquido","CARGADO","SI","Madrid,Facatativa,Alban,Sasaima,Villeta,Guaduas,Maceo,Caucasia,La Apartada Y La "]
["2026-07-01",25473000,"MOSQUERA","CUNDINAMARCA",70820000,"SANTIAGO DE TOLU","SUCRE",810,"2S3",27,120421,8,15.77,5597285,963368,207306.85,6910.23,8099.57,242987.15,{"v":6560653,"d":"$ 6,560,653"},"FURGON REFRIGERADO","Carga Refrigerada","CARGADO","SI","Madrid,Facatativa,Alban,Sasaima,Villeta,Guaduas,Maceo,Caucasia,La Apartada Y La "]
["2026-07-01",25473000,"MOSQUERA","CUNDINAMARCA",70820000,"SANTIAGO DE TOLU","SUCRE",810,"2S3",27,64983,8,15.77,4639424,519864,171830.52,5727.68,6369.49,191084.74,{"v":5159288,"d":"$ 5,159,288"},"ESTACAS","Granel Sólido","CARGADO","SI","Madrid,Facatativa,Alban,Sasaima,Villeta,Guaduas,Maceo,Caucasia,La Apartada Y La "]
["2026-07-01",25473000,"MOSQUERA","CUNDINAMARCA",70820000,"SANTIAGO DE TOLU","SUCRE",810,"2S3",27,79136,8,15.77,4862692,633088,180099.7,6003.32,6784.91,203547.41,{"v":5495780,"d":"$ 5,495,780"},"FURGON","Granel Sólido","CARGADO","SI","Madrid,Facatativa,Alban,Sasaima,Villeta,Guaduas,Maceo,Caucasia,La Apartada Y La "]
["2026-07-01",25473000,"MOSQUERA","CUNDINAMARCA",70820000,"SANTIAGO DE TOLU","SUCRE",810,"2S3",27,66706,8,15.77,4723249,533648,174935.15,5831.17,6490,194699.89,{"v":5256897,"d":"$ 5,256,897"},"VOLCO","Granel Sólido","CARGADO","SI","Madrid,Facatativa,Alban,Sasaima,Villeta,Guaduas,Maceo,Caucasia,La Apartada Y La "]
["2026-07-01",25473000,"MOSQUERA","CUNDINAMARCA",70820000,"SANTIAGO DE TOLU","SUCRE",810,"2S3",27,64983,8,15.77,4639424,519864,171830.52,5727.68,6369.49,191084.74,{"v":5159288,"d":"$ 5,159,288"},"ESTIBAS","Granel Sólido","CARGADO","SI","Madrid,Facatativa,Alban,Sasaima,Villeta,Guaduas,Maceo,Caucasia,La Apartada Y La "]
["2026-07-01",25473000,"MOSQUERA","CUNDINAMARCA",70820000,"SANTIAGO DE TOLU","SUCRE",810,"2S3",27,64983,8,15.77,4639424,519864,171830.52,5727.68,6369.49,191084.74,{"v":5159288,"d":"$ 5,159,288"},"PLATAFORMA","Granel Sólido","CARGADO","SI","Madrid,Facatativa,Alban,Sasaima,Villeta,Guaduas,Maceo,Caucasia,La Apartada Y La "]
["2026-07-01",25473000,"MOSQUERA","CUNDINAMARCA",70820000,"SANTIAGO DE TOLU","SUCRE",810,"2S3",27,63851,8,15.77,4621574,510808,171169.41,5705.65,6336.27,190088.22,{"v":5132382,"d":"$ 5,132,382"},"ESTACAS","General","CARGADO","SI","Madrid,Facatativa,Alban,Sasaima,Villeta,Guaduas,Maceo,Caucasia,La Apartada Y La "]
["2026-07-01",25473000,"MOSQUERA","CUNDINAMARCA",70820000,"SANTIAGO DE TOLU","SUCRE",810,"2S3",27,78005,8,15.77,4844843,624040,179438.63,5981.29,6751.71,202551.22,{"v":5468883,"d":"$ 5,468,883"},"FURGON","General","CARGADO","SI","Madrid,Facatativa,Alban,Sasaima,Villeta,Guaduas,Maceo,Caucasia,La Apartada Y La "]
["2026-07-01",25473000,"MOSQUERA","CUNDINAMARCA",70820000,"SANTIAGO DE TOLU","SUCRE",810,"2S3",27,63851,8,15.77,4621574,510808,171169.41,5705.65,6336.27,190088.22,{"v":5132382,"d":"$ 5,132,382"},"ESTIBAS","General","CARGADO","SI","Madrid,Facatativa,Alban,Sasaima,Villeta,Guaduas,Maceo,Caucasia,La Apartada Y La "]
["2026-07-01",25473000,"MOSQUERA","CUNDINAMARCA",70820000,"SANTIAGO DE TOLU","SUCRE",810,"2S3",27,63851,8,15.77,4621574,510808,171169.41,5705.65,6336.27,190088.22,{"v":5132382,"d":"$ 5,132,382"},"PLATAFORMA","General","CARGADO","SI","Madrid,Facatativa,Alban,Sasaima,Villeta,Guaduas,Maceo,Caucasia,La Apartada Y La "]
["2026-07-01",25473000,"MOSQUERA","CUNDINAMARCA",70820000,"SANTIAGO DE TOLU","SUCRE",810,"2S3",27,62754,8,15.77,4604263,502032,170528.26,5684.28,6304.07,189122.04,{"v":5106295,"d":"$ 5,106,295"},"PORTACONTENEDORES","Contenedor cargado","CARGADO","SI","Madrid,Facatativa,Alban,Sasaima,Villeta,Guaduas,Maceo,Caucasia,La Apartada Y La "]
["2026-07-01",25473000,"MOSQUERA","CUNDINAMARCA",70820000,"SANTIAGO DE TOLU","SUCRE",810,"2S3",27,75310,8,15.77,4802335,602480,177864.26,5928.81,6672.61,200178.33,{"v":5404815,"d":"$ 5,404,815"},"TANQUE","Granel líquido","CARGADO","SI","Madrid,Facatativa,Alban,Sasaima,Villeta,Guaduas,Maceo,Caucasia,La Apartada Y La "]
["2026-07-01",25473000,"MOSQUERA","CUNDINAMARCA",70820000,"SANTIAGO DE TOLU","SUCRE",810,"2_5_8",3.4,64759,4,14.87,2638970,259036,776167.65,3257.99,3577.79,852354.71,{"v":2898006,"d":"$ 2,898,006"},"FURGON REFRIGERADO","Carga Refrigerada","CARGADO","SI","Madrid,Facatativa,Alban,Sasaima,Villeta,Guaduas,Maceo,Caucasia,La Apartada Y La "]
["2026-07-01",25473000,"MOSQUERA","CUNDINAMARCA",70820000,"SANTIAGO DE TOLU","SUCRE",810,"2_5_8",3.4,37352,4,14.87,2183440,149408,642188.24,2695.6,2880.06,686131.76,{"v":2332848,"d":"$ 2,332,848"},"ESTACAS","Granel Sólido","CARGADO","SI","Madrid,Facatativa,Alban,Sasaima,Villeta,Guaduas,Maceo,Caucasia,La Apartada Y La "]
["2026-07-01",25473000,"MOSQUERA","CUNDINAMARCA",70820000,"SANTIAGO DE TOLU","SUCRE",810,"2_5_8",3.4,39821,4,14.87,2232277,159284,656552.06,2755.9,2952.54,703400.29,{"v":2391561,"d":"$ 2,391,561"},"FURGON","Granel Sólido","CARGADO","SI","Madrid,Facatativa,Alban,Sasaima,Villeta,Guaduas,Maceo,Caucasia,La Apartada Y La "]
["2026-07-01",15238000,"DUITAMA","BOYACÁ",25200000,"COGUA","CUNDINAMARCA",178,"2_5_8",3.4,36221,4,3.63,476925,144884,140272.06,2679.35,3493.31,182885,{"v":621809,"d":"$ 621,809"},"ESTIBAS","General","CARGADO","SI","Paipa,Tunja,Villapinzon,Choconta,Gachancipa,Tocancipa,Sopo,Zipaquira"]
["2026-07-01",15238000,"DUITAMA","BOYACÁ",25200000,"COGUA","CUNDINAMARCA",178,"2_5_8",3.4,36221,4,3.63,476925,144884,140272.06,2679.35,3493.31,182885,{"v":621809,"d":"$ 621,809"},"PLATAFORMA","General","CARGADO","SI","Paipa,Tunja,Villapinzon,Choconta,Gachancipa,Tocancipa,Sopo,Zipaquira"]
["2026-07-01",15238000,"DUITAMA","BOYACÁ",25200000,"COGUA","CUNDINAMARCA",178,"2L3 Liviano entre 7.5 y 8 Tonel.",6,71753,4,3.63,665193,287012,110865.5,3737.04,5349.47,158700.83,{"v":952205,"d":"$ 952,205"},"FURGON REFRIGERADO","Carga Refrigerada","CARGADO","SI","Paipa,Tunja,Villapinzon,Choconta,Gachancipa,Tocancipa,Sopo,Zipaquira"]
["2026-07-01",15238000,"DUITAMA","BOYACÁ",25200000,"COGUA","CUNDINAMARCA",178,"2L3 Liviano entre 7.5 y 8 Tonel.",6,40348,4,3.63,498604,161392,83100.67,2801.15,3707.84,109999.33,{"v":659996,"d":"$ 659,996"},"ESTACAS","Granel Sólido","CARGADO","SI","Paipa,Tunja,Villapinzon,Choconta,Gachancipa,Tocancipa,Sopo,Zipaquira"]
["2026-07-01",15238000,"DUITAMA","BOYACÁ",25200000,"COGUA","CUNDINAMARCA",178,"2L3 Liviano entre 7.5 y 8 Tonel.",6,43458,4,3.63,512560,173832,85426.67,2879.55,3856.13,114398.67,{"v":686392,"d":"$ 686,392"},"FURGON","Granel Sólido","CARGADO","SI","Paipa,Tunja,Villapinzon,Choconta,Gachancipa,Tocancipa,Sopo,Zipaquira"]
["2026-07-01",15238000,"DUITAMA","BOYACÁ",25200000,"COGUA","CUNDINAMARCA",178,"2L3 Liviano entre 7.5 y 8 Tonel.",6,40348,4,3.63,501279,161392,83546.5,2816.17,3722.87,110445.17,{"v":662671,"d":"$ 662,671"},"ESTIBAS","Granel Sólido","CARGADO","SI","Paipa,Tunja,Villapinzon,Choconta,Gachancipa,Tocancipa,Sopo,Zipaquira"]
["2026-07-01",15238000,"DUITAMA","BOYACÁ",25200000,"COGUA","CUNDINAMARCA",178,"2L3 Liviano entre 7.5 y 8 Tonel.",6,40348,4,3.63,501279,161392,83546.5,2816.17,3722.87,110445.17,{"v":662671,"d":"$ 662,671"},"PLATAFORMA","Granel Sólido","CARGADO","SI","Paipa,Tunja,Villapinzon,Choconta,Gachancipa,Tocancipa,Sopo,Zipaquira"]
["2026-07-01",15238000,"DUITAMA","BOYACÁ",25200000,"COGUA","CUNDINAMARCA",178,"2L3 Liviano entre 7.5 y 8 Tonel.",6,39217,4,3.63,497174,156868,82862.33,2793.11,3674.39,109007,{"v":654042,"d":"$ 654,042"},"ESTACAS","General","CARGADO","SI","Paipa,Tunja,Villapinzon,Choconta,Gachancipa,Tocancipa,Sopo,Zipaquira"]
["2026-07-01",15238000,"DUITAMA","BOYACÁ",25200000,"COGUA","CUNDINAMARCA",178,"2L3 Liviano entre 7.5 y 8 Tonel.",6,42327,4,3.63,508456,169308,84742.67,2856.49,3807.66,112960.67,{"v":677764,"d":"$ 677,764"},"FURGON","General","CARGADO","SI","Paipa,Tunja,Villapinzon,Choconta,Gachancipa,Tocancipa,Sopo,Zipaquira"]
["2026-07-01",15238000,"DUITAMA","BOYACÁ",25200000,"COGUA","CUNDINAMARCA",178,"2L3 Liviano entre 7.5 y 8 Tonel.",6,39217,4,3.63,497174,156868,82862.33,2793.11,3674.39,109007,{"v":654042,"d":"$ 654,042"},"ESTIBAS","General","CARGADO","SI","Paipa,Tunja,Villapinzon,Choconta,Gachancipa,Tocancipa,Sopo,Zipaquira"]
["2026-07-01",15238000,"DUITAMA","BOYACÁ",25200000,"COGUA","CUNDINAMARCA",178,"2L3 Liviano entre 7.5 y 8 Tonel.",6,39217,4,3.63,497174,156868,82862.33,2793.11,3674.39,109007,{"v":654042,"d":"$ 654,042"},"PLATAFORMA","General","CARGADO","SI","Paipa,Tunja,Villapinzon,Choconta,Gachancipa,Tocancipa,Sopo,Zipaquira"]
["2026-07-01",15238000,"DUITAMA","BOYACÁ",25200000,"COGUA","CUNDINAMARCA",178,"2_8_105",5.4,70516,4,3.63,683221,282064,126522.41,3838.32,5422.95,178756.48,{"v":965285,"d":"$ 965,285"},"FURGON REFRIGERADO","Carga Refrigerada","CARGADO","SI","Paipa,Tunja,Villapinzon,Choconta,Gachancipa,Tocancipa,Sopo,Zipaquira"]
["2026-07-01",15238000,"DUITAMA","BOYACÁ",25200000,"COGUA","CUNDINAMARCA",178,"2_8_105",5.4,41061,4,3.63,530545,164244,98249.07,2980.59,3903.31,128664.63,{"v":694789,"d":"$ 694,789"},"ESTACAS","Granel Sólido","CARGADO","SI","Paipa,Tunja,Villapinzon,Choconta,Gachancipa,Tocancipa,Sopo,Zipaquira"]
["2026-07-01",15238000,"DUITAMA","BOYACÁ",25200000,"COGUA","CUNDINAMARCA",178,"2_8_105",5.4,43798,4,3.63,540471,175192,100087.22,3036.35,4020.58,132530.19,{"v":715663,"d":"$ 715,663"},"FURGON","Granel Sólido","CARGADO","SI","Paipa,Tunja,Villapinzon,Choconta,Gachancipa,Tocancipa,Sopo,Zipaquira"]
["2026-07-01",15238000,"DUITAMA","BOYACÁ",25200000,"COGUA","CUNDINAMARCA",178,"2_8_105",5.4,41061,4,3.63,530545,164244,98249.07,2980.59,3903.31,128664.63,{"v":694789,"d":"$ 694,789"},"ESTIBAS","Granel Sólido","CARGADO","SI","Paipa,Tunja,Villapinzon,Choconta,Gachancipa,Tocancipa,Sopo,Zipaquira"]
["2026-07-01",15238000,"DUITAMA","BOYACÁ",25200000,"COGUA","CUNDINAMARCA",178,"2_8_105",5.4,41061,4,3.63,530545,164244,98249.07,2980.59,3903.31,128664.63,{"v":694789,"d":"$ 694,789"},"PLATAFORMA","Granel Sólido","CARGADO","SI","Paipa,Tunja,Villapinzon,Choconta,Gachancipa,Tocancipa,Sopo,Zipaquira"]
["2026-07-01",15238000,"DUITAMA","BOYACÁ",25200000,"COGUA","CUNDINAMARCA",178,"2_8_105",5.4,39930,4,3.63,526441,159720,97489.07,2957.53,3854.84,127066.85,{"v":686161,"d":"$ 686,161"},"ESTACAS","General","CARGADO","SI","Paipa,Tunja,Villapinzon,Choconta,Gachancipa,Tocancipa,Sopo,Zipaquira"]
["2026-07-01",15238000,"DUITAMA","BOYACÁ",25200000,"COGUA","CUNDINAMARCA",178,"2_8_105",5.4,42101,4,3.63,534318,168404,98947.78,3001.79,3947.88,130133.7,{"v":702722,"d":"$ 702,722"},"FURGON","General","CARGADO","SI","Paipa,Tunja,Villapinzon,Choconta,Gachancipa,Tocancipa,Sopo,Zipaquira"]
["2026-07-01",15238000,"DUITAMA","BOYACÁ",25200000,"COGUA","CUNDINAMARCA",178,"2_8_105",5.4,40495,4,3.63,528490,161980,97868.52,2969.04,3879.04,127864.81,{"v":690470,"d":"$ 690,470"},"ESTIBAS","General","CARGADO","SI","Paipa,Tunja,Villapinzon,Choconta,Gachancipa,Tocancipa,Sopo,Zipaquira"]
["2026-07-01",15238000,"DUITAMA","BOYACÁ",25200000,"COGUA","CUNDINAMARCA",178,"2_8_105",5.4,39930,4,3.63,526441,159720,97489.07,2957.53,3854.84,127066.85,{"v":686161,"d":"$ 686,161"},"PLATAFORMA","General","CARGADO","SI","Paipa,Tunja,Villapinzon,Choconta,Gachancipa,Tocancipa,Sopo,Zipaquira"]
["2026-07-01",73001000,"IBAGUE","TOLIMA",68001000,"BUCARAMANGA","SANTANDER",624,"2S3",27,62754,8,15,2945621,502032,109097.07,4720.55,5525.08,127690.85,{"v":3447653,"d":"$ 3,447,653"},"PORTACONTENEDORES","Contenedor vacío","CARGADO","NO","Se cambia paso por municipios entre La Lizama, Lebrija por La Lizama, San Albert"]
["2026-07-01",73001000,"IBAGUE","TOLIMA",68001000,"BUCARAMANGA","SANTANDER",624,"2S3",27,75310,8,15,3793216,602480,140489.48,6078.87,7044.38,162803.56,{"v":4395696,"d":"$ 4,395,696"},"TANQUE","Granel líquido","CARGADO","NO","Se cambia paso por municipios entre La Lizama, Lebrija por La Lizama, San Albert"]
["2026-07-01",73001000,"IBAGUE","TOLIMA",68001000,"BUCARAMANGA","SANTANDER",624,"2_5_8",3.4,64759,4,13.7,2182380,259036,641876.47,3497.4,3912.53,718063.53,{"v":2441416,"d":"$ 2,441,416"},"FURGON REFRIGERADO","Carga Refrigerada","CARGADO","NO","Se cambia paso por municipios entre La Lizama, Lebrija por La Lizama, San Albert"]
["2026-07-01",73001000,"IBAGUE","TOLIMA",68001000,"BUCARAMANGA","SANTANDER",624,"2_5_8",3.4,37352,4,13.7,1761730,149408,518155.88,2823.29,3062.72,562099.41,{"v":1911138,"d":"$ 1,911,138"},"ESTACAS","Granel Sólido","CARGADO","NO","Se cambia paso por municipios entre La Lizama, Lebrija por La Lizama, San Albert"]
["2026-07-01",73001000,"IBAGUE","TOLIMA",68001000,"BUCARAMANGA","SANTANDER",624,"2_5_8",3.4,39821,4,13.7,1804886,159284,530848.82,2892.45,3147.71,577697.06,{"v":1964170,"d":"$ 1,964,170"},"FURGON","Granel Sólido","CARGADO","NO","Se cambia paso por municipios entre La Lizama, Lebrija por La Lizama, San Albert"]
["2026-07-01",73001000,"IBAGUE","TOLIMA",68001000,"BUCARAMANGA","SANTANDER",624,"2_5_8",3.4,37352,4,13.7,1771067,149408,520902.06,2838.25,3077.68,564845.59,{"v":1920475,"d":"$ 1,920,475"},"ESTIBAS","Granel Sólido","CARGADO","NO","Se cambia paso por municipios entre La Lizama, Lebrija por La Lizama, San Albert"]
["2026-07-01",73001000,"IBAGUE","TOLIMA",68001000,"BUCARAMANGA","SANTANDER",624,"2_5_8",3.4,37352,4,13.7,1771067,149408,520902.06,2838.25,3077.68,564845.59,{"v":1920475,"d":"$ 1,920,475"},"PLATAFORMA","Granel Sólido","CARGADO","NO","Se cambia paso por municipios entre La Lizama, Lebrija por La Lizama, San Albert"]
["2026-07-01",73001000,"IBAGUE","TOLIMA",68001000,"BUCARAMANGA","SANTANDER",624,"2_5_8",3.4,36221,4,13.7,1755566,144884,516342.94,2813.41,3045.59,558955.88,{"v":1900450,"d":"$ 1,900,450"},"ESTACAS","General","CARGADO","NO","Se cambia paso por municipios entre La Lizama, Lebrija por La Lizama, San Albert"]
["2026-07-01",73001000,"IBAGUE","TOLIMA",68001000,"BUCARAMANGA","SANTANDER",624,"2_5_8",3.4,38689,4,13.7,1789385,154756,526289.71,2867.6,3115.61,571806.18,{"v":1944141,"d":"$ 1,944,141"},"FURGON","General","CARGADO","NO","Se cambia paso por municipios entre La Lizama, Lebrija por La Lizama, San Albert"]
["2026-07-01",73001000,"IBAGUE","TOLIMA",68001000,"BUCARAMANGA","SANTANDER",624,"2_5_8",3.4,36221,4,13.7,1755566,144884,516342.94,2813.41,3045.59,558955.88,{"v":1900450,"d":"$ 1,900,450"},"ESTIBAS","General","CARGADO","NO","Se cambia paso por municipios entre La Lizama, Lebrija por La Lizama, San Albert"]
["2026-07-01",73001000,"IBAGUE","TOLIMA",68001000,"BUCARAMANGA","SANTANDER",624,"2_5_8",3.4,36221,4,13.7,1755566,144884,516342.94,2813.41,3045.59,558955.88,{"v":1900450,"d":"$ 1,900,450"},"PLATAFORMA","General","CARGADO","NO","Se cambia paso por municipios entre La Lizama, Lebrija por La Lizama, San Albert"]
["2026-07-01",73001000,"IBAGUE","TOLIMA",68001000,"BUCARAMANGA","SANTANDER",624,"2L3 Liviano entre 7.5 y 8 Tonel.",6,71753,4,13.7,2327200,287012,387866.67,3729.49,4189.44,435702,{"v":2614212,"d":"$ 2,614,212"},"FURGON REFRIGERADO","Carga Refrigerada","CARGADO","NO","Se cambia paso por municipios entre La Lizama, Lebrija por La Lizama, San Albert"]
["2026-07-01",73001000,"IBAGUE","TOLIMA",68001000,"BUCARAMANGA","SANTANDER",624,"2L3 Liviano entre 7.5 y 8 Tonel.",6,40348,4,13.7,1837616,161392,306269.33,2944.9,3203.54,333168,{"v":1999008,"d":"$ 1,999,008"},"ESTACAS","Granel Sólido","CARGADO","NO","Se cambia paso por municipios entre La Lizama, Lebrija por La Lizama, San Albert"]
["2026-07-01",73001000,"IBAGUE","TOLIMA",68001000,"BUCARAMANGA","SANTANDER",624,"2L3 Liviano entre 7.5 y 8 Tonel.",6,43458,4,13.7,1889563,173832,314927.17,3028.15,3306.72,343899.17,{"v":2063395,"d":"$ 2,063,395"},"FURGON","Granel Sólido","CARGADO","NO","Se cambia paso por municipios entre La Lizama, Lebrija por La Lizama, San Albert"]
["2026-07-01",73001000,"IBAGUE","TOLIMA",68001000,"BUCARAMANGA","SANTANDER",624,"2L3 Liviano entre 7.5 y 8 Tonel.",6,40348,4,13.7,1846953,161392,307825.5,2959.86,3218.5,334724.17,{"v":2008345,"d":"$ 2,008,345"},"ESTIBAS","Granel Sólido","CARGADO","NO","Se cambia paso por municipios entre La Lizama, Lebrija por La Lizama, San Albert"]
["2026-07-01",73001000,"IBAGUE","TOLIMA",68001000,"BUCARAMANGA","SANTANDER",624,"2L3 Liviano entre 7.5 y 8 Tonel.",6,40348,4,13.7,1846953,161392,307825.5,2959.86,3218.5,334724.17,{"v":2008345,"d":"$ 2,008,345"},"PLATAFORMA","Granel Sólido","CARGADO","NO","Se cambia paso por municipios entre La Lizama, Lebrija por La Lizama, San Albert"]
["2026-07-01",73001000,"IBAGUE","TOLIMA",68001000,"BUCARAMANGA","SANTANDER",624,"2L3 Liviano entre 7.5 y 8 Tonel.",6,39217,4,13.7,1831452,156868,305242,2935.02,3186.41,331386.67,{"v":1988320,"d":"$ 1,988,320"},"ESTACAS","General","CARGADO","NO","Se cambia paso por municipios entre La Lizama, Lebrija por La Lizama, San Albert"]
["2026-07-01",73001000,"IBAGUE","TOLIMA",68001000,"BUCARAMANGA","SANTANDER",624,"2L3 Liviano entre 7.5 y 8 Tonel.",6,42327,4,13.7,1874061,169308,312343.5,3003.3,3274.63,340561.5,{"v":2043369,"d":"$ 2,043,369"},"FURGON","General","CARGADO","NO","Se cambia paso por municipios entre La Lizama, Lebrija por La Lizama, San Albert"]
["2026-07-01",73001000,"IBAGUE","TOLIMA",68001000,"BUCARAMANGA","SANTANDER",624,"2L3 Liviano entre 7.5 y 8 Tonel.",6,39217,4,13.7,1831452,156868,305242,2935.02,3186.41,331386.67,{"v":1988320,"d":"$ 1,988,320"},"ESTIBAS","General","CARGADO","NO","Se cambia paso por municipios entre La Lizama, Lebrija por La Lizama, San Albert"]
["2026-07-01",73001000,"IBAGUE","TOLIMA",68001000,"BUCARAMANGA","SANTANDER",624,"2L3 Liviano entre 7.5 y 8 Tonel.",6,39217,4,13.7,1831452,156868,305242,2935.02,3186.41,331386.67,{"v":1988320,"d":"$ 1,988,320"},"PLATAFORMA","General","CARGADO","NO","Se cambia paso por municipios entre La Lizama, Lebrija por La Lizama, San Albert"]
["2026-07-01",17001000,"MANIZALES","CALDAS",68001000,"BUCARAMANGA","SANTANDER",635,"2S2",22,76917,8,16.41,3781706,615336,171895.73,5955.44,6924.48,199865.55,{"v":4397042,"d":"$ 4,397,042"},"FURGON","General","CARGADO","NO","Se cambia paso por municipios entre La Lizama, Lebrija por La Lizama, San Albert"]
["2026-07-01",17001000,"MANIZALES","CALDAS",68001000,"BUCARAMANGA","SANTANDER",635,"2S2",22,66320,8,16.41,3651593,530560,165981.5,5750.54,6586.07,190097.86,{"v":4182153,"d":"$ 4,182,153"},"VOLCO","Granel Sólido","CARGADO","NO","Se cambia paso por municipios entre La Lizama, Lebrija por La Lizama, San Albert"]
["2026-07-01",17001000,"MANIZALES","CALDAS",68001000,"BUCARAMANGA","SANTANDER",635,"2S2",22,63992,8,16.41,3569559,511936,162252.68,5621.35,6427.55,185522.5,{"v":4081495,"d":"$ 4,081,495"},"PLATAFORMA","Granel Sólido","CARGADO","NO","Se cambia paso por municipios entre La Lizama, Lebrija por La Lizama, San Albert"]
["2026-07-01",17001000,"MANIZALES","CALDAS",68001000,"BUCARAMANGA","SANTANDER",635,"2S2",22,62860,8,16.41,3550986,502880,161408.45,5592.1,6384.04,184266.64,{"v":4053866,"d":"$ 4,053,866"},"ESTACAS","General","CARGADO","NO","Se cambia paso por municipios entre La Lizama, Lebrija por La Lizama, San Albert"]
["2026-07-01",17001000,"MANIZALES","CALDAS",68001000,"BUCARAMANGA","SANTANDER",635,"2S2",22,61871,8,16.41,3534743,494968,160670.14,5566.52,6346,183168.68,{"v":4029711,"d":"$ 4,029,711"},"PORTACONTENEDORES","Contenedor cargado","CARGADO","NO","Se cambia paso por municipios entre La Lizama, Lebrija por La Lizama, San Albert"]
["2026-07-01",17001000,"MANIZALES","CALDAS",68001000,"BUCARAMANGA","SANTANDER",635,"2S2",22,61871,8,16.41,2838074,494968,129003.36,4469.41,5248.89,151501.91,{"v":3333042,"d":"$ 3,333,042"},"PORTACONTENEDORES","Contenedor vacío","CARGADO","NO","Se cambia paso por municipios entre La Lizama, Lebrija por La Lizama, San Albert"]
["2026-07-01",17001000,"MANIZALES","CALDAS",68001000,"BUCARAMANGA","SANTANDER",635,"2S2",22,75644,8,16.41,3760819,605152,170946.32,5922.55,6875.54,198453.23,{"v":4365971,"d":"$ 4,365,971"},"TANQUE","Granel líquido","CARGADO","NO","Se cambia paso por municipios entre La Lizama, Lebrija por La Lizama, San Albert"]
["2026-07-01",17001000,"MANIZALES","CALDAS",68001000,"BUCARAMANGA","SANTANDER",635,"2S2",22,63992,8,16.41,3569559,511936,162252.68,5621.35,6427.55,185522.5,{"v":4081495,"d":"$ 4,081,495"},"ESTIBAS","Granel Sólido","CARGADO","NO","Se cambia paso por municipios entre La Lizama, Lebrija por La Lizama, San Albert"]
["2026-07-01",17001000,"MANIZALES","CALDAS",68001000,"BUCARAMANGA","SANTANDER",635,"2S2",22,62860,8,16.41,3550986,502880,161408.45,5592.1,6384.04,184266.64,{"v":4053866,"d":"$ 4,053,866"},"ESTIBAS","General","CARGADO","NO","Se cambia paso por municipios entre La Lizama, Lebrija por La Lizama, San Albert"]
["2026-07-01",17001000,"MANIZALES","CALDAS",68001000,"BUCARAMANGA","SANTANDER",635,"2S2",22,62860,8,16.41,3550986,502880,161408.45,5592.1,6384.04,184266.64,{"v":4053866,"d":"$ 4,053,866"},"PLATAFORMA","General","CARGADO","NO","Se cambia paso por municipios entre La Lizama, Lebrija por La Lizama, San Albert"]
["2026-07-01",17001000,"MANIZALES","CALDAS",68001000,"BUCARAMANGA","SANTANDER",635,"2S3",27,120421,8,16.41,4764050,963368,176446.3,7502.44,9019.56,212126.59,{"v":5727418,"d":"$ 5,727,418"},"FURGON REFRIGERADO","Carga Refrigerada","CARGADO","NO","Se cambia paso por municipios entre La Lizama, Lebrija por La Lizama, San Albert"]
["2026-07-01",17001000,"MANIZALES","CALDAS",68001000,"BUCARAMANGA","SANTANDER",635,"2S3",27,64983,8,16.41,3770812,519864,139659.7,5938.29,6756.97,158913.93,{"v":4290676,"d":"$ 4,290,676"},"ESTACAS","Granel Sólido","CARGADO","NO","Se cambia paso por municipios entre La Lizama, Lebrija por La Lizama, San Albert"]
["2026-07-01",17001000,"MANIZALES","CALDAS",68001000,"BUCARAMANGA","SANTANDER",635,"2S3",27,79136,8,16.41,4003113,633088,148263.44,6304.11,7301.1,171711.15,{"v":4636201,"d":"$ 4,636,201"},"FURGON","Granel Sólido","CARGADO","NO","Se cambia paso por municipios entre La Lizama, Lebrija por La Lizama, San Albert"]
["2026-07-01",17001000,"MANIZALES","CALDAS",68001000,"BUCARAMANGA","SANTANDER",635,"2S3",27,64983,8,16.41,3770812,519864,139659.7,5938.29,6756.97,158913.93,{"v":4290676,"d":"$ 4,290,676"},"ESTIBAS","Granel Sólido","CARGADO","NO","Se cambia paso por municipios entre La Lizama, Lebrija por La Lizama, San Albert"]
["2026-07-01",17001000,"MANIZALES","CALDAS",68001000,"BUCARAMANGA","SANTANDER",635,"2S3",27,64983,8,16.41,3770812,519864,139659.7,5938.29,6756.97,158913.93,{"v":4290676,"d":"$ 4,290,676"},"PLATAFORMA","Granel Sólido","CARGADO","NO","Se cambia paso por municipios entre La Lizama, Lebrija por La Lizama, San Albert"]
["2026-07-01",17001000,"MANIZALES","CALDAS",68001000,"BUCARAMANGA","SANTANDER",635,"2S3",27,63851,8,16.41,3752241,510808,138971.89,5909.04,6713.46,157890.7,{"v":4263049,"d":"$ 4,263,049"},"ESTACAS","General","CARGADO","NO","Se cambia paso por municipios entre La Lizama, Lebrija por La Lizama, San Albert"]
["2026-07-01",17001000,"MANIZALES","CALDAS",68001000,"BUCARAMANGA","SANTANDER",635,"2S3",27,78005,8,16.41,3984541,624040,147575.59,6274.87,7257.61,170688.19,{"v":4608581,"d":"$ 4,608,581"},"FURGON","General","CARGADO","NO","Se cambia paso por municipios entre La Lizama, Lebrija por La Lizama, San Albert"]
["2026-07-01",17001000,"MANIZALES","CALDAS",68001000,"BUCARAMANGA","SANTANDER",635,"2S3",27,63851,8,16.41,3752241,510808,138971.89,5909.04,6713.46,157890.7,{"v":4263049,"d":"$ 4,263,049"},"ESTIBAS","General","CARGADO","NO","Se cambia paso por municipios entre La Lizama, Lebrija por La Lizama, San Albert"]
["2026-07-01",17001000,"MANIZALES","CALDAS",68001000,"BUCARAMANGA","SANTANDER",635,"2S3",27,63851,8,16.41,3752241,510808,138971.89,5909.04,6713.46,157890.7,{"v":4263049,"d":"$ 4,263,049"},"PLATAFORMA","General","CARGADO","NO","Se cambia paso por municipios entre La Lizama, Lebrija por La Lizama, San Albert"]
["2026-07-01",17001000,"MANIZALES","CALDAS",68001000,"BUCARAMANGA","SANTANDER",635,"2S3",27,62754,8,16.41,3734229,502032,138304.78,5880.68,6671.28,156898.56,{"v":4236261,"d":"$ 4,236,261"},"PORTACONTENEDORES","Contenedor cargado","CARGADO","NO","Se cambia paso por municipios entre La Lizama, Lebrija por La Lizama, San Albert"]
["2026-07-01",5001000,"MEDELLIN","ANTIOQUIA",68001000,"BUCARAMANGA","SANTANDER",555,"3S2",31,84854,8,16.62,3576167,678832,115360.23,6443.54,7666.66,137258.03,{"v":4254999,"d":"$ 4,254,999"},"PORTACONTENEDORES","Contenedor vacío","CARGADO","NO","Se cambia paso por municipios entre La Lizama, Lebrija por La Lizama, San Albert"]
["2026-07-01",5001000,"MEDELLIN","ANTIOQUIA",68001000,"BUCARAMANGA","SANTANDER",555,"3S2",31,98908,8,16.62,4726276,791264,152460.52,8515.81,9941.51,177985.16,{"v":5517540,"d":"$ 5,517,540"},"TANQUE","Granel líquido","CARGADO","NO","Se cambia paso por municipios entre La Lizama, Lebrija por La Lizama, San Albert"]
["2026-07-01",5001000,"MEDELLIN","ANTIOQUIA",68001000,"BUCARAMANGA","SANTANDER",555,"3S3",34,146310,8,16.62,5933764,1170480,174522.47,10691.47,12800.44,208948.35,{"v":7104244,"d":"$ 7,104,244"},"FURGON REFRIGERADO","Carga Refrigerada","CARGADO","NO","Se cambia paso por municipios entre La Lizama, Lebrija por La Lizama, San Albert"]
["2026-07-01",5001000,"MEDELLIN","ANTIOQUIA",68001000,"BUCARAMANGA","SANTANDER",555,"3S3",34,87862,8,16.62,4879039,702896,143501.15,8791.06,10057.54,164174.56,{"v":5581935,"d":"$ 5,581,935"},"ESTACAS","Granel Sólido","CARGADO","NO","Se cambia paso por municipios entre La Lizama, Lebrija por La Lizama, San Albert"]
["2026-07-01",5001000,"MEDELLIN","ANTIOQUIA",68001000,"BUCARAMANGA","SANTANDER",555,"3S3",34,102788,8,16.62,5127106,822304,150797.24,9238.03,10719.66,174982.65,{"v":5949410,"d":"$ 5,949,410"},"FURGON","Granel Sólido","CARGADO","NO","Se cambia paso por municipios entre La Lizama, Lebrija por La Lizama, San Albert"]
["2026-07-01",5001000,"MEDELLIN","ANTIOQUIA",68001000,"BUCARAMANGA","SANTANDER",555,"3S3",34,89674,8,16.62,4947378,717392,145511.12,8914.19,10206.79,166610.88,{"v":5664770,"d":"$ 5,664,770"},"VOLCO","Granel Sólido","CARGADO","NO","Se cambia paso por municipios entre La Lizama, Lebrija por La Lizama, San Albert"]
["2026-07-01",5001000,"MEDELLIN","ANTIOQUIA",68001000,"BUCARAMANGA","SANTANDER",555,"3S3",34,87862,8,16.62,4879039,702896,143501.15,8791.06,10057.54,164174.56,{"v":5581935,"d":"$ 5,581,935"},"ESTIBAS","Granel Sólido","CARGADO","NO","Se cambia paso por municipios entre La Lizama, Lebrija por La Lizama, San Albert"]
["2026-07-01",5001000,"MEDELLIN","ANTIOQUIA",68001000,"BUCARAMANGA","SANTANDER",555,"3S3",34,87862,8,16.62,4879039,702896,143501.15,8791.06,10057.54,164174.56,{"v":5581935,"d":"$ 5,581,935"},"PLATAFORMA","Granel Sólido","CARGADO","NO","Se cambia paso por municipios entre La Lizama, Lebrija por La Lizama, San Albert"]
["2026-07-01",5001000,"MEDELLIN","ANTIOQUIA",68001000,"BUCARAMANGA","SANTANDER",555,"3S3",34,86730,8,16.62,4860233,693840,142948.03,8757.18,10007.34,163355.09,{"v":5554073,"d":"$ 5,554,073"},"ESTACAS","General","CARGADO","NO","Se cambia paso por municipios entre La Lizama, Lebrija por La Lizama, San Albert"]
["2026-07-01",5001000,"MEDELLIN","ANTIOQUIA",68001000,"BUCARAMANGA","SANTANDER",555,"3S3",34,101656,8,16.62,5108301,813248,150244.15,9204.15,10669.46,174163.21,{"v":5921549,"d":"$ 5,921,549"},"FURGON","General","CARGADO","NO","Se cambia paso por municipios entre La Lizama, Lebrija por La Lizama, San Albert"]
["2026-07-01",5001000,"MEDELLIN","ANTIOQUIA",68001000,"BUCARAMANGA","SANTANDER",555,"3S3",34,86730,8,16.62,4860233,693840,142948.03,8757.18,10007.34,163355.09,{"v":5554073,"d":"$ 5,554,073"},"ESTIBAS","General","CARGADO","NO","Se cambia paso por municipios entre La Lizama, Lebrija por La Lizama, San Albert"]
["2026-07-01",5001000,"MEDELLIN","ANTIOQUIA",68001000,"BUCARAMANGA","SANTANDER",555,"3S3",34,86730,8,16.62,4860233,693840,142948.03,8757.18,10007.34,163355.09,{"v":5554073,"d":"$ 5,554,073"},"PLATAFORMA","General","CARGADO","NO","Se cambia paso por municipios entre La Lizama, Lebrija por La Lizama, San Albert"]
["2026-07-01",5001000,"MEDELLIN","ANTIOQUIA",68001000,"BUCARAMANGA","SANTANDER",555,"3S3",34,85728,8,16.62,4843581,685824,142458.26,8727.17,9962.89,162629.56,{"v":5529405,"d":"$ 5,529,405"},"PORTACONTENEDORES","Contenedor cargado","CARGADO","NO","Se cambia paso por municipios entre La Lizama, Lebrija por La Lizama, San Albert"]
["2026-07-01",5001000,"MEDELLIN","ANTIOQUIA",68001000,"BUCARAMANGA","SANTANDER",555,"3S3",34,85728,8,16.62,3876081,685824,114002.38,6983.93,8219.65,134173.68,{"v":4561905,"d":"$ 4,561,905"},"PORTACONTENEDORES","Contenedor vacío","CARGADO","NO","Se cambia paso por municipios entre La Lizama, Lebrija por La Lizama, San Albert"]
["2026-07-01",5001000,"MEDELLIN","ANTIOQUIA",68001000,"BUCARAMANGA","SANTANDER",555,"3S3",34,98323,8,16.62,5052908,786584,148614.94,9104.34,10521.61,171749.76,{"v":5839492,"d":"$ 5,839,492"},"TANQUE","Granel líquido","CARGADO","NO","Se cambia paso por municipios entre La Lizama, Lebrija por La Lizama, San Albert"]
["2026-07-01",5001000,"MEDELLIN","ANTIOQUIA",68001000,"BUCARAMANGA","SANTANDER",555,"CA",5,61390,4,14.87,2044582,245560,408916.4,3683.93,4126.38,458028.4,{"v":2290142,"d":"$ 2,290,142"},"FURGON REFRIGERADO","Carga Refrigerada","CARGADO","NO","Se cambia paso por municipios entre La Lizama, Lebrija por La Lizama, San Albert"]
["2026-07-01",5001000,"MEDELLIN","ANTIOQUIA",68001000,"BUCARAMANGA","SANTANDER",555,"CA",5,35954,4,14.87,1630563,143816,326112.6,2937.95,3197.08,354875.8,{"v":1774379,"d":"$ 1,774,379"},"ESTACAS","Granel Sólido","CARGADO","NO","Se cambia paso por municipios entre La Lizama, Lebrija por La Lizama, San Albert"]
["2026-07-01",5001000,"MEDELLIN","ANTIOQUIA",68001000,"BUCARAMANGA","SANTANDER",555,"CA",5,38189,4,14.87,1672105,152756,334421,3012.8,3288.04,364972.2,{"v":1824861,"d":"$ 1,824,861"},"FURGON","Granel Sólido","CARGADO","NO","Se cambia paso por municipios entre La Lizama, Lebrija por La Lizama, San Albert"]
["2026-07-01",5001000,"MEDELLIN","ANTIOQUIA",68001000,"BUCARAMANGA","SANTANDER",555,"CA",5,35954,4,14.87,1638876,143816,327775.2,2952.93,3212.06,356538.4,{"v":1782692,"d":"$ 1,782,692"},"ESTIBAS","Granel Sólido","CARGADO","NO","Se cambia paso por municipios entre La Lizama, Lebrija por La Lizama, San Albert"]
["2026-07-01",5001000,"MEDELLIN","ANTIOQUIA",68001000,"BUCARAMANGA","SANTANDER",555,"CA",5,35954,4,14.87,1638876,143816,327775.2,2952.93,3212.06,356538.4,{"v":1782692,"d":"$ 1,782,692"},"PLATAFORMA","Granel Sólido","CARGADO","NO","Se cambia paso por municipios entre La Lizama, Lebrija por La Lizama, San Albert"]
["2026-07-01",41001000,"NEIVA","HUILA",68001000,"BUCARAMANGA","SANTANDER",849,"2L2 Liviano entre 8 y 9 Tonel.",5,43397,4,18.23,2647527,173588,529505.4,3118.41,3322.87,564223,{"v":2821115,"d":"$ 2,821,115"},"FURGON","Granel Sólido","CARGADO","NO","Se cambia paso por municipios entre La Lizama, Lebrija por La Lizama, San Albert"]
["2026-07-01",41001000,"NEIVA","HUILA",68001000,"BUCARAMANGA","SANTANDER",849,"2L2 Liviano entre 8 y 9 Tonel.",5,72221,4,18.23,3223068,288884,644613.6,3796.31,4136.57,702390.4,{"v":3511952,"d":"$ 3,511,952"},"FURGON REFRIGERADO","Carga Refrigerada","CARGADO","NO","Se cambia paso por municipios entre La Lizama, Lebrija por La Lizama, San Albert"]
["2026-07-01",41001000,"NEIVA","HUILA",68001000,"BUCARAMANGA","SANTANDER",849,"2L2 Liviano entre 8 y 9 Tonel.",5,41243,4,18.23,2608252,164972,521650.4,3072.15,3266.46,554644.8,{"v":2773224,"d":"$ 2,773,224"},"ESTACAS","Granel Sólido","CARGADO","NO","Se cambia paso por municipios entre La Lizama, Lebrija por La Lizama, San Albert"]
["2026-07-01",41001000,"NEIVA","HUILA",68001000,"BUCARAMANGA","SANTANDER",849,"2L2 Liviano entre 8 y 9 Tonel.",5,41243,4,18.23,2608252,164972,521650.4,3072.15,3266.46,554644.8,{"v":2773224,"d":"$ 2,773,224"},"ESTIBAS","Granel Sólido","CARGADO","NO","Se cambia paso por municipios entre La Lizama, Lebrija por La Lizama, San Albert"]
["2026-07-01",41001000,"NEIVA","HUILA",68001000,"BUCARAMANGA","SANTANDER",849,"2L2 Liviano entre 8 y 9 Tonel.",5,41243,4,18.23,2608252,164972,521650.4,3072.15,3266.46,554644.8,{"v":2773224,"d":"$ 2,773,224"},"PLATAFORMA","Granel Sólido","CARGADO","NO","Se cambia paso por municipios entre La Lizama, Lebrija por La Lizama, San Albert"]
["2026-07-01",41001000,"NEIVA","HUILA",68001000,"BUCARAMANGA","SANTANDER",849,"2L2 Liviano entre 8 y 9 Tonel.",5,40112,4,18.23,2587622,160448,517524.4,3047.85,3236.83,549614,{"v":2748070,"d":"$ 2,748,070"},"ESTACAS","General","CARGADO","NO","Se cambia paso por municipios entre La Lizama, Lebrija por La Lizama, San Albert"]
["2026-07-01",41001000,"NEIVA","HUILA",68001000,"BUCARAMANGA","SANTANDER",849,"2L2 Liviano entre 8 y 9 Tonel.",5,42266,4,18.23,2626896,169064,525379.2,3094.11,3293.24,559192,{"v":2795960,"d":"$ 2,795,960"},"FURGON","General","CARGADO","NO","Se cambia paso por municipios entre La Lizama, Lebrija por La Lizama, San Albert"]
["2026-07-01",41001000,"NEIVA","HUILA",68001000,"BUCARAMANGA","SANTANDER",849,"2L2 Liviano entre 8 y 9 Tonel.",5,40112,4,18.23,2587622,160448,517524.4,3047.85,3236.83,549614,{"v":2748070,"d":"$ 2,748,070"},"ESTIBAS","General","CARGADO","NO","Se cambia paso por municipios entre La Lizama, Lebrija por La Lizama, San Albert"]
["2026-07-01",41001000,"NEIVA","HUILA",68001000,"BUCARAMANGA","SANTANDER",849,"2L2 Liviano entre 8 y 9 Tonel.",5,40112,4,18.23,2587622,160448,517524.4,3047.85,3236.83,549614,{"v":2748070,"d":"$ 2,748,070"},"PLATAFORMA","General","CARGADO","NO","Se cambia paso por municipios entre La Lizama, Lebrija por La Lizama, San Albert"]
["2026-07-01",41001000,"NEIVA","HUILA",68001000,"BUCARAMANGA","SANTANDER",849,"2L1 Liviano entre 9 y 10.5 Tonel.",6,76057,4,18.23,3361597,304228,560266.17,3959.48,4317.82,610970.83,{"v":3665825,"d":"$ 3,665,825"},"FURGON REFRIGERADO","Carga Refrigerada","CARGADO","NO","Se cambia paso por municipios entre La Lizama, Lebrija por La Lizama, San Albert"]
["2026-07-01",41001000,"NEIVA","HUILA",68001000,"BUCARAMANGA","SANTANDER",849,"2L1 Liviano entre 9 y 10.5 Tonel.",6,44306,4,18.23,2732684,177224,455447.33,3218.71,3427.45,484984.67,{"v":2909908,"d":"$ 2,909,908"},"ESTACAS","Granel Sólido","CARGADO","NO","Se cambia paso por municipios entre La Lizama, Lebrija por La Lizama, San Albert"]
["2026-07-01",41001000,"NEIVA","HUILA",68001000,"BUCARAMANGA","SANTANDER",849,"2L1 Liviano entre 9 y 10.5 Tonel.",6,47202,4,18.23,2785490,188808,464248.33,3280.91,3503.3,495716.33,{"v":2974298,"d":"$ 2,974,298"},"FURGON","Granel Sólido","CARGADO","NO","Se cambia paso por municipios entre La Lizama, Lebrija por La Lizama, San Albert"]
["2026-07-01",41001000,"NEIVA","HUILA",68001000,"BUCARAMANGA","SANTANDER",849,"2L1 Liviano entre 9 y 10.5 Tonel.",6,44306,4,18.23,2732684,177224,455447.33,3218.71,3427.45,484984.67,{"v":2909908,"d":"$ 2,909,908"},"ESTIBAS","Granel Sólido","CARGADO","NO","Se cambia paso por municipios entre La Lizama, Lebrija por La Lizama, San Albert"]
["2026-07-01",41001000,"NEIVA","HUILA",68001000,"BUCARAMANGA","SANTANDER",849,"2L1 Liviano entre 9 y 10.5 Tonel.",6,44306,4,18.23,2732684,177224,455447.33,3218.71,3427.45,484984.67,{"v":2909908,"d":"$ 2,909,908"},"PLATAFORMA","Granel Sólido","CARGADO","NO","Se cambia paso por municipios entre La Lizama, Lebrija por La Lizama, San Albert"]
["2026-07-01",41001000,"NEIVA","HUILA",68001000,"BUCARAMANGA","SANTANDER",849,"2L1 Liviano entre 9 y 10.5 Tonel.",6,43175,4,18.23,2712053,172700,452008.83,3194.41,3397.82,480792.17,{"v":2884753,"d":"$ 2,884,753"},"ESTACAS","General","CARGADO","NO","Se cambia paso por municipios entre La Lizama, Lebrija por La Lizama, San Albert"]
["2026-07-01",41001000,"NEIVA","HUILA",68001000,"BUCARAMANGA","SANTANDER",849,"2L1 Liviano entre 9 y 10.5 Tonel.",6,46071,4,18.23,2764859,184284,460809.83,3256.61,3473.67,491523.83,{"v":2949143,"d":"$ 2,949,143"},"FURGON","General","CARGADO","NO","Se cambia paso por municipios entre La Lizama, Lebrija por La Lizama, San Albert"]
["2026-07-01",41001000,"NEIVA","HUILA",68001000,"BUCARAMANGA","SANTANDER",849,"2L1 Liviano entre 9 y 10.5 Tonel.",6,43175,4,18.23,2712053,172700,452008.83,3194.41,3397.82,480792.17,{"v":2884753,"d":"$ 2,884,753"},"ESTIBAS","General","CARGADO","NO","Se cambia paso por municipios entre La Lizama, Lebrija por La Lizama, San Albert"]
["2026-07-01",41001000,"NEIVA","HUILA",68001000,"BUCARAMANGA","SANTANDER",849,"2L1 Liviano entre 9 y 10.5 Tonel.",6,43175,4,18.23,2712053,172700,452008.83,3194.41,3397.82,480792.17,{"v":2884753,"d":"$ 2,884,753"},"PLATAFORMA","General","CARGADO","NO","Se cambia paso por municipios entre La Lizama, Lebrija por La Lizama, San Albert"]
["2026-07-01",41001000,"NEIVA","HUILA",68001000,"BUCARAMANGA","SANTANDER",849,"3",16,92437,8,23.62,5718870,739496,357429.38,6736.01,7607.03,403647.88,{"v":6458366,"d":"$ 6,458,366"},"FURGON REFRIGERADO","Carga Refrigerada","CARGADO","NO","Se cambia paso por municipios entre La Lizama, Lebrija por La Lizama, San Albert"]
["2026-07-01",41001000,"NEIVA","HUILA",68001000,"BUCARAMANGA","SANTANDER",849,"3",16,59540,8,23.62,4881066,476320,305066.62,5749.19,6310.23,334836.62,{"v":5357386,"d":"$ 5,357,386"},"ESTACAS","Granel Sólido","CARGADO","NO","Se cambia paso por municipios entre La Lizama, Lebrija por La Lizama, San Albert"]
["2026-07-01",66001000,"PEREIRA","RISARALDA",68001000,"BUCARAMANGA","SANTANDER",680,"2S3",27,66706,8,17.56,4162893,533648,154181.22,6121.9,6906.68,173945.96,{"v":4696541,"d":"$ 4,696,541"},"VOLCO","Granel Sólido","CARGADO","NO","Se cambia paso por municipios entre La Lizama, Lebrija por La Lizama, San Albert"]
["2026-07-01",66001000,"PEREIRA","RISARALDA",68001000,"BUCARAMANGA","SANTANDER",680,"2S3",27,120421,8,17.56,5142114,963368,190448.67,7561.93,8978.65,226128.96,{"v":6105482,"d":"$ 6,105,482"},"FURGON REFRIGERADO","Carga Refrigerada","CARGADO","NO","Se cambia paso por municipios entre La Lizama, Lebrija por La Lizama, San Albert"]
["2026-07-01",66001000,"PEREIRA","RISARALDA",68001000,"BUCARAMANGA","SANTANDER",680,"2S3",27,64983,8,17.56,4085109,519864,151300.33,6007.51,6772.02,170554.56,{"v":4604973,"d":"$ 4,604,973"},"ESTACAS","Granel Sólido","CARGADO","NO","Se cambia paso por municipios entre La Lizama, Lebrija por La Lizama, San Albert"]
["2026-07-01",66001000,"PEREIRA","RISARALDA",68001000,"BUCARAMANGA","SANTANDER",680,"2S3",27,79136,8,17.56,4333689,633088,160507,6373.07,7304.08,183954.7,{"v":4966777,"d":"$ 4,966,777"},"FURGON","Granel Sólido","CARGADO","NO","Se cambia paso por municipios entre La Lizama, Lebrija por La Lizama, San Albert"]
["2026-07-01",66001000,"PEREIRA","RISARALDA",68001000,"BUCARAMANGA","SANTANDER",680,"2S3",27,64983,8,17.56,4085109,519864,151300.33,6007.51,6772.02,170554.56,{"v":4604973,"d":"$ 4,604,973"},"ESTIBAS","Granel Sólido","CARGADO","NO","Se cambia paso por municipios entre La Lizama, Lebrija por La Lizama, San Albert"]
["2026-07-01",66001000,"PEREIRA","RISARALDA",68001000,"BUCARAMANGA","SANTANDER",680,"2S3",27,64983,8,17.56,4085109,519864,151300.33,6007.51,6772.02,170554.56,{"v":4604973,"d":"$ 4,604,973"},"PLATAFORMA","Granel Sólido","CARGADO","NO","Se cambia paso por municipios entre La Lizama, Lebrija por La Lizama, San Albert"]
["2026-07-01",66001000,"PEREIRA","RISARALDA",68001000,"BUCARAMANGA","SANTANDER",680,"2S3",27,63851,8,17.56,4065236,510808,150564.3,5978.29,6729.48,169483.11,{"v":4576044,"d":"$ 4,576,044"},"ESTACAS","General","CARGADO","NO","Se cambia paso por municipios entre La Lizama, Lebrija por La Lizama, San Albert"]
["2026-07-01",66001000,"PEREIRA","RISARALDA",68001000,"BUCARAMANGA","SANTANDER",680,"2S3",27,78005,8,17.56,4313816,624040,159770.96,6343.85,7261.55,182883.56,{"v":4937856,"d":"$ 4,937,856"},"FURGON","General","CARGADO","NO","Se cambia paso por municipios entre La Lizama, Lebrija por La Lizama, San Albert"]
["2026-07-01",66001000,"PEREIRA","RISARALDA",68001000,"BUCARAMANGA","SANTANDER",680,"2S3",27,63851,8,17.56,4065236,510808,150564.3,5978.29,6729.48,169483.11,{"v":4576044,"d":"$ 4,576,044"},"ESTIBAS","General","CARGADO","NO","Se cambia paso por municipios entre La Lizama, Lebrija por La Lizama, San Albert"]
["2026-07-01",66001000,"PEREIRA","RISARALDA",68001000,"BUCARAMANGA","SANTANDER",680,"2S3",27,63851,8,17.56,4065236,510808,150564.3,5978.29,6729.48,169483.11,{"v":4576044,"d":"$ 4,576,044"},"PLATAFORMA","General","CARGADO","NO","Se cambia paso por municipios entre La Lizama, Lebrija por La Lizama, San Albert"]
["2026-07-01",66001000,"PEREIRA","RISARALDA",68001000,"BUCARAMANGA","SANTANDER",680,"2S3",27,62754,8,17.56,4045962,502032,149850.44,5949.94,6688.23,168444.22,{"v":4547994,"d":"$ 4,547,994"},"PORTACONTENEDORES","Contenedor cargado","CARGADO","NO","Se cambia paso por municipios entre La Lizama, Lebrija por La Lizama, San Albert"]
["2026-07-01",66001000,"PEREIRA","RISARALDA",68001000,"BUCARAMANGA","SANTANDER",680,"2S3",27,62754,8,17.56,3294136,502032,122005.04,4844.32,5582.6,140598.81,{"v":3796168,"d":"$ 3,796,168"},"PORTACONTENEDORES","Contenedor vacío","CARGADO","NO","Se cambia paso por municipios entre La Lizama, Lebrija por La Lizama, San Albert"]
["2026-07-01",66001000,"PEREIRA","RISARALDA",68001000,"BUCARAMANGA","SANTANDER",680,"2S3",27,75310,8,17.56,4266490,602480,158018.15,6274.25,7160.25,180332.22,{"v":4868970,"d":"$ 4,868,970"},"TANQUE","Granel líquido","CARGADO","NO","Se cambia paso por municipios entre La Lizama, Lebrija por La Lizama, San Albert"]
["2026-07-01",66001000,"PEREIRA","RISARALDA",68001000,"BUCARAMANGA","SANTANDER",680,"2_5_8",3.4,64759,4,16.2,2484693,259036,730792.06,3653.96,4034.9,806979.12,{"v":2743729,"d":"$ 2,743,729"},"FURGON REFRIGERADO","Carga Refrigerada","CARGADO","NO","Se cambia paso por municipios entre La Lizama, Lebrija por La Lizama, San Albert"]
["2026-07-01",66001000,"PEREIRA","RISARALDA",68001000,"BUCARAMANGA","SANTANDER",680,"2_5_8",3.4,37352,4,16.2,1994590,149408,586644.12,2933.22,3152.94,630587.65,{"v":2143998,"d":"$ 2,143,998"},"ESTACAS","Granel Sólido","CARGADO","NO","Se cambia paso por municipios entre La Lizama, Lebrija por La Lizama, San Albert"]
["2026-07-01",66001000,"PEREIRA","RISARALDA",68001000,"BUCARAMANGA","SANTANDER",680,"2_5_8",3.4,39821,4,16.2,2044765,159284,601401.47,3007.01,3241.25,648249.71,{"v":2204049,"d":"$ 2,204,049"},"FURGON","Granel Sólido","CARGADO","NO","Se cambia paso por municipios entre La Lizama, Lebrija por La Lizama, San Albert"]
["2026-07-01",66001000,"PEREIRA","RISARALDA",68001000,"BUCARAMANGA","SANTANDER",680,"2_5_8",3.4,37352,4,16.2,2004766,149408,589637.06,2948.19,3167.9,633580.59,{"v":2154174,"d":"$ 2,154,174"},"ESTIBAS","Granel Sólido","CARGADO","NO","Se cambia paso por municipios entre La Lizama, Lebrija por La Lizama, San Albert"]
["2026-07-01",66001000,"PEREIRA","RISARALDA",68001000,"BUCARAMANGA","SANTANDER",680,"2_5_8",3.4,37352,4,16.2,2004766,149408,589637.06,2948.19,3167.9,633580.59,{"v":2154174,"d":"$ 2,154,174"},"PLATAFORMA","Granel Sólido","CARGADO","NO","Se cambia paso por municipios entre La Lizama, Lebrija por La Lizama, San Albert"]
["2026-07-01",66001000,"PEREIRA","RISARALDA",68001000,"BUCARAMANGA","SANTANDER",680,"2_5_8",3.4,36221,4,16.2,1986431,144884,584244.41,2921.22,3134.29,626857.35,{"v":2131315,"d":"$ 2,131,315"},"ESTACAS","General","CARGADO","NO","Se cambia paso por municipios entre La Lizama, Lebrija por La Lizama, San Albert"]
["2026-07-01",66001000,"PEREIRA","RISARALDA",68001000,"BUCARAMANGA","SANTANDER",680,"2_5_8",3.4,38689,4,16.2,2026430,154756,596008.82,2980.04,3207.63,641525.29,{"v":2181186,"d":"$ 2,181,186"},"FURGON","General","CARGADO","NO","Se cambia paso por municipios entre La Lizama, Lebrija por La Lizama, San Albert"]
["2026-07-01",66001000,"PEREIRA","RISARALDA",68001000,"BUCARAMANGA","SANTANDER",680,"2_5_8",3.4,36221,4,16.2,1986431,144884,584244.41,2921.22,3134.29,626857.35,{"v":2131315,"d":"$ 2,131,315"},"ESTIBAS","General","CARGADO","NO","Se cambia paso por municipios entre La Lizama, Lebrija por La Lizama, San Albert"]
["2026-07-01",66001000,"PEREIRA","RISARALDA",68001000,"BUCARAMANGA","SANTANDER",680,"2_5_8",3.4,36221,4,16.2,1986431,144884,584244.41,2921.22,3134.29,626857.35,{"v":2131315,"d":"$ 2,131,315"},"PLATAFORMA","General","CARGADO","NO","Se cambia paso por municipios entre La Lizama, Lebrija por La Lizama, San Albert"]
["2026-07-01",19001000,"POPAYAN","CAUCA",68001000,"BUCARAMANGA","SANTANDER",1038,"3S2",31,86847,8,24.76,7434656,694776,239827.61,7162.48,7831.82,262239.74,{"v":8129432,"d":"$ 8,129,432"},"ESTACAS","Granel Sólido","CARGADO","NO","Se cambia paso por municipios entre La Lizama, Lebrija por La Lizama, San Albert"]
["2026-07-01",19001000,"POPAYAN","CAUCA",68001000,"BUCARAMANGA","SANTANDER",1038,"3S2",31,145004,8,24.76,8957946,1160032,288966,8630.01,9747.57,326386.39,{"v":10117978,"d":"$ 10,117,978"},"FURGON REFRIGERADO","Carga Refrigerada","CARGADO","NO","Se cambia paso por municipios entre La Lizama, Lebrija por La Lizama, San Albert"]
["2026-07-01",19001000,"POPAYAN","CAUCA",68001000,"BUCARAMANGA","SANTANDER",1038,"3S2",31,101482,8,24.76,7797004,811856,251516.26,7511.56,8293.7,277705.16,{"v":8608860,"d":"$ 8,608,860"},"FURGON","Granel Sólido","CARGADO","NO","Se cambia paso por municipios entre La Lizama, Lebrija por La Lizama, San Albert"]
["2026-07-01",19001000,"POPAYAN","CAUCA",68001000,"BUCARAMANGA","SANTANDER",1038,"3S2",31,89209,8,24.76,7565715,713672,244055.32,7288.74,7976.29,267077,{"v":8279387,"d":"$ 8,279,387"},"VOLCO","Granel Sólido","CARGADO","NO","Se cambia paso por municipios entre La Lizama, Lebrija por La Lizama, San Albert"]
["2026-07-01",19001000,"POPAYAN","CAUCA",68001000,"BUCARAMANGA","SANTANDER",1038,"3S2",31,86847,8,24.76,7434656,694776,239827.61,7162.48,7831.82,262239.74,{"v":8129432,"d":"$ 8,129,432"},"ESTIBAS","Granel Sólido","CARGADO","NO","Se cambia paso por municipios entre La Lizama, Lebrija por La Lizama, San Albert"]
["2026-07-01",19001000,"POPAYAN","CAUCA",68001000,"BUCARAMANGA","SANTANDER",1038,"3S2",31,86847,8,24.76,7434656,694776,239827.61,7162.48,7831.82,262239.74,{"v":8129432,"d":"$ 8,129,432"},"PLATAFORMA","Granel Sólido","CARGADO","NO","Se cambia paso por municipios entre La Lizama, Lebrija por La Lizama, San Albert"]
["2026-07-01",19001000,"POPAYAN","CAUCA",68001000,"BUCARAMANGA","SANTANDER",1038,"3S2",31,85716,8,24.76,7406640,685728,238923.87,7135.49,7796.12,261044.13,{"v":8092368,"d":"$ 8,092,368"},"ESTACAS","General","CARGADO","NO","Se cambia paso por municipios entre La Lizama, Lebrija por La Lizama, San Albert"]
["2026-07-01",19001000,"POPAYAN","CAUCA",68001000,"BUCARAMANGA","SANTANDER",1038,"3S2",31,100350,8,24.76,7768989,802800,250612.55,7484.58,8257.99,276509.32,{"v":8571789,"d":"$ 8,571,789"},"FURGON","General","CARGADO","NO","Se cambia paso por municipios entre La Lizama, Lebrija por La Lizama, San Albert"]
["2026-07-01",19001000,"POPAYAN","CAUCA",68001000,"BUCARAMANGA","SANTANDER",1038,"3S2",31,85716,8,24.76,7406640,685728,238923.87,7135.49,7796.12,261044.13,{"v":8092368,"d":"$ 8,092,368"},"ESTIBAS","General","CARGADO","NO","Se cambia paso por municipios entre La Lizama, Lebrija por La Lizama, San Albert"]
["2026-07-01",19001000,"POPAYAN","CAUCA",68001000,"BUCARAMANGA","SANTANDER",1038,"3S2",31,85716,8,24.76,7406640,685728,238923.87,7135.49,7796.12,261044.13,{"v":8092368,"d":"$ 8,092,368"},"PLATAFORMA","General","CARGADO","NO","Se cambia paso por municipios entre La Lizama, Lebrija por La Lizama, San Albert"]
["2026-07-01",19001000,"POPAYAN","CAUCA",68001000,"BUCARAMANGA","SANTANDER",1038,"3S2",31,84854,8,24.76,7385292,678832,238235.23,7114.92,7768.91,260133.03,{"v":8064124,"d":"$ 8,064,124"},"PORTACONTENEDORES","Contenedor cargado","CARGADO","NO","Se cambia paso por municipios entre La Lizama, Lebrija por La Lizama, San Albert"]
["2026-07-01",19001000,"POPAYAN","CAUCA",68001000,"BUCARAMANGA","SANTANDER",1038,"3S2",31,84854,8,24.76,5952364,678832,192011.74,5734.45,6388.44,213909.55,{"v":6631196,"d":"$ 6,631,196"},"PORTACONTENEDORES","Contenedor vacío","CARGADO","NO","Se cambia paso por municipios entre La Lizama, Lebrija por La Lizama, San Albert"]
["2026-07-01",19001000,"POPAYAN","CAUCA",68001000,"BUCARAMANGA","SANTANDER",1038,"3S2",31,98908,8,24.76,7733283,791264,249460.74,7450.18,8212.47,274985.39,{"v":8524547,"d":"$ 8,524,547"},"TANQUE","Granel líquido","CARGADO","NO","Se cambia paso por municipios entre La Lizama, Lebrija por La Lizama, San Albert"]
["2026-07-01",19001000,"POPAYAN","CAUCA",68001000,"BUCARAMANGA","SANTANDER",1038,"3S3",34,146310,8,24.76,9582853,1170480,281848.62,9232.04,10359.67,316274.5,{"v":10753333,"d":"$ 10,753,333"},"FURGON REFRIGERADO","Carga Refrigerada","CARGADO","NO","Se cambia paso por municipios entre La Lizama, Lebrija por La Lizama, San Albert"]
["2026-07-01",19001000,"POPAYAN","CAUCA",68001000,"BUCARAMANGA","SANTANDER",1038,"3S3",34,87862,8,24.76,8052340,702896,236833.53,7757.55,8434.72,257506.94,{"v":8755236,"d":"$ 8,755,236"},"ESTACAS","Granel Sólido","CARGADO","NO","Se cambia paso por municipios entre La Lizama, Lebrija por La Lizama, San Albert"]
["2026-07-01",19001000,"POPAYAN","CAUCA",68001000,"BUCARAMANGA","SANTANDER",1038,"3S3",34,102788,8,24.76,8421911,822304,247703.26,8113.59,8905.79,271888.68,{"v":9244215,"d":"$ 9,244,215"},"FURGON","Granel Sólido","CARGADO","NO","Se cambia paso por municipios entre La Lizama, Lebrija por La Lizama, San Albert"]
["2026-07-01",19001000,"POPAYAN","CAUCA",68001000,"BUCARAMANGA","SANTANDER",1038,"3S3",34,89674,8,24.76,8168660,717392,240254.71,7869.61,8560.74,261354.47,{"v":8886052,"d":"$ 8,886,052"},"VOLCO","Granel Sólido","CARGADO","NO","Se cambia paso por municipios entre La Lizama, Lebrija por La Lizama, San Albert"]
["2026-07-01",19001000,"POPAYAN","CAUCA",68001000,"BUCARAMANGA","SANTANDER",1038,"3S3",34,87862,8,24.76,8052340,702896,236833.53,7757.55,8434.72,257506.94,{"v":8755236,"d":"$ 8,755,236"},"ESTIBAS","Granel Sólido","CARGADO","NO","Se cambia paso por municipios entre La Lizama, Lebrija por La Lizama, San Albert"]
["2026-07-01",19001000,"POPAYAN","CAUCA",68001000,"BUCARAMANGA","SANTANDER",1038,"3S3",34,87862,8,24.76,8052340,702896,236833.53,7757.55,8434.72,257506.94,{"v":8755236,"d":"$ 8,755,236"},"PLATAFORMA","Granel Sólido","CARGADO","NO","Se cambia paso por municipios entre La Lizama, Lebrija por La Lizama, San Albert"]
["2026-07-01",19001000,"POPAYAN","CAUCA",68001000,"BUCARAMANGA","SANTANDER",1038,"3S3",34,86730,8,24.76,8024324,693840,236009.53,7730.56,8399,256416.59,{"v":8718164,"d":"$ 8,718,164"},"ESTACAS","General","CARGADO","NO","Se cambia paso por municipios entre La Lizama, Lebrija por La Lizama, San Albert"]
["2026-07-01",19001000,"POPAYAN","CAUCA",68001000,"BUCARAMANGA","SANTANDER",1038,"3S3",34,101656,8,24.76,8393895,813248,246879.26,8086.6,8870.08,270798.32,{"v":9207143,"d":"$ 9,207,143"},"FURGON","General","CARGADO","NO","Se cambia paso por municipios entre La Lizama, Lebrija por La Lizama, San Albert"]
["2026-07-01",19001000,"POPAYAN","CAUCA",68001000,"BUCARAMANGA","SANTANDER",1038,"3S3",34,86730,8,24.76,8024324,693840,236009.53,7730.56,8399,256416.59,{"v":8718164,"d":"$ 8,718,164"},"ESTIBAS","General","CARGADO","NO","Se cambia paso por municipios entre La Lizama, Lebrija por La Lizama, San Albert"]
["2026-07-01",19001000,"POPAYAN","CAUCA",68001000,"BUCARAMANGA","SANTANDER",1038,"3S3",34,86730,8,24.76,8024324,693840,236009.53,7730.56,8399,256416.59,{"v":8718164,"d":"$ 8,718,164"},"PLATAFORMA","General","CARGADO","NO","Se cambia paso por municipios entre La Lizama, Lebrija por La Lizama, San Albert"]
["2026-07-01",19001000,"POPAYAN","CAUCA",68001000,"BUCARAMANGA","SANTANDER",1038,"3S3",34,85728,8,24.76,7999516,685824,235279.88,7706.66,8367.38,255451.18,{"v":8685340,"d":"$ 8,685,340"},"PORTACONTENEDORES","Contenedor cargado","CARGADO","NO","Se cambia paso por municipios entre La Lizama, Lebrija por La Lizama, San Albert"]
["2026-07-01",5579000,"PUERTO BERRIO","ANTIOQUIA",68001000,"BUCARAMANGA","SANTANDER",324,"2S3",27,62754,4,6.86,1300495,251016,48166.48,4013.87,4788.61,57463.37,{"v":1551511,"d":"$ 1,551,511"},"PORTACONTENEDORES","Contenedor vacío","CARGADO","NO","Se cambia paso por municipios entre La Lizama, Lebrija por La Lizama, San Albert"]
["2026-07-01",5579000,"PUERTO BERRIO","ANTIOQUIA",68001000,"BUCARAMANGA","SANTANDER",324,"2S3",27,75310,4,6.86,1702521,301240,63056.33,5254.69,6184.45,74213.37,{"v":2003761,"d":"$ 2,003,761"},"TANQUE","Granel líquido","CARGADO","NO","Se cambia paso por municipios entre La Lizama, Lebrija por La Lizama, San Albert"]
["2026-07-01",5579000,"PUERTO BERRIO","ANTIOQUIA",68001000,"BUCARAMANGA","SANTANDER",324,"2_5_8",3.4,64759,4,6.05,993149,259036,292102.65,3065.27,3864.77,368289.71,{"v":1252185,"d":"$ 1,252,185"},"FURGON REFRIGERADO","Carga Refrigerada","CARGADO","NO","Se cambia paso por municipios entre La Lizama, Lebrija por La Lizama, San Albert"]
["2026-07-01",5579000,"PUERTO BERRIO","ANTIOQUIA",68001000,"BUCARAMANGA","SANTANDER",324,"2_5_8",3.4,37352,4,6.05,786686,149408,231378.24,2428.04,2889.18,275321.76,{"v":936094,"d":"$ 936,094"},"ESTACAS","Granel Sólido","CARGADO","NO","Se cambia paso por municipios entre La Lizama, Lebrija por La Lizama, San Albert"]
["2026-07-01",5579000,"PUERTO BERRIO","ANTIOQUIA",68001000,"BUCARAMANGA","SANTANDER",324,"2_5_8",3.4,39821,4,6.05,806475,159284,237198.53,2489.12,2980.74,284046.76,{"v":965759,"d":"$ 965,759"},"FURGON","Granel Sólido","CARGADO","NO","Se cambia paso por municipios entre La Lizama, Lebrija por La Lizama, San Albert"]
["2026-07-01",5579000,"PUERTO BERRIO","ANTIOQUIA",68001000,"BUCARAMANGA","SANTANDER",324,"2_5_8",3.4,37352,4,6.05,791544,149408,232807.06,2443.04,2904.17,276750.59,{"v":940952,"d":"$ 940,952"},"ESTIBAS","Granel Sólido","CARGADO","NO","Se cambia paso por municipios entre La Lizama, Lebrija por La Lizama, San Albert"]
["2026-07-01",5579000,"PUERTO BERRIO","ANTIOQUIA",68001000,"BUCARAMANGA","SANTANDER",324,"2_5_8",3.4,37352,4,6.05,791544,149408,232807.06,2443.04,2904.17,276750.59,{"v":940952,"d":"$ 940,952"},"PLATAFORMA","Granel Sólido","CARGADO","NO","Se cambia paso por municipios entre La Lizama, Lebrija por La Lizama, San Albert"]
["2026-07-01",5579000,"PUERTO BERRIO","ANTIOQUIA",68001000,"BUCARAMANGA","SANTANDER",324,"2_5_8",3.4,36221,4,6.05,784700,144884,230794.12,2421.91,2869.09,273407.06,{"v":929584,"d":"$ 929,584"},"ESTACAS","General","CARGADO","NO","Se cambia paso por municipios entre La Lizama, Lebrija por La Lizama, San Albert"]
["2026-07-01",5579000,"PUERTO BERRIO","ANTIOQUIA",68001000,"BUCARAMANGA","SANTANDER",324,"2_5_8",3.4,38689,4,6.05,799631,154756,235185.59,2468,2945.64,280702.06,{"v":954387,"d":"$ 954,387"},"FURGON","General","CARGADO","NO","Se cambia paso por municipios entre La Lizama, Lebrija por La Lizama, San Albert"]
["2026-07-01",5579000,"PUERTO BERRIO","ANTIOQUIA",68001000,"BUCARAMANGA","SANTANDER",324,"2_5_8",3.4,36221,4,6.05,784700,144884,230794.12,2421.91,2869.09,273407.06,{"v":929584,"d":"$ 929,584"},"ESTIBAS","General","CARGADO","NO","Se cambia paso por municipios entre La Lizama, Lebrija por La Lizama, San Albert"]
["2026-07-01",5579000,"PUERTO BERRIO","ANTIOQUIA",68001000,"BUCARAMANGA","SANTANDER",324,"2_5_8",3.4,36221,4,6.05,784700,144884,230794.12,2421.91,2869.09,273407.06,{"v":929584,"d":"$ 929,584"},"PLATAFORMA","General","CARGADO","NO","Se cambia paso por municipios entre La Lizama, Lebrija por La Lizama, San Albert"]
["2026-07-01",5579000,"PUERTO BERRIO","ANTIOQUIA",68001000,"BUCARAMANGA","SANTANDER",324,"2L3 Liviano entre 7.5 y 8 Tonel.",6,71753,4,6.05,1065772,287012,177628.67,3289.42,4175.26,225464,{"v":1352784,"d":"$ 1,352,784"},"FURGON REFRIGERADO","Carga Refrigerada","CARGADO","NO","Se cambia paso por municipios entre La Lizama, Lebrija por La Lizama, San Albert"]
["2026-07-01",5579000,"PUERTO BERRIO","ANTIOQUIA",68001000,"BUCARAMANGA","SANTANDER",324,"2L3 Liviano entre 7.5 y 8 Tonel.",6,40348,4,6.05,820962,161392,136827,2533.83,3031.96,163725.67,{"v":982354,"d":"$ 982,354"},"ESTACAS","Granel Sólido","CARGADO","NO","Se cambia paso por municipios entre La Lizama, Lebrija por La Lizama, San Albert"]
["2026-07-01",5579000,"PUERTO BERRIO","ANTIOQUIA",68001000,"BUCARAMANGA","SANTANDER",324,"2L3 Liviano entre 7.5 y 8 Tonel.",6,43458,4,6.05,844632,173832,140772,2606.89,3143.41,169744,{"v":1018464,"d":"$ 1,018,464"},"FURGON","Granel Sólido","CARGADO","NO","Se cambia paso por municipios entre La Lizama, Lebrija por La Lizama, San Albert"]
["2026-07-01",5579000,"PUERTO BERRIO","ANTIOQUIA",68001000,"BUCARAMANGA","SANTANDER",324,"2L3 Liviano entre 7.5 y 8 Tonel.",6,40348,4,6.05,825821,161392,137636.83,2548.83,3046.95,164535.5,{"v":987213,"d":"$ 987,213"},"ESTIBAS","Granel Sólido","CARGADO","NO","Se cambia paso por municipios entre La Lizama, Lebrija por La Lizama, San Albert"]
["2026-07-01",5579000,"PUERTO BERRIO","ANTIOQUIA",68001000,"BUCARAMANGA","SANTANDER",324,"2L3 Liviano entre 7.5 y 8 Tonel.",6,40348,4,6.05,825821,161392,137636.83,2548.83,3046.95,164535.5,{"v":987213,"d":"$ 987,213"},"PLATAFORMA","Granel Sólido","CARGADO","NO","Se cambia paso por municipios entre La Lizama, Lebrija por La Lizama, San Albert"]
["2026-07-01",5579000,"PUERTO BERRIO","ANTIOQUIA",68001000,"BUCARAMANGA","SANTANDER",324,"2L3 Liviano entre 7.5 y 8 Tonel.",6,39217,4,6.05,818977,156868,136496.17,2527.71,3011.87,162640.83,{"v":975845,"d":"$ 975,845"},"ESTACAS","General","CARGADO","NO","Se cambia paso por municipios entre La Lizama, Lebrija por La Lizama, San Albert"]
["2026-07-01",5579000,"PUERTO BERRIO","ANTIOQUIA",68001000,"BUCARAMANGA","SANTANDER",324,"2L3 Liviano entre 7.5 y 8 Tonel.",6,42327,4,6.05,837788,169308,139631.33,2585.77,3108.32,167849.33,{"v":1007096,"d":"$ 1,007,096"},"FURGON","General","CARGADO","NO","Se cambia paso por municipios entre La Lizama, Lebrija por La Lizama, San Albert"]
["2026-07-01",5579000,"PUERTO BERRIO","ANTIOQUIA",68001000,"BUCARAMANGA","SANTANDER",324,"2L3 Liviano entre 7.5 y 8 Tonel.",6,39217,4,6.05,818977,156868,136496.17,2527.71,3011.87,162640.83,{"v":975845,"d":"$ 975,845"},"ESTIBAS","General","CARGADO","NO","Se cambia paso por municipios entre La Lizama, Lebrija por La Lizama, San Albert"]
["2026-07-01",5579000,"PUERTO BERRIO","ANTIOQUIA",68001000,"BUCARAMANGA","SANTANDER",324,"2L3 Liviano entre 7.5 y 8 Tonel.",6,39217,4,6.05,818977,156868,136496.17,2527.71,3011.87,162640.83,{"v":975845,"d":"$ 975,845"},"PLATAFORMA","General","CARGADO","NO","Se cambia paso por municipios entre La Lizama, Lebrija por La Lizama, San Albert"]
["2026-07-01",85001000,"YOPAL","CASANARE",85139000,"MANI","CASANARE",74,"2L3 Liviano entre 7.5 y 8 Tonel.",6,40348,4,5.76,473272,161392,78878.67,6395.57,8576.54,105777.33,{"v":634664,"d":"$ 634,664"},"ESTIBAS","Granel Sólido","CARGADO","NO"]
["2026-07-01",85001000,"YOPAL","CASANARE",85139000,"MANI","CASANARE",74,"2L3 Liviano entre 7.5 y 8 Tonel.",6,71753,4,5.76,704113,287012,117352.17,9515.04,13393.58,165187.5,{"v":991125,"d":"$ 991,125"},"FURGON REFRIGERADO","Carga Refrigerada","CARGADO","NO"]
["2026-07-01",85001000,"YOPAL","CASANARE",85139000,"MANI","CASANARE",74,"2L3 Liviano entre 7.5 y 8 Tonel.",6,40348,4,5.76,472159,161392,78693.17,6380.53,8561.5,105591.83,{"v":633551,"d":"$ 633,551"},"ESTACAS","Granel Sólido","CARGADO","NO"]
["2026-07-01",85001000,"YOPAL","CASANARE",85139000,"MANI","CASANARE",74,"2L3 Liviano entre 7.5 y 8 Tonel.",6,43458,4,5.76,491181,173832,81863.5,6637.58,8986.66,110835.5,{"v":665013,"d":"$ 665,013"},"FURGON","Granel Sólido","CARGADO","NO"]
["2026-07-01",85001000,"YOPAL","CASANARE",85139000,"MANI","CASANARE",74,"2L3 Liviano entre 7.5 y 8 Tonel.",6,40348,4,5.76,473272,161392,78878.67,6395.57,8576.54,105777.33,{"v":634664,"d":"$ 634,664"},"PLATAFORMA","Granel Sólido","CARGADO","NO"]
["2026-07-01",85001000,"YOPAL","CASANARE",85139000,"MANI","CASANARE",74,"2L3 Liviano entre 7.5 y 8 Tonel.",6,39217,4,5.76,466756,156868,77792.67,6307.51,8427.35,103937.33,{"v":623624,"d":"$ 623,624"},"ESTACAS","General","CARGADO","NO"]
["2026-07-01",85001000,"YOPAL","CASANARE",85139000,"MANI","CASANARE",74,"2L3 Liviano entre 7.5 y 8 Tonel.",6,42327,4,5.76,484666,169308,80777.67,6549.54,8837.49,108995.67,{"v":653974,"d":"$ 653,974"},"FURGON","General","CARGADO","NO"]
["2026-07-01",85001000,"YOPAL","CASANARE",85139000,"MANI","CASANARE",74,"2L3 Liviano entre 7.5 y 8 Tonel.",6,39217,4,5.76,466756,156868,77792.67,6307.51,8427.35,103937.33,{"v":623624,"d":"$ 623,624"},"ESTIBAS","General","CARGADO","NO"]
["2026-07-01",85001000,"YOPAL","CASANARE",85139000,"MANI","CASANARE",74,"2L3 Liviano entre 7.5 y 8 Tonel.",6,39217,4,5.76,466756,156868,77792.67,6307.51,8427.35,103937.33,{"v":623624,"d":"$ 623,624"},"PLATAFORMA","General","CARGADO","NO"]
["2026-07-01",85001000,"YOPAL","CASANARE",85139000,"MANI","CASANARE",74,"2_8_105",5.4,70516,4,5.76,722730,282064,133838.89,9766.62,13578.3,186072.96,{"v":1004794,"d":"$ 1,004,794"},"FURGON REFRIGERADO","Carga Refrigerada","CARGADO","NO"]
["2026-07-01",85001000,"YOPAL","CASANARE",85139000,"MANI","CASANARE",74,"2_8_105",5.4,41061,4,5.76,507284,164244,93941.48,6855.19,9074.7,124357.04,{"v":671528,"d":"$ 671,528"},"ESTACAS","Granel Sólido","CARGADO","NO"]
["2026-07-01",85001000,"YOPAL","CASANARE",85139000,"MANI","CASANARE",74,"2_8_105",5.4,43798,4,5.76,523042,175192,96859.63,7068.14,9435.59,129302.59,{"v":698234,"d":"$ 698,234"},"FURGON","Granel Sólido","CARGADO","NO"]
["2026-07-01",85001000,"YOPAL","CASANARE",85139000,"MANI","CASANARE",74,"2_8_105",5.4,41061,4,5.76,507284,164244,93941.48,6855.19,9074.7,124357.04,{"v":671528,"d":"$ 671,528"},"ESTIBAS","Granel Sólido","CARGADO","NO"]
["2026-07-01",85001000,"YOPAL","CASANARE",85139000,"MANI","CASANARE",74,"2_8_105",5.4,41061,4,5.76,507284,164244,93941.48,6855.19,9074.7,124357.04,{"v":671528,"d":"$ 671,528"},"PLATAFORMA","Granel Sólido","CARGADO","NO"]
["2026-07-01",85001000,"YOPAL","CASANARE",85139000,"MANI","CASANARE",74,"2_8_105",5.4,39930,4,5.76,500768,159720,92734.81,6767.14,8925.51,122312.59,{"v":660488,"d":"$ 660,488"},"ESTACAS","General","CARGADO","NO"]
["2026-07-01",85001000,"YOPAL","CASANARE",85139000,"MANI","CASANARE",74,"2_8_105",5.4,42101,4,5.76,513273,168404,95050.56,6936.12,9211.85,126236.48,{"v":681677,"d":"$ 681,677"},"FURGON","General","CARGADO","NO"]
["2026-07-01",85001000,"YOPAL","CASANARE",85139000,"MANI","CASANARE",74,"2_8_105",5.4,40495,4,5.76,504021,161980,93337.22,6811.09,9000.01,123333.52,{"v":666001,"d":"$ 666,001"},"ESTIBAS","General","CARGADO","NO"]
["2026-07-01",85001000,"YOPAL","CASANARE",85139000,"MANI","CASANARE",74,"2_8_105",5.4,39930,4,5.76,500768,159720,92734.81,6767.14,8925.51,122312.59,{"v":660488,"d":"$ 660,488"},"PLATAFORMA","General","CARGADO","NO"]
["2026-07-01",85001000,"YOPAL","CASANARE",85139000,"MANI","CASANARE",74,"2L2 Liviano entre 8 y 9 Tonel.",5,72221,4,5.76,721025,288884,144205,9743.58,13647.42,201981.8,{"v":1009909,"d":"$ 1,009,909"},"FURGON REFRIGERADO","Carga Refrigerada","CARGADO","NO"]
["2026-07-01",85001000,"YOPAL","CASANARE",85139000,"MANI","CASANARE",74,"2L2 Liviano entre 8 y 9 Tonel.",5,41243,4,5.76,492642,164972,98528.4,6657.32,8886.68,131522.8,{"v":657614,"d":"$ 657,614"},"ESTACAS","Granel Sólido","CARGADO","NO"]
["2026-07-01",85001000,"YOPAL","CASANARE",85139000,"MANI","CASANARE",74,"2L2 Liviano entre 8 y 9 Tonel.",5,43397,4,5.76,505046,173588,101009.2,6824.95,9170.73,135726.8,{"v":678634,"d":"$ 678,634"},"FURGON","Granel Sólido","CARGADO","NO"]
["2026-07-01",85001000,"YOPAL","CASANARE",85139000,"MANI","CASANARE",74,"2L2 Liviano entre 8 y 9 Tonel.",5,41243,4,5.76,492642,164972,98528.4,6657.32,8886.68,131522.8,{"v":657614,"d":"$ 657,614"},"ESTIBAS","Granel Sólido","CARGADO","NO"]
["2026-07-01",85001000,"YOPAL","CASANARE",85139000,"MANI","CASANARE",74,"2L2 Liviano entre 8 y 9 Tonel.",5,41243,4,5.76,492642,164972,98528.4,6657.32,8886.68,131522.8,{"v":657614,"d":"$ 657,614"},"PLATAFORMA","Granel Sólido","CARGADO","NO"]
["2026-07-01",85001000,"YOPAL","CASANARE",85139000,"MANI","CASANARE",74,"2L2 Liviano entre 8 y 9 Tonel.",5,40112,4,5.76,486126,160448,97225.2,6569.27,8737.49,129314.8,{"v":646574,"d":"$ 646,574"},"ESTACAS","General","CARGADO","NO"]
["2026-07-01",85001000,"YOPAL","CASANARE",85139000,"MANI","CASANARE",74,"2L2 Liviano entre 8 y 9 Tonel.",5,42266,4,5.76,498530,169064,99706,6736.89,9021.54,133518.8,{"v":667594,"d":"$ 667,594"},"FURGON","General","CARGADO","NO"]
["2026-07-01",85001000,"YOPAL","CASANARE",85139000,"MANI","CASANARE",74,"2L2 Liviano entre 8 y 9 Tonel.",5,40112,4,5.76,486126,160448,97225.2,6569.27,8737.49,129314.8,{"v":646574,"d":"$ 646,574"},"ESTIBAS","General","CARGADO","NO"]
["2026-07-01",85001000,"YOPAL","CASANARE",85139000,"MANI","CASANARE",74,"2L2 Liviano entre 8 y 9 Tonel.",5,40112,4,5.76,486126,160448,97225.2,6569.27,8737.49,129314.8,{"v":646574,"d":"$ 646,574"},"PLATAFORMA","General","CARGADO","NO"]
["2026-07-01",85001000,"YOPAL","CASANARE",85139000,"MANI","CASANARE",74,"2L1 Liviano entre 9 y 10.5 Tonel.",6,76057,4,5.76,758806,304228,126467.67,10254.14,14365.32,177172.33,{"v":1063034,"d":"$ 1,063,034"},"FURGON REFRIGERADO","Carga Refrigerada","CARGADO","NO"]
["2026-07-01",85001000,"YOPAL","CASANARE",85139000,"MANI","CASANARE",74,"2L1 Liviano entre 9 y 10.5 Tonel.",6,44306,4,5.76,525971,177224,87661.83,7107.72,9502.64,117199.17,{"v":703195,"d":"$ 703,195"},"ESTACAS","Granel Sólido","CARGADO","NO"]
["2026-07-01",85001000,"YOPAL","CASANARE",85139000,"MANI","CASANARE",74,"2L1 Liviano entre 9 y 10.5 Tonel.",6,47202,4,5.76,542648,188808,90441.33,7333.08,9884.54,121909.33,{"v":731456,"d":"$ 731,456"},"FURGON","Granel Sólido","CARGADO","NO"]
["2026-07-01",85001000,"YOPAL","CASANARE",85139000,"MANI","CASANARE",74,"2L1 Liviano entre 9 y 10.5 Tonel.",6,44306,4,5.76,525971,177224,87661.83,7107.72,9502.64,117199.17,{"v":703195,"d":"$ 703,195"},"ESTIBAS","Granel Sólido","CARGADO","NO"]
["2026-07-01",85001000,"YOPAL","CASANARE",85139000,"MANI","CASANARE",74,"2L1 Liviano entre 9 y 10.5 Tonel.",6,44306,4,5.76,525971,177224,87661.83,7107.72,9502.64,117199.17,{"v":703195,"d":"$ 703,195"},"PLATAFORMA","Granel Sólido","CARGADO","NO"]
["2026-07-01",85001000,"YOPAL","CASANARE",85139000,"MANI","CASANARE",74,"2L1 Liviano entre 9 y 10.5 Tonel.",6,43175,4,5.76,519455,172700,86575.83,7019.66,9353.45,115359.17,{"v":692155,"d":"$ 692,155"},"ESTACAS","General","CARGADO","NO"]
["2026-07-01",85001000,"YOPAL","CASANARE",85139000,"MANI","CASANARE",74,"2L1 Liviano entre 9 y 10.5 Tonel.",6,46071,4,5.76,536132,184284,89355.33,7245.03,9735.35,120069.33,{"v":720416,"d":"$ 720,416"},"FURGON","General","CARGADO","NO"]
["2026-07-01",85001000,"YOPAL","CASANARE",85139000,"MANI","CASANARE",74,"2L1 Liviano entre 9 y 10.5 Tonel.",6,43175,4,5.76,519455,172700,86575.83,7019.66,9353.45,115359.17,{"v":692155,"d":"$ 692,155"},"ESTIBAS","General","CARGADO","NO"]
["2026-07-01",85001000,"YOPAL","CASANARE",85139000,"MANI","CASANARE",74,"2L1 Liviano entre 9 y 10.5 Tonel.",6,43175,4,5.76,519455,172700,86575.83,7019.66,9353.45,115359.17,{"v":692155,"d":"$ 692,155"},"PLATAFORMA","General","CARGADO","NO"]
["2026-07-01",68081010,"LA FORTUNA","SANTANDER",85010000,"AGUAZUL","CASANARE",780,"CA",5,37057,4,14.98,2245177,148228,449035.4,2878.43,3068.47,478681,{"v":2393405,"d":"$ 2,393,405"},"FURGON","General","CARGADO","NO","Guaduas,Villeta,Sasaima,Alban,Facatativa,Madrid,Mosquera,Funza,Bogota,Chipaque,G"]
["2026-07-01",68081010,"LA FORTUNA","SANTANDER",85010000,"AGUAZUL","CASANARE",780,"CA",5,34822,4,14.98,2211704,139288,442340.8,2835.52,3014.09,470198.4,{"v":2350992,"d":"$ 2,350,992"},"ESTIBAS","General","CARGADO","NO","Guaduas,Villeta,Sasaima,Alban,Facatativa,Madrid,Mosquera,Funza,Bogota,Chipaque,G"]
["2026-07-01",68081010,"LA FORTUNA","SANTANDER",85010000,"AGUAZUL","CASANARE",780,"CA",5,34822,4,14.98,2211704,139288,442340.8,2835.52,3014.09,470198.4,{"v":2350992,"d":"$ 2,350,992"},"PLATAFORMA","General","CARGADO","NO","Guaduas,Villeta,Sasaima,Alban,Facatativa,Madrid,Mosquera,Funza,Bogota,Chipaque,G"]
["2026-07-01",68081010,"LA FORTUNA","SANTANDER",85010000,"AGUAZUL","CASANARE",780,"V2",17.5,57575,8,20.18,3965011,460600,226572.06,5083.35,5673.86,252892.06,{"v":4425611,"d":"$ 4,425,611"},"VOLCO","Granel Sólido","CARGADO","NO","Guaduas,Villeta,Sasaima,Alban,Facatativa,Madrid,Mosquera,Funza,Bogota,Chipaque,G"]
["2026-07-01",68081010,"LA FORTUNA","SANTANDER",85010000,"AGUAZUL","CASANARE",780,"V3",28.7,66231,8,18.43,5021577,529848,174967.84,6437.92,7117.21,193429.44,{"v":5551425,"d":"$ 5,551,425"},"VOLCO","Granel Sólido","CARGADO","NO","Guaduas,Villeta,Sasaima,Alban,Facatativa,Madrid,Mosquera,Funza,Bogota,Chipaque,G"]
["2026-07-01",68081010,"LA FORTUNA","SANTANDER",85010000,"AGUAZUL","CASANARE",780,"V4",36.9,66252,8,17.19,6050406,530016,163967.64,7756.93,8436.44,178331.22,{"v":6580422,"d":"$ 6,580,422"},"VOLCO","Granel Sólido","CARGADO","NO","Guaduas,Villeta,Sasaima,Alban,Facatativa,Madrid,Mosquera,Funza,Bogota,Chipaque,G"]
["2026-07-01",68081010,"LA FORTUNA","SANTANDER",85010000,"AGUAZUL","CASANARE",780,"3",16,58409,8,18.11,4359509,467272,272469.31,5589.11,6188.18,301673.81,{"v":4826781,"d":"$ 4,826,781"},"PLATAFORMA","General","CARGADO","NO","Guaduas,Villeta,Sasaima,Alban,Facatativa,Madrid,Mosquera,Funza,Bogota,Chipaque,G"]
["2026-07-01",85010000,"AGUAZUL","CASANARE",68081010,"LA FORTUNA","SANTANDER",777,"2",9,86677,8,16.69,3714636,693416,412737.33,4780.74,5673.17,489783.56,{"v":4408052,"d":"$ 4,408,052"},"FURGON REFRIGERADO","Carga Refrigerada","CARGADO","NO","Monterrey,Villanueva,Barranca De Upia,Paratebueno,Cumaral,Restrepo,Villavicencio"]
["2026-07-01",85010000,"AGUAZUL","CASANARE",68081010,"LA FORTUNA","SANTANDER",777,"2",9,55663,8,16.69,3147059,445304,349673.22,4050.27,4623.38,399151.44,{"v":3592363,"d":"$ 3,592,363"},"ESTACAS","Granel Sólido","CARGADO","NO","Monterrey,Villanueva,Barranca De Upia,Paratebueno,Cumaral,Restrepo,Villavicencio"]
["2026-07-01",85010000,"AGUAZUL","CASANARE",68081010,"LA FORTUNA","SANTANDER",777,"2",9,61544,8,16.69,3245207,492352,360578.56,4176.59,4810.24,415284.33,{"v":3737559,"d":"$ 3,737,559"},"FURGON","Granel Sólido","CARGADO","NO","Monterrey,Villanueva,Barranca De Upia,Paratebueno,Cumaral,Restrepo,Villavicencio"]
["2026-07-01",85010000,"AGUAZUL","CASANARE",68081010,"LA FORTUNA","SANTANDER",777,"2",9,57575,8,16.69,3235629,460600,359514.33,4164.26,4757.05,410692.11,{"v":3696229,"d":"$ 3,696,229"},"VOLCO","Granel Sólido","CARGADO","NO","Monterrey,Villanueva,Barranca De Upia,Paratebueno,Cumaral,Restrepo,Villavicencio"]
["2026-07-01",85010000,"AGUAZUL","CASANARE",68081010,"LA FORTUNA","SANTANDER",777,"2",9,54531,8,16.69,3128176,436248,347575.11,4025.97,4587.42,396047.11,{"v":3564424,"d":"$ 3,564,424"},"PORTACONTENEDORES","Contenedor cargado","CARGADO","NO","Monterrey,Villanueva,Barranca De Upia,Paratebueno,Cumaral,Restrepo,Villavicencio"]
["2026-07-01",85010000,"AGUAZUL","CASANARE",68081010,"LA FORTUNA","SANTANDER",777,"2",9,55663,8,16.69,3147059,445304,349673.22,4050.27,4623.38,399151.44,{"v":3592363,"d":"$ 3,592,363"},"ESTIBAS","Granel Sólido","CARGADO","NO","Monterrey,Villanueva,Barranca De Upia,Paratebueno,Cumaral,Restrepo,Villavicencio"]
["2026-07-01",85010000,"AGUAZUL","CASANARE",68081010,"LA FORTUNA","SANTANDER",777,"2",9,54531,8,16.69,3128176,436248,347575.11,4025.97,4587.42,396047.11,{"v":3564424,"d":"$ 3,564,424"},"PLATAFORMA","General","CARGADO","NO","Monterrey,Villanueva,Barranca De Upia,Paratebueno,Cumaral,Restrepo,Villavicencio"]
["2026-07-01",85010000,"AGUAZUL","CASANARE",68081010,"LA FORTUNA","SANTANDER",777,"2",9,55663,8,16.69,3147059,445304,349673.22,4050.27,4623.38,399151.44,{"v":3592363,"d":"$ 3,592,363"},"PLATAFORMA","Granel Sólido","CARGADO","NO","Monterrey,Villanueva,Barranca De Upia,Paratebueno,Cumaral,Restrepo,Villavicencio"]
["2026-07-01",85010000,"AGUAZUL","CASANARE",68081010,"LA FORTUNA","SANTANDER",777,"2",9,54531,8,16.69,3128176,436248,347575.11,4025.97,4587.42,396047.11,{"v":3564424,"d":"$ 3,564,424"},"ESTACAS","General","CARGADO","NO","Monterrey,Villanueva,Barranca De Upia,Paratebueno,Cumaral,Restrepo,Villavicencio"]
["2026-07-01",85010000,"AGUAZUL","CASANARE",68081010,"LA FORTUNA","SANTANDER",777,"2",9,60412,8,16.69,3226325,483296,358480.56,4152.28,4774.29,412180.11,{"v":3709621,"d":"$ 3,709,621"},"FURGON","General","CARGADO","NO","Monterrey,Villanueva,Barranca De Upia,Paratebueno,Cumaral,Restrepo,Villavicencio"]
["2026-07-01",85010000,"AGUAZUL","CASANARE",68081010,"LA FORTUNA","SANTANDER",777,"2",9,54531,8,16.69,3128176,436248,347575.11,4025.97,4587.42,396047.11,{"v":3564424,"d":"$ 3,564,424"},"ESTIBAS","General","CARGADO","NO","Monterrey,Villanueva,Barranca De Upia,Paratebueno,Cumaral,Restrepo,Villavicencio"]
["2026-07-01",85139000,"MANI","CASANARE",85139002,"LA POYATA","CASANARE",53,"2L3 Liviano entre 7.5 y 8 Tonel.",6,39217,4,1.74,176682,156868,29447,3333.62,6293.4,55591.67,{"v":333550,"d":"$ 333,550"},"ESTIBAS","General","CARGADO","SI"]
["2026-07-01",85139000,"MANI","CASANARE",85139002,"LA POYATA","CASANARE",53,"2L3 Liviano entre 7.5 y 8 Tonel.",6,39217,4,1.74,176682,156868,29447,3333.62,6293.4,55591.67,{"v":333550,"d":"$ 333,550"},"PLATAFORMA","General","CARGADO","SI"]
["2026-07-01",85139000,"MANI","CASANARE",85139002,"LA POYATA","CASANARE",53,"2_8_105",5.4,70516,4,1.74,288142,282064,53359.63,5436.64,10758.6,105593.7,{"v":570206,"d":"$ 570,206"},"FURGON REFRIGERADO","Carga Refrigerada","CARGADO","SI"]
["2026-07-01",85139000,"MANI","CASANARE",85139002,"LA POYATA","CASANARE",53,"2_8_105",5.4,41061,4,1.74,191024,164244,35374.81,3604.23,6703.17,65790.37,{"v":355268,"d":"$ 355,268"},"ESTACAS","Granel Sólido","CARGADO","SI"]
["2026-07-01",85139000,"MANI","CASANARE",85139002,"LA POYATA","CASANARE",53,"2_8_105",5.4,43798,4,1.74,195789,175192,36257.22,3694.13,6999.64,68700.19,{"v":370981,"d":"$ 370,981"},"FURGON","Granel Sólido","CARGADO","SI"]
["2026-07-01",85139000,"MANI","CASANARE",85139002,"LA POYATA","CASANARE",53,"2_8_105",5.4,41061,4,1.74,191024,164244,35374.81,3604.23,6703.17,65790.37,{"v":355268,"d":"$ 355,268"},"ESTIBAS","Granel Sólido","CARGADO","SI"]
["2026-07-01",85139000,"MANI","CASANARE",85139002,"LA POYATA","CASANARE",53,"2_8_105",5.4,41061,4,1.74,191024,164244,35374.81,3604.23,6703.17,65790.37,{"v":355268,"d":"$ 355,268"},"PLATAFORMA","Granel Sólido","CARGADO","SI"]
["2026-07-01",85139000,"MANI","CASANARE",85139002,"LA POYATA","CASANARE",53,"2_8_105",5.4,39930,4,1.74,189054,159720,35010,3567.06,6580.64,64587.78,{"v":348774,"d":"$ 348,774"},"ESTACAS","General","CARGADO","SI"]
["2026-07-01",85139000,"MANI","CASANARE",85139002,"LA POYATA","CASANARE",53,"2_8_105",5.4,42101,4,1.74,192835,168404,35710.19,3638.4,6815.83,66896.11,{"v":361239,"d":"$ 361,239"},"FURGON","General","CARGADO","SI"]
["2026-07-01",85139000,"MANI","CASANARE",85139002,"LA POYATA","CASANARE",53,"2_8_105",5.4,40495,4,1.74,190038,161980,35192.22,3585.62,6641.85,65188.52,{"v":352018,"d":"$ 352,018"},"ESTIBAS","General","CARGADO","SI"]
["2026-07-01",85139000,"MANI","CASANARE",85139002,"LA POYATA","CASANARE",53,"2_8_105",5.4,39930,4,1.74,189054,159720,35010,3567.06,6580.64,64587.78,{"v":348774,"d":"$ 348,774"},"PLATAFORMA","General","CARGADO","SI"]
["2026-07-01",85139000,"MANI","CASANARE",85139002,"LA POYATA","CASANARE",53,"2L2 Liviano entre 8 y 9 Tonel.",5,72221,4,1.74,289505,288884,57901,5462.36,10913,115677.8,{"v":578389,"d":"$ 578,389"},"FURGON REFRIGERADO","Carga Refrigerada","CARGADO","SI"]
["2026-07-01",85139000,"MANI","CASANARE",85139002,"LA POYATA","CASANARE",53,"2L2 Liviano entre 8 y 9 Tonel.",5,41243,4,1.74,185568,164972,37113.6,3501.28,6613.96,70108,{"v":350540,"d":"$ 350,540"},"ESTACAS","Granel Sólido","CARGADO","SI"]
["2026-07-01",85139000,"MANI","CASANARE",85139002,"LA POYATA","CASANARE",53,"2L2 Liviano entre 8 y 9 Tonel.",5,43397,4,1.74,189319,173588,37863.8,3572.06,6847.3,72581.4,{"v":362907,"d":"$ 362,907"},"FURGON","Granel Sólido","CARGADO","SI"]
["2026-07-01",85139000,"MANI","CASANARE",85139002,"LA POYATA","CASANARE",53,"2L2 Liviano entre 8 y 9 Tonel.",5,41243,4,1.74,185568,164972,37113.6,3501.28,6613.96,70108,{"v":350540,"d":"$ 350,540"},"ESTIBAS","Granel Sólido","CARGADO","SI"]
["2026-07-01",85139000,"MANI","CASANARE",85139002,"LA POYATA","CASANARE",53,"2L2 Liviano entre 8 y 9 Tonel.",5,41243,4,1.74,185568,164972,37113.6,3501.28,6613.96,70108,{"v":350540,"d":"$ 350,540"},"PLATAFORMA","Granel Sólido","CARGADO","SI"]
["2026-07-01",85139000,"MANI","CASANARE",85139002,"LA POYATA","CASANARE",53,"2L2 Liviano entre 8 y 9 Tonel.",5,40112,4,1.74,183598,160448,36719.6,3464.11,6491.43,68809.2,{"v":344046,"d":"$ 344,046"},"ESTACAS","General","CARGADO","SI"]
["2026-07-01",85139000,"MANI","CASANARE",85139002,"LA POYATA","CASANARE",53,"2L2 Liviano entre 8 y 9 Tonel.",5,42266,4,1.74,187349,169064,37469.8,3534.89,6724.77,71282.6,{"v":356413,"d":"$ 356,413"},"FURGON","General","CARGADO","SI"]
["2026-07-01",85139000,"MANI","CASANARE",85139002,"LA POYATA","CASANARE",53,"2L2 Liviano entre 8 y 9 Tonel.",5,40112,4,1.74,183598,160448,36719.6,3464.11,6491.43,68809.2,{"v":344046,"d":"$ 344,046"},"ESTIBAS","General","CARGADO","SI"]
["2026-07-01",85139000,"MANI","CASANARE",85139002,"LA POYATA","CASANARE",53,"2L2 Liviano entre 8 y 9 Tonel.",5,40112,4,1.74,183598,160448,36719.6,3464.11,6491.43,68809.2,{"v":344046,"d":"$ 344,046"},"PLATAFORMA","General","CARGADO","SI"]
["2026-07-01",85139000,"MANI","CASANARE",85139002,"LA POYATA","CASANARE",53,"2L1 Liviano entre 9 y 10.5 Tonel.",6,76057,4,1.74,301957,304228,50326.17,5697.3,11437.45,101030.83,{"v":606185,"d":"$ 606,185"},"FURGON REFRIGERADO","Carga Refrigerada","CARGADO","SI"]
["2026-07-01",85139000,"MANI","CASANARE",85139002,"LA POYATA","CASANARE",53,"2L1 Liviano entre 9 y 10.5 Tonel.",6,44306,4,1.74,196674,177224,32779,3710.83,7054.68,62316.33,{"v":373898,"d":"$ 373,898"},"ESTACAS","Granel Sólido","CARGADO","SI"]
["2026-07-01",85139000,"MANI","CASANARE",85139002,"LA POYATA","CASANARE",53,"2L1 Liviano entre 9 y 10.5 Tonel.",6,47202,4,1.74,201717,188808,33619.5,3805.98,7368.4,65087.5,{"v":390525,"d":"$ 390,525"},"FURGON","Granel Sólido","CARGADO","SI"]
["2026-07-01",85139000,"MANI","CASANARE",85139002,"LA POYATA","CASANARE",53,"2L1 Liviano entre 9 y 10.5 Tonel.",6,44306,4,1.74,196674,177224,32779,3710.83,7054.68,62316.33,{"v":373898,"d":"$ 373,898"},"ESTIBAS","Granel Sólido","CARGADO","SI"]
["2026-07-01",85139000,"MANI","CASANARE",85139002,"LA POYATA","CASANARE",53,"2L1 Liviano entre 9 y 10.5 Tonel.",6,44306,4,1.74,196674,177224,32779,3710.83,7054.68,62316.33,{"v":373898,"d":"$ 373,898"},"PLATAFORMA","Granel Sólido","CARGADO","SI"]
["2026-07-01",85139000,"MANI","CASANARE",85139002,"LA POYATA","CASANARE",53,"2L1 Liviano entre 9 y 10.5 Tonel.",6,43175,4,1.74,194704,172700,32450.67,3673.66,6932.15,61234,{"v":367404,"d":"$ 367,404"},"ESTACAS","General","CARGADO","SI"]
["2026-07-01",85139000,"MANI","CASANARE",85139002,"LA POYATA","CASANARE",53,"2L1 Liviano entre 9 y 10.5 Tonel.",6,46071,4,1.74,199747,184284,33291.17,3768.81,7245.87,64005.17,{"v":384031,"d":"$ 384,031"},"FURGON","General","CARGADO","SI"]
["2026-07-01",85139000,"MANI","CASANARE",85139002,"LA POYATA","CASANARE",53,"2L1 Liviano entre 9 y 10.5 Tonel.",6,43175,4,1.74,194704,172700,32450.67,3673.66,6932.15,61234,{"v":367404,"d":"$ 367,404"},"ESTIBAS","General","CARGADO","SI"]
["2026-07-01",85139000,"MANI","CASANARE",85139002,"LA POYATA","CASANARE",53,"2L1 Liviano entre 9 y 10.5 Tonel.",6,43175,4,1.74,194704,172700,32450.67,3673.66,6932.15,61234,{"v":367404,"d":"$ 367,404"},"PLATAFORMA","General","CARGADO","SI"]
["2026-07-01",85139000,"MANI","CASANARE",85139001,"GUAFALPINTADO","CASANARE",39,"2L1 Liviano entre 9 y 10.5 Tonel.",6,43175,4,2.57,239743,172700,39957.17,6147.26,10575.46,68740.5,{"v":412443,"d":"$ 412,443"},"PLATAFORMA","General","CARGADO","SI"]
["2026-07-01",85139000,"MANI","CASANARE",85139001,"GUAFALPINTADO","CASANARE",39,"3",16,92437,4,2.42,476665,369748,29791.56,12222.18,21702.9,52900.81,{"v":846413,"d":"$ 846,413"},"FURGON REFRIGERADO","Carga Refrigerada","CARGADO","SI"]
["2026-07-01",85139000,"MANI","CASANARE",85139001,"GUAFALPINTADO","CASANARE",39,"3",16,59540,4,2.42,336235,238160,21014.69,8621.41,14728.08,35899.69,{"v":574395,"d":"$ 574,395"},"ESTACAS","Granel Sólido","CARGADO","SI"]
["2026-07-01",85139000,"MANI","CASANARE",85139001,"GUAFALPINTADO","CASANARE",39,"3",16,62802,4,2.42,344127,251208,21507.94,8823.77,15265,37208.44,{"v":595335,"d":"$ 595,335"},"FURGON","Granel Sólido","CARGADO","SI"]
["2026-07-01",85139000,"MANI","CASANARE",85139001,"GUAFALPINTADO","CASANARE",39,"3",16,66231,4,2.42,355211,264924,22200.69,9107.97,15900.9,38758.44,{"v":620135,"d":"$ 620,135"},"VOLCO","Granel Sólido","CARGADO","SI"]
["2026-07-01",85139000,"MANI","CASANARE",85139001,"GUAFALPINTADO","CASANARE",39,"3",16,59540,4,2.42,336235,238160,21014.69,8621.41,14728.08,35899.69,{"v":574395,"d":"$ 574,395"},"ESTIBAS","Granel Sólido","CARGADO","SI"]
["2026-07-01",85139000,"MANI","CASANARE",85139001,"GUAFALPINTADO","CASANARE",39,"3",16,59540,4,2.42,336235,238160,21014.69,8621.41,14728.08,35899.69,{"v":574395,"d":"$ 574,395"},"PLATAFORMA","Granel Sólido","CARGADO","SI"]
["2026-07-01",85139000,"MANI","CASANARE",85139001,"GUAFALPINTADO","CASANARE",39,"3",16,58409,4,2.42,333497,233636,20843.56,8551.21,14541.87,35445.81,{"v":567133,"d":"$ 567,133"},"ESTACAS","General","CARGADO","SI"]
["2026-07-01",85139000,"MANI","CASANARE",85139001,"GUAFALPINTADO","CASANARE",39,"3",16,61671,4,2.42,341389,246684,21336.81,8753.56,15078.79,36754.56,{"v":588073,"d":"$ 588,073"},"FURGON","General","CARGADO","SI"]
["2026-07-01",85139000,"MANI","CASANARE",85139001,"GUAFALPINTADO","CASANARE",39,"3",16,58409,4,2.42,333497,233636,20843.56,8551.21,14541.87,35445.81,{"v":567133,"d":"$ 567,133"},"ESTIBAS","General","CARGADO","SI"]
["2026-07-01",85139000,"MANI","CASANARE",85139001,"GUAFALPINTADO","CASANARE",39,"3",16,58409,4,2.42,333497,233636,20843.56,8551.21,14541.87,35445.81,{"v":567133,"d":"$ 567,133"},"PLATAFORMA","General","CARGADO","SI"]
["2026-07-01",85139000,"MANI","CASANARE",85139001,"GUAFALPINTADO","CASANARE",39,"3",16,58409,4,2.42,333497,233636,20843.56,8551.21,14541.87,35445.81,{"v":567133,"d":"$ 567,133"},"PORTACONTENEDORES","Contenedor cargado","CARGADO","SI"]
["2026-07-01",85139000,"MANI","CASANARE",85139001,"GUAFALPINTADO","CASANARE",39,"3",16,58409,4,2.42,261167,233636,16322.94,6696.59,12687.26,30925.19,{"v":494803,"d":"$ 494,803"},"PORTACONTENEDORES","Contenedor vacío","CARGADO","SI"]
["2026-07-01",85139000,"MANI","CASANARE",85139001,"GUAFALPINTADO","CASANARE",39,"3",16,64943,4,2.42,349308,259772,21831.75,8956.62,15617.44,38067.5,{"v":609080,"d":"$ 609,080"},"TANQUE","Granel líquido","CARGADO","SI"]
["2026-07-01",85139000,"MANI","CASANARE",85139001,"GUAFALPINTADO","CASANARE",39,"3S2",31,145004,4,1.95,621363,580016,20043.97,15932.38,30804.59,38754.16,{"v":1201379,"d":"$ 1,201,379"},"FURGON REFRIGERADO","Carga Refrigerada","CARGADO","SI"]
["2026-07-01",85139000,"MANI","CASANARE",85139001,"GUAFALPINTADO","CASANARE",39,"3S2",31,86847,4,1.95,424896,347388,13706.32,10894.77,19802.15,24912.39,{"v":772284,"d":"$ 772,284"},"ESTACAS","Granel Sólido","CARGADO","SI"]
["2026-07-01",85139000,"MANI","CASANARE",85139001,"GUAFALPINTADO","CASANARE",39,"3S2",31,101482,4,1.95,453365,405928,14624.68,11624.74,22033.15,27719.13,{"v":859293,"d":"$ 859,293"},"FURGON","Granel Sólido","CARGADO","SI"]
["2026-07-01",85139000,"MANI","CASANARE",85139001,"GUAFALPINTADO","CASANARE",39,"3S2",31,89209,4,1.95,432217,356836,13942.48,11082.49,20232.13,25453.32,{"v":789053,"d":"$ 789,053"},"VOLCO","Granel Sólido","CARGADO","SI"]
["2026-07-01",85139000,"MANI","CASANARE",85139001,"GUAFALPINTADO","CASANARE",39,"3S2",31,86847,4,1.95,424896,347388,13706.32,10894.77,19802.15,24912.39,{"v":772284,"d":"$ 772,284"},"ESTIBAS","Granel Sólido","CARGADO","SI"]
["2026-07-01",85139000,"MANI","CASANARE",85139001,"GUAFALPINTADO","CASANARE",39,"3S2",31,86847,4,1.95,424896,347388,13706.32,10894.77,19802.15,24912.39,{"v":772284,"d":"$ 772,284"},"PLATAFORMA","Granel Sólido","CARGADO","SI"]
["2026-07-01",85139000,"MANI","CASANARE",85139001,"GUAFALPINTADO","CASANARE",39,"3S2",31,85716,4,1.95,422695,342864,13635.32,10838.33,19629.72,24695.45,{"v":765559,"d":"$ 765,559"},"ESTACAS","General","CARGADO","SI"]
["2026-07-01",85139000,"MANI","CASANARE",85139001,"GUAFALPINTADO","CASANARE",39,"3S2",31,100350,4,1.95,451164,401400,14553.68,11568.31,21860.62,27502.06,{"v":852564,"d":"$ 852,564"},"FURGON","General","CARGADO","SI"]
["2026-07-01",85139000,"MANI","CASANARE",85139001,"GUAFALPINTADO","CASANARE",39,"3S2",31,85716,4,1.95,422695,342864,13635.32,10838.33,19629.72,24695.45,{"v":765559,"d":"$ 765,559"},"ESTIBAS","General","CARGADO","SI"]
["2026-07-01",85139000,"MANI","CASANARE",85139001,"GUAFALPINTADO","CASANARE",39,"3S2",31,85716,4,1.95,422695,342864,13635.32,10838.33,19629.72,24695.45,{"v":765559,"d":"$ 765,559"},"PLATAFORMA","General","CARGADO","SI"]
["2026-07-01",85139000,"MANI","CASANARE",85139001,"GUAFALPINTADO","CASANARE",39,"3S2",31,84854,4,1.95,421018,339416,13581.23,10795.33,19498.31,24530.13,{"v":760434,"d":"$ 760,434"},"PORTACONTENEDORES","Contenedor cargado","CARGADO","SI"]
["2026-07-01",85139000,"MANI","CASANARE",85139001,"GUAFALPINTADO","CASANARE",39,"3S2",31,84854,4,1.95,317149,339416,10230.61,8132.03,16835,21179.52,{"v":656565,"d":"$ 656,565"},"PORTACONTENEDORES","Contenedor vacío","CARGADO","SI"]
["2026-07-01",85139000,"MANI","CASANARE",85139001,"GUAFALPINTADO","CASANARE",39,"3S2",31,98908,4,1.95,448358,395632,14463.16,11496.36,21640.77,27225.48,{"v":843990,"d":"$ 843,990"},"TANQUE","Granel líquido","CARGADO","SI"]
["2026-07-01",85139000,"MANI","CASANARE",85139001,"GUAFALPINTADO","CASANARE",39,"3S3",34,146310,4,1.95,646523,585240,19015.38,16577.51,31583.67,36228.32,{"v":1231763,"d":"$ 1,231,763"},"FURGON REFRIGERADO","Carga Refrigerada","CARGADO","SI"]
["2026-07-01",85139000,"MANI","CASANARE",85139001,"GUAFALPINTADO","CASANARE",39,"3S3",34,87862,4,1.95,449489,351448,13220.26,11525.36,20536.85,23556.97,{"v":800937,"d":"$ 800,937"},"ESTACAS","Granel Sólido","CARGADO","SI"]
["2026-07-01",85139000,"MANI","CASANARE",85139001,"GUAFALPINTADO","CASANARE",39,"3S3",34,102788,4,1.95,478525,411152,14074.26,12269.87,22812.23,26166.97,{"v":889677,"d":"$ 889,677"},"FURGON","Granel Sólido","CARGADO","SI"]
["2026-07-01",85139000,"MANI","CASANARE",85139001,"GUAFALPINTADO","CASANARE",39,"3S3",34,89674,4,1.95,455698,358696,13402.88,11684.56,20881.9,23952.76,{"v":814394,"d":"$ 814,394"},"VOLCO","Granel Sólido","CARGADO","SI"]
["2026-07-01",85139000,"MANI","CASANARE",85139001,"GUAFALPINTADO","CASANARE",39,"3S3",34,87862,4,1.95,449489,351448,13220.26,11525.36,20536.85,23556.97,{"v":800937,"d":"$ 800,937"},"ESTIBAS","Granel Sólido","CARGADO","SI"]
["2026-07-01",85139000,"MANI","CASANARE",85139005,"SANTA HELENA DE CUSIVA","CASANARE",47,"2L2 Liviano entre 8 y 9 Tonel.",5,40112,4,4.57,372682,160448,74536.4,7929.4,11343.19,106626,{"v":533130,"d":"$ 533,130"},"ESTACAS","General","CARGADO","SI"]
["2026-07-01",85139000,"MANI","CASANARE",85139005,"SANTA HELENA DE CUSIVA","CASANARE",47,"2L2 Liviano entre 8 y 9 Tonel.",5,41243,4,4.57,377858,164972,75571.6,8039.53,11549.57,108566,{"v":542830,"d":"$ 542,830"},"PLATAFORMA","Granel Sólido","CARGADO","SI"]
["2026-07-01",85139000,"MANI","CASANARE",85139005,"SANTA HELENA DE CUSIVA","CASANARE",47,"2L2 Liviano entre 8 y 9 Tonel.",5,42266,4,4.57,382536,169064,76507.2,8139.06,11736.17,110320,{"v":551600,"d":"$ 551,600"},"FURGON","General","CARGADO","SI"]
["2026-07-01",85139000,"MANI","CASANARE",85139005,"SANTA HELENA DE CUSIVA","CASANARE",47,"2L2 Liviano entre 8 y 9 Tonel.",5,40112,4,4.57,372682,160448,74536.4,7929.4,11343.19,106626,{"v":533130,"d":"$ 533,130"},"ESTIBAS","General","CARGADO","SI"]
["2026-07-01",85139000,"MANI","CASANARE",85139005,"SANTA HELENA DE CUSIVA","CASANARE",47,"2L2 Liviano entre 8 y 9 Tonel.",5,40112,4,4.57,372682,160448,74536.4,7929.4,11343.19,106626,{"v":533130,"d":"$ 533,130"},"PLATAFORMA","General","CARGADO","SI"]
["2026-07-01",85139000,"MANI","CASANARE",85139005,"SANTA HELENA DE CUSIVA","CASANARE",47,"2L1 Liviano entre 9 y 10.5 Tonel.",6,76057,4,4.57,599112,304228,99852,12747.06,19220,150556.67,{"v":903340,"d":"$ 903,340"},"FURGON REFRIGERADO","Carga Refrigerada","CARGADO","SI"]
["2026-07-01",85139000,"MANI","CASANARE",85139005,"SANTA HELENA DE CUSIVA","CASANARE",47,"2L1 Liviano entre 9 y 10.5 Tonel.",6,44306,4,4.57,403870,177224,67311.67,8592.98,12363.7,96849,{"v":581094,"d":"$ 581,094"},"ESTACAS","Granel Sólido","CARGADO","SI"]
["2026-07-01",85139000,"MANI","CASANARE",85139005,"SANTA HELENA DE CUSIVA","CASANARE",47,"2L1 Liviano entre 9 y 10.5 Tonel.",6,47202,4,4.57,417118,188808,69519.67,8874.85,12892.04,100987.67,{"v":605926,"d":"$ 605,926"},"FURGON","Granel Sólido","CARGADO","SI"]
["2026-07-01",85139000,"MANI","CASANARE",85139005,"SANTA HELENA DE CUSIVA","CASANARE",47,"2L1 Liviano entre 9 y 10.5 Tonel.",6,44306,4,4.57,403870,177224,67311.67,8592.98,12363.7,96849,{"v":581094,"d":"$ 581,094"},"ESTIBAS","Granel Sólido","CARGADO","SI"]
["2026-07-01",85139000,"MANI","CASANARE",85139005,"SANTA HELENA DE CUSIVA","CASANARE",47,"2L1 Liviano entre 9 y 10.5 Tonel.",6,44306,4,4.57,403870,177224,67311.67,8592.98,12363.7,96849,{"v":581094,"d":"$ 581,094"},"PLATAFORMA","Granel Sólido","CARGADO","SI"]
["2026-07-01",85139000,"MANI","CASANARE",85139005,"SANTA HELENA DE CUSIVA","CASANARE",47,"2L1 Liviano entre 9 y 10.5 Tonel.",6,43175,4,4.57,398694,172700,66449,8482.85,12157.32,95232.33,{"v":571394,"d":"$ 571,394"},"ESTACAS","General","CARGADO","SI"]
["2026-07-01",85139000,"MANI","CASANARE",85139005,"SANTA HELENA DE CUSIVA","CASANARE",47,"2L1 Liviano entre 9 y 10.5 Tonel.",6,46071,4,4.57,411942,184284,68657,8764.72,12685.66,99371,{"v":596226,"d":"$ 596,226"},"FURGON","General","CARGADO","SI"]
["2026-07-01",85139000,"MANI","CASANARE",85139005,"SANTA HELENA DE CUSIVA","CASANARE",47,"2L1 Liviano entre 9 y 10.5 Tonel.",6,43175,4,4.57,398694,172700,66449,8482.85,12157.32,95232.33,{"v":571394,"d":"$ 571,394"},"ESTIBAS","General","CARGADO","SI"]
["2026-07-01",85139000,"MANI","CASANARE",85139005,"SANTA HELENA DE CUSIVA","CASANARE",47,"2L1 Liviano entre 9 y 10.5 Tonel.",6,43175,4,4.57,398694,172700,66449,8482.85,12157.32,95232.33,{"v":571394,"d":"$ 571,394"},"PLATAFORMA","General","CARGADO","SI"]
["2026-07-01",85139000,"MANI","CASANARE",85139005,"SANTA HELENA DE CUSIVA","CASANARE",47,"3",16,92437,4,3.92,705027,369748,44064.19,15000.57,22867.55,67173.44,{"v":1074775,"d":"$ 1,074,775"},"FURGON REFRIGERADO","Carga Refrigerada","CARGADO","SI"]
["2026-07-01",85139000,"MANI","CASANARE",85139005,"SANTA HELENA DE CUSIVA","CASANARE",47,"3",16,59540,4,3.92,515118,238160,32194.88,10959.96,16027.19,47079.88,{"v":753278,"d":"$ 753,278"},"ESTACAS","Granel Sólido","CARGADO","SI"]
["2026-07-01",85139000,"MANI","CASANARE",85139005,"SANTA HELENA DE CUSIVA","CASANARE",47,"3",16,62802,4,3.92,527915,251208,32994.69,11232.23,16577.09,48695.19,{"v":779123,"d":"$ 779,123"},"FURGON","Granel Sólido","CARGADO","SI"]
["2026-07-01",85139000,"MANI","CASANARE",85139005,"SANTA HELENA DE CUSIVA","CASANARE",47,"3",16,66231,4,3.92,544788,264924,34049.25,11591.23,17227.91,50607,{"v":809712,"d":"$ 809,712"},"VOLCO","Granel Sólido","CARGADO","SI"]
["2026-07-01",85139000,"MANI","CASANARE",85139005,"SANTA HELENA DE CUSIVA","CASANARE",47,"3",16,59540,4,3.92,515118,238160,32194.88,10959.96,16027.19,47079.88,{"v":753278,"d":"$ 753,278"},"ESTIBAS","Granel Sólido","CARGADO","SI"]
["2026-07-01",85139000,"MANI","CASANARE",85139005,"SANTA HELENA DE CUSIVA","CASANARE",47,"3",16,59540,4,3.92,515118,238160,32194.88,10959.96,16027.19,47079.88,{"v":753278,"d":"$ 753,278"},"PLATAFORMA","Granel Sólido","CARGADO","SI"]
["2026-07-01",85139000,"MANI","CASANARE",85139005,"SANTA HELENA DE CUSIVA","CASANARE",47,"3",16,58409,4,3.92,510678,233636,31917.38,10865.49,15836.47,46519.62,{"v":744314,"d":"$ 744,314"},"ESTACAS","General","CARGADO","SI"]
["2026-07-01",85139000,"MANI","CASANARE",85139005,"SANTA HELENA DE CUSIVA","CASANARE",47,"3",16,61671,4,3.92,523475,246684,32717.19,11137.77,16386.36,48134.94,{"v":770159,"d":"$ 770,159"},"FURGON","General","CARGADO","SI"]
["2026-07-01",85139000,"MANI","CASANARE",85139005,"SANTA HELENA DE CUSIVA","CASANARE",47,"3",16,58409,4,3.92,510678,233636,31917.38,10865.49,15836.47,46519.62,{"v":744314,"d":"$ 744,314"},"ESTIBAS","General","CARGADO","SI"]
["2026-07-01",85139000,"MANI","CASANARE",85139005,"SANTA HELENA DE CUSIVA","CASANARE",47,"3",16,58409,4,3.92,510678,233636,31917.38,10865.49,15836.47,46519.62,{"v":744314,"d":"$ 744,314"},"PLATAFORMA","General","CARGADO","SI"]
["2026-07-01",85139000,"MANI","CASANARE",85139005,"SANTA HELENA DE CUSIVA","CASANARE",47,"3",16,58409,4,3.92,510678,233636,31917.38,10865.49,15836.47,46519.62,{"v":744314,"d":"$ 744,314"},"PORTACONTENEDORES","Contenedor cargado","CARGADO","SI"]
["2026-07-01",85139000,"MANI","CASANARE",85139005,"SANTA HELENA DE CUSIVA","CASANARE",47,"3",16,58409,4,3.92,398388,233636,24899.25,8476.34,13447.32,39501.5,{"v":632024,"d":"$ 632,024"},"PORTACONTENEDORES","Contenedor vacío","CARGADO","SI"]
["2026-07-01",85139000,"MANI","CASANARE",85139005,"SANTA HELENA DE CUSIVA","CASANARE",47,"3",16,64943,4,3.92,536317,259772,33519.81,11411,16938.06,49755.56,{"v":796089,"d":"$ 796,089"},"TANQUE","Granel líquido","CARGADO","SI"]
["2026-07-01",85139000,"MANI","CASANARE",85139005,"SANTA HELENA DE CUSIVA","CASANARE",47,"3S2",31,145004,4,3.1,912863,580016,29447.19,19422.62,31763.38,48157.39,{"v":1492879,"d":"$ 1,492,879"},"FURGON REFRIGERADO","Carga Refrigerada","CARGADO","SI"]
["2026-07-01",85139000,"MANI","CASANARE",85139005,"SANTA HELENA DE CUSIVA","CASANARE",47,"3S2",31,86847,4,3.1,648958,347388,20934.13,13807.62,21198.85,32140.19,{"v":996346,"d":"$ 996,346"},"ESTACAS","Granel Sólido","CARGADO","SI"]
["2026-07-01",85139000,"MANI","CASANARE",85139004,"PASO REAL DE GUARIMENA","CASANARE",30,"2L3 Liviano entre 7.5 y 8 Tonel.",6,71753,4,2.96,377444,287012,62907.33,12581.47,22148.53,110742.67,{"v":664456,"d":"$ 664,456"},"FURGON REFRIGERADO","Carga Refrigerada","CARGADO","SI"]
["2026-07-01",85139000,"MANI","CASANARE",85139004,"PASO REAL DE GUARIMENA","CASANARE",30,"2L3 Liviano entre 7.5 y 8 Tonel.",6,40348,4,2.96,234075,161392,39012.5,7802.5,13182.23,65911.17,{"v":395467,"d":"$ 395,467"},"ESTACAS","Granel Sólido","CARGADO","SI"]
["2026-07-01",85139000,"MANI","CASANARE",85139004,"PASO REAL DE GUARIMENA","CASANARE",30,"2L3 Liviano entre 7.5 y 8 Tonel.",6,43458,4,2.96,243737,173832,40622.83,8124.57,13918.97,69594.83,{"v":417569,"d":"$ 417,569"},"FURGON","Granel Sólido","CARGADO","SI"]
["2026-07-01",85139000,"MANI","CASANARE",85139004,"PASO REAL DE GUARIMENA","CASANARE",30,"2L3 Liviano entre 7.5 y 8 Tonel.",6,40348,4,2.96,234536,161392,39089.33,7817.87,13197.6,65988,{"v":395928,"d":"$ 395,928"},"ESTIBAS","Granel Sólido","CARGADO","SI"]
["2026-07-01",85139000,"MANI","CASANARE",85139004,"PASO REAL DE GUARIMENA","CASANARE",30,"2L3 Liviano entre 7.5 y 8 Tonel.",6,40348,4,2.96,234536,161392,39089.33,7817.87,13197.6,65988,{"v":395928,"d":"$ 395,928"},"PLATAFORMA","Granel Sólido","CARGADO","SI"]
["2026-07-01",85139000,"MANI","CASANARE",85139004,"PASO REAL DE GUARIMENA","CASANARE",30,"2L3 Liviano entre 7.5 y 8 Tonel.",6,39217,4,2.96,231189,156868,38531.5,7706.3,12935.23,64676.17,{"v":388057,"d":"$ 388,057"},"ESTACAS","General","CARGADO","SI"]
["2026-07-01",85139000,"MANI","CASANARE",85139004,"PASO REAL DE GUARIMENA","CASANARE",30,"2L3 Liviano entre 7.5 y 8 Tonel.",6,42327,4,2.96,240390,169308,40065,8013,13656.6,68283,{"v":409698,"d":"$ 409,698"},"FURGON","General","CARGADO","SI"]
["2026-07-01",85139000,"MANI","CASANARE",85139004,"PASO REAL DE GUARIMENA","CASANARE",30,"2L3 Liviano entre 7.5 y 8 Tonel.",6,39217,4,2.96,231189,156868,38531.5,7706.3,12935.23,64676.17,{"v":388057,"d":"$ 388,057"},"ESTIBAS","General","CARGADO","SI"]
["2026-07-01",85139000,"MANI","CASANARE",85139004,"PASO REAL DE GUARIMENA","CASANARE",30,"2L3 Liviano entre 7.5 y 8 Tonel.",6,39217,4,2.96,231189,156868,38531.5,7706.3,12935.23,64676.17,{"v":388057,"d":"$ 388,057"},"PLATAFORMA","General","CARGADO","SI"]
["2026-07-01",85139000,"MANI","CASANARE",85139004,"PASO REAL DE GUARIMENA","CASANARE",30,"2_8_105",5.4,70516,4,2.96,384429,282064,71190.56,12814.3,22216.43,123424.63,{"v":666493,"d":"$ 666,493"},"FURGON REFRIGERADO","Carga Refrigerada","CARGADO","SI"]
["2026-07-01",85139000,"MANI","CASANARE",85139004,"PASO REAL DE GUARIMENA","CASANARE",30,"2_8_105",5.4,41061,4,2.96,251456,164244,46565.93,8381.87,13856.67,76981.48,{"v":415700,"d":"$ 415,700"},"ESTACAS","Granel Sólido","CARGADO","SI"]
["2026-07-01",85139000,"MANI","CASANARE",85139004,"PASO REAL DE GUARIMENA","CASANARE",30,"2_8_105",5.4,43798,4,2.96,259552,175192,48065.19,8651.73,14491.47,80508.15,{"v":434744,"d":"$ 434,744"},"FURGON","Granel Sólido","CARGADO","SI"]
["2026-07-01",85139000,"MANI","CASANARE",85139004,"PASO REAL DE GUARIMENA","CASANARE",30,"2_8_105",5.4,41061,4,2.96,251456,164244,46565.93,8381.87,13856.67,76981.48,{"v":415700,"d":"$ 415,700"},"ESTIBAS","Granel Sólido","CARGADO","SI"]
["2026-07-01",85139000,"MANI","CASANARE",85139004,"PASO REAL DE GUARIMENA","CASANARE",30,"2_8_105",5.4,41061,4,2.96,251456,164244,46565.93,8381.87,13856.67,76981.48,{"v":415700,"d":"$ 415,700"},"PLATAFORMA","Granel Sólido","CARGADO","SI"]
["2026-07-01",85139000,"MANI","CASANARE",85139004,"PASO REAL DE GUARIMENA","CASANARE",30,"2_8_105",5.4,39930,4,2.96,248109,159720,45946.11,8270.3,13594.3,75523.89,{"v":407829,"d":"$ 407,829"},"ESTACAS","General","CARGADO","SI"]
["2026-07-01",85139000,"MANI","CASANARE",85139004,"PASO REAL DE GUARIMENA","CASANARE",30,"2_8_105",5.4,42101,4,2.96,254533,168404,47135.74,8484.43,14097.9,78321.67,{"v":422937,"d":"$ 422,937"},"FURGON","General","CARGADO","SI"]
["2026-07-01",85139000,"MANI","CASANARE",85139004,"PASO REAL DE GUARIMENA","CASANARE",30,"2_8_105",5.4,40495,4,2.96,249780,161980,46255.56,8326,13725.33,76251.85,{"v":411760,"d":"$ 411,760"},"ESTIBAS","General","CARGADO","SI"]
["2026-07-01",85139000,"MANI","CASANARE",85139004,"PASO REAL DE GUARIMENA","CASANARE",30,"2_8_105",5.4,39930,4,2.96,248109,159720,45946.11,8270.3,13594.3,75523.89,{"v":407829,"d":"$ 407,829"},"PLATAFORMA","General","CARGADO","SI"]
["2026-07-01",85139000,"MANI","CASANARE",85139004,"PASO REAL DE GUARIMENA","CASANARE",30,"2L2 Liviano entre 8 y 9 Tonel.",5,72221,4,2.96,385888,288884,77177.6,12862.93,22492.4,134954.4,{"v":674772,"d":"$ 674,772"},"FURGON REFRIGERADO","Carga Refrigerada","CARGADO","SI"]
["2026-07-01",85139000,"MANI","CASANARE",85139004,"PASO REAL DE GUARIMENA","CASANARE",30,"2L2 Liviano entre 8 y 9 Tonel.",5,41243,4,2.96,244243,164972,48848.6,8141.43,13640.5,81843,{"v":409215,"d":"$ 409,215"},"ESTACAS","Granel Sólido","CARGADO","SI"]
["2026-07-01",85139000,"MANI","CASANARE",85139004,"PASO REAL DE GUARIMENA","CASANARE",30,"2L2 Liviano entre 8 y 9 Tonel.",5,43397,4,2.96,250615,173588,50123,8353.83,14140.1,84840.6,{"v":424203,"d":"$ 424,203"},"FURGON","Granel Sólido","CARGADO","SI"]
["2026-07-01",85139000,"MANI","CASANARE",85139004,"PASO REAL DE GUARIMENA","CASANARE",30,"2L2 Liviano entre 8 y 9 Tonel.",5,41243,4,2.96,244243,164972,48848.6,8141.43,13640.5,81843,{"v":409215,"d":"$ 409,215"},"ESTIBAS","Granel Sólido","CARGADO","SI"]
["2026-07-01",85139000,"MANI","CASANARE",85139004,"PASO REAL DE GUARIMENA","CASANARE",30,"2L2 Liviano entre 8 y 9 Tonel.",5,41243,4,2.96,244243,164972,48848.6,8141.43,13640.5,81843,{"v":409215,"d":"$ 409,215"},"PLATAFORMA","Granel Sólido","CARGADO","SI"]
["2026-07-01",85139000,"MANI","CASANARE",85139004,"PASO REAL DE GUARIMENA","CASANARE",30,"2L2 Liviano entre 8 y 9 Tonel.",5,40112,4,2.96,240895,160448,48179,8029.83,13378.1,80268.6,{"v":401343,"d":"$ 401,343"},"ESTACAS","General","CARGADO","SI"]
["2026-07-01",85139000,"MANI","CASANARE",85139004,"PASO REAL DE GUARIMENA","CASANARE",30,"2L2 Liviano entre 8 y 9 Tonel.",5,42266,4,2.96,247268,169064,49453.6,8242.27,13877.73,83266.4,{"v":416332,"d":"$ 416,332"},"FURGON","General","CARGADO","SI"]
["2026-07-01",85139000,"MANI","CASANARE",85139004,"PASO REAL DE GUARIMENA","CASANARE",30,"2L2 Liviano entre 8 y 9 Tonel.",5,40112,4,2.96,240895,160448,48179,8029.83,13378.1,80268.6,{"v":401343,"d":"$ 401,343"},"ESTIBAS","General","CARGADO","SI"]
["2026-07-01",85139000,"MANI","CASANARE",85139004,"PASO REAL DE GUARIMENA","CASANARE",30,"2L2 Liviano entre 8 y 9 Tonel.",5,40112,4,2.96,240895,160448,48179,8029.83,13378.1,80268.6,{"v":401343,"d":"$ 401,343"},"PLATAFORMA","General","CARGADO","SI"]
["2026-07-01",85139000,"MANI","CASANARE",85139006,"SAN JOAQUIN DE GARIBAY","CASANARE",50,"2S2",22,61871,4,1.89,253046,247484,11502.09,5060.92,10010.6,22751.36,{"v":500530,"d":"$ 500,530"},"PORTACONTENEDORES","Contenedor vacío","CARGADO","SI"]
["2026-07-01",85139000,"MANI","CASANARE",85139006,"SAN JOAQUIN DE GARIBAY","CASANARE",50,"2S2",22,75644,4,1.89,355631,302576,16165.05,7112.62,13164.14,29918.5,{"v":658207,"d":"$ 658,207"},"TANQUE","Granel líquido","CARGADO","SI"]
["2026-07-01",85139000,"MANI","CASANARE",85139006,"SAN JOAQUIN DE GARIBAY","CASANARE",50,"2S3",27,120421,4,1.89,529523,481684,19611.96,10590.46,20224.14,37452.11,{"v":1011207,"d":"$ 1,011,207"},"FURGON REFRIGERADO","Carga Refrigerada","CARGADO","SI"]
["2026-07-01",85139000,"MANI","CASANARE",85139006,"SAN JOAQUIN DE GARIBAY","CASANARE",50,"2S3",27,64983,4,1.89,341520,259932,12648.89,6830.4,12029.04,22276,{"v":601452,"d":"$ 601,452"},"ESTACAS","Granel Sólido","CARGADO","SI"]
["2026-07-01",85139000,"MANI","CASANARE",85139006,"SAN JOAQUIN DE GARIBAY","CASANARE",50,"2S3",27,79136,4,1.89,368242,316544,13638.59,7364.84,13695.72,25362.44,{"v":684786,"d":"$ 684,786"},"FURGON","Granel Sólido","CARGADO","SI"]
["2026-07-01",85139000,"MANI","CASANARE",85139006,"SAN JOAQUIN DE GARIBAY","CASANARE",50,"2S3",27,64983,4,1.89,341520,259932,12648.89,6830.4,12029.04,22276,{"v":601452,"d":"$ 601,452"},"ESTIBAS","Granel Sólido","CARGADO","SI"]
["2026-07-01",85139000,"MANI","CASANARE",85139006,"SAN JOAQUIN DE GARIBAY","CASANARE",50,"2S3",27,64983,4,1.89,341520,259932,12648.89,6830.4,12029.04,22276,{"v":601452,"d":"$ 601,452"},"PLATAFORMA","Granel Sólido","CARGADO","SI"]
["2026-07-01",85139000,"MANI","CASANARE",85139006,"SAN JOAQUIN DE GARIBAY","CASANARE",50,"2S3",27,63851,4,1.89,339384,255404,12569.78,6787.68,11895.76,22029.19,{"v":594788,"d":"$ 594,788"},"ESTACAS","General","CARGADO","SI"]
["2026-07-01",85139000,"MANI","CASANARE",85139006,"SAN JOAQUIN DE GARIBAY","CASANARE",50,"2S3",27,78005,4,1.89,366106,312020,13559.48,7322.12,13562.52,25115.78,{"v":678126,"d":"$ 678,126"},"FURGON","General","CARGADO","SI"]
["2026-07-01",85139000,"MANI","CASANARE",85139006,"SAN JOAQUIN DE GARIBAY","CASANARE",50,"2S3",27,63851,4,1.89,339384,255404,12569.78,6787.68,11895.76,22029.19,{"v":594788,"d":"$ 594,788"},"ESTIBAS","General","CARGADO","SI"]
["2026-07-01",85139000,"MANI","CASANARE",85139006,"SAN JOAQUIN DE GARIBAY","CASANARE",50,"2S3",27,63851,4,1.89,339384,255404,12569.78,6787.68,11895.76,22029.19,{"v":594788,"d":"$ 594,788"},"PLATAFORMA","General","CARGADO","SI"]
["2026-07-01",85139000,"MANI","CASANARE",85139006,"SAN JOAQUIN DE GARIBAY","CASANARE",50,"2S3",27,62754,4,1.89,259366,251016,9606.15,5187.32,10207.64,18903.04,{"v":510382,"d":"$ 510,382"},"PORTACONTENEDORES","Contenedor vacío","CARGADO","SI"]
["2026-07-01",85139000,"MANI","CASANARE",85139006,"SAN JOAQUIN DE GARIBAY","CASANARE",50,"2S3",27,75310,4,1.89,361018,301240,13371.04,7220.36,13245.16,24528.07,{"v":662258,"d":"$ 662,258"},"TANQUE","Granel líquido","CARGADO","SI"]
["2026-07-01",85139000,"MANI","CASANARE",85139006,"SAN JOAQUIN DE GARIBAY","CASANARE",50,"2_5_8",3.4,64759,4,2.64,330255,259036,97133.82,6605.1,11785.82,173320.88,{"v":589291,"d":"$ 589,291"},"FURGON REFRIGERADO","Carga Refrigerada","CARGADO","SI"]
["2026-07-01",85139000,"MANI","CASANARE",85139006,"SAN JOAQUIN DE GARIBAY","CASANARE",50,"2_5_8",3.4,39821,4,2.64,228656,159284,67251.76,4573.12,7758.8,114100,{"v":387940,"d":"$ 387,940"},"FURGON","Granel Sólido","CARGADO","SI"]
["2026-07-01",85139000,"MANI","CASANARE",85139006,"SAN JOAQUIN DE GARIBAY","CASANARE",50,"2S3",27,66706,4,1.89,348271,266824,12898.93,6965.42,12301.9,22781.3,{"v":615095,"d":"$ 615,095"},"VOLCO","Granel Sólido","CARGADO","SI"]
["2026-07-01",85139000,"MANI","CASANARE",85139006,"SAN JOAQUIN DE GARIBAY","CASANARE",50,"2S3",27,62754,4,1.89,337312,251016,12493.04,6746.24,11766.56,21789.93,{"v":588328,"d":"$ 588,328"},"PORTACONTENEDORES","Contenedor cargado","CARGADO","SI"]
["2026-07-01",85139000,"MANI","CASANARE",85139006,"SAN JOAQUIN DE GARIBAY","CASANARE",50,"2_5_8",3.4,37352,4,2.64,221397,149408,65116.76,4427.94,7416.1,109060.29,{"v":370805,"d":"$ 370,805"},"ESTACAS","Granel Sólido","CARGADO","SI"]
["2026-07-01",85139000,"MANI","CASANARE",85139006,"SAN JOAQUIN DE GARIBAY","CASANARE",50,"2_5_8",3.4,37352,4,2.64,222146,149408,65337.06,4442.92,7431.08,109280.59,{"v":371554,"d":"$ 371,554"},"ESTIBAS","Granel Sólido","CARGADO","SI"]
["2026-07-01",85139000,"MANI","CASANARE",85139006,"SAN JOAQUIN DE GARIBAY","CASANARE",50,"2_5_8",3.4,37352,4,2.64,222146,149408,65337.06,4442.92,7431.08,109280.59,{"v":371554,"d":"$ 371,554"},"PLATAFORMA","Granel Sólido","CARGADO","SI"]
["2026-07-01",85139000,"MANI","CASANARE",85139006,"SAN JOAQUIN DE GARIBAY","CASANARE",50,"2_5_8",3.4,36221,4,2.64,219162,144884,64459.41,4383.24,7280.92,107072.35,{"v":364046,"d":"$ 364,046"},"ESTACAS","General","CARGADO","SI"]
["2026-07-01",85139000,"MANI","CASANARE",85139006,"SAN JOAQUIN DE GARIBAY","CASANARE",50,"2_5_8",3.4,38689,4,2.64,225672,154756,66374.12,4513.44,7608.56,111890.59,{"v":380428,"d":"$ 380,428"},"FURGON","General","CARGADO","SI"]
["2026-07-01",85139000,"MANI","CASANARE",85139006,"SAN JOAQUIN DE GARIBAY","CASANARE",50,"2_5_8",3.4,36221,4,2.64,219162,144884,64459.41,4383.24,7280.92,107072.35,{"v":364046,"d":"$ 364,046"},"ESTIBAS","General","CARGADO","SI"]
["2026-07-01",85139000,"MANI","CASANARE",85139006,"SAN JOAQUIN DE GARIBAY","CASANARE",50,"2_5_8",3.4,36221,4,2.64,219162,144884,64459.41,4383.24,7280.92,107072.35,{"v":364046,"d":"$ 364,046"},"PLATAFORMA","General","CARGADO","SI"]
["2026-07-01",85139000,"MANI","CASANARE",85139006,"SAN JOAQUIN DE GARIBAY","CASANARE",50,"2L3 Liviano entre 7.5 y 8 Tonel.",6,71753,4,2.64,368059,287012,61343.17,7361.18,13101.42,109178.5,{"v":655071,"d":"$ 655,071"},"FURGON REFRIGERADO","Carga Refrigerada","CARGADO","SI"]
["2026-07-01",85139000,"MANI","CASANARE",85139006,"SAN JOAQUIN DE GARIBAY","CASANARE",50,"2L3 Liviano entre 7.5 y 8 Tonel.",6,40348,4,2.64,234492,161392,39082,4689.84,7917.68,65980.67,{"v":395884,"d":"$ 395,884"},"ESTACAS","Granel Sólido","CARGADO","SI"]
["2026-07-01",85139000,"MANI","CASANARE",85139006,"SAN JOAQUIN DE GARIBAY","CASANARE",50,"2L3 Liviano entre 7.5 y 8 Tonel.",6,43458,4,2.64,243443,173832,40573.83,4868.86,8345.5,69545.83,{"v":417275,"d":"$ 417,275"},"FURGON","Granel Sólido","CARGADO","SI"]
["2026-07-01",85139000,"MANI","CASANARE",85139006,"SAN JOAQUIN DE GARIBAY","CASANARE",50,"2L3 Liviano entre 7.5 y 8 Tonel.",6,40348,4,2.64,235241,161392,39206.83,4704.82,7932.66,66105.5,{"v":396633,"d":"$ 396,633"},"ESTIBAS","Granel Sólido","CARGADO","SI"]
["2026-07-01",85139000,"MANI","CASANARE",85139006,"SAN JOAQUIN DE GARIBAY","CASANARE",50,"2L3 Liviano entre 7.5 y 8 Tonel.",6,40348,4,2.64,235241,161392,39206.83,4704.82,7932.66,66105.5,{"v":396633,"d":"$ 396,633"},"PLATAFORMA","Granel Sólido","CARGADO","SI"]
["2026-07-01",85139000,"MANI","CASANARE",85139006,"SAN JOAQUIN DE GARIBAY","CASANARE",50,"2L3 Liviano entre 7.5 y 8 Tonel.",6,39217,4,2.64,232257,156868,38709.5,4645.14,7782.5,64854.17,{"v":389125,"d":"$ 389,125"},"ESTACAS","General","CARGADO","SI"]
["2026-07-01",85139000,"MANI","CASANARE",85139006,"SAN JOAQUIN DE GARIBAY","CASANARE",50,"2L3 Liviano entre 7.5 y 8 Tonel.",6,42327,4,2.64,240459,169308,40076.5,4809.18,8195.34,68294.5,{"v":409767,"d":"$ 409,767"},"FURGON","General","CARGADO","SI"]
["2026-07-01",85139006,"SAN JOAQUIN DE GARIBAY","CASANARE",85139000,"MANI","CASANARE",50,"3S2",31,85716,4,2.08,470841,342864,15188.42,9416.82,16274.1,26248.55,{"v":813705,"d":"$ 813,705"},"PLATAFORMA","General","CARGADO","SI"]
["2026-07-01",85139006,"SAN JOAQUIN DE GARIBAY","CASANARE",85139000,"MANI","CASANARE",50,"3S2",31,85716,4,2.08,470841,342864,15188.42,9416.82,16274.1,26248.55,{"v":813705,"d":"$ 813,705"},"ESTACAS","General","CARGADO","SI"]
["2026-07-01",85139006,"SAN JOAQUIN DE GARIBAY","CASANARE",85139000,"MANI","CASANARE",50,"3S2",31,100350,4,2.08,501275,401400,16170.16,10025.5,18053.5,29118.55,{"v":902675,"d":"$ 902,675"},"FURGON","General","CARGADO","SI"]
["2026-07-01",85139006,"SAN JOAQUIN DE GARIBAY","CASANARE",85139000,"MANI","CASANARE",50,"3S2",31,85716,4,2.08,470841,342864,15188.42,9416.82,16274.1,26248.55,{"v":813705,"d":"$ 813,705"},"ESTIBAS","General","CARGADO","SI"]
["2026-07-01",85139006,"SAN JOAQUIN DE GARIBAY","CASANARE",85139000,"MANI","CASANARE",50,"3S2",31,84854,4,2.08,469048,339416,15130.58,9380.96,16169.28,26079.48,{"v":808464,"d":"$ 808,464"},"PORTACONTENEDORES","Contenedor cargado","CARGADO","SI"]
["2026-07-01",85139006,"SAN JOAQUIN DE GARIBAY","CASANARE",85139000,"MANI","CASANARE",50,"3S2",31,84854,4,2.08,355699,339416,11474.16,7113.98,13902.3,22423.06,{"v":695115,"d":"$ 695,115"},"PORTACONTENEDORES","Contenedor vacío","CARGADO","SI"]
["2026-07-01",85139006,"SAN JOAQUIN DE GARIBAY","CASANARE",85139000,"MANI","CASANARE",50,"3S2",31,98908,4,2.08,498276,395632,16073.42,9965.52,17878.16,28835.74,{"v":893908,"d":"$ 893,908"},"TANQUE","Granel líquido","CARGADO","SI"]
["2026-07-01",85139006,"SAN JOAQUIN DE GARIBAY","CASANARE",85139000,"MANI","CASANARE",50,"3S3",34,146310,4,2.08,707332,585240,20803.88,14146.64,25851.44,38016.82,{"v":1292572,"d":"$ 1,292,572"},"FURGON REFRIGERADO","Carga Refrigerada","CARGADO","SI"]
["2026-07-01",85139006,"SAN JOAQUIN DE GARIBAY","CASANARE",85139000,"MANI","CASANARE",50,"3S3",34,87862,4,2.08,502448,351448,14777.88,10048.96,17077.92,25114.59,{"v":853896,"d":"$ 853,896"},"ESTACAS","Granel Sólido","CARGADO","SI"]
["2026-07-01",85139006,"SAN JOAQUIN DE GARIBAY","CASANARE",85139000,"MANI","CASANARE",50,"3S3",34,102788,4,2.08,533489,411152,15690.85,10669.78,18892.82,27783.56,{"v":944641,"d":"$ 944,641"},"FURGON","Granel Sólido","CARGADO","SI"]
["2026-07-01",85139006,"SAN JOAQUIN DE GARIBAY","CASANARE",85139000,"MANI","CASANARE",50,"3S3",34,89674,4,2.08,509676,358696,14990.47,10193.52,17367.44,25540.35,{"v":868372,"d":"$ 868,372"},"VOLCO","Granel Sólido","CARGADO","SI"]
["2026-07-01",85139006,"SAN JOAQUIN DE GARIBAY","CASANARE",85139000,"MANI","CASANARE",50,"3S3",34,87862,4,2.08,502448,351448,14777.88,10048.96,17077.92,25114.59,{"v":853896,"d":"$ 853,896"},"ESTIBAS","Granel Sólido","CARGADO","SI"]
["2026-07-01",85139006,"SAN JOAQUIN DE GARIBAY","CASANARE",85139000,"MANI","CASANARE",50,"3S3",34,87862,4,2.08,502448,351448,14777.88,10048.96,17077.92,25114.59,{"v":853896,"d":"$ 853,896"},"PLATAFORMA","Granel Sólido","CARGADO","SI"]
["2026-07-01",85139006,"SAN JOAQUIN DE GARIBAY","CASANARE",85139000,"MANI","CASANARE",50,"3S3",34,86730,4,2.08,500095,346920,14708.68,10001.9,16940.3,24912.21,{"v":847015,"d":"$ 847,015"},"ESTACAS","General","CARGADO","SI"]
["2026-07-01",85139006,"SAN JOAQUIN DE GARIBAY","CASANARE",85139000,"MANI","CASANARE",50,"3S3",34,101656,4,2.08,531136,406624,15621.65,10622.72,18755.2,27581.18,{"v":937760,"d":"$ 937,760"},"FURGON","General","CARGADO","SI"]
["2026-07-01",85139006,"SAN JOAQUIN DE GARIBAY","CASANARE",85139000,"MANI","CASANARE",50,"3S3",34,86730,4,2.08,500095,346920,14708.68,10001.9,16940.3,24912.21,{"v":847015,"d":"$ 847,015"},"ESTIBAS","General","CARGADO","SI"]
["2026-07-01",85139006,"SAN JOAQUIN DE GARIBAY","CASANARE",85139000,"MANI","CASANARE",50,"3S3",34,86730,4,2.08,500095,346920,14708.68,10001.9,16940.3,24912.21,{"v":847015,"d":"$ 847,015"},"PLATAFORMA","General","CARGADO","SI"]
["2026-07-01",85139006,"SAN JOAQUIN DE GARIBAY","CASANARE",85139000,"MANI","CASANARE",50,"3S3",34,85728,4,2.08,498011,342912,14647.38,9960.22,16818.46,24733.03,{"v":840923,"d":"$ 840,923"},"PORTACONTENEDORES","Contenedor cargado","CARGADO","SI"]
["2026-07-01",85139006,"SAN JOAQUIN DE GARIBAY","CASANARE",85139000,"MANI","CASANARE",50,"3S3",34,85728,4,2.08,377982,342912,11117.12,7559.64,14417.88,21202.76,{"v":720894,"d":"$ 720,894"},"PORTACONTENEDORES","Contenedor vacío","CARGADO","SI"]
["2026-07-01",85139006,"SAN JOAQUIN DE GARIBAY","CASANARE",85139000,"MANI","CASANARE",50,"3S3",34,98323,4,2.08,524204,393292,15417.76,10484.08,18349.92,26985.18,{"v":917496,"d":"$ 917,496"},"TANQUE","Granel líquido","CARGADO","SI"]
["2026-07-01",85139006,"SAN JOAQUIN DE GARIBAY","CASANARE",85139000,"MANI","CASANARE",50,"CA",5,61390,4,2.64,295802,245560,59160.4,5916.04,10827.24,108272.4,{"v":541362,"d":"$ 541,362"},"FURGON REFRIGERADO","Carga Refrigerada","CARGADO","SI"]
["2026-07-01",85139006,"SAN JOAQUIN DE GARIBAY","CASANARE",85139000,"MANI","CASANARE",50,"CA",5,35954,4,2.64,200381,143816,40076.2,4007.62,6883.94,68839.4,{"v":344197,"d":"$ 344,197"},"ESTACAS","Granel Sólido","CARGADO","SI"]
["2026-07-01",85139006,"SAN JOAQUIN DE GARIBAY","CASANARE",85139000,"MANI","CASANARE",50,"CA",5,38189,4,2.64,207035,152756,41407,4140.7,7195.82,71958.2,{"v":359791,"d":"$ 359,791"},"FURGON","Granel Sólido","CARGADO","SI"]
["2026-07-01",85139006,"SAN JOAQUIN DE GARIBAY","CASANARE",85139000,"MANI","CASANARE",50,"CA",5,35954,4,2.64,201133,143816,40226.6,4022.66,6898.98,68989.8,{"v":344949,"d":"$ 344,949"},"ESTIBAS","Granel Sólido","CARGADO","SI"]
["2026-07-01",85139006,"SAN JOAQUIN DE GARIBAY","CASANARE",85139000,"MANI","CASANARE",50,"CA",5,35954,4,2.64,201133,143816,40226.6,4022.66,6898.98,68989.8,{"v":344949,"d":"$ 344,949"},"PLATAFORMA","Granel Sólido","CARGADO","SI"]
["2026-07-01",85139006,"SAN JOAQUIN DE GARIBAY","CASANARE",85139000,"MANI","CASANARE",50,"CA",5,34822,4,2.64,198145,139288,39629,3962.9,6748.66,67486.6,{"v":337433,"d":"$ 337,433"},"ESTACAS","General","CARGADO","SI"]
["2026-07-01",85139006,"SAN JOAQUIN DE GARIBAY","CASANARE",85139000,"MANI","CASANARE",50,"CA",5,37057,4,2.64,204047,148228,40809.4,4080.94,7045.5,70455,{"v":352275,"d":"$ 352,275"},"FURGON","General","CARGADO","SI"]
["2026-07-01",85139006,"SAN JOAQUIN DE GARIBAY","CASANARE",85139000,"MANI","CASANARE",50,"CA",5,34822,4,2.64,198145,139288,39629,3962.9,6748.66,67486.6,{"v":337433,"d":"$ 337,433"},"ESTIBAS","General","CARGADO","SI"]
["2026-07-01",85139006,"SAN JOAQUIN DE GARIBAY","CASANARE",85139000,"MANI","CASANARE",50,"CA",5,34822,4,2.64,198145,139288,39629,3962.9,6748.66,67486.6,{"v":337433,"d":"$ 337,433"},"PLATAFORMA","General","CARGADO","SI"]
["2026-07-01",85139006,"SAN JOAQUIN DE GARIBAY","CASANARE",85139000,"MANI","CASANARE",50,"V2",17.5,57575,4,3.08,358291,230300,20473.77,7165.82,11771.82,33633.77,{"v":588591,"d":"$ 588,591"},"VOLCO","Granel Sólido","CARGADO","SI"]
["2026-07-01",85001011,"LA LLANERITA","CASANARE",85139000,"MANI","CASANARE",32,"2_8_105",5.4,39930,4,2.9,246186,159720,45590,7693.31,12684.56,75167.78,{"v":405906,"d":"$ 405,906"},"ESTACAS","General","CARGADO","SI"]
["2026-07-01",85001011,"LA LLANERITA","CASANARE",85139000,"MANI","CASANARE",32,"2_8_105",5.4,43798,4,2.9,257387,175192,47664.26,8043.34,13518.09,80107.22,{"v":432579,"d":"$ 432,579"},"FURGON","Granel Sólido","CARGADO","SI"]
["2026-07-01",85001011,"LA LLANERITA","CASANARE",85139000,"MANI","CASANARE",32,"2_8_105",5.4,41061,4,2.9,249462,164244,46196.67,7795.69,12928.31,76612.22,{"v":413706,"d":"$ 413,706"},"ESTIBAS","Granel Sólido","CARGADO","SI"]
["2026-07-01",85001011,"LA LLANERITA","CASANARE",85139000,"MANI","CASANARE",32,"2_8_105",5.4,41061,4,2.9,249462,164244,46196.67,7795.69,12928.31,76612.22,{"v":413706,"d":"$ 413,706"},"PLATAFORMA","Granel Sólido","CARGADO","SI"]
["2026-07-01",85001011,"LA LLANERITA","CASANARE",85139000,"MANI","CASANARE",32,"2_8_105",5.4,42101,4,2.9,252474,168404,46754.44,7889.81,13152.44,77940.37,{"v":420878,"d":"$ 420,878"},"FURGON","General","CARGADO","SI"]
["2026-07-01",85001011,"LA LLANERITA","CASANARE",85139000,"MANI","CASANARE",32,"2_8_105",5.4,40495,4,2.9,247822,161980,45892.96,7744.44,12806.31,75889.26,{"v":409802,"d":"$ 409,802"},"ESTIBAS","General","CARGADO","SI"]
["2026-07-01",85001011,"LA LLANERITA","CASANARE",85139000,"MANI","CASANARE",32,"2_8_105",5.4,39930,4,2.9,246186,159720,45590,7693.31,12684.56,75167.78,{"v":405906,"d":"$ 405,906"},"PLATAFORMA","General","CARGADO","SI"]
["2026-07-01",85001011,"LA LLANERITA","CASANARE",85139000,"MANI","CASANARE",32,"2L2 Liviano entre 8 y 9 Tonel.",5,72221,4,2.9,381906,288884,76381.2,11934.56,20962.19,134158,{"v":670790,"d":"$ 670,790"},"FURGON REFRIGERADO","Carga Refrigerada","CARGADO","SI"]
["2026-07-01",85001011,"LA LLANERITA","CASANARE",85139000,"MANI","CASANARE",32,"2L2 Liviano entre 8 y 9 Tonel.",5,41243,4,2.9,242199,164972,48439.8,7568.72,12724.09,81434.2,{"v":407171,"d":"$ 407,171"},"ESTACAS","Granel Sólido","CARGADO","SI"]
["2026-07-01",85001011,"LA LLANERITA","CASANARE",85139000,"MANI","CASANARE",32,"2L2 Liviano entre 8 y 9 Tonel.",5,43397,4,2.9,248437,173588,49687.4,7763.66,13188.28,84405,{"v":422025,"d":"$ 422,025"},"FURGON","Granel Sólido","CARGADO","SI"]
["2026-07-01",85001011,"LA LLANERITA","CASANARE",85139000,"MANI","CASANARE",32,"2L2 Liviano entre 8 y 9 Tonel.",5,41243,4,2.9,242199,164972,48439.8,7568.72,12724.09,81434.2,{"v":407171,"d":"$ 407,171"},"ESTIBAS","Granel Sólido","CARGADO","SI"]
["2026-07-01",85001011,"LA LLANERITA","CASANARE",85139000,"MANI","CASANARE",32,"2L2 Liviano entre 8 y 9 Tonel.",5,41243,4,2.9,242199,164972,48439.8,7568.72,12724.09,81434.2,{"v":407171,"d":"$ 407,171"},"PLATAFORMA","Granel Sólido","CARGADO","SI"]
["2026-07-01",85001011,"LA LLANERITA","CASANARE",85139000,"MANI","CASANARE",32,"2L2 Liviano entre 8 y 9 Tonel.",5,40112,4,2.9,238923,160448,47784.6,7466.34,12480.34,79874.2,{"v":399371,"d":"$ 399,371"},"ESTACAS","General","CARGADO","SI"]
["2026-07-01",85001011,"LA LLANERITA","CASANARE",85139000,"MANI","CASANARE",32,"2L2 Liviano entre 8 y 9 Tonel.",5,42266,4,2.9,245160,169064,49032,7661.25,12944.5,82844.8,{"v":414224,"d":"$ 414,224"},"FURGON","General","CARGADO","SI"]
["2026-07-01",85001011,"LA LLANERITA","CASANARE",85139000,"MANI","CASANARE",32,"2L2 Liviano entre 8 y 9 Tonel.",5,40112,4,2.9,238923,160448,47784.6,7466.34,12480.34,79874.2,{"v":399371,"d":"$ 399,371"},"ESTIBAS","General","CARGADO","SI"]
["2026-07-01",85001011,"LA LLANERITA","CASANARE",85139000,"MANI","CASANARE",32,"2L2 Liviano entre 8 y 9 Tonel.",5,40112,4,2.9,238923,160448,47784.6,7466.34,12480.34,79874.2,{"v":399371,"d":"$ 399,371"},"PLATAFORMA","General","CARGADO","SI"]
["2026-07-01",85001011,"LA LLANERITA","CASANARE",85139000,"MANI","CASANARE",32,"2L1 Liviano entre 9 y 10.5 Tonel.",6,76057,4,2.9,400805,304228,66800.83,12525.16,22032.28,117505.5,{"v":705033,"d":"$ 705,033"},"FURGON REFRIGERADO","Carga Refrigerada","CARGADO","SI"]
["2026-07-01",85001011,"LA LLANERITA","CASANARE",85139000,"MANI","CASANARE",32,"2L1 Liviano entre 9 y 10.5 Tonel.",6,44306,4,2.9,258860,177224,43143.33,8089.38,13627.62,72680.67,{"v":436084,"d":"$ 436,084"},"ESTACAS","Granel Sólido","CARGADO","SI"]
["2026-07-01",85001011,"LA LLANERITA","CASANARE",85139000,"MANI","CASANARE",32,"2L1 Liviano entre 9 y 10.5 Tonel.",6,47202,4,2.9,267246,188808,44541,8351.44,14251.69,76009,{"v":456054,"d":"$ 456,054"},"FURGON","Granel Sólido","CARGADO","SI"]
["2026-07-01",85001011,"LA LLANERITA","CASANARE",85139000,"MANI","CASANARE",32,"2L1 Liviano entre 9 y 10.5 Tonel.",6,44306,4,2.9,258860,177224,43143.33,8089.38,13627.62,72680.67,{"v":436084,"d":"$ 436,084"},"ESTIBAS","Granel Sólido","CARGADO","SI"]
["2026-07-01",85001011,"LA LLANERITA","CASANARE",85139000,"MANI","CASANARE",32,"2L1 Liviano entre 9 y 10.5 Tonel.",6,44306,4,2.9,258860,177224,43143.33,8089.38,13627.62,72680.67,{"v":436084,"d":"$ 436,084"},"PLATAFORMA","Granel Sólido","CARGADO","SI"]
["2026-07-01",85001011,"LA LLANERITA","CASANARE",85139000,"MANI","CASANARE",32,"2L1 Liviano entre 9 y 10.5 Tonel.",6,43175,4,2.9,255583,172700,42597.17,7986.97,13383.84,71380.5,{"v":428283,"d":"$ 428,283"},"ESTACAS","General","CARGADO","SI"]
["2026-07-01",85001011,"LA LLANERITA","CASANARE",85139000,"MANI","CASANARE",32,"2L1 Liviano entre 9 y 10.5 Tonel.",6,46071,4,2.9,263970,184284,43995,8249.06,14007.94,74709,{"v":448254,"d":"$ 448,254"},"FURGON","General","CARGADO","SI"]
["2026-07-01",85001011,"LA LLANERITA","CASANARE",85139000,"MANI","CASANARE",32,"2L1 Liviano entre 9 y 10.5 Tonel.",6,43175,4,2.9,255583,172700,42597.17,7986.97,13383.84,71380.5,{"v":428283,"d":"$ 428,283"},"ESTIBAS","General","CARGADO","SI"]
["2026-07-01",85001011,"LA LLANERITA","CASANARE",85139000,"MANI","CASANARE",32,"2L1 Liviano entre 9 y 10.5 Tonel.",6,43175,4,2.9,255583,172700,42597.17,7986.97,13383.84,71380.5,{"v":428283,"d":"$ 428,283"},"PLATAFORMA","General","CARGADO","SI"]
["2026-07-01",85001011,"LA LLANERITA","CASANARE",85139000,"MANI","CASANARE",32,"3",16,92437,4,2.56,482500,369748,30156.25,15078.12,26632.75,53265.5,{"v":852248,"d":"$ 852,248"},"FURGON REFRIGERADO","Carga Refrigerada","CARGADO","SI"]
["2026-07-01",85001011,"LA LLANERITA","CASANARE",85139000,"MANI","CASANARE",32,"3",16,59540,4,2.56,337534,238160,21095.88,10547.94,17990.44,35980.88,{"v":575694,"d":"$ 575,694"},"ESTACAS","Granel Sólido","CARGADO","SI"]
["2026-07-01",85001011,"LA LLANERITA","CASANARE",85139000,"MANI","CASANARE",32,"3",16,62802,4,2.56,345875,251208,21617.19,10808.59,18658.84,37317.69,{"v":597083,"d":"$ 597,083"},"FURGON","Granel Sólido","CARGADO","SI"]
["2026-07-01",85001011,"LA LLANERITA","CASANARE",85139000,"MANI","CASANARE",32,"3",16,66231,4,2.56,356968,264924,22310.5,11155.25,19434.12,38868.25,{"v":621892,"d":"$ 621,892"},"VOLCO","Granel Sólido","CARGADO","SI"]
["2026-07-01",85001011,"LA LLANERITA","CASANARE",85139000,"MANI","CASANARE",32,"3",16,59540,4,2.56,337534,238160,21095.88,10547.94,17990.44,35980.88,{"v":575694,"d":"$ 575,694"},"ESTIBAS","Granel Sólido","CARGADO","SI"]
["2026-07-01",85001011,"LA LLANERITA","CASANARE",85139000,"MANI","CASANARE",32,"3",16,59540,4,2.56,337534,238160,21095.88,10547.94,17990.44,35980.88,{"v":575694,"d":"$ 575,694"},"PLATAFORMA","Granel Sólido","CARGADO","SI"]
["2026-07-01",85001011,"LA LLANERITA","CASANARE",85139000,"MANI","CASANARE",32,"3",16,58409,4,2.56,334640,233636,20915,10457.5,17758.62,35517.25,{"v":568276,"d":"$ 568,276"},"ESTACAS","General","CARGADO","SI"]
["2026-07-01",85001011,"LA LLANERITA","CASANARE",85139000,"MANI","CASANARE",32,"3",16,61671,4,2.56,342981,246684,21436.31,10718.16,18427.03,36854.06,{"v":589665,"d":"$ 589,665"},"FURGON","General","CARGADO","SI"]
["2026-07-01",85001011,"LA LLANERITA","CASANARE",85139000,"MANI","CASANARE",32,"3",16,58409,4,2.56,334640,233636,20915,10457.5,17758.62,35517.25,{"v":568276,"d":"$ 568,276"},"ESTIBAS","General","CARGADO","SI"]
["2026-07-01",5172000,"CHIGORODO","ANTIOQUIA",5147000,"CAREPA","ANTIOQUIA",11,"2S2",22,61871,4,0.44,75207,247484,3418.5,6837,29335.55,14667.77,{"v":322691,"d":"$ 322,691"},"PORTACONTENEDORES","Contenedor cargado","CARGADO","SI"]
["2026-07-01",5172000,"CHIGORODO","ANTIOQUIA",5147000,"CAREPA","ANTIOQUIA",11,"2S2",22,66320,4,0.44,77981,265280,3544.59,7089.18,31205.55,15602.77,{"v":343261,"d":"$ 343,261"},"VOLCO","Granel Sólido","CARGADO","SI"]
["2026-07-01",5172000,"CHIGORODO","ANTIOQUIA",5147000,"CAREPA","ANTIOQUIA",11,"2S2",22,63992,4,0.44,76141,255968,3460.95,6921.91,30191.73,15095.86,{"v":332109,"d":"$ 332,109"},"ESTIBAS","Granel Sólido","CARGADO","SI"]
["2026-07-01",5172000,"CHIGORODO","ANTIOQUIA",5147000,"CAREPA","ANTIOQUIA",11,"2S2",22,62860,4,0.44,75643,251440,3438.32,6876.64,29734.82,14867.41,{"v":327083,"d":"$ 327,083"},"PLATAFORMA","General","CARGADO","SI"]
["2026-07-01",5172000,"CHIGORODO","ANTIOQUIA",5147000,"CAREPA","ANTIOQUIA",11,"2S2",22,62860,4,0.44,75643,251440,3438.32,6876.64,29734.82,14867.41,{"v":327083,"d":"$ 327,083"},"ESTIBAS","General","CARGADO","SI"]
["2026-07-01",5172000,"CHIGORODO","ANTIOQUIA",5147000,"CAREPA","ANTIOQUIA",11,"2S2",22,63992,4,0.44,76141,255968,3460.95,6921.91,30191.73,15095.86,{"v":332109,"d":"$ 332,109"},"PLATAFORMA","Granel Sólido","CARGADO","SI"]
["2026-07-01",5172000,"CHIGORODO","ANTIOQUIA",5147000,"CAREPA","ANTIOQUIA",11,"2S2",22,62860,4,0.44,75643,251440,3438.32,6876.64,29734.82,14867.41,{"v":327083,"d":"$ 327,083"},"ESTACAS","General","CARGADO","SI"]
["2026-07-01",5172000,"CHIGORODO","ANTIOQUIA",5147000,"CAREPA","ANTIOQUIA",11,"2S2",22,76917,4,0.44,81835,307668,3719.77,7439.55,35409.36,17704.68,{"v":389503,"d":"$ 389,503"},"FURGON","General","CARGADO","SI"]
["2026-07-01",5172000,"CHIGORODO","ANTIOQUIA",5147000,"CAREPA","ANTIOQUIA",11,"2S2",22,61871,4,0.44,58330,247484,2651.36,5302.73,27801.27,13900.64,{"v":305814,"d":"$ 305,814"},"PORTACONTENEDORES","Contenedor vacío","CARGADO","SI"]
["2026-07-01",5172000,"CHIGORODO","ANTIOQUIA",5147000,"CAREPA","ANTIOQUIA",11,"2S2",22,75644,4,0.44,81274,302576,3694.27,7388.55,34895.45,17447.73,{"v":383850,"d":"$ 383,850"},"TANQUE","Granel líquido","CARGADO","SI"]
["2026-07-01",5172000,"CHIGORODO","ANTIOQUIA",5147000,"CAREPA","ANTIOQUIA",11,"2S3",27,120421,4,0.44,185752,481684,6879.7,16886.55,60676,24719.85,{"v":667436,"d":"$ 667,436"},"FURGON REFRIGERADO","Carga Refrigerada","CARGADO","SI"]
["2026-07-01",5172000,"CHIGORODO","ANTIOQUIA",5147000,"CAREPA","ANTIOQUIA",11,"2S3",27,64983,4,0.44,77996,259932,2888.74,7090.55,30720.73,12515.85,{"v":337928,"d":"$ 337,928"},"ESTACAS","Granel Sólido","CARGADO","SI"]
["2026-07-01",5172000,"CHIGORODO","ANTIOQUIA",5147000,"CAREPA","ANTIOQUIA",11,"2S3",27,79136,4,0.44,84231,316544,3119.67,7657.36,36434.09,14843.52,{"v":400775,"d":"$ 400,775"},"FURGON","Granel Sólido","CARGADO","SI"]
["2026-07-01",5172000,"CHIGORODO","ANTIOQUIA",5147000,"CAREPA","ANTIOQUIA",11,"2S3",27,66706,4,0.44,79580,266824,2947.41,7234.55,31491.27,12829.78,{"v":346404,"d":"$ 346,404"},"VOLCO","Granel Sólido","CARGADO","SI"]
["2026-07-01",5172000,"CHIGORODO","ANTIOQUIA",5147000,"CAREPA","ANTIOQUIA",11,"2S3",27,64983,4,0.44,77996,259932,2888.74,7090.55,30720.73,12515.85,{"v":337928,"d":"$ 337,928"},"ESTIBAS","Granel Sólido","CARGADO","SI"]
["2026-07-01",5172000,"CHIGORODO","ANTIOQUIA",5147000,"CAREPA","ANTIOQUIA",11,"2S3",27,64983,4,0.44,77996,259932,2888.74,7090.55,30720.73,12515.85,{"v":337928,"d":"$ 337,928"},"PLATAFORMA","Granel Sólido","CARGADO","SI"]
["2026-07-01",5172000,"CHIGORODO","ANTIOQUIA",5147000,"CAREPA","ANTIOQUIA",11,"2S3",27,63851,4,0.44,77498,255404,2870.3,7045.27,30263.82,12329.7,{"v":332902,"d":"$ 332,902"},"ESTACAS","General","CARGADO","SI"]
["2026-07-01",5172000,"CHIGORODO","ANTIOQUIA",5147000,"CAREPA","ANTIOQUIA",11,"2S3",27,78005,4,0.44,83732,312020,3101.19,7612,35977.45,14657.48,{"v":395752,"d":"$ 395,752"},"FURGON","General","CARGADO","SI"]
["2026-07-01",5172000,"CHIGORODO","ANTIOQUIA",5147000,"CAREPA","ANTIOQUIA",11,"2S3",27,63851,4,0.44,77498,255404,2870.3,7045.27,30263.82,12329.7,{"v":332902,"d":"$ 332,902"},"ESTIBAS","General","CARGADO","SI"]
["2026-07-01",5172000,"CHIGORODO","ANTIOQUIA",5147000,"CAREPA","ANTIOQUIA",11,"2S3",27,63851,4,0.44,77498,255404,2870.3,7045.27,30263.82,12329.7,{"v":332902,"d":"$ 332,902"},"PLATAFORMA","General","CARGADO","SI"]
["2026-07-01",5172000,"CHIGORODO","ANTIOQUIA",5147000,"CAREPA","ANTIOQUIA",11,"2S3",27,62754,4,0.44,77014,251016,2852.37,7001.27,29820.91,12149.26,{"v":328030,"d":"$ 328,030"},"PORTACONTENEDORES","Contenedor cargado","CARGADO","SI"]
["2026-07-01",5172000,"CHIGORODO","ANTIOQUIA",5147000,"CAREPA","ANTIOQUIA",11,"2S3",27,62754,4,0.44,59850,251016,2216.67,5440.91,28260.55,11513.56,{"v":310866,"d":"$ 310,866"},"PORTACONTENEDORES","Contenedor vacío","CARGADO","SI"]
["2026-07-01",5172000,"CHIGORODO","ANTIOQUIA",5147000,"CAREPA","ANTIOQUIA",11,"2S3",27,75310,4,0.44,82545,301240,3057.22,7504.09,34889.55,14214.26,{"v":383785,"d":"$ 383,785"},"TANQUE","Granel líquido","CARGADO","SI"]
["2026-07-01",5172000,"CHIGORODO","ANTIOQUIA",5147000,"CAREPA","ANTIOQUIA",11,"2_5_8",3.4,64759,4,0.45,91045,259036,26777.94,8276.82,31825.55,102965,{"v":350081,"d":"$ 350,081"},"FURGON REFRIGERADO","Carga Refrigerada","CARGADO","SI"]
["2026-07-01",5172000,"CHIGORODO","ANTIOQUIA",5147000,"CAREPA","ANTIOQUIA",11,"2_5_8",3.4,37352,4,0.45,42611,149408,12532.65,3873.73,17456.27,56476.18,{"v":192019,"d":"$ 192,019"},"ESTACAS","Granel Sólido","CARGADO","SI"]
["2026-07-01",5172000,"CHIGORODO","ANTIOQUIA",5147000,"CAREPA","ANTIOQUIA",11,"2_5_8",3.4,39821,4,0.45,43907,159284,12913.82,3991.55,18471.91,59762.06,{"v":203191,"d":"$ 203,191"},"FURGON","Granel Sólido","CARGADO","SI"]
["2026-07-01",5172000,"CHIGORODO","ANTIOQUIA",5147000,"CAREPA","ANTIOQUIA",11,"2_5_8",3.4,37352,4,0.45,42788,149408,12584.71,3889.82,17472.36,56528.24,{"v":192196,"d":"$ 192,196"},"ESTIBAS","Granel Sólido","CARGADO","SI"]
["2026-07-01",5172000,"CHIGORODO","ANTIOQUIA",5147000,"CAREPA","ANTIOQUIA",11,"2_5_8",3.4,37352,4,0.45,42788,149408,12584.71,3889.82,17472.36,56528.24,{"v":192196,"d":"$ 192,196"},"PLATAFORMA","Granel Sólido","CARGADO","SI"]
["2026-07-01",5172000,"CHIGORODO","ANTIOQUIA",5147000,"CAREPA","ANTIOQUIA",11,"2_5_8",3.4,36221,4,0.45,42275,144884,12433.82,3843.18,17014.45,55046.76,{"v":187159,"d":"$ 187,159"},"ESTACAS","General","CARGADO","SI"]
["2026-07-01",5172000,"CHIGORODO","ANTIOQUIA",5147000,"CAREPA","ANTIOQUIA",11,"2_5_8",3.4,38689,4,0.45,43394,154756,12762.94,3944.91,18013.64,58279.41,{"v":198150,"d":"$ 198,150"},"FURGON","General","CARGADO","SI"]
["2026-07-01",5172000,"CHIGORODO","ANTIOQUIA",5147000,"CAREPA","ANTIOQUIA",11,"2_5_8",3.4,36221,4,0.45,42275,144884,12433.82,3843.18,17014.45,55046.76,{"v":187159,"d":"$ 187,159"},"ESTIBAS","General","CARGADO","SI"]
["2026-07-01",5172000,"CHIGORODO","ANTIOQUIA",5147000,"CAREPA","ANTIOQUIA",11,"2_5_8",3.4,36221,4,0.45,42275,144884,12433.82,3843.18,17014.45,55046.76,{"v":187159,"d":"$ 187,159"},"PLATAFORMA","General","CARGADO","SI"]
["2026-07-01",5172000,"CHIGORODO","ANTIOQUIA",5147000,"CAREPA","ANTIOQUIA",11,"2L3 Liviano entre 7.5 y 8 Tonel.",6,71753,4,0.45,109388,287012,18231.33,9944.36,36036.36,66066.67,{"v":396400,"d":"$ 396,400"},"FURGON REFRIGERADO","Carga Refrigerada","CARGADO","SI"]
["2026-07-01",5172000,"CHIGORODO","ANTIOQUIA",5147000,"CAREPA","ANTIOQUIA",11,"2L3 Liviano entre 7.5 y 8 Tonel.",6,40348,4,0.45,44974,161392,7495.67,4088.55,18760.55,34394.33,{"v":206366,"d":"$ 206,366"},"ESTACAS","Granel Sólido","CARGADO","SI"]
["2026-07-01",76130000,"CANDELARIA","VALLE DEL CAUCA",52001000,"PASTO","NARIÑO",388,"3",16,58409,8,10.68,2076594,467272,129787.12,5352.05,6556.36,158991.62,{"v":2543866,"d":"$ 2,543,866"},"PORTACONTENEDORES","Contenedor cargado","CARGADO","SI","Villa Rica,Santander De Quilichao,Piendamo,Popayan,Timbio,Rosas,El Bordo,Chachag"]
["2026-07-01",76130000,"CANDELARIA","VALLE DEL CAUCA",52001000,"PASTO","NARIÑO",388,"3",16,61671,8,10.68,2111422,493368,131963.88,5441.81,6713.38,162799.38,{"v":2604790,"d":"$ 2,604,790"},"FURGON","General","CARGADO","SI","Villa Rica,Santander De Quilichao,Piendamo,Popayan,Timbio,Rosas,El Bordo,Chachag"]
["2026-07-01",76130000,"CANDELARIA","VALLE DEL CAUCA",52001000,"PASTO","NARIÑO",388,"3",16,58409,8,10.68,2076594,467272,129787.12,5352.05,6556.36,158991.62,{"v":2543866,"d":"$ 2,543,866"},"ESTIBAS","General","CARGADO","SI","Villa Rica,Santander De Quilichao,Piendamo,Popayan,Timbio,Rosas,El Bordo,Chachag"]
["2026-07-01",76130000,"CANDELARIA","VALLE DEL CAUCA",52001000,"PASTO","NARIÑO",388,"3",16,58409,8,10.68,2076594,467272,129787.12,5352.05,6556.36,158991.62,{"v":2543866,"d":"$ 2,543,866"},"PLATAFORMA","General","CARGADO","SI","Villa Rica,Santander De Quilichao,Piendamo,Popayan,Timbio,Rosas,El Bordo,Chachag"]
["2026-07-01",76130000,"CANDELARIA","VALLE DEL CAUCA",52001000,"PASTO","NARIÑO",388,"3",16,58409,8,10.68,1659273,467272,103704.56,4276.48,5480.79,132909.06,{"v":2126545,"d":"$ 2,126,545"},"PORTACONTENEDORES","Contenedor vacío","CARGADO","SI","Villa Rica,Santander De Quilichao,Piendamo,Popayan,Timbio,Rosas,El Bordo,Chachag"]
["2026-07-01",76130000,"CANDELARIA","VALLE DEL CAUCA",52001000,"PASTO","NARIÑO",388,"3",16,64943,8,10.68,2146370,519544,134148.12,5531.88,6870.91,166619.62,{"v":2665914,"d":"$ 2,665,914"},"TANQUE","Granel líquido","CARGADO","SI","Villa Rica,Santander De Quilichao,Piendamo,Popayan,Timbio,Rosas,El Bordo,Chachag"]
["2026-07-01",76130000,"CANDELARIA","VALLE DEL CAUCA",52001000,"PASTO","NARIÑO",388,"3S2",31,145004,8,9.89,3358700,1160032,108345.16,8656.44,11646.22,145765.55,{"v":4518732,"d":"$ 4,518,732"},"FURGON REFRIGERADO","Carga Refrigerada","CARGADO","SI","Villa Rica,Santander De Quilichao,Piendamo,Popayan,Timbio,Rosas,El Bordo,Chachag"]
["2026-07-01",76130000,"CANDELARIA","VALLE DEL CAUCA",52001000,"PASTO","NARIÑO",388,"3S2",31,86847,8,9.89,2700109,694776,87100.29,6959.04,8749.7,109512.42,{"v":3394885,"d":"$ 3,394,885"},"ESTACAS","Granel Sólido","CARGADO","SI","Villa Rica,Santander De Quilichao,Piendamo,Popayan,Timbio,Rosas,El Bordo,Chachag"]
["2026-07-01",76130000,"CANDELARIA","VALLE DEL CAUCA",52001000,"PASTO","NARIÑO",388,"3S2",31,101482,8,9.89,2844866,811856,91769.87,7332.13,9424.54,117958.77,{"v":3656722,"d":"$ 3,656,722"},"FURGON","Granel Sólido","CARGADO","SI","Villa Rica,Santander De Quilichao,Piendamo,Popayan,Timbio,Rosas,El Bordo,Chachag"]
["2026-07-01",76130000,"CANDELARIA","VALLE DEL CAUCA",52001000,"PASTO","NARIÑO",388,"3S2",31,89209,8,9.89,2750612,713672,88729.42,7089.21,8928.57,111751.1,{"v":3464284,"d":"$ 3,464,284"},"VOLCO","Granel Sólido","CARGADO","SI","Villa Rica,Santander De Quilichao,Piendamo,Popayan,Timbio,Rosas,El Bordo,Chachag"]
["2026-07-01",76130000,"CANDELARIA","VALLE DEL CAUCA",52001000,"PASTO","NARIÑO",388,"3S2",31,86847,8,9.89,2700109,694776,87100.29,6959.04,8749.7,109512.42,{"v":3394885,"d":"$ 3,394,885"},"ESTIBAS","Granel Sólido","CARGADO","SI","Villa Rica,Santander De Quilichao,Piendamo,Popayan,Timbio,Rosas,El Bordo,Chachag"]
["2026-07-01",76130000,"CANDELARIA","VALLE DEL CAUCA",52001000,"PASTO","NARIÑO",388,"3S2",31,86847,8,9.89,2700109,694776,87100.29,6959.04,8749.7,109512.42,{"v":3394885,"d":"$ 3,394,885"},"PLATAFORMA","Granel Sólido","CARGADO","SI","Villa Rica,Santander De Quilichao,Piendamo,Popayan,Timbio,Rosas,El Bordo,Chachag"]
["2026-07-01",76130000,"CANDELARIA","VALLE DEL CAUCA",52001000,"PASTO","NARIÑO",388,"3S2",31,85716,8,9.89,2688917,685728,86739.26,6930.2,8697.54,108859.52,{"v":3374645,"d":"$ 3,374,645"},"ESTACAS","General","CARGADO","SI","Villa Rica,Santander De Quilichao,Piendamo,Popayan,Timbio,Rosas,El Bordo,Chachag"]
["2026-07-01",76130000,"CANDELARIA","VALLE DEL CAUCA",52001000,"PASTO","NARIÑO",388,"3S2",31,100350,8,9.89,2833673,802800,91408.81,7303.28,9372.35,117305.58,{"v":3636473,"d":"$ 3,636,473"},"FURGON","General","CARGADO","SI","Villa Rica,Santander De Quilichao,Piendamo,Popayan,Timbio,Rosas,El Bordo,Chachag"]
["2026-07-01",76130000,"CANDELARIA","VALLE DEL CAUCA",52001000,"PASTO","NARIÑO",388,"3S2",31,85716,8,9.89,2688917,685728,86739.26,6930.2,8697.54,108859.52,{"v":3374645,"d":"$ 3,374,645"},"ESTIBAS","General","CARGADO","SI","Villa Rica,Santander De Quilichao,Piendamo,Popayan,Timbio,Rosas,El Bordo,Chachag"]
["2026-07-01",76130000,"CANDELARIA","VALLE DEL CAUCA",52001000,"PASTO","NARIÑO",388,"3S2",31,85716,8,9.89,2688917,685728,86739.26,6930.2,8697.54,108859.52,{"v":3374645,"d":"$ 3,374,645"},"PLATAFORMA","General","CARGADO","SI","Villa Rica,Santander De Quilichao,Piendamo,Popayan,Timbio,Rosas,El Bordo,Chachag"]
["2026-07-01",76130000,"CANDELARIA","VALLE DEL CAUCA",52001000,"PASTO","NARIÑO",388,"3S2",31,84854,8,9.89,2680388,678832,86464.13,6908.22,8657.78,108361.94,{"v":3359220,"d":"$ 3,359,220"},"PORTACONTENEDORES","Contenedor cargado","CARGADO","SI","Villa Rica,Santander De Quilichao,Piendamo,Popayan,Timbio,Rosas,El Bordo,Chachag"]
["2026-07-01",76130000,"CANDELARIA","VALLE DEL CAUCA",52001000,"PASTO","NARIÑO",388,"3S2",31,84854,8,9.89,2126408,678832,68593.81,5480.43,7230,90491.61,{"v":2805240,"d":"$ 2,805,240"},"PORTACONTENEDORES","Contenedor vacío","CARGADO","SI","Villa Rica,Santander De Quilichao,Piendamo,Popayan,Timbio,Rosas,El Bordo,Chachag"]
["2026-07-01",25377000,"LA CALERA","CUNDINAMARCA",25290000,"FUSAGASUGA","CUNDINAMARCA",91,"2_8_105",5.4,42101,4,2.35,309888,168404,57386.67,3405.36,5255.96,88572.59,{"v":478292,"d":"$ 478,292"},"FURGON","General","CARGADO","SI","Bogota,Soacha,Silvania"]
["2026-07-01",25377000,"LA CALERA","CUNDINAMARCA",25290000,"FUSAGASUGA","CUNDINAMARCA",91,"2_8_105",5.4,41061,4,2.35,307443,164244,56933.89,3378.49,5183.37,87349.44,{"v":471687,"d":"$ 471,687"},"ESTIBAS","Granel Sólido","CARGADO","SI","Bogota,Soacha,Silvania"]
["2026-07-01",25377000,"LA CALERA","CUNDINAMARCA",25290000,"FUSAGASUGA","CUNDINAMARCA",91,"2_8_105",5.4,41061,4,2.35,307443,164244,56933.89,3378.49,5183.37,87349.44,{"v":471687,"d":"$ 471,687"},"PLATAFORMA","Granel Sólido","CARGADO","SI","Bogota,Soacha,Silvania"]
["2026-07-01",25377000,"LA CALERA","CUNDINAMARCA",25290000,"FUSAGASUGA","CUNDINAMARCA",91,"2_8_105",5.4,39930,4,2.35,304782,159720,56441.11,3349.25,5104.42,86018.89,{"v":464502,"d":"$ 464,502"},"ESTACAS","General","CARGADO","SI","Bogota,Soacha,Silvania"]
["2026-07-01",25377000,"LA CALERA","CUNDINAMARCA",25290000,"FUSAGASUGA","CUNDINAMARCA",91,"2_8_105",5.4,40495,4,2.35,306111,161980,56687.22,3363.86,5143.86,86683.52,{"v":468091,"d":"$ 468,091"},"ESTIBAS","General","CARGADO","SI","Bogota,Soacha,Silvania"]
["2026-07-01",25377000,"LA CALERA","CUNDINAMARCA",25290000,"FUSAGASUGA","CUNDINAMARCA",91,"2_8_105",5.4,39930,4,2.35,304782,159720,56441.11,3349.25,5104.42,86018.89,{"v":464502,"d":"$ 464,502"},"PLATAFORMA","General","CARGADO","SI","Bogota,Soacha,Silvania"]
["2026-07-01",25377000,"LA CALERA","CUNDINAMARCA",25290000,"FUSAGASUGA","CUNDINAMARCA",91,"2L2 Liviano entre 8 y 9 Tonel.",5,72221,4,2.35,421755,288884,84351,4634.67,7809.22,142127.8,{"v":710639,"d":"$ 710,639"},"FURGON REFRIGERADO","Carga Refrigerada","CARGADO","SI","Bogota,Soacha,Silvania"]
["2026-07-01",25377000,"LA CALERA","CUNDINAMARCA",25290000,"FUSAGASUGA","CUNDINAMARCA",91,"2L2 Liviano entre 8 y 9 Tonel.",5,41243,4,2.35,298909,164972,59781.8,3284.71,5097.59,92776.2,{"v":463881,"d":"$ 463,881"},"ESTACAS","Granel Sólido","CARGADO","SI","Bogota,Soacha,Silvania"]
["2026-07-01",25377000,"LA CALERA","CUNDINAMARCA",25290000,"FUSAGASUGA","CUNDINAMARCA",91,"2L2 Liviano entre 8 y 9 Tonel.",5,43397,4,2.35,303975,173588,60795,3340.38,5247.95,95512.6,{"v":477563,"d":"$ 477,563"},"FURGON","Granel Sólido","CARGADO","SI","Bogota,Soacha,Silvania"]
["2026-07-01",25377000,"LA CALERA","CUNDINAMARCA",25290000,"FUSAGASUGA","CUNDINAMARCA",91,"2L2 Liviano entre 8 y 9 Tonel.",5,41243,4,2.35,298909,164972,59781.8,3284.71,5097.59,92776.2,{"v":463881,"d":"$ 463,881"},"ESTIBAS","Granel Sólido","CARGADO","SI","Bogota,Soacha,Silvania"]
["2026-07-01",25377000,"LA CALERA","CUNDINAMARCA",25290000,"FUSAGASUGA","CUNDINAMARCA",91,"2L2 Liviano entre 8 y 9 Tonel.",5,41243,4,2.35,298909,164972,59781.8,3284.71,5097.59,92776.2,{"v":463881,"d":"$ 463,881"},"PLATAFORMA","Granel Sólido","CARGADO","SI","Bogota,Soacha,Silvania"]
["2026-07-01",25377000,"LA CALERA","CUNDINAMARCA",25290000,"FUSAGASUGA","CUNDINAMARCA",91,"2L2 Liviano entre 8 y 9 Tonel.",5,40112,4,2.35,296249,160448,59249.8,3255.48,5018.65,91339.4,{"v":456697,"d":"$ 456,697"},"ESTACAS","General","CARGADO","SI","Bogota,Soacha,Silvania"]
["2026-07-01",25377000,"LA CALERA","CUNDINAMARCA",25290000,"FUSAGASUGA","CUNDINAMARCA",91,"2L2 Liviano entre 8 y 9 Tonel.",5,42266,4,2.35,301314,169064,60262.8,3311.14,5168.99,94075.6,{"v":470378,"d":"$ 470,378"},"FURGON","General","CARGADO","SI","Bogota,Soacha,Silvania"]
["2026-07-01",25377000,"LA CALERA","CUNDINAMARCA",25290000,"FUSAGASUGA","CUNDINAMARCA",91,"2L2 Liviano entre 8 y 9 Tonel.",5,40112,4,2.35,296249,160448,59249.8,3255.48,5018.65,91339.4,{"v":456697,"d":"$ 456,697"},"ESTIBAS","General","CARGADO","SI","Bogota,Soacha,Silvania"]
["2026-07-01",25377000,"LA CALERA","CUNDINAMARCA",25290000,"FUSAGASUGA","CUNDINAMARCA",91,"2L2 Liviano entre 8 y 9 Tonel.",5,40112,4,2.35,296249,160448,59249.8,3255.48,5018.65,91339.4,{"v":456697,"d":"$ 456,697"},"PLATAFORMA","General","CARGADO","SI","Bogota,Soacha,Silvania"]
["2026-07-01",25377000,"LA CALERA","CUNDINAMARCA",25290000,"FUSAGASUGA","CUNDINAMARCA",91,"2L1 Liviano entre 9 y 10.5 Tonel.",6,76057,4,2.35,439737,304228,73289.5,4832.27,8175.44,123994.17,{"v":743965,"d":"$ 743,965"},"FURGON REFRIGERADO","Carga Refrigerada","CARGADO","SI","Bogota,Soacha,Silvania"]
["2026-07-01",25377000,"LA CALERA","CUNDINAMARCA",25290000,"FUSAGASUGA","CUNDINAMARCA",91,"2L1 Liviano entre 9 y 10.5 Tonel.",6,44306,4,2.35,315074,177224,52512.33,3462.35,5409.87,82049.67,{"v":492298,"d":"$ 492,298"},"ESTACAS","Granel Sólido","CARGADO","SI","Bogota,Soacha,Silvania"]
["2026-07-01",25377000,"LA CALERA","CUNDINAMARCA",25290000,"FUSAGASUGA","CUNDINAMARCA",91,"2L1 Liviano entre 9 y 10.5 Tonel.",6,47202,4,2.35,321884,188808,53647.33,3537.19,5612,85115.33,{"v":510692,"d":"$ 510,692"},"FURGON","Granel Sólido","CARGADO","SI","Bogota,Soacha,Silvania"]
["2026-07-01",25377000,"LA CALERA","CUNDINAMARCA",25290000,"FUSAGASUGA","CUNDINAMARCA",91,"2L1 Liviano entre 9 y 10.5 Tonel.",6,44306,4,2.35,315074,177224,52512.33,3462.35,5409.87,82049.67,{"v":492298,"d":"$ 492,298"},"ESTIBAS","Granel Sólido","CARGADO","SI","Bogota,Soacha,Silvania"]
["2026-07-01",25377000,"LA CALERA","CUNDINAMARCA",25290000,"FUSAGASUGA","CUNDINAMARCA",91,"2L1 Liviano entre 9 y 10.5 Tonel.",6,44306,4,2.35,315074,177224,52512.33,3462.35,5409.87,82049.67,{"v":492298,"d":"$ 492,298"},"PLATAFORMA","Granel Sólido","CARGADO","SI","Bogota,Soacha,Silvania"]
["2026-07-01",25377000,"LA CALERA","CUNDINAMARCA",25290000,"FUSAGASUGA","CUNDINAMARCA",91,"2L1 Liviano entre 9 y 10.5 Tonel.",6,43175,4,2.35,312413,172700,52068.83,3433.11,5330.91,80852.17,{"v":485113,"d":"$ 485,113"},"ESTACAS","General","CARGADO","SI","Bogota,Soacha,Silvania"]
["2026-07-01",25377000,"LA CALERA","CUNDINAMARCA",25290000,"FUSAGASUGA","CUNDINAMARCA",91,"2L1 Liviano entre 9 y 10.5 Tonel.",6,46071,4,2.35,319223,184284,53203.83,3507.95,5533.04,83917.83,{"v":503507,"d":"$ 503,507"},"FURGON","General","CARGADO","SI","Bogota,Soacha,Silvania"]
["2026-07-01",25377000,"LA CALERA","CUNDINAMARCA",25290000,"FUSAGASUGA","CUNDINAMARCA",91,"2L1 Liviano entre 9 y 10.5 Tonel.",6,43175,4,2.35,312413,172700,52068.83,3433.11,5330.91,80852.17,{"v":485113,"d":"$ 485,113"},"ESTIBAS","General","CARGADO","SI","Bogota,Soacha,Silvania"]
["2026-07-01",25377000,"LA CALERA","CUNDINAMARCA",25290000,"FUSAGASUGA","CUNDINAMARCA",91,"2L1 Liviano entre 9 y 10.5 Tonel.",6,43175,4,2.35,312413,172700,52068.83,3433.11,5330.91,80852.17,{"v":485113,"d":"$ 485,113"},"PLATAFORMA","General","CARGADO","SI","Bogota,Soacha,Silvania"]
["2026-07-01",25377000,"LA CALERA","CUNDINAMARCA",25290000,"FUSAGASUGA","CUNDINAMARCA",91,"3",16,92437,4,3.07,722716,369748,45169.75,7941.93,12005.1,68279,{"v":1092464,"d":"$ 1,092,464"},"FURGON REFRIGERADO","Carga Refrigerada","CARGADO","SI","Bogota,Soacha,Silvania"]
["2026-07-01",5659000,"SAN JUAN DE URABA","ANTIOQUIA",47001000,"SANTA MARTA","MAGDALENA",524,"2L1 Liviano entre 9 y 10.5 Tonel.",6,46071,4,8.91,1477306,184284,246217.67,2819.29,3170.97,276931.67,{"v":1661590,"d":"$ 1,661,590"},"FURGON","General","CARGADO","SI","San Pelayo,Cerete,Cienaga De Oro,Sahagun,Chinu,Sampues,Corozal,Los Palmitos,Ovej"]
["2026-07-01",5659000,"SAN JUAN DE URABA","ANTIOQUIA",47001000,"SANTA MARTA","MAGDALENA",524,"2L1 Liviano entre 9 y 10.5 Tonel.",6,43175,4,8.91,1451515,172700,241919.17,2770.07,3099.65,270702.5,{"v":1624215,"d":"$ 1,624,215"},"ESTIBAS","General","CARGADO","SI","San Pelayo,Cerete,Cienaga De Oro,Sahagun,Chinu,Sampues,Corozal,Los Palmitos,Ovej"]
["2026-07-01",5659000,"SAN JUAN DE URABA","ANTIOQUIA",47001000,"SANTA MARTA","MAGDALENA",524,"2L1 Liviano entre 9 y 10.5 Tonel.",6,43175,4,8.91,1451515,172700,241919.17,2770.07,3099.65,270702.5,{"v":1624215,"d":"$ 1,624,215"},"PLATAFORMA","General","CARGADO","SI","San Pelayo,Cerete,Cienaga De Oro,Sahagun,Chinu,Sampues,Corozal,Los Palmitos,Ovej"]
["2026-07-01",5659000,"SAN JUAN DE URABA","ANTIOQUIA",47001000,"SANTA MARTA","MAGDALENA",524,"3",16,92437,8,10.12,2887551,739496,180471.94,5510.59,6921.85,226690.44,{"v":3627047,"d":"$ 3,627,047"},"FURGON REFRIGERADO","Carga Refrigerada","CARGADO","SI","San Pelayo,Cerete,Cienaga De Oro,Sahagun,Chinu,Sampues,Corozal,Los Palmitos,Ovej"]
["2026-07-01",5659000,"SAN JUAN DE URABA","ANTIOQUIA",47001000,"SANTA MARTA","MAGDALENA",524,"3",16,59540,8,10.12,2493827,476320,155864.19,4759.21,5668.22,185634.19,{"v":2970147,"d":"$ 2,970,147"},"ESTACAS","Granel Sólido","CARGADO","SI","San Pelayo,Cerete,Cienaga De Oro,Sahagun,Chinu,Sampues,Corozal,Los Palmitos,Ovej"]
["2026-07-01",5659000,"SAN JUAN DE URABA","ANTIOQUIA",47001000,"SANTA MARTA","MAGDALENA",524,"3",16,62802,8,10.12,2526833,502416,157927.06,4822.2,5781.01,189328.06,{"v":3029249,"d":"$ 3,029,249"},"FURGON","Granel Sólido","CARGADO","SI","San Pelayo,Cerete,Cienaga De Oro,Sahagun,Chinu,Sampues,Corozal,Los Palmitos,Ovej"]
["2026-07-01",5659000,"SAN JUAN DE URABA","ANTIOQUIA",47001000,"SANTA MARTA","MAGDALENA",524,"3",16,66231,8,10.12,2599049,529848,162440.56,4960.02,5971.18,195556.06,{"v":3128897,"d":"$ 3,128,897"},"VOLCO","Granel Sólido","CARGADO","SI","San Pelayo,Cerete,Cienaga De Oro,Sahagun,Chinu,Sampues,Corozal,Los Palmitos,Ovej"]
["2026-07-01",5659000,"SAN JUAN DE URABA","ANTIOQUIA",47001000,"SANTA MARTA","MAGDALENA",524,"3",16,59540,8,10.12,2493827,476320,155864.19,4759.21,5668.22,185634.19,{"v":2970147,"d":"$ 2,970,147"},"ESTIBAS","Granel Sólido","CARGADO","SI","San Pelayo,Cerete,Cienaga De Oro,Sahagun,Chinu,Sampues,Corozal,Los Palmitos,Ovej"]
["2026-07-01",5659000,"SAN JUAN DE URABA","ANTIOQUIA",47001000,"SANTA MARTA","MAGDALENA",524,"3",16,59540,8,10.12,2493827,476320,155864.19,4759.21,5668.22,185634.19,{"v":2970147,"d":"$ 2,970,147"},"PLATAFORMA","Granel Sólido","CARGADO","SI","San Pelayo,Cerete,Cienaga De Oro,Sahagun,Chinu,Sampues,Corozal,Los Palmitos,Ovej"]
["2026-07-01",5659000,"SAN JUAN DE URABA","ANTIOQUIA",47001000,"SANTA MARTA","MAGDALENA",524,"3",16,58409,8,10.12,2482377,467272,155148.56,4737.36,5629.1,184353.06,{"v":2949649,"d":"$ 2,949,649"},"ESTACAS","General","CARGADO","SI","San Pelayo,Cerete,Cienaga De Oro,Sahagun,Chinu,Sampues,Corozal,Los Palmitos,Ovej"]
["2026-07-01",5659000,"SAN JUAN DE URABA","ANTIOQUIA",47001000,"SANTA MARTA","MAGDALENA",524,"3",16,61671,8,10.12,2515382,493368,157211.38,4800.35,5741.89,188046.88,{"v":3008750,"d":"$ 3,008,750"},"FURGON","General","CARGADO","SI","San Pelayo,Cerete,Cienaga De Oro,Sahagun,Chinu,Sampues,Corozal,Los Palmitos,Ovej"]
["2026-07-01",5659000,"SAN JUAN DE URABA","ANTIOQUIA",47001000,"SANTA MARTA","MAGDALENA",524,"3",16,58409,8,10.12,2482377,467272,155148.56,4737.36,5629.1,184353.06,{"v":2949649,"d":"$ 2,949,649"},"ESTIBAS","General","CARGADO","SI","San Pelayo,Cerete,Cienaga De Oro,Sahagun,Chinu,Sampues,Corozal,Los Palmitos,Ovej"]
["2026-07-01",5659000,"SAN JUAN DE URABA","ANTIOQUIA",47001000,"SANTA MARTA","MAGDALENA",524,"3",16,58409,8,10.12,2482377,467272,155148.56,4737.36,5629.1,184353.06,{"v":2949649,"d":"$ 2,949,649"},"PLATAFORMA","General","CARGADO","SI","San Pelayo,Cerete,Cienaga De Oro,Sahagun,Chinu,Sampues,Corozal,Los Palmitos,Ovej"]
["2026-07-01",5659000,"SAN JUAN DE URABA","ANTIOQUIA",47001000,"SANTA MARTA","MAGDALENA",524,"3",16,58409,8,10.12,2482377,467272,155148.56,4737.36,5629.1,184353.06,{"v":2949649,"d":"$ 2,949,649"},"PORTACONTENEDORES","Contenedor cargado","CARGADO","SI","San Pelayo,Cerete,Cienaga De Oro,Sahagun,Chinu,Sampues,Corozal,Los Palmitos,Ovej"]
["2026-07-01",5659000,"SAN JUAN DE URABA","ANTIOQUIA",47001000,"SANTA MARTA","MAGDALENA",524,"3",16,58409,8,10.12,1999530,467272,124970.62,3815.9,4707.64,154175.12,{"v":2466802,"d":"$ 2,466,802"},"PORTACONTENEDORES","Contenedor vacío","CARGADO","SI","San Pelayo,Cerete,Cienaga De Oro,Sahagun,Chinu,Sampues,Corozal,Los Palmitos,Ovej"]
["2026-07-01",5659000,"SAN JUAN DE URABA","ANTIOQUIA",47001000,"SANTA MARTA","MAGDALENA",524,"3",16,64943,8,10.12,2548502,519544,159281.38,4863.55,5855.05,191752.88,{"v":3068046,"d":"$ 3,068,046"},"TANQUE","Granel líquido","CARGADO","SI","San Pelayo,Cerete,Cienaga De Oro,Sahagun,Chinu,Sampues,Corozal,Los Palmitos,Ovej"]
["2026-07-01",5659000,"SAN JUAN DE URABA","ANTIOQUIA",47001000,"SANTA MARTA","MAGDALENA",524,"3S2",31,145004,8,10,3892925,1160032,125578.23,7429.25,9643.05,162998.61,{"v":5052957,"d":"$ 5,052,957"},"FURGON REFRIGERADO","Carga Refrigerada","CARGADO","SI","San Pelayo,Cerete,Cienaga De Oro,Sahagun,Chinu,Sampues,Corozal,Los Palmitos,Ovej"]
["2026-07-01",5659000,"SAN JUAN DE URABA","ANTIOQUIA",47001000,"SANTA MARTA","MAGDALENA",524,"3S2",31,86847,8,10,3228180,694776,104134.84,6160.65,7486.56,126546.97,{"v":3922956,"d":"$ 3,922,956"},"ESTACAS","Granel Sólido","CARGADO","SI","San Pelayo,Cerete,Cienaga De Oro,Sahagun,Chinu,Sampues,Corozal,Los Palmitos,Ovej"]
["2026-07-01",15104000,"BOYACA","BOYACÁ",52356000,"IPIALES","NARIÑO",1083,"2L3 Liviano entre 7.5 y 8 Tonel.",6,39217,4,22.82,3199756,156868,533292.67,2954.53,3099.38,559437.33,{"v":3356624,"d":"$ 3,356,624"},"ESTIBAS","General","CARGADO","SI","Soraca,Tunja,Villapinzon,Choconta,Gachancipa,Tocancipa,Sopo,Chia,Cota,Funza,Mosq"]
["2026-07-01",15104000,"BOYACA","BOYACÁ",52356000,"IPIALES","NARIÑO",1083,"2L3 Liviano entre 7.5 y 8 Tonel.",6,40348,4,22.82,3225578,161392,537596.33,2978.37,3127.4,564495,{"v":3386970,"d":"$ 3,386,970"},"PLATAFORMA","Granel Sólido","CARGADO","SI","Soraca,Tunja,Villapinzon,Choconta,Gachancipa,Tocancipa,Sopo,Chia,Cota,Funza,Mosq"]
["2026-07-01",15104000,"BOYACA","BOYACÁ",52356000,"IPIALES","NARIÑO",1083,"2L3 Liviano entre 7.5 y 8 Tonel.",6,39217,4,22.82,3199756,156868,533292.67,2954.53,3099.38,559437.33,{"v":3356624,"d":"$ 3,356,624"},"ESTACAS","General","CARGADO","SI","Soraca,Tunja,Villapinzon,Choconta,Gachancipa,Tocancipa,Sopo,Chia,Cota,Funza,Mosq"]
["2026-07-01",15104000,"BOYACA","BOYACÁ",52356000,"IPIALES","NARIÑO",1083,"2L3 Liviano entre 7.5 y 8 Tonel.",6,42327,4,22.82,3270732,169308,545122,3020.07,3176.4,573340,{"v":3440040,"d":"$ 3,440,040"},"FURGON","General","CARGADO","SI","Soraca,Tunja,Villapinzon,Choconta,Gachancipa,Tocancipa,Sopo,Chia,Cota,Funza,Mosq"]
["2026-07-01",15104000,"BOYACA","BOYACÁ",52356000,"IPIALES","NARIÑO",1083,"2L3 Liviano entre 7.5 y 8 Tonel.",6,39217,4,22.82,3199756,156868,533292.67,2954.53,3099.38,559437.33,{"v":3356624,"d":"$ 3,356,624"},"PLATAFORMA","General","CARGADO","SI","Soraca,Tunja,Villapinzon,Choconta,Gachancipa,Tocancipa,Sopo,Chia,Cota,Funza,Mosq"]
["2026-07-01",15104000,"BOYACA","BOYACÁ",52356000,"IPIALES","NARIÑO",1083,"2_8_105",5.4,70516,4,22.82,4126489,282064,764164.63,3810.24,4070.69,816398.7,{"v":4408553,"d":"$ 4,408,553"},"FURGON REFRIGERADO","Carga Refrigerada","CARGADO","SI","Soraca,Tunja,Villapinzon,Choconta,Gachancipa,Tocancipa,Sopo,Chia,Cota,Funza,Mosq"]
["2026-07-01",15104000,"BOYACA","BOYACÁ",52356000,"IPIALES","NARIÑO",1083,"2_8_105",5.4,41061,4,22.82,3408483,164244,631200.56,3147.26,3298.92,661616.11,{"v":3572727,"d":"$ 3,572,727"},"ESTACAS","Granel Sólido","CARGADO","SI","Soraca,Tunja,Villapinzon,Choconta,Gachancipa,Tocancipa,Sopo,Chia,Cota,Funza,Mosq"]
["2026-07-01",15104000,"BOYACA","BOYACÁ",52356000,"IPIALES","NARIÑO",1083,"2_8_105",5.4,43798,4,22.82,3470931,175192,642765,3204.92,3366.69,675207.96,{"v":3646123,"d":"$ 3,646,123"},"FURGON","Granel Sólido","CARGADO","SI","Soraca,Tunja,Villapinzon,Choconta,Gachancipa,Tocancipa,Sopo,Chia,Cota,Funza,Mosq"]
["2026-07-01",15104000,"BOYACA","BOYACÁ",52356000,"IPIALES","NARIÑO",1083,"2_8_105",5.4,41061,4,22.82,3408483,164244,631200.56,3147.26,3298.92,661616.11,{"v":3572727,"d":"$ 3,572,727"},"ESTIBAS","Granel Sólido","CARGADO","SI","Soraca,Tunja,Villapinzon,Choconta,Gachancipa,Tocancipa,Sopo,Chia,Cota,Funza,Mosq"]
["2026-07-01",15104000,"BOYACA","BOYACÁ",52356000,"IPIALES","NARIÑO",1083,"2_8_105",5.4,41061,4,22.82,3408483,164244,631200.56,3147.26,3298.92,661616.11,{"v":3572727,"d":"$ 3,572,727"},"PLATAFORMA","Granel Sólido","CARGADO","SI","Soraca,Tunja,Villapinzon,Choconta,Gachancipa,Tocancipa,Sopo,Chia,Cota,Funza,Mosq"]
["2026-07-01",15104000,"BOYACA","BOYACÁ",52356000,"IPIALES","NARIÑO",1083,"2_8_105",5.4,39930,4,22.82,3382661,159720,626418.7,3123.42,3270.9,655996.48,{"v":3542381,"d":"$ 3,542,381"},"ESTACAS","General","CARGADO","SI","Soraca,Tunja,Villapinzon,Choconta,Gachancipa,Tocancipa,Sopo,Chia,Cota,Funza,Mosq"]
["2026-07-01",15104000,"BOYACA","BOYACÁ",52356000,"IPIALES","NARIÑO",1083,"2_8_105",5.4,42101,4,22.82,3432216,168404,635595.56,3169.17,3324.67,666781.48,{"v":3600620,"d":"$ 3,600,620"},"FURGON","General","CARGADO","SI","Soraca,Tunja,Villapinzon,Choconta,Gachancipa,Tocancipa,Sopo,Chia,Cota,Funza,Mosq"]
["2026-07-01",15104000,"BOYACA","BOYACÁ",52356000,"IPIALES","NARIÑO",1083,"2_8_105",5.4,40495,4,22.82,3395554,161980,628806.3,3135.32,3284.89,658802.59,{"v":3557534,"d":"$ 3,557,534"},"ESTIBAS","General","CARGADO","SI","Soraca,Tunja,Villapinzon,Choconta,Gachancipa,Tocancipa,Sopo,Chia,Cota,Funza,Mosq"]
["2026-07-01",15104000,"BOYACA","BOYACÁ",52356000,"IPIALES","NARIÑO",1083,"2_8_105",5.4,39930,4,22.82,3382661,159720,626418.7,3123.42,3270.9,655996.48,{"v":3542381,"d":"$ 3,542,381"},"PLATAFORMA","General","CARGADO","SI","Soraca,Tunja,Villapinzon,Choconta,Gachancipa,Tocancipa,Sopo,Chia,Cota,Funza,Mosq"]
["2026-07-01",15104000,"BOYACA","BOYACÁ",52356000,"IPIALES","NARIÑO",1083,"2L2 Liviano entre 8 y 9 Tonel.",5,72221,4,22.82,4083294,288884,816658.8,3770.35,4037.1,874435.6,{"v":4372178,"d":"$ 4,372,178"},"FURGON REFRIGERADO","Carga Refrigerada","CARGADO","SI","Soraca,Tunja,Villapinzon,Choconta,Gachancipa,Tocancipa,Sopo,Chia,Cota,Funza,Mosq"]
["2026-07-01",15104000,"BOYACA","BOYACÁ",52356000,"IPIALES","NARIÑO",1083,"2L2 Liviano entre 8 y 9 Tonel.",5,41243,4,22.82,3326365,164972,665273,3071.44,3223.76,698267.4,{"v":3491337,"d":"$ 3,491,337"},"ESTACAS","Granel Sólido","CARGADO","SI","Soraca,Tunja,Villapinzon,Choconta,Gachancipa,Tocancipa,Sopo,Chia,Cota,Funza,Mosq"]
["2026-07-01",15104000,"BOYACA","BOYACÁ",52356000,"IPIALES","NARIÑO",1083,"2L2 Liviano entre 8 y 9 Tonel.",5,43397,4,22.82,3375521,173588,675104.2,3116.82,3277.11,709821.8,{"v":3549109,"d":"$ 3,549,109"},"FURGON","Granel Sólido","CARGADO","SI","Soraca,Tunja,Villapinzon,Choconta,Gachancipa,Tocancipa,Sopo,Chia,Cota,Funza,Mosq"]
["2026-07-01",15104000,"BOYACA","BOYACÁ",52356000,"IPIALES","NARIÑO",1083,"2L2 Liviano entre 8 y 9 Tonel.",5,41243,4,22.82,3326365,164972,665273,3071.44,3223.76,698267.4,{"v":3491337,"d":"$ 3,491,337"},"ESTIBAS","Granel Sólido","CARGADO","SI","Soraca,Tunja,Villapinzon,Choconta,Gachancipa,Tocancipa,Sopo,Chia,Cota,Funza,Mosq"]
["2026-07-01",15104000,"BOYACA","BOYACÁ",52356000,"IPIALES","NARIÑO",1083,"2L2 Liviano entre 8 y 9 Tonel.",5,41243,4,22.82,3326365,164972,665273,3071.44,3223.76,698267.4,{"v":3491337,"d":"$ 3,491,337"},"PLATAFORMA","Granel Sólido","CARGADO","SI","Soraca,Tunja,Villapinzon,Choconta,Gachancipa,Tocancipa,Sopo,Chia,Cota,Funza,Mosq"]
["2026-07-01",15104000,"BOYACA","BOYACÁ",52356000,"IPIALES","NARIÑO",1083,"2L2 Liviano entre 8 y 9 Tonel.",5,40112,4,22.82,3300543,160448,660108.6,3047.59,3195.74,692198.2,{"v":3460991,"d":"$ 3,460,991"},"ESTACAS","General","CARGADO","SI","Soraca,Tunja,Villapinzon,Choconta,Gachancipa,Tocancipa,Sopo,Chia,Cota,Funza,Mosq"]
["2026-07-01",15104000,"BOYACA","BOYACÁ",52356000,"IPIALES","NARIÑO",1083,"2L2 Liviano entre 8 y 9 Tonel.",5,42266,4,22.82,3349700,169064,669940,3092.98,3249.09,703752.8,{"v":3518764,"d":"$ 3,518,764"},"FURGON","General","CARGADO","SI","Soraca,Tunja,Villapinzon,Choconta,Gachancipa,Tocancipa,Sopo,Chia,Cota,Funza,Mosq"]
["2026-07-01",15104000,"BOYACA","BOYACÁ",52356000,"IPIALES","NARIÑO",1083,"2L2 Liviano entre 8 y 9 Tonel.",5,40112,4,22.82,3300543,160448,660108.6,3047.59,3195.74,692198.2,{"v":3460991,"d":"$ 3,460,991"},"ESTIBAS","General","CARGADO","SI","Soraca,Tunja,Villapinzon,Choconta,Gachancipa,Tocancipa,Sopo,Chia,Cota,Funza,Mosq"]
["2026-07-01",15104000,"BOYACA","BOYACÁ",52356000,"IPIALES","NARIÑO",1083,"2L2 Liviano entre 8 y 9 Tonel.",5,40112,4,22.82,3300543,160448,660108.6,3047.59,3195.74,692198.2,{"v":3460991,"d":"$ 3,460,991"},"PLATAFORMA","General","CARGADO","SI","Soraca,Tunja,Villapinzon,Choconta,Gachancipa,Tocancipa,Sopo,Chia,Cota,Funza,Mosq"]
["2026-07-01",47745000,"SITIONUEVO","MAGDALENA",5360000,"ITAGÜI","ANTIOQUIA",735,"3S3",34,85728,8,15.77,4501393,685824,132393.91,6124.34,7057.44,152565.21,{"v":5187217,"d":"$ 5,187,217"},"PORTACONTENEDORES","Contenedor vacío","CARGADO","SI","Barranquilla,Soledad,Malambo,Sabanagrande,Santo Tomas,Ponedera,Campo De La Cruz,"]
["2026-07-01",47745000,"SITIONUEVO","MAGDALENA",5360000,"ITAGÜI","ANTIOQUIA",735,"3S3",34,98323,8,15.77,5688691,786584,167314.44,7739.72,8809.9,190449.26,{"v":6475275,"d":"$ 6,475,275"},"TANQUE","Granel líquido","CARGADO","SI","Barranquilla,Soledad,Malambo,Sabanagrande,Santo Tomas,Ponedera,Campo De La Cruz,"]
["2026-07-01",47745000,"SITIONUEVO","MAGDALENA",5360000,"ITAGÜI","ANTIOQUIA",735,"CA",5,61390,4,13.98,2272880,245560,454576,3092.35,3426.45,503688,{"v":2518440,"d":"$ 2,518,440"},"FURGON REFRIGERADO","Carga Refrigerada","CARGADO","SI","Barranquilla,Soledad,Malambo,Sabanagrande,Santo Tomas,Ponedera,Campo De La Cruz,"]
["2026-07-01",47745000,"SITIONUEVO","MAGDALENA",5360000,"ITAGÜI","ANTIOQUIA",735,"CA",5,35954,4,13.98,1878849,143816,375769.8,2556.26,2751.93,404533,{"v":2022665,"d":"$ 2,022,665"},"ESTACAS","Granel Sólido","CARGADO","SI","Barranquilla,Soledad,Malambo,Sabanagrande,Santo Tomas,Ponedera,Campo De La Cruz,"]
["2026-07-01",47745000,"SITIONUEVO","MAGDALENA",5360000,"ITAGÜI","ANTIOQUIA",735,"CA",5,38189,4,13.98,1921092,152756,384218.4,2613.73,2821.56,414769.6,{"v":2073848,"d":"$ 2,073,848"},"FURGON","Granel Sólido","CARGADO","SI","Barranquilla,Soledad,Malambo,Sabanagrande,Santo Tomas,Ponedera,Campo De La Cruz,"]
["2026-07-01",47745000,"SITIONUEVO","MAGDALENA",5360000,"ITAGÜI","ANTIOQUIA",735,"CA",5,35954,4,13.98,1889856,143816,377971.2,2571.23,2766.9,406734.4,{"v":2033672,"d":"$ 2,033,672"},"ESTIBAS","Granel Sólido","CARGADO","SI","Barranquilla,Soledad,Malambo,Sabanagrande,Santo Tomas,Ponedera,Campo De La Cruz,"]
["2026-07-01",47745000,"SITIONUEVO","MAGDALENA",5360000,"ITAGÜI","ANTIOQUIA",735,"CA",5,35954,4,13.98,1889856,143816,377971.2,2571.23,2766.9,406734.4,{"v":2033672,"d":"$ 2,033,672"},"PLATAFORMA","Granel Sólido","CARGADO","SI","Barranquilla,Soledad,Malambo,Sabanagrande,Santo Tomas,Ponedera,Campo De La Cruz,"]
["2026-07-01",47745000,"SITIONUEVO","MAGDALENA",5360000,"ITAGÜI","ANTIOQUIA",735,"CA",5,34822,4,13.98,1874041,139288,374808.2,2549.72,2739.22,402665.8,{"v":2013329,"d":"$ 2,013,329"},"ESTACAS","General","CARGADO","SI","Barranquilla,Soledad,Malambo,Sabanagrande,Santo Tomas,Ponedera,Campo De La Cruz,"]
["2026-07-01",47745000,"SITIONUEVO","MAGDALENA",5360000,"ITAGÜI","ANTIOQUIA",735,"CA",5,37057,4,13.98,1905277,148228,381055.4,2592.21,2793.88,410701,{"v":2053505,"d":"$ 2,053,505"},"FURGON","General","CARGADO","SI","Barranquilla,Soledad,Malambo,Sabanagrande,Santo Tomas,Ponedera,Campo De La Cruz,"]
["2026-07-01",47745000,"SITIONUEVO","MAGDALENA",5360000,"ITAGÜI","ANTIOQUIA",735,"CA",5,34822,4,13.98,1874041,139288,374808.2,2549.72,2739.22,402665.8,{"v":2013329,"d":"$ 2,013,329"},"ESTIBAS","General","CARGADO","SI","Barranquilla,Soledad,Malambo,Sabanagrande,Santo Tomas,Ponedera,Campo De La Cruz,"]
["2026-07-01",47745000,"SITIONUEVO","MAGDALENA",5360000,"ITAGÜI","ANTIOQUIA",735,"CA",5,34822,4,13.98,1874041,139288,374808.2,2549.72,2739.22,402665.8,{"v":2013329,"d":"$ 2,013,329"},"PLATAFORMA","General","CARGADO","SI","Barranquilla,Soledad,Malambo,Sabanagrande,Santo Tomas,Ponedera,Campo De La Cruz,"]
["2026-07-01",47745000,"SITIONUEVO","MAGDALENA",5360000,"ITAGÜI","ANTIOQUIA",735,"V2",17.5,57575,8,18.27,3485093,460600,199148.17,4741.62,5368.29,225468.17,{"v":3945693,"d":"$ 3,945,693"},"VOLCO","Granel Sólido","CARGADO","SI","Barranquilla,Soledad,Malambo,Sabanagrande,Santo Tomas,Ponedera,Campo De La Cruz,"]
["2026-07-01",47745000,"SITIONUEVO","MAGDALENA",5360000,"ITAGÜI","ANTIOQUIA",735,"V3",28.7,66231,8,16.71,4485736,529848,156297.42,6103.04,6823.92,174759.02,{"v":5015584,"d":"$ 5,015,584"},"VOLCO","Granel Sólido","CARGADO","SI","Barranquilla,Soledad,Malambo,Sabanagrande,Santo Tomas,Ponedera,Campo De La Cruz,"]
["2026-07-01",47745000,"SITIONUEVO","MAGDALENA",5360000,"ITAGÜI","ANTIOQUIA",735,"V4",36.9,66252,8,15.77,5444661,530016,147551.79,7407.7,8128.81,161915.37,{"v":5974677,"d":"$ 5,974,677"},"VOLCO","Granel Sólido","CARGADO","SI","Barranquilla,Soledad,Malambo,Sabanagrande,Santo Tomas,Ponedera,Campo De La Cruz,"]
["2026-07-01",54001000,"CUCUTA","NORTE DE SANTANDER",54673000,"SAN CAYETANO","NORTE DE SANTANDER",21,"2",9,60412,4,0.85,106184,241648,11798.22,5056.38,16563.43,38648,{"v":347832,"d":"$ 347,832"},"FURGON","General","CARGADO","SI","El Zulia"]
["2026-07-01",54001000,"CUCUTA","NORTE DE SANTANDER",54673000,"SAN CAYETANO","NORTE DE SANTANDER",21,"2",9,86677,4,0.85,178591,346708,19843.44,8504.33,25014.24,58366.56,{"v":525299,"d":"$ 525,299"},"FURGON REFRIGERADO","Carga Refrigerada","CARGADO","SI","El Zulia"]
["2026-07-01",54001000,"CUCUTA","NORTE DE SANTANDER",54673000,"SAN CAYETANO","NORTE DE SANTANDER",21,"2",9,55663,4,0.85,102132,222652,11348,4863.43,15465.9,36087.11,{"v":324784,"d":"$ 324,784"},"PLATAFORMA","Granel Sólido","CARGADO","SI","El Zulia"]
["2026-07-01",54001000,"CUCUTA","NORTE DE SANTANDER",54673000,"SAN CAYETANO","NORTE DE SANTANDER",21,"2",9,55663,4,0.85,102132,222652,11348,4863.43,15465.9,36087.11,{"v":324784,"d":"$ 324,784"},"ESTACAS","Granel Sólido","CARGADO","SI","El Zulia"]
["2026-07-01",54001000,"CUCUTA","NORTE DE SANTANDER",54673000,"SAN CAYETANO","NORTE DE SANTANDER",21,"2",9,57575,4,0.85,105315,230300,11701.67,5015,15981.67,37290.56,{"v":335615,"d":"$ 335,615"},"VOLCO","Granel Sólido","CARGADO","SI","El Zulia"]
["2026-07-01",54001000,"CUCUTA","NORTE DE SANTANDER",54673000,"SAN CAYETANO","NORTE DE SANTANDER",21,"2",9,55663,4,0.85,102132,222652,11348,4863.43,15465.9,36087.11,{"v":324784,"d":"$ 324,784"},"ESTIBAS","Granel Sólido","CARGADO","SI","El Zulia"]
["2026-07-01",54001000,"CUCUTA","NORTE DE SANTANDER",54673000,"SAN CAYETANO","NORTE DE SANTANDER",21,"2",9,54531,4,0.85,101167,218124,11240.78,4817.48,15204.33,35476.78,{"v":319291,"d":"$ 319,291"},"ESTACAS","General","CARGADO","SI","El Zulia"]
["2026-07-01",76563000,"PRADERA","VALLE DEL CAUCA",47001000,"SANTA MARTA","MAGDALENA",1206,"3S3",34,87862,8,23.24,8412885,702896,247437.79,6975.86,7558.69,268111.21,{"v":9115781,"d":"$ 9,115,781"},"PLATAFORMA","Granel Sólido","CARGADO","SI","Palmira,El Cerrito,Guacari,Guadalajara De Buga,San Pedro,Tulua,Andalucia,Bugalag"]
["2026-07-01",76563000,"PRADERA","VALLE DEL CAUCA",47001000,"SANTA MARTA","MAGDALENA",1206,"3S3",34,102788,8,23.24,8759768,822304,257640.24,7263.49,7945.33,281825.65,{"v":9582072,"d":"$ 9,582,072"},"FURGON","Granel Sólido","CARGADO","SI","Palmira,El Cerrito,Guacari,Guadalajara De Buga,San Pedro,Tulua,Andalucia,Bugalag"]
["2026-07-01",76563000,"PRADERA","VALLE DEL CAUCA",47001000,"SANTA MARTA","MAGDALENA",1206,"3S3",34,89674,8,23.24,8537976,717392,251116.94,7079.58,7674.43,272216.71,{"v":9255368,"d":"$ 9,255,368"},"VOLCO","Granel Sólido","CARGADO","SI","Palmira,El Cerrito,Guacari,Guadalajara De Buga,San Pedro,Tulua,Andalucia,Bugalag"]
["2026-07-01",76563000,"PRADERA","VALLE DEL CAUCA",47001000,"SANTA MARTA","MAGDALENA",1206,"3S3",34,87862,8,23.24,8412885,702896,247437.79,6975.86,7558.69,268111.21,{"v":9115781,"d":"$ 9,115,781"},"ESTIBAS","Granel Sólido","CARGADO","SI","Palmira,El Cerrito,Guacari,Guadalajara De Buga,San Pedro,Tulua,Andalucia,Bugalag"]
["2026-07-01",76563000,"PRADERA","VALLE DEL CAUCA",47001000,"SANTA MARTA","MAGDALENA",1206,"3S3",34,86730,8,23.24,8386589,693840,246664.38,6954.05,7529.38,267071.44,{"v":9080429,"d":"$ 9,080,429"},"ESTACAS","General","CARGADO","SI","Palmira,El Cerrito,Guacari,Guadalajara De Buga,San Pedro,Tulua,Andalucia,Bugalag"]
["2026-07-01",76563000,"PRADERA","VALLE DEL CAUCA",47001000,"SANTA MARTA","MAGDALENA",1206,"3S3",34,101656,8,23.24,8733472,813248,256866.82,7241.68,7916.02,280785.88,{"v":9546720,"d":"$ 9,546,720"},"FURGON","General","CARGADO","SI","Palmira,El Cerrito,Guacari,Guadalajara De Buga,San Pedro,Tulua,Andalucia,Bugalag"]
["2026-07-01",76563000,"PRADERA","VALLE DEL CAUCA",47001000,"SANTA MARTA","MAGDALENA",1206,"3S3",34,86730,8,23.24,8386589,693840,246664.38,6954.05,7529.38,267071.44,{"v":9080429,"d":"$ 9,080,429"},"ESTIBAS","General","CARGADO","SI","Palmira,El Cerrito,Guacari,Guadalajara De Buga,San Pedro,Tulua,Andalucia,Bugalag"]
["2026-07-01",76563000,"PRADERA","VALLE DEL CAUCA",47001000,"SANTA MARTA","MAGDALENA",1206,"3S3",34,86730,8,23.24,8386589,693840,246664.38,6954.05,7529.38,267071.44,{"v":9080429,"d":"$ 9,080,429"},"PLATAFORMA","General","CARGADO","SI","Palmira,El Cerrito,Guacari,Guadalajara De Buga,San Pedro,Tulua,Andalucia,Bugalag"]
["2026-07-01",76563000,"PRADERA","VALLE DEL CAUCA",47001000,"SANTA MARTA","MAGDALENA",1206,"3S3",34,85728,8,23.24,8363303,685824,245979.5,6934.75,7503.42,266150.79,{"v":9049127,"d":"$ 9,049,127"},"PORTACONTENEDORES","Contenedor cargado","CARGADO","SI","Palmira,El Cerrito,Guacari,Guadalajara De Buga,San Pedro,Tulua,Andalucia,Bugalag"]
["2026-07-01",76563000,"PRADERA","VALLE DEL CAUCA",47001000,"SANTA MARTA","MAGDALENA",1206,"3S3",34,85728,8,23.24,6854153,685824,201592.74,5683.38,6252.05,221764.03,{"v":7539977,"d":"$ 7,539,977"},"PORTACONTENEDORES","Contenedor vacío","CARGADO","SI","Palmira,El Cerrito,Guacari,Guadalajara De Buga,San Pedro,Tulua,Andalucia,Bugalag"]
["2026-07-01",76563000,"PRADERA","VALLE DEL CAUCA",47001000,"SANTA MARTA","MAGDALENA",1206,"3S3",34,98323,8,23.24,8656013,786584,254588.62,7177.46,7829.68,277723.44,{"v":9442597,"d":"$ 9,442,597"},"TANQUE","Granel líquido","CARGADO","SI","Palmira,El Cerrito,Guacari,Guadalajara De Buga,San Pedro,Tulua,Andalucia,Bugalag"]
["2026-07-01",76563000,"PRADERA","VALLE DEL CAUCA",47001000,"SANTA MARTA","MAGDALENA",1206,"CA",5,61390,4,20.75,3413324,245560,682664.8,2830.29,3033.9,731776.8,{"v":3658884,"d":"$ 3,658,884"},"FURGON REFRIGERADO","Carga Refrigerada","CARGADO","SI","Palmira,El Cerrito,Guacari,Guadalajara De Buga,San Pedro,Tulua,Andalucia,Bugalag"]
["2026-07-01",76563000,"PRADERA","VALLE DEL CAUCA",47001000,"SANTA MARTA","MAGDALENA",1206,"CA",5,35954,4,20.75,2839904,143816,567980.8,2354.81,2474.06,596744,{"v":2983720,"d":"$ 2,983,720"},"ESTACAS","Granel Sólido","CARGADO","SI","Palmira,El Cerrito,Guacari,Guadalajara De Buga,San Pedro,Tulua,Andalucia,Bugalag"]
["2026-07-01",76563000,"PRADERA","VALLE DEL CAUCA",47001000,"SANTA MARTA","MAGDALENA",1206,"CA",5,38189,4,20.75,2904331,152756,580866.2,2408.23,2534.9,611417.4,{"v":3057087,"d":"$ 3,057,087"},"FURGON","Granel Sólido","CARGADO","SI","Palmira,El Cerrito,Guacari,Guadalajara De Buga,San Pedro,Tulua,Andalucia,Bugalag"]
["2026-07-01",76563000,"PRADERA","VALLE DEL CAUCA",47001000,"SANTA MARTA","MAGDALENA",1206,"CA",5,35954,4,20.75,2857951,143816,571590.2,2369.78,2489.03,600353.4,{"v":3001767,"d":"$ 3,001,767"},"ESTIBAS","Granel Sólido","CARGADO","SI","Palmira,El Cerrito,Guacari,Guadalajara De Buga,San Pedro,Tulua,Andalucia,Bugalag"]
["2026-07-01",76563000,"PRADERA","VALLE DEL CAUCA",47001000,"SANTA MARTA","MAGDALENA",1206,"CA",5,35954,4,20.75,2857951,143816,571590.2,2369.78,2489.03,600353.4,{"v":3001767,"d":"$ 3,001,767"},"PLATAFORMA","Granel Sólido","CARGADO","SI","Palmira,El Cerrito,Guacari,Guadalajara De Buga,San Pedro,Tulua,Andalucia,Bugalag"]
["2026-07-01",76563000,"PRADERA","VALLE DEL CAUCA",47001000,"SANTA MARTA","MAGDALENA",1206,"CA",5,34822,4,20.75,2834469,139288,566893.8,2350.31,2465.8,594751.4,{"v":2973757,"d":"$ 2,973,757"},"ESTACAS","General","CARGADO","SI","Palmira,El Cerrito,Guacari,Guadalajara De Buga,San Pedro,Tulua,Andalucia,Bugalag"]
["2026-07-01",76563000,"PRADERA","VALLE DEL CAUCA",47001000,"SANTA MARTA","MAGDALENA",1206,"CA",5,37057,4,20.75,2880849,148228,576169.8,2388.76,2511.67,605815.4,{"v":3029077,"d":"$ 3,029,077"},"FURGON","General","CARGADO","SI","Palmira,El Cerrito,Guacari,Guadalajara De Buga,San Pedro,Tulua,Andalucia,Bugalag"]
["2026-07-01",76563000,"PRADERA","VALLE DEL CAUCA",47001000,"SANTA MARTA","MAGDALENA",1206,"CA",5,34822,4,20.75,2834469,139288,566893.8,2350.31,2465.8,594751.4,{"v":2973757,"d":"$ 2,973,757"},"ESTIBAS","General","CARGADO","SI","Palmira,El Cerrito,Guacari,Guadalajara De Buga,San Pedro,Tulua,Andalucia,Bugalag"]
["2026-07-01",76563000,"PRADERA","VALLE DEL CAUCA",47001000,"SANTA MARTA","MAGDALENA",1206,"CA",5,34822,4,20.75,2834469,139288,566893.8,2350.31,2465.8,594751.4,{"v":2973757,"d":"$ 2,973,757"},"PLATAFORMA","General","CARGADO","SI","Palmira,El Cerrito,Guacari,Guadalajara De Buga,San Pedro,Tulua,Andalucia,Bugalag"]
["2026-07-01",8001000,"BARRANQUILLA","ATLÁNTICO",5697000,"EL SANTUARIO","ANTIOQUIA",745,"3S3",34,85728,8,16.19,5692808,685824,167435.53,7641.35,8561.92,187606.82,{"v":6378632,"d":"$ 6,378,632"},"PORTACONTENEDORES","Contenedor cargado","CARGADO","SI","Soledad,Malambo,Sabanagrande,Santo Tomas,Ponedera,Campo De La Cruz,Suan,Calamar,"]
["2026-07-01",8001000,"BARRANQUILLA","ATLÁNTICO",5697000,"EL SANTUARIO","ANTIOQUIA",745,"3S3",34,101656,8,16.19,5950666,813248,175019.59,7987.47,9079.08,198938.65,{"v":6763914,"d":"$ 6,763,914"},"FURGON","General","CARGADO","SI","Soledad,Malambo,Sabanagrande,Santo Tomas,Ponedera,Campo De La Cruz,Suan,Calamar,"]
["2026-07-01",8001000,"BARRANQUILLA","ATLÁNTICO",5697000,"EL SANTUARIO","ANTIOQUIA",745,"3S3",34,86730,8,16.19,5709028,693840,167912.59,7663.12,8594.45,188319.65,{"v":6402868,"d":"$ 6,402,868"},"ESTIBAS","General","CARGADO","SI","Soledad,Malambo,Sabanagrande,Santo Tomas,Ponedera,Campo De La Cruz,Suan,Calamar,"]
["2026-07-01",8001000,"BARRANQUILLA","ATLÁNTICO",5697000,"EL SANTUARIO","ANTIOQUIA",745,"3S3",34,86730,8,16.19,5709028,693840,167912.59,7663.12,8594.45,188319.65,{"v":6402868,"d":"$ 6,402,868"},"PLATAFORMA","General","CARGADO","SI","Soledad,Malambo,Sabanagrande,Santo Tomas,Ponedera,Campo De La Cruz,Suan,Calamar,"]
["2026-07-01",8001000,"BARRANQUILLA","ATLÁNTICO",5697000,"EL SANTUARIO","ANTIOQUIA",745,"3S3",34,85728,8,16.19,4683386,685824,137746.65,6286.42,7206.99,157917.94,{"v":5369210,"d":"$ 5,369,210"},"PORTACONTENEDORES","Contenedor vacío","CARGADO","SI","Soledad,Malambo,Sabanagrande,Santo Tomas,Ponedera,Campo De La Cruz,Suan,Calamar,"]
["2026-07-01",8001000,"BARRANQUILLA","ATLÁNTICO",5697000,"EL SANTUARIO","ANTIOQUIA",745,"3S3",34,98323,8,16.19,5896708,786584,173432.59,7915.04,8970.86,196567.41,{"v":6683292,"d":"$ 6,683,292"},"TANQUE","Granel líquido","CARGADO","SI","Soledad,Malambo,Sabanagrande,Santo Tomas,Ponedera,Campo De La Cruz,Suan,Calamar,"]
["2026-07-01",8001000,"BARRANQUILLA","ATLÁNTICO",5697000,"EL SANTUARIO","ANTIOQUIA",745,"CA",5,61390,4,14.12,2336425,245560,467285,3136.14,3465.75,516397,{"v":2581985,"d":"$ 2,581,985"},"FURGON REFRIGERADO","Carga Refrigerada","CARGADO","SI","Soledad,Malambo,Sabanagrande,Santo Tomas,Ponedera,Campo De La Cruz,Suan,Calamar,"]
["2026-07-01",8001000,"BARRANQUILLA","ATLÁNTICO",5697000,"EL SANTUARIO","ANTIOQUIA",745,"CA",5,35954,4,14.12,1938666,143816,387733.2,2602.24,2795.28,416496.4,{"v":2082482,"d":"$ 2,082,482"},"ESTACAS","Granel Sólido","CARGADO","SI","Soledad,Malambo,Sabanagrande,Santo Tomas,Ponedera,Campo De La Cruz,Suan,Calamar,"]
["2026-07-01",8001000,"BARRANQUILLA","ATLÁNTICO",5697000,"EL SANTUARIO","ANTIOQUIA",745,"CA",5,38189,4,14.12,1981374,152756,396274.8,2659.56,2864.6,426826,{"v":2134130,"d":"$ 2,134,130"},"FURGON","Granel Sólido","CARGADO","SI","Soledad,Malambo,Sabanagrande,Santo Tomas,Ponedera,Campo De La Cruz,Suan,Calamar,"]
["2026-07-01",8001000,"BARRANQUILLA","ATLÁNTICO",5697000,"EL SANTUARIO","ANTIOQUIA",745,"CA",5,35954,4,14.12,1949823,143816,389964.6,2617.21,2810.25,418727.8,{"v":2093639,"d":"$ 2,093,639"},"ESTIBAS","Granel Sólido","CARGADO","SI","Soledad,Malambo,Sabanagrande,Santo Tomas,Ponedera,Campo De La Cruz,Suan,Calamar,"]
["2026-07-01",8001000,"BARRANQUILLA","ATLÁNTICO",5697000,"EL SANTUARIO","ANTIOQUIA",745,"CA",5,35954,4,14.12,1949823,143816,389964.6,2617.21,2810.25,418727.8,{"v":2093639,"d":"$ 2,093,639"},"PLATAFORMA","Granel Sólido","CARGADO","SI","Soledad,Malambo,Sabanagrande,Santo Tomas,Ponedera,Campo De La Cruz,Suan,Calamar,"]
["2026-07-01",8001000,"BARRANQUILLA","ATLÁNTICO",5697000,"EL SANTUARIO","ANTIOQUIA",745,"CA",5,34822,4,14.12,1933848,139288,386769.6,2595.77,2782.73,414627.2,{"v":2073136,"d":"$ 2,073,136"},"ESTACAS","General","CARGADO","SI","Soledad,Malambo,Sabanagrande,Santo Tomas,Ponedera,Campo De La Cruz,Suan,Calamar,"]
["2026-07-01",8001000,"BARRANQUILLA","ATLÁNTICO",5697000,"EL SANTUARIO","ANTIOQUIA",745,"CA",5,37057,4,14.12,1965399,148228,393079.8,2638.12,2837.08,422725.4,{"v":2113627,"d":"$ 2,113,627"},"FURGON","General","CARGADO","SI","Soledad,Malambo,Sabanagrande,Santo Tomas,Ponedera,Campo De La Cruz,Suan,Calamar,"]
["2026-07-01",8001000,"BARRANQUILLA","ATLÁNTICO",5697000,"EL SANTUARIO","ANTIOQUIA",745,"CA",5,34822,4,14.12,1933848,139288,386769.6,2595.77,2782.73,414627.2,{"v":2073136,"d":"$ 2,073,136"},"ESTIBAS","General","CARGADO","SI","Soledad,Malambo,Sabanagrande,Santo Tomas,Ponedera,Campo De La Cruz,Suan,Calamar,"]
["2026-07-01",8001000,"BARRANQUILLA","ATLÁNTICO",5697000,"EL SANTUARIO","ANTIOQUIA",745,"CA",5,34822,4,14.12,1933848,139288,386769.6,2595.77,2782.73,414627.2,{"v":2073136,"d":"$ 2,073,136"},"PLATAFORMA","General","CARGADO","SI","Soledad,Malambo,Sabanagrande,Santo Tomas,Ponedera,Campo De La Cruz,Suan,Calamar,"]
["2026-07-01",8001000,"BARRANQUILLA","ATLÁNTICO",5697000,"EL SANTUARIO","ANTIOQUIA",745,"V2",17.5,57575,8,18.87,3591083,460600,205204.74,4820.25,5438.5,231524.74,{"v":4051683,"d":"$ 4,051,683"},"VOLCO","Granel Sólido","CARGADO","SI","Soledad,Malambo,Sabanagrande,Santo Tomas,Ponedera,Campo De La Cruz,Suan,Calamar,"]
["2026-07-01",8001000,"BARRANQUILLA","ATLÁNTICO",5697000,"EL SANTUARIO","ANTIOQUIA",745,"V3",28.7,66231,8,17.26,4637469,529848,161584.29,6224.79,6936,180045.89,{"v":5167317,"d":"$ 5,167,317"},"VOLCO","Granel Sólido","CARGADO","SI","Soledad,Malambo,Sabanagrande,Santo Tomas,Ponedera,Campo De La Cruz,Suan,Calamar,"]
["2026-07-01",8001000,"BARRANQUILLA","ATLÁNTICO",5697000,"EL SANTUARIO","ANTIOQUIA",745,"V4",36.9,66252,8,16.19,5614219,530016,152146.86,7535.86,8247.3,166510.43,{"v":6144235,"d":"$ 6,144,235"},"VOLCO","Granel Sólido","CARGADO","SI","Soledad,Malambo,Sabanagrande,Santo Tomas,Ponedera,Campo De La Cruz,Suan,Calamar,"]
["2026-07-01",8296000,"GALAPA","ATLÁNTICO",5212000,"COPACABANA","ANTIOQUIA",687,"3",16,59540,8,15.28,3710342,476320,231896.38,5400.79,6094.12,261666.38,{"v":4186662,"d":"$ 4,186,662"},"ESTACAS","Granel Sólido","CARGADO","SI","Sabanagrande,Santo Tomas,Ponedera,Campo De La Cruz,Suan,Calamar,San Juan Nepomuc"]
["2026-07-01",8296000,"GALAPA","ATLÁNTICO",5212000,"COPACABANA","ANTIOQUIA",687,"3",16,92437,8,15.28,4273885,739496,267117.81,6221.08,7297.5,313336.31,{"v":5013381,"d":"$ 5,013,381"},"FURGON REFRIGERADO","Carga Refrigerada","CARGADO","SI","Sabanagrande,Santo Tomas,Ponedera,Campo De La Cruz,Suan,Calamar,San Juan Nepomuc"]
["2026-07-01",8296000,"GALAPA","ATLÁNTICO",5212000,"COPACABANA","ANTIOQUIA",687,"3",16,62802,8,15.28,3760184,502416,235011.5,5473.34,6204.66,266412.5,{"v":4262600,"d":"$ 4,262,600"},"FURGON","Granel Sólido","CARGADO","SI","Sabanagrande,Santo Tomas,Ponedera,Campo De La Cruz,Suan,Calamar,San Juan Nepomuc"]
["2026-07-01",8296000,"GALAPA","ATLÁNTICO",5212000,"COPACABANA","ANTIOQUIA",687,"3",16,66231,8,15.28,3861737,529848,241358.56,5621.16,6392.41,274474.06,{"v":4391585,"d":"$ 4,391,585"},"VOLCO","Granel Sólido","CARGADO","SI","Sabanagrande,Santo Tomas,Ponedera,Campo De La Cruz,Suan,Calamar,San Juan Nepomuc"]
["2026-07-01",8296000,"GALAPA","ATLÁNTICO",5212000,"COPACABANA","ANTIOQUIA",687,"3",16,59540,8,15.28,3710342,476320,231896.38,5400.79,6094.12,261666.38,{"v":4186662,"d":"$ 4,186,662"},"ESTIBAS","Granel Sólido","CARGADO","SI","Sabanagrande,Santo Tomas,Ponedera,Campo De La Cruz,Suan,Calamar,San Juan Nepomuc"]
["2026-07-01",8296000,"GALAPA","ATLÁNTICO",5212000,"COPACABANA","ANTIOQUIA",687,"3",16,59540,8,15.28,3710342,476320,231896.38,5400.79,6094.12,261666.38,{"v":4186662,"d":"$ 4,186,662"},"PLATAFORMA","Granel Sólido","CARGADO","SI","Sabanagrande,Santo Tomas,Ponedera,Campo De La Cruz,Suan,Calamar,San Juan Nepomuc"]
["2026-07-01",8296000,"GALAPA","ATLÁNTICO",5212000,"COPACABANA","ANTIOQUIA",687,"3",16,58409,8,15.28,3693051,467272,230815.69,5375.62,6055.78,260020.19,{"v":4160323,"d":"$ 4,160,323"},"ESTACAS","General","CARGADO","SI","Sabanagrande,Santo Tomas,Ponedera,Campo De La Cruz,Suan,Calamar,San Juan Nepomuc"]
["2026-07-01",8296000,"GALAPA","ATLÁNTICO",5212000,"COPACABANA","ANTIOQUIA",687,"3",16,61671,8,15.28,3742893,493368,233930.81,5448.17,6166.32,264766.31,{"v":4236261,"d":"$ 4,236,261"},"FURGON","General","CARGADO","SI","Sabanagrande,Santo Tomas,Ponedera,Campo De La Cruz,Suan,Calamar,San Juan Nepomuc"]
["2026-07-01",8296000,"GALAPA","ATLÁNTICO",5212000,"COPACABANA","ANTIOQUIA",687,"3",16,58409,8,15.28,3693051,467272,230815.69,5375.62,6055.78,260020.19,{"v":4160323,"d":"$ 4,160,323"},"ESTIBAS","General","CARGADO","SI","Sabanagrande,Santo Tomas,Ponedera,Campo De La Cruz,Suan,Calamar,San Juan Nepomuc"]
["2026-07-01",8296000,"GALAPA","ATLÁNTICO",5212000,"COPACABANA","ANTIOQUIA",687,"3",16,58409,8,15.28,3693051,467272,230815.69,5375.62,6055.78,260020.19,{"v":4160323,"d":"$ 4,160,323"},"PLATAFORMA","General","CARGADO","SI","Sabanagrande,Santo Tomas,Ponedera,Campo De La Cruz,Suan,Calamar,San Juan Nepomuc"]
["2026-07-01",8296000,"GALAPA","ATLÁNTICO",5212000,"COPACABANA","ANTIOQUIA",687,"3",16,58409,8,15.28,3693051,467272,230815.69,5375.62,6055.78,260020.19,{"v":4160323,"d":"$ 4,160,323"},"PORTACONTENEDORES","Contenedor cargado","CARGADO","SI","Sabanagrande,Santo Tomas,Ponedera,Campo De La Cruz,Suan,Calamar,San Juan Nepomuc"]
["2026-07-01",8296000,"GALAPA","ATLÁNTICO",5212000,"COPACABANA","ANTIOQUIA",687,"3",16,58409,8,15.28,3022629,467272,188914.31,4399.75,5079.91,218118.81,{"v":3489901,"d":"$ 3,489,901"},"PORTACONTENEDORES","Contenedor vacío","CARGADO","SI","Sabanagrande,Santo Tomas,Ponedera,Campo De La Cruz,Suan,Calamar,San Juan Nepomuc"]
["2026-07-01",8296000,"GALAPA","ATLÁNTICO",5212000,"COPACABANA","ANTIOQUIA",687,"3",16,64943,8,15.28,3792908,519544,237056.75,5520.97,6277.22,269528.25,{"v":4312452,"d":"$ 4,312,452"},"TANQUE","Granel líquido","CARGADO","SI","Sabanagrande,Santo Tomas,Ponedera,Campo De La Cruz,Suan,Calamar,San Juan Nepomuc"]
["2026-07-01",8296000,"GALAPA","ATLÁNTICO",5212000,"COPACABANA","ANTIOQUIA",687,"3S2",31,145004,8,14.65,5784035,1160032,186581.77,8419.26,10107.81,224002.16,{"v":6944067,"d":"$ 6,944,067"},"FURGON REFRIGERADO","Carga Refrigerada","CARGADO","SI","Sabanagrande,Santo Tomas,Ponedera,Campo De La Cruz,Suan,Calamar,San Juan Nepomuc"]
["2026-07-01",8296000,"GALAPA","ATLÁNTICO",5212000,"COPACABANA","ANTIOQUIA",687,"3S2",31,86847,8,14.65,4848861,694776,156414.87,7058.02,8069.34,178827,{"v":5543637,"d":"$ 5,543,637"},"ESTACAS","Granel Sólido","CARGADO","SI","Sabanagrande,Santo Tomas,Ponedera,Campo De La Cruz,Suan,Calamar,San Juan Nepomuc"]
["2026-07-01",8296000,"GALAPA","ATLÁNTICO",5212000,"COPACABANA","ANTIOQUIA",687,"3S2",31,101482,8,14.65,5063217,811856,163329.58,7370.04,8551.78,189518.48,{"v":5875073,"d":"$ 5,875,073"},"FURGON","Granel Sólido","CARGADO","SI","Sabanagrande,Santo Tomas,Ponedera,Campo De La Cruz,Suan,Calamar,San Juan Nepomuc"]
["2026-07-01",8296000,"GALAPA","ATLÁNTICO",5212000,"COPACABANA","ANTIOQUIA",687,"3S2",31,89209,8,14.65,4931511,713672,159081,7178.33,8217.15,182102.68,{"v":5645183,"d":"$ 5,645,183"},"VOLCO","Granel Sólido","CARGADO","SI","Sabanagrande,Santo Tomas,Ponedera,Campo De La Cruz,Suan,Calamar,San Juan Nepomuc"]
["2026-07-01",8296000,"GALAPA","ATLÁNTICO",5212000,"COPACABANA","ANTIOQUIA",687,"3S2",31,86847,8,14.65,4848861,694776,156414.87,7058.02,8069.34,178827,{"v":5543637,"d":"$ 5,543,637"},"ESTIBAS","Granel Sólido","CARGADO","SI","Sabanagrande,Santo Tomas,Ponedera,Campo De La Cruz,Suan,Calamar,San Juan Nepomuc"]
["2026-07-01",8296000,"GALAPA","ATLÁNTICO",5212000,"COPACABANA","ANTIOQUIA",687,"3S2",31,86847,8,14.65,4848861,694776,156414.87,7058.02,8069.34,178827,{"v":5543637,"d":"$ 5,543,637"},"PLATAFORMA","Granel Sólido","CARGADO","SI","Sabanagrande,Santo Tomas,Ponedera,Campo De La Cruz,Suan,Calamar,San Juan Nepomuc"]
["2026-07-01",8296000,"GALAPA","ATLÁNTICO",5212000,"COPACABANA","ANTIOQUIA",687,"3S2",31,85716,8,14.65,4832287,685728,155880.23,7033.9,8032.05,178000.48,{"v":5518015,"d":"$ 5,518,015"},"ESTACAS","General","CARGADO","SI","Sabanagrande,Santo Tomas,Ponedera,Campo De La Cruz,Suan,Calamar,San Juan Nepomuc"]
["2026-07-01",8296000,"GALAPA","ATLÁNTICO",5212000,"COPACABANA","ANTIOQUIA",687,"3S2",31,100350,8,14.65,5046643,802800,162794.94,7345.91,8514.47,188691.71,{"v":5849443,"d":"$ 5,849,443"},"FURGON","General","CARGADO","SI","Sabanagrande,Santo Tomas,Ponedera,Campo De La Cruz,Suan,Calamar,San Juan Nepomuc"]
["2026-07-01",8296000,"GALAPA","ATLÁNTICO",5212000,"COPACABANA","ANTIOQUIA",687,"3S2",31,85716,8,14.65,4832287,685728,155880.23,7033.9,8032.05,178000.48,{"v":5518015,"d":"$ 5,518,015"},"ESTIBAS","General","CARGADO","SI","Sabanagrande,Santo Tomas,Ponedera,Campo De La Cruz,Suan,Calamar,San Juan Nepomuc"]
["2026-07-01",8296000,"GALAPA","ATLÁNTICO",5212000,"COPACABANA","ANTIOQUIA",687,"3S2",31,85716,8,14.65,4832287,685728,155880.23,7033.9,8032.05,178000.48,{"v":5518015,"d":"$ 5,518,015"},"PLATAFORMA","General","CARGADO","SI","Sabanagrande,Santo Tomas,Ponedera,Campo De La Cruz,Suan,Calamar,San Juan Nepomuc"]
["2026-07-01",8296000,"GALAPA","ATLÁNTICO",5212000,"COPACABANA","ANTIOQUIA",687,"3S2",31,84854,8,14.65,4819659,678832,155472.87,7015.52,8003.63,177370.68,{"v":5498491,"d":"$ 5,498,491"},"PORTACONTENEDORES","Contenedor cargado","CARGADO","SI","Sabanagrande,Santo Tomas,Ponedera,Campo De La Cruz,Suan,Calamar,San Juan Nepomuc"]
["2026-07-01",5129000,"CALDAS","ANTIOQUIA",5212000,"COPACABANA","ANTIOQUIA",38,"2S2",22,76917,4,1.01,211027,307668,9592.14,5553.34,13649.87,23577.05,{"v":518695,"d":"$ 518,695"},"FURGON","General","CARGADO","SI","La Estrella,Sabaneta,Envigado,Medellin,Bello"]
["2026-07-01",5129000,"CALDAS","ANTIOQUIA",5212000,"COPACABANA","ANTIOQUIA",38,"2S2",22,119585,4,1.01,337393,478340,15336.05,8878.76,21466.66,37078.77,{"v":815733,"d":"$ 815,733"},"FURGON REFRIGERADO","Carga Refrigerada","CARGADO","SI","La Estrella,Sabaneta,Envigado,Medellin,Bello"]
["2026-07-01",5129000,"CALDAS","ANTIOQUIA",5212000,"COPACABANA","ANTIOQUIA",38,"2S2",22,78048,4,1.01,212168,312192,9644,5583.37,13798.95,23834.55,{"v":524360,"d":"$ 524,360"},"FURGON","Granel Sólido","CARGADO","SI","La Estrella,Sabaneta,Envigado,Medellin,Bello"]
["2026-07-01",5129000,"CALDAS","ANTIOQUIA",5212000,"COPACABANA","ANTIOQUIA",38,"2S2",22,63992,4,1.01,197993,255968,8999.68,5210.34,11946.34,20634.59,{"v":453961,"d":"$ 453,961"},"ESTIBAS","Granel Sólido","CARGADO","SI","La Estrella,Sabaneta,Envigado,Medellin,Bello"]
["2026-07-01",5129000,"CALDAS","ANTIOQUIA",5212000,"COPACABANA","ANTIOQUIA",38,"2S2",22,62860,4,1.01,196852,251440,8947.82,5180.32,11797.16,20376.91,{"v":448292,"d":"$ 448,292"},"PLATAFORMA","General","CARGADO","SI","La Estrella,Sabaneta,Envigado,Medellin,Bello"]
["2026-07-01",5129000,"CALDAS","ANTIOQUIA",5212000,"COPACABANA","ANTIOQUIA",38,"2S2",22,61871,4,1.01,195854,247484,8902.45,5154.05,11666.79,20151.73,{"v":443338,"d":"$ 443,338"},"PORTACONTENEDORES","Contenedor cargado","CARGADO","SI","La Estrella,Sabaneta,Envigado,Medellin,Bello"]
["2026-07-01",5129000,"CALDAS","ANTIOQUIA",5212000,"COPACABANA","ANTIOQUIA",38,"2S2",22,63992,4,1.01,197993,255968,8999.68,5210.34,11946.34,20634.59,{"v":453961,"d":"$ 453,961"},"ESTACAS","Granel Sólido","CARGADO","SI","La Estrella,Sabaneta,Envigado,Medellin,Bello"]
["2026-07-01",5129000,"CALDAS","ANTIOQUIA",5212000,"COPACABANA","ANTIOQUIA",38,"2S2",22,62860,4,1.01,196852,251440,8947.82,5180.32,11797.16,20376.91,{"v":448292,"d":"$ 448,292"},"ESTIBAS","General","CARGADO","SI","La Estrella,Sabaneta,Envigado,Medellin,Bello"]
["2026-07-01",5129000,"CALDAS","ANTIOQUIA",5212000,"COPACABANA","ANTIOQUIA",38,"2S2",22,66320,4,1.01,202989,265280,9226.77,5341.82,12322.87,21284.95,{"v":468269,"d":"$ 468,269"},"VOLCO","Granel Sólido","CARGADO","SI","La Estrella,Sabaneta,Envigado,Medellin,Bello"]
["2026-07-01",5129000,"CALDAS","ANTIOQUIA",5212000,"COPACABANA","ANTIOQUIA",38,"2S2",22,63992,4,1.01,197993,255968,8999.68,5210.34,11946.34,20634.59,{"v":453961,"d":"$ 453,961"},"PLATAFORMA","Granel Sólido","CARGADO","SI","La Estrella,Sabaneta,Envigado,Medellin,Bello"]
["2026-07-01",5129000,"CALDAS","ANTIOQUIA",5212000,"COPACABANA","ANTIOQUIA",38,"2S2",22,62860,4,1.01,196852,251440,8947.82,5180.32,11797.16,20376.91,{"v":448292,"d":"$ 448,292"},"ESTACAS","General","CARGADO","SI","La Estrella,Sabaneta,Envigado,Medellin,Bello"]
["2026-07-01",5129000,"CALDAS","ANTIOQUIA",5212000,"COPACABANA","ANTIOQUIA",38,"2S2",22,61871,4,1.01,153039,247484,6956.32,4027.34,10540.08,18205.59,{"v":400523,"d":"$ 400,523"},"PORTACONTENEDORES","Contenedor vacío","CARGADO","SI","La Estrella,Sabaneta,Envigado,Medellin,Bello"]
["2026-07-01",5129000,"CALDAS","ANTIOQUIA",5212000,"COPACABANA","ANTIOQUIA",38,"2S2",22,75644,4,1.01,209744,302576,9533.82,5519.58,13482.11,23287.27,{"v":512320,"d":"$ 512,320"},"TANQUE","Granel líquido","CARGADO","SI","La Estrella,Sabaneta,Envigado,Medellin,Bello"]
["2026-07-01",5129000,"CALDAS","ANTIOQUIA",5212000,"COPACABANA","ANTIOQUIA",38,"2S3",27,120421,4,1.01,342850,481684,12698.15,9022.37,21698.26,30538.3,{"v":824534,"d":"$ 824,534"},"FURGON REFRIGERADO","Carga Refrigerada","CARGADO","SI","La Estrella,Sabaneta,Envigado,Medellin,Bello"]
["2026-07-01",5129000,"CALDAS","ANTIOQUIA",5212000,"COPACABANA","ANTIOQUIA",38,"2S3",27,64983,4,1.01,203606,259932,7540.96,5358.05,12198.37,17168.07,{"v":463538,"d":"$ 463,538"},"ESTACAS","Granel Sólido","CARGADO","SI","La Estrella,Sabaneta,Envigado,Medellin,Bello"]
["2026-07-01",5129000,"CALDAS","ANTIOQUIA",5212000,"COPACABANA","ANTIOQUIA",38,"2S3",27,79136,4,1.01,217880,316544,8069.63,5733.68,14063.79,19793.48,{"v":534424,"d":"$ 534,424"},"FURGON","Granel Sólido","CARGADO","SI","La Estrella,Sabaneta,Envigado,Medellin,Bello"]
["2026-07-01",5129000,"CALDAS","ANTIOQUIA",5212000,"COPACABANA","ANTIOQUIA",38,"2S3",27,66706,4,1.01,208025,266824,7704.63,5474.34,12496.03,17587,{"v":474849,"d":"$ 474,849"},"VOLCO","Granel Sólido","CARGADO","SI","La Estrella,Sabaneta,Envigado,Medellin,Bello"]
["2026-07-01",5129000,"CALDAS","ANTIOQUIA",5212000,"COPACABANA","ANTIOQUIA",38,"2S3",27,64983,4,1.01,203606,259932,7540.96,5358.05,12198.37,17168.07,{"v":463538,"d":"$ 463,538"},"ESTIBAS","Granel Sólido","CARGADO","SI","La Estrella,Sabaneta,Envigado,Medellin,Bello"]
["2026-07-01",5129000,"CALDAS","ANTIOQUIA",5212000,"COPACABANA","ANTIOQUIA",38,"2S3",27,64983,4,1.01,203606,259932,7540.96,5358.05,12198.37,17168.07,{"v":463538,"d":"$ 463,538"},"PLATAFORMA","Granel Sólido","CARGADO","SI","La Estrella,Sabaneta,Envigado,Medellin,Bello"]
["2026-07-01",5129000,"CALDAS","ANTIOQUIA",5212000,"COPACABANA","ANTIOQUIA",38,"2S3",27,63851,4,1.01,202465,255404,7498.7,5328.03,12049.18,16958.11,{"v":457869,"d":"$ 457,869"},"ESTACAS","General","CARGADO","SI","La Estrella,Sabaneta,Envigado,Medellin,Bello"]
["2026-07-01",5129000,"CALDAS","ANTIOQUIA",5212000,"COPACABANA","ANTIOQUIA",38,"2S3",27,78005,4,1.01,216739,312020,8027.37,5703.66,13914.71,19583.67,{"v":528759,"d":"$ 528,759"},"FURGON","General","CARGADO","SI","La Estrella,Sabaneta,Envigado,Medellin,Bello"]
["2026-07-01",5129000,"CALDAS","ANTIOQUIA",5212000,"COPACABANA","ANTIOQUIA",38,"2S3",27,63851,4,1.01,202465,255404,7498.7,5328.03,12049.18,16958.11,{"v":457869,"d":"$ 457,869"},"ESTIBAS","General","CARGADO","SI","La Estrella,Sabaneta,Envigado,Medellin,Bello"]
["2026-07-01",5129000,"CALDAS","ANTIOQUIA",5212000,"COPACABANA","ANTIOQUIA",38,"2S3",27,63851,4,1.01,202465,255404,7498.7,5328.03,12049.18,16958.11,{"v":457869,"d":"$ 457,869"},"PLATAFORMA","General","CARGADO","SI","La Estrella,Sabaneta,Envigado,Medellin,Bello"]
["2026-07-01",5129000,"CALDAS","ANTIOQUIA",5212000,"COPACABANA","ANTIOQUIA",38,"2S3",27,62754,4,1.01,201358,251016,7457.7,5298.89,11904.58,16754.59,{"v":452374,"d":"$ 452,374"},"PORTACONTENEDORES","Contenedor cargado","CARGADO","SI","La Estrella,Sabaneta,Envigado,Medellin,Bello"]
["2026-07-01",5129000,"CALDAS","ANTIOQUIA",5212000,"COPACABANA","ANTIOQUIA",38,"2S3",27,62754,4,1.01,157805,251016,5844.63,4152.76,10758.45,15141.52,{"v":408821,"d":"$ 408,821"},"PORTACONTENEDORES","Contenedor vacío","CARGADO","SI","La Estrella,Sabaneta,Envigado,Medellin,Bello"]
["2026-07-01",5129000,"CALDAS","ANTIOQUIA",5212000,"COPACABANA","ANTIOQUIA",38,"2S3",27,75310,4,1.01,214021,301240,7926.7,5632.13,13559.5,19083.74,{"v":515261,"d":"$ 515,261"},"TANQUE","Granel líquido","CARGADO","SI","La Estrella,Sabaneta,Envigado,Medellin,Bello"]
["2026-07-01",68001000,"BUCARAMANGA","SANTANDER",41001000,"NEIVA","HUILA",849,"3S2",31,85716,8,21.86,6296861,685728,203124.55,7416.8,8224.49,225244.81,{"v":6982589,"d":"$ 6,982,589"},"ESTIBAS","General","CARGADO","NO","Se cambia paso por municipios entre Lebrija, La Lizama por Rio Negro, San Albert"]
["2026-07-01",68001000,"BUCARAMANGA","SANTANDER",41001000,"NEIVA","HUILA",849,"3S2",31,86847,8,21.86,6321591,694776,203922.29,7445.93,8264.27,226334.42,{"v":7016367,"d":"$ 7,016,367"},"PLATAFORMA","Granel Sólido","CARGADO","NO","Se cambia paso por municipios entre Lebrija, La Lizama por Rio Negro, San Albert"]
["2026-07-01",68001000,"BUCARAMANGA","SANTANDER",41001000,"NEIVA","HUILA",849,"3S2",31,85716,8,21.86,6296861,685728,203124.55,7416.8,8224.49,225244.81,{"v":6982589,"d":"$ 6,982,589"},"ESTACAS","General","CARGADO","NO","Se cambia paso por municipios entre Lebrija, La Lizama por Rio Negro, San Albert"]
["2026-07-01",68001000,"BUCARAMANGA","SANTANDER",41001000,"NEIVA","HUILA",849,"3S2",31,100350,8,21.86,6616705,802800,213442.1,7793.53,8739.11,239338.87,{"v":7419505,"d":"$ 7,419,505"},"FURGON","General","CARGADO","NO","Se cambia paso por municipios entre Lebrija, La Lizama por Rio Negro, San Albert"]
["2026-07-01",68001000,"BUCARAMANGA","SANTANDER",41001000,"NEIVA","HUILA",849,"3S2",31,85716,8,21.86,6296861,685728,203124.55,7416.8,8224.49,225244.81,{"v":6982589,"d":"$ 6,982,589"},"PLATAFORMA","General","CARGADO","NO","Se cambia paso por municipios entre Lebrija, La Lizama por Rio Negro, San Albert"]
["2026-07-01",68001000,"BUCARAMANGA","SANTANDER",41001000,"NEIVA","HUILA",849,"3S2",31,84854,8,21.86,6278018,678832,202516.71,7394.6,8194.17,224414.52,{"v":6956850,"d":"$ 6,956,850"},"PORTACONTENEDORES","Contenedor cargado","CARGADO","NO","Se cambia paso por municipios entre Lebrija, La Lizama por Rio Negro, San Albert"]
["2026-07-01",68001000,"BUCARAMANGA","SANTANDER",41001000,"NEIVA","HUILA",849,"3S2",31,84854,8,21.86,5058341,678832,163172.29,5958,6757.57,185070.1,{"v":5737173,"d":"$ 5,737,173"},"PORTACONTENEDORES","Contenedor vacío","CARGADO","NO","Se cambia paso por municipios entre Lebrija, La Lizama por Rio Negro, San Albert"]
["2026-07-01",68001000,"BUCARAMANGA","SANTANDER",41001000,"NEIVA","HUILA",849,"3S2",31,98908,8,21.86,6585188,791264,212425.42,7756.41,8688.4,237950.06,{"v":7376452,"d":"$ 7,376,452"},"TANQUE","Granel líquido","CARGADO","NO","Se cambia paso por municipios entre Lebrija, La Lizama por Rio Negro, San Albert"]
["2026-07-01",68001000,"BUCARAMANGA","SANTANDER",41001000,"NEIVA","HUILA",849,"3S3",34,146310,8,21.86,8197632,1170480,241106.82,9655.63,11034.29,275532.71,{"v":9368112,"d":"$ 9,368,112"},"FURGON REFRIGERADO","Carga Refrigerada","CARGADO","NO","Se cambia paso por municipios entre Lebrija, La Lizama por Rio Negro, San Albert"]
["2026-07-01",68001000,"BUCARAMANGA","SANTANDER",41001000,"NEIVA","HUILA",849,"3S3",34,87862,8,21.86,6836878,702896,201084.65,8052.86,8880.77,221758.06,{"v":7539774,"d":"$ 7,539,774"},"ESTACAS","Granel Sólido","CARGADO","NO","Se cambia paso por municipios entre Lebrija, La Lizama por Rio Negro, San Albert"]
["2026-07-01",68001000,"BUCARAMANGA","SANTANDER",41001000,"NEIVA","HUILA",849,"3S3",34,102788,8,21.86,7163098,822304,210679.35,8437.1,9405.66,234864.76,{"v":7985402,"d":"$ 7,985,402"},"FURGON","Granel Sólido","CARGADO","NO","Se cambia paso por municipios entre Lebrija, La Lizama por Rio Negro, San Albert"]
["2026-07-01",68001000,"BUCARAMANGA","SANTANDER",41001000,"NEIVA","HUILA",849,"3S3",34,89674,8,21.86,6934923,717392,203968.32,8168.34,9013.33,225068.09,{"v":7652315,"d":"$ 7,652,315"},"VOLCO","Granel Sólido","CARGADO","NO","Se cambia paso por municipios entre Lebrija, La Lizama por Rio Negro, San Albert"]
["2026-07-01",68001000,"BUCARAMANGA","SANTANDER",41001000,"NEIVA","HUILA",849,"3S3",34,87862,8,21.86,6836878,702896,201084.65,8052.86,8880.77,221758.06,{"v":7539774,"d":"$ 7,539,774"},"ESTIBAS","Granel Sólido","CARGADO","NO","Se cambia paso por municipios entre Lebrija, La Lizama por Rio Negro, San Albert"]
["2026-07-01",68001000,"BUCARAMANGA","SANTANDER",41001000,"NEIVA","HUILA",849,"3S3",34,87862,8,21.86,6836878,702896,201084.65,8052.86,8880.77,221758.06,{"v":7539774,"d":"$ 7,539,774"},"PLATAFORMA","Granel Sólido","CARGADO","NO","Se cambia paso por municipios entre Lebrija, La Lizama por Rio Negro, San Albert"]
["2026-07-01",68001000,"BUCARAMANGA","SANTANDER",41001000,"NEIVA","HUILA",849,"3S3",34,86730,8,21.86,6812149,693840,200357.32,8023.73,8840.98,220764.38,{"v":7505989,"d":"$ 7,505,989"},"ESTACAS","General","CARGADO","NO","Se cambia paso por municipios entre Lebrija, La Lizama por Rio Negro, San Albert"]
["2026-07-01",68001000,"BUCARAMANGA","SANTANDER",41001000,"NEIVA","HUILA",849,"3S3",34,101656,8,21.86,7138368,813248,209952,8407.97,9365.86,233871.06,{"v":7951616,"d":"$ 7,951,616"},"FURGON","General","CARGADO","NO","Se cambia paso por municipios entre Lebrija, La Lizama por Rio Negro, San Albert"]
["2026-07-01",68001000,"BUCARAMANGA","SANTANDER",41001000,"NEIVA","HUILA",849,"3S3",34,86730,8,21.86,6812149,693840,200357.32,8023.73,8840.98,220764.38,{"v":7505989,"d":"$ 7,505,989"},"ESTIBAS","General","CARGADO","NO","Se cambia paso por municipios entre Lebrija, La Lizama por Rio Negro, San Albert"]
["2026-07-01",68001000,"BUCARAMANGA","SANTANDER",41001000,"NEIVA","HUILA",849,"3S3",34,86730,8,21.86,6812149,693840,200357.32,8023.73,8840.98,220764.38,{"v":7505989,"d":"$ 7,505,989"},"PLATAFORMA","General","CARGADO","NO","Se cambia paso por municipios entre Lebrija, La Lizama por Rio Negro, San Albert"]
["2026-07-01",68001000,"BUCARAMANGA","SANTANDER",41001000,"NEIVA","HUILA",849,"3S3",34,85728,8,21.86,6790250,685824,199713.24,7997.94,8805.74,219884.53,{"v":7476074,"d":"$ 7,476,074"},"PORTACONTENEDORES","Contenedor cargado","CARGADO","NO","Se cambia paso por municipios entre Lebrija, La Lizama por Rio Negro, San Albert"]
["2026-07-01",68001000,"BUCARAMANGA","SANTANDER",19001000,"POPAYAN","CAUCA",1038,"2S3",27,62754,8,22.68,5819844,502032,215549.78,5606.79,6090.44,234143.56,{"v":6321876,"d":"$ 6,321,876"},"PORTACONTENEDORES","Contenedor cargado","CARGADO","NO","Se cambia paso por municipios entre Lebrija, La Lizama por Rio Negro, San Albert"]
["2026-07-01",68001000,"BUCARAMANGA","SANTANDER",19001000,"POPAYAN","CAUCA",1038,"2S3",27,63851,8,22.68,5844729,510808,216471.44,5630.76,6122.87,235390.26,{"v":6355537,"d":"$ 6,355,537"},"ESTACAS","General","CARGADO","NO","Se cambia paso por municipios entre Lebrija, La Lizama por Rio Negro, San Albert"]
["2026-07-01",68001000,"BUCARAMANGA","SANTANDER",19001000,"POPAYAN","CAUCA",1038,"2S3",27,63851,8,22.68,5844729,510808,216471.44,5630.76,6122.87,235390.26,{"v":6355537,"d":"$ 6,355,537"},"PLATAFORMA","General","CARGADO","NO","Se cambia paso por municipios entre Lebrija, La Lizama por Rio Negro, San Albert"]
["2026-07-01",68001000,"BUCARAMANGA","SANTANDER",19001000,"POPAYAN","CAUCA",1038,"2S2",22,75644,8,22.68,5769964,605152,262271.09,5558.73,6141.73,289778,{"v":6375116,"d":"$ 6,375,116"},"TANQUE","Granel líquido","CARGADO","NO","Se cambia paso por municipios entre Lebrija, La Lizama por Rio Negro, San Albert"]
["2026-07-01",68001000,"BUCARAMANGA","SANTANDER",19001000,"POPAYAN","CAUCA",1038,"2S3",27,78005,8,22.68,6165665,624040,228357.96,5939.95,6541.14,251470.56,{"v":6789705,"d":"$ 6,789,705"},"FURGON","General","CARGADO","NO","Se cambia paso por municipios entre Lebrija, La Lizama por Rio Negro, San Albert"]
["2026-07-01",68001000,"BUCARAMANGA","SANTANDER",19001000,"POPAYAN","CAUCA",1038,"2S3",27,63851,8,22.68,5844729,510808,216471.44,5630.76,6122.87,235390.26,{"v":6355537,"d":"$ 6,355,537"},"ESTIBAS","General","CARGADO","NO","Se cambia paso por municipios entre Lebrija, La Lizama por Rio Negro, San Albert"]
["2026-07-01",68001000,"BUCARAMANGA","SANTANDER",19001000,"POPAYAN","CAUCA",1038,"2S3",27,62754,8,22.68,4767399,502032,176570.33,4592.87,5076.52,195164.11,{"v":5269431,"d":"$ 5,269,431"},"PORTACONTENEDORES","Contenedor vacío","CARGADO","NO","Se cambia paso por municipios entre Lebrija, La Lizama por Rio Negro, San Albert"]
["2026-07-01",68001000,"BUCARAMANGA","SANTANDER",19001000,"POPAYAN","CAUCA",1038,"2S3",27,75310,8,22.68,6104563,602480,226094.93,5881.08,6461.51,248409,{"v":6707043,"d":"$ 6,707,043"},"TANQUE","Granel líquido","CARGADO","NO","Se cambia paso por municipios entre Lebrija, La Lizama por Rio Negro, San Albert"]
["2026-07-01",68001000,"BUCARAMANGA","SANTANDER",19001000,"POPAYAN","CAUCA",1038,"2_5_8",3.4,64759,4,21.87,3498644,259036,1029012.94,3370.56,3620.12,1105200,{"v":3757680,"d":"$ 3,757,680"},"FURGON REFRIGERADO","Carga Refrigerada","CARGADO","NO","Se cambia paso por municipios entre Lebrija, La Lizama por Rio Negro, San Albert"]
["2026-07-01",68001000,"BUCARAMANGA","SANTANDER",19001000,"POPAYAN","CAUCA",1038,"2_5_8",3.4,37352,4,21.87,2847865,149408,837607.35,2743.61,2887.55,881550.88,{"v":2997273,"d":"$ 2,997,273"},"ESTACAS","Granel Sólido","CARGADO","NO","Se cambia paso por municipios entre Lebrija, La Lizama por Rio Negro, San Albert"]
["2026-07-01",68001000,"BUCARAMANGA","SANTANDER",19001000,"POPAYAN","CAUCA",1038,"2_5_8",3.4,39821,4,21.87,2917393,159284,858056.76,2810.59,2964.04,904905,{"v":3076677,"d":"$ 3,076,677"},"FURGON","Granel Sólido","CARGADO","NO","Se cambia paso por municipios entre Lebrija, La Lizama por Rio Negro, San Albert"]
["2026-07-01",68001000,"BUCARAMANGA","SANTANDER",19001000,"POPAYAN","CAUCA",1038,"2_5_8",3.4,37352,4,21.87,2863405,149408,842177.94,2758.58,2902.52,886121.47,{"v":3012813,"d":"$ 3,012,813"},"ESTIBAS","Granel Sólido","CARGADO","NO","Se cambia paso por municipios entre Lebrija, La Lizama por Rio Negro, San Albert"]
["2026-07-01",68001000,"BUCARAMANGA","SANTANDER",19001000,"POPAYAN","CAUCA",1038,"2_5_8",3.4,37352,4,21.87,2863405,149408,842177.94,2758.58,2902.52,886121.47,{"v":3012813,"d":"$ 3,012,813"},"PLATAFORMA","Granel Sólido","CARGADO","NO","Se cambia paso por municipios entre Lebrija, La Lizama por Rio Negro, San Albert"]
["2026-07-01",68001000,"BUCARAMANGA","SANTANDER",19001000,"POPAYAN","CAUCA",1038,"2_5_8",3.4,36221,4,21.87,2838659,144884,834899.71,2734.74,2874.32,877512.65,{"v":2983543,"d":"$ 2,983,543"},"ESTACAS","General","CARGADO","NO","Se cambia paso por municipios entre Lebrija, La Lizama por Rio Negro, San Albert"]
["2026-07-01",68001000,"BUCARAMANGA","SANTANDER",19001000,"POPAYAN","CAUCA",1038,"2_5_8",3.4,38689,4,21.87,2892646,154756,850778.24,2786.75,2935.84,896294.71,{"v":3047402,"d":"$ 3,047,402"},"FURGON","General","CARGADO","NO","Se cambia paso por municipios entre Lebrija, La Lizama por Rio Negro, San Albert"]
["2026-07-01",68001000,"BUCARAMANGA","SANTANDER",19001000,"POPAYAN","CAUCA",1038,"2_5_8",3.4,36221,4,21.87,2838659,144884,834899.71,2734.74,2874.32,877512.65,{"v":2983543,"d":"$ 2,983,543"},"ESTIBAS","General","CARGADO","NO","Se cambia paso por municipios entre Lebrija, La Lizama por Rio Negro, San Albert"]
["2026-07-01",68001000,"BUCARAMANGA","SANTANDER",19001000,"POPAYAN","CAUCA",1038,"2_5_8",3.4,36221,4,21.87,2838659,144884,834899.71,2734.74,2874.32,877512.65,{"v":2983543,"d":"$ 2,983,543"},"PLATAFORMA","General","CARGADO","NO","Se cambia paso por municipios entre Lebrija, La Lizama por Rio Negro, San Albert"]
["2026-07-01",68001000,"BUCARAMANGA","SANTANDER",19001000,"POPAYAN","CAUCA",1038,"2L3 Liviano entre 7.5 y 8 Tonel.",6,71753,4,21.87,3721042,287012,620173.67,3584.82,3861.32,668009,{"v":4008054,"d":"$ 4,008,054"},"FURGON REFRIGERADO","Carga Refrigerada","CARGADO","NO","Se cambia paso por municipios entre Lebrija, La Lizama por Rio Negro, San Albert"]
["2026-07-01",68001000,"BUCARAMANGA","SANTANDER",19001000,"POPAYAN","CAUCA",1038,"2L3 Liviano entre 7.5 y 8 Tonel.",6,40348,4,21.87,2968668,161392,494778,2859.99,3015.47,521676.67,{"v":3130060,"d":"$ 3,130,060"},"ESTACAS","Granel Sólido","CARGADO","NO","Se cambia paso por municipios entre Lebrija, La Lizama por Rio Negro, San Albert"]
["2026-07-01",68001000,"BUCARAMANGA","SANTANDER",19001000,"POPAYAN","CAUCA",1038,"2L3 Liviano entre 7.5 y 8 Tonel.",6,43458,4,21.87,3052228,173832,508704.67,2940.49,3107.96,537676.67,{"v":3226060,"d":"$ 3,226,060"},"FURGON","Granel Sólido","CARGADO","NO","Se cambia paso por municipios entre Lebrija, La Lizama por Rio Negro, San Albert"]
["2026-07-01",68001000,"BUCARAMANGA","SANTANDER",19001000,"POPAYAN","CAUCA",1038,"2L3 Liviano entre 7.5 y 8 Tonel.",6,40348,4,21.87,2984208,161392,497368,2874.96,3030.44,524266.67,{"v":3145600,"d":"$ 3,145,600"},"ESTIBAS","Granel Sólido","CARGADO","NO","Se cambia paso por municipios entre Lebrija, La Lizama por Rio Negro, San Albert"]
["2026-07-01",76109000,"BUENAVENTURA","VALLE DEL CAUCA",68001000,"BUCARAMANGA","SANTANDER",968,"3",16,61671,8,30.19,5898479,493368,368654.94,6093.47,6603.15,399490.44,{"v":6391847,"d":"$ 6,391,847"},"FURGON","General","CARGADO","NO","Se cambia paso por municipios entre La Lizama, Lebrija por La Lizama, San Albert"]
["2026-07-01",76109000,"BUENAVENTURA","VALLE DEL CAUCA",68001000,"BUCARAMANGA","SANTANDER",968,"3",16,59540,8,30.19,5834174,476320,364635.88,6027.04,6519.11,394405.88,{"v":6310494,"d":"$ 6,310,494"},"ESTIBAS","Granel Sólido","CARGADO","NO","Se cambia paso por municipios entre La Lizama, Lebrija por La Lizama, San Albert"]
["2026-07-01",76109000,"BUENAVENTURA","VALLE DEL CAUCA",68001000,"BUCARAMANGA","SANTANDER",968,"3",16,59540,8,30.19,5834174,476320,364635.88,6027.04,6519.11,394405.88,{"v":6310494,"d":"$ 6,310,494"},"PLATAFORMA","Granel Sólido","CARGADO","NO","Se cambia paso por municipios entre La Lizama, Lebrija por La Lizama, San Albert"]
["2026-07-01",76109000,"BUENAVENTURA","VALLE DEL CAUCA",68001000,"BUCARAMANGA","SANTANDER",968,"3",16,58409,8,30.19,5800015,467272,362500.94,5991.75,6474.47,391705.44,{"v":6267287,"d":"$ 6,267,287"},"ESTACAS","General","CARGADO","NO","Se cambia paso por municipios entre La Lizama, Lebrija por La Lizama, San Albert"]
["2026-07-01",76109000,"BUENAVENTURA","VALLE DEL CAUCA",68001000,"BUCARAMANGA","SANTANDER",968,"3",16,58409,8,30.19,5800015,467272,362500.94,5991.75,6474.47,391705.44,{"v":6267287,"d":"$ 6,267,287"},"ESTIBAS","General","CARGADO","NO","Se cambia paso por municipios entre La Lizama, Lebrija por La Lizama, San Albert"]
["2026-07-01",76109000,"BUENAVENTURA","VALLE DEL CAUCA",68001000,"BUCARAMANGA","SANTANDER",968,"3",16,58409,8,30.19,5800015,467272,362500.94,5991.75,6474.47,391705.44,{"v":6267287,"d":"$ 6,267,287"},"PLATAFORMA","General","CARGADO","NO","Se cambia paso por municipios entre La Lizama, Lebrija por La Lizama, San Albert"]
["2026-07-01",76109000,"BUENAVENTURA","VALLE DEL CAUCA",68001000,"BUCARAMANGA","SANTANDER",968,"3",16,58409,8,30.19,5800015,467272,362500.94,5991.75,6474.47,391705.44,{"v":6267287,"d":"$ 6,267,287"},"PORTACONTENEDORES","Contenedor cargado","CARGADO","NO","Se cambia paso por municipios entre La Lizama, Lebrija por La Lizama, San Albert"]
["2026-07-01",76109000,"BUENAVENTURA","VALLE DEL CAUCA",68001000,"BUCARAMANGA","SANTANDER",968,"3",16,58409,8,30.19,4697486,467272,293592.88,4852.77,5335.49,322797.38,{"v":5164758,"d":"$ 5,164,758"},"PORTACONTENEDORES","Contenedor vacío","CARGADO","NO","Se cambia paso por municipios entre La Lizama, Lebrija por La Lizama, San Albert"]
["2026-07-01",76109000,"BUENAVENTURA","VALLE DEL CAUCA",68001000,"BUCARAMANGA","SANTANDER",968,"3",16,64943,8,30.19,5997284,519544,374830.25,6195.54,6732.26,407301.75,{"v":6516828,"d":"$ 6,516,828"},"TANQUE","Granel líquido","CARGADO","NO","Se cambia paso por municipios entre La Lizama, Lebrija por La Lizama, San Albert"]
["2026-07-01",76109000,"BUENAVENTURA","VALLE DEL CAUCA",68001000,"BUCARAMANGA","SANTANDER",968,"3S2",31,145004,8,26.81,9161480,1160032,295531.61,9464.34,10662.72,332952,{"v":10321512,"d":"$ 10,321,512"},"FURGON REFRIGERADO","Carga Refrigerada","CARGADO","NO","Se cambia paso por municipios entre La Lizama, Lebrija por La Lizama, San Albert"]
["2026-07-01",76109000,"BUENAVENTURA","VALLE DEL CAUCA",68001000,"BUCARAMANGA","SANTANDER",968,"3S2",31,86847,8,26.81,7518793,694776,242541.71,7767.35,8485.09,264953.84,{"v":8213569,"d":"$ 8,213,569"},"ESTACAS","Granel Sólido","CARGADO","NO","Se cambia paso por municipios entre La Lizama, Lebrija por La Lizama, San Albert"]
["2026-07-01",76109000,"BUENAVENTURA","VALLE DEL CAUCA",68001000,"BUCARAMANGA","SANTANDER",968,"3S2",31,101482,8,26.81,7911187,811856,255199.58,8172.71,9011.41,281388.48,{"v":8723043,"d":"$ 8,723,043"},"FURGON","Granel Sólido","CARGADO","NO","Se cambia paso por municipios entre La Lizama, Lebrija por La Lizama, San Albert"]
["2026-07-01",76109000,"BUENAVENTURA","VALLE DEL CAUCA",68001000,"BUCARAMANGA","SANTANDER",968,"3S2",31,89209,8,26.81,7649799,713672,246767.71,7902.68,8639.95,269789.39,{"v":8363471,"d":"$ 8,363,471"},"VOLCO","Granel Sólido","CARGADO","NO","Se cambia paso por municipios entre La Lizama, Lebrija por La Lizama, San Albert"]
["2026-07-01",76109000,"BUENAVENTURA","VALLE DEL CAUCA",68001000,"BUCARAMANGA","SANTANDER",968,"3S2",31,86847,8,26.81,7518793,694776,242541.71,7767.35,8485.09,264953.84,{"v":8213569,"d":"$ 8,213,569"},"ESTIBAS","Granel Sólido","CARGADO","NO","Se cambia paso por municipios entre La Lizama, Lebrija por La Lizama, San Albert"]
["2026-07-01",76109000,"BUENAVENTURA","VALLE DEL CAUCA",68001000,"BUCARAMANGA","SANTANDER",968,"3S2",31,86847,8,26.81,7518793,694776,242541.71,7767.35,8485.09,264953.84,{"v":8213569,"d":"$ 8,213,569"},"PLATAFORMA","Granel Sólido","CARGADO","NO","Se cambia paso por municipios entre La Lizama, Lebrija por La Lizama, San Albert"]
["2026-07-01",76109000,"BUENAVENTURA","VALLE DEL CAUCA",68001000,"BUCARAMANGA","SANTANDER",968,"3S2",31,85716,8,26.81,7488454,685728,241563.03,7736.01,8444.4,263683.29,{"v":8174182,"d":"$ 8,174,182"},"ESTACAS","General","CARGADO","NO","Se cambia paso por municipios entre La Lizama, Lebrija por La Lizama, San Albert"]
["2026-07-01",76109000,"BUENAVENTURA","VALLE DEL CAUCA",68001000,"BUCARAMANGA","SANTANDER",968,"3S2",31,100350,8,26.81,7880848,802800,254220.9,8141.37,8970.71,280117.68,{"v":8683648,"d":"$ 8,683,648"},"FURGON","General","CARGADO","NO","Se cambia paso por municipios entre La Lizama, Lebrija por La Lizama, San Albert"]
["2026-07-01",76109000,"BUENAVENTURA","VALLE DEL CAUCA",68001000,"BUCARAMANGA","SANTANDER",968,"3S2",31,85716,8,26.81,7488454,685728,241563.03,7736.01,8444.4,263683.29,{"v":8174182,"d":"$ 8,174,182"},"ESTIBAS","General","CARGADO","NO","Se cambia paso por municipios entre La Lizama, Lebrija por La Lizama, San Albert"]
["2026-07-01",76109000,"BUENAVENTURA","VALLE DEL CAUCA",68001000,"BUCARAMANGA","SANTANDER",968,"3S2",31,85716,8,26.81,7488454,685728,241563.03,7736.01,8444.4,263683.29,{"v":8174182,"d":"$ 8,174,182"},"PLATAFORMA","General","CARGADO","NO","Se cambia paso por municipios entre La Lizama, Lebrija por La Lizama, San Albert"]
["2026-07-01",76109000,"BUENAVENTURA","VALLE DEL CAUCA",68001000,"BUCARAMANGA","SANTANDER",968,"3S2",31,84854,8,26.81,7465337,678832,240817.32,7712.12,8413.4,262715.13,{"v":8144169,"d":"$ 8,144,169"},"PORTACONTENEDORES","Contenedor cargado","CARGADO","NO","Se cambia paso por municipios entre La Lizama, Lebrija por La Lizama, San Albert"]
["2026-07-01",76001000,"CALI","VALLE DEL CAUCA",68001000,"BUCARAMANGA","SANTANDER",918,"V2",17.5,57575,8,29.58,4770112,460600,272577.83,5196.2,5697.94,298897.83,{"v":5230712,"d":"$ 5,230,712"},"VOLCO","Granel Sólido","CARGADO","NO","Se cambia paso por municipios entre La Lizama, Lebrija por La Lizama, San Albert"]
["2026-07-01",76001000,"CALI","VALLE DEL CAUCA",68001000,"BUCARAMANGA","SANTANDER",918,"V3",28.7,66231,8,26.21,5992988,529848,208814.91,6528.31,7105.49,227276.52,{"v":6522836,"d":"$ 6,522,836"},"VOLCO","Granel Sólido","CARGADO","NO","Se cambia paso por municipios entre La Lizama, Lebrija por La Lizama, San Albert"]
["2026-07-01",76001000,"CALI","VALLE DEL CAUCA",68001000,"BUCARAMANGA","SANTANDER",918,"V4",36.9,66252,8,23.28,7297165,530016,197755.15,7948.98,8526.34,212118.73,{"v":7827181,"d":"$ 7,827,181"},"VOLCO","Granel Sólido","CARGADO","NO","Se cambia paso por municipios entre La Lizama, Lebrija por La Lizama, San Albert"]
["2026-07-01",76147000,"CARTAGO","VALLE DEL CAUCA",68001000,"BUCARAMANGA","SANTANDER",708,"2",9,86677,8,20.63,3722749,693416,413638.78,5258.12,6237.52,490685,{"v":4416165,"d":"$ 4,416,165"},"FURGON REFRIGERADO","Carga Refrigerada","CARGADO","NO","Se cambia paso por municipios entre La Lizama, Lebrija por La Lizama, San Albert"]
["2026-07-01",76147000,"CARTAGO","VALLE DEL CAUCA",68001000,"BUCARAMANGA","SANTANDER",708,"2",9,61544,8,20.63,3154227,492352,350469.67,4455.12,5150.54,405175.44,{"v":3646579,"d":"$ 3,646,579"},"FURGON","Granel Sólido","CARGADO","NO","Se cambia paso por municipios entre La Lizama, Lebrija por La Lizama, San Albert"]
["2026-07-01",76147000,"CARTAGO","VALLE DEL CAUCA",68001000,"BUCARAMANGA","SANTANDER",708,"2",9,60412,8,20.63,3130883,483296,347875.89,4422.15,5104.77,401575.44,{"v":3614179,"d":"$ 3,614,179"},"FURGON","General","CARGADO","NO","Se cambia paso por municipios entre La Lizama, Lebrija por La Lizama, San Albert"]
["2026-07-01",76147000,"CARTAGO","VALLE DEL CAUCA",68001000,"BUCARAMANGA","SANTANDER",708,"2",9,54531,8,20.63,3009546,436248,334394,4250.77,4866.94,382866,{"v":3445794,"d":"$ 3,445,794"},"PLATAFORMA","General","CARGADO","NO","Se cambia paso por municipios entre La Lizama, Lebrija por La Lizama, San Albert"]
["2026-07-01",76147000,"CARTAGO","VALLE DEL CAUCA",68001000,"BUCARAMANGA","SANTANDER",708,"2",9,55663,8,20.63,3032890,445304,336987.78,4283.74,4912.7,386466,{"v":3478194,"d":"$ 3,478,194"},"ESTACAS","Granel Sólido","CARGADO","NO","Se cambia paso por municipios entre La Lizama, Lebrija por La Lizama, San Albert"]
["2026-07-01",76147000,"CARTAGO","VALLE DEL CAUCA",68001000,"BUCARAMANGA","SANTANDER",708,"2",9,55663,8,20.63,3032890,445304,336987.78,4283.74,4912.7,386466,{"v":3478194,"d":"$ 3,478,194"},"PLATAFORMA","Granel Sólido","CARGADO","NO","Se cambia paso por municipios entre La Lizama, Lebrija por La Lizama, San Albert"]
["2026-07-01",76147000,"CARTAGO","VALLE DEL CAUCA",68001000,"BUCARAMANGA","SANTANDER",708,"2",9,54531,8,20.63,3009546,436248,334394,4250.77,4866.94,382866,{"v":3445794,"d":"$ 3,445,794"},"PORTACONTENEDORES","Contenedor cargado","CARGADO","NO","Se cambia paso por municipios entre La Lizama, Lebrija por La Lizama, San Albert"]
["2026-07-01",76147000,"CARTAGO","VALLE DEL CAUCA",68001000,"BUCARAMANGA","SANTANDER",708,"2",9,57575,8,20.63,3123984,460600,347109.33,4412.41,5062.97,398287.11,{"v":3584584,"d":"$ 3,584,584"},"VOLCO","Granel Sólido","CARGADO","NO","Se cambia paso por municipios entre La Lizama, Lebrija por La Lizama, San Albert"]
["2026-07-01",76147000,"CARTAGO","VALLE DEL CAUCA",68001000,"BUCARAMANGA","SANTANDER",708,"2",9,55663,8,20.63,3032890,445304,336987.78,4283.74,4912.7,386466,{"v":3478194,"d":"$ 3,478,194"},"ESTIBAS","Granel Sólido","CARGADO","NO","Se cambia paso por municipios entre La Lizama, Lebrija por La Lizama, San Albert"]
["2026-07-01",76147000,"CARTAGO","VALLE DEL CAUCA",68001000,"BUCARAMANGA","SANTANDER",708,"2",9,54531,8,20.63,3009546,436248,334394,4250.77,4866.94,382866,{"v":3445794,"d":"$ 3,445,794"},"ESTIBAS","General","CARGADO","NO","Se cambia paso por municipios entre La Lizama, Lebrija por La Lizama, San Albert"]
["2026-07-01",76147000,"CARTAGO","VALLE DEL CAUCA",68001000,"BUCARAMANGA","SANTANDER",708,"2",9,54531,8,20.63,3009546,436248,334394,4250.77,4866.94,382866,{"v":3445794,"d":"$ 3,445,794"},"ESTACAS","General","CARGADO","NO","Se cambia paso por municipios entre La Lizama, Lebrija por La Lizama, San Albert"]
["2026-07-01",76147000,"CARTAGO","VALLE DEL CAUCA",68001000,"BUCARAMANGA","SANTANDER",708,"2",9,54531,8,20.63,2579268,436248,286585.33,3643.03,4259.2,335057.33,{"v":3015516,"d":"$ 3,015,516"},"PORTACONTENEDORES","Contenedor vacío","CARGADO","NO","Se cambia paso por municipios entre La Lizama, Lebrija por La Lizama, San Albert"]
["2026-07-01",76147000,"CARTAGO","VALLE DEL CAUCA",68001000,"BUCARAMANGA","SANTANDER",708,"2",9,61066,8,20.63,3144359,488528,349373.22,4441.19,5131.2,403654.11,{"v":3632887,"d":"$ 3,632,887"},"TANQUE","Granel líquido","CARGADO","NO","Se cambia paso por municipios entre La Lizama, Lebrija por La Lizama, San Albert"]
["2026-07-01",76147000,"CARTAGO","VALLE DEL CAUCA",68001000,"BUCARAMANGA","SANTANDER",708,"2S2",22,78048,8,18.12,4306020,624384,195728.18,6081.95,6963.85,224109.27,{"v":4930404,"d":"$ 4,930,404"},"FURGON","Granel Sólido","CARGADO","NO","Se cambia paso por municipios entre La Lizama, Lebrija por La Lizama, San Albert"]
["2026-07-01",76147000,"CARTAGO","VALLE DEL CAUCA",68001000,"BUCARAMANGA","SANTANDER",708,"2S2",22,63992,8,18.12,4051374,511936,184153.36,5722.28,6445.35,207423.18,{"v":4563310,"d":"$ 4,563,310"},"ESTIBAS","Granel Sólido","CARGADO","NO","Se cambia paso por municipios entre La Lizama, Lebrija por La Lizama, San Albert"]
["2026-07-01",76147000,"CARTAGO","VALLE DEL CAUCA",68001000,"BUCARAMANGA","SANTANDER",708,"2S2",22,63992,8,18.12,4051374,511936,184153.36,5722.28,6445.35,207423.18,{"v":4563310,"d":"$ 4,563,310"},"PLATAFORMA","Granel Sólido","CARGADO","NO","Se cambia paso por municipios entre La Lizama, Lebrija por La Lizama, San Albert"]
["2026-07-01",76147000,"CARTAGO","VALLE DEL CAUCA",68001000,"BUCARAMANGA","SANTANDER",708,"2S2",22,62860,8,18.12,4030876,502880,183221.64,5693.33,6403.61,206079.82,{"v":4533756,"d":"$ 4,533,756"},"ESTIBAS","General","CARGADO","NO","Se cambia paso por municipios entre La Lizama, Lebrija por La Lizama, San Albert"]
["2026-07-01",5079000,"BARBOSA","ANTIOQUIA",5809000,"TITIRIBI","ANTIOQUIA",97,"2_8_105",5.4,70516,4,2.35,478587,282064,88627.22,4933.89,7841.76,140861.3,{"v":760651,"d":"$ 760,651"},"FURGON REFRIGERADO","Carga Refrigerada","CARGADO","SI","Copacabana,Bello,Medellin,Itagui,La Estrella,Sabaneta,Caldas,Amaga"]
["2026-07-01",5079000,"BARBOSA","ANTIOQUIA",5809000,"TITIRIBI","ANTIOQUIA",97,"2_8_105",5.4,41061,4,2.35,363472,164244,67309.63,3747.13,5440.37,97725.19,{"v":527716,"d":"$ 527,716"},"ESTACAS","Granel Sólido","CARGADO","SI","Copacabana,Bello,Medellin,Itagui,La Estrella,Sabaneta,Caldas,Amaga"]
["2026-07-01",5079000,"BARBOSA","ANTIOQUIA",5809000,"TITIRIBI","ANTIOQUIA",97,"2_8_105",5.4,43798,4,2.35,369908,175192,68501.48,3813.48,5619.59,100944.44,{"v":545100,"d":"$ 545,100"},"FURGON","Granel Sólido","CARGADO","SI","Copacabana,Bello,Medellin,Itagui,La Estrella,Sabaneta,Caldas,Amaga"]
["2026-07-01",5079000,"BARBOSA","ANTIOQUIA",5809000,"TITIRIBI","ANTIOQUIA",97,"2_8_105",5.4,41061,4,2.35,363472,164244,67309.63,3747.13,5440.37,97725.19,{"v":527716,"d":"$ 527,716"},"ESTIBAS","Granel Sólido","CARGADO","SI","Copacabana,Bello,Medellin,Itagui,La Estrella,Sabaneta,Caldas,Amaga"]
["2026-07-01",5079000,"BARBOSA","ANTIOQUIA",5809000,"TITIRIBI","ANTIOQUIA",97,"2_8_105",5.4,41061,4,2.35,363472,164244,67309.63,3747.13,5440.37,97725.19,{"v":527716,"d":"$ 527,716"},"PLATAFORMA","Granel Sólido","CARGADO","SI","Copacabana,Bello,Medellin,Itagui,La Estrella,Sabaneta,Caldas,Amaga"]
["2026-07-01",5079000,"BARBOSA","ANTIOQUIA",5809000,"TITIRIBI","ANTIOQUIA",97,"2_8_105",5.4,39930,4,2.35,360811,159720,66816.85,3719.7,5366.3,96394.63,{"v":520531,"d":"$ 520,531"},"ESTACAS","General","CARGADO","SI","Copacabana,Bello,Medellin,Itagui,La Estrella,Sabaneta,Caldas,Amaga"]
["2026-07-01",5079000,"BARBOSA","ANTIOQUIA",5809000,"TITIRIBI","ANTIOQUIA",97,"2_8_105",5.4,42101,4,2.35,365918,168404,67762.59,3772.35,5508.47,98948.52,{"v":534322,"d":"$ 534,322"},"FURGON","General","CARGADO","SI","Copacabana,Bello,Medellin,Itagui,La Estrella,Sabaneta,Caldas,Amaga"]
["2026-07-01",5079000,"BARBOSA","ANTIOQUIA",5809000,"TITIRIBI","ANTIOQUIA",97,"2_8_105",5.4,40495,4,2.35,362139,161980,67062.78,3733.39,5403.29,97059.07,{"v":524119,"d":"$ 524,119"},"ESTIBAS","General","CARGADO","SI","Copacabana,Bello,Medellin,Itagui,La Estrella,Sabaneta,Caldas,Amaga"]
["2026-07-01",5079000,"BARBOSA","ANTIOQUIA",5809000,"TITIRIBI","ANTIOQUIA",97,"2_8_105",5.4,39930,4,2.35,360811,159720,66816.85,3719.7,5366.3,96394.63,{"v":520531,"d":"$ 520,531"},"PLATAFORMA","General","CARGADO","SI","Copacabana,Bello,Medellin,Itagui,La Estrella,Sabaneta,Caldas,Amaga"]
["2026-07-01",5079000,"BARBOSA","ANTIOQUIA",5809000,"TITIRIBI","ANTIOQUIA",97,"2L2 Liviano entre 8 y 9 Tonel.",5,72221,4,2.35,477831,288884,95566.2,4926.09,7904.28,153343,{"v":766715,"d":"$ 766,715"},"FURGON REFRIGERADO","Carga Refrigerada","CARGADO","SI","Copacabana,Bello,Medellin,Itagui,La Estrella,Sabaneta,Caldas,Amaga"]
["2026-07-01",5079000,"BARBOSA","ANTIOQUIA",5809000,"TITIRIBI","ANTIOQUIA",97,"2L2 Liviano entre 8 y 9 Tonel.",5,41243,4,2.35,354967,164972,70993.4,3659.45,5360.2,103987.8,{"v":519939,"d":"$ 519,939"},"ESTACAS","Granel Sólido","CARGADO","SI","Copacabana,Bello,Medellin,Itagui,La Estrella,Sabaneta,Caldas,Amaga"]
["2026-07-01",5079000,"BARBOSA","ANTIOQUIA",5809000,"TITIRIBI","ANTIOQUIA",97,"2L2 Liviano entre 8 y 9 Tonel.",5,43397,4,2.35,360034,173588,72006.8,3711.69,5501.26,106724.4,{"v":533622,"d":"$ 533,622"},"FURGON","Granel Sólido","CARGADO","SI","Copacabana,Bello,Medellin,Itagui,La Estrella,Sabaneta,Caldas,Amaga"]
["2026-07-01",5079000,"BARBOSA","ANTIOQUIA",5809000,"TITIRIBI","ANTIOQUIA",97,"2L2 Liviano entre 8 y 9 Tonel.",5,41243,4,2.35,354967,164972,70993.4,3659.45,5360.2,103987.8,{"v":519939,"d":"$ 519,939"},"ESTIBAS","Granel Sólido","CARGADO","SI","Copacabana,Bello,Medellin,Itagui,La Estrella,Sabaneta,Caldas,Amaga"]
["2026-07-01",5079000,"BARBOSA","ANTIOQUIA",5809000,"TITIRIBI","ANTIOQUIA",97,"2L2 Liviano entre 8 y 9 Tonel.",5,41243,4,2.35,354967,164972,70993.4,3659.45,5360.2,103987.8,{"v":519939,"d":"$ 519,939"},"PLATAFORMA","Granel Sólido","CARGADO","SI","Copacabana,Bello,Medellin,Itagui,La Estrella,Sabaneta,Caldas,Amaga"]
["2026-07-01",5079000,"BARBOSA","ANTIOQUIA",5809000,"TITIRIBI","ANTIOQUIA",97,"2L2 Liviano entre 8 y 9 Tonel.",5,40112,4,2.35,352306,160448,70461.2,3632.02,5286.12,102550.8,{"v":512754,"d":"$ 512,754"},"ESTACAS","General","CARGADO","SI","Copacabana,Bello,Medellin,Itagui,La Estrella,Sabaneta,Caldas,Amaga"]
["2026-07-01",5079000,"BARBOSA","ANTIOQUIA",5809000,"TITIRIBI","ANTIOQUIA",97,"2L2 Liviano entre 8 y 9 Tonel.",5,42266,4,2.35,357373,169064,71474.6,3684.26,5427.19,105287.4,{"v":526437,"d":"$ 526,437"},"FURGON","General","CARGADO","SI","Copacabana,Bello,Medellin,Itagui,La Estrella,Sabaneta,Caldas,Amaga"]
["2026-07-01",5079000,"BARBOSA","ANTIOQUIA",5809000,"TITIRIBI","ANTIOQUIA",97,"2L2 Liviano entre 8 y 9 Tonel.",5,40112,4,2.35,352306,160448,70461.2,3632.02,5286.12,102550.8,{"v":512754,"d":"$ 512,754"},"ESTIBAS","General","CARGADO","SI","Copacabana,Bello,Medellin,Itagui,La Estrella,Sabaneta,Caldas,Amaga"]
["2026-07-01",5079000,"BARBOSA","ANTIOQUIA",5809000,"TITIRIBI","ANTIOQUIA",97,"2L2 Liviano entre 8 y 9 Tonel.",5,40112,4,2.35,352306,160448,70461.2,3632.02,5286.12,102550.8,{"v":512754,"d":"$ 512,754"},"PLATAFORMA","General","CARGADO","SI","Copacabana,Bello,Medellin,Itagui,La Estrella,Sabaneta,Caldas,Amaga"]
["2026-07-01",5079000,"BARBOSA","ANTIOQUIA",5809000,"TITIRIBI","ANTIOQUIA",97,"2L1 Liviano entre 9 y 10.5 Tonel.",6,76057,4,2.35,495787,304228,82631.17,5111.21,8247.58,133335.83,{"v":800015,"d":"$ 800,015"},"FURGON REFRIGERADO","Carga Refrigerada","CARGADO","SI","Copacabana,Bello,Medellin,Itagui,La Estrella,Sabaneta,Caldas,Amaga"]
["2026-07-01",5079000,"BARBOSA","ANTIOQUIA",5809000,"TITIRIBI","ANTIOQUIA",97,"2L1 Liviano entre 9 y 10.5 Tonel.",6,44306,4,2.35,371105,177224,61850.83,3825.82,5652.88,91388.17,{"v":548329,"d":"$ 548,329"},"ESTACAS","Granel Sólido","CARGADO","SI","Copacabana,Bello,Medellin,Itagui,La Estrella,Sabaneta,Caldas,Amaga"]
["2026-07-01",13052000,"ARJONA","BOLÍVAR",11001000,"BOGOTA, D.C.","BOGOTÁ, D.C.",1037,"2S2",22,61871,8,18.96,4057364,494968,184425.64,3912.6,4389.91,206924.18,{"v":4552332,"d":"$ 4,552,332"},"PORTACONTENEDORES","Contenedor vacío","CARGADO","SI","San Juan Nepomuceno,San Jacinto,El Carmen De Bolivar,Plato,El Dificil,Bosconia,C"]
["2026-07-01",13052000,"ARJONA","BOLÍVAR",11001000,"BOGOTA, D.C.","BOGOTÁ, D.C.",1037,"2S2",22,75644,8,18.96,5258130,605152,239005.91,5070.52,5654.08,266512.82,{"v":5863282,"d":"$ 5,863,282"},"TANQUE","Granel líquido","CARGADO","SI","San Juan Nepomuceno,San Jacinto,El Carmen De Bolivar,Plato,El Dificil,Bosconia,C"]
["2026-07-01",13052000,"ARJONA","BOLÍVAR",11001000,"BOGOTA, D.C.","BOGOTÁ, D.C.",1037,"2S3",27,120421,8,18.96,6489746,963368,240360.96,6258.19,7187.19,276041.26,{"v":7453114,"d":"$ 7,453,114"},"FURGON REFRIGERADO","Carga Refrigerada","CARGADO","SI","San Juan Nepomuceno,San Jacinto,El Carmen De Bolivar,Plato,El Dificil,Bosconia,C"]
["2026-07-01",13052000,"ARJONA","BOLÍVAR",11001000,"BOGOTA, D.C.","BOGOTÁ, D.C.",1037,"2S3",27,64983,8,18.96,5355264,519864,198343.11,5164.19,5665.5,217597.33,{"v":5875128,"d":"$ 5,875,128"},"ESTACAS","Granel Sólido","CARGADO","SI","San Juan Nepomuceno,San Jacinto,El Carmen De Bolivar,Plato,El Dificil,Bosconia,C"]
["2026-07-01",13052000,"ARJONA","BOLÍVAR",11001000,"BOGOTA, D.C.","BOGOTÁ, D.C.",1037,"2S3",27,79136,8,18.96,5623625,633088,208282.41,5422.97,6033.47,231730.11,{"v":6256713,"d":"$ 6,256,713"},"FURGON","Granel Sólido","CARGADO","SI","San Juan Nepomuceno,San Jacinto,El Carmen De Bolivar,Plato,El Dificil,Bosconia,C"]
["2026-07-01",13052000,"ARJONA","BOLÍVAR",11001000,"BOGOTA, D.C.","BOGOTÁ, D.C.",1037,"2S3",27,66706,8,18.96,5460450,533648,202238.89,5265.62,5780.23,222003.63,{"v":5994098,"d":"$ 5,994,098"},"VOLCO","Granel Sólido","CARGADO","SI","San Juan Nepomuceno,San Jacinto,El Carmen De Bolivar,Plato,El Dificil,Bosconia,C"]
["2026-07-01",13052000,"ARJONA","BOLÍVAR",11001000,"BOGOTA, D.C.","BOGOTÁ, D.C.",1037,"2S3",27,64983,8,18.96,5355264,519864,198343.11,5164.19,5665.5,217597.33,{"v":5875128,"d":"$ 5,875,128"},"ESTIBAS","Granel Sólido","CARGADO","SI","San Juan Nepomuceno,San Jacinto,El Carmen De Bolivar,Plato,El Dificil,Bosconia,C"]
["2026-07-01",13052000,"ARJONA","BOLÍVAR",11001000,"BOGOTA, D.C.","BOGOTÁ, D.C.",1037,"2S3",27,64983,8,18.96,5355264,519864,198343.11,5164.19,5665.5,217597.33,{"v":5875128,"d":"$ 5,875,128"},"PLATAFORMA","Granel Sólido","CARGADO","SI","San Juan Nepomuceno,San Jacinto,El Carmen De Bolivar,Plato,El Dificil,Bosconia,C"]
["2026-07-01",13052000,"ARJONA","BOLÍVAR",11001000,"BOGOTA, D.C.","BOGOTÁ, D.C.",1037,"2S3",27,63851,8,18.96,5333810,510808,197548.52,5143.5,5636.08,216467.33,{"v":5844618,"d":"$ 5,844,618"},"ESTACAS","General","CARGADO","SI","San Juan Nepomuceno,San Jacinto,El Carmen De Bolivar,Plato,El Dificil,Bosconia,C"]
["2026-07-01",13052000,"ARJONA","BOLÍVAR",11001000,"BOGOTA, D.C.","BOGOTÁ, D.C.",1037,"2S3",27,78005,8,18.96,5602171,624040,207487.81,5402.29,6004.06,230600.41,{"v":6226211,"d":"$ 6,226,211"},"FURGON","General","CARGADO","SI","San Juan Nepomuceno,San Jacinto,El Carmen De Bolivar,Plato,El Dificil,Bosconia,C"]
["2026-07-01",13052000,"ARJONA","BOLÍVAR",11001000,"BOGOTA, D.C.","BOGOTÁ, D.C.",1037,"2S3",27,63851,8,18.96,5333810,510808,197548.52,5143.5,5636.08,216467.33,{"v":5844618,"d":"$ 5,844,618"},"ESTIBAS","General","CARGADO","SI","San Juan Nepomuceno,San Jacinto,El Carmen De Bolivar,Plato,El Dificil,Bosconia,C"]
["2026-07-01",13052000,"ARJONA","BOLÍVAR",11001000,"BOGOTA, D.C.","BOGOTÁ, D.C.",1037,"2S3",27,63851,8,18.96,5333810,510808,197548.52,5143.5,5636.08,216467.33,{"v":5844618,"d":"$ 5,844,618"},"PLATAFORMA","General","CARGADO","SI","San Juan Nepomuceno,San Jacinto,El Carmen De Bolivar,Plato,El Dificil,Bosconia,C"]
["2026-07-01",13052000,"ARJONA","BOLÍVAR",11001000,"BOGOTA, D.C.","BOGOTÁ, D.C.",1037,"2S3",27,62754,8,18.96,5313002,502032,196777.85,5123.43,5607.55,215371.63,{"v":5815034,"d":"$ 5,815,034"},"PORTACONTENEDORES","Contenedor cargado","CARGADO","SI","San Juan Nepomuceno,San Jacinto,El Carmen De Bolivar,Plato,El Dificil,Bosconia,C"]
["2026-07-01",13052000,"ARJONA","BOLÍVAR",11001000,"BOGOTA, D.C.","BOGOTÁ, D.C.",1037,"2S3",27,62754,8,18.96,4357032,502032,161371.56,4201.57,4685.69,179965.33,{"v":4859064,"d":"$ 4,859,064"},"PORTACONTENEDORES","Contenedor vacío","CARGADO","SI","San Juan Nepomuceno,San Jacinto,El Carmen De Bolivar,Plato,El Dificil,Bosconia,C"]
["2026-07-01",13052000,"ARJONA","BOLÍVAR",11001000,"BOGOTA, D.C.","BOGOTÁ, D.C.",1037,"2S3",27,75310,8,18.96,5551079,602480,205595.52,5353.02,5934,227909.59,{"v":6153559,"d":"$ 6,153,559"},"TANQUE","Granel líquido","CARGADO","SI","San Juan Nepomuceno,San Jacinto,El Carmen De Bolivar,Plato,El Dificil,Bosconia,C"]
["2026-07-01",13052000,"ARJONA","BOLÍVAR",11001000,"BOGOTA, D.C.","BOGOTÁ, D.C.",1037,"2_5_8",3.4,64759,4,18.48,3154900,259036,927911.76,3042.33,3292.13,1004098.82,{"v":3413936,"d":"$ 3,413,936"},"FURGON REFRIGERADO","Carga Refrigerada","CARGADO","SI","San Juan Nepomuceno,San Jacinto,El Carmen De Bolivar,Plato,El Dificil,Bosconia,C"]
["2026-07-01",13052000,"ARJONA","BOLÍVAR",11001000,"BOGOTA, D.C.","BOGOTÁ, D.C.",1037,"2_5_8",3.4,37352,4,18.48,2597052,149408,763838.82,2504.39,2648.47,807782.35,{"v":2746460,"d":"$ 2,746,460"},"ESTACAS","Granel Sólido","CARGADO","SI","San Juan Nepomuceno,San Jacinto,El Carmen De Bolivar,Plato,El Dificil,Bosconia,C"]
["2026-07-01",13052000,"ARJONA","BOLÍVAR",11001000,"BOGOTA, D.C.","BOGOTÁ, D.C.",1037,"2_5_8",3.4,39821,4,18.48,2658198,159284,781822.94,2563.35,2716.95,828671.18,{"v":2817482,"d":"$ 2,817,482"},"FURGON","Granel Sólido","CARGADO","SI","San Juan Nepomuceno,San Jacinto,El Carmen De Bolivar,Plato,El Dificil,Bosconia,C"]
["2026-07-01",13052000,"ARJONA","BOLÍVAR",11001000,"BOGOTA, D.C.","BOGOTÁ, D.C.",1037,"2_5_8",3.4,37352,4,18.48,2612579,149408,768405.59,2519.36,2663.44,812349.12,{"v":2761987,"d":"$ 2,761,987"},"ESTIBAS","Granel Sólido","CARGADO","SI","San Juan Nepomuceno,San Jacinto,El Carmen De Bolivar,Plato,El Dificil,Bosconia,C"]
["2026-07-01",13052000,"ARJONA","BOLÍVAR",11001000,"BOGOTA, D.C.","BOGOTÁ, D.C.",1037,"2_5_8",3.4,37352,4,18.48,2612579,149408,768405.59,2519.36,2663.44,812349.12,{"v":2761987,"d":"$ 2,761,987"},"PLATAFORMA","Granel Sólido","CARGADO","SI","San Juan Nepomuceno,San Jacinto,El Carmen De Bolivar,Plato,El Dificil,Bosconia,C"]
["2026-07-01",13052000,"ARJONA","BOLÍVAR",11001000,"BOGOTA, D.C.","BOGOTÁ, D.C.",1037,"2_5_8",3.4,36221,4,18.48,2591668,144884,762255.29,2499.2,2638.91,804868.24,{"v":2736552,"d":"$ 2,736,552"},"ESTACAS","General","CARGADO","SI","San Juan Nepomuceno,San Jacinto,El Carmen De Bolivar,Plato,El Dificil,Bosconia,C"]
["2026-07-01",13052000,"ARJONA","BOLÍVAR",11001000,"BOGOTA, D.C.","BOGOTÁ, D.C.",1037,"2_5_8",3.4,38689,4,18.48,2637287,154756,775672.65,2543.19,2692.42,821189.12,{"v":2792043,"d":"$ 2,792,043"},"FURGON","General","CARGADO","SI","San Juan Nepomuceno,San Jacinto,El Carmen De Bolivar,Plato,El Dificil,Bosconia,C"]
["2026-07-01",25286000,"FUNZA","CUNDINAMARCA",5129000,"CALDAS","ANTIOQUIA",423,"2S3",27,75310,8,10.39,2786976,602480,103221.33,6588.6,8012.9,125535.41,{"v":3389456,"d":"$ 3,389,456"},"TANQUE","Granel líquido","CARGADO","SI","Mosquera,Madrid,Facatativa,Alban,Sasaima,Villeta,Guaduas,El Santuario,Marinilla,"]
["2026-07-01",25286000,"FUNZA","CUNDINAMARCA",5129000,"CALDAS","ANTIOQUIA",423,"2S3",27,62754,8,10.39,2205954,502032,81702,5215.02,6401.86,100295.78,{"v":2707986,"d":"$ 2,707,986"},"PORTACONTENEDORES","Contenedor vacío","CARGADO","SI","Mosquera,Madrid,Facatativa,Alban,Sasaima,Villeta,Guaduas,El Santuario,Marinilla,"]
["2026-07-01",25286000,"FUNZA","CUNDINAMARCA",5129000,"CALDAS","ANTIOQUIA",423,"2_5_8",3.4,64759,4,9.33,1567398,259036,460999.41,3705.43,4317.81,537186.47,{"v":1826434,"d":"$ 1,826,434"},"FURGON REFRIGERADO","Carga Refrigerada","CARGADO","SI","Mosquera,Madrid,Facatativa,Alban,Sasaima,Villeta,Guaduas,El Santuario,Marinilla,"]
["2026-07-01",25286000,"FUNZA","CUNDINAMARCA",5129000,"CALDAS","ANTIOQUIA",423,"2_5_8",3.4,37352,4,9.33,1269570,149408,373402.94,3001.35,3354.56,417346.47,{"v":1418978,"d":"$ 1,418,978"},"ESTACAS","Granel Sólido","CARGADO","SI","Mosquera,Madrid,Facatativa,Alban,Sasaima,Villeta,Guaduas,El Santuario,Marinilla,"]
["2026-07-01",25286000,"FUNZA","CUNDINAMARCA",5129000,"CALDAS","ANTIOQUIA",423,"2_5_8",3.4,39821,4,9.33,1298931,159284,382038.53,3070.76,3447.32,428886.76,{"v":1458215,"d":"$ 1,458,215"},"FURGON","Granel Sólido","CARGADO","SI","Mosquera,Madrid,Facatativa,Alban,Sasaima,Villeta,Guaduas,El Santuario,Marinilla,"]
["2026-07-01",25286000,"FUNZA","CUNDINAMARCA",5129000,"CALDAS","ANTIOQUIA",423,"2_5_8",3.4,37352,4,9.33,1275904,149408,375265.88,3016.32,3369.53,419209.41,{"v":1425312,"d":"$ 1,425,312"},"ESTIBAS","Granel Sólido","CARGADO","SI","Mosquera,Madrid,Facatativa,Alban,Sasaima,Villeta,Guaduas,El Santuario,Marinilla,"]
["2026-07-01",25286000,"FUNZA","CUNDINAMARCA",5129000,"CALDAS","ANTIOQUIA",423,"2_5_8",3.4,37352,4,9.33,1275904,149408,375265.88,3016.32,3369.53,419209.41,{"v":1425312,"d":"$ 1,425,312"},"PLATAFORMA","Granel Sólido","CARGADO","SI","Mosquera,Madrid,Facatativa,Alban,Sasaima,Villeta,Guaduas,El Santuario,Marinilla,"]
["2026-07-01",25286000,"FUNZA","CUNDINAMARCA",5129000,"CALDAS","ANTIOQUIA",423,"2_5_8",3.4,36221,4,9.33,1265349,144884,372161.47,2991.37,3333.88,414774.41,{"v":1410233,"d":"$ 1,410,233"},"ESTACAS","General","CARGADO","SI","Mosquera,Madrid,Facatativa,Alban,Sasaima,Villeta,Guaduas,El Santuario,Marinilla,"]
["2026-07-01",25286000,"FUNZA","CUNDINAMARCA",5129000,"CALDAS","ANTIOQUIA",423,"2_5_8",3.4,38689,4,9.33,1288376,154756,378934.12,3045.81,3411.66,424450.59,{"v":1443132,"d":"$ 1,443,132"},"FURGON","General","CARGADO","SI","Mosquera,Madrid,Facatativa,Alban,Sasaima,Villeta,Guaduas,El Santuario,Marinilla,"]
["2026-07-01",25286000,"FUNZA","CUNDINAMARCA",5129000,"CALDAS","ANTIOQUIA",423,"2_5_8",3.4,36221,4,9.33,1265349,144884,372161.47,2991.37,3333.88,414774.41,{"v":1410233,"d":"$ 1,410,233"},"ESTIBAS","General","CARGADO","SI","Mosquera,Madrid,Facatativa,Alban,Sasaima,Villeta,Guaduas,El Santuario,Marinilla,"]
["2026-07-01",25286000,"FUNZA","CUNDINAMARCA",5129000,"CALDAS","ANTIOQUIA",423,"2_5_8",3.4,36221,4,9.33,1265349,144884,372161.47,2991.37,3333.88,414774.41,{"v":1410233,"d":"$ 1,410,233"},"PLATAFORMA","General","CARGADO","SI","Mosquera,Madrid,Facatativa,Alban,Sasaima,Villeta,Guaduas,El Santuario,Marinilla,"]
["2026-07-01",25286000,"FUNZA","CUNDINAMARCA",5129000,"CALDAS","ANTIOQUIA",423,"2L3 Liviano entre 7.5 y 8 Tonel.",6,71753,4,9.33,1670622,287012,278437,3949.46,4627.98,326272.33,{"v":1957634,"d":"$ 1,957,634"},"FURGON REFRIGERADO","Carga Refrigerada","CARGADO","SI","Mosquera,Madrid,Facatativa,Alban,Sasaima,Villeta,Guaduas,El Santuario,Marinilla,"]
["2026-07-01",25286000,"FUNZA","CUNDINAMARCA",5129000,"CALDAS","ANTIOQUIA",423,"2L3 Liviano entre 7.5 y 8 Tonel.",6,40348,4,9.33,1321336,161392,220222.67,3123.73,3505.27,247121.33,{"v":1482728,"d":"$ 1,482,728"},"ESTACAS","Granel Sólido","CARGADO","SI","Mosquera,Madrid,Facatativa,Alban,Sasaima,Villeta,Guaduas,El Santuario,Marinilla,"]
["2026-07-01",25286000,"FUNZA","CUNDINAMARCA",5129000,"CALDAS","ANTIOQUIA",423,"2L3 Liviano entre 7.5 y 8 Tonel.",6,43458,4,9.33,1356683,173832,226113.83,3207.29,3618.24,255085.83,{"v":1530515,"d":"$ 1,530,515"},"FURGON","Granel Sólido","CARGADO","SI","Mosquera,Madrid,Facatativa,Alban,Sasaima,Villeta,Guaduas,El Santuario,Marinilla,"]
["2026-07-01",25286000,"FUNZA","CUNDINAMARCA",5129000,"CALDAS","ANTIOQUIA",423,"2L3 Liviano entre 7.5 y 8 Tonel.",6,40348,4,9.33,1327670,161392,221278.33,3138.7,3520.24,248177,{"v":1489062,"d":"$ 1,489,062"},"ESTIBAS","Granel Sólido","CARGADO","SI","Mosquera,Madrid,Facatativa,Alban,Sasaima,Villeta,Guaduas,El Santuario,Marinilla,"]
["2026-07-01",25286000,"FUNZA","CUNDINAMARCA",5129000,"CALDAS","ANTIOQUIA",423,"2L3 Liviano entre 7.5 y 8 Tonel.",6,40348,4,9.33,1327670,161392,221278.33,3138.7,3520.24,248177,{"v":1489062,"d":"$ 1,489,062"},"PLATAFORMA","Granel Sólido","CARGADO","SI","Mosquera,Madrid,Facatativa,Alban,Sasaima,Villeta,Guaduas,El Santuario,Marinilla,"]
["2026-07-01",25286000,"FUNZA","CUNDINAMARCA",5129000,"CALDAS","ANTIOQUIA",423,"2L3 Liviano entre 7.5 y 8 Tonel.",6,39217,4,9.33,1317115,156868,219519.17,3113.75,3484.59,245663.83,{"v":1473983,"d":"$ 1,473,983"},"ESTACAS","General","CARGADO","SI","Mosquera,Madrid,Facatativa,Alban,Sasaima,Villeta,Guaduas,El Santuario,Marinilla,"]
["2026-07-01",25286000,"FUNZA","CUNDINAMARCA",5129000,"CALDAS","ANTIOQUIA",423,"2L3 Liviano entre 7.5 y 8 Tonel.",6,42327,4,9.33,1346128,169308,224354.67,3182.34,3582.59,252572.67,{"v":1515436,"d":"$ 1,515,436"},"FURGON","General","CARGADO","SI","Mosquera,Madrid,Facatativa,Alban,Sasaima,Villeta,Guaduas,El Santuario,Marinilla,"]
["2026-07-01",25286000,"FUNZA","CUNDINAMARCA",5129000,"CALDAS","ANTIOQUIA",423,"2L3 Liviano entre 7.5 y 8 Tonel.",6,39217,4,9.33,1317115,156868,219519.17,3113.75,3484.59,245663.83,{"v":1473983,"d":"$ 1,473,983"},"ESTIBAS","General","CARGADO","SI","Mosquera,Madrid,Facatativa,Alban,Sasaima,Villeta,Guaduas,El Santuario,Marinilla,"]
["2026-07-01",11001000,"BOGOTA, D.C.","BOGOTÁ, D.C.",13052000,"ARJONA","BOLÍVAR",1038,"2L2 Liviano entre 8 y 9 Tonel.",5,42266,4,18.44,2821897,169064,564379.4,2718.59,2881.47,598192.2,{"v":2990961,"d":"$ 2,990,961"},"FURGON","General","CARGADO","SI","Funza,Mosquera,Madrid,Facatativa,Alban,Sasaima,Villeta,Guaduas,San Alberto,San M"]
["2026-07-01",85010000,"AGUAZUL","CASANARE",68081010,"LA FORTUNA","SANTANDER",777,"2S3",27,64983,8,15.56,4519470,519864,167387.78,5816.56,6485.63,186642,{"v":5039334,"d":"$ 5,039,334"},"ESTACAS","Granel Sólido","CARGADO","NO","Monterrey,Villanueva,Barranca De Upia,Paratebueno,Cumaral,Restrepo,Villavicencio"]
["2026-07-01",15104000,"BOYACA","BOYACÁ",52356000,"IPIALES","NARIÑO",1083,"3",16,59540,8,28.85,6383165,476320,398947.81,5893.97,6333.78,428717.81,{"v":6859485,"d":"$ 6,859,485"},"ESTIBAS","Granel Sólido","CARGADO","SI","Soraca,Tunja,Villapinzon,Choconta,Gachancipa,Tocancipa,Sopo,Chia,Cota,Funza,Mosq"]
["2026-07-01",25758000,"SOPO","CUNDINAMARCA",73200001,"GUALANDAY","TOLIMA",218,"2S3",27,75310,4,4.84,1643538,301240,60871.78,7539.17,8921,72028.81,{"v":1944778,"d":"$ 1,944,778"},"TANQUE","Granel líquido","CARGADO","NO","Chia,Cota,Funza,Mosquera,Silvania,Fusagasuga"]
["2026-07-01",85139000,"MANI","CASANARE",85139006,"SAN JOAQUIN DE GARIBAY","CASANARE",50,"3S2",31,85716,4,2.08,469678,342864,15150.9,9393.56,16250.84,26211.03,{"v":812542,"d":"$ 812,542"},"ESTIBAS","General","CARGADO","SI"]
["2026-07-01",23001000,"MONTERIA","CÓRDOBA",5212000,"COPACABANA","ANTIOQUIA",387,"2",9,57575,8,9.06,1617337,460600,179704.11,4179.17,5369.35,230881.89,{"v":2077937,"d":"$ 2,077,937"},"VOLCO","Granel Sólido","CARGADO","SI","Planeta Rica,Buenavista,La Apartada Y La Frontera,Caucasia,Taraza,Valdivia,Yarum"]
["2026-07-01",44001000,"RIOHACHA","LA GUAJIRA",5212000,"COPACABANA","ANTIOQUIA",980,"3S2",31,85716,8,19.01,6260921,685728,201965.19,6388.69,7088.42,224085.45,{"v":6946649,"d":"$ 6,946,649"},"ESTACAS","General","CARGADO","SI","Santa Marta,El Copey,Bosconia,Curumani,Pailitas,Pelaya,Aguachica,San Alberto,Cis"]
["2026-07-01",15820000,"TOPAGA","BOYACÁ",5756033,"JERUSALEN","ANTIOQUIA",473,"3S2",31,85716,8,11.34,3483531,685728,112371.97,7364.76,8814.5,134492.23,{"v":4169259,"d":"$ 4,169,259"},"ESTACAS","General","CARGADO","SI","Sogamoso,Duitama,Paipa,Tunja,Villapinzon,Choconta,Gachancipa,Tocancipa,Chia,Cota"]
["2026-07-01",44001000,"RIOHACHA","LA GUAJIRA",5212000,"COPACABANA","ANTIOQUIA",980,"3S3",34,98323,8,19.01,7072143,786584,208004.21,7216.47,8019.11,231139.03,{"v":7858727,"d":"$ 7,858,727"},"TANQUE","Granel líquido","CARGADO","SI","Santa Marta,El Copey,Bosconia,Curumani,Pailitas,Pelaya,Aguachica,San Alberto,Cis"]
["2026-07-01",66001000,"PEREIRA","RISARALDA",68001000,"BUCARAMANGA","SANTANDER",680,"3S3",34,146310,8,18.87,6839559,1170480,201163.5,10058.17,11779.47,235589.38,{"v":8010039,"d":"$ 8,010,039"},"FURGON REFRIGERADO","Carga Refrigerada","CARGADO","NO","Se cambia paso por municipios entre La Lizama, Lebrija por La Lizama, San Albert"]
["2026-07-01",25200000,"COGUA","CUNDINAMARCA",25295000,"GACHANCIPA","CUNDINAMARCA",27,"2_8_105",5.4,39930,4,0.72,85800,159720,15888.89,3177.78,9093.33,45466.67,{"v":245520,"d":"$ 245,520"},"ESTACAS","General","CARGADO","SI","Zipaquira,Sopo,Tocancipa"]
["2026-07-01",19001000,"POPAYAN","CAUCA",68001000,"BUCARAMANGA","SANTANDER",1038,"2",9,55663,8,25.24,4047701,445304,449744.56,3899.52,4328.52,499222.78,{"v":4493005,"d":"$ 4,493,005"},"PLATAFORMA","Granel Sólido","CARGADO","NO","Se cambia paso por municipios entre La Lizama, Lebrija por La Lizama, San Albert"]
["2026-07-01",85139006,"SAN JOAQUIN DE GARIBAY","CASANARE",85139000,"MANI","CASANARE",50,"2_8_105",5.4,42101,4,2.64,255225,168404,47263.89,5104.5,8472.58,78449.81,{"v":423629,"d":"$ 423,629"},"FURGON","General","CARGADO","SI"]
["2026-07-01",23001000,"MONTERIA","CÓRDOBA",5212000,"COPACABANA","ANTIOQUIA",387,"2L3 Liviano entre 7.5 y 8 Tonel.",6,39217,4,7.82,1170091,156868,195015.17,3023.49,3428.83,221159.83,{"v":1326959,"d":"$ 1,326,959"},"PLATAFORMA","General","CARGADO","SI","Planeta Rica,Buenavista,La Apartada Y La Frontera,Caucasia,Taraza,Valdivia,Yarum"]
["2026-07-01",85139000,"MANI","CASANARE",85139004,"PASO REAL DE GUARIMENA","CASANARE",30,"2",9,61544,4,3.11,306241,246176,34026.78,10208.03,18413.9,61379.67,{"v":552417,"d":"$ 552,417"},"FURGON","Granel Sólido","CARGADO","SI"]
["2026-07-01",73268000,"ESPINAL","TOLIMA",76892000,"YUMBO","VALLE DEL CAUCA",307,"3S3",34,98323,4,7.37,2676319,393292,78715.26,8717.65,9998.73,90282.68,{"v":3069611,"d":"$ 3,069,611"},"TANQUE","Granel líquido","CARGADO","SI","Ibague,Cajamarca,Calarca,La Tebaida,Bugalagrande,Andalucia,Tulua,Guadalajara De "]
["2026-07-01",20060000,"BOSCONIA","CESAR",68081000,"BARRANCABERMEJA","SANTANDER",400,"2L1 Liviano entre 9 y 10.5 Tonel.",6,47202,4,6.8,1132633,188808,188772.17,2831.58,3303.6,220240.17,{"v":1321441,"d":"$ 1,321,441"},"FURGON","Granel Sólido","CARGADO","SI","Curumani,Pailitas,Pelaya,Aguachica,San Alberto"]
["2026-07-01",15204000,"COMBITA","BOYACÁ",25286000,"FUNZA","CUNDINAMARCA",163,"CA",5,35954,4,3.29,431270,143816,86254,2645.83,3528.13,115017.2,{"v":575086,"d":"$ 575,086"},"PLATAFORMA","Granel Sólido","CARGADO","SI","Tunja,Villapinzon,Choconta,Gachancipa,Tocancipa,Chia,Cota"]
["2026-07-01",5147000,"CAREPA","ANTIOQUIA",5172000,"CHIGORODO","ANTIOQUIA",11,"3S2",31,86847,4,0.48,108184,347388,3489.81,9834.91,41415.64,14695.87,{"v":455572,"d":"$ 455,572"},"ESTACAS","Granel Sólido","CARGADO","SI"]
["2026-07-01",25286000,"FUNZA","CUNDINAMARCA",15204000,"COMBITA","BOYACÁ",165,"3S3",34,87862,4,3.87,1407434,351448,41395.12,8529.9,10659.89,51731.82,{"v":1758882,"d":"$ 1,758,882"},"PLATAFORMA","Granel Sólido","CARGADO","SI","Cota,Chia,Tocancipa,Gachancipa,Choconta,Villapinzon,Ventaquemada,Tunja"]
["2026-07-01",25126000,"CAJICA","CUNDINAMARCA",76892000,"YUMBO","VALLE DEL CAUCA",489,"2_8_105",5.4,70516,4,10.09,1994467,282064,369345.74,4078.66,4655.48,421579.81,{"v":2276531,"d":"$ 2,276,531"},"FURGON REFRIGERADO","Carga Refrigerada","CARGADO","NO","Chia,Cota,Funza,Mosquera,Silvania,Fusagasuga,Ibague,Cajamarca,Calarca,La Tebaida"]
["2026-07-01",19142000,"CALOTO","CAUCA",68081000,"BARRANCABERMEJA","SANTANDER",727,"2L3 Liviano entre 7.5 y 8 Tonel.",6,39217,4,12.97,1930909,156868,321818.17,2656,2871.77,347962.83,{"v":2087777,"d":"$ 2,087,777"},"PLATAFORMA","General","CARGADO","SI","Villa Rica,Candelaria,El Cerrito,Guacari,Guadalajara De Buga,San Pedro,Tulua,And"]
["2026-07-01",11001000,"BOGOTA, D.C.","BOGOTÁ, D.C.",68500000,"OIBA","SANTANDER",260,"2L1 Liviano entre 9 y 10.5 Tonel.",6,44306,4,5.45,825082,177224,137513.67,3173.39,3855.02,167051,{"v":1002306,"d":"$ 1,002,306"},"ESTIBAS","Granel Sólido","CARGADO","SI","Sopo,Zipaquira,Sutatausa,Villa De San Diego De Ubate,Susa,Chiquinquira,Saboya,Pu"]
["2026-07-01",15491000,"NOBSA","BOYACÁ",76520000,"PALMIRA","VALLE DEL CAUCA",660,"2",9,61544,8,15.45,2777027,492352,308558.56,4207.62,4953.6,363264.33,{"v":3269379,"d":"$ 3,269,379"},"FURGON","Granel Sólido","CARGADO","NO","Duitama,Paipa,Tunja,Villapinzon,Choconta,Gachancipa,Tocancipa,Chia,Cota,Funza,Mo"]
["2026-07-01",68001000,"BUCARAMANGA","SANTANDER",5579000,"PUERTO BERRIO","ANTIOQUIA",324,"CA",5,35954,4,6.05,746584,143816,149316.8,2304.27,2748.15,178080,{"v":890400,"d":"$ 890,400"},"PLATAFORMA","Granel Sólido","CARGADO","NO","Se cambia paso por municipios entre Lebrija, La Lizama por Rio Negro, San Albert"]
["2026-07-01",5001000,"MEDELLIN","ANTIOQUIA",5400000,"LA UNION","ANTIOQUIA",82,"3",16,58409,4,2.8,440911,233636,27556.94,5376.96,8226.18,42159.19,{"v":674547,"d":"$ 674,547"},"PORTACONTENEDORES","Contenedor vacío","CARGADO","SI","Bello,Guarne,Rionegro"]
["2026-07-01",50318004,"EL CARMEN","META",50318000,"GUAMAL","META",3,"3S3",34,86730,4,0.14,33782,346920,993.59,11260.67,126900.67,11197.12,{"v":380702,"d":"$ 380,702"},"ESTIBAS","General","CARGADO","SI"]
["2026-07-01",68500000,"OIBA","SANTANDER",73001000,"IBAGUE","TOLIMA",449,"3S3",34,86730,8,10.56,3866384,693840,113717.18,8611.1,10156.4,134124.24,{"v":4560224,"d":"$ 4,560,224"},"ESTACAS","General","CARGADO","SI","Santana,San Jose De Pare,Guepsa,Barbosa,Puente Nacional,Saboya,Chiquinquira,Susa"]
["2026-07-01",15491000,"NOBSA","BOYACÁ",25758000,"SOPO","CUNDINAMARCA",179,"2S3",27,120421,4,3.98,1323745,481684,49027.59,7395.22,10086.2,66867.74,{"v":1805429,"d":"$ 1,805,429"},"FURGON REFRIGERADO","Carga Refrigerada","CARGADO","SI","Duitama,Paipa,Tunja,Villapinzon,Choconta,Gachancipa,Tocancipa"]
["2026-07-01",76892000,"YUMBO","VALLE DEL CAUCA",15001000,"TUNJA","BOYACÁ",587,"2",9,61066,8,13.41,2455369,488528,272818.78,4182.91,5015.16,327099.67,{"v":2943897,"d":"$ 2,943,897"},"TANQUE","Granel líquido","CARGADO","NO","El Cerrito,Guacari,Guadalajara De Buga,San Pedro,Tulua,Andalucia,Bugalagrande,La"]
["2026-07-01",76109000,"BUENAVENTURA","VALLE DEL CAUCA",25758000,"SOPO","CUNDINAMARCA",536,"CA",5,35954,4,11.21,1512885,143816,302577,2822.55,3090.86,331340.2,{"v":1656701,"d":"$ 1,656,701"},"ESTIBAS","Granel Sólido","CARGADO","NO","Guadalajara De Buga,San Pedro,Tulua,Andalucia,Bugalagrande,La Tebaida,Calarca,Ca"]
["2026-07-01",68001000,"BUCARAMANGA","SANTANDER",19845000,"VILLA RICA","CAUCA",805,"2_5_8",3.4,36221,4,15.07,2103057,144884,618546.18,2612.49,2792.47,661159.12,{"v":2247941,"d":"$ 2,247,941"},"ESTACAS","General","CARGADO","SI","Giron,Lebrija,Honda,Mariquita,Guayabal,Lerida,Venadillo,Alvarado,Ibague,Cajamarc"]
["2026-07-01",85250000,"PAZ DE ARIPORO","CASANARE",85010000,"AGUAZUL","CASANARE",119,"2",9,55663,4,2.46,394446,222652,43827.33,3314.67,5185.7,68566.44,{"v":617098,"d":"$ 617,098"},"ESTIBAS","Granel Sólido","CARGADO","SI","Pore,Yopal"]
["2026-07-01",5756033,"JERUSALEN","ANTIOQUIA",15820000,"TOPAGA","BOYACÁ",473,"2_5_8",3.4,36221,4,9.5,1311518,144884,385740.59,2772.77,3079.07,428353.53,{"v":1456402,"d":"$ 1,456,402"},"ESTIBAS","General","CARGADO","SI","Guaduas,Villeta,La Vega,Cota,Chia,Tocancipa,Gachancipa,Choconta,Villapinzon,Vent"]
["2026-07-01",25286000,"FUNZA","CUNDINAMARCA",15837000,"TUTA","BOYACÁ",177,"2_8_105",5.4,41061,4,3.51,549556,164244,101769.63,3104.84,4032.77,132185.19,{"v":713800,"d":"$ 713,800"},"ESTIBAS","Granel Sólido","CARGADO","SI","Cota,Chia,Tocancipa,Gachancipa,Choconta,Villapinzon,Ventaquemada,Tunja"]
["2026-07-01",8520000,"PALMAR DE VARELA","ATLÁNTICO",25200000,"COGUA","CUNDINAMARCA",1054,"CA",5,35954,4,18.45,2542446,143816,508489.2,2412.19,2548.64,537252.4,{"v":2686262,"d":"$ 2,686,262"},"ESTACAS","Granel Sólido","CARGADO","SI","Santo Tomas,Sabanagrande,Malambo,Soledad,Barranquilla,Puebloviejo,Cienaga,El Cop"]
["2026-07-01",25320000,"GUADUAS","CUNDINAMARCA",85001000,"YOPAL","CASANARE",489,"3S3",34,86730,8,11.48,4091269,693840,120331.44,8366.6,9785.5,140738.5,{"v":4785109,"d":"$ 4,785,109"},"ESTACAS","General","CARGADO","SI","Villeta,Sasaima,Alban,Facatativa,Madrid,Mosquera,Funza,Bogota,Chipaque,Guayabeta"]
["2026-07-01",25295000,"GACHANCIPA","CUNDINAMARCA",25200000,"COGUA","CUNDINAMARCA",29,"3S2",31,101482,4,0.81,216381,405928,6980.03,7461.41,21458.93,20074.48,{"v":622309,"d":"$ 622,309"},"FURGON","Granel Sólido","CARGADO","SI","Tocancipa,Sopo,Zipaquira"]
["2026-07-01",70820000,"SANTIAGO DE TOLU","SUCRE",13001000,"CARTAGENA DE INDIAS","BOLÍVAR",147,"2L2 Liviano entre 8 y 9 Tonel.",5,41243,4,2.67,455300,164972,91060,3097.28,4219.54,124054.4,{"v":620272,"d":"$ 620,272"},"ESTACAS","Granel Sólido","CARGADO","SI","San Onofre,Maria La Baja,Turbaco"]
["2026-07-01",25286000,"FUNZA","CUNDINAMARCA",15204000,"COMBITA","BOYACÁ",165,"2_8_105",5.4,43798,4,3.3,513430,175192,95079.63,3111.7,4173.47,127522.59,{"v":688622,"d":"$ 688,622"},"FURGON","Granel Sólido","CARGADO","SI","Cota,Chia,Tocancipa,Gachancipa,Choconta,Villapinzon,Ventaquemada,Tunja"]
["2026-07-01",66400000,"LA VIRGINIA","RISARALDA",5756033,"JERUSALEN","ANTIOQUIA",346,"2S2",22,61871,8,8.22,2071430,494968,94155.91,5986.79,7417.34,116654.45,{"v":2566398,"d":"$ 2,566,398"},"PORTACONTENEDORES","Contenedor cargado","CARGADO","SI","Manizales,Villamaria,Fresno,Mariquita,Honda"]
["2026-07-01",20060000,"BOSCONIA","CESAR",68081000,"BARRANCABERMEJA","SANTANDER",400,"2S3",27,64983,4,6.79,2007756,259932,74361.33,5019.39,5669.22,83988.44,{"v":2267688,"d":"$ 2,267,688"},"ESTIBAS","Granel Sólido","CARGADO","SI","Curumani,Pailitas,Pelaya,Aguachica,San Alberto"]
["2026-07-01",25317000,"GUACHETA","CUNDINAMARCA",76892000,"YUMBO","VALLE DEL CAUCA",572,"3S3",34,102788,8,13.4,5288945,822304,155557.21,9246.41,10684,179742.62,{"v":6111249,"d":"$ 6,111,249"},"FURGON","Granel Sólido","CARGADO","NO","Villa De San Diego De Ubate,Sutatausa,Zipaquira,Cajica,Chia,Cota,Funza,Mosquera,"]
["2026-07-01",19573000,"PUERTO TEJADA","CAUCA",25817000,"TOCANCIPA","CUNDINAMARCA",513,"2S2",22,62860,8,10.61,3051332,502880,138696.91,5948.02,6928.29,161555.09,{"v":3554212,"d":"$ 3,554,212"},"ESTIBAS","General","CARGADO","NO","Candelaria,El Cerrito,Guacari,Guadalajara De Buga,San Pedro,Tulua,Andalucia,Buga"]
["2026-07-01",41797000,"TESALIA","HUILA",41518000,"PAICOL","HUILA",49,"2_8_105",5.4,41061,4,3.31,299460,164244,55455.56,6111.43,9463.35,85871.11,{"v":463704,"d":"$ 463,704"},"ESTIBAS","Granel Sólido","CARGADO","NO"]
["2026-07-01",25290000,"FUSAGASUGA","CUNDINAMARCA",25377000,"LA CALERA","CUNDINAMARCA",94,"2S3",27,79136,4,2.56,702695,316544,26025.74,7475.48,10842.97,37749.59,{"v":1019239,"d":"$ 1,019,239"},"FURGON","Granel Sólido","CARGADO","SI","Silvania,Soacha,Bogota"]
["2026-07-01",11001000,"BOGOTA, D.C.","BOGOTÁ, D.C.",50590000,"PUERTO RICO","META",309,"3S2",31,86847,4,7.22,2479558,347388,79985.74,8024.46,9148.69,91191.81,{"v":2826946,"d":"$ 2,826,946"},"PLATAFORMA","Granel Sólido","CARGADO","SI","Chipaque,Guayabetal,Villavicencio,Acacias,Guamal,San Martin,Granada,Fuente De Or"]
["2026-07-01",44430007,"PARAGUACHON","LA GUAJIRA",17001000,"MANIZALES","CALDAS",1078,"2",9,54531,8,20.8,3160281,436248,351142.33,2931.62,3336.3,399614.33,{"v":3596529,"d":"$ 3,596,529"},"PORTACONTENEDORES","Contenedor vacío","CARGADO","SI","Maicao,Albania,Hatonuevo,Barrancas,Fonseca,Distraccion,Valledupar,Bosconia,Curum"]
["2026-07-01",76111000,"BUGA","VALLE DEL CAUCA",68001000,"BUCARAMANGA","SANTANDER",885,"2L3 Liviano entre 7.5 y 8 Tonel.",6,39217,4,20,2671867,156868,445311.17,3019.06,3196.31,471455.83,{"v":2828735,"d":"$ 2,828,735"},"ESTIBAS","General","CARGADO","NO","Se cambia paso por municipios entre La Lizama, Lebrija por La Lizama, San Albert"]
["2026-07-01",25899000,"ZIPAQUIRA","CUNDINAMARCA",76113000,"BUGALAGRANDE","VALLE DEL CAUCA",404,"3S2",31,86847,8,10.06,3474707,694776,112087.32,8600.76,10320.5,134499.45,{"v":4169483,"d":"$ 4,169,483"},"ESTIBAS","Granel Sólido","CARGADO","NO","Cajica,Chia,Cota,Funza,Mosquera,Silvania,Fusagasuga,Ibague,Cajamarca,Calarca,La "]
["2026-07-01",68655000,"SABANA DE TORRES","SANTANDER",68092000,"BETULIA","SANTANDER",163,"CA",5,61390,4,4.46,574747,245560,114949.4,3526.06,5032.56,164061.4,{"v":820307,"d":"$ 820,307"},"FURGON REFRIGERADO","Carga Refrigerada","CARGADO","SI"]
["2026-07-01",15572000,"PUERTO BOYACA","BOYACÁ",47001000,"SANTA MARTA","MAGDALENA",721,"3S2",31,85716,8,13.34,4352599,685728,140406.42,6036.89,6987.97,162526.68,{"v":5038327,"d":"$ 5,038,327"},"ESTACAS","General","CARGADO","SI","San Alberto,San Martin,Aguachica,Pelaya,Pailitas,Curumani,Bosconia,El Copey"]
["2026-07-01",13001009,"PASACABALLOS","BOLÍVAR",13001000,"CARTAGENA DE INDIAS","BOLÍVAR",21,"V3",28.7,66231,4,0.84,144846,264924,5046.9,6897.43,19512.86,14277.7,{"v":409770,"d":"$ 409,770"},"VOLCO","Granel Sólido","CARGADO","SI","Turbaco"]
["2026-07-01",19698000,"SANTANDER DE QUILICHAO","CAUCA",25817000,"TOCANCIPA","CUNDINAMARCA",539,"2_8_105",5.4,41061,4,10.52,1716173,164244,317809.81,3183.99,3488.71,348225.37,{"v":1880417,"d":"$ 1,880,417"},"ESTACAS","Granel Sólido","CARGADO","NO","Villa Rica,Candelaria,El Cerrito,Guacari,Guadalajara De Buga,San Pedro,Tulua,And"]
["2026-07-01",47001000,"SANTA MARTA","MAGDALENA",76563000,"PRADERA","VALLE DEL CAUCA",1221,"2S2",22,62860,8,21.63,5933596,502880,269708.91,4859.62,5271.48,292567.09,{"v":6436476,"d":"$ 6,436,476"},"ESTACAS","General","CARGADO","SI","El Copey,Bosconia,Curumani,Pailitas,Pelaya,Aguachica,San Alberto,Honda,Mariquita"]
["2026-07-01",5837002,"NUEVA COLONIA","ANTIOQUIA",41001000,"NEIVA","HUILA",847,"2_8_105",5.4,43798,4,16.65,2650253,175192,490787.59,3128.99,3335.83,523230.56,{"v":2825445,"d":"$ 2,825,445"},"FURGON","Granel Sólido","CARGADO","SI","Chigorodo,Mutata,Dabeiba,Uramita,Cañasgordas,Santafe De Antioquia,La Pintada,La "]
["2026-07-01",15491000,"NOBSA","BOYACÁ",76111000,"BUGA","VALLE DEL CAUCA",607,"2_5_8",3.4,36221,4,12.4,1791298,144884,526852.35,2951.07,3189.76,569465.29,{"v":1936182,"d":"$ 1,936,182"},"PLATAFORMA","General","CARGADO","SI","Duitama,Paipa,Tunja,Villapinzon,Choconta,Gachancipa,Tocancipa,Sopo,Chia,Cota,Fun"]
["2026-07-01",50568000,"RUBIALES","META",85010001,"CUPIAGUA","CASANARE",436,"2L2 Liviano entre 8 y 9 Tonel.",5,40112,4,7.89,1233132,160448,246626.4,2828.28,3196.28,278716,{"v":1393580,"d":"$ 1,393,580"},"PLATAFORMA","General","CARGADO","SI","Puerto Lopez,Villavicencio,Restrepo,Paratebueno,Barranca De Upia,Villanueva,Mont"]
["2026-07-01",52001000,"PASTO","NARIÑO",5837002,"NUEVA COLONIA","ANTIOQUIA",1091,"2_8_105",5.4,41061,4,21.36,3230343,164244,598211.67,2960.9,3111.45,628627.22,{"v":3394587,"d":"$ 3,394,587"},"ESTIBAS","Granel Sólido","CARGADO","SI","Chachagui,El Bordo,Rosas,Timbio,Popayan,Piendamo,Santander De Quilichao,Villa Ri"]
["2026-07-01",66170000,"DOSQUEBRADAS","RISARALDA",15491000,"NOBSA","BOYACÁ",523,"3S3",34,98323,8,12.67,4818166,786584,141710.76,9212.55,10716.54,164845.59,{"v":5604750,"d":"$ 5,604,750"},"TANQUE","Granel líquido","CARGADO","SI","Pereira,Circasia,Armenia,Calarca,Cajamarca,Ibague,Fusagasuga,Silvania,Mosquera,F"]
["2026-07-01",54001000,"CUCUTA","NORTE DE SANTANDER",19573000,"PUERTO TEJADA","CAUCA",999,"2_5_8",3.4,64759,4,20.31,3356499,259036,987205.59,3359.86,3619.15,1063392.65,{"v":3615535,"d":"$ 3,615,535"},"FURGON REFRIGERADO","Carga Refrigerada","CARGADO","SI","Los Patios,Pamplona,Bucaramanga,Giron,Lebrija,Honda,Mariquita,Guayabal,Lerida,Ve"]
["2026-07-01",15491000,"NOBSA","BOYACÁ",76834000,"TULUA","VALLE DEL CAUCA",582,"2L1 Liviano entre 9 y 10.5 Tonel.",6,44306,4,12,1934251,177224,322375.17,3323.46,3627.96,351912.5,{"v":2111475,"d":"$ 2,111,475"},"ESTIBAS","Granel Sólido","CARGADO","SI","Duitama,Paipa,Tunja,Villapinzon,Choconta,Gachancipa,Tocancipa,Sopo,Chia,Cota,Fun"]
["2026-07-01",76892000,"YUMBO","VALLE DEL CAUCA",68001000,"BUCARAMANGA","SANTANDER",935,"3S3",34,86730,8,18.7,6898741,693840,202904.15,7378.33,8120.41,223311.21,{"v":7592581,"d":"$ 7,592,581"},"ESTIBAS","General","CARGADO","NO","El Cerrito,Guacari,Guadalajara De Buga,San Pedro,Tulua,Andalucia,Bugalagrande,Za"]
["2026-07-01",68001000,"BUCARAMANGA","SANTANDER",25740000,"SIBATE","CUNDINAMARCA",442,"2S2",22,62860,8,10.12,2539862,502880,115448.27,5746.29,6884.03,138306.45,{"v":3042742,"d":"$ 3,042,742"},"ESTIBAS","General","CARGADO","NO","Floridablanca,Piedecuesta,Aratoca,San Gil,Pinchote,Socorro,Oiba,Santana,San Jose"]
["2026-07-01",81001000,"ARAUCA","ARAUCA",76520000,"PALMIRA","VALLE DEL CAUCA",1156,"2S2",22,62860,8,22.43,5961446,502880,270974.82,5156.96,5591.98,293833,{"v":6464326,"d":"$ 6,464,326"},"ESTIBAS","General","CARGADO","SI","Tame,Hato Corozal,Paz De Ariporo,Pore,Yopal,Aguazul,Monterrey,Villanueva,Barranc"]
["2026-07-01",20383000,"LA GLORIA","CESAR",50110000,"BARRANCA DE UPIA","META",853,"2S3",27,63851,8,16.82,4848542,510808,179575.63,5684.11,6282.94,198494.44,{"v":5359350,"d":"$ 5,359,350"},"ESTACAS","General","CARGADO","SI","Aguachica,San Alberto,Guaduas,Villeta,Sasaima,Alban,Facatativa,Madrid,Mosquera,F"]
["2026-07-01",5686000,"SANTA ROSA DE OSOS","ANTIOQUIA",5079000,"BARBOSA","ANTIOQUIA",57,"2_8_105",5.4,43798,4,1.6,217578,175192,40292.22,3817.16,6890.7,72735.19,{"v":392770,"d":"$ 392,770"},"FURGON","Granel Sólido","CARGADO","SI","Don Matias"]
["2026-07-01",68001000,"BUCARAMANGA","SANTANDER",76892000,"YUMBO","VALLE DEL CAUCA",910,"CA",5,38189,4,16.68,2384192,152756,476838.4,2619.99,2787.85,507389.6,{"v":2536948,"d":"$ 2,536,948"},"FURGON","Granel Sólido","CARGADO","NO","Rionegro,El Playon,La Esperanza,San Alberto,Cisneros,Copacabana,Bello,Medellin,I"]
["2026-07-01",68689000,"SAN VICENTE DE CHUCURI","SANTANDER",68081000,"BARRANCABERMEJA","SANTANDER",125,"3S2",31,84854,4,3.24,727398,339416,23464.45,5819.18,8534.51,34413.35,{"v":1066814,"d":"$ 1,066,814"},"PORTACONTENEDORES","Contenedor vacío","CARGADO","SI"]
["2026-07-01",20011000,"AGUACHICA","CESAR",68001000,"BUCARAMANGA","SANTANDER",177,"2",9,61066,4,4.12,698666,244264,77629.56,3947.27,5327.29,104770,{"v":942930,"d":"$ 942,930"},"TANQUE","Granel líquido","CARGADO","NO","San Alberto,La Esperanza,El Playon,Rionegro,Giron"]
["2026-07-01",5212000,"COPACABANA","ANTIOQUIA",5088000,"BELLO","ANTIOQUIA",7,"2_5_8",3.4,37352,4,0.3,27997,149408,8234.41,3999.57,25343.57,52177.94,{"v":177405,"d":"$ 177,405"},"PLATAFORMA","Granel Sólido","CARGADO","SI"]
["2026-07-01",5079000,"BARBOSA","ANTIOQUIA",5607000,"RETIRO","ANTIOQUIA",89,"2S3",27,64983,4,2.36,672123,259932,24893.44,7551.94,10472.53,34520.56,{"v":932055,"d":"$ 932,055"},"ESTIBAS","Granel Sólido","CARGADO","SI","Copacabana,Bello,Medellin,Guarne"]
["2026-07-01",20295000,"GAMARRA","CESAR",15757000,"SOCHA","BOYACÁ",578,"3S3",34,85728,8,14.22,4401514,685824,129456.29,7615.08,8801.62,149627.59,{"v":5087338,"d":"$ 5,087,338"},"PORTACONTENEDORES","Contenedor cargado","CARGADO","SI","Aguachica,San Alberto,La Esperanza,El Playon,Rionegro,Bucaramanga,Floridablanca,"]
["2026-07-01",47745000,"SITIONUEVO","MAGDALENA",25793000,"TAUSA","CUNDINAMARCA",920,"CA",5,34822,4,18.01,2239560,139288,447912,2434.3,2585.7,475769.6,{"v":2378848,"d":"$ 2,378,848"},"PLATAFORMA","General","CARGADO","NO","Puebloviejo,Cienaga,El Copey,Bosconia,Curumani,Pailitas,Pelaya,Aguachica,San Alb"]
["2026-07-01",68276000,"FLORIDABLANCA","SANTANDER",68081000,"BARRANCABERMEJA","SANTANDER",235,"2S3",27,120421,4,4.66,1668488,481684,61795.85,7099.95,9149.67,79636,{"v":2150172,"d":"$ 2,150,172"},"FURGON REFRIGERADO","Carga Refrigerada","CARGADO","NO","Giron,Bucaramanga,Rionegro,El Playon,La Esperanza,San Alberto"]
["2026-07-01",5212000,"COPACABANA","ANTIOQUIA",76111000,"BUGA","VALLE DEL CAUCA",387,"2L3 Liviano entre 7.5 y 8 Tonel.",6,40348,4,7.6,1198461,161392,199743.5,3096.8,3513.83,226642.17,{"v":1359853,"d":"$ 1,359,853"},"ESTACAS","Granel Sólido","CARGADO","SI","Bello,Medellin,Itagui,La Estrella,Sabaneta,Caldas,La Pintada,La Virginia,Cartago"]
["2026-07-01",47001000,"SANTA MARTA","MAGDALENA",81736000,"SARAVENA","ARAUCA",832,"2_8_105",5.4,43798,4,23.61,2920490,175192,540831.48,3510.2,3720.77,573274.44,{"v":3095682,"d":"$ 3,095,682"},"FURGON","Granel Sólido","CARGADO","SI","El Copey,Bosconia,Curumani,Pailitas,Pelaya,Aguachica,San Alberto,La Esperanza,El"]
["2026-07-01",18001000,"FLORENCIA","CAQUETÁ",5837002,"NUEVA COLONIA","ANTIOQUIA",1098,"2",9,54531,8,25.01,3653518,436248,405946.44,3327.43,3724.74,454418.44,{"v":4089766,"d":"$ 4,089,766"},"PORTACONTENEDORES","Contenedor vacío","CARGADO","SI","Suaza,Altamira,Garzon,Hobo,Campoalegre,Aipe,Natagaima,Saldana,Guamo,Ibague,Cajam"]
["2026-07-01",5212000,"COPACABANA","ANTIOQUIA",5440000,"MARINILLA","ANTIOQUIA",51,"3S3",34,87862,4,1.64,528212,351448,15535.65,10357.1,17248.24,25872.35,{"v":879660,"d":"$ 879,660"},"PLATAFORMA","Granel Sólido","CARGADO","SI","Bello,Medellin,Guarne"]
["2026-07-01",15837000,"TUTA","BOYACÁ",41001000,"NEIVA","HUILA",490,"2_5_8",3.4,37352,4,9.35,1455041,149408,427953.24,2969.47,3274.39,471896.76,{"v":1604449,"d":"$ 1,604,449"},"PLATAFORMA","Granel Sólido","CARGADO","NO","Tunja,Villapinzon,Choconta,Gachancipa,Tocancipa,Chia,Cota,Funza,Mosquera,Silvani"]
["2026-07-01",44090000,"DIBULLA","LA GUAJIRA",25317000,"GUACHETA","CUNDINAMARCA",959,"3",16,59540,8,19.4,4575401,476320,285962.56,4771.01,5267.7,315732.56,{"v":5051721,"d":"$ 5,051,721"},"ESTACAS","Granel Sólido","CARGADO","NO","Santa Marta,Cienaga,El Copey,Bosconia,Curumani,Pailitas,Pelaya,Aguachica,San Alb"]
["2026-07-01",5837002,"NUEVA COLONIA","ANTIOQUIA",18001000,"FLORENCIA","CAQUETÁ",1084,"CA",5,34822,4,21.12,2810245,139288,562049,2592.48,2720.97,589906.6,{"v":2949533,"d":"$ 2,949,533"},"ESTIBAS","General","CARGADO","SI","Chigorodo,Mutata,Dabeiba,Uramita,Cañasgordas,Santafe De Antioquia,La Pintada,La "]
["2026-07-01",54498000,"OCANA","NORTE DE SANTANDER",68001000,"BUCARAMANGA","SANTANDER",224,"2",9,55663,4,5.41,872241,222652,96915.67,3893.93,4887.92,121654.78,{"v":1094893,"d":"$ 1,094,893"},"ESTACAS","Granel Sólido","CARGADO","NO","Rio De Oro,San Alberto,La Esperanza,El Playon,Rionegro,Giron"]
["2026-07-01",5212000,"COPACABANA","ANTIOQUIA",68276000,"FLORIDABLANCA","SANTANDER",375,"2",9,54531,8,8.33,1425739,436248,158415.44,3801.97,4965.3,206887.44,{"v":1861987,"d":"$ 1,861,987"},"ESTACAS","General","CARGADO","SI","Cisneros,Lebrija,Giron"]
["2026-07-01",20295000,"GAMARRA","CESAR",15790000,"TASCO","BOYACÁ",567,"2L2 Liviano entre 8 y 9 Tonel.",5,40112,4,11.77,1627693,160448,325538.6,2870.71,3153.69,357628.2,{"v":1788141,"d":"$ 1,788,141"},"ESTIBAS","General","CARGADO","SI","Aguachica,San Alberto,La Esperanza,El Playon,Rionegro,Bucaramanga,Floridablanca,"]
["2026-07-01",25793000,"TAUSA","CUNDINAMARCA",47001000,"SANTA MARTA","MAGDALENA",865,"2_5_8",3.4,37352,4,15.14,2066867,149408,607902.06,2389.44,2562.17,651845.59,{"v":2216275,"d":"$ 2,216,275"},"PLATAFORMA","Granel Sólido","CARGADO","NO","Sutatausa,Villa De San Diego De Ubate,Susa,Chiquinquira,Saboya,Puente Nacional,B"]
["2026-07-01",15757000,"SOCHA","BOYACÁ",20295000,"GAMARRA","CESAR",579,"CA",5,34822,4,12.04,1449850,139288,289970,2504.06,2744.63,317827.6,{"v":1589138,"d":"$ 1,589,138"},"ESTACAS","General","CARGADO","SI","Paz De Rio,Belen,Cerinza,Santa Rosa De Viterbo,Duitama,Paipa,Tunja,Arcabuco,Moni"]
["2026-07-01",47745000,"SITIONUEVO","MAGDALENA",25793000,"TAUSA","CUNDINAMARCA",920,"2",9,54531,8,19.59,2817513,436248,313057,3062.51,3536.7,361529,{"v":3253761,"d":"$ 3,253,761"},"PORTACONTENEDORES","Contenedor vacío","CARGADO","NO","Puebloviejo,Cienaga,El Copey,Bosconia,Curumani,Pailitas,Pelaya,Aguachica,San Alb"]
["2026-07-01",5212000,"COPACABANA","ANTIOQUIA",76364000,"JAMUNDI","VALLE DEL CAUCA",474,"3",16,59540,8,10.84,2867607,476320,179225.44,6049.8,7054.7,208995.44,{"v":3343927,"d":"$ 3,343,927"},"PLATAFORMA","Granel Sólido","CARGADO","SI","Bello,Medellin,Itagui,La Estrella,Sabaneta,Caldas,La Pintada,La Virginia,Cartago"]
["2026-07-01",25817000,"TOCANCIPA","CUNDINAMARCA",19573000,"PUERTO TEJADA","CAUCA",532,"2S2",22,61871,8,11.33,2627365,494968,119425.68,4938.66,5869.05,141924.23,{"v":3122333,"d":"$ 3,122,333"},"PORTACONTENEDORES","Contenedor vacío","CARGADO","NO","Chia,Cota,Funza,Mosquera,Silvania,Fusagasuga,Ibague,Cajamarca,Calarca,La Tebaida"]
["2026-07-01",5212000,"COPACABANA","ANTIOQUIA",76364000,"JAMUNDI","VALLE DEL CAUCA",474,"3S3",34,87862,8,10.31,4046114,702896,119003.35,8536.11,10019.01,139676.76,{"v":4749010,"d":"$ 4,749,010"},"ESTIBAS","Granel Sólido","CARGADO","SI","Bello,Medellin,Itagui,La Estrella,Sabaneta,Caldas,La Pintada,La Virginia,Cartago"]
["2026-07-01",5212000,"COPACABANA","ANTIOQUIA",5541000,"PENOL","ANTIOQUIA",71,"2L1 Liviano entre 9 y 10.5 Tonel.",6,44306,4,1.91,273696,177224,45616,3854.87,6350.99,75153.33,{"v":450920,"d":"$ 450,920"},"PLATAFORMA","Granel Sólido","CARGADO","SI","Bello,Medellin,Guarne,Marinilla"]
["2026-07-01",5212000,"COPACABANA","ANTIOQUIA",15238000,"DUITAMA","BOYACÁ",605,"2",9,57575,8,15.25,2557207,460600,284134.11,4226.79,4988.11,335311.89,{"v":3017807,"d":"$ 3,017,807"},"VOLCO","Granel Sólido","CARGADO","SI","Bello,Medellin,Guarne,Marinilla,El Santuario,Guaduas,Villeta,La Vega,Cota,Chia,T"]
["2026-07-01",5212000,"COPACABANA","ANTIOQUIA",76113000,"BUGALAGRANDE","VALLE DEL CAUCA",345,"2S3",27,63851,4,7.35,2300888,255404,85218.07,6669.24,7409.54,94677.48,{"v":2556292,"d":"$ 2,556,292"},"PLATAFORMA","General","CARGADO","SI","Bello,Medellin,Itagui,La Estrella,Sabaneta,Caldas,La Pintada,La Virginia,Cartago"]
["2026-07-01",5837002,"NUEVA COLONIA","ANTIOQUIA",85001000,"YOPAL","CASANARE",1095,"2L3 Liviano entre 7.5 y 8 Tonel.",6,42327,4,22.74,3535473,169308,589245.5,3228.74,3383.36,617463.5,{"v":3704781,"d":"$ 3,704,781"},"FURGON","General","CARGADO","SI","Chigorodo,Mutata,Dabeiba,Uramita,Cañasgordas,Santafe De Antioquia,San Jeronimo,M"]
["2026-07-01",5212000,"COPACABANA","ANTIOQUIA",5282000,"FREDONIA","ANTIOQUIA",72,"2_8_105",5.4,43798,4,1.99,271364,175192,50252.59,3768.94,6202.17,82695.56,{"v":446556,"d":"$ 446,556"},"FURGON","Granel Sólido","CARGADO","SI","Bello,Medellin,Itagui,La Estrella,Sabaneta,Caldas,Amaga"]
["2026-07-01",5237000,"DON MATIAS","ANTIOQUIA",5212000,"COPACABANA","ANTIOQUIA",34,"2S3",27,64983,4,1.15,299420,259932,11089.63,8806.47,16451.53,20716.74,{"v":559352,"d":"$ 559,352"},"PLATAFORMA","Granel Sólido","CARGADO","SI"]
["2026-07-01",25290000,"FUSAGASUGA","CUNDINAMARCA",8001000,"BARRANQUILLA","ATLÁNTICO",1061,"CA",5,34822,4,17.73,2571156,139288,514231.2,2423.33,2554.61,542088.8,{"v":2710444,"d":"$ 2,710,444"},"ESTIBAS","General","CARGADO","SI","Narino,Guataqui,Beltran,San Alberto,San Martin,Aguachica,Pelaya,Pailitas,Curuman"]
["2026-07-01",13001002,"ARROYO GRANDE","BOLÍVAR",8001001,"JUAN MINA","ATLÁNTICO",80,"2",9,86677,4,1.78,451577,346708,50175.22,5644.71,9978.56,88698.33,{"v":798285,"d":"$ 798,285"},"FURGON REFRIGERADO","Carga Refrigerada","CARGADO","SI","Puerto Colombia,Barranquilla"]
["2026-07-01",47001000,"SANTA MARTA","MAGDALENA",50110000,"BARRANCA DE UPIA","META",1171,"3",16,58409,8,24.99,6130543,467272,383158.94,5235.31,5634.34,412363.44,{"v":6597815,"d":"$ 6,597,815"},"PLATAFORMA","General","CARGADO","SI","El Copey,Bosconia,Curumani,Pailitas,Pelaya,Aguachica,San Alberto,Guaduas,Villeta"]
["2026-07-01",17001000,"MANIZALES","CALDAS",25772000,"SUESCA","CUNDINAMARCA",342,"2S2",22,63992,8,9.02,2066194,511936,93917.91,6041.5,7538.39,117187.73,{"v":2578130,"d":"$ 2,578,130"},"PLATAFORMA","Granel Sólido","CARGADO","SI","Fresno,Mariquita,Honda,Guaduas,Villeta,La Vega,Cota,Chia,Tocancipa,Gachancipa"]
["2026-07-01",8001000,"BARRANQUILLA","ATLÁNTICO",5237000,"DON MATIAS","ANTIOQUIA",653,"3S2",31,84854,8,13.7,4402091,678832,142002.94,6741.33,7780.89,163900.74,{"v":5080923,"d":"$ 5,080,923"},"PORTACONTENEDORES","Contenedor cargado","CARGADO","SI","Soledad,Malambo,Sabanagrande,Santo Tomas,Ponedera,Campo De La Cruz,Suan,Calamar,"]
["2026-07-01",5360000,"ITAGÜI","ANTIOQUIA",19698000,"SANTANDER DE QUILICHAO","CAUCA",472,"2L2 Liviano entre 8 y 9 Tonel.",5,72221,4,8.93,1794639,288884,358927.8,3802.2,4414.24,416704.6,{"v":2083523,"d":"$ 2,083,523"},"FURGON REFRIGERADO","Carga Refrigerada","CARGADO","SI","La Estrella,Sabaneta,Caldas,La Pintada,La Virginia,Cartago,Obando,Zarzal,Bugalag"]
["2026-07-01",70823000,"TOLU VIEJO","SUCRE",5837002,"NUEVA COLONIA","ANTIOQUIA",334,"2L2 Liviano entre 8 y 9 Tonel.",5,40112,4,5.74,817502,160448,163500.4,2447.61,2927.99,195590,{"v":977950,"d":"$ 977,950"},"PLATAFORMA","General","CARGADO","SI","Santiago De Tolu,Coveñas,San Antero,Santa Cruz De Lorica,San Pelayo,San Juan De "]
["2026-07-01",50313000,"GRANADA","META",76890000,"YOTOCO","VALLE DEL CAUCA",571,"2S2",22,66320,8,12.77,3625263,530560,164784.68,6348.97,7278.15,188901.05,{"v":4155823,"d":"$ 4,155,823"},"VOLCO","Granel Sólido","CARGADO","SI","San Martin,Guamal,Acacias,Villavicencio,Guayabetal,Chipaque,Bogota,Soacha,Silvan"]
["2026-07-01",76109000,"BUENAVENTURA","VALLE DEL CAUCA",25214008,"SIBERIA","CUNDINAMARCA",502,"2L3 Liviano entre 7.5 y 8 Tonel.",6,39217,4,10.57,1564394,156868,260732.33,3116.32,3428.81,286877,{"v":1721262,"d":"$ 1,721,262"},"ESTIBAS","General","CARGADO","SI","Guadalajara De Buga,San Pedro,Tulua,Andalucia,Bugalagrande,La Tebaida,Calarca,Ca"]
["2026-07-01",5212000,"COPACABANA","ANTIOQUIA",5148000,"EL CARMEN DE VIBORAL","ANTIOQUIA",61,"CA",5,34822,4,1.63,199035,139288,39807,3262.87,5546.28,67664.6,{"v":338323,"d":"$ 338,323"},"ESTIBAS","General","CARGADO","SI","Bello,Medellin,Guarne,Rionegro"]
["2026-07-01",25214000,"COTA","CUNDINAMARCA",5615000,"RIONEGRO","ANTIOQUIA",374,"2L2 Liviano entre 8 y 9 Tonel.",5,40112,4,8.35,1205912,160448,241182.4,3224.36,3653.37,273272,{"v":1366360,"d":"$ 1,366,360"},"PLATAFORMA","General","CARGADO","SI","El Rosal,La Vega,Villeta,Guaduas,El Santuario,Marinilla"]
["2026-07-01",81001000,"ARAUCA","ARAUCA",85125000,"HATO COROZAL","CASANARE",233,"2L2 Liviano entre 8 y 9 Tonel.",5,40112,4,4.04,549020,160448,109804,2356.31,3044.93,141893.6,{"v":709468,"d":"$ 709,468"},"ESTIBAS","General","CARGADO","SI","Tame"]
["2026-07-01",76318000,"GUACARI","VALLE DEL CAUCA",76834000,"TULUA","VALLE DEL CAUCA",44,"3",16,58409,4,1.19,267683,233636,16730.19,6083.7,11393.61,31332.44,{"v":501319,"d":"$ 501,319"},"PLATAFORMA","General","CARGADO","SI","Guadalajara De Buga,San Pedro"]
["2026-07-01",5736000,"SEGOVIA ANT","ANTIOQUIA",13001000,"CARTAGENA DE INDIAS","BOLÍVAR",517,"2L1 Liviano entre 9 y 10.5 Tonel.",6,44306,4,8.94,1547972,177224,257995.33,2994.14,3336.94,287532.67,{"v":1725196,"d":"$ 1,725,196"},"PLATAFORMA","Granel Sólido","CARGADO","SI","Caucasia,La Apartada Y La Frontera,Buenavista,Planeta Rica,Pueblo Nuevo,Sahagun,"]
["2026-07-01",50313000,"GRANADA","META",8001000,"BARRANQUILLA","ATLÁNTICO",1181,"3S3",34,87862,8,24.07,9014795,702896,265141.03,7633.19,8228.36,285814.44,{"v":9717691,"d":"$ 9,717,691"},"PLATAFORMA","Granel Sólido","CARGADO","SI","San Martin,Guamal,Acacias,Villavicencio,Guayabetal,Chipaque,Bogota,Funza,Mosquer"]
["2026-07-01",44430000,"MAICAO","LA GUAJIRA",73001000,"IBAGUE","TOLIMA",1062,"2",9,60412,8,18.6,3616996,483296,401888.44,3405.83,3860.92,455588,{"v":4100292,"d":"$ 4,100,292"},"FURGON","General","CARGADO","SI","Albania,Hatonuevo,Barrancas,Fonseca,Distraccion,Valledupar,Bosconia,Curumani,Pai"]
["2026-07-01",18610002,"YURAYACO","CAQUETÁ",41016000,"AIPE","HUILA",356,"3S3",34,102788,4,7.76,2667885,411152,78467.21,7494.06,8648.98,90559.91,{"v":3079037,"d":"$ 3,079,037"},"FURGON","Granel Sólido","CARGADO","SI","San Jose De La Fragua,Belen De Los Andaquies,Morelia,Florencia,Suaza,Altamira,Ga"]
["2026-07-01",17524001,"ARAUCA","CALDAS",47001000,"SANTA MARTA","MAGDALENA",998,"2",9,54531,8,20.05,3508035,436248,389781.67,3515.07,3952.19,438253.67,{"v":3944283,"d":"$ 3,944,283"},"ESTIBAS","General","CARGADO","SI","Manizales,Villamaria,Fresno,Mariquita,Honda,San Alberto,San Martin,Aguachica,Pel"]
["2026-07-01",11001001,"CONCEPCION","BOGOTÁ, D.C.",47745000,"SITIONUEVO","MAGDALENA",1127,"2L1 Liviano entre 9 y 10.5 Tonel.",6,44306,4,21.93,3358531,177224,559755.17,2980.06,3137.32,589292.5,{"v":3535755,"d":"$ 3,535,755"},"PLATAFORMA","Granel Sólido","CARGADO","SI","Bogota,Funza,Mosquera,Madrid,Facatativa,Alban,Sasaima,Villeta,Guaduas,San Albert"]
["2026-07-01",86320000,"ORITO","PUTUMAYO",25772000,"SUESCA","CUNDINAMARCA",812,"2L2 Liviano entre 8 y 9 Tonel.",5,40112,4,15.74,2337950,160448,467590,2879.25,3076.84,499679.6,{"v":2498398,"d":"$ 2,498,398"},"PLATAFORMA","General","CARGADO","SI","Puerto Caicedo,Villagarzon,Mocoa,Pitalito,Timana,Altamira,Garzon,Gigante,Hobo,Ca"]
["2026-07-01",76520000,"PALMIRA","VALLE DEL CAUCA",5887000,"YARUMAL","ANTIOQUIA",537,"2L1 Liviano entre 9 y 10.5 Tonel.",6,46071,4,10.64,1824957,184284,304159.5,3398.43,3741.6,334873.5,{"v":2009241,"d":"$ 2,009,241"},"FURGON","General","CARGADO","SI","El Cerrito,Guacari,Guadalajara De Buga,San Pedro,Tulua,Andalucia,Bugalagrande,Za"]
["2026-07-01",5212000,"COPACABANA","ANTIOQUIA",44001000,"RIOHACHA","LA GUAJIRA",976,"2S2",22,76917,8,17.11,4923423,615336,223791.95,5044.49,5674.96,251761.77,{"v":5538759,"d":"$ 5,538,759"},"FURGON","General","CARGADO","SI","Cisneros,San Alberto,San Martin,Aguachica,Pelaya,Pailitas,Curumani,Bosconia,El C"]
["2026-07-01",13001000,"CARTAGENA DE INDIAS","BOLÍVAR",54810000,"TIBU","NORTE DE SANTANDER",781,"2L3 Liviano entre 7.5 y 8 Tonel.",6,40348,4,14.29,2009724,161392,334954,2573.27,2779.92,361852.67,{"v":2171116,"d":"$ 2,171,116"},"PLATAFORMA","Granel Sólido","CARGADO","SI","San Juan Nepomuceno,San Jacinto,El Carmen De Bolivar,Plato,El Dificil,Bosconia,C"]
["2026-07-01",5212000,"COPACABANA","ANTIOQUIA",63001000,"ARMENIA","QUINDIO",320,"2L1 Liviano entre 9 y 10.5 Tonel.",6,44306,4,6.74,1115666,177224,185944.33,3486.46,4040.28,215481.67,{"v":1292890,"d":"$ 1,292,890"},"PLATAFORMA","Granel Sólido","CARGADO","SI","Bello,Medellin,Itagui,La Estrella,Sabaneta,Caldas,La Pintada,La Virginia,Pereira"]
["2026-07-01",76520000,"PALMIRA","VALLE DEL CAUCA",25899000,"ZIPAQUIRA","CUNDINAMARCA",475,"2",9,54531,8,10.81,1924845,436248,213871.67,4052.31,4970.72,262343.67,{"v":2361093,"d":"$ 2,361,093"},"ESTIBAS","General","CARGADO","SI","El Cerrito,Guacari,Guadalajara De Buga,San Pedro,Tulua,Andalucia,Bugalagrande,La"]
["2026-07-01",5212000,"COPACABANA","ANTIOQUIA",19001000,"POPAYAN","CAUCA",576,"2_5_8",3.4,64759,4,11.1,1972662,259036,580194.71,3424.76,3874.48,656381.76,{"v":2231698,"d":"$ 2,231,698"},"FURGON REFRIGERADO","Carga Refrigerada","CARGADO","SI","Bello,Medellin,Itagui,La Estrella,Sabaneta,Caldas,La Pintada,La Virginia,Cartago"]
["2026-07-01",5890000,"YOLOMBO","ANTIOQUIA",8001000,"BARRANQUILLA","ATLÁNTICO",647,"2L1 Liviano entre 9 y 10.5 Tonel.",6,44306,4,11.24,1887699,177224,314616.5,2917.62,3191.53,344153.83,{"v":2064923,"d":"$ 2,064,923"},"ESTACAS","Granel Sólido","CARGADO","SI","Yali,Vegachi,Caucasia,La Apartada Y La Frontera,Buenavista,Planeta Rica,Pueblo N"]
["2026-07-01",47001000,"SANTA MARTA","MAGDALENA",76318000,"GUACARI","VALLE DEL CAUCA",1174,"3S3",34,146310,8,23.09,9732241,1170480,286242.38,8289.81,9286.82,320668.26,{"v":10902721,"d":"$ 10,902,721"},"FURGON REFRIGERADO","Carga Refrigerada","CARGADO","SI","El Copey,Bosconia,Curumani,Pailitas,Pelaya,Aguachica,San Alberto,Honda,Mariquita"]
["2026-07-01",50313000,"GRANADA","META",8001000,"BARRANQUILLA","ATLÁNTICO",1181,"2",9,54531,8,23.33,4536175,436248,504019.44,3840.96,4210.35,552491.44,{"v":4972423,"d":"$ 4,972,423"},"ESTIBAS","General","CARGADO","SI","San Martin,Guamal,Acacias,Villavicencio,Guayabetal,Chipaque,Bogota,Funza,Mosquer"]
["2026-07-01",5088018,"EL PINAR","ANTIOQUIA",5088000,"BELLO","ANTIOQUIA",15,"2L1 Liviano entre 9 y 10.5 Tonel.",6,43175,4,0.56,62050,172700,10341.67,4136.67,15650,39125,{"v":234750,"d":"$ 234,750"},"PLATAFORMA","General","CARGADO","SI","Medellin"]
["2026-07-01",52240000,"CHACHAGÜI","NARIÑO",76892000,"YUMBO","VALLE DEL CAUCA",399,"2_5_8",3.4,37352,4,8.23,1051407,149408,309237.35,2635.11,3009.56,353180.88,{"v":1200815,"d":"$ 1,200,815"},"ESTIBAS","Granel Sólido","CARGADO","SI","El Bordo,Rosas,Timbio,Popayan,Piendamo,Santander De Quilichao,Villa Rica,Candela"]
["2026-07-01",47745003,"PALERMO","MAGDALENA",54001017,"SAN FAUSTINO","NORTE DE SANTANDER",689,"3S2",31,98908,8,14.74,4626352,791264,149237.16,6714.59,7863.01,174761.81,{"v":5417616,"d":"$ 5,417,616"},"TANQUE","Granel líquido","CARGADO","SI","Puebloviejo,Cienaga,El Copey,Bosconia,Curumani,Pailitas,Pelaya,Aguachica,Rio De "]
["2026-07-01",76248000,"EL CERRITO","VALLE DEL CAUCA",47001000,"SANTA MARTA","MAGDALENA",1170,"3S3",34,86730,8,22.6,8181404,693840,240629.53,6992.65,7585.68,261036.59,{"v":8875244,"d":"$ 8,875,244"},"ESTIBAS","General","CARGADO","SI","Guacari,Guadalajara De Buga,San Pedro,Tulua,Andalucia,Bugalagrande,La Tebaida,Ca"]
["2026-07-01",25214000,"COTA","CUNDINAMARCA",8520000,"PALMAR DE VARELA","ATLÁNTICO",1014,"2",9,54531,8,19.42,3584129,436248,398236.56,3534.64,3964.87,446708.56,{"v":4020377,"d":"$ 4,020,377"},"ESTACAS","General","CARGADO","SI","El Rosal,La Vega,Villeta,Guaduas,San Alberto,San Martin,Aguachica,Pelaya,Pailita"]
["2026-07-01",5318000,"GUARNE","ANTIOQUIA",76520000,"PALMIRA","VALLE DEL CAUCA",447,"2S2",22,75644,8,9.22,2833988,605152,128817.64,6340.02,7693.83,156324.55,{"v":3439140,"d":"$ 3,439,140"},"TANQUE","Granel líquido","CARGADO","SI","Bello,Medellin,Itagui,La Estrella,Sabaneta,Caldas,La Pintada,La Virginia,Cartago"]
["2026-07-01",5308000,"GIRARDOTA","ANTIOQUIA",76130000,"CANDELARIA","VALLE DEL CAUCA",455,"2L2 Liviano entre 8 y 9 Tonel.",5,72221,4,8.74,1738139,288884,347627.8,3820.09,4455,405404.6,{"v":2027023,"d":"$ 2,027,023"},"FURGON REFRIGERADO","Carga Refrigerada","CARGADO","SI","Copacabana,Bello,Medellin,Itagui,La Estrella,Sabaneta,Caldas,La Pintada,La Virgi"]
["2026-07-01",76622005,"CANDELARIA","VALLE DEL CAUCA",76109000,"BUENAVENTURA","VALLE DEL CAUCA",199,"3S2",31,84854,4,4.81,1443089,339416,46551.26,7251.7,8957.31,57500.16,{"v":1782505,"d":"$ 1,782,505"},"PORTACONTENEDORES","Contenedor cargado","CARGADO","SI","Roldanillo,Zarzal,Bugalagrande,Andalucia,Tulua,Guadalajara De Buga"]
["2026-07-01",68679000,"SAN GIL","SANTANDER",47001000,"SANTA MARTA","MAGDALENA",638,"3S2",31,84854,8,13.61,3364815,678832,108542.42,5274,6338,130440.23,{"v":4043647,"d":"$ 4,043,647"},"PORTACONTENEDORES","Contenedor vacío","CARGADO","SI","Aratoca,Piedecuesta,Floridablanca,Bucaramanga,Rionegro,El Playon,La Esperanza,Sa"]
["2026-07-01",76109000,"BUENAVENTURA","VALLE DEL CAUCA",25843000,"UBATE","CUNDINAMARCA",578,"2S3",27,62754,8,12.8,3719406,502032,137755.78,6434.96,7303.53,156349.56,{"v":4221438,"d":"$ 4,221,438"},"PORTACONTENEDORES","Contenedor cargado","CARGADO","SI","Guadalajara De Buga,San Pedro,Tulua,Andalucia,Bugalagrande,La Tebaida,Calarca,Ca"]
["2026-07-01",20383001,"AYACUCHO","CESAR",68307000,"GIRON","SANTANDER",214,"CA",5,35954,4,4.38,537968,143816,107593.6,2513.87,3185.91,136356.8,{"v":681784,"d":"$ 681,784"},"ESTIBAS","Granel Sólido","CARGADO","SI","Aguachica,San Alberto,La Esperanza,El Playon,Rionegro,Bucaramanga"]
["2026-07-01",5190000,"CISNEROS","ANTIOQUIA",5212000,"COPACABANA","ANTIOQUIA",61,"2L2 Liviano entre 8 y 9 Tonel.",5,72221,4,1.48,315057,288884,63011.4,5164.87,9900.67,120788.2,{"v":603941,"d":"$ 603,941"},"FURGON REFRIGERADO","Carga Refrigerada","CARGADO","SI"]
["2026-07-01",25151000,"CAQUEZA","CUNDINAMARCA",47001000,"SANTA MARTA","MAGDALENA",1001,"CA",5,34822,4,18,2469129,139288,493825.8,2466.66,2605.81,521683.4,{"v":2608417,"d":"$ 2,608,417"},"PLATAFORMA","General","CARGADO","SI","Chipaque,Bogota,Funza,Mosquera,Madrid,Facatativa,Alban,Sasaima,Villeta,Guaduas,S"]
["2026-07-01",25612000,"RICAURTE","CUNDINAMARCA",73168000,"CHAPARRAL","TOLIMA",123,"2_5_8",3.4,64759,4,2.3,425298,259036,125087.65,3457.71,5563.69,201274.71,{"v":684334,"d":"$ 684,334"},"FURGON REFRIGERADO","Carga Refrigerada","CARGADO","SI","Girardot,Flandes,Guamo,Ortega"]
["2026-07-01",5240000,"EBEJICO","ANTIOQUIA",5212000,"COPACABANA","ANTIOQUIA",58,"2L3 Liviano entre 7.5 y 8 Tonel.",6,39217,4,1.75,225366,156868,37561,3885.62,6590.24,63705.67,{"v":382234,"d":"$ 382,234"},"PLATAFORMA","General","CARGADO","SI","Medellin,Bello"]
["2026-07-01",25286000,"FUNZA","CUNDINAMARCA",25151000,"CAQUEZA","CUNDINAMARCA",67,"2L2 Liviano entre 8 y 9 Tonel.",5,41243,4,1.8,306648,164972,61329.6,4576.84,7039.1,94324,{"v":471620,"d":"$ 471,620"},"ESTIBAS","Granel Sólido","CARGADO","SI","Mosquera,Bogota,Chipaque"]
["2026-07-01",85410000,"TAURAMENA","CASANARE",15223000,"CUBARA","BOYACÁ",353,"V4",36.9,66252,4,6.76,2254460,265008,61096.48,6386.57,7137.3,68278.27,{"v":2519468,"d":"$ 2,519,468"},"VOLCO","Granel Sólido","CARGADO","SI","Aguazul,Yopal,Pore,Paz De Ariporo,Hato Corozal,Tame,Fortul,Saravena"]
["2026-07-01",5321000,"GUATAPE","ANTIOQUIA",5212000,"COPACABANA","ANTIOQUIA",83,"2S2",22,63992,4,2.27,512723,255968,23305.59,6177.39,9261.34,34940.5,{"v":768691,"d":"$ 768,691"},"ESTIBAS","Granel Sólido","CARGADO","SI","Penol,Marinilla,Guarne,Bello,Medellin"]
["2026-07-01",85162004,"EL PORVENIR","CASANARE",85250000,"PAZ DE ARIPORO","CASANARE",209,"2S3",27,64983,4,4.05,945587,259932,35021.74,4524.34,5768.03,44648.85,{"v":1205519,"d":"$ 1,205,519"},"PLATAFORMA","Granel Sólido","CARGADO","SI","Monterrey,Aguazul,Yopal,Pore"]
["2026-07-01",25736000,"SESQUILE","CUNDINAMARCA",8433000,"MALAMBO","ATLÁNTICO",971,"3S3",34,87862,8,19.32,6728163,702896,197887.15,6929.11,7653,218560.56,{"v":7431059,"d":"$ 7,431,059"},"ESTACAS","Granel Sólido","CARGADO","NO","Gachancipa,Tocancipa,Sopo,Zipaquira,Sutatausa,Villa De San Diego De Ubate,Susa,C"]
["2026-07-01",13001000,"CARTAGENA DE INDIAS","BOLÍVAR",68406000,"LEBRIJA","SANTANDER",701,"2L1 Liviano entre 9 y 10.5 Tonel.",6,44306,4,12.05,1925708,177224,320951.33,2747.09,2999.9,350488.67,{"v":2102932,"d":"$ 2,102,932"},"ESTIBAS","Granel Sólido","CARGADO","SI","San Juan Nepomuceno,San Jacinto,El Carmen De Bolivar,Plato,El Dificil,Bosconia,C"]
["2026-07-01",25612000,"RICAURTE","CUNDINAMARCA",73168000,"CHAPARRAL","TOLIMA",123,"3S3",34,86730,4,2.59,870796,346920,25611.65,7079.64,9900.13,35815.18,{"v":1217716,"d":"$ 1,217,716"},"ESTIBAS","General","CARGADO","SI","Girardot,Flandes,Guamo,Ortega"]
["2026-07-01",5197000,"COCORNA","ANTIOQUIA",5212000,"COPACABANA","ANTIOQUIA",83,"2S3",27,66706,4,2.28,676374,266824,25050.89,8149.08,11363.83,34933.26,{"v":943198,"d":"$ 943,198"},"VOLCO","Granel Sólido","CARGADO","SI","El Santuario,Marinilla,Guarne,Bello,Medellin"]
["2026-07-01",25843000,"UBATE","CUNDINAMARCA",8001000,"BARRANQUILLA","ATLÁNTICO",905,"2L1 Liviano entre 9 y 10.5 Tonel.",6,46071,4,17.06,2692431,184284,448738.5,2975.06,3178.69,479452.5,{"v":2876715,"d":"$ 2,876,715"},"FURGON","General","CARGADO","SI","Susa,Chiquinquira,Saboya,Puente Nacional,Barbosa,Guepsa,San Jose De Pare,Santana"]
["2026-07-01",5036000,"ANGELOPOLIS","ANTIOQUIA",5212000,"COPACABANA","ANTIOQUIA",56,"CA",5,34822,4,1.47,145637,139288,29127.4,2600.66,5087.95,56985,{"v":284925,"d":"$ 284,925"},"ESTACAS","General","CARGADO","SI","Caldas,La Estrella,Sabaneta,Envigado,Medellin,Bello"]
["2026-07-01",11001000,"BOGOTA, D.C.","BOGOTÁ, D.C.",5837002,"NUEVA COLONIA","ANTIOQUIA",727,"3",16,58409,8,20.28,4350695,467272,271918.44,5984.45,6627.19,301122.94,{"v":4817967,"d":"$ 4,817,967"},"PLATAFORMA","General","CARGADO","SI","Funza,Mosquera,Madrid,Facatativa,Alban,Sasaima,Villeta,Guaduas,El Santuario,Mari"]
["2026-07-01",13001000,"CARTAGENA DE INDIAS","BOLÍVAR",68406000,"LEBRIJA","SANTANDER",701,"V2",17.5,57575,8,14.97,3048931,460600,174224.63,4349.4,5006.46,200544.63,{"v":3509531,"d":"$ 3,509,531"},"VOLCO","Granel Sólido","CARGADO","SI","San Juan Nepomuceno,San Jacinto,El Carmen De Bolivar,Plato,El Dificil,Bosconia,C"]
["2026-07-01",73443000,"MARIQUITA","TOLIMA",73861000,"VENADILLO","TOLIMA",60,"3S3",34,86730,4,1.47,412591,346920,12135.03,6876.52,12658.52,22338.56,{"v":759511,"d":"$ 759,511"},"ESTACAS","General","CARGADO","SI","Guayabal,Lerida"]
["2026-07-01",85263000,"PORE","CASANARE",81794000,"TAME","ARAUCA",118,"2S2",22,61871,4,2.19,503580,247484,22890,4267.63,6364.95,34139.27,{"v":751064,"d":"$ 751,064"},"PORTACONTENEDORES","Contenedor cargado","CARGADO","SI","Paz De Ariporo,Hato Corozal"]
["2026-07-01",25214008,"SIBERIA","CUNDINAMARCA",13001000,"CARTAGENA DE INDIAS","BOLÍVAR",1064,"2_5_8",3.4,37352,4,18.78,2694292,149408,792438.82,2532.23,2672.65,836382.35,{"v":2843700,"d":"$ 2,843,700"},"PLATAFORMA","Granel Sólido","CARGADO","SI","El Rosal,La Vega,Villeta,Guaduas,San Alberto,San Martin,Aguachica,Pelaya,Pailita"]
["2026-07-01",73200001,"GUALANDAY","TOLIMA",73168000,"CHAPARRAL","TOLIMA",118,"2L1 Liviano entre 9 y 10.5 Tonel.",6,76057,4,2.22,430922,304228,71820.33,3651.88,6230.08,122525,{"v":735150,"d":"$ 735,150"},"FURGON REFRIGERADO","Carga Refrigerada","CARGADO","SI","Guamo,Ortega"]
["2026-07-01",86568000,"PUERTO ASIS","PUTUMAYO",86885001,"PUERTO UMBRIA","PUTUMAYO",50,"2_5_8",3.4,36221,4,1.08,123311,144884,36267.94,2466.22,5363.9,78880.88,{"v":268195,"d":"$ 268,195"},"PLATAFORMA","General","CARGADO","SI","Puerto Caicedo"]
["2026-07-01",44090000,"DIBULLA","LA GUAJIRA",25407000,"LENGUAZAQUE","CUNDINAMARCA",973,"2_8_105",5.4,41061,4,17.13,2599878,164244,481458.89,2672.02,2840.82,511874.44,{"v":2764122,"d":"$ 2,764,122"},"PLATAFORMA","Granel Sólido","CARGADO","NO","Santa Marta,Cienaga,El Copey,Bosconia,Curumani,Pailitas,Pelaya,Aguachica,San Alb"]
["2026-07-01",73408000,"LERIDA","TOLIMA",73443000,"MARIQUITA","TOLIMA",41,"2S3",27,120421,4,0.95,340292,481684,12603.41,8299.8,20048.2,30443.56,{"v":821976,"d":"$ 821,976"},"FURGON REFRIGERADO","Carga Refrigerada","CARGADO","SI","Guayabal"]
["2026-07-01",15806000,"TIBASOSA","BOYACÁ",25307000,"GIRARDOT","CUNDINAMARCA",349,"2L2 Liviano entre 8 y 9 Tonel.",5,42266,4,7.08,1105497,169064,221099.4,3167.61,3652.04,254912.2,{"v":1274561,"d":"$ 1,274,561"},"FURGON","General","CARGADO","SI","Duitama,Paipa,Tunja,Villapinzon,Choconta,Gachancipa,Tocancipa,Sopo,Chia,Cota,Fun"]
["2026-07-01",5001002,"SAN ANTONIO DE PRADO","ANTIOQUIA",5212000,"COPACABANA","ANTIOQUIA",33,"2L2 Liviano entre 8 y 9 Tonel.",5,40112,4,0.93,105928,160448,21185.6,3209.94,8072,53275.2,{"v":266376,"d":"$ 266,376"},"ESTACAS","General","CARGADO","SI","Medellin,Itagui,Bello"]
["2026-07-01",73319000,"GUAMO","TOLIMA",73443000,"MARIQUITA","TOLIMA",167,"2S2",22,62860,4,3.15,818269,251440,37194.05,4899.81,6405.44,48623.14,{"v":1069709,"d":"$ 1,069,709"},"PLATAFORMA","General","CARGADO","SI","Ibague,Alvarado,Venadillo,Lerida,Guayabal"]
["2026-07-01",20383001,"AYACUCHO","CESAR",68307000,"GIRON","SANTANDER",214,"2",9,54531,4,4.99,801844,218124,89093.78,3746.93,4766.21,113329.78,{"v":1019968,"d":"$ 1,019,968"},"PLATAFORMA","General","CARGADO","SI","Aguachica,San Alberto,La Esperanza,El Playon,Rionegro,Bucaramanga"]
["2026-07-01",5837002,"NUEVA COLONIA","ANTIOQUIA",76001000,"CALI","VALLE DEL CAUCA",712,"2",9,55663,8,15.32,2730326,445304,303369.56,3834.73,4460.15,352847.78,{"v":3175630,"d":"$ 3,175,630"},"ESTIBAS","Granel Sólido","CARGADO","SI","Chigorodo,Mutata,Dabeiba,Uramita,Cañasgordas,Santafe De Antioquia,La Pintada,La "]
["2026-07-01",73411000,"LIBANO","TOLIMA",73443000,"MARIQUITA","TOLIMA",63,"2",9,54531,4,1.91,276956,218124,30772.89,4396.13,7858.41,55008.89,{"v":495080,"d":"$ 495,080"},"PLATAFORMA","General","CARGADO","SI","Guayabal"]
["2026-07-01",63001000,"ARMENIA","QUINDIO",5837002,"NUEVA COLONIA","ANTIOQUIA",577,"2L2 Liviano entre 8 y 9 Tonel.",5,40112,4,11.5,1727315,160448,345463,2993.61,3271.69,377552.6,{"v":1887763,"d":"$ 1,887,763"},"ESTACAS","General","CARGADO","SI","Circasia,Pereira,La Virginia,La Pintada,Santafe De Antioquia,Cañasgordas,Uramita"]
["2026-07-01",73443000,"MARIQUITA","TOLIMA",73547000,"PIEDRAS","TOLIMA",89,"2_8_105",5.4,41061,4,1.79,237373,164244,43957.96,2667.11,4512.55,74373.52,{"v":401617,"d":"$ 401,617"},"PLATAFORMA","Granel Sólido","CARGADO","SI","Guayabal,Lerida,Venadillo,Alvarado"]
["2026-07-01",73319000,"GUAMO","TOLIMA",73443000,"MARIQUITA","TOLIMA",167,"2_8_105",5.4,70516,4,3.08,603470,282064,111753.7,3613.59,5302.6,163987.78,{"v":885534,"d":"$ 885,534"},"FURGON REFRIGERADO","Carga Refrigerada","CARGADO","SI","Ibague,Alvarado,Venadillo,Lerida,Guayabal"]
["2026-07-01",23001000,"MONTERIA","CÓRDOBA",5837002,"NUEVA COLONIA","ANTIOQUIA",223,"CA",5,38189,4,3.91,509245,152756,101849,2283.61,2968.61,132400.2,{"v":662001,"d":"$ 662,001"},"FURGON","Granel Sólido","CARGADO","SI","San Juan De Uraba,Necocli"]
["2026-07-01",73200001,"GUALANDAY","TOLIMA",73678000,"SAN LUIS","TOLIMA",58,"2",9,54531,4,1.36,203556,218124,22617.33,3509.59,7270.34,46853.33,{"v":421680,"d":"$ 421,680"},"PLATAFORMA","General","CARGADO","SI","Guamo"]
["2026-07-01",25843000,"UBATE","CUNDINAMARCA",47745000,"SITIONUEVO","MAGDALENA",919,"3S2",31,101482,8,20.02,6472926,811856,208804.06,7043.45,7926.86,234992.97,{"v":7284782,"d":"$ 7,284,782"},"FURGON","Granel Sólido","CARGADO","SI","Susa,Chiquinquira,Saboya,Puente Nacional,Barbosa,Guepsa,San Jose De Pare,Santana"]
["2026-07-01",5837002,"NUEVA COLONIA","ANTIOQUIA",11001000,"BOGOTA, D.C.","BOGOTÁ, D.C.",725,"2L3 Liviano entre 7.5 y 8 Tonel.",6,40348,4,15.95,2252620,161392,375436.67,3107.06,3329.67,402335.33,{"v":2414012,"d":"$ 2,414,012"},"ESTIBAS","Granel Sólido","CARGADO","SI","Chigorodo,Mutata,Dabeiba,Uramita,Cañasgordas,Santafe De Antioquia,San Jeronimo,M"]
["2026-07-01",73200001,"GUALANDAY","TOLIMA",41615000,"RIVERA","HUILA",199,"3S2",31,86847,4,3.94,1290626,347388,41633.1,6485.56,8231.23,52839.16,{"v":1638014,"d":"$ 1,638,014"},"ESTIBAS","Granel Sólido","CARGADO","SI","Guamo,Saldana,Natagaima,Aipe"]
["2026-07-01",20295000,"GAMARRA","CESAR",15759000,"SOGAMOSO","BOYACÁ",535,"2L3 Liviano entre 7.5 y 8 Tonel.",6,40348,4,11.15,1509531,161392,251588.5,2821.55,3123.22,278487.17,{"v":1670923,"d":"$ 1,670,923"},"PLATAFORMA","Granel Sólido","CARGADO","SI","Aguachica,San Alberto,La Esperanza,El Playon,Rionegro,Bucaramanga,Floridablanca,"]
["2026-07-01",5837002,"NUEVA COLONIA","ANTIOQUIA",66001000,"PEREIRA","RISARALDA",533,"2L1 Liviano entre 9 y 10.5 Tonel.",6,44306,4,10.55,1659502,177224,276583.67,3113.51,3446.02,306121,{"v":1836726,"d":"$ 1,836,726"},"ESTACAS","Granel Sólido","CARGADO","SI","Chigorodo,Mutata,Dabeiba,Uramita,Cañasgordas,Santafe De Antioquia,La Pintada,La "]
["2026-07-01",5756000,"SONSON","ANTIOQUIA",73443000,"MARIQUITA","TOLIMA",341,"2L3 Liviano entre 7.5 y 8 Tonel.",6,42327,4,7.11,1044052,169308,174008.67,3061.74,3558.24,202226.67,{"v":1213360,"d":"$ 1,213,360"},"FURGON","General","CARGADO","SI","La Union,Rionegro,Marinilla,El Santuario,Honda"]
["2026-07-01",20383001,"AYACUCHO","CESAR",68307000,"GIRON","SANTANDER",214,"3S3",34,86730,4,4.94,1585047,346920,46619.03,7406.76,9027.88,56822.56,{"v":1931967,"d":"$ 1,931,967"},"ESTIBAS","General","CARGADO","SI","Aguachica,San Alberto,La Esperanza,El Playon,Rionegro,Bucaramanga"]
["2026-07-01",5837002,"NUEVA COLONIA","ANTIOQUIA",11001000,"BOGOTA, D.C.","BOGOTÁ, D.C.",725,"3",16,66231,8,20.44,4571163,529848,285697.69,6305.05,7035.88,318813.19,{"v":5101011,"d":"$ 5,101,011"},"VOLCO","Granel Sólido","CARGADO","SI","Chigorodo,Mutata,Dabeiba,Uramita,Cañasgordas,Santafe De Antioquia,San Jeronimo,M"]
["2026-07-01",73861000,"VENADILLO","TOLIMA",73443000,"MARIQUITA","TOLIMA",60,"3",16,58409,4,1.62,299515,233636,18719.69,4991.92,8885.85,33321.94,{"v":533151,"d":"$ 533,151"},"PORTACONTENEDORES","Contenedor cargado","CARGADO","SI","Lerida,Guayabal"]
["2026-07-01",25430000,"MADRID","CUNDINAMARCA",13001009,"PASACABALLOS","BOLÍVAR",1038,"2S3",27,64983,8,18.83,5335250,519864,197601.85,5139.93,5640.76,216856.07,{"v":5855114,"d":"$ 5,855,114"},"ESTIBAS","Granel Sólido","CARGADO","SI","Facatativa,Alban,Sasaima,Villeta,Guaduas,San Alberto,San Martin,Aguachica,Pelaya"]
["2026-07-01",54673005,"URIMACO","NORTE DE SANTANDER",8001000,"BARRANQUILLA","ATLÁNTICO",670,"V3",28.7,66231,8,15.24,3954042,529848,137771.5,5901.56,6692.37,156233.1,{"v":4483890,"d":"$ 4,483,890"},"VOLCO","Granel Sólido","CARGADO","SI","El Zulia,Abrego,Ocaña,Rio De Oro,Aguachica,Pelaya,Pailitas,Curumani,Bosconia,El "]
["2026-07-01",5212000,"COPACABANA","ANTIOQUIA",50001000,"VILLAVICENCIO","META",527,"2L3 Liviano entre 7.5 y 8 Tonel.",6,71753,4,11.98,2343274,287012,390545.67,4446.44,4991.06,438381,{"v":2630286,"d":"$ 2,630,286"},"FURGON REFRIGERADO","Carga Refrigerada","CARGADO","SI","Bello,Medellin,Guarne,Marinilla,El Santuario,Guaduas,Villeta,Sasaima,Alban,Facat"]
["2026-07-01",68190000,"CIMITARRA","SANTANDER",50006000,"ACACIAS","META",499,"2L1 Liviano entre 9 y 10.5 Tonel.",6,46071,4,10.27,1848799,184284,308133.17,3705.01,4074.31,338847.17,{"v":2033083,"d":"$ 2,033,083"},"FURGON","General","CARGADO","SI","Guaduas,Villeta,Sasaima,Alban,Facatativa,Madrid,Mosquera,Funza,Bogota,Chipaque,G"]
["2026-07-01",50124000,"CABUYARO","META",85440000,"VILLANUEVA","CASANARE",51,"3S3",34,87862,4,1.21,347348,351448,10216.12,6810.75,13701.88,20552.82,{"v":698796,"d":"$ 698,796"},"ESTIBAS","Granel Sólido","CARGADO","SI","Barranca De Upia"]
["2026-07-01",47745000,"SITIONUEVO","MAGDALENA",15837000,"TUTA","BOYACÁ",903,"2_5_8",3.4,36221,4,17.51,2379899,144884,699970.29,2635.55,2795.99,742583.24,{"v":2524783,"d":"$ 2,524,783"},"PLATAFORMA","General","CARGADO","SI","Puebloviejo,Cienaga,El Copey,Bosconia,Curumani,Pailitas,Pelaya,Aguachica,San Alb"]
["2026-07-01",68190000,"CIMITARRA","SANTANDER",50006000,"ACACIAS","META",499,"3",16,58409,8,12.76,3044517,467272,190282.31,6101.24,7037.65,219486.81,{"v":3511789,"d":"$ 3,511,789"},"PORTACONTENEDORES","Contenedor cargado","CARGADO","SI","Guaduas,Villeta,Sasaima,Alban,Facatativa,Madrid,Mosquera,Funza,Bogota,Chipaque,G"]
["2026-07-01",50006000,"ACACIAS","META",68190000,"CIMITARRA","SANTANDER",499,"2L3 Liviano entre 7.5 y 8 Tonel.",6,40348,4,10.07,1700197,161392,283366.17,3407.21,3730.64,310264.83,{"v":1861589,"d":"$ 1,861,589"},"PLATAFORMA","Granel Sólido","CARGADO","SI","Villavicencio,Guayabetal,Chipaque,Bogota,Funza,Mosquera,Madrid,Facatativa,Alban,"]
["2026-07-01",76318008,"SONSO","VALLE DEL CAUCA",68081000,"BARRANCABERMEJA","SANTANDER",628,"2S2",22,61871,8,11.59,3143222,494968,142873.73,5005.13,5793.3,165372.27,{"v":3638190,"d":"$ 3,638,190"},"PORTACONTENEDORES","Contenedor cargado","CARGADO","SI","Guadalajara De Buga,San Pedro,Tulua,Andalucia,Bugalagrande,La Tebaida,Calarca,Ca"]
["2026-07-01",73268000,"ESPINAL","TOLIMA",47001000,"SANTA MARTA","MAGDALENA",963,"2S3",27,63851,8,15.91,4909465,510808,181832.04,5098.09,5628.53,200750.85,{"v":5420273,"d":"$ 5,420,273"},"PLATAFORMA","General","CARGADO","SI","Narino,Guataqui,Beltran,San Alberto,San Martin,Aguachica,Pelaya,Pailitas,Curuman"]
["2026-07-01",5147000,"CAREPA","ANTIOQUIA",47980003,"LA GRAN VIA","MAGDALENA",664,"2S2",22,63992,8,11.26,2990092,511936,135913.27,4503.15,5274.14,159183.09,{"v":3502028,"d":"$ 3,502,028"},"ESTACAS","Granel Sólido","CARGADO","SI","Necocli,San Juan De Uraba,San Pelayo,Cerete,Cienaga De Oro,Sahagun,Chinu,Sampues"]
["2026-07-01",73001000,"IBAGUE","TOLIMA",76869000,"VIJES","VALLE DEL CAUCA",237,"2L1 Liviano entre 9 y 10.5 Tonel.",6,46071,4,5.26,822168,184284,137028,3469.06,4246.63,167742,{"v":1006452,"d":"$ 1,006,452"},"FURGON","General","CARGADO","SI","Cajamarca,Calarca,La Tebaida,Bugalagrande,Andalucia,Tulua,Guadalajara De Buga,Yo"]
["2026-07-01",50001000,"VILLAVICENCIO","META",17001000,"MANIZALES","CALDAS",410,"2S3",27,62754,8,11.11,2335300,502032,86492.59,5695.85,6920.32,105086.37,{"v":2837332,"d":"$ 2,837,332"},"PORTACONTENEDORES","Contenedor vacío","CARGADO","NO","Guayabetal,Chipaque,Bogota,El Rosal,La Vega,Villeta,Guaduas,Honda,Mariquita,Fres"]
["2026-07-01",25224000,"CUCUNUBA","CUNDINAMARCA",44090003,"MINGUEO","LA GUAJIRA",956,"2_5_8",3.4,38689,4,18.04,2453390,154756,721585.29,2566.31,2728.19,767101.76,{"v":2608146,"d":"$ 2,608,146"},"FURGON","General","CARGADO","SI","Villa De San Diego De Ubate,Susa,Chiquinquira,Saboya,Puente Nacional,Barbosa,Gue"]
["2026-07-01",23580000,"PUERTO LIBERTADOR","CÓRDOBA",23168004,"COROZALITO","CÓRDOBA",189,"2_5_8",3.4,38689,4,5.56,633917,154756,186446.18,3354.06,4172.87,231962.65,{"v":788673,"d":"$ 788,673"},"FURGON","General","CARGADO","SI","Montelibano,Buenavista,Planeta Rica,Pueblo Nuevo,Cienaga De Oro"]
["2026-07-01",5088000,"BELLO","ANTIOQUIA",5376000,"LA CEJA","ANTIOQUIA",64,"3S2",31,85716,4,2.06,598459,342864,19305.13,9350.92,14708.17,30365.26,{"v":941323,"d":"$ 941,323"},"PLATAFORMA","General","CARGADO","SI","Medellin,Guarne"]
["2026-07-01",13001000,"CARTAGENA DE INDIAS","BOLÍVAR",25224000,"CUCUNUBA","CUNDINAMARCA",986,"2_5_8",3.4,64759,4,18.47,3066902,259036,902030,3110.45,3373.16,978217.06,{"v":3325938,"d":"$ 3,325,938"},"FURGON REFRIGERADO","Carga Refrigerada","CARGADO","SI","San Juan Nepomuceno,San Jacinto,El Carmen De Bolivar,Plato,El Dificil,Bosconia,C"]
["2026-07-01",70820000,"SANTIAGO DE TOLU","SUCRE",50568000,"RUBIALES","META",1126,"CA",5,34822,4,20.87,3125394,139288,625078.8,2775.66,2899.36,652936.4,{"v":3264682,"d":"$ 3,264,682"},"PLATAFORMA","General","CARGADO","SI","Toluviejo,Sincelejo,Sampues,Chinu,Sahagun,Pueblo Nuevo,Planeta Rica,Buenavista,L"]
["2026-07-01",25286000,"FUNZA","CUNDINAMARCA",8758000,"SOLEDAD","ATLÁNTICO",981,"3S3",34,86730,8,19.46,6910878,693840,203261.12,7044.73,7752.01,223668.18,{"v":7604718,"d":"$ 7,604,718"},"PLATAFORMA","General","CARGADO","SI","Mosquera,Madrid,Facatativa,Alban,Sasaima,Villeta,Guaduas,San Alberto,San Martin,"]
["2026-07-01",17001000,"MANIZALES","CALDAS",50001000,"VILLAVICENCIO","META",410,"CA",5,35954,4,10.13,1395333,143816,279066.6,3403.25,3754.02,307829.8,{"v":1539149,"d":"$ 1,539,149"},"ESTIBAS","Granel Sólido","CARGADO","NO","Fresno,Mariquita,Honda,Guaduas,Villeta,La Vega,Bogota,Chipaque,Guayabetal"]
["2026-07-01",25841000,"UBAQUE","CUNDINAMARCA",47001000,"SANTA MARTA","MAGDALENA",1009,"3S3",34,86730,8,20.75,7090234,693840,208536.29,7026.99,7714.64,228943.35,{"v":7784074,"d":"$ 7,784,074"},"PLATAFORMA","General","CARGADO","SI","Choachi,Bogota,Funza,Mosquera,Madrid,Facatativa,Alban,Sasaima,Villeta,Guaduas,Sa"]
["2026-07-01",85410000,"TAURAMENA","CASANARE",73408000,"LERIDA","TOLIMA",544,"2L3 Liviano entre 7.5 y 8 Tonel.",6,71753,4,10.97,2219116,287012,369852.67,4079.26,4606.85,417688,{"v":2506128,"d":"$ 2,506,128"},"FURGON REFRIGERADO","Carga Refrigerada","CARGADO","NO","Monterrey,Villanueva,Barranca De Upia,Paratebueno,Cumaral,Restrepo,Villavicencio"]
["2026-07-01",8573000,"PUERTO COLOMBIA","ATLÁNTICO",25407000,"LENGUAZAQUE","CUNDINAMARCA",924,"2L1 Liviano entre 9 y 10.5 Tonel.",6,43175,4,17.75,2730920,172700,455153.33,2955.54,3142.45,483936.67,{"v":2903620,"d":"$ 2,903,620"},"ESTACAS","General","CARGADO","SI","Barranquilla,Puebloviejo,Cienaga,El Copey,Bosconia,Curumani,Pailitas,Pelaya,Agua"]
["2026-07-01",85230003,"EL ALGARROBO","CASANARE",5308000,"GIRARDOTA","ANTIOQUIA",871,"3S2",31,86847,8,21.08,6675481,694776,215338.1,7664.16,8461.83,237750.23,{"v":7370257,"d":"$ 7,370,257"},"ESTIBAS","Granel Sólido","CARGADO","SI","Yopal,Aguazul,Monterrey,Villanueva,Barranca De Upia,Paratebueno,Cumaral,Restrepo"]
["2026-07-01",81001000,"ARAUCA","ARAUCA",68081010,"LA FORTUNA","SANTANDER",532,"2",9,54531,8,20.81,2134511,436248,237167.89,4012.24,4832.25,285639.89,{"v":2570759,"d":"$ 2,570,759"},"PORTACONTENEDORES","Contenedor vacío","CARGADO","SI","Arauquita,Saravena,Cubara,Pamplona,Bucaramanga,Giron,Lebrija"]
["2026-07-01",5129000,"CALDAS","ANTIOQUIA",76892000,"YUMBO","VALLE DEL CAUCA",405,"3",16,59540,8,9.51,2523487,476320,157717.94,6230.83,7406.93,187487.94,{"v":2999807,"d":"$ 2,999,807"},"PLATAFORMA","Granel Sólido","CARGADO","SI","La Pintada,La Virginia,Cartago,Obando,Zarzal,Bugalagrande,Andalucia,Tulua,Guadal"]
["2026-07-01",76248000,"EL CERRITO","VALLE DEL CAUCA",19142006,"GUACHENE","CAUCA",88,"2L2 Liviano entre 8 y 9 Tonel.",5,40112,4,1.7,221514,160448,44302.8,2517.2,4340.48,76392.4,{"v":381962,"d":"$ 381,962"},"PLATAFORMA","General","CARGADO","SI","Villa Rica,Guachene"]
["2026-07-01",5001000,"MEDELLIN","ANTIOQUIA",25214008,"SIBERIA","CUNDINAMARCA",413,"2S3",27,62754,8,10.27,2221971,502032,82295.22,5380.08,6595.65,100889,{"v":2724003,"d":"$ 2,724,003"},"PORTACONTENEDORES","Contenedor vacío","CARGADO","SI","Bello,Guarne,Marinilla,El Santuario,Guaduas,Villeta,La Vega"]
["2026-07-01",25772000,"SUESCA","CUNDINAMARCA",17001000,"MANIZALES","CALDAS",342,"2_8_105",5.4,39930,4,8.22,1128019,159720,208892.41,3298.3,3765.32,238470.19,{"v":1287739,"d":"$ 1,287,739"},"ESTACAS","General","CARGADO","SI","Gachancipa,Tocancipa,Sopo,Chia,Cota,El Rosal,La Vega,Villeta,Guaduas,Honda,Mariq"]
["2026-07-01",13001000,"CARTAGENA DE INDIAS","BOLÍVAR",50006000,"ACACIAS","META",1197,"2",9,57575,8,24.1,4711023,460600,523447,3935.69,4320.49,574624.78,{"v":5171623,"d":"$ 5,171,623"},"VOLCO","Granel Sólido","CARGADO","SI","San Juan Nepomuceno,San Jacinto,El Carmen De Bolivar,Plato,El Dificil,Bosconia,C"]
["2026-07-01",13001000,"CARTAGENA DE INDIAS","BOLÍVAR",5736000,"SEGOVIA ANT","ANTIOQUIA",516,"2S2",22,63992,8,9.26,2640032,511936,120001.45,5116.34,6108.47,143271.27,{"v":3151968,"d":"$ 3,151,968"},"PLATAFORMA","Granel Sólido","CARGADO","SI","San Juan Nepomuceno,San Jacinto,El Carmen De Bolivar,Ovejas,Los Palmitos,Corozal"]
["2026-07-01",5756033,"JERUSALEN","ANTIOQUIA",15215000,"CORRALES","BOYACÁ",478,"2L1 Liviano entre 9 y 10.5 Tonel.",6,43175,4,9.51,1477266,172700,246211,3090.51,3451.81,274994.33,{"v":1649966,"d":"$ 1,649,966"},"PLATAFORMA","General","CARGADO","SI","Guaduas,Villeta,La Vega,Cota,Chia,Tocancipa,Gachancipa,Choconta,Villapinzon,Vent"]
["2026-07-01",25214008,"SIBERIA","CUNDINAMARCA",5001000,"MEDELLIN","ANTIOQUIA",412,"3S3",34,85728,8,10.96,3564521,685824,104838.85,8651.75,10316.37,125010.15,{"v":4250345,"d":"$ 4,250,345"},"PORTACONTENEDORES","Contenedor cargado","CARGADO","SI","El Rosal,La Vega,Villeta,Guaduas,El Santuario,Marinilla,Guarne,Bello"]
["2026-07-01",50001000,"VILLAVICENCIO","META",86320000,"ORITO","PUTUMAYO",839,"2S3",27,79136,8,17.39,5084233,633088,188304.93,6059.87,6814.45,211752.63,{"v":5717321,"d":"$ 5,717,321"},"FURGON","Granel Sólido","CARGADO","SI","Guayabetal,Chipaque,Bogota,Soacha,Silvania,Fusagasuga,Guamo,Saldana,Natagaima,Ai"]
["2026-07-01",19698000,"SANTANDER DE QUILICHAO","CAUCA",5360000,"ITAGÜI","ANTIOQUIA",473,"3S3",34,102788,8,10.18,4174070,822304,122766.76,8824.67,10563.16,146952.18,{"v":4996374,"d":"$ 4,996,374"},"FURGON","Granel Sólido","CARGADO","SI","Villa Rica,Candelaria,El Cerrito,Guacari,Guadalajara De Buga,San Pedro,Tulua,And"]
["2026-07-01",25793000,"TAUSA","CUNDINAMARCA",47745003,"PALERMO","MAGDALENA",914,"CA",5,37057,4,17.29,2274728,148228,454945.6,2488.76,2650.94,484591.2,{"v":2422956,"d":"$ 2,422,956"},"FURGON","General","CARGADO","SI","Sutatausa,Villa De San Diego De Ubate,Susa,Chiquinquira,Saboya,Puente Nacional,B"]
["2026-07-01",5045000,"APARTADO","ANTIOQUIA",5147000,"CAREPA","ANTIOQUIA",17,"2L1 Liviano entre 9 y 10.5 Tonel.",6,43175,4,0.55,63825,172700,10637.5,3754.41,13913.24,39420.83,{"v":236525,"d":"$ 236,525"},"ESTIBAS","General","CARGADO","SI"]
["2026-07-01",50150000,"CASTILLA LA NUEVA","META",85001000,"YOPAL","CASANARE",313,"CA",5,35954,4,5.45,795997,143816,159199.4,2543.12,3002.6,187962.6,{"v":939813,"d":"$ 939,813"},"PLATAFORMA","Granel Sólido","CARGADO","SI","Guamal,Acacias,Villavicencio,Restrepo,Paratebueno,Barranca De Upia,Villanueva,Mo"]
["2026-07-01",23466006,"TIERRADENTRO","CÓRDOBA",23580000,"PUERTO LIBERTADOR","CÓRDOBA",34,"CA",5,34822,4,0.86,85809,139288,17161.8,2523.79,6620.5,45019.4,{"v":225097,"d":"$ 225,097"},"ESTIBAS","General","CARGADO","SI"]
["2026-07-01",15837000,"TUTA","BOYACÁ",50150000,"CASTILLA LA NUEVA","META",336,"2_8_105",5.4,41061,4,6.99,1276639,164244,236414.63,3799.52,4288.34,266830.19,{"v":1440883,"d":"$ 1,440,883"},"ESTIBAS","Granel Sólido","CARGADO","SI","Tunja,Villapinzon,Choconta,Gachancipa,Tocancipa,Bogota,Chipaque,Guayabetal,Villa"]
["2026-07-01",85001000,"YOPAL","CASANARE",86320000,"ORITO","PUTUMAYO",1098,"3S3",34,102788,8,23.78,8674770,822304,255140.29,7900.52,8649.43,279325.71,{"v":9497074,"d":"$ 9,497,074"},"FURGON","Granel Sólido","CARGADO","SI","Aguazul,Monterrey,Villanueva,Barranca De Upia,Paratebueno,Cumaral,Restrepo,Villa"]
["2026-07-01",23001000,"MONTERIA","CÓRDOBA",5380000,"LA ESTRELLA","ANTIOQUIA",419,"CA",5,35954,4,8.47,1149123,143816,229824.6,2742.54,3085.77,258587.8,{"v":1292939,"d":"$ 1,292,939"},"PLATAFORMA","Granel Sólido","CARGADO","SI","Planeta Rica,Buenavista,La Apartada Y La Frontera,Caucasia,Taraza,Valdivia,Yarum"]
["2026-07-01",19142000,"CALOTO","CAUCA",19300000,"GUACHENE","CAUCA",13,"CA",5,34822,4,0.48,41687,139288,8337.4,3206.69,13921.15,36195,{"v":180975,"d":"$ 180,975"},"ESTIBAS","General","CARGADO","SI"]
["2026-07-01",44090000,"DIBULLA","LA GUAJIRA",20400000,"LA JAGUA DE IBIRICO","CESAR",383,"CA",5,61390,4,6.55,1089473,245560,217894.6,2844.58,3485.73,267006.6,{"v":1335033,"d":"$ 1,335,033"},"FURGON REFRIGERADO","Carga Refrigerada","CARGADO","SI","Santa Marta,Cienaga,El Copey,Bosconia"]
["2026-07-01",8433000,"MALAMBO","ATLÁNTICO",5376000,"LA CEJA","ANTIOQUIA",738,"2",9,55663,8,16.03,2837785,445304,315309.44,3845.24,4448.63,364787.67,{"v":3283089,"d":"$ 3,283,089"},"ESTACAS","Granel Sólido","CARGADO","SI","Sabanagrande,Santo Tomas,Palmar De Varela,Ponedera,Campo De La Cruz,Suan,Calamar"]
["2026-07-01",25430000,"MADRID","CUNDINAMARCA",73671000,"SALDANA","TOLIMA",184,"2L3 Liviano entre 7.5 y 8 Tonel.",6,42327,4,3.88,632162,169308,105360.33,3435.66,4355.82,133578.33,{"v":801470,"d":"$ 801,470"},"FURGON","General","CARGADO","SI","Mosquera,Silvania,Fusagasuga,Guamo"]
["2026-07-01",52317000,"GUACHUCAL","NARIÑO",76111000,"BUGA","VALLE DEL CAUCA",543,"2_8_105",5.4,39930,4,11.59,1602535,159720,296765.74,2951.26,3245.41,326343.52,{"v":1762255,"d":"$ 1,762,255"},"PLATAFORMA","General","CARGADO","SI","Tuquerres,Tangua,San Juan De Pasto,Chachagui,El Bordo,Rosas,Timbio,Popayan,Piend"]
["2026-07-01",15051000,"ARCABUCO","BOYACÁ",52356000,"IPIALES","NARIÑO",1099,"2_5_8",3.4,36221,4,23.03,3012989,144884,886173.24,2741.57,2873.41,928786.18,{"v":3157873,"d":"$ 3,157,873"},"PLATAFORMA","General","CARGADO","SI","Tunja,Villapinzon,Choconta,Gachancipa,Tocancipa,Bogota,Soacha,Silvania,Fusagasug"]
["2026-07-01",50150000,"CASTILLA LA NUEVA","META",50006000,"ACACIAS","META",24,"2L3 Liviano entre 7.5 y 8 Tonel.",6,40348,4,0.67,74015,161392,12335.83,3083.96,9808.62,39234.5,{"v":235407,"d":"$ 235,407"},"PLATAFORMA","Granel Sólido","CARGADO","SI","Guamal"]
["2026-07-01",5030000,"AMAGA","ANTIOQUIA",8001000,"BARRANQUILLA","ATLÁNTICO",744,"3",16,59540,8,16.85,3995309,476320,249706.81,5370.04,6010.25,279476.81,{"v":4471629,"d":"$ 4,471,629"},"ESTIBAS","Granel Sólido","CARGADO","SI","Caldas,La Estrella,Sabaneta,Envigado,Medellin,Bello,Copacabana,Don Matias,Santa "]
["2026-07-01",8560000,"PONEDERA","ATLÁNTICO",8001000,"BARRANQUILLA","ATLÁNTICO",49,"2_5_8",3.4,36221,4,1.09,140694,144884,41380.59,2871.31,5828.12,83993.53,{"v":285578,"d":"$ 285,578"},"ESTACAS","General","CARGADO","SI","Santo Tomas,Sabanagrande,Malambo,Soledad"]
["2026-07-01",66001000,"PEREIRA","RISARALDA",27361000,"ISTMINA","CHOCÓ",210,"3",16,59540,4,7.59,1250623,238160,78163.94,5955.35,7089.44,93048.94,{"v":1488783,"d":"$ 1,488,783"},"ESTACAS","Granel Sólido","CARGADO","SI","La Virginia,Apia,Pueblo Rico,Tado,Animas"]
["2026-07-01",5756000,"SONSON","ANTIOQUIA",76364000,"JAMUNDI","VALLE DEL CAUCA",593,"2_5_8",3.4,38689,4,11.51,1731530,154756,509273.53,2919.95,3180.92,554790,{"v":1886286,"d":"$ 1,886,286"},"FURGON","General","CARGADO","SI","La Union,Rionegro,Guarne,Bello,Medellin,Itagui,La Estrella,Sabaneta,Caldas,La Pi"]
["2026-07-01",25320000,"GUADUAS","CUNDINAMARCA",25473000,"MOSQUERA","CUNDINAMARCA",101,"2S3",27,63851,4,2.93,707541,255404,26205.22,7005.36,9534.11,35664.63,{"v":962945,"d":"$ 962,945"},"ESTIBAS","General","CARGADO","SI","Villeta,Sasaima,Alban,Facatativa,Madrid"]
["2026-07-01",5045000,"APARTADO","ANTIOQUIA",47980003,"LA GRAN VIA","MAGDALENA",645,"2",9,54531,8,11.74,2173078,436248,241453.11,3369.11,4045.47,289925.11,{"v":2609326,"d":"$ 2,609,326"},"ESTIBAS","General","CARGADO","SI","Necocli,San Juan De Uraba,San Pelayo,Cerete,Cienaga De Oro,Sahagun,Chinu,Sampues"]
["2026-07-01",70820000,"SANTIAGO DE TOLU","SUCRE",23466000,"MONTELIBANO","CÓRDOBA",219,"CA",5,34822,4,3.89,537296,139288,107459.2,2453.41,3089.42,135316.8,{"v":676584,"d":"$ 676,584"},"PLATAFORMA","General","CARGADO","SI","Toluviejo,Sincelejo,Sampues,Chinu,Sahagun,Pueblo Nuevo,Planeta Rica,Buenavista"]
["2026-07-01",76892008,"SAN MARCOS","VALLE DEL CAUCA",76109000,"BUENAVENTURA","VALLE DEL CAUCA",146,"3",16,59540,4,4.36,861900,238160,53868.75,5903.42,7534.66,68753.75,{"v":1100060,"d":"$ 1,100,060"},"ESTIBAS","Granel Sólido","CARGADO","SI","Yumbo,Vijes,Yotoco"]
["2026-07-01",5045000,"APARTADO","ANTIOQUIA",5380000,"LA ESTRELLA","ANTIOQUIA",310,"3S3",34,101656,4,7.89,2635406,406624,77511.94,8501.31,9813,89471.47,{"v":3042030,"d":"$ 3,042,030"},"FURGON","General","CARGADO","SI","Chigorodo,Mutata,Dabeiba,Uramita,Cañasgordas,Santafe De Antioquia,San Jeronimo,M"]
["2026-07-01",25407000,"LENGUAZAQUE","CUNDINAMARCA",15757000,"SOCHA","BOYACÁ",289,"3S2",31,145004,4,6.95,2580801,580016,83251.65,8930.11,10937.08,101961.84,{"v":3160817,"d":"$ 3,160,817"},"FURGON REFRIGERADO","Carga Refrigerada","CARGADO","SI","Villa De San Diego De Ubate,Sutatausa,Zipaquira,Sopo,Tocancipa,Gachancipa,Chocon"]
["2026-07-01",66075000,"BALBOA","RISARALDA",76109000,"BUENAVENTURA","VALLE DEL CAUCA",270,"2S3",27,78005,4,5.92,1640772,312020,60769.33,6076.93,7232.56,72325.63,{"v":1952792,"d":"$ 1,952,792"},"FURGON","General","CARGADO","SI","La Virginia,Cartago,Obando,Zarzal,Bugalagrande,Andalucia,Tulua,Guadalajara De Bu"]
["2026-07-01",8520000,"PALMAR DE VARELA","ATLÁNTICO",47745000,"SITIONUEVO","MAGDALENA",51,"2L3 Liviano entre 7.5 y 8 Tonel.",6,40348,4,3.08,284533,161392,47422.17,5579.08,8743.63,74320.83,{"v":445925,"d":"$ 445,925"},"PLATAFORMA","Granel Sólido","CARGADO","SI","Santo Tomas,Sabanagrande,Malambo,Soledad,Barranquilla"]
["2026-07-01",25407000,"LENGUAZAQUE","CUNDINAMARCA",15757000,"SOCHA","BOYACÁ",289,"3S3",34,85728,4,6.95,2257322,342912,66391.82,7810.8,8997.35,76477.47,{"v":2600234,"d":"$ 2,600,234"},"PORTACONTENEDORES","Contenedor cargado","CARGADO","SI","Villa De San Diego De Ubate,Sutatausa,Zipaquira,Sopo,Tocancipa,Gachancipa,Chocon"]
["2026-07-01",13001000,"CARTAGENA DE INDIAS","BOLÍVAR",68276000,"FLORIDABLANCA","SANTANDER",665,"3S3",34,87862,8,13.34,4598606,702896,135253.12,6915.2,7972.18,155926.53,{"v":5301502,"d":"$ 5,301,502"},"ESTACAS","Granel Sólido","CARGADO","SI","Turbaco,San Juan Nepomuceno,San Jacinto,El Carmen De Bolivar,Plato,El Dificil,Bo"]
["2026-07-01",76895000,"ZARZAL","VALLE DEL CAUCA",5001000,"MEDELLIN","ANTIOQUIA",310,"2L2 Liviano entre 8 y 9 Tonel.",5,42266,4,6.37,1028412,169064,205682.4,3317.46,3862.83,239495.2,{"v":1197476,"d":"$ 1,197,476"},"FURGON","General","CARGADO","SI","Obando,Cartago,La Virginia,La Pintada,Amaga,Caldas,La Estrella,Sabaneta,Envigado"]
["2026-07-01",8433000,"MALAMBO","ATLÁNTICO",23466000,"MONTELIBANO","CÓRDOBA",396,"2L3 Liviano entre 7.5 y 8 Tonel.",6,40348,4,6.81,1058417,161392,176402.83,2672.77,3080.33,203301.5,{"v":1219809,"d":"$ 1,219,809"},"PLATAFORMA","Granel Sólido","CARGADO","SI","Sabanagrande,Santo Tomas,Palmar De Varela,Ponedera,Campo De La Cruz,Suan,Calamar"]
["2026-07-01",76318000,"GUACARI","VALLE DEL CAUCA",76111000,"BUGA","VALLE DEL CAUCA",24,"2L2 Liviano entre 8 y 9 Tonel.",5,72221,4,0.65,145325,288884,29065,6055.21,18092.04,86841.8,{"v":434209,"d":"$ 434,209"},"FURGON REFRIGERADO","Carga Refrigerada","CARGADO","SI"]
["2026-07-01",23162000,"CERETE","CÓRDOBA",70823000,"TOLU VIEJO","SUCRE",123,"2_5_8",3.4,37352,4,2.37,300079,149408,88258.53,2439.67,3654.37,132202.06,{"v":449487,"d":"$ 449,487"},"ESTACAS","Granel Sólido","CARGADO","SI","Cienaga De Oro,Sahagun,Chinu,Sampues,Sincelejo"]
["2026-07-01",76670000,"SAN PEDRO","VALLE DEL CAUCA",76111000,"BUGA","VALLE DEL CAUCA",14,"CA",5,34822,4,0.5,65553,139288,13110.6,4682.36,14631.5,40968.2,{"v":204841,"d":"$ 204,841"},"PLATAFORMA","General","CARGADO","SI"]
["2026-07-01",70001000,"SINCELEJO","SUCRE",70215000,"COROZAL","SUCRE",14,"2L3 Liviano entre 7.5 y 8 Tonel.",6,39217,4,0.52,72893,156868,12148.83,5206.64,16411.5,38293.5,{"v":229761,"d":"$ 229,761"},"ESTACAS","General","CARGADO","SI"]
["2026-07-01",25126000,"CAJICA","CUNDINAMARCA",76520000,"PALMIRA","VALLE DEL CAUCA",468,"2S3",27,63851,8,10.08,2885718,510808,106878.44,6166.06,7257.53,125797.26,{"v":3396526,"d":"$ 3,396,526"},"ESTACAS","General","CARGADO","SI","Chia,Bogota,Soacha,Silvania,Fusagasuga,Ibague,Cajamarca,Calarca,La Tebaida,Bugal"]
["2026-07-01",8520000,"PALMAR DE VARELA","ATLÁNTICO",47745003,"PALERMO","MAGDALENA",28,"2_8_105",5.4,41061,4,0.73,105714,164244,19576.67,3775.5,9641.36,49992.22,{"v":269958,"d":"$ 269,958"},"ESTACAS","Granel Sólido","CARGADO","SI","Santo Tomas,Sabanagrande,Malambo,Soledad,Barranquilla"]
["2026-07-01",8433000,"MALAMBO","ATLÁNTICO",13468000,"MOMPOS","BOLÍVAR",307,"2S3",27,66706,4,5.42,1501430,266824,55608.52,4890.65,5759.79,65490.89,{"v":1768254,"d":"$ 1,768,254"},"VOLCO","Granel Sólido","CARGADO","SI","Sabanagrande,Santo Tomas,Palmar De Varela,Ponedera,Campo De La Cruz,Suan,Calamar"]
["2026-07-01",5001000,"MEDELLIN","ANTIOQUIA",86865000,"VALLE DEL GUAMUEZ","PUTUMAYO",1024,"2S3",27,63851,8,21.3,5799876,510808,214810.22,5663.94,6162.78,233729.04,{"v":6310684,"d":"$ 6,310,684"},"PLATAFORMA","General","CARGADO","SI","Itagui,La Estrella,Sabaneta,Caldas,Amaga,La Pintada,Chinchina,Santa Rosa De Caba"]
["2026-07-01",8433000,"MALAMBO","ATLÁNTICO",47980000,"PRADO - SEVILLA","MAGDALENA",110,"2L3 Liviano entre 7.5 y 8 Tonel.",6,40348,4,2.05,342128,161392,57021.33,3110.25,4577.45,83920,{"v":503520,"d":"$ 503,520"},"ESTACAS","Granel Sólido","CARGADO","SI","Soledad,Barranquilla,Puebloviejo,Cienaga"]
["2026-07-01",63401000,"LA TEBAIDA","QUINDIO",8001000,"BARRANQUILLA","ATLÁNTICO",1092,"2_5_8",3.4,37352,4,18.88,2751785,149408,809348.53,2519.95,2656.77,853292.06,{"v":2901193,"d":"$ 2,901,193"},"ESTACAS","Granel Sólido","CARGADO","SI","Calarca,Cajamarca,Ibague,Alvarado,Venadillo,Lerida,Guayabal,Mariquita,Honda,San "]
["2026-07-01",8433000,"MALAMBO","ATLÁNTICO",47980000,"PRADO - SEVILLA","MAGDALENA",110,"2L1 Liviano entre 9 y 10.5 Tonel.",6,43175,4,2.05,365404,172700,60900.67,3321.85,4891.85,89684,{"v":538104,"d":"$ 538,104"},"ESTIBAS","General","CARGADO","SI","Soledad,Barranquilla,Puebloviejo,Cienaga"]
["2026-07-01",76563000,"PRADERA","VALLE DEL CAUCA",8001000,"BARRANQUILLA","ATLÁNTICO",1143,"2",9,54531,8,23.84,4339125,436248,482125,3796.26,4177.93,530597,{"v":4775373,"d":"$ 4,775,373"},"ESTIBAS","General","CARGADO","SI","Palmira,El Cerrito,Guacari,Guadalajara De Buga,San Pedro,Tulua,Andalucia,Bugalag"]
["2026-07-01",5001000,"MEDELLIN","ANTIOQUIA",86865000,"VALLE DEL GUAMUEZ","PUTUMAYO",1024,"2L2 Liviano entre 8 y 9 Tonel.",5,41243,4,20.78,3056991,164972,611398.2,2985.34,3146.45,644392.6,{"v":3221963,"d":"$ 3,221,963"},"PLATAFORMA","Granel Sólido","CARGADO","SI","Itagui,La Estrella,Sabaneta,Caldas,Amaga,La Pintada,Chinchina,Santa Rosa De Caba"]
["2026-07-01",68001000,"BUCARAMANGA","SANTANDER",15001000,"TUNJA","BOYACÁ",286,"2_5_8",3.4,38689,4,6.34,805937,154756,237040.29,2817.96,3359.07,282556.76,{"v":960693,"d":"$ 960,693"},"FURGON","General","CARGADO","SI","Floridablanca,Piedecuesta,Aratoca,San Gil,Pinchote,Socorro,Oiba,Santana,San Jose"]
["2026-07-01",76109000,"BUENAVENTURA","VALLE DEL CAUCA",54261000,"EL ZULIA","NORTE DE SANTANDER",1033,"2S2",22,63992,8,21.63,5394061,511936,245184.59,5221.74,5717.33,268454.41,{"v":5905997,"d":"$ 5,905,997"},"ESTACAS","Granel Sólido","CARGADO","SI","Guadalajara De Buga,San Pedro,Tulua,Andalucia,Bugalagrande,La Tebaida,Calarca,Ca"]
["2026-07-01",8433000,"MALAMBO","ATLÁNTICO",47980000,"PRADO - SEVILLA","MAGDALENA",110,"CA",5,34822,4,2.05,315835,139288,63167,2871.23,4137.48,91024.6,{"v":455123,"d":"$ 455,123"},"ESTIBAS","General","CARGADO","SI","Soledad,Barranquilla,Puebloviejo,Cienaga"]
["2026-07-01",5212000,"COPACABANA","ANTIOQUIA",8433000,"MALAMBO","ATLÁNTICO",668,"2S2",22,119585,8,13.07,4263159,956680,193779.95,6381.97,7814.13,237265.41,{"v":5219839,"d":"$ 5,219,839"},"FURGON REFRIGERADO","Carga Refrigerada","CARGADO","SI","Don Matias,Santa Rosa De Osos,Yarumal,Valdivia,Taraza,Caucasia,La Apartada Y La "]
["2026-07-01",70001000,"SINCELEJO","SUCRE",8296000,"GALAPA","ATLÁNTICO",234,"2S2",22,63992,4,4.32,1211482,255968,55067.36,5177.27,6271.15,66702.27,{"v":1467450,"d":"$ 1,467,450"},"ESTACAS","Granel Sólido","CARGADO","SI","Corozal,Los Palmitos,Ovejas,El Carmen De Bolivar,San Jacinto,San Juan Nepomuceno"]
["2026-07-01",66001000,"PEREIRA","RISARALDA",5079000,"BARBOSA","ANTIOQUIA",289,"3S2",31,86847,4,7.16,2452553,347388,79114.61,8486.34,9688.38,90320.68,{"v":2799941,"d":"$ 2,799,941"},"PLATAFORMA","Granel Sólido","CARGADO","SI","Dosquebradas,Santa Rosa De Cabal,Chinchina,La Pintada,Amaga,Caldas,La Estrella,S"]
["2026-07-01",68406000,"LEBRIJA","SANTANDER",13670000,"SAN PABLO","BOLÍVAR",147,"2_5_8",3.4,64759,4,2.96,468566,259036,137813.53,3187.52,4949.67,214000.59,{"v":727602,"d":"$ 727,602"},"FURGON REFRIGERADO","Carga Refrigerada","CARGADO","SI","Puerto Wilches"]
["2026-07-01",76892000,"YUMBO","VALLE DEL CAUCA",25317000,"GUACHETA","CUNDINAMARCA",556,"3S2",31,84854,8,12.54,4158416,678832,134142.45,7479.17,8700.09,156040.26,{"v":4837248,"d":"$ 4,837,248"},"PORTACONTENEDORES","Contenedor cargado","CARGADO","SI","El Cerrito,Guacari,Guadalajara De Buga,San Pedro,Tulua,Andalucia,Bugalagrande,La"]
["2026-07-01",25799000,"TENJO","CUNDINAMARCA",76520000,"PALMIRA","VALLE DEL CAUCA",464,"CA",5,61390,4,9.61,1667551,245560,333510.2,3593.86,4123.08,382622.2,{"v":1913111,"d":"$ 1,913,111"},"FURGON REFRIGERADO","Carga Refrigerada","CARGADO","SI","Funza,Mosquera,Silvania,Fusagasuga,Ibague,Cajamarca,Calarca,La Tebaida,Bugalagra"]
["2026-07-01",76892000,"YUMBO","VALLE DEL CAUCA",5756000,"SONSON","ANTIOQUIA",563,"2_8_105",5.4,40495,4,11.12,1787113,161980,330946.85,3174.27,3461.98,360943.15,{"v":1949093,"d":"$ 1,949,093"},"ESTIBAS","General","CARGADO","SI","Vijes,Guadalajara De Buga,San Pedro,Tulua,Andalucia,Bugalagrande,Zarzal,Obando,C"]
["2026-07-01",5001000,"MEDELLIN","ANTIOQUIA",44430007,"PARAGUACHON","LA GUAJIRA",955,"3S3",34,86730,8,18.44,6569983,693840,193234.79,6879.56,7606.1,213641.85,{"v":7263823,"d":"$ 7,263,823"},"ESTACAS","General","CARGADO","SI","Bello,Copacabana,Cisneros,San Alberto,San Martin,Aguachica,Pelaya,Pailitas,Curum"]
["2026-07-01",86760000,"SANTIAGO","PUTUMAYO",85139000,"MANI","CASANARE",1109,"2",9,55663,8,28.75,4717698,445304,524188.67,4254.01,4655.55,573666.89,{"v":5163002,"d":"$ 5,163,002"},"PLATAFORMA","Granel Sólido","CARGADO","SI","Colon,Sibundoy,San Francisco,Mocoa,Pitalito,Timana,Altamira,Garzon,Gigante,Hobo,"]
["2026-07-01",52356000,"IPIALES","NARIÑO",25473000,"MOSQUERA","CUNDINAMARCA",905,"2",9,54531,8,22.82,3636184,436248,404020.44,4017.88,4499.92,452492.44,{"v":4072432,"d":"$ 4,072,432"},"PLATAFORMA","General","CARGADO","SI","Tangua,San Juan De Pasto,Chachagui,El Bordo,Rosas,Timbio,Popayan,Piendamo,Santan"]
["2026-07-01",5380000,"LA ESTRELLA","ANTIOQUIA",8433000,"MALAMBO","ATLÁNTICO",700,"CA",5,37057,4,13.1,1816966,148228,363393.2,2595.67,2807.42,393038.8,{"v":1965194,"d":"$ 1,965,194"},"FURGON","General","CARGADO","SI","Sabaneta,Envigado,Medellin,Bello,Copacabana,Don Matias,Santa Rosa De Osos,Yaruma"]
["2026-07-01",13001000,"CARTAGENA DE INDIAS","BOLÍVAR",23807000,"TIERRALTA","CÓRDOBA",341,"2S3",27,75310,4,5.77,1820702,301240,67433.41,5339.3,6222.7,78590.44,{"v":2121942,"d":"$ 2,121,942"},"TANQUE","Granel líquido","CARGADO","SI","Maria La Baja,San Onofre,Santiago De Tolu,Coveñas,San Antero,Santa Cruz De Loric"]
["2026-07-01",5390000,"LA PINTADA","ANTIOQUIA",5001000,"MEDELLIN","ANTIOQUIA",111,"2",9,57575,4,3.27,522987,230300,58109.67,4711.59,6786.37,83698.56,{"v":753287,"d":"$ 753,287"},"VOLCO","Granel Sólido","CARGADO","SI","Amaga,Caldas,La Estrella,Sabaneta,Envigado"]
["2026-07-01",13001000,"CARTAGENA DE INDIAS","BOLÍVAR",54810017,"CAMPO DOS","NORTE DE SANTANDER",756,"2_5_8",3.4,64759,4,13.89,2293648,259036,674602.35,3033.93,3376.57,750789.41,{"v":2552684,"d":"$ 2,552,684"},"FURGON REFRIGERADO","Carga Refrigerada","CARGADO","SI","San Juan Nepomuceno,San Jacinto,El Carmen De Bolivar,Plato,El Dificil,Bosconia,C"]
["2026-07-01",5308000,"GIRARDOTA","ANTIOQUIA",50124000,"CABUYARO","META",684,"2S3",27,66706,8,15.84,4496023,533648,166519.37,6573.13,7353.32,186284.11,{"v":5029671,"d":"$ 5,029,671"},"VOLCO","Granel Sólido","CARGADO","SI","Copacabana,Bello,Medellin,Guarne,Marinilla,El Santuario,Guaduas,Villeta,Sasaima,"]
["2026-07-01",25407000,"LENGUAZAQUE","CUNDINAMARCA",25899000,"ZIPAQUIRA","CUNDINAMARCA",59,"2L3 Liviano entre 7.5 y 8 Tonel.",6,71753,4,1.62,310910,287012,51818.33,5269.66,10134.27,99653.67,{"v":597922,"d":"$ 597,922"},"FURGON REFRIGERADO","Carga Refrigerada","CARGADO","SI","Villa De San Diego De Ubate,Sutatausa"]
["2026-07-01",50568011,"RUBIALES","META",15572000,"PUERTO BOYACA","BOYACÁ",701,"3S3",34,101656,8,16.73,6013274,813248,176861,8578.14,9738.26,200780.06,{"v":6826522,"d":"$ 6,826,522"},"FURGON","General","CARGADO","SI","Puerto Gaitan,Puerto Lopez,Villavicencio,Guayabetal,Chipaque,Bogota,Funza,Mosque"]
["2026-07-01",68547000,"PIEDECUESTA","SANTANDER",25736000,"SESQUILE","CUNDINAMARCA",374,"3S3",34,101656,8,9.47,3113811,813248,91582.68,8325.7,10500.16,115501.74,{"v":3927059,"d":"$ 3,927,059"},"FURGON","General","CARGADO","SI","Aratoca,San Gil,Pinchote,Socorro,Oiba,Santana,San Jose De Pare,Guepsa,Barbosa,Pu"]
["2026-07-01",70001000,"SINCELEJO","SUCRE",25286000,"FUNZA","CUNDINAMARCA",1001,"V4",36.9,66252,8,19.94,7142294,530016,193558.1,7135.16,7664.65,207921.68,{"v":7672310,"d":"$ 7,672,310"},"VOLCO","Granel Sólido","CARGADO","SI","Corozal,Los Palmitos,Ovejas,El Carmen De Bolivar,Plato,El Dificil,Bosconia,Curum"]
["2026-07-01",41001000,"NEIVA","HUILA",50680000,"SAN CARLOS DE GUAROA","META",483,"2",9,57575,8,10.91,2230836,460600,247870.67,4618.71,5572.33,299048.44,{"v":2691436,"d":"$ 2,691,436"},"VOLCO","Granel Sólido","CARGADO","SI","Aipe,Natagaima,Saldana,Guamo,Espinal,Fusagasuga,Silvania,Soacha,Bogota,Chipaque,"]
["2026-07-01",20614000,"RIO DE ORO","CESAR",20383001,"AYACUCHO","CESAR",90,"2S3",27,75310,4,2.35,544778,301240,20176.96,6053.09,9400.2,31334,{"v":846018,"d":"$ 846,018"},"TANQUE","Granel líquido","CARGADO","SI","Aguachica"]
["2026-07-01",13001000,"CARTAGENA DE INDIAS","BOLÍVAR",25377000,"LA CALERA","CUNDINAMARCA",1091,"3S2",31,85716,8,21.94,7093747,685728,228830.55,6502.06,7130.59,250950.81,{"v":7779475,"d":"$ 7,779,475"},"ESTACAS","General","CARGADO","SI","San Juan Nepomuceno,San Jacinto,El Carmen De Bolivar,Plato,El Dificil,Bosconia,C"]
["2026-07-01",76130000,"CANDELARIA","VALLE DEL CAUCA",8433000,"MALAMBO","ATLÁNTICO",1118,"3S2",31,86847,8,23.87,8106843,694776,261511.06,7251.2,7872.65,283923.19,{"v":8801619,"d":"$ 8,801,619"},"ESTACAS","Granel Sólido","CARGADO","SI","El Cerrito,Guacari,Guadalajara De Buga,San Pedro,Tulua,Andalucia,Bugalagrande,Za"]
["2026-07-01",50568000,"RUBIALES","META",25214000,"COTA","CUNDINAMARCA",329,"2_5_8",3.4,64759,4,6.31,1321975,259036,388816.18,4018.16,4805.5,465003.24,{"v":1581011,"d":"$ 1,581,011"},"FURGON REFRIGERADO","Carga Refrigerada","CARGADO","SI","Puerto Lopez,Villavicencio,Guayabetal,Chipaque,Bogota"]
["2026-07-01",8001000,"BARRANQUILLA","ATLÁNTICO",86568000,"PUERTO ASIS","PUTUMAYO",1593,"2",9,86677,8,28.68,6430164,693416,714462.67,4036.51,4471.8,791508.89,{"v":7123580,"d":"$ 7,123,580"},"FURGON REFRIGERADO","Carga Refrigerada","CARGADO","SI","Puebloviejo,Cienaga,El Copey,Bosconia,Curumani,Pailitas,Pelaya,Aguachica,San Alb"]
["2026-07-01",68770000,"SUAITA","SANTANDER",68001000,"BUCARAMANGA","SANTANDER",187,"2_5_8",3.4,37352,4,4.42,543306,149408,159795.88,2905.38,3704.35,203739.41,{"v":692714,"d":"$ 692,714"},"ESTACAS","Granel Sólido","CARGADO","SI","Oiba,Socorro,Pinchote,San Gil,Aratoca,Piedecuesta,Floridablanca"]
["2026-07-01",19455000,"MIRANDA","CAUCA",5001000,"MEDELLIN","ANTIOQUIA",456,"3",16,58409,8,10.5,2729676,467272,170604.75,5986.13,7010.85,199809.25,{"v":3196948,"d":"$ 3,196,948"},"ESTIBAS","General","CARGADO","SI","Florida,Candelaria,El Cerrito,Guacari,Guadalajara De Buga,San Pedro,Tulua,Andalu"]
["2026-07-01",25740000,"SIBATE","CUNDINAMARCA",8433000,"MALAMBO","ATLÁNTICO",1016,"2_5_8",3.4,36221,4,17.87,2619158,144884,770340.59,2577.91,2720.51,812953.53,{"v":2764042,"d":"$ 2,764,042"},"PLATAFORMA","General","CARGADO","SI","Mosquera,Madrid,Facatativa,Alban,Sasaima,Villeta,Guaduas,San Alberto,San Martin,"]
["2026-07-01",50568000,"RUBIALES","META",50680000,"SAN CARLOS DE GUAROA","META",193,"2_8_105",5.4,41061,4,3.39,497616,164244,92151.11,2578.32,3429.33,122566.67,{"v":661860,"d":"$ 661,860"},"ESTACAS","Granel Sólido","CARGADO","SI","Puerto Lopez"]
["2026-07-01",50568011,"RUBIALES","META",8433000,"MALAMBO","ATLÁNTICO",1461,"3S2",31,85716,8,30.47,9940389,685728,320657.71,6803.83,7273.18,342777.97,{"v":10626117,"d":"$ 10,626,117"},"ESTACAS","General","CARGADO","SI","Puerto Gaitan,Puerto Lopez,Villavicencio,Guayabetal,Chipaque,Bogota,Funza,Mosque"]
["2026-07-01",76892000,"YUMBO","VALLE DEL CAUCA",25317000,"GUACHETA","CUNDINAMARCA",556,"2_8_105",5.4,41061,4,10.89,1734851,164244,321268.7,3120.24,3415.64,351684.26,{"v":1899095,"d":"$ 1,899,095"},"ESTIBAS","Granel Sólido","CARGADO","SI","El Cerrito,Guacari,Guadalajara De Buga,San Pedro,Tulua,Andalucia,Bugalagrande,La"]
["2026-07-01",47001000,"SANTA MARTA","MAGDALENA",13670000,"SAN PABLO","BOLÍVAR",578,"3S2",31,86847,8,10.72,3460070,694776,111615.16,5986.28,7188.31,134027.29,{"v":4154846,"d":"$ 4,154,846"},"ESTACAS","Granel Sólido","CARGADO","SI","Cienaga,El Copey,Bosconia,Curumani,Pailitas,Pelaya,Aguachica,San Alberto,Puerto "]
["2026-07-01",50568000,"RUBIALES","META",50680000,"SAN CARLOS DE GUAROA","META",193,"CA",5,38189,4,3.39,434297,152756,86859.4,2250.24,3041.73,117410.6,{"v":587053,"d":"$ 587,053"},"FURGON","Granel Sólido","CARGADO","SI","Puerto Lopez"]
["2026-07-01",50568011,"RUBIALES","META",15572000,"PUERTO BOYACA","BOYACÁ",701,"2S3",27,66706,8,15.33,4317678,533648,159914,6159.31,6920.58,179678.74,{"v":4851326,"d":"$ 4,851,326"},"VOLCO","Granel Sólido","CARGADO","SI","Puerto Gaitan,Puerto Lopez,Villavicencio,Guayabetal,Chipaque,Bogota,Funza,Mosque"]
["2026-07-01",86568000,"PUERTO ASIS","PUTUMAYO",73443000,"MARIQUITA","TOLIMA",729,"3S2",31,98908,8,15.63,4955585,791264,159857.58,6797.78,7883.19,185382.23,{"v":5746849,"d":"$ 5,746,849"},"TANQUE","Granel líquido","CARGADO","SI","Puerto Caicedo,Villagarzon,Mocoa,Pitalito,Timana,Altamira,Garzon,Hobo,Campoalegr"]
["2026-07-01",76130000,"CANDELARIA","VALLE DEL CAUCA",5631000,"SABANETA","ANTIOQUIA",419,"2S3",27,64983,8,8.44,2740460,519864,101498.52,6540.48,7781.2,120752.74,{"v":3260324,"d":"$ 3,260,324"},"ESTACAS","Granel Sólido","CARGADO","SI","El Cerrito,Guacari,Guadalajara De Buga,San Pedro,Tulua,Andalucia,Bugalagrande,Za"]
["2026-07-01",86568000,"PUERTO ASIS","PUTUMAYO",17001000,"MANIZALES","CALDAS",806,"2_5_8",3.4,37352,4,17.56,2296267,149408,675372.65,2848.97,3034.34,719316.18,{"v":2445675,"d":"$ 2,445,675"},"ESTACAS","Granel Sólido","CARGADO","SI","Puerto Caicedo,Villagarzon,Mocoa,Pitalito,Timana,Altamira,Garzon,Hobo,Campoalegr"]
["2026-07-01",25799000,"TENJO","CUNDINAMARCA",76520000,"PALMIRA","VALLE DEL CAUCA",464,"2L1 Liviano entre 9 y 10.5 Tonel.",6,47202,4,9.61,1656655,188808,276109.17,3570.38,3977.29,307577.17,{"v":1845463,"d":"$ 1,845,463"},"FURGON","Granel Sólido","CARGADO","SI","Funza,Mosquera,Silvania,Fusagasuga,Ibague,Cajamarca,Calarca,La Tebaida,Bugalagra"]
["2026-07-01",54874000,"VILLA DEL ROSARIO","NORTE DE SANTANDER",68081000,"BARRANCABERMEJA","SANTANDER",317,"2L1 Liviano entre 9 y 10.5 Tonel.",6,44306,4,7.99,1133376,177224,188896,3575.32,4134.38,218433.33,{"v":1310600,"d":"$ 1,310,600"},"ESTIBAS","Granel Sólido","CARGADO","SI","Los Patios,Pamplona,Bucaramanga,Giron,Lebrija"]
["2026-07-01",68573000,"PUERTO PARRA","SANTANDER",47001000,"SANTA MARTA","MAGDALENA",610,"2S3",27,66706,8,10.21,2959469,533648,109609.96,4851.59,5726.42,129374.7,{"v":3493117,"d":"$ 3,493,117"},"VOLCO","Granel Sólido","CARGADO","SI","San Alberto,San Martin,Aguachica,Pelaya,Pailitas,Curumani,Bosconia,El Copey"]
["2026-07-01",68307000,"GIRON","SANTANDER",76520000,"PALMIRA","VALLE DEL CAUCA",750,"3S2",31,100350,8,15.97,5408219,802800,174458.68,7210.96,8281.36,200355.45,{"v":6211019,"d":"$ 6,211,019"},"FURGON","General","CARGADO","SI","Lebrija,Honda,Mariquita,Guayabal,Lerida,Venadillo,Alvarado,Ibague,Cajamarca,Cala"]
["2026-07-01",68307000,"GIRON","SANTANDER",8296000,"GALAPA","ATLÁNTICO",602,"2S3",27,64983,8,10.71,3114699,519864,115359.22,5173.92,6037.48,134613.44,{"v":3634563,"d":"$ 3,634,563"},"ESTIBAS","Granel Sólido","CARGADO","SI","Bucaramanga,Rionegro,El Playon,La Esperanza,San Alberto,San Martin,Aguachica,Pel"]
["2026-07-01",76364000,"JAMUNDI","VALLE DEL CAUCA",13001000,"CARTAGENA DE INDIAS","BOLÍVAR",1141,"2S3",27,62754,8,22.2,5566301,502032,206159.3,4878.44,5318.43,224753.07,{"v":6068333,"d":"$ 6,068,333"},"PORTACONTENEDORES","Contenedor vacío","CARGADO","SI","Villa Rica,Candelaria,El Cerrito,Guacari,Guadalajara De Buga,San Pedro,Tulua,And"]
["2026-07-01",13836000,"TURBACO","BOLÍVAR",76892000,"YUMBO","VALLE DEL CAUCA",1086,"3S3",34,87862,8,23.46,8705635,702896,256048.09,8016.24,8663.47,276721.5,{"v":9408531,"d":"$ 9,408,531"},"ESTACAS","Granel Sólido","CARGADO","SI","Cartagena,San Juan Nepomuceno,San Jacinto,El Carmen De Bolivar,Ovejas,Los Palmit"]
["2026-07-01",5001000,"MEDELLIN","ANTIOQUIA",25200000,"COGUA","CUNDINAMARCA",459,"2S3",27,79136,8,11.02,3037476,633088,112499.11,6617.59,7996.87,135946.81,{"v":3670564,"d":"$ 3,670,564"},"FURGON","Granel Sólido","CARGADO","SI","Bello,Guarne,Marinilla,El Santuario,Guaduas,Villeta,La Vega,Cota,Chia,Cajica,Zip"]
["2026-07-01",54001000,"CUCUTA","NORTE DE SANTANDER",5079000,"BARBOSA","ANTIOQUIA",548,"3",16,58409,8,14.94,3100858,467272,193803.62,5658.5,6511.19,223008.12,{"v":3568130,"d":"$ 3,568,130"},"ESTACAS","General","CARGADO","SI","Los Patios,Pamplona,Bucaramanga,Giron,Lebrija,Cisneros"]
["2026-07-01",25386000,"LA MESA","CUNDINAMARCA",25473000,"MOSQUERA","CUNDINAMARCA",50,"CA",5,61390,4,1.46,235080,245560,47016,4701.6,9612.8,96128,{"v":480640,"d":"$ 480,640"},"FURGON REFRIGERADO","Carga Refrigerada","CARGADO","SI"]
["2026-07-01",70001000,"SINCELEJO","SUCRE",5308000,"GIRARDOTA","ANTIOQUIA",448,"2_5_8",3.4,37352,4,8.88,1265260,149408,372135.29,2824.24,3157.74,416078.82,{"v":1414668,"d":"$ 1,414,668"},"ESTIBAS","Granel Sólido","CARGADO","SI","Sampues,Chinu,Sahagun,Pueblo Nuevo,Planeta Rica,Buenavista,La Apartada Y La Fron"]
["2026-07-01",76001000,"CALI","VALLE DEL CAUCA",19300000,"GUACHENE","CAUCA",52,"2",9,54531,4,1.34,192377,218124,21375.22,3699.56,7894.25,45611.22,{"v":410501,"d":"$ 410,501"},"PORTACONTENEDORES","Contenedor cargado","CARGADO","SI","Jamundi"]
["2026-07-01",11001000,"BOGOTA, D.C.","BOGOTÁ, D.C.",5148000,"EL CARMEN DE VIBORAL","ANTIOQUIA",393,"CA",5,34822,4,8.82,1106695,139288,221339,2816.02,3170.44,249196.6,{"v":1245983,"d":"$ 1,245,983"},"ESTIBAS","General","CARGADO","SI","El Rosal,La Vega,Villeta,Guaduas,El Santuario,Marinilla,Rionegro"]
["2026-07-01",5308000,"GIRARDOTA","ANTIOQUIA",50110000,"BARRANCA DE UPIA","META",642,"2L3 Liviano entre 7.5 y 8 Tonel.",6,39217,4,13.9,2207663,156868,367943.83,3438.73,3683.07,394088.5,{"v":2364531,"d":"$ 2,364,531"},"PLATAFORMA","General","CARGADO","SI","Copacabana,Bello,Medellin,Guarne,Marinilla,El Santuario,Guaduas,Villeta,Sasaima,"]
["2026-07-01",70708000,"SAN MARCOS","SUCRE",13001000,"CARTAGENA DE INDIAS","BOLÍVAR",318,"3",16,58409,4,6.47,1539031,233636,96189.44,4839.72,5574.42,110791.69,{"v":1772667,"d":"$ 1,772,667"},"ESTACAS","General","CARGADO","SI","Sahagun,Chinu,Sampues,Corozal,Los Palmitos,Ovejas,El Carmen De Bolivar,San Jacin"]
["2026-07-01",23162000,"CERETE","CÓRDOBA",25817000,"TOCANCIPA","CUNDINAMARCA",779,"3",16,58409,8,17.22,4359020,467272,272438.75,5595.66,6195.5,301643.25,{"v":4826292,"d":"$ 4,826,292"},"PLATAFORMA","General","CARGADO","SI","Planeta Rica,Buenavista,La Apartada Y La Frontera,Caucasia,Maceo,Guaduas,Villeta"]
["2026-07-01",52838000,"TUQUERRES","NARIÑO",76892000,"YUMBO","VALLE DEL CAUCA",492,"2L1 Liviano entre 9 y 10.5 Tonel.",6,47202,4,10.74,1560762,188808,260127,3172.28,3556.04,291595,{"v":1749570,"d":"$ 1,749,570"},"FURGON","Granel Sólido","CARGADO","SI","Tangua,San Juan De Pasto,Chachagui,El Bordo,Rosas,Timbio,Popayan,Piendamo,Santan"]
["2026-07-01",11001000,"BOGOTA, D.C.","BOGOTÁ, D.C.",66400000,"LA VIRGINIA","RISARALDA",345,"2S3",27,66706,8,8.67,2297768,533648,85102.52,6660.2,8207,104867.26,{"v":2831416,"d":"$ 2,831,416"},"VOLCO","Granel Sólido","CARGADO","SI","Soacha,Silvania,Fusagasuga,Ibague,Cajamarca,Calarca,Armenia,Montenegro,Quimbaya,"]
["2026-07-01",25214000,"COTA","CUNDINAMARCA",19698000,"SANTANDER DE QUILICHAO","CAUCA",518,"2S3",27,79136,8,10.99,3665936,633088,135775.41,7077.1,8299.27,159223.11,{"v":4299024,"d":"$ 4,299,024"},"FURGON","Granel Sólido","CARGADO","SI","Funza,Mosquera,Silvania,Fusagasuga,Ibague,Cajamarca,Calarca,La Tebaida,Bugalagra"]
["2026-07-01",47980003,"LA GRAN VIA","MAGDALENA",5045000,"APARTADO","ANTIOQUIA",649,"2S2",22,63992,8,11.11,3033464,511936,137884.73,4674.06,5462.87,161154.55,{"v":3545400,"d":"$ 3,545,400"},"PLATAFORMA","Granel Sólido","CARGADO","SI","Cienaga,Puebloviejo,Barranquilla,Soledad,Malambo,Sabanagrande,Santo Tomas,Ponede"]
["2026-07-01",47001000,"SANTA MARTA","MAGDALENA",5030000,"AMAGA","ANTIOQUIA",830,"2",9,61544,8,17.24,3260424,492352,362269.33,3928.22,4521.42,416975.11,{"v":3752776,"d":"$ 3,752,776"},"FURGON","Granel Sólido","CARGADO","SI","Cienaga,Puebloviejo,Barranquilla,Soledad,Malambo,Sabanagrande,Santo Tomas,Ponede"]
["2026-07-01",54261000,"EL ZULIA","NORTE DE SANTANDER",5756000,"SONSON","ANTIOQUIA",717,"CA",5,38189,4,15.74,1981538,152756,396307.6,2763.65,2976.7,426858.8,{"v":2134294,"d":"$ 2,134,294"},"FURGON","Granel Sólido","CARGADO","SI","Cucuta,Los Patios,Pamplona,Bucaramanga,Giron,Lebrija,Cisneros,Copacabana,Bello,M"]
["2026-07-01",8001000,"BARRANQUILLA","ATLÁNTICO",15491000,"NOBSA","BOYACÁ",943,"2S2",22,63992,8,18.76,4757852,511936,216266,5045.44,5588.32,239535.82,{"v":5269788,"d":"$ 5,269,788"},"ESTACAS","Granel Sólido","CARGADO","SI","Soledad,Puebloviejo,Cienaga,El Copey,Bosconia,Curumani,Pailitas,Pelaya,Aguachica"]
["2026-07-01",19300000,"GUACHENE","CAUCA",8001000,"BARRANQUILLA","ATLÁNTICO",1297,"3",16,66231,8,25.31,6750616,529848,421913.5,5204.79,5613.31,455029,{"v":7280464,"d":"$ 7,280,464"},"VOLCO","Granel Sólido","CARGADO","SI","Villa Rica,Candelaria,El Cerrito,Guacari,Guadalajara De Buga,San Pedro,Tulua,And"]
["2026-07-01",5266000,"ENVIGADO","ANTIOQUIA",20011000,"AGUACHICA","CESAR",465,"2L1 Liviano entre 9 y 10.5 Tonel.",6,47202,4,8.33,1383163,188808,230527.17,2974.54,3380.58,261995.17,{"v":1571971,"d":"$ 1,571,971"},"FURGON","Granel Sólido","CARGADO","SI","Medellin,Bello,Copacabana,Cisneros,San Alberto,San Martin"]
["2026-07-01",25320000,"GUADUAS","CUNDINAMARCA",76111000,"BUGA","VALLE DEL CAUCA",370,"3S3",34,87862,8,8.92,3093569,702896,90987.32,8361,10260.72,111660.74,{"v":3796465,"d":"$ 3,796,465"},"PLATAFORMA","Granel Sólido","CARGADO","SI","Honda,Mariquita,Guayabal,Lerida,Venadillo,Alvarado,Ibague,Cajamarca,Calarca,La T"]
["2026-07-01",54001000,"CUCUTA","NORTE DE SANTANDER",25317000,"GUACHETA","CUNDINAMARCA",526,"2L3 Liviano entre 7.5 y 8 Tonel.",6,42327,4,11.51,1573590,169308,262265,2991.62,3313.49,290483,{"v":1742898,"d":"$ 1,742,898"},"FURGON","General","CARGADO","SI","Los Patios,Pamplona,Bucaramanga,Floridablanca,Piedecuesta,Aratoca,San Gil,Pincho"]
["2026-07-01",68081000,"BARRANCABERMEJA","SANTANDER",8001004,"EDUARDO SANTOS (LA PLAYA)","ATLÁNTICO",614,"2",9,54531,8,10.81,2137136,436248,237459.56,3480.68,4191.18,285931.56,{"v":2573384,"d":"$ 2,573,384"},"PLATAFORMA","General","CARGADO","SI","San Alberto,San Martin,Aguachica,Pelaya,Pailitas,Curumani,Bosconia,El Copey,Cien"]
["2026-07-01",17380000,"LA DORADA","CALDAS",25286000,"FUNZA","CUNDINAMARCA",169,"CA",5,35954,4,3.98,502825,143816,100565,2975.3,3826.28,129328.2,{"v":646641,"d":"$ 646,641"},"ESTIBAS","Granel Sólido","CARGADO","SI","Guaduas,Villeta,Sasaima,Alban,Facatativa,Madrid,Mosquera"]
["2026-07-01",5308000,"GIRARDOTA","ANTIOQUIA",50689000,"SAN MARTIN","META",592,"2S3",27,79136,8,14.31,4237862,633088,156957.85,7158.55,8227.96,180405.56,{"v":4870950,"d":"$ 4,870,950"},"FURGON","Granel Sólido","CARGADO","SI","Copacabana,Bello,Medellin,Guarne,Marinilla,El Santuario,Guaduas,Villeta,Sasaima,"]
["2026-07-01",8001000,"BARRANQUILLA","ATLÁNTICO",13222000,"CLEMENCIA","BOLÍVAR",105,"3S3",34,86730,4,2.23,718472,346920,21131.53,6842.59,10146.59,31335.06,{"v":1065392,"d":"$ 1,065,392"},"PLATAFORMA","General","CARGADO","SI","Galapa,Baranoa,Sabanalarga,Luruaco,Santa Catalina"]
["2026-07-01",8001000,"BARRANQUILLA","ATLÁNTICO",63401000,"LA TEBAIDA","QUINDIO",1059,"3",16,62802,8,24.03,5994155,502416,374634.69,5660.2,6134.63,406035.69,{"v":6496571,"d":"$ 6,496,571"},"FURGON","Granel Sólido","CARGADO","SI","Soledad,Malambo,Sabanagrande,Santo Tomas,Ponedera,Campo De La Cruz,Suan,Calamar,"]
["2026-07-01",5030000,"AMAGA","ANTIOQUIA",25430000,"MADRID","CUNDINAMARCA",430,"2S2",22,76917,8,10.76,2784990,615336,126590.45,6476.72,7907.73,154560.27,{"v":3400326,"d":"$ 3,400,326"},"FURGON","General","CARGADO","SI","Caldas,La Estrella,Sabaneta,Envigado,Medellin,Bello,Guarne,Marinilla,El Santuari"]
["2026-07-01",76520000,"PALMIRA","VALLE DEL CAUCA",25126000,"CAJICA","CUNDINAMARCA",459,"2_5_8",3.4,37352,4,9.13,1328520,149408,390741.18,2894.38,3219.89,434684.71,{"v":1477928,"d":"$ 1,477,928"},"ESTIBAS","Granel Sólido","CARGADO","SI","El Cerrito,Guacari,Guadalajara De Buga,San Pedro,Tulua,Andalucia,Bugalagrande,La"]
["2026-07-01",44090003,"MINGUEO","LA GUAJIRA",54099000,"BOCHALEMA","NORTE DE SANTANDER",797,"2L3 Liviano entre 7.5 y 8 Tonel.",6,39217,4,14.96,2130539,156868,355089.83,2673.2,2870.02,381234.5,{"v":2287407,"d":"$ 2,287,407"},"ESTACAS","General","CARGADO","SI","Santa Marta,El Copey,Bosconia,Curumani,Pailitas,Pelaya,Aguachica,San Alberto,La "]
["2026-07-01",25245000,"MESITAS DEL COLEGIO","CUNDINAMARCA",25286000,"FUNZA","CUNDINAMARCA",71,"3",16,64943,4,2.67,530354,259772,33147.12,7469.77,11128.54,49382.88,{"v":790126,"d":"$ 790,126"},"TANQUE","Granel líquido","CARGADO","SI","La Mesa,Mosquera"]
["2026-07-01",54810000,"TIBU","NORTE DE SANTANDER",8001000,"BARRANQUILLA","ATLÁNTICO",709,"2_8_105",5.4,70516,4,13.02,2404141,282064,445211.3,3390.89,3788.72,497445.37,{"v":2686205,"d":"$ 2,686,205"},"FURGON REFRIGERADO","Carga Refrigerada","CARGADO","SI","Abrego,Ocaña,Rio De Oro,Aguachica,Pelaya,Pailitas,Curumani,Bosconia,El Copey,Cie"]
["2026-07-01",25377000,"LA CALERA","CUNDINAMARCA",76109000,"BUENAVENTURA","VALLE DEL CAUCA",525,"3S2",31,85716,8,13.19,4054105,685728,130777.58,7722.1,9028.25,152897.84,{"v":4739833,"d":"$ 4,739,833"},"ESTIBAS","General","CARGADO","SI","Bogota,Soacha,Silvania,Fusagasuga,Ibague,Cajamarca,Calarca,La Tebaida,Bugalagran"]
["2026-07-01",5308000,"GIRARDOTA","ANTIOQUIA",50689000,"SAN MARTIN","META",592,"3S3",34,85728,8,15.36,4450656,685824,130901.65,7518,8676.49,151072.94,{"v":5136480,"d":"$ 5,136,480"},"PORTACONTENEDORES","Contenedor vacío","CARGADO","SI","Copacabana,Bello,Medellin,Guarne,Marinilla,El Santuario,Guaduas,Villeta,Sasaima,"]
["2026-07-01",86568000,"PUERTO ASIS","PUTUMAYO",76892000,"YUMBO","VALLE DEL CAUCA",869,"V2",17.5,57575,8,21.09,4054141,460600,231665.2,4665.29,5195.33,257985.2,{"v":4514741,"d":"$ 4,514,741"},"VOLCO","Granel Sólido","CARGADO","SI","Puerto Caicedo,Villagarzon,Mocoa,Pitalito,Timana,Altamira,Garzon,Gigante,Hobo,Ca"]
["2026-07-01",76520000,"PALMIRA","VALLE DEL CAUCA",25126000,"CAJICA","CUNDINAMARCA",459,"3S2",31,85716,8,10.47,3482594,685728,112341.74,7587.35,9081.31,134462,{"v":4168322,"d":"$ 4,168,322"},"ESTIBAS","General","CARGADO","SI","El Cerrito,Guacari,Guadalajara De Buga,San Pedro,Tulua,Andalucia,Bugalagrande,La"]
["2026-07-01",41001000,"NEIVA","HUILA",70820000,"SANTIAGO DE TOLU","SUCRE",1015,"2S3",27,64983,8,17.81,5639035,519864,208853.15,5555.7,6067.88,228107.37,{"v":6158899,"d":"$ 6,158,899"},"ESTACAS","Granel Sólido","CARGADO","SI","Aipe,Natagaima,Saldana,Guamo,Ibague,Alvarado,Venadillo,Lerida,Guayabal,Mariquita"]
["2026-07-01",5756000,"SONSON","ANTIOQUIA",25843000,"UBATE","CUNDINAMARCA",534,"V2",17.5,57575,8,16.43,2745697,460600,156896.97,5141.75,6004.3,183216.97,{"v":3206297,"d":"$ 3,206,297"},"VOLCO","Granel Sólido","CARGADO","SI","La Union,La Ceja,Rionegro,Marinilla,El Santuario,Guaduas,Villeta,La Vega,Cota,Ch"]
["2026-07-01",50568011,"RUBIALES","META",13001000,"CARTAGENA DE INDIAS","BOLÍVAR",1530,"2L2 Liviano entre 8 y 9 Tonel.",5,42266,4,29.36,4565133,169064,913026.6,2983.75,3094.25,946839.4,{"v":4734197,"d":"$ 4,734,197"},"FURGON","General","CARGADO","SI","Puerto Gaitan,Puerto Lopez,Villavicencio,Guayabetal,Chipaque,Bogota,Funza,Mosque"]
["2026-07-01",5147000,"CAREPA","ANTIOQUIA",25286000,"FUNZA","CUNDINAMARCA",688,"3S3",34,89674,8,17.87,6024942,717392,177204.18,8757.18,9799.9,198303.94,{"v":6742334,"d":"$ 6,742,334"},"VOLCO","Granel Sólido","CARGADO","SI","Chigorodo,Mutata,Dabeiba,Uramita,Cañasgordas,Santafe De Antioquia,San Jeronimo,M"]
["2026-07-01",54001000,"CUCUTA","NORTE DE SANTANDER",66170000,"DOSQUEBRADAS","RISARALDA",776,"2",9,54531,8,19.25,3069485,436248,341053.89,3955.52,4517.7,389525.89,{"v":3505733,"d":"$ 3,505,733"},"PORTACONTENEDORES","Contenedor cargado","CARGADO","SI","Los Patios,Pamplona,Bucaramanga,Giron,Lebrija,Honda,Mariquita,Fresno,Manizales,V"]
["2026-07-01",5631000,"SABANETA","ANTIOQUIA",76130000,"CANDELARIA","VALLE DEL CAUCA",420,"2S2",22,62860,8,8.49,2499993,502880,113636.05,5952.36,7149.7,136494.23,{"v":3002873,"d":"$ 3,002,873"},"PLATAFORMA","General","CARGADO","SI","Itagui,La Estrella,Caldas,La Pintada,La Virginia,Cartago,Obando,Zarzal,Bugalagra"]
["2026-07-01",5440000,"MARINILLA","ANTIOQUIA",8001000,"BARRANQUILLA","ATLÁNTICO",739,"2S2",22,76917,8,14.55,4039598,615336,183618.09,5466.3,6298.96,211587.91,{"v":4654934,"d":"$ 4,654,934"},"FURGON","General","CARGADO","SI","Guarne,Bello,Medellin,Copacabana,Don Matias,Santa Rosa De Osos,Yarumal,Valdivia,"]
["2026-07-01",68679000,"SAN GIL","SANTANDER",73001000,"IBAGUE","TOLIMA",504,"3S2",31,86847,8,11.9,3913276,694776,126234.71,7764.44,9142.96,148646.84,{"v":4608052,"d":"$ 4,608,052"},"ESTIBAS","Granel Sólido","CARGADO","SI","Pinchote,Socorro,Oiba,Santana,San Jose De Pare,Guepsa,Barbosa,Puente Nacional,Sa"]
["2026-07-01",76109000,"BUENAVENTURA","VALLE DEL CAUCA",76520026,"ROZO","VALLE DEL CAUCA",147,"2L3 Liviano entre 7.5 y 8 Tonel.",6,43458,4,3.39,467312,173832,77885.33,3178.99,4361.52,106857.33,{"v":641144,"d":"$ 641,144"},"FURGON","Granel Sólido","CARGADO","SI","Yotoco,Vijes"]
["2026-07-01",52356000,"IPIALES","NARIÑO",15051000,"ARCABUCO","BOYACÁ",1088,"2L2 Liviano entre 8 y 9 Tonel.",5,41243,4,22.54,3241309,164972,648261.8,2979.14,3130.77,681256.2,{"v":3406281,"d":"$ 3,406,281"},"ESTIBAS","Granel Sólido","CARGADO","SI","Tangua,San Juan De Pasto,Chachagui,El Bordo,Rosas,Timbio,Popayan,Piendamo,Santan"]
["2026-07-01",76890000,"YOTOCO","VALLE DEL CAUCA",47745000,"SITIONUEVO","MAGDALENA",1212,"CA",5,35954,4,21.24,2933896,143816,586779.2,2420.71,2539.37,615542.4,{"v":3077712,"d":"$ 3,077,712"},"ESTACAS","Granel Sólido","CARGADO","SI","Guadalajara De Buga,San Pedro,Tulua,Andalucia,Bugalagrande,La Tebaida,Calarca,Ca"]
["2026-07-01",63001000,"ARMENIA","QUINDIO",25286000,"FUNZA","CUNDINAMARCA",264,"3S2",31,89209,4,6.92,2371091,356836,76486.81,8981.41,10333.06,87997.65,{"v":2727927,"d":"$ 2,727,927"},"VOLCO","Granel Sólido","CARGADO","SI","Calarca,Cajamarca,Ibague,Fusagasuga,Silvania,Mosquera"]
["2026-07-01",25288000,"FUQUENE","CUNDINAMARCA",8296000,"GALAPA","ATLÁNTICO",904,"2_5_8",3.4,37352,4,17.17,2361841,149408,694659.12,2612.66,2777.93,738602.65,{"v":2511249,"d":"$ 2,511,249"},"ESTIBAS","Granel Sólido","CARGADO","SI","Susa,Chiquinquira,Saboya,Puente Nacional,Barbosa,Guepsa,San Jose De Pare,Santana"]
["2026-07-01",8433000,"MALAMBO","ATLÁNTICO",5266000,"ENVIGADO","ANTIOQUIA",697,"2S3",27,120421,8,13.56,4706863,963368,174328.26,6753.03,8135.2,210008.56,{"v":5670231,"d":"$ 5,670,231"},"FURGON REFRIGERADO","Carga Refrigerada","CARGADO","SI","Sabanagrande,Santo Tomas,Ponedera,Campo De La Cruz,Suan,Calamar,San Juan Nepomuc"]
["2026-07-01",95001000,"SAN JOSE DEL GUAVIARE","GUAVIARE",25817000,"TOCANCIPA","CUNDINAMARCA",438,"2S3",27,63851,8,8.3,2586211,510808,95785.59,5904.59,7070.82,114704.41,{"v":3097019,"d":"$ 3,097,019"},"ESTIBAS","General","CARGADO","SI","Puerto Concordia,Puerto Lleras,Fuente De Oro,Granada,San Martin,Guamal,Acacias,V"]
["2026-07-01",25430000,"MADRID","CUNDINAMARCA",5030000,"AMAGA","ANTIOQUIA",429,"2S3",27,64983,8,10.7,2812057,519864,104150.26,6554.91,7766.72,123404.48,{"v":3331921,"d":"$ 3,331,921"},"PLATAFORMA","Granel Sólido","CARGADO","SI","Facatativa,Alban,Sasaima,Villeta,Guaduas,El Santuario,Marinilla,Guarne,Bello,Med"]
["2026-07-01",25817000,"TOCANCIPA","CUNDINAMARCA",76147000,"CARTAGO","VALLE DEL CAUCA",392,"2L2 Liviano entre 8 y 9 Tonel.",5,41243,4,8.7,1362740,164972,272548,3476.38,3897.22,305542.4,{"v":1527712,"d":"$ 1,527,712"},"PLATAFORMA","Granel Sólido","CARGADO","SI","Sopo,Chia,Cota,Funza,Mosquera,Silvania,Fusagasuga,Ibague,Cajamarca,Calarca,Armen"]
["2026-07-01",85010000,"AGUAZUL","CASANARE",50001002,"RINCON DE POMPEYA","META",276,"3S3",34,86730,4,5.48,2030756,346920,59728.12,7357.81,8614.77,69931.65,{"v":2377676,"d":"$ 2,377,676"},"PLATAFORMA","General","CARGADO","SI","Monterrey,Villanueva,Barranca De Upia,Paratebueno,Cumaral,Restrepo,Villavicencio"]
["2026-07-01",25473000,"MOSQUERA","CUNDINAMARCA",66170000,"DOSQUEBRADAS","RISARALDA",318,"2_8_105",5.4,41061,4,8.15,1129949,164244,209249.81,3553.3,4069.79,239665.37,{"v":1294193,"d":"$ 1,294,193"},"PLATAFORMA","Granel Sólido","CARGADO","SI","Madrid,Facatativa,Alban,Sasaima,Villeta,Guaduas,Honda,Mariquita,Fresno,Manizales"]
["2026-07-01",68307000,"GIRON","SANTANDER",54405000,"LOS PATIOS","NORTE DE SANTANDER",203,"2S3",27,78005,4,5.3,1319926,312020,48886.15,6502.1,8039.14,60442.44,{"v":1631946,"d":"$ 1,631,946"},"FURGON","General","CARGADO","SI","Bucaramanga,Pamplona"]
["2026-07-01",50226000,"CUMARAL","META",47001000,"SANTA MARTA","MAGDALENA",1086,"3",16,59540,8,23.12,5738131,476320,358633.19,5283.73,5722.33,388403.19,{"v":6214451,"d":"$ 6,214,451"},"PLATAFORMA","Granel Sólido","CARGADO","SI","Restrepo,Villavicencio,Guayabetal,Chipaque,Bogota,Funza,Mosquera,Madrid,Facatati"]
["2026-07-01",25200000,"COGUA","CUNDINAMARCA",5591004,"DORADAL","ANTIOQUIA",275,"V3",28.7,66231,4,7.6,1867572,264924,65072.2,6791.17,7754.53,74303,{"v":2132496,"d":"$ 2,132,496"},"VOLCO","Granel Sólido","CARGADO","SI","Zipaquira,Sopo,Chia,Cota,El Rosal,La Vega,Villeta,Guaduas"]
["2026-07-01",76377000,"LA CUMBRE","VALLE DEL CAUCA",76892000,"YUMBO","VALLE DEL CAUCA",25,"V3",28.7,66231,4,1.28,193712,264924,6749.55,7748.48,18345.44,15980.35,{"v":458636,"d":"$ 458,636"},"VOLCO","Granel Sólido","CARGADO","SI"]
["2026-07-01",5001000,"MEDELLIN","ANTIOQUIA",70820000,"SANTIAGO DE TOLU","SUCRE",507,"2L2 Liviano entre 8 y 9 Tonel.",5,42266,4,10,1527806,169064,305561.2,3013.42,3346.88,339374,{"v":1696870,"d":"$ 1,696,870"},"FURGON","General","CARGADO","SI","Bello,Copacabana,Don Matias,Santa Rosa De Osos,Yarumal,Valdivia,Taraza,Caucasia,"]
["2026-07-01",68307000,"GIRON","SANTANDER",54405000,"LOS PATIOS","NORTE DE SANTANDER",203,"3",16,58409,4,6.17,1223975,233636,76498.44,6029.43,7180.35,91100.69,{"v":1457611,"d":"$ 1,457,611"},"ESTIBAS","General","CARGADO","SI","Bucaramanga,Pamplona"]
["2026-07-01",76520000,"PALMIRA","VALLE DEL CAUCA",68307000,"GIRON","SANTANDER",738,"2L1 Liviano entre 9 y 10.5 Tonel.",6,46071,4,13.55,2198036,184284,366339.33,2978.37,3228.08,397053.33,{"v":2382320,"d":"$ 2,382,320"},"FURGON","General","CARGADO","SI","El Cerrito,Guacari,Guadalajara De Buga,San Pedro,Tulua,Andalucia,Bugalagrande,La"]
["2026-07-01",73001000,"IBAGUE","TOLIMA",41298000,"GARZON","HUILA",323,"2L2 Liviano entre 8 y 9 Tonel.",5,43397,4,5.74,946113,173588,189222.6,2929.14,3466.57,223940.2,{"v":1119701,"d":"$ 1,119,701"},"FURGON","Granel Sólido","CARGADO","SI","Guamo,Saldana,Natagaima,Aipe,Campoalegre,Hobo"]
["2026-07-01",13001000,"CARTAGENA DE INDIAS","BOLÍVAR",63401000,"LA TEBAIDA","QUINDIO",1014,"3S2",31,84854,8,22.15,7411280,678832,239073.55,7308.95,7978.41,260971.35,{"v":8090112,"d":"$ 8,090,112"},"PORTACONTENEDORES","Contenedor cargado","CARGADO","SI","Turbaco,San Juan Nepomuceno,San Jacinto,El Carmen De Bolivar,Ovejas,Los Palmitos"]
["2026-07-01",15299000,"GARAGOA","BOYACÁ",11001000,"BOGOTA, D.C.","BOGOTÁ, D.C.",145,"3",16,59540,4,4.38,848969,238160,53060.56,5854.96,7497.44,67945.56,{"v":1087129,"d":"$ 1,087,129"},"ESTIBAS","Granel Sólido","CARGADO","SI","Guateque,Macheta,Gachancipa,Tocancipa"]
["2026-07-01",8001000,"BARRANQUILLA","ATLÁNTICO",76318000,"GUACARI","VALLE DEL CAUCA",1095,"2",9,55663,8,23.06,4204185,445304,467131.67,3839.44,4246.11,516609.89,{"v":4649489,"d":"$ 4,649,489"},"PLATAFORMA","Granel Sólido","CARGADO","SI","Soledad,Malambo,Sabanagrande,Santo Tomas,Ponedera,Campo De La Cruz,Suan,Calamar,"]
["2026-07-01",41396000,"LA PLATA","HUILA",11001000,"BOGOTA, D.C.","BOGOTÁ, D.C.",427,"3",16,92437,8,9.57,2697795,739496,168612.19,6318.02,8049.86,214830.69,{"v":3437291,"d":"$ 3,437,291"},"FURGON REFRIGERADO","Carga Refrigerada","CARGADO","SI","Hobo,Campoalegre,Aipe,Natagaima,Saldana,Guamo,Espinal,Fusagasuga,Silvania,Soacha"]
["2026-07-01",15491000,"NOBSA","BOYACÁ",5380000,"LA ESTRELLA","ANTIOQUIA",631,"2S2",22,119585,8,14.63,4467898,956680,203086.27,7080.66,8596.8,246571.73,{"v":5424578,"d":"$ 5,424,578"},"FURGON REFRIGERADO","Carga Refrigerada","CARGADO","SI","Duitama,Paipa,Tunja,Villapinzon,Choconta,Gachancipa,Tocancipa,Sopo,Chia,Cota,El "]
["2026-07-01",50001000,"VILLAVICENCIO","META",5308000,"GIRARDOTA","ANTIOQUIA",534,"2L2 Liviano entre 8 y 9 Tonel.",5,40112,4,11.84,1953005,160448,390601,3657.31,3957.78,422690.6,{"v":2113453,"d":"$ 2,113,453"},"ESTIBAS","General","CARGADO","SI","Guayabetal,Chipaque,Bogota,Funza,Mosquera,Madrid,Facatativa,Alban,Sasaima,Villet"]
["2026-07-01",54518000,"PAMPLONA","NORTE DE SANTANDER",8001000,"BARRANQUILLA","ATLÁNTICO",710,"3S3",34,85728,8,15.17,5143883,685824,151290.68,7244.91,8210.85,171461.97,{"v":5829707,"d":"$ 5,829,707"},"PORTACONTENEDORES","Contenedor cargado","CARGADO","SI","Bucaramanga,Rionegro,El Playon,La Esperanza,San Alberto,San Martin,Aguachica,Pel"]
["2026-07-01",66001000,"PEREIRA","RISARALDA",5212000,"COPACABANA","ANTIOQUIA",263,"2L1 Liviano entre 9 y 10.5 Tonel.",6,76057,4,5.71,1154734,304228,192455.67,4390.62,5547.38,243160.33,{"v":1458962,"d":"$ 1,458,962"},"FURGON REFRIGERADO","Carga Refrigerada","CARGADO","SI","Dosquebradas,Santa Rosa De Cabal,Chinchina,La Pintada,Amaga,Caldas,La Estrella,S"]
["2026-07-01",15491000,"NOBSA","BOYACÁ",25430000,"MADRID","CUNDINAMARCA",225,"2L2 Liviano entre 8 y 9 Tonel.",5,41243,4,4.39,656239,164972,131247.8,2916.62,3649.83,164242.2,{"v":821211,"d":"$ 821,211"},"ESTACAS","Granel Sólido","CARGADO","SI","Duitama,Paipa,Tunja,Villapinzon,Choconta,Gachancipa,Tocancipa,Sopo,Chia,Cota,Fun"]
["2026-07-01",68001000,"BUCARAMANGA","SANTANDER",5266000,"ENVIGADO","ANTIOQUIA",396,"2L2 Liviano entre 8 y 9 Tonel.",5,42266,4,7.72,1149688,169064,229937.6,2903.25,3330.18,263750.4,{"v":1318752,"d":"$ 1,318,752"},"FURGON","General","CARGADO","SI","Giron,Lebrija,Cisneros,Copacabana,Bello,Medellin,Itagui"]
["2026-07-01",63001000,"ARMENIA","QUINDIO",5615000,"RIONEGRO","ANTIOQUIA",356,"3",16,59540,8,9.62,2358024,476320,147376.5,6623.66,7961.64,177146.5,{"v":2834344,"d":"$ 2,834,344"},"PLATAFORMA","Granel Sólido","CARGADO","SI","Circasia,Pereira,La Virginia,La Pintada,Caldas,La Estrella,Sabaneta,Envigado,Med"]
["2026-07-01",66170000,"DOSQUEBRADAS","RISARALDA",20001000,"VALLEDUPAR","CESAR",938,"3",16,58409,8,20.41,4768678,467272,298042.38,5083.88,5582.04,327246.88,{"v":5235950,"d":"$ 5,235,950"},"PORTACONTENEDORES","Contenedor cargado","CARGADO","SI","Santa Rosa De Cabal,Chinchina,Manizales,Villamaria,Fresno,Mariquita,Honda,San Al"]
["2026-07-01",47001000,"SANTA MARTA","MAGDALENA",15646000,"SAMACA","BOYACÁ",869,"3S2",31,85716,8,19.08,5769845,685728,186124.03,6639.64,7428.74,208244.29,{"v":6455573,"d":"$ 6,455,573"},"ESTIBAS","General","CARGADO","SI","Cienaga,El Copey,Bosconia,Curumani,Pailitas,Pelaya,Aguachica,San Alberto,La Espe"]
["2026-07-01",70823000,"TOLU VIEJO","SUCRE",70820000,"SANTIAGO DE TOLU","SUCRE",18,"2S3",27,78005,4,0.56,114594,312020,4244.22,6366.33,23700.78,15800.52,{"v":426614,"d":"$ 426,614"},"FURGON","General","CARGADO","SI"]
["2026-07-01",25214000,"COTA","CUNDINAMARCA",5308000,"GIRARDOTA","ANTIOQUIA",424,"2S3",27,79136,8,10.42,2878075,633088,106595.37,6787.91,8281.04,130043.07,{"v":3511163,"d":"$ 3,511,163"},"FURGON","Granel Sólido","CARGADO","SI","El Rosal,La Vega,Villeta,Guaduas,El Santuario,Marinilla,Guarne,Bello,Medellin,Co"]
["2026-07-01",47001000,"SANTA MARTA","MAGDALENA",19142000,"CALOTO","CAUCA",1269,"2L1 Liviano entre 9 y 10.5 Tonel.",6,44306,4,22.14,3565735,177224,594289.17,2809.88,2949.53,623826.5,{"v":3742959,"d":"$ 3,742,959"},"PLATAFORMA","Granel Sólido","CARGADO","SI","El Copey,Bosconia,Curumani,Pailitas,Pelaya,Aguachica,San Alberto,Honda,Mariquita"]
["2026-07-01",8001000,"BARRANQUILLA","ATLÁNTICO",41524000,"PALERMO","HUILA",1200,"2S2",22,62860,8,19.95,5748603,502880,261300.14,4790.5,5209.57,284158.32,{"v":6251483,"d":"$ 6,251,483"},"PLATAFORMA","General","CARGADO","SI","Puebloviejo,Cienaga,El Copey,Bosconia,Curumani,Pailitas,Pelaya,Aguachica,San Alb"]
["2026-07-01",85001000,"YOPAL","CASANARE",76892000,"YUMBO","VALLE DEL CAUCA",801,"3",16,62802,8,19.3,4822139,502416,301383.69,6020.15,6647.38,332784.69,{"v":5324555,"d":"$ 5,324,555"},"FURGON","Granel Sólido","CARGADO","SI","Aguazul,Monterrey,Villanueva,Barranca De Upia,Paratebueno,Cumaral,Restrepo,Villa"]
["2026-07-01",50110000,"BARRANCA DE UPIA","META",5308000,"GIRARDOTA","ANTIOQUIA",640,"V3",28.7,66231,8,17.87,4510264,529848,157152.06,7047.29,7875.18,175613.66,{"v":5040112,"d":"$ 5,040,112"},"VOLCO","Granel Sólido","CARGADO","SI","Paratebueno,Cumaral,Restrepo,Villavicencio,Guayabetal,Chipaque,Bogota,Funza,Mosq"]
["2026-07-01",5591000,"PUERTO TRIUNFO","ANTIOQUIA",15491000,"NOBSA","BOYACÁ",439,"2",9,54531,8,10.35,1775451,436248,197272.33,4044.31,5038.04,245744.33,{"v":2211699,"d":"$ 2,211,699"},"PORTACONTENEDORES","Contenedor cargado","CARGADO","SI","Guaduas,Villeta,Sasaima,Alban,Facatativa,Madrid,Mosquera,Funza,Cota,Chia,Tocanci"]
["2026-07-01",85410004,"TUNUPE","CASANARE",85440002,"SANTA HELENA DE UPIA","CASANARE",62,"2S3",27,62754,4,2.31,416644,251016,15431.26,6720.06,10768.71,24728.15,{"v":667660,"d":"$ 667,660"},"PORTACONTENEDORES","Contenedor cargado","CARGADO","SI"]
["2026-07-01",8001000,"BARRANQUILLA","ATLÁNTICO",41524000,"PALERMO","HUILA",1200,"2_8_105",5.4,70516,4,19.96,3959286,282064,733201.11,3299.4,3534.46,785435.19,{"v":4241350,"d":"$ 4,241,350"},"FURGON REFRIGERADO","Carga Refrigerada","CARGADO","SI","Puebloviejo,Cienaga,El Copey,Bosconia,Curumani,Pailitas,Pelaya,Aguachica,San Alb"]
["2026-07-01",5631000,"SABANETA","ANTIOQUIA",68001000,"BUCARAMANGA","SANTANDER",398,"2L2 Liviano entre 8 y 9 Tonel.",5,72221,4,7.68,1443812,288884,288762.4,3627.67,4353.51,346539.2,{"v":1732696,"d":"$ 1,732,696"},"FURGON REFRIGERADO","Carga Refrigerada","CARGADO","SI","Envigado,Medellin,Bello,Copacabana,Cisneros,Lebrija,Giron"]
["2026-07-01",47001000,"SANTA MARTA","MAGDALENA",76520000,"PALMIRA","VALLE DEL CAUCA",1200,"2L2 Liviano entre 8 y 9 Tonel.",5,41243,4,21.01,3255120,164972,651024,2712.6,2850.08,684018.4,{"v":3420092,"d":"$ 3,420,092"},"ESTIBAS","Granel Sólido","CARGADO","SI","Cienaga,El Copey,Bosconia,Curumani,Pailitas,Pelaya,Aguachica,San Alberto,Honda,M"]
["2026-07-01",5001000,"MEDELLIN","ANTIOQUIA",76233000,"DAGUA","VALLE DEL CAUCA",444,"2L1 Liviano entre 9 y 10.5 Tonel.",6,76057,4,8.96,1798992,304228,299832,4051.78,4736.98,350536.67,{"v":2103220,"d":"$ 2,103,220"},"FURGON REFRIGERADO","Carga Refrigerada","CARGADO","SI","Itagui,La Estrella,Sabaneta,Caldas,Amaga,La Pintada,La Virginia,Cartago,Obando,Z"]
["2026-07-01",54001000,"CUCUTA","NORTE DE SANTANDER",19845000,"VILLA RICA","CAUCA",1006,"2",9,54531,8,23.18,3858065,436248,428673.89,3835.05,4268.7,477145.89,{"v":4294313,"d":"$ 4,294,313"},"PLATAFORMA","General","CARGADO","SI","Los Patios,Pamplona,Bucaramanga,Giron,Lebrija,Honda,Mariquita,Guayabal,Lerida,Ve"]
["2026-07-01",25307000,"GIRARDOT","CUNDINAMARCA",76892000,"YUMBO","VALLE DEL CAUCA",319,"3",16,62802,8,8.12,2023634,502416,126477.12,6343.68,7918.65,157878.12,{"v":2526050,"d":"$ 2,526,050"},"FURGON","Granel Sólido","CARGADO","SI","Flandes,Ibague,Cajamarca,Calarca,La Tebaida,Bugalagrande,Andalucia,Tulua,Guadala"]
["2026-07-01",5088000,"BELLO","ANTIOQUIA",76111000,"BUGA","VALLE DEL CAUCA",380,"2_8_105",5.4,41061,4,7.48,1249238,164244,231340.37,3287.47,3719.69,261755.93,{"v":1413482,"d":"$ 1,413,482"},"ESTACAS","Granel Sólido","CARGADO","SI","Medellin,Itagui,La Estrella,Sabaneta,Caldas,La Pintada,La Virginia,Cartago,Oband"]
["2026-07-01",15759000,"SOGAMOSO","BOYACÁ",50568000,"RUBIALES","META",523,"3S3",34,89674,8,11.56,4333083,717392,127443.62,8285.05,9656.74,148543.38,{"v":5050475,"d":"$ 5,050,475"},"VOLCO","Granel Sólido","CARGADO","SI","Duitama,Paipa,Tunja,Villapinzon,Choconta,Gachancipa,Tocancipa,Bogota,Chipaque,Gu"]
["2026-07-01",25407000,"LENGUAZAQUE","CUNDINAMARCA",47001000,"SANTA MARTA","MAGDALENA",878,"2S2",22,75644,8,17.62,4582962,605152,208316.45,5219.77,5909.01,235823.36,{"v":5188114,"d":"$ 5,188,114"},"TANQUE","Granel líquido","CARGADO","SI","Susa,Chiquinquira,Saboya,Puente Nacional,Barbosa,Guepsa,San Jose De Pare,Santana"]
["2026-07-01",5308000,"GIRARDOTA","ANTIOQUIA",17001000,"MANIZALES","CALDAS",254,"2L3 Liviano entre 7.5 y 8 Tonel.",6,43458,4,5.65,834444,173832,139074,3285.21,3969.59,168046,{"v":1008276,"d":"$ 1,008,276"},"FURGON","Granel Sólido","CARGADO","SI","Copacabana,Bello,Medellin,Itagui,La Estrella,Sabaneta,Caldas,Amaga,La Pintada"]
["2026-07-01",76001000,"CALI","VALLE DEL CAUCA",17174000,"CHINCHINA","CALDAS",244,"2L1 Liviano entre 9 y 10.5 Tonel.",6,47202,4,4.66,793504,188808,132250.67,3252.07,4025.87,163718.67,{"v":982312,"d":"$ 982,312"},"FURGON","Granel Sólido","CARGADO","SI","El Cerrito,Guacari,Guadalajara De Buga,San Pedro,Tulua,Andalucia,Bugalagrande,Za"]
["2026-07-01",5310003,"LA ESTRELLA","ANTIOQUIA",66001000,"PEREIRA","RISARALDA",331,"2S2",22,66320,4,7.41,2089176,265280,94962.55,6311.71,7113.16,107020.73,{"v":2354456,"d":"$ 2,354,456"},"VOLCO","Granel Sólido","CARGADO","SI","Copacabana,Bello,Medellin,Itagui,La Estrella,Sabaneta,Caldas,La Pintada,La Virgi"]
["2026-07-01",66001000,"PEREIRA","RISARALDA",25754000,"SOACHA","CUNDINAMARCA",284,"2S3",27,64983,4,7.06,1881357,259932,69679.89,6624.5,7539.75,79307,{"v":2141289,"d":"$ 2,141,289"},"ESTIBAS","Granel Sólido","CARGADO","SI","Circasia,Armenia,Calarca,Cajamarca,Ibague,Fusagasuga,Silvania"]
["2026-07-01",25286000,"FUNZA","CUNDINAMARCA",8296000,"GALAPA","ATLÁNTICO",993,"2_8_105",5.4,41061,4,17.39,2767153,164244,512435.74,2786.66,2952.06,542851.3,{"v":2931397,"d":"$ 2,931,397"},"ESTIBAS","Granel Sólido","CARGADO","SI","Mosquera,Madrid,Facatativa,Alban,Sasaima,Villeta,Guaduas,San Alberto,San Martin,"]
["2026-07-01",5154000,"CAUCASIA","ANTIOQUIA",8296000,"GALAPA","ATLÁNTICO",417,"2L1 Liviano entre 9 y 10.5 Tonel.",6,44306,4,7.16,1247518,177224,207919.67,2991.65,3416.65,237457,{"v":1424742,"d":"$ 1,424,742"},"ESTACAS","Granel Sólido","CARGADO","SI","La Apartada Y La Frontera,Buenavista,Planeta Rica,Pueblo Nuevo,Sahagun,Chinu,Sam"]
["2026-07-01",20011016,"ADJUNTAS","CESAR",68081000,"BARRANCABERMEJA","SANTANDER",292,"2S3",27,79136,4,5.72,1614522,316544,59797.11,5529.18,6613.24,71520.96,{"v":1931066,"d":"$ 1,931,066"},"FURGON","Granel Sólido","CARGADO","SI","Aguachica,San Alberto"]
["2026-07-01",13430000,"MAGANGUE","BOLÍVAR",23001000,"MONTERIA","CÓRDOBA",207,"2S2",22,119585,4,3.73,1229581,478340,55890.05,5940,8250.83,77632.77,{"v":1707921,"d":"$ 1,707,921"},"FURGON REFRIGERADO","Carga Refrigerada","CARGADO","SI","San Pedro,Los Palmitos,Corozal,Morroa,Sampues,Chinu,Sahagun,Cienaga De Oro,Ceret"]
["2026-07-01",8433000,"MALAMBO","ATLÁNTICO",52835000,"TUMACO","NARIÑO",1784,"2S3",27,63851,8,36.79,10006159,510808,370598.48,5608.83,5895.16,389517.3,{"v":10516967,"d":"$ 10,516,967"},"ESTIBAS","General","CARGADO","SI","Sabanagrande,Santo Tomas,Palmar De Varela,Ponedera,Campo De La Cruz,Suan,Calamar"]
["2026-07-01",11001000,"BOGOTA, D.C.","BOGOTÁ, D.C.",8520000,"PALMAR DE VARELA","ATLÁNTICO",1026,"2",9,61544,8,19.89,3778670,492352,419852.22,3682.91,4162.79,474558,{"v":4271022,"d":"$ 4,271,022"},"FURGON","Granel Sólido","CARGADO","SI","El Rosal,La Vega,Villeta,Guaduas,San Alberto,San Martin,Aguachica,Pelaya,Pailita"]
["2026-07-01",15001000,"TUNJA","BOYACÁ",25736000,"SESQUILE","CUNDINAMARCA",85,"CA",5,34822,4,1.97,222449,139288,44489.8,2617.05,4255.73,72347.4,{"v":361737,"d":"$ 361,737"},"ESTACAS","General","CARGADO","SI","Villapinzon,Choconta"]
["2026-07-01",25286000,"FUNZA","CUNDINAMARCA",19845000,"VILLA RICA","CAUCA",482,"3S3",34,102788,8,11.32,4435984,822304,130470.12,9203.29,10909.31,154655.53,{"v":5258288,"d":"$ 5,258,288"},"FURGON","Granel Sólido","CARGADO","SI","Mosquera,Silvania,Fusagasuga,Ibague,Cajamarca,Calarca,La Tebaida,Bugalagrande,An"]
["2026-07-01",11001000,"BOGOTA, D.C.","BOGOTÁ, D.C.",47745003,"PALERMO","MAGDALENA",997,"2S2",22,119585,8,18.18,6017739,956680,273533.59,6035.85,6995.41,317019.05,{"v":6974419,"d":"$ 6,974,419"},"FURGON REFRIGERADO","Carga Refrigerada","CARGADO","SI","El Rosal,La Vega,Villeta,Guaduas,San Alberto,San Martin,Aguachica,Pelaya,Pailita"]
["2026-07-01",25286000,"FUNZA","CUNDINAMARCA",8296000,"GALAPA","ATLÁNTICO",993,"CA",5,34822,4,17.39,2381962,139288,476392.4,2398.75,2539.02,504250,{"v":2521250,"d":"$ 2,521,250"},"ESTIBAS","General","CARGADO","SI","Mosquera,Madrid,Facatativa,Alban,Sasaima,Villeta,Guaduas,San Alberto,San Martin,"]
["2026-07-01",11001000,"BOGOTA, D.C.","BOGOTÁ, D.C.",47745003,"PALERMO","MAGDALENA",997,"2S3",27,75310,8,18.18,5429875,602480,201106.48,5446.21,6050.51,223420.56,{"v":6032355,"d":"$ 6,032,355"},"TANQUE","Granel líquido","CARGADO","SI","El Rosal,La Vega,Villeta,Guaduas,San Alberto,San Martin,Aguachica,Pelaya,Pailita"]
["2026-07-01",47745003,"PALERMO","MAGDALENA",15759000,"SOGAMOSO","BOYACÁ",925,"3",16,58409,8,21.18,4824238,467272,301514.88,5215.39,5720.55,330719.38,{"v":5291510,"d":"$ 5,291,510"},"ESTIBAS","General","CARGADO","SI","Puebloviejo,Cienaga,El Copey,Bosconia,Curumani,Pailitas,Pelaya,Aguachica,San Alb"]
["2026-07-01",5310000,"GOMEZ PLATA","ANTIOQUIA",5030000,"AMAGA","ANTIOQUIA",121,"2L2 Liviano entre 8 y 9 Tonel.",5,41243,4,2.83,415870,164972,83174,3436.94,4800.35,116168.4,{"v":580842,"d":"$ 580,842"},"PLATAFORMA","Granel Sólido","CARGADO","SI","Copacabana,Bello,Medellin,Itagui,La Estrella,Sabaneta,Caldas"]
["2026-07-01",25817000,"TOCANCIPA","CUNDINAMARCA",66170000,"DOSQUEBRADAS","RISARALDA",367,"2L1 Liviano entre 9 y 10.5 Tonel.",6,46071,4,8.23,1345368,184284,224228,3665.85,4167.99,254942,{"v":1529652,"d":"$ 1,529,652"},"FURGON","General","CARGADO","SI","Chia,Cota,Funza,Mosquera,Silvania,Fusagasuga,Ibague,Cajamarca,Calarca,Armenia,Ci"]
["2026-07-01",11001000,"BOGOTA, D.C.","BOGOTÁ, D.C.",8520000,"PALMAR DE VARELA","ATLÁNTICO",1026,"2L1 Liviano entre 9 y 10.5 Tonel.",6,43175,4,18.21,2936442,172700,489407,2862.03,3030.35,518190.33,{"v":3109142,"d":"$ 3,109,142"},"ESTIBAS","General","CARGADO","SI","El Rosal,La Vega,Villeta,Guaduas,San Alberto,San Martin,Aguachica,Pelaya,Pailita"]
["2026-07-01",11001000,"BOGOTA, D.C.","BOGOTÁ, D.C.",68406000,"LEBRIJA","SANTANDER",429,"2S2",22,63992,8,10.15,2348867,511936,106766.68,5475.21,6668.54,130036.5,{"v":2860803,"d":"$ 2,860,803"},"ESTIBAS","Granel Sólido","CARGADO","SI","Chia,Cajica,Zipaquira,Sutatausa,Villa De San Diego De Ubate,Susa,Chiquinquira,Sa"]
["2026-07-01",47745000,"SITIONUEVO","MAGDALENA",8758000,"SOLEDAD","ATLÁNTICO",33,"3",16,62802,4,2.52,342171,251208,21385.69,10368.82,17981.18,37086.19,{"v":593379,"d":"$ 593,379"},"FURGON","Granel Sólido","CARGADO","SI","Barranquilla"]
["2026-07-01",41001000,"NEIVA","HUILA",25126000,"CAJICA","CUNDINAMARCA",341,"CA",5,35954,4,6.36,955884,143816,191176.8,2803.18,3224.93,219940,{"v":1099700,"d":"$ 1,099,700"},"PLATAFORMA","Granel Sólido","CARGADO","SI","Aipe,Natagaima,Saldana,Guamo,Espinal,Fusagasuga,Silvania,Soacha,Bogota,Chia"]
["2026-07-01",15759000,"SOGAMOSO","BOYACÁ",5652010,"RIO CLARO","ANTIOQUIA",430,"3S2",31,145004,8,9.6,3504413,1160032,113045.58,8149.8,10847.55,150465.97,{"v":4664445,"d":"$ 4,664,445"},"FURGON REFRIGERADO","Carga Refrigerada","CARGADO","NO","Duitama,Paipa,Tunja,Arcabuco,Moniquira,Barbosa,Velez,Landazuri,Cimitarra"]
["2026-07-01",13001000,"CARTAGENA DE INDIAS","BOLÍVAR",25295000,"GACHANCIPA","CUNDINAMARCA",1041,"CA",5,37057,4,19.54,2552501,148228,510500.2,2451.97,2594.36,540145.8,{"v":2700729,"d":"$ 2,700,729"},"FURGON","General","CARGADO","SI","Turbaco,San Juan Nepomuceno,San Jacinto,El Carmen De Bolivar,Plato,El Dificil,Bo"]
["2026-07-01",8001000,"BARRANQUILLA","ATLÁNTICO",15491000,"NOBSA","BOYACÁ",927,"2L2 Liviano entre 8 y 9 Tonel.",5,41243,4,16.1,2477882,164972,495576.4,2673.01,2850.98,528570.8,{"v":2642854,"d":"$ 2,642,854"},"ESTIBAS","Granel Sólido","CARGADO","NO","Puebloviejo,Cienaga,El Copey,Bosconia,Curumani,Pailitas,Pelaya,Aguachica,San Alb"]
["2026-07-01",76520000,"PALMIRA","VALLE DEL CAUCA",5756033,"JERUSALEN","ANTIOQUIA",503,"3S2",31,86847,8,10.63,3626432,694776,116981.68,7209.61,8590.87,139393.81,{"v":4321208,"d":"$ 4,321,208"},"PLATAFORMA","Granel Sólido","CARGADO","SI","El Cerrito,Guacari,Guadalajara De Buga,San Pedro,Tulua,Andalucia,Bugalagrande,La"]
["2026-07-01",76041000,"ANSERMANUEVO","VALLE DEL CAUCA",76109000,"BUENAVENTURA","VALLE DEL CAUCA",239,"3S2",31,85716,4,5.55,1661034,342864,53581.74,6949.93,8384.51,64641.87,{"v":2003898,"d":"$ 2,003,898"},"PLATAFORMA","General","CARGADO","SI","Cartago,Obando,Zarzal,Bugalagrande,Andalucia,Tulua,Guadalajara De Buga"]
["2026-07-01",5756033,"JERUSALEN","ANTIOQUIA",15491000,"NOBSA","BOYACÁ",465,"V4",36.9,66252,8,10.95,3792440,530016,102776.15,8155.78,9295.6,117139.73,{"v":4322456,"d":"$ 4,322,456"},"VOLCO","Granel Sólido","CARGADO","SI","Guaduas,Villeta,Sasaima,Alban,Facatativa,Madrid,Mosquera,Funza,Cota,Chia,Tocanci"]
["2026-07-01",76111000,"BUGA","VALLE DEL CAUCA",5318000,"GUARNE","ANTIOQUIA",406,"3",16,59540,8,9.99,2595829,476320,162239.31,6393.67,7566.87,192009.31,{"v":3072149,"d":"$ 3,072,149"},"ESTACAS","Granel Sólido","CARGADO","SI","San Pedro,Tulua,Andalucia,Bugalagrande,Zarzal,Obando,Cartago,La Virginia,La Pint"]
["2026-07-01",5756033,"JERUSALEN","ANTIOQUIA",63001000,"ARMENIA","QUINDIO",349,"3S2",31,98908,8,8.17,2754005,791264,88838.87,7891.13,10158.36,114363.52,{"v":3545269,"d":"$ 3,545,269"},"TANQUE","Granel líquido","CARGADO","SI","Honda,Mariquita,Guayabal,Lerida,Venadillo,Alvarado,Ibague,Cajamarca,Calarca"]
["2026-07-01",19573000,"PUERTO TEJADA","CAUCA",5360000,"ITAGÜI","ANTIOQUIA",460,"2S2",22,119585,8,9.1,3257232,956680,148056,7080.94,9160.68,191541.45,{"v":4213912,"d":"$ 4,213,912"},"FURGON REFRIGERADO","Carga Refrigerada","CARGADO","SI","Candelaria,El Cerrito,Guacari,Guadalajara De Buga,San Pedro,Tulua,Andalucia,Buga"]
["2026-07-01",15837000,"TUTA","BOYACÁ",68081000,"BARRANCABERMEJA","SANTANDER",317,"CA",5,34822,4,6.15,752402,139288,150480.4,2373.51,2812.9,178338,{"v":891690,"d":"$ 891,690"},"PLATAFORMA","General","CARGADO","NO","Tunja,Arcabuco,Moniquira,Barbosa,Velez,Landazuri,Cimitarra"]
["2026-07-01",25781000,"SUTATAUSA","CUNDINAMARCA",8433000,"MALAMBO","ATLÁNTICO",920,"2",9,55663,8,19.5,3359193,445304,373243.67,3651.3,4135.32,422721.89,{"v":3804497,"d":"$ 3,804,497"},"ESTACAS","Granel Sólido","CARGADO","SI","Villa De San Diego De Ubate,Susa,Chiquinquira,Saboya,Puente Nacional,Barbosa,Gue"]
["2026-07-01",76892000,"YUMBO","VALLE DEL CAUCA",85010000,"AGUAZUL","CASANARE",768,"2L2 Liviano entre 8 y 9 Tonel.",5,40112,4,15.11,2522394,160448,504478.8,3284.37,3493.28,536568.4,{"v":2682842,"d":"$ 2,682,842"},"ESTACAS","General","CARGADO","SI","El Cerrito,Guacari,Guadalajara De Buga,San Pedro,Tulua,Andalucia,Bugalagrande,La"]
["2026-07-01",25224000,"CUCUNUBA","CUNDINAMARCA",8433000,"MALAMBO","ATLÁNTICO",921,"2L3 Liviano entre 7.5 y 8 Tonel.",6,39217,4,17.32,2466105,156868,411017.5,2677.64,2847.96,437162.17,{"v":2622973,"d":"$ 2,622,973"},"ESTIBAS","General","CARGADO","SI","Villa De San Diego De Ubate,Susa,Chiquinquira,Saboya,Puente Nacional,Barbosa,Gue"]
["2026-07-01",76109000,"BUENAVENTURA","VALLE DEL CAUCA",76275000,"FLORIDA","VALLE DEL CAUCA",186,"2S2",22,76917,4,4.29,1036182,307668,47099.18,5570.87,7225,61084.09,{"v":1343850,"d":"$ 1,343,850"},"FURGON","General","CARGADO","SI","Guadalajara De Buga,Guacari,El Cerrito,Palmira,Pradera"]
["2026-07-01",5756033,"JERUSALEN","ANTIOQUIA",76520000,"PALMIRA","VALLE DEL CAUCA",507,"2",9,55663,8,11.1,1992270,445304,221363.33,3929.53,4807.84,270841.56,{"v":2437574,"d":"$ 2,437,574"},"ESTIBAS","Granel Sólido","CARGADO","SI","Honda,Mariquita,Guayabal,Lerida,Venadillo,Alvarado,Ibague,Cajamarca,Calarca,Arme"]
["2026-07-01",50318000,"GUAMAL","META",68081000,"BARRANCABERMEJA","SANTANDER",570,"CA",5,35954,4,11.28,1740981,143816,348196.2,3054.35,3306.66,376959.4,{"v":1884797,"d":"$ 1,884,797"},"PLATAFORMA","Granel Sólido","CARGADO","SI","Acacias,Villavicencio,Guayabetal,Chipaque,Bogota,Funza,Mosquera,Madrid,Facatativ"]
["2026-07-01",76895002,"LA PAILA","VALLE DEL CAUCA",13001000,"CARTAGENA DE INDIAS","BOLÍVAR",973,"3",16,59540,8,22.39,5510867,476320,344429.19,5663.79,6153.33,374199.19,{"v":5987187,"d":"$ 5,987,187"},"ESTIBAS","Granel Sólido","CARGADO","SI","Zarzal,Obando,Cartago,La Virginia,La Pintada,Amaga,Caldas,La Estrella,Sabaneta,E"]
["2026-07-01",17001000,"MANIZALES","CALDAS",19573000,"PUERTO TEJADA","CAUCA",281,"V4",36.9,66252,4,6.17,2246633,265008,60884.36,7995.14,8938.22,68066.15,{"v":2511641,"d":"$ 2,511,641"},"VOLCO","Granel Sólido","CARGADO","SI","Chinchina,Santa Rosa De Cabal,Dosquebradas,Pereira,Cartago,Obando,Zarzal,Bugalag"]
["2026-07-01",23807000,"TIERRALTA","CÓRDOBA",8433000,"MALAMBO","ATLÁNTICO",406,"3",16,58409,4,7.99,1915210,233636,119700.62,4717.27,5292.72,134302.88,{"v":2148846,"d":"$ 2,148,846"},"PORTACONTENEDORES","Contenedor cargado","CARGADO","SI","Cienaga De Oro,Sahagun,Chinu,Sampues,Corozal,Los Palmitos,Ovejas,El Carmen De Bo"]
["2026-07-01",5756033,"JERUSALEN","ANTIOQUIA",76520000,"PALMIRA","VALLE DEL CAUCA",507,"2L3 Liviano entre 7.5 y 8 Tonel.",6,42327,4,9.84,1524047,169308,254007.83,3006.01,3339.95,282225.83,{"v":1693355,"d":"$ 1,693,355"},"FURGON","General","CARGADO","SI","Honda,Mariquita,Guayabal,Lerida,Venadillo,Alvarado,Ibague,Cajamarca,Calarca,Arme"]
["2026-07-01",23466000,"MONTELIBANO","CÓRDOBA",8433000,"MALAMBO","ATLÁNTICO",395,"2L2 Liviano entre 8 y 9 Tonel.",5,40112,4,6.79,1081193,160448,216238.6,2737.2,3143.39,248328.2,{"v":1241641,"d":"$ 1,241,641"},"PLATAFORMA","General","CARGADO","SI","Buenavista,Planeta Rica,Pueblo Nuevo,Sahagun,Chinu,Sampues,Corozal,Los Palmitos,"]
["2026-07-01",44090000,"DIBULLA","LA GUAJIRA",25224000,"CUCUNUBA","CUNDINAMARCA",967,"2S3",27,64983,8,17.42,4736137,519864,175412.48,4897.76,5435.37,194666.7,{"v":5256001,"d":"$ 5,256,001"},"ESTACAS","Granel Sólido","CARGADO","NO","Santa Marta,Cienaga,El Copey,Bosconia,Curumani,Pailitas,Pelaya,Aguachica,San Alb"]
["2026-07-01",76109000,"BUENAVENTURA","VALLE DEL CAUCA",76275000,"FLORIDA","VALLE DEL CAUCA",186,"3S2",31,145004,4,4.65,1677679,580016,54118.68,9019.78,12138.15,72828.87,{"v":2257695,"d":"$ 2,257,695"},"FURGON REFRIGERADO","Carga Refrigerada","CARGADO","SI","Guadalajara De Buga,Guacari,El Cerrito,Palmira,Pradera"]
["2026-07-01",25430000,"MADRID","CUNDINAMARCA",41551000,"PITALITO","HUILA",496,"3",16,58409,8,10.89,2332398,467272,145774.88,4702.42,5644.5,174979.38,{"v":2799670,"d":"$ 2,799,670"},"PORTACONTENEDORES","Contenedor vacío","CARGADO","SI","Mosquera,Silvania,Fusagasuga,Guamo,Saldana,Natagaima,Aipe,Campoalegre,Hobo,Gigan"]
["2026-07-01",5756033,"JERUSALEN","ANTIOQUIA",25843000,"UBATE","CUNDINAMARCA",336,"3S3",34,86730,8,8.16,2858043,693840,84060.09,8506.08,10571.08,104467.15,{"v":3551883,"d":"$ 3,551,883"},"PLATAFORMA","General","CARGADO","SI","Guaduas,Villeta,Sasaima,Alban,Facatativa,Madrid,Mosquera,Funza,Cota,Chia,Cajica,"]
["2026-07-01",5129000,"CALDAS","ANTIOQUIA",8433000,"MALAMBO","ATLÁNTICO",705,"3S2",31,100350,8,15.07,5074798,802800,163703.16,7198.3,8337.02,189599.94,{"v":5877598,"d":"$ 5,877,598"},"FURGON","General","CARGADO","SI","La Estrella,Sabaneta,Envigado,Medellin,Bello,Copacabana,Don Matias,Santa Rosa De"]
["2026-07-01",8001000,"BARRANQUILLA","ATLÁNTICO",5756033,"JERUSALEN","ANTIOQUIA",819,"3",16,64943,8,15.32,4084500,519544,255281.25,4987.18,5621.54,287752.75,{"v":4604044,"d":"$ 4,604,044"},"TANQUE","Granel líquido","CARGADO","SI","Soledad,Puebloviejo,Cienaga,El Copey,Bosconia,Curumani,Pailitas,Pelaya,Aguachica"]
["2026-07-01",17001000,"MANIZALES","CALDAS",5631000,"SABANETA","ANTIOQUIA",218,"2S3",27,64983,4,5.37,1522565,259932,56391.3,6984.24,8176.59,66018.41,{"v":1782497,"d":"$ 1,782,497"},"PLATAFORMA","Granel Sólido","CARGADO","SI","La Pintada,Amaga,Caldas,La Estrella"]
["2026-07-01",44090000,"DIBULLA","LA GUAJIRA",25224000,"CUCUNUBA","CUNDINAMARCA",967,"3",16,58409,8,19.52,4583110,467272,286444.38,4739.51,5222.73,315648.88,{"v":5050382,"d":"$ 5,050,382"},"ESTIBAS","General","CARGADO","NO","Santa Marta,Cienaga,El Copey,Bosconia,Curumani,Pailitas,Pelaya,Aguachica,San Alb"]
["2026-07-01",5756000,"SONSON","ANTIOQUIA",76001000,"CALI","VALLE DEL CAUCA",576,"3S3",34,86730,8,13.05,4879485,693840,143514.26,8471.33,9675.91,163921.32,{"v":5573325,"d":"$ 5,573,325"},"ESTIBAS","General","CARGADO","SI","La Union,Rionegro,Guarne,Bello,Medellin,Itagui,La Estrella,Sabaneta,Caldas,La Pi"]
["2026-07-01",11001000,"BOGOTA, D.C.","BOGOTÁ, D.C.",76520024,"PALMASECA","VALLE DEL CAUCA",436,"2",9,60412,8,10.84,1873765,483296,208196.11,4297.63,5406.1,261895.67,{"v":2357061,"d":"$ 2,357,061"},"FURGON","General","CARGADO","SI","Soacha,Silvania,Fusagasuga,Ibague,Cajamarca,Calarca,La Tebaida,Bugalagrande,Anda"]
["2026-07-01",25317000,"GUACHETA","CUNDINAMARCA",5756033,"JERUSALEN","ANTIOQUIA",362,"3",16,58409,8,9.5,2097333,467272,131083.31,5793.74,7084.54,160287.81,{"v":2564605,"d":"$ 2,564,605"},"ESTACAS","General","CARGADO","SI","Villa De San Diego De Ubate,Sutatausa,Zipaquira,Cajica,Chia,Cota,El Rosal,La Veg"]
["2026-07-01",68092000,"BETULIA","SANTANDER",8433000,"MALAMBO","ATLÁNTICO",698,"3S3",34,87862,8,14.48,4907686,702896,144343.71,7031.07,8038.08,165017.12,{"v":5610582,"d":"$ 5,610,582"},"PLATAFORMA","Granel Sólido","CARGADO","SI","San Alberto,San Martin,Aguachica,Pelaya,Pailitas,Curumani,Bosconia,El Copey,Cien"]
["2026-07-01",5756033,"JERUSALEN","ANTIOQUIA",63001000,"ARMENIA","QUINDIO",349,"2S2",22,76917,4,7.48,2044332,307668,92924.18,5857.68,6739.26,106909.09,{"v":2352000,"d":"$ 2,352,000"},"FURGON","General","CARGADO","SI","Honda,Mariquita,Guayabal,Lerida,Venadillo,Alvarado,Ibague,Cajamarca,Calarca"]
["2026-07-01",70670000,"SAMPUES","SUCRE",8433000,"MALAMBO","ATLÁNTICO",230,"2S3",27,64983,4,4.23,1194326,259932,44234.3,5192.72,6322.86,53861.41,{"v":1454258,"d":"$ 1,454,258"},"ESTIBAS","Granel Sólido","CARGADO","SI","Corozal,Los Palmitos,Ovejas,El Carmen De Bolivar,San Jacinto,San Juan Nepomuceno"]
["2026-07-01",15837000,"TUTA","BOYACÁ",68081000,"BARRANCABERMEJA","SANTANDER",317,"2S2",22,63992,4,6.86,1592515,255968,72387.05,5023.71,5831.18,84021.95,{"v":1848483,"d":"$ 1,848,483"},"PLATAFORMA","Granel Sólido","CARGADO","NO","Tunja,Arcabuco,Moniquira,Barbosa,Velez,Landazuri,Cimitarra"]
["2026-07-01",19573000,"PUERTO TEJADA","CAUCA",8433000,"MALAMBO","ATLÁNTICO",1144,"3S2",31,84854,8,24.32,8193077,678832,264292.81,7161.78,7755.17,286190.61,{"v":8871909,"d":"$ 8,871,909"},"PORTACONTENEDORES","Contenedor cargado","CARGADO","SI","Candelaria,El Cerrito,Guacari,Guadalajara De Buga,San Pedro,Tulua,Andalucia,Buga"]
["2026-07-01",54001000,"CUCUTA","NORTE DE SANTANDER",8296000,"GALAPA","ATLÁNTICO",686,"2S2",22,75644,8,13.41,3470706,605152,157759.36,5059.34,5941.48,185266.27,{"v":4075858,"d":"$ 4,075,858"},"TANQUE","Granel líquido","CARGADO","SI","El Zulia,Abrego,Ocaña,Rio De Oro,Aguachica,Pelaya,Pailitas,Curumani,Bosconia,El "]
["2026-07-01",76001000,"CALI","VALLE DEL CAUCA",25799001,"LA PUNTA","CUNDINAMARCA",468,"V3",28.7,66231,8,11.75,3393641,529848,118245.33,7251.37,8383.52,136706.93,{"v":3923489,"d":"$ 3,923,489"},"VOLCO","Granel Sólido","CARGADO","SI","El Cerrito,Guacari,Guadalajara De Buga,San Pedro,Tulua,Andalucia,Bugalagrande,La"]
["2026-07-01",13838000,"TURBANA","BOLÍVAR",13001000,"CARTAGENA DE INDIAS","BOLÍVAR",19,"2S2",22,75644,4,0.63,122108,302576,5550.36,6426.74,22351.79,19303.82,{"v":424684,"d":"$ 424,684"},"TANQUE","Granel líquido","CARGADO","SI"]
["2026-07-01",5318000,"GUARNE","ANTIOQUIA",25799000,"TENJO","CUNDINAMARCA",381,"3",16,59540,8,10.91,2270357,476320,141897.31,5958.94,7209.13,171667.31,{"v":2746677,"d":"$ 2,746,677"},"PLATAFORMA","Granel Sólido","CARGADO","SI","Marinilla,El Santuario,Guaduas,Villeta,La Vega"]
["2026-07-01",76130000,"CANDELARIA","VALLE DEL CAUCA",41001000,"NEIVA","HUILA",450,"CA",5,35954,4,8.43,1176985,143816,235397,2615.52,2935.11,264160.2,{"v":1320801,"d":"$ 1,320,801"},"ESTACAS","Granel Sólido","CARGADO","SI","El Cerrito,Guacari,Guadalajara De Buga,San Pedro,Tulua,Andalucia,Bugalagrande,La"]
["2026-07-01",85230000,"OROCUE","CASANARE",25430000,"MADRID","CUNDINAMARCA",572,"V2",17.5,57575,8,15.22,2950636,460600,168607.77,5158.45,5963.7,194927.77,{"v":3411236,"d":"$ 3,411,236"},"VOLCO","Granel Sólido","CARGADO","SI","Yopal,Aguazul,Monterrey,Villanueva,Barranca De Upia,Paratebueno,Cumaral,Restrepo"]
["2026-07-01",8433000,"MALAMBO","ATLÁNTICO",85410000,"TAURAMENA","CASANARE",1104,"2S2",22,63992,8,22.73,5589649,511936,254074.95,5063.09,5526.8,277344.77,{"v":6101585,"d":"$ 6,101,585"},"ESTACAS","Granel Sólido","CARGADO","SI","Soledad,Barranquilla,Puebloviejo,Cienaga,El Copey,Bosconia,Curumani,Pailitas,Pel"]
["2026-07-01",13001000,"CARTAGENA DE INDIAS","BOLÍVAR",13838000,"TURBANA","BOLÍVAR",25,"2",9,55663,4,0.86,109125,222652,12125,4365,13271.08,36864.11,{"v":331777,"d":"$ 331,777"},"ESTACAS","Granel Sólido","CARGADO","SI","Turbaco"]
["2026-07-01",68001000,"BUCARAMANGA","SANTANDER",54003000,"ABREGO","NORTE DE SANTANDER",244,"2",9,61066,4,6.52,1028059,244264,114228.78,4213.36,5214.44,141369.22,{"v":1272323,"d":"$ 1,272,323"},"TANQUE","Granel líquido","CARGADO","SI","Rionegro,El Playon,La Esperanza,San Alberto,San Martin,Rio De Oro,Ocaña"]
["2026-07-01",54518000,"PAMPLONA","NORTE DE SANTANDER",44090000,"DIBULLA","LA GUAJIRA",774,"2S2",22,62860,8,15.1,3731935,502880,169633.41,4821.62,5471.34,192491.59,{"v":4234815,"d":"$ 4,234,815"},"ESTIBAS","General","CARGADO","SI","Bucaramanga,Rionegro,El Playon,La Esperanza,San Alberto,San Martin,Aguachica,Pel"]
["2026-07-01",15757000,"SOCHA","BOYACÁ",25407000,"LENGUAZAQUE","CUNDINAMARCA",289,"CA",5,34822,4,5.98,733806,139288,146761.2,2539.12,3021.09,174618.8,{"v":873094,"d":"$ 873,094"},"ESTIBAS","General","CARGADO","SI","Paz De Rio,Belen,Cerinza,Santa Rosa De Viterbo,Duitama,Paipa,Tunja,Villapinzon,C"]
["2026-07-01",25214000,"COTA","CUNDINAMARCA",47745000,"SITIONUEVO","MAGDALENA",1009,"CA",5,35954,4,19.7,2558782,143816,511756.4,2535.96,2678.49,540519.6,{"v":2702598,"d":"$ 2,702,598"},"ESTIBAS","Granel Sólido","CARGADO","SI","El Rosal,La Vega,Villeta,Guaduas,San Alberto,San Martin,Aguachica,Pelaya,Pailita"]
["2026-07-01",76892000,"YUMBO","VALLE DEL CAUCA",17174000,"CHINCHINA","CALDAS",230,"2L3 Liviano entre 7.5 y 8 Tonel.",6,43458,4,4.36,702532,173832,117088.67,3054.49,3810.28,146060.67,{"v":876364,"d":"$ 876,364"},"FURGON","Granel Sólido","CARGADO","SI","El Cerrito,Guacari,Guadalajara De Buga,San Pedro,Tulua,Andalucia,Bugalagrande,Za"]
["2026-07-01",68573000,"PUERTO PARRA","SANTANDER",68081000,"BARRANCABERMEJA","SANTANDER",85,"CA",5,35954,4,1.73,190837,143816,38167.4,2245.14,3937.09,66930.6,{"v":334653,"d":"$ 334,653"},"ESTACAS","Granel Sólido","CARGADO","SI"]
["2026-07-01",8433000,"MALAMBO","ATLÁNTICO",85010000,"AGUAZUL","CASANARE",1071,"2S2",22,75644,8,22.14,5707716,605152,259441.64,5329.33,5894.37,286948.55,{"v":6312868,"d":"$ 6,312,868"},"TANQUE","Granel líquido","CARGADO","SI","Soledad,Barranquilla,Puebloviejo,Cienaga,El Copey,Bosconia,Curumani,Pailitas,Pel"]
["2026-07-01",50006000,"ACACIAS","META",50150000,"CASTILLA LA NUEVA","META",24,"2L1 Liviano entre 9 y 10.5 Tonel.",6,43175,4,0.66,79840,172700,13306.67,3326.67,10522.5,42090,{"v":252540,"d":"$ 252,540"},"ESTACAS","General","CARGADO","SI","Guamal"]
["2026-07-01",8433000,"MALAMBO","ATLÁNTICO",70708000,"SAN MARCOS","SUCRE",348,"3S3",34,85728,4,6.79,1880284,342912,55302.47,5403.11,6388.49,65388.12,{"v":2223196,"d":"$ 2,223,196"},"PORTACONTENEDORES","Contenedor vacío","CARGADO","SI","Sabanagrande,Santo Tomas,Palmar De Varela,Ponedera,Campo De La Cruz,Suan,Calamar"]
["2026-07-01",25214000,"COTA","CUNDINAMARCA",23001000,"MONTERIA","CÓRDOBA",804,"2L2 Liviano entre 8 y 9 Tonel.",5,41243,4,16.8,2560254,164972,512050.8,3184.4,3389.58,545045.2,{"v":2725226,"d":"$ 2,725,226"},"ESTACAS","Granel Sólido","CARGADO","SI","El Rosal,La Vega,Villeta,Guaduas,El Santuario,Marinilla,Guarne,Bello,Medellin,Co"]
["2026-07-01",25473000,"MOSQUERA","CUNDINAMARCA",25875000,"VILLETA","CUNDINAMARCA",68,"3S3",34,86730,4,2.1,646566,346920,19016.65,9508.32,14610.09,29220.18,{"v":993486,"d":"$ 993,486"},"ESTIBAS","General","CARGADO","SI","Madrid,Facatativa,Alban,Sasaima"]
["2026-07-01",8433000,"MALAMBO","ATLÁNTICO",85410000,"TAURAMENA","CASANARE",1104,"CA",5,61390,4,21.33,3301547,245560,660309.4,2990.53,3212.96,709421.4,{"v":3547107,"d":"$ 3,547,107"},"FURGON REFRIGERADO","Carga Refrigerada","CARGADO","SI","Soledad,Barranquilla,Puebloviejo,Cienaga,El Copey,Bosconia,Curumani,Pailitas,Pel"]
["2026-07-01",5756000,"SONSON","ANTIOQUIA",25772000,"SUESCA","CUNDINAMARCA",516,"3",16,58409,8,13.97,3034568,467272,189660.5,5880.95,6786.51,218865,{"v":3501840,"d":"$ 3,501,840"},"PORTACONTENEDORES","Contenedor cargado","CARGADO","SI","La Union,La Ceja,Rionegro,Marinilla,El Santuario,Guaduas,Villeta,La Vega,Cota,Ch"]
["2026-07-01",8433000,"MALAMBO","ATLÁNTICO",68575000,"PUERTO WILCHES","SANTANDER",601,"2S2",22,63992,8,9.96,2816845,511936,128038.41,4686.93,5538.74,151308.23,{"v":3328781,"d":"$ 3,328,781"},"PLATAFORMA","Granel Sólido","CARGADO","SI","Soledad,Barranquilla,Puebloviejo,Cienaga,El Copey,Bosconia,Curumani,Pailitas,Pel"]
["2026-07-01",19455000,"MIRANDA","CAUCA",13001000,"CARTAGENA DE INDIAS","BOLÍVAR",1114,"CA",5,34822,4,20.87,2957473,139288,591494.6,2654.82,2779.86,619352.2,{"v":3096761,"d":"$ 3,096,761"},"ESTIBAS","General","CARGADO","SI","Florida,Pradera,Palmira,El Cerrito,Guacari,Guadalajara De Buga,San Pedro,Tulua,A"]
["2026-07-01",54261000,"EL ZULIA","NORTE DE SANTANDER",15757000,"SOCHA","BOYACÁ",398,"2L1 Liviano entre 9 y 10.5 Tonel.",6,47202,4,10.39,1385193,188808,230865.5,3480.38,3954.78,262333.5,{"v":1574001,"d":"$ 1,574,001"},"FURGON","Granel Sólido","CARGADO","SI","Cucuta,Los Patios,Pamplona,Chitaga,Cerrito,Concepcion,Malaga,San Jose De Miranda"]
["2026-07-01",15491000,"NOBSA","BOYACÁ",5209000,"CONCORDIA","ANTIOQUIA",709,"3S3",34,86730,8,18.04,5848998,693840,172029.35,8249.64,9228.26,192436.41,{"v":6542838,"d":"$ 6,542,838"},"ESTACAS","General","CARGADO","SI","Duitama,Paipa,Tunja,Villapinzon,Choconta,Gachancipa,Tocancipa,Chia,Cota,El Rosal"]
["2026-07-01",25214000,"COTA","CUNDINAMARCA",47745000,"SITIONUEVO","MAGDALENA",1009,"2_5_8",3.4,37352,4,19.7,2684120,149408,789447.06,2660.18,2808.25,833390.59,{"v":2833528,"d":"$ 2,833,528"},"ESTACAS","Granel Sólido","CARGADO","SI","El Rosal,La Vega,Villeta,Guaduas,San Alberto,San Martin,Aguachica,Pelaya,Pailita"]
["2026-07-01",5756000,"SONSON","ANTIOQUIA",54261000,"EL ZULIA","NORTE DE SANTANDER",731,"3S2",31,86847,8,17.53,5290751,694776,170669.39,7237.69,8188.14,193081.52,{"v":5985527,"d":"$ 5,985,527"},"PLATAFORMA","Granel Sólido","CARGADO","SI","La Union,La Ceja,Rionegro,Guarne,Bello,Medellin,Copacabana,Cisneros,Lebrija,Giro"]
["2026-07-01",73671000,"SALDANA","TOLIMA",25430000,"MADRID","CUNDINAMARCA",182,"2_8_105",5.4,40495,4,3.85,648680,161980,120125.93,3564.18,4454.18,150122.22,{"v":810660,"d":"$ 810,660"},"ESTIBAS","General","CARGADO","SI","Guamo,Espinal,Fusagasuga,Silvania,Mosquera"]
["2026-07-01",8433000,"MALAMBO","ATLÁNTICO",73443000,"MARIQUITA","TOLIMA",882,"3S3",34,86730,8,16.25,6071274,693840,178566.88,6883.53,7670.2,198973.94,{"v":6765114,"d":"$ 6,765,114"},"PLATAFORMA","General","CARGADO","SI","Soledad,Barranquilla,Puebloviejo,Cienaga,El Copey,Bosconia,Curumani,Pailitas,Pel"]
["2026-07-01",76001000,"CALI","VALLE DEL CAUCA",52399000,"LA UNION","NARIÑO",307,"2L3 Liviano entre 7.5 y 8 Tonel.",6,42327,4,6.61,855427,169308,142571.17,2786.41,3337.9,170789.17,{"v":1024735,"d":"$ 1,024,735"},"FURGON","General","CARGADO","SI","Jamundi,Santander De Quilichao,Piendamo,Popayan,Timbio,Rosas,El Bordo,Mercaderes"]
["2026-07-01",13001000,"CARTAGENA DE INDIAS","BOLÍVAR",76895002,"LA PAILA","VALLE DEL CAUCA",976,"3S3",34,86730,8,21.36,7787090,693840,229032.06,7978.58,8689.48,249439.12,{"v":8480930,"d":"$ 8,480,930"},"ESTACAS","General","CARGADO","SI","Turbaco,San Juan Nepomuceno,San Jacinto,El Carmen De Bolivar,Ovejas,Los Palmitos"]
["2026-07-01",5266000,"ENVIGADO","ANTIOQUIA",76892000,"YUMBO","VALLE DEL CAUCA",425,"2L1 Liviano entre 9 y 10.5 Tonel.",6,43175,4,8.21,1409947,172700,234991.17,3317.52,3723.88,263774.5,{"v":1582647,"d":"$ 1,582,647"},"ESTACAS","General","CARGADO","SI","Itagui,La Estrella,Sabaneta,Caldas,Amaga,La Pintada,La Virginia,Cartago,Obando,Z"]
["2026-07-01",23580000,"PUERTO LIBERTADOR","CÓRDOBA",19455000,"MIRANDA","CAUCA",813,"2L2 Liviano entre 8 y 9 Tonel.",5,41243,4,17.55,2594004,164972,518800.8,3190.66,3393.57,551795.2,{"v":2758976,"d":"$ 2,758,976"},"ESTACAS","Granel Sólido","CARGADO","SI","Montelibano,La Apartada Y La Frontera,Caucasia,Taraza,Valdivia,Yarumal,Santa Ros"]
["2026-07-01",68276000,"FLORIDABLANCA","SANTANDER",15001000,"TUNJA","BOYACÁ",279,"3",16,66231,8,8.18,1696123,529848,106007.69,6079.29,7978.39,139123.19,{"v":2225971,"d":"$ 2,225,971"},"VOLCO","Granel Sólido","CARGADO","SI","Piedecuesta,Aratoca,San Gil,Pinchote,Socorro,Oiba,Santana,San Jose De Pare,Gueps"]
["2026-07-01",15176000,"CHIQUINQUIRA","BOYACÁ",25430000,"MADRID","CUNDINAMARCA",150,"2L3 Liviano entre 7.5 y 8 Tonel.",6,39217,4,2.96,415480,156868,69246.67,2769.87,3815.65,95391.33,{"v":572348,"d":"$ 572,348"},"PLATAFORMA","General","CARGADO","SI","Susa,Villa De San Diego De Ubate,Sutatausa,Zipaquira,Cajica,Chia,Cota,Funza,Mosq"]
["2026-07-01",8433000,"MALAMBO","ATLÁNTICO",25899000,"ZIPAQUIRA","CUNDINAMARCA",950,"2",9,55663,8,20.26,3486541,445304,387393.44,3670.04,4138.78,436871.67,{"v":3931845,"d":"$ 3,931,845"},"ESTACAS","Granel Sólido","CARGADO","SI","Soledad,Barranquilla,Puebloviejo,Cienaga,El Copey,Bosconia,Curumani,Pailitas,Pel"]
["2026-07-01",5809000,"TITIRIBI","ANTIOQUIA",76892000,"YUMBO","VALLE DEL CAUCA",396,"CA",5,35954,4,7.51,1118665,143816,223733,2824.91,3188.08,252496.2,{"v":1262481,"d":"$ 1,262,481"},"ESTIBAS","Granel Sólido","CARGADO","SI","La Pintada,La Virginia,Cartago,Obando,Zarzal,Bugalagrande,Andalucia,Tulua,Guadal"]
["2026-07-01",76001000,"CALI","VALLE DEL CAUCA",25799001,"LA PUNTA","CUNDINAMARCA",468,"3",16,58409,8,11.53,3003913,467272,187744.56,6418.62,7417.06,216949.06,{"v":3471185,"d":"$ 3,471,185"},"PLATAFORMA","General","CARGADO","SI","El Cerrito,Guacari,Guadalajara De Buga,San Pedro,Tulua,Andalucia,Bugalagrande,La"]
["2026-07-01",15491000,"NOBSA","BOYACÁ",5209000,"CONCORDIA","ANTIOQUIA",709,"2L1 Liviano entre 9 y 10.5 Tonel.",6,46071,4,15.14,2339778,184284,389963,3300.11,3560.03,420677,{"v":2524062,"d":"$ 2,524,062"},"FURGON","General","CARGADO","SI","Duitama,Paipa,Tunja,Villapinzon,Choconta,Gachancipa,Tocancipa,Chia,Cota,El Rosal"]
["2026-07-01",5631000,"SABANETA","ANTIOQUIA",5380000,"LA ESTRELLA","ANTIOQUIA",6,"3S3",34,86730,4,0.26,60566,346920,1781.35,10094.33,67914.33,11984.88,{"v":407486,"d":"$ 407,486"},"ESTACAS","General","CARGADO","SI","Itagui"]
["2026-07-01",8433000,"MALAMBO","ATLÁNTICO",13244000,"EL CARMEN DE BOLIVAR","BOLÍVAR",146,"2_5_8",3.4,36221,4,2.71,376515,144884,110739.71,2578.87,3571.23,153352.65,{"v":521399,"d":"$ 521,399"},"ESTACAS","General","CARGADO","SI","Sabanagrande,Santo Tomas,Palmar De Varela,Ponedera,Campo De La Cruz,Suan,Calamar"]
["2026-07-01",5380000,"LA ESTRELLA","ANTIOQUIA",5045000,"APARTADO","ANTIOQUIA",313,"2S3",27,62754,4,7.32,1832749,251016,67879.59,5855.43,6657.4,77176.48,{"v":2083765,"d":"$ 2,083,765"},"PORTACONTENEDORES","Contenedor cargado","CARGADO","SI","Sabaneta,Envigado,Medellin,San Jeronimo,Santafe De Antioquia,Cañasgordas,Uramita"]
["2026-07-01",25286000,"FUNZA","CUNDINAMARCA",50226000,"CUMARAL","META",168,"3S2",31,85716,4,4.54,1792920,342864,57836.13,10672.14,12713,68896.26,{"v":2135784,"d":"$ 2,135,784"},"ESTIBAS","General","CARGADO","NO","Mosquera,Soacha,Bogota,Chipaque,Guayabetal,Villavicencio,Restrepo"]
["2026-07-01",50680000,"SAN CARLOS DE GUAROA","META",13001000,"CARTAGENA DE INDIAS","BOLÍVAR",1271,"2L3 Liviano entre 7.5 y 8 Tonel.",6,43458,4,22.8,3703388,173832,617231.33,2913.76,3050.53,646203.33,{"v":3877220,"d":"$ 3,877,220"},"FURGON","Granel Sólido","CARGADO","NO","Villavicencio,Guayabetal,Chipaque,Bogota,El Rosal,La Vega,Villeta,Guaduas,San Al"]
["2026-07-01",5308000,"GIRARDOTA","ANTIOQUIA",25899000,"ZIPAQUIRA","CUNDINAMARCA",463,"2_8_105",5.4,41061,4,9.09,1362111,164244,252242.78,2941.92,3296.66,282658.33,{"v":1526355,"d":"$ 1,526,355"},"ESTACAS","Granel Sólido","CARGADO","NO","Cisneros,Cimitarra,Landazuri,Velez,Barbosa,Puente Nacional,Saboya,Chiquinquira,S"]
["2026-07-01",25224000,"CUCUNUBA","CUNDINAMARCA",47745003,"PALERMO","MAGDALENA",905,"2_5_8",3.4,36221,4,17.07,2336452,144884,687191.76,2581.71,2741.81,729804.71,{"v":2481336,"d":"$ 2,481,336"},"ESTACAS","General","CARGADO","SI","Villa De San Diego De Ubate,Susa,Chiquinquira,Saboya,Puente Nacional,Barbosa,Gue"]
["2026-07-01",25758000,"SOPO","CUNDINAMARCA",13001000,"CARTAGENA DE INDIAS","BOLÍVAR",1016,"3S2",31,100350,8,20.39,6651177,802800,214554.1,6546.43,7336.59,240450.87,{"v":7453977,"d":"$ 7,453,977"},"FURGON","General","CARGADO","NO","Zipaquira,Sutatausa,Villa De San Diego De Ubate,Susa,Chiquinquira,Saboya,Puente "]
["2026-07-01",15757000,"SOCHA","BOYACÁ",47745000,"SITIONUEVO","MAGDALENA",987,"2",9,54531,8,21.11,3555179,436248,395019.89,3602.01,4044,443491.89,{"v":3991427,"d":"$ 3,991,427"},"PLATAFORMA","General","CARGADO","NO","Paz De Rio,Belen,Cerinza,Santa Rosa De Viterbo,Duitama,Paipa,Tunja,Arcabuco,Moni"]
["2026-07-01",44090000,"DIBULLA","LA GUAJIRA",15646000,"SAMACA","BOYACÁ",964,"2",9,54531,8,18.47,3274105,436248,363789.44,3396.37,3848.91,412261.44,{"v":3710353,"d":"$ 3,710,353"},"PLATAFORMA","General","CARGADO","NO","Santa Marta,Cienaga,El Copey,Bosconia,Curumani,Pailitas,Pelaya,Aguachica,San Alb"]
["2026-07-01",15646000,"SAMACA","BOYACÁ",13001000,"CARTAGENA DE INDIAS","BOLÍVAR",967,"2",9,54531,8,18.63,3327336,436248,369704,3440.89,3892.02,418176,{"v":3763584,"d":"$ 3,763,584"},"PLATAFORMA","General","CARGADO","NO","Sachica,Sutamarchan,Tinjaca,Chiquinquira,Saboya,Puente Nacional,Barbosa,Velez,La"]
["2026-07-01",44090003,"MINGUEO","LA GUAJIRA",15759000,"SOGAMOSO","BOYACÁ",983,"2S3",27,63851,8,17.93,4852342,510808,179716.37,4936.26,5455.9,198635.19,{"v":5363150,"d":"$ 5,363,150"},"ESTACAS","General","CARGADO","NO","Santa Marta,Cienaga,El Copey,Bosconia,Curumani,Pailitas,Pelaya,Aguachica,San Alb"]
["2026-07-01",25286000,"FUNZA","CUNDINAMARCA",50573000,"PUERTO LOPEZ","META",225,"V2",17.5,57575,4,6.89,1455648,230300,83179.89,6469.55,7493.1,96339.89,{"v":1685948,"d":"$ 1,685,948"},"VOLCO","Granel Sólido","CARGADO","NO","Mosquera,Soacha,Bogota,Chipaque,Guayabetal,Villavicencio"]
["2026-07-01",44090003,"MINGUEO","LA GUAJIRA",15759000,"SOGAMOSO","BOYACÁ",983,"2S3",27,62754,8,17.93,3932504,502032,145648.3,4000.51,4511.23,164242.07,{"v":4434536,"d":"$ 4,434,536"},"PORTACONTENEDORES","Contenedor vacío","CARGADO","NO","Santa Marta,Cienaga,El Copey,Bosconia,Curumani,Pailitas,Pelaya,Aguachica,San Alb"]
["2026-07-01",25320000,"GUADUAS","CUNDINAMARCA",85139000,"MANI","CASANARE",531,"2_5_8",3.4,37352,4,10.58,1646352,149408,484221.18,3100.47,3381.85,528164.71,{"v":1795760,"d":"$ 1,795,760"},"ESTIBAS","Granel Sólido","CARGADO","NO","Villeta,La Vega,Bogota,Chipaque,Guayabetal,Villavicencio,Restrepo,Paratebueno,Ba"]
["2026-07-01",15646000,"SAMACA","BOYACÁ",47745003,"PALERMO","MAGDALENA",903,"2_8_105",5.4,39930,4,17.1,2590626,159720,479745.56,2868.91,3045.79,509323.33,{"v":2750346,"d":"$ 2,750,346"},"PLATAFORMA","General","CARGADO","SI","Sachica,Sutamarchan,Tinjaca,Chiquinquira,Saboya,Puente Nacional,Barbosa,Guepsa,S"]
["2026-07-01",25758000,"SOPO","CUNDINAMARCA",13001000,"CARTAGENA DE INDIAS","BOLÍVAR",1016,"2S2",22,62860,8,18.58,4790446,502880,217747.55,4715.01,5209.97,240605.73,{"v":5293326,"d":"$ 5,293,326"},"ESTACAS","General","CARGADO","NO","Zipaquira,Sutatausa,Villa De San Diego De Ubate,Susa,Chiquinquira,Saboya,Puente "]
["2026-07-01",25317000,"GUACHETA","CUNDINAMARCA",44090000,"DIBULLA","LA GUAJIRA",956,"2",9,61066,8,18.18,3339819,488528,371091,3493.53,4004.55,425371.89,{"v":3828347,"d":"$ 3,828,347"},"TANQUE","Granel líquido","CARGADO","NO","Susa,Chiquinquira,Saboya,Puente Nacional,Barbosa,Velez,Landazuri,Cimitarra,San A"]
["2026-07-01",25320000,"GUADUAS","CUNDINAMARCA",85139000,"MANI","CASANARE",531,"3",16,58409,8,13.04,3008297,467272,188018.56,5665.34,6545.33,217223.06,{"v":3475569,"d":"$ 3,475,569"},"PORTACONTENEDORES","Contenedor cargado","CARGADO","NO","Villeta,La Vega,Bogota,Chipaque,Guayabetal,Villavicencio,Restrepo,Paratebueno,Ba"]
["2026-07-01",15491000,"NOBSA","BOYACÁ",5652010,"RIO CLARO","ANTIOQUIA",424,"3S3",34,86730,8,9.49,3046056,693840,89589.88,7184.09,8820.51,109996.94,{"v":3739896,"d":"$ 3,739,896"},"ESTACAS","General","CARGADO","NO","Duitama,Paipa,Tunja,Arcabuco,Moniquira,Barbosa,Velez,Landazuri,Cimitarra"]
["2026-07-01",8001000,"BARRANQUILLA","ATLÁNTICO",25486000,"NEMOCON","CUNDINAMARCA",931,"2L2 Liviano entre 8 y 9 Tonel.",5,40112,4,16.3,2478454,160448,495690.8,2662.14,2834.48,527780.4,{"v":2638902,"d":"$ 2,638,902"},"PLATAFORMA","General","CARGADO","NO","Puebloviejo,Cienaga,El Copey,Bosconia,Curumani,Pailitas,Pelaya,Aguachica,San Alb"]
["2026-07-01",5001000,"MEDELLIN","ANTIOQUIA",15001000,"TUNJA","BOYACÁ",416,"2L1 Liviano entre 9 y 10.5 Tonel.",6,44306,4,8.21,1252356,177224,208726,3010.47,3436.49,238263.33,{"v":1429580,"d":"$ 1,429,580"},"ESTACAS","Granel Sólido","CARGADO","NO","Bello,Copacabana,Cisneros,Cimitarra,Landazuri,Velez,Barbosa,Moniquira,Arcabuco"]
["2026-07-01",13001000,"CARTAGENA DE INDIAS","BOLÍVAR",15646000,"SAMACA","BOYACÁ",971,"3",16,61671,8,19.87,4776604,493368,298537.75,4919.26,5427.37,329373.25,{"v":5269972,"d":"$ 5,269,972"},"FURGON","General","CARGADO","NO","Turbaco,San Juan Nepomuceno,San Jacinto,El Carmen De Bolivar,Plato,El Dificil,Bo"]
["2026-07-01",15646000,"SAMACA","BOYACÁ",44090000,"DIBULLA","LA GUAJIRA",961,"2L1 Liviano entre 9 y 10.5 Tonel.",6,44306,4,16.77,2618670,177224,436445,2724.94,2909.36,465982.33,{"v":2795894,"d":"$ 2,795,894"},"ESTIBAS","Granel Sólido","CARGADO","NO","Sachica,Sutamarchan,Tinjaca,Chiquinquira,Saboya,Puente Nacional,Barbosa,Velez,La"]
["2026-07-01",85001000,"YOPAL","CASANARE",8001000,"BARRANQUILLA","ATLÁNTICO",1382,"CA",5,35954,4,24.63,3572101,143816,714420.2,2584.73,2688.8,743183.4,{"v":3715917,"d":"$ 3,715,917"},"PLATAFORMA","Granel Sólido","CARGADO","NO","Aguazul,Monterrey,Villanueva,Barranca De Upia,Paratebueno,Cumaral,Restrepo,Villa"]
["2026-07-01",50001000,"VILLAVICENCIO","META",5308000,"GIRARDOTA","ANTIOQUIA",547,"2L1 Liviano entre 9 y 10.5 Tonel.",6,46071,4,12.01,2083557,184284,347259.5,3809.06,4145.96,377973.5,{"v":2267841,"d":"$ 2,267,841"},"FURGON","General","CARGADO","NO","Guayabetal,Chipaque,Bogota,El Rosal,La Vega,Villeta,Guaduas,El Santuario,Marinil"]
["2026-07-01",47001000,"SANTA MARTA","MAGDALENA",25817000,"TOCANCIPA","CUNDINAMARCA",925,"2L3 Liviano entre 7.5 y 8 Tonel.",6,40348,4,17.53,2442688,161392,407114.67,2640.74,2815.22,434013.33,{"v":2604080,"d":"$ 2,604,080"},"PLATAFORMA","Granel Sólido","CARGADO","SI","Cienaga,Bosconia,Curumani,Pailitas,Pelaya,Aguachica,San Alberto,La Esperanza,El "]
["2026-07-01",76318000,"GUACARI","VALLE DEL CAUCA",47001000,"SANTA MARTA","MAGDALENA",1160,"V3",28.7,66231,8,22.8,6709190,529848,233769.69,5783.78,6240.55,252231.29,{"v":7239038,"d":"$ 7,239,038"},"VOLCO","Granel Sólido","CARGADO","SI","Guadalajara De Buga,San Pedro,Tulua,Andalucia,Bugalagrande,La Tebaida,Calarca,Ca"]
["2026-07-01",25295000,"GACHANCIPA","CUNDINAMARCA",13001000,"CARTAGENA DE INDIAS","BOLÍVAR",1022,"3S3",34,101656,8,20.5,7237752,813248,212875.06,7081.95,7877.69,236794.12,{"v":8051000,"d":"$ 8,051,000"},"FURGON","General","CARGADO","NO","Tocancipa,Sopo,Zipaquira,Sutatausa,Villa De San Diego De Ubate,Susa,Chiquinquira"]
["2026-07-01",8433000,"MALAMBO","ATLÁNTICO",50001000,"VILLAVICENCIO","META",1123,"2L1 Liviano entre 9 y 10.5 Tonel.",6,76057,4,20.38,4182746,304228,697124.33,3724.62,3995.52,747829,{"v":4486974,"d":"$ 4,486,974"},"FURGON REFRIGERADO","Carga Refrigerada","CARGADO","NO","Soledad,Barranquilla,Puebloviejo,Cienaga,El Copey,Bosconia,Curumani,Pailitas,Pel"]
["2026-07-01",68081000,"BARRANCABERMEJA","SANTANDER",85010000,"AGUAZUL","CASANARE",601,"CA",5,34822,4,12.16,1467235,139288,293447,2441.32,2673.08,321304.6,{"v":1606523,"d":"$ 1,606,523"},"ESTACAS","General","CARGADO","NO","Cimitarra,Landazuri,Velez,Barbosa,Moniquira,Arcabuco,Tunja,Villapinzon,Choconta,"]
["2026-07-01",76248000,"EL CERRITO","VALLE DEL CAUCA",13001000,"CARTAGENA DE INDIAS","BOLÍVAR",1056,"2_8_105",5.4,41061,4,19.83,3277591,164244,606961.3,3103.78,3259.31,637376.85,{"v":3441835,"d":"$ 3,441,835"},"PLATAFORMA","Granel Sólido","CARGADO","SI","Guacari,Guadalajara De Buga,San Pedro,Tulua,Andalucia,Bugalagrande,Zarzal,Obando"]
["2026-07-01",85010000,"AGUAZUL","CASANARE",68081000,"BARRANCABERMEJA","SANTANDER",604,"3",16,59540,8,15.3,3169460,476320,198091.25,5247.45,6036.06,227861.25,{"v":3645780,"d":"$ 3,645,780"},"PLATAFORMA","Granel Sólido","CARGADO","NO","Monterrey,San Luis De Gaceno,Santa Maria,Guateque,Macheta,Choconta,Villapinzon,V"]
["2026-07-01",20013000,"AGUSTIN CODAZZI","CESAR",11001000,"BOGOTA, D.C.","BOGOTÁ, D.C.",801,"2L2 Liviano entre 8 y 9 Tonel.",5,43397,4,14.57,2235364,173588,447072.8,2790.72,3007.43,481790.4,{"v":2408952,"d":"$ 2,408,952"},"FURGON","Granel Sólido","CARGADO","SI","Becerril,La Jagua De Ibirico,Curumani,Pailitas,Pelaya,Aguachica,San Alberto,Guad"]
["2026-07-01",13001000,"CARTAGENA DE INDIAS","BOLÍVAR",25817014,"TOCANCIPA","CUNDINAMARCA",1018,"2S2",22,63992,8,18.62,4819722,511936,219078.27,4734.5,5237.39,242348.09,{"v":5331658,"d":"$ 5,331,658"},"ESTIBAS","Granel Sólido","CARGADO","NO","Turbaco,San Juan Nepomuceno,San Jacinto,El Carmen De Bolivar,Plato,El Dificil,Bo"]
["2026-07-01",47001000,"SANTA MARTA","MAGDALENA",25407000,"LENGUAZAQUE","CUNDINAMARCA",863,"2L2 Liviano entre 8 y 9 Tonel.",5,42266,4,15.27,2259873,169064,451974.6,2618.62,2814.53,485787.4,{"v":2428937,"d":"$ 2,428,937"},"FURGON","General","CARGADO","NO","Cienaga,El Copey,Bosconia,Curumani,Pailitas,Pelaya,Aguachica,San Alberto,Cimitar"]
["2026-07-01",25286000,"FUNZA","CUNDINAMARCA",50226000,"CUMARAL","META",168,"2_5_8",3.4,36221,4,3.92,781502,144884,229853.53,4651.8,5514.2,272466.47,{"v":926386,"d":"$ 926,386"},"PLATAFORMA","General","CARGADO","NO","Mosquera,Soacha,Bogota,Chipaque,Guayabetal,Villavicencio,Restrepo"]
["2026-07-01",25817000,"TOCANCIPA","CUNDINAMARCA",20011000,"AGUACHICA","CESAR",533,"2S3",27,78005,8,10.47,2846118,624040,105411.78,5339.81,6510.62,128524.37,{"v":3470158,"d":"$ 3,470,158"},"FURGON","General","CARGADO","NO","Sopo,Zipaquira,Sutatausa,Villa De San Diego De Ubate,Susa,Chiquinquira,Saboya,Pu"]
["2026-07-01",13001000,"CARTAGENA DE INDIAS","BOLÍVAR",25286000,"FUNZA","CUNDINAMARCA",1055,"3S3",34,86730,8,20.99,7381803,693840,217111.85,6996.97,7654.64,237518.91,{"v":8075643,"d":"$ 8,075,643"},"ESTACAS","General","CARGADO","SI","Turbaco,San Juan Nepomuceno,San Jacinto,El Carmen De Bolivar,Plato,El Dificil,Bo"]
["2026-07-01",15837000,"TUTA","BOYACÁ",13001000,"CARTAGENA DE INDIAS","BOLÍVAR",955,"3",16,62802,8,19.54,4727929,502416,295495.56,4950.71,5476.8,326896.56,{"v":5230345,"d":"$ 5,230,345"},"FURGON","Granel Sólido","CARGADO","NO","Tunja,Arcabuco,Moniquira,Barbosa,Velez,Landazuri,Cimitarra,San Alberto,San Marti"]
["2026-07-01",50689000,"SAN MARTIN","META",8433000,"MALAMBO","ATLÁNTICO",1179,"2L2 Liviano entre 8 y 9 Tonel.",5,40112,4,21.24,3495365,160448,699073,2964.69,3100.77,731162.6,{"v":3655813,"d":"$ 3,655,813"},"PLATAFORMA","General","CARGADO","NO","Guamal,Acacias,Villavicencio,Guayabetal,Chipaque,Bogota,El Rosal,La Vega,Villeta"]
["2026-07-01",68547000,"PIEDECUESTA","SANTANDER",68001000,"BUCARAMANGA","SANTANDER",21,"2_5_8",3.4,38689,4,0.69,70190,154756,20644.12,3342.38,10711.71,66160.59,{"v":224946,"d":"$ 224,946"},"FURGON","General","CARGADO","SI","Floridablanca"]
["2026-07-01",52001000,"PASTO","NARIÑO",76520000,"PALMIRA","VALLE DEL CAUCA",402,"3S2",31,85716,8,10.26,2783509,685728,89790.61,6924.15,8629.94,111910.87,{"v":3469237,"d":"$ 3,469,237"},"ESTIBAS","General","CARGADO","SI","Chachagui,El Bordo,Rosas,Timbio,Popayan,Piendamo,Santander De Quilichao,Villa Ri"]
["2026-07-01",25473000,"MOSQUERA","CUNDINAMARCA",25430000,"MADRID","CUNDINAMARCA",5,"CA",5,38189,4,0.24,20983,152756,4196.6,4196.6,34747.8,34747.8,{"v":173739,"d":"$ 173,739"},"FURGON","Granel Sólido","CARGADO","SI"]
["2026-07-01",25269000,"FACATATIVA","CUNDINAMARCA",47745000,"SITIONUEVO","MAGDALENA",972,"2_5_8",3.4,36221,4,19.02,2580354,144884,758927.65,2654.69,2803.74,801540.59,{"v":2725238,"d":"$ 2,725,238"},"ESTACAS","General","CARGADO","SI","Alban,Sasaima,Villeta,Guaduas,San Alberto,San Martin,Aguachica,Pelaya,Pailitas,C"]
["2026-07-01",5172000,"CHIGORODO","ANTIOQUIA",8001000,"BARRANQUILLA","ATLÁNTICO",600,"2",9,57575,8,11.01,2034927,460600,226103,3391.54,4159.21,277280.78,{"v":2495527,"d":"$ 2,495,527"},"VOLCO","Granel Sólido","CARGADO","SI","Necocli,San Juan De Uraba,San Pelayo,Cerete,Cienaga De Oro,Sahagun,Chinu,Sampues"]
["2026-07-01",50124000,"CABUYARO","META",85001000,"YOPAL","CASANARE",196,"2_5_8",3.4,37352,4,3.55,490015,149408,144122.06,2500.08,3262.36,188065.59,{"v":639423,"d":"$ 639,423"},"PLATAFORMA","Granel Sólido","CARGADO","SI","Barranca De Upia,Villanueva,Monterrey,Aguazul"]
["2026-07-01",85440000,"VILLANUEVA","CASANARE",50001000,"VILLAVICENCIO","META",117,"2S2",22,62860,4,2.21,574486,251440,26113,4910.14,7059.2,37542.09,{"v":825926,"d":"$ 825,926"},"PLATAFORMA","General","CARGADO","SI","Barranca De Upia,Paratebueno,Cumaral,Restrepo"]
["2026-07-01",11001000,"BOGOTA, D.C.","BOGOTÁ, D.C.",17174000,"CHINCHINA","CALDAS",323,"3S3",34,89674,8,9.9,2965667,717392,87225.5,9181.63,11402.66,108325.26,{"v":3683059,"d":"$ 3,683,059"},"VOLCO","Granel Sólido","CARGADO","SI","El Rosal,La Vega,Villeta,Guaduas,Honda,Mariquita,Fresno,Manizales,Villamaria"]
["2026-07-01",50680000,"SAN CARLOS DE GUAROA","META",25269000,"FACATATIVA","CUNDINAMARCA",232,"2_8_105",5.4,41061,4,4.75,976314,164244,180798.89,4208.25,4916.2,211214.44,{"v":1140558,"d":"$ 1,140,558"},"ESTACAS","Granel Sólido","CARGADO","SI","Villavicencio,Guayabetal,Chipaque,Bogota,Funza,Mosquera,Madrid"]
["2026-07-01",76306000,"GINEBRA","VALLE DEL CAUCA",76111000,"BUGA","VALLE DEL CAUCA",32,"2",9,54531,4,0.91,124695,218124,13855,3896.72,10713.09,38091,{"v":342819,"d":"$ 342,819"},"ESTIBAS","General","CARGADO","SI","Guacari"]
["2026-07-01",5440000,"MARINILLA","ANTIOQUIA",76109000,"BUENAVENTURA","VALLE DEL CAUCA",534,"2_5_8",3.4,39821,4,10.94,1622389,159284,477173.24,3038.18,3336.47,524021.47,{"v":1781673,"d":"$ 1,781,673"},"FURGON","Granel Sólido","CARGADO","SI","Guarne,Bello,Medellin,Itagui,La Estrella,Sabaneta,Caldas,Amaga,La Pintada,La Vir"]
["2026-07-01",25269000,"FACATATIVA","CUNDINAMARCA",47745000,"SITIONUEVO","MAGDALENA",972,"3S2",31,89209,8,20.39,6613135,713672,213326.94,6803.64,7537.87,236348.61,{"v":7326807,"d":"$ 7,326,807"},"VOLCO","Granel Sólido","CARGADO","SI","Alban,Sasaima,Villeta,Guaduas,San Alberto,San Martin,Aguachica,Pelaya,Pailitas,C"]
["2026-07-01",25286000,"FUNZA","CUNDINAMARCA",76111000,"BUGA","VALLE DEL CAUCA",389,"3S3",34,87862,8,9.66,3653803,702896,107464.79,9392.81,11199.74,128138.21,{"v":4356699,"d":"$ 4,356,699"},"PLATAFORMA","Granel Sólido","CARGADO","SI","Mosquera,Silvania,Fusagasuga,Ibague,Cajamarca,Calarca,La Tebaida,Bugalagrande,An"]
["2026-07-01",25214000,"COTA","CUNDINAMARCA",73001000,"IBAGUE","TOLIMA",210,"3S3",34,86730,4,5.07,2110509,346920,62073.79,10050.04,11702.04,72277.32,{"v":2457429,"d":"$ 2,457,429"},"PLATAFORMA","General","CARGADO","SI","Funza,Mosquera,Silvania,Fusagasuga"]
["2026-07-01",50313000,"GRANADA","META",11001000,"BOGOTA, D.C.","BOGOTÁ, D.C.",191,"2_8_105",5.4,39930,4,4.29,898839,159720,166451.67,4705.96,5542.19,196029.44,{"v":1058559,"d":"$ 1,058,559"},"ESTACAS","General","CARGADO","SI","San Martin,Guamal,Acacias,Villavicencio,Guayabetal,Chipaque"]
["2026-07-01",76892000,"YUMBO","VALLE DEL CAUCA",15491000,"NOBSA","BOYACÁ",652,"3",16,92437,8,15.51,4311393,739496,269462.06,6612.57,7746.76,315680.56,{"v":5050889,"d":"$ 5,050,889"},"FURGON REFRIGERADO","Carga Refrigerada","CARGADO","SI","El Cerrito,Guacari,Guadalajara De Buga,San Pedro,Tulua,Andalucia,Bugalagrande,La"]
["2026-07-01",15759000,"SOGAMOSO","BOYACÁ",25754000,"SOACHA","CUNDINAMARCA",238,"CA",5,35954,4,4.59,569994,143816,113998.8,2394.93,2999.2,142762,{"v":713810,"d":"$ 713,810"},"ESTACAS","Granel Sólido","CARGADO","SI","Duitama,Paipa,Tunja,Villapinzon,Choconta,Gachancipa,Tocancipa,Bogota"]
["2026-07-01",5360000,"ITAGÜI","ANTIOQUIA",47001000,"SANTA MARTA","MAGDALENA",802,"3S2",31,85716,8,16.74,5515436,685728,177917.29,6877.1,7732.12,200037.55,{"v":6201164,"d":"$ 6,201,164"},"ESTACAS","General","CARGADO","SI","Envigado,Medellin,Bello,Copacabana,Don Matias,Santa Rosa De Osos,Yarumal,Valdivi"]
["2026-07-01",5756000,"SONSON","ANTIOQUIA",5030000,"AMAGA","ANTIOQUIA",173,"2L2 Liviano entre 8 y 9 Tonel.",5,41243,4,3.96,556067,164972,111213.4,3214.26,4167.86,144207.8,{"v":721039,"d":"$ 721,039"},"ESTIBAS","Granel Sólido","CARGADO","SI","La Union,Rionegro,Guarne,Bello,Medellin,Itagui,La Estrella,Sabaneta,Caldas"]
["2026-07-01",76111000,"BUGA","VALLE DEL CAUCA",5360000,"ITAGÜI","ANTIOQUIA",375,"2S3",27,64983,4,7.73,2490441,259932,92238.56,6641.18,7334.33,101865.67,{"v":2750373,"d":"$ 2,750,373"},"ESTACAS","Granel Sólido","CARGADO","SI","San Pedro,Tulua,Andalucia,Bugalagrande,Zarzal,Obando,Cartago,La Virginia,La Pint"]
["2026-07-01",50568000,"RUBIALES","META",41001000,"NEIVA","HUILA",592,"3",16,58409,8,13.31,2875577,467272,179723.56,4857.39,5646.7,208928.06,{"v":3342849,"d":"$ 3,342,849"},"PORTACONTENEDORES","Contenedor vacío","CARGADO","SI","Puerto Lopez,Villavicencio,Guayabetal,Chipaque,Bogota,Soacha,Silvania,Fusagasuga"]
["2026-07-01",66170000,"DOSQUEBRADAS","RISARALDA",76113000,"BUGALAGRANDE","VALLE DEL CAUCA",105,"3S3",34,87862,4,2.37,857405,351448,25217.79,8165.76,11512.89,35554.5,{"v":1208853,"d":"$ 1,208,853"},"ESTACAS","Granel Sólido","CARGADO","SI","Pereira,Cartago,Obando,Zarzal"]
["2026-07-01",68547000,"PIEDECUESTA","SANTANDER",15759000,"SOGAMOSO","BOYACÁ",340,"2",9,61544,8,8.79,1400372,492352,155596.89,4118.74,5566.84,210302.67,{"v":1892724,"d":"$ 1,892,724"},"FURGON","Granel Sólido","CARGADO","SI","Aratoca,San Gil,Pinchote,Socorro,Oiba,Santana,San Jose De Pare,Guepsa,Barbosa,Mo"]
["2026-07-01",11001000,"BOGOTA, D.C.","BOGOTÁ, D.C.",17174000,"CHINCHINA","CALDAS",323,"2L2 Liviano entre 8 y 9 Tonel.",5,72221,4,8.39,1418428,288884,283685.6,4391.42,5285.8,341462.4,{"v":1707312,"d":"$ 1,707,312"},"FURGON REFRIGERADO","Carga Refrigerada","CARGADO","SI","El Rosal,La Vega,Villeta,Guaduas,Honda,Mariquita,Fresno,Manizales,Villamaria"]
["2026-07-01",41016000,"AIPE","HUILA",73168000,"CHAPARRAL","TOLIMA",181,"2L1 Liviano entre 9 y 10.5 Tonel.",6,43175,4,3.23,500457,172700,83409.5,2764.96,3719.1,112192.83,{"v":673157,"d":"$ 673,157"},"PLATAFORMA","General","CARGADO","SI","Natagaima,Saldana,Guamo,Ortega"]
["2026-07-01",66682000,"SANTA ROSA DE CABAL","RISARALDA",66170000,"DOSQUEBRADAS","RISARALDA",11,"3S2",31,145004,4,0.48,218831,580016,7059.06,19893.73,72622.45,25769.26,{"v":798847,"d":"$ 798,847"},"FURGON REFRIGERADO","Carga Refrigerada","CARGADO","SI"]
["2026-07-01",5756000,"SONSON","ANTIOQUIA",5030000,"AMAGA","ANTIOQUIA",173,"CA",5,34822,4,3.96,482423,139288,96484.6,2788.57,3593.71,124342.2,{"v":621711,"d":"$ 621,711"},"PLATAFORMA","General","CARGADO","SI","La Union,Rionegro,Guarne,Bello,Medellin,Itagui,La Estrella,Sabaneta,Caldas"]
["2026-07-01",73671000,"SALDANA","TOLIMA",73275000,"FLANDES","TOLIMA",47,"3S3",34,98323,4,1.13,433252,393292,12742.71,9218.13,17586.04,24310.12,{"v":826544,"d":"$ 826,544"},"TANQUE","Granel líquido","CARGADO","SI","Guamo,Espinal"]
["2026-07-01",66594000,"QUINCHIA","RISARALDA",66170000,"DOSQUEBRADAS","RISARALDA",105,"3S3",34,98323,4,2.79,928434,393292,27306.88,8842.23,12587.87,38874.29,{"v":1321726,"d":"$ 1,321,726"},"TANQUE","Granel líquido","CARGADO","SI","Anserma,La Virginia,Pereira"]
["2026-07-01",76109000,"BUENAVENTURA","VALLE DEL CAUCA",76248000,"EL CERRITO","VALLE DEL CAUCA",135,"2",9,61544,4,3.88,591528,246176,65725.33,4381.69,6205.21,93078.22,{"v":837704,"d":"$ 837,704"},"FURGON","Granel Sólido","CARGADO","SI","Guadalajara De Buga,Guacari"]
["2026-07-01",8758000,"SOLEDAD","ATLÁNTICO",44430000,"MAICAO","LA GUAJIRA",343,"2",9,60412,4,6.32,1296215,241648,144023.89,3779.05,4483.57,170873.67,{"v":1537863,"d":"$ 1,537,863"},"FURGON","General","CARGADO","SI","Barranquilla,Puebloviejo,Cienaga,Santa Marta,Riohacha"]
["2026-07-01",5001000,"MEDELLIN","ANTIOQUIA",8433000,"MALAMBO","ATLÁNTICO",686,"V4",36.9,66252,8,14.72,5117436,530016,138683.9,7459.82,8232.44,153047.48,{"v":5647452,"d":"$ 5,647,452"},"VOLCO","Granel Sólido","CARGADO","SI","Bello,Copacabana,Don Matias,Santa Rosa De Osos,Yarumal,Valdivia,Taraza,Caucasia,"]
["2026-07-01",76275000,"FLORIDA","VALLE DEL CAUCA",76892000,"YUMBO","VALLE DEL CAUCA",62,"2L2 Liviano entre 8 y 9 Tonel.",5,40112,4,1.27,180673,160448,36134.6,2914.08,5501.95,68224.2,{"v":341121,"d":"$ 341,121"},"PLATAFORMA","General","CARGADO","SI","Pradera,Palmira"]
["2026-07-01",76147000,"CARTAGO","VALLE DEL CAUCA",76890000,"YOTOCO","VALLE DEL CAUCA",132,"2_5_8",3.4,37352,4,2.43,339067,149408,99725.59,2568.69,3700.57,143669.12,{"v":488475,"d":"$ 488,475"},"ESTACAS","Granel Sólido","CARGADO","SI","Obando,Zarzal,Bugalagrande,Andalucia,Tulua,Guadalajara De Buga"]
["2026-07-01",76364000,"JAMUNDI","VALLE DEL CAUCA",76111000,"BUGA","VALLE DEL CAUCA",117,"2L2 Liviano entre 8 y 9 Tonel.",5,40112,4,2.16,304332,160448,60866.4,2601.13,3972.48,92956,{"v":464780,"d":"$ 464,780"},"ESTIBAS","General","CARGADO","SI","Villa Rica,Candelaria,El Cerrito,Guacari"]
["2026-07-01",73275000,"FLANDES","TOLIMA",15759000,"SOGAMOSO","BOYACÁ",359,"3S3",34,146310,8,8.36,3403415,1170480,100100.44,9480.26,12740.65,134526.32,{"v":4573895,"d":"$ 4,573,895"},"FURGON REFRIGERADO","Carga Refrigerada","CARGADO","SI","Fusagasuga,Silvania,Soacha,Bogota,Tocancipa,Gachancipa,Choconta,Villapinzon,Vent"]
["2026-07-01",66170000,"DOSQUEBRADAS","RISARALDA",5756000,"SONSON","ANTIOQUIA",373,"3S2",31,84854,8,9.49,2496519,678832,80532.87,6693.08,8513.01,102430.68,{"v":3175351,"d":"$ 3,175,351"},"PORTACONTENEDORES","Contenedor vacío","CARGADO","SI","Santa Rosa De Cabal,Chinchina,La Pintada,Caldas,La Estrella,Sabaneta,Envigado,Me"]
["2026-07-01",44430000,"MAICAO","LA GUAJIRA",8433000,"MALAMBO","ATLÁNTICO",350,"3S3",34,98323,4,6.74,2658527,393292,78191.97,7595.79,8719.48,89759.38,{"v":3051819,"d":"$ 3,051,819"},"TANQUE","Granel líquido","CARGADO","SI","Riohacha,Santa Marta,Cienaga,Puebloviejo,Barranquilla,Soledad"]
["2026-07-01",66001000,"PEREIRA","RISARALDA",5308000,"GIRARDOTA","ANTIOQUIA",272,"CA",5,38189,4,5.87,816911,152756,163382.2,3003.35,3564.95,193933.4,{"v":969667,"d":"$ 969,667"},"FURGON","Granel Sólido","CARGADO","SI","Dosquebradas,Santa Rosa De Cabal,Chinchina,La Pintada,Amaga,Caldas,La Estrella,S"]
["2026-07-01",76892000,"YUMBO","VALLE DEL CAUCA",5308000,"GIRARDOTA","ANTIOQUIA",459,"2L2 Liviano entre 8 y 9 Tonel.",5,40112,4,8.79,1432881,160448,286576.2,3121.75,3471.31,318665.8,{"v":1593329,"d":"$ 1,593,329"},"ESTACAS","General","CARGADO","SI","El Cerrito,Guacari,Guadalajara De Buga,San Pedro,Tulua,Andalucia,Bugalagrande,Za"]
["2026-07-01",76109000,"BUENAVENTURA","VALLE DEL CAUCA",76248000,"EL CERRITO","VALLE DEL CAUCA",135,"3S2",31,84854,4,3.72,836306,339416,26977.61,6194.86,8709.05,37926.52,{"v":1175722,"d":"$ 1,175,722"},"PORTACONTENEDORES","Contenedor vacío","CARGADO","SI","Guadalajara De Buga,Guacari"]
["2026-07-01",73275000,"FLANDES","TOLIMA",15759000,"SOGAMOSO","BOYACÁ",359,"2",9,60412,8,8.26,1433749,483296,159305.44,3993.73,5339.96,213005,{"v":1917045,"d":"$ 1,917,045"},"FURGON","General","CARGADO","SI","Fusagasuga,Silvania,Soacha,Bogota,Tocancipa,Gachancipa,Choconta,Villapinzon,Vent"]
["2026-07-01",47745003,"PALERMO","MAGDALENA",8560000,"PONEDERA","ATLÁNTICO",44,"2",9,54531,4,1.11,177951,218124,19772.33,4044.34,9001.7,44008.33,{"v":396075,"d":"$ 396,075"},"PLATAFORMA","General","CARGADO","SI","Barranquilla,Soledad,Malambo,Sabanagrande,Santo Tomas"]
["2026-07-01",76001000,"CALI","VALLE DEL CAUCA",73268000,"ESPINAL","TOLIMA",312,"2",9,54531,4,7.04,1216806,218124,135200.67,3900.02,4599.13,159436.67,{"v":1434930,"d":"$ 1,434,930"},"ESTIBAS","General","CARGADO","SI","El Cerrito,Guacari,Guadalajara De Buga,San Pedro,Tulua,Andalucia,Bugalagrande,La"]
["2026-07-01",20295000,"GAMARRA","CESAR",54261000,"EL ZULIA","NORTE DE SANTANDER",262,"CA",5,35954,4,5.77,638723,143816,127744.6,2437.87,2986.79,156507.8,{"v":782539,"d":"$ 782,539"},"ESTIBAS","Granel Sólido","CARGADO","SI","Aguachica,Rio De Oro,Ocaña,Abrego"]
["2026-07-01",25430000,"MADRID","CUNDINAMARCA",54001000,"CUCUTA","NORTE DE SANTANDER",595,"2_8_105",5.4,70516,4,13.85,2342600,282064,433814.81,3937.14,4411.2,486048.89,{"v":2624664,"d":"$ 2,624,664"},"FURGON REFRIGERADO","Carga Refrigerada","CARGADO","SI","Mosquera,Funza,Cota,Chia,Tocancipa,Gachancipa,Choconta,Villapinzon,Ventaquemada,"]
["2026-07-01",5266000,"ENVIGADO","ANTIOQUIA",23001000,"MONTERIA","CÓRDOBA",414,"2L1 Liviano entre 9 y 10.5 Tonel.",6,43175,4,8.36,1330875,172700,221812.5,3214.67,3631.82,250595.83,{"v":1503575,"d":"$ 1,503,575"},"ESTIBAS","General","CARGADO","SI","Medellin,Bello,Copacabana,Don Matias,Santa Rosa De Osos,Yarumal,Valdivia,Taraza,"]
["2026-07-01",76130000,"CANDELARIA","VALLE DEL CAUCA",19001000,"POPAYAN","CAUCA",131,"2L3 Liviano entre 7.5 y 8 Tonel.",6,42327,4,2.85,369767,169308,61627.83,2822.65,4115.08,89845.83,{"v":539075,"d":"$ 539,075"},"FURGON","General","CARGADO","SI","Villa Rica,Santander De Quilichao,Piendamo"]
["2026-07-01",11001000,"BOGOTA, D.C.","BOGOTÁ, D.C.",18753000,"SAN VICENTE DEL CAGUAN","CAQUETÁ",694,"2S2",22,66320,8,13.73,3551230,530560,161419.55,5117.05,5881.54,185535.91,{"v":4081790,"d":"$ 4,081,790"},"VOLCO","Granel Sólido","CARGADO","SI","Soacha,Silvania,Fusagasuga,Guamo,Saldana,Natagaima,Aipe,Campoalegre,Hobo,Gigante"]
["2026-07-01",25899000,"ZIPAQUIRA","CUNDINAMARCA",17001000,"MANIZALES","CALDAS",319,"2_8_105",5.4,41061,4,7.87,1069256,164244,198010.37,3351.9,3866.77,228425.93,{"v":1233500,"d":"$ 1,233,500"},"PLATAFORMA","Granel Sólido","CARGADO","SI","Cajica,Chia,Cota,El Rosal,La Vega,Villeta,Guaduas,Honda,Mariquita,Fresno"]
["2026-07-01",76147000,"CARTAGO","VALLE DEL CAUCA",15759000,"SOGAMOSO","BOYACÁ",535,"3S3",34,85728,8,12.94,4500628,685824,132371.41,8412.39,9694.3,152542.71,{"v":5186452,"d":"$ 5,186,452"},"PORTACONTENEDORES","Contenedor cargado","CARGADO","NO","Alcala,Quimbaya,Montenegro,Armenia,Calarca,Cajamarca,Ibague,Flandes,Girardot,Toc"]
["2026-07-01",52356000,"IPIALES","NARIÑO",50001000,"VILLAVICENCIO","META",1015,"3S3",34,86730,8,25.61,8605913,693840,253115.09,8478.73,9162.32,273522.15,{"v":9299753,"d":"$ 9,299,753"},"PLATAFORMA","General","CARGADO","NO","Tangua,San Juan De Pasto,Chachagui,El Bordo,Rosas,Timbio,Popayan,Piendamo,Santan"]
["2026-07-01",25317000,"GUACHETA","CUNDINAMARCA",5756000,"SONSON","ANTIOQUIA",553,"CA",5,34822,4,11.81,1467374,139288,293474.8,2653.48,2905.36,321332.4,{"v":1606662,"d":"$ 1,606,662"},"PLATAFORMA","General","CARGADO","SI","Villa De San Diego De Ubate,Sutatausa,Zipaquira,Cajica,Chia,Cota,El Rosal,La Veg"]
["2026-07-01",19845000,"VILLA RICA","CAUCA",25286000,"FUNZA","CUNDINAMARCA",470,"2",9,54531,8,10.76,1882173,436248,209130.33,4004.62,4932.81,257602.33,{"v":2318421,"d":"$ 2,318,421"},"ESTIBAS","General","CARGADO","SI","Candelaria,El Cerrito,Guacari,Guadalajara De Buga,San Pedro,Tulua,Andalucia,Buga"]
["2026-07-01",15238000,"DUITAMA","BOYACÁ",76111000,"BUGA","VALLE DEL CAUCA",584,"2L1 Liviano entre 9 y 10.5 Tonel.",6,76057,4,12,2379921,304228,396653.5,4075.21,4596.15,447358.17,{"v":2684149,"d":"$ 2,684,149"},"FURGON REFRIGERADO","Carga Refrigerada","CARGADO","NO","Paipa,Tunja,Villapinzon,Choconta,Gachancipa,Tocancipa,Chia,Cota,Funza,Mosquera,L"]
["2026-07-01",18001000,"FLORENCIA","CAQUETÁ",85001000,"YOPAL","CASANARE",909,"3S2",31,85716,8,20,6650256,685728,214524.39,7316.01,8070.39,236644.65,{"v":7335984,"d":"$ 7,335,984"},"ESTACAS","General","CARGADO","NO","Suaza,Altamira,Garzon,Gigante,Hobo,Campoalegre,Aipe,Natagaima,Saldana,Guamo,Espi"]
["2026-07-01",70823000,"TOLU VIEJO","SUCRE",5001000,"MEDELLIN","ANTIOQUIA",490,"2S2",22,119585,8,10.1,3264109,956680,148368.59,6661.45,8613.86,191854.05,{"v":4220789,"d":"$ 4,220,789"},"FURGON REFRIGERADO","Carga Refrigerada","CARGADO","SI","Sincelejo,Sampues,Chinu,Sahagun,Pueblo Nuevo,Planeta Rica,Buenavista,La Apartada"]
["2026-07-01",68547000,"PIEDECUESTA","SANTANDER",5001000,"MEDELLIN","ANTIOQUIA",399,"2L3 Liviano entre 7.5 y 8 Tonel.",6,39217,4,7.81,1106800,156868,184466.67,2773.93,3167.09,210611.33,{"v":1263668,"d":"$ 1,263,668"},"PLATAFORMA","General","CARGADO","SI","Floridablanca,Giron,Lebrija,Cisneros,Copacabana,Bello"]
["2026-07-01",25286000,"FUNZA","CUNDINAMARCA",25402000,"LA VEGA","CUNDINAMARCA",57,"2L1 Liviano entre 9 y 10.5 Tonel.",6,43175,4,1.59,251896,172700,41982.67,4419.23,7449.05,70766,{"v":424596,"d":"$ 424,596"},"ESTIBAS","General","CARGADO","SI","El Rosal"]
["2026-07-01",76147000,"CARTAGO","VALLE DEL CAUCA",15238000,"DUITAMA","BOYACÁ",515,"2",9,54531,8,12.67,1800371,436248,200041.22,3495.87,4342.95,248513.22,{"v":2236619,"d":"$ 2,236,619"},"PORTACONTENEDORES","Contenedor vacío","CARGADO","NO","Alcala,Quimbaya,Montenegro,Armenia,Calarca,Cajamarca,Ibague,Flandes,Girardot,Toc"]
["2026-07-01",5615000,"RIONEGRO","ANTIOQUIA",23001000,"MONTERIA","CÓRDOBA",443,"3",16,58409,8,11.17,2127613,467272,132975.81,4802.74,5857.53,162180.31,{"v":2594885,"d":"$ 2,594,885"},"PORTACONTENEDORES","Contenedor vacío","CARGADO","SI","Guarne,Bello,Medellin,Copacabana,Don Matias,Santa Rosa De Osos,Yarumal,Valdivia,"]
["2026-07-01",20001000,"VALLEDUPAR","CESAR",66170000,"DOSQUEBRADAS","RISARALDA",933,"2S3",27,120421,8,17.64,5981199,963368,221525.89,6410.72,7443.27,257206.19,{"v":6944567,"d":"$ 6,944,567"},"FURGON REFRIGERADO","Carga Refrigerada","CARGADO","SI","Bosconia,Curumani,Pailitas,Pelaya,Aguachica,San Alberto,Honda,Mariquita,Fresno,M"]
["2026-07-01",15238000,"DUITAMA","BOYACÁ",52356000,"IPIALES","NARIÑO",1116,"2L1 Liviano entre 9 y 10.5 Tonel.",6,43175,4,23.39,3545524,172700,590920.67,3176.99,3331.74,619704,{"v":3718224,"d":"$ 3,718,224"},"ESTACAS","General","CARGADO","NO","Paipa,Tunja,Villapinzon,Choconta,Gachancipa,Tocancipa,Chia,Cota,Funza,Mosquera,L"]
["2026-07-01",11001000,"BOGOTA, D.C.","BOGOTÁ, D.C.",8758000,"SOLEDAD","ATLÁNTICO",1007,"3S2",31,84854,8,20.22,6543566,678832,211082.77,6498.08,7172.19,232980.58,{"v":7222398,"d":"$ 7,222,398"},"PORTACONTENEDORES","Contenedor cargado","CARGADO","SI","El Rosal,La Vega,Villeta,Guaduas,San Alberto,San Martin,Aguachica,Pelaya,Pailita"]
["2026-07-01",5212000,"COPACABANA","ANTIOQUIA",76001000,"CALI","VALLE DEL CAUCA",466,"2L3 Liviano entre 7.5 y 8 Tonel.",6,71753,4,8.97,1754664,287012,292444,3765.37,4381.28,340279.33,{"v":2041676,"d":"$ 2,041,676"},"FURGON REFRIGERADO","Carga Refrigerada","CARGADO","SI","Bello,Medellin,Itagui,La Estrella,Sabaneta,Caldas,Amaga,La Pintada,La Virginia,C"]
["2026-07-01",76520000,"PALMIRA","VALLE DEL CAUCA",76147000,"CARTAGO","VALLE DEL CAUCA",169,"3S3",34,87862,4,3.34,1258619,351448,37018.21,7447.45,9527.02,47354.91,{"v":1610067,"d":"$ 1,610,067"},"PLATAFORMA","Granel Sólido","CARGADO","SI","El Cerrito,Guacari,Guadalajara De Buga,San Pedro,Tulua,Andalucia,Bugalagrande,Za"]
["2026-07-01",15757000,"SOCHA","BOYACÁ",13001000,"CARTAGENA DE INDIAS","BOLÍVAR",1053,"2",9,55663,8,22.53,3831401,445304,425711.22,3638.56,4061.45,475189.44,{"v":4276705,"d":"$ 4,276,705"},"ESTIBAS","Granel Sólido","CARGADO","SI","Paz De Rio,Belen,Cerinza,Santa Rosa De Viterbo,Duitama,Paipa,Tunja,Arcabuco,Moni"]
["2026-07-01",11001000,"BOGOTA, D.C.","BOGOTÁ, D.C.",85010000,"AGUAZUL","CASANARE",355,"2",9,55663,8,8.26,1607185,445304,178576.11,4527.28,5781.66,228054.33,{"v":2052489,"d":"$ 2,052,489"},"PLATAFORMA","Granel Sólido","CARGADO","SI","Chipaque,Guayabetal,Villavicencio,Restrepo,Paratebueno,Barranca De Upia,Villanue"]
["2026-07-01",52356000,"IPIALES","NARIÑO",85001000,"YOPAL","CASANARE",1274,"CA",5,38189,4,26.21,3648975,152756,729795,2864.19,2984.09,760346.2,{"v":3801731,"d":"$ 3,801,731"},"FURGON","Granel Sólido","CARGADO","NO","Tangua,San Juan De Pasto,Chachagui,El Bordo,Rosas,Timbio,Popayan,Piendamo,Santan"]
["2026-07-01",25740000,"SIBATE","CUNDINAMARCA",8001000,"BARRANQUILLA","ATLÁNTICO",1013,"V3",28.7,66231,8,20.68,6138979,529848,213901.71,6060.2,6583.24,232363.31,{"v":6668827,"d":"$ 6,668,827"},"VOLCO","Granel Sólido","CARGADO","SI","Mosquera,Madrid,Facatativa,Alban,Sasaima,Villeta,Guaduas,San Alberto,San Martin,"]
["2026-07-01",25430000,"MADRID","CUNDINAMARCA",52001000,"PASTO","NARIÑO",843,"2S2",22,66320,8,19.06,4871260,530560,221420.91,5778.48,6407.85,245537.27,{"v":5401820,"d":"$ 5,401,820"},"VOLCO","Granel Sólido","CARGADO","SI","Mosquera,Silvania,Fusagasuga,Ibague,Cajamarca,Calarca,La Tebaida,Bugalagrande,An"]
["2026-07-01",8001000,"BARRANQUILLA","ATLÁNTICO",5266000,"ENVIGADO","ANTIOQUIA",715,"3S2",31,145004,8,15.2,5883260,1160032,189782.58,8228.34,9850.76,227202.97,{"v":7043292,"d":"$ 7,043,292"},"FURGON REFRIGERADO","Carga Refrigerada","CARGADO","SI","Soledad,Malambo,Sabanagrande,Santo Tomas,Ponedera,Campo De La Cruz,Suan,Calamar,"]
["2026-07-01",86001000,"MOCOA","PUTUMAYO",15238000,"DUITAMA","BOYACÁ",822,"2S3",27,64983,8,16.24,4740987,519864,175592.11,5767.62,6400.06,194846.33,{"v":5260851,"d":"$ 5,260,851"},"ESTIBAS","Granel Sólido","CARGADO","NO","Pitalito,Timana,Altamira,Garzon,Gigante,Hobo,Campoalegre,Aipe,Natagaima,Saldana,"]
["2026-07-01",8001000,"BARRANQUILLA","ATLÁNTICO",23189000,"CIENAGA DE ORO","CÓRDOBA",315,"2S3",27,75310,4,5.67,1614113,301240,59781.96,5124.17,6080.49,70939,{"v":1915353,"d":"$ 1,915,353"},"TANQUE","Granel líquido","CARGADO","SI","Soledad,Malambo,Sabanagrande,Santo Tomas,Ponedera,Campo De La Cruz,Suan,Calamar,"]
["2026-07-01",76130000,"CANDELARIA","VALLE DEL CAUCA",19001000,"POPAYAN","CAUCA",131,"2L3 Liviano entre 7.5 y 8 Tonel.",6,43458,4,2.85,372987,173832,62164.5,2847.23,4174.19,91136.5,{"v":546819,"d":"$ 546,819"},"FURGON","Granel Sólido","CARGADO","SI","Villa Rica,Santander De Quilichao,Piendamo"]
["2026-07-01",47001000,"SANTA MARTA","MAGDALENA",68406000,"LEBRIJA","SANTANDER",586,"3S3",34,146310,8,11.29,4630059,1170480,136178.21,7901.12,9898.53,170604.09,{"v":5800539,"d":"$ 5,800,539"},"FURGON REFRIGERADO","Carga Refrigerada","CARGADO","SI","Cienaga,El Copey,Bosconia,Curumani,Pailitas,Pelaya,Aguachica,San Alberto"]
["2026-07-01",20770000,"SAN MARTIN","CESAR",20383001,"AYACUCHO","CESAR",79,"2S2",22,61871,4,1.61,315159,247484,14325.41,3989.35,7122.06,25574.68,{"v":562643,"d":"$ 562,643"},"PORTACONTENEDORES","Contenedor vacío","CARGADO","SI","Aguachica"]
["2026-07-01",5380000,"LA ESTRELLA","ANTIOQUIA",25799000,"TENJO","CUNDINAMARCA",427,"2L3 Liviano entre 7.5 y 8 Tonel.",6,40348,4,9.47,1326276,161392,221046,3106.03,3484,247944.67,{"v":1487668,"d":"$ 1,487,668"},"ESTIBAS","Granel Sólido","CARGADO","SI","Sabaneta,Envigado,Medellin,Bello,Guarne,Marinilla,El Santuario,Guaduas,Villeta,L"]
["2026-07-01",86757000,"LA DORADA","PUTUMAYO",86568000,"PUERTO ASIS","PUTUMAYO",103,"CA",5,38189,4,3.13,294678,152756,58935.6,2860.95,4344.02,89486.8,{"v":447434,"d":"$ 447,434"},"FURGON","Granel Sólido","CARGADO","SI","La Hormiga"]
["2026-07-01",8433000,"MALAMBO","ATLÁNTICO",25286000,"FUNZA","CUNDINAMARCA",985,"2L1 Liviano entre 9 y 10.5 Tonel.",6,44306,4,17.26,2828952,177224,471492,2872.03,3051.96,501029.33,{"v":3006176,"d":"$ 3,006,176"},"PLATAFORMA","Granel Sólido","CARGADO","SI","Soledad,Barranquilla,Puebloviejo,Cienaga,El Copey,Bosconia,Curumani,Pailitas,Pel"]
["2026-07-01",8001000,"BARRANQUILLA","ATLÁNTICO",44430000,"MAICAO","LA GUAJIRA",343,"3",16,66231,4,6.76,1852877,264924,115804.81,5401.97,6174.35,132362.56,{"v":2117801,"d":"$ 2,117,801"},"VOLCO","Granel Sólido","CARGADO","SI","Puebloviejo,Cienaga,Santa Marta,Riohacha"]
["2026-07-01",86757000,"LA DORADA","PUTUMAYO",86568000,"PUERTO ASIS","PUTUMAYO",103,"2S2",22,75644,4,2.56,553998,302576,25181.73,5378.62,8316.25,38935.18,{"v":856574,"d":"$ 856,574"},"TANQUE","Granel líquido","CARGADO","SI","La Hormiga"]
["2026-07-01",15238000,"DUITAMA","BOYACÁ",52835000,"TUMACO","NARIÑO",1314,"2L3 Liviano entre 7.5 y 8 Tonel.",6,39217,4,26.68,3724018,156868,620669.67,2834.11,2953.49,646814.33,{"v":3880886,"d":"$ 3,880,886"},"PLATAFORMA","General","CARGADO","NO","Paipa,Tunja,Villapinzon,Choconta,Gachancipa,Tocancipa,Chia,Cota,Funza,Mosquera,L"]
["2026-07-01",5308000,"GIRARDOTA","ANTIOQUIA",8001000,"BARRANQUILLA","ATLÁNTICO",684,"3",16,59540,8,15.25,3629741,476320,226858.81,5306.64,6003.01,256628.81,{"v":4106061,"d":"$ 4,106,061"},"ESTIBAS","Granel Sólido","CARGADO","SI","Don Matias,Santa Rosa De Osos,Yarumal,Valdivia,Taraza,Caucasia,La Apartada Y La "]
["2026-07-01",8433000,"MALAMBO","ATLÁNTICO",25286000,"FUNZA","CUNDINAMARCA",985,"CA",5,34822,4,17.26,2390776,139288,478155.2,2427.18,2568.59,506012.8,{"v":2530064,"d":"$ 2,530,064"},"PLATAFORMA","General","CARGADO","SI","Soledad,Barranquilla,Puebloviejo,Cienaga,El Copey,Bosconia,Curumani,Pailitas,Pel"]
["2026-07-01",25286000,"FUNZA","CUNDINAMARCA",8433000,"MALAMBO","ATLÁNTICO",986,"2L1 Liviano entre 9 y 10.5 Tonel.",6,44306,4,17.28,2807003,177224,467833.83,2846.86,3026.6,497371.17,{"v":2984227,"d":"$ 2,984,227"},"ESTIBAS","Granel Sólido","CARGADO","SI","Mosquera,Madrid,Facatativa,Alban,Sasaima,Villeta,Guaduas,San Alberto,San Martin,"]
["2026-07-01",5400000,"LA UNION","ANTIOQUIA",5585000,"PUERTO NARE","ANTIOQUIA",218,"2",9,86677,4,7.63,1287757,346708,143084.11,5907.14,7497.55,181607.22,{"v":1634465,"d":"$ 1,634,465"},"FURGON REFRIGERADO","Carga Refrigerada","CARGADO","SI","La Ceja,Rionegro,Marinilla,El Santuario"]
["2026-07-01",15238000,"DUITAMA","BOYACÁ",41001000,"NEIVA","HUILA",503,"CA",5,34822,4,9.54,1392703,139288,278540.6,2768.79,3045.71,306398.2,{"v":1531991,"d":"$ 1,531,991"},"ESTIBAS","General","CARGADO","NO","Paipa,Tunja,Villapinzon,Choconta,Gachancipa,Tocancipa,Chia,Cota,Funza,Mosquera,L"]
["2026-07-01",5001000,"MEDELLIN","ANTIOQUIA",5736000,"SEGOVIA ANT","ANTIOQUIA",194,"2_8_105",5.4,39930,4,3.96,561402,159720,103963.33,2893.82,3717.12,133541.11,{"v":721122,"d":"$ 721,122"},"ESTACAS","General","CARGADO","SI","Bello,Copacabana,Yolombo,Yali,Vegachi,Remedios"]
["2026-07-01",63001000,"ARMENIA","QUINDIO",15238000,"DUITAMA","BOYACÁ",462,"2_8_105",5.4,41061,4,9.63,1503356,164244,278399.26,3254.02,3609.52,308814.81,{"v":1667600,"d":"$ 1,667,600"},"PLATAFORMA","Granel Sólido","CARGADO","NO","Calarca,Cajamarca,Ibague,Flandes,Girardot,Tocaima,Apulo,Anapoima,La Mesa,Mosquer"]
["2026-07-01",5400000,"LA UNION","ANTIOQUIA",5585000,"PUERTO NARE","ANTIOQUIA",218,"2_8_105",5.4,41061,4,6.52,782502,164244,144907.78,3589.46,4342.87,175323.33,{"v":946746,"d":"$ 946,746"},"ESTACAS","Granel Sólido","CARGADO","SI","La Ceja,Rionegro,Marinilla,El Santuario"]
["2026-07-01",41001000,"NEIVA","HUILA",15759000,"SOGAMOSO","BOYACÁ",522,"3",16,92437,8,11.93,3526519,739496,220407.44,6755.78,8172.44,266625.94,{"v":4266015,"d":"$ 4,266,015"},"FURGON REFRIGERADO","Carga Refrigerada","CARGADO","NO","Aipe,Natagaima,Saldana,Guamo,Espinal,Flandes,Girardot,Tocaima,Apulo,Anapoima,La "]
["2026-07-01",15759000,"SOGAMOSO","BOYACÁ",76001000,"CALI","VALLE DEL CAUCA",679,"3S2",31,85716,8,15.74,5284088,685728,170454.45,7782.16,8792.07,192574.71,{"v":5969816,"d":"$ 5,969,816"},"ESTIBAS","General","CARGADO","NO","Duitama,Paipa,Tunja,Villapinzon,Choconta,Gachancipa,Tocancipa,Chia,Cota,Funza,Mo"]
["2026-07-01",50001000,"VILLAVICENCIO","META",41001000,"NEIVA","HUILA",413,"3S2",31,100350,8,9.61,3582744,802800,115572.39,8674.92,10618.75,141469.16,{"v":4385544,"d":"$ 4,385,544"},"FURGON","General","CARGADO","NO","Guayabetal,Chipaque,Bogota,Soacha,La Mesa,Anapoima,Apulo,Tocaima,Girardot,Flande"]
["2026-07-01",11001000,"BOGOTA, D.C.","BOGOTÁ, D.C.",76147000,"CARTAGO","VALLE DEL CAUCA",338,"3",16,58409,8,10.19,2176820,467272,136051.25,6440.3,7822.76,165255.75,{"v":2644092,"d":"$ 2,644,092"},"PLATAFORMA","General","CARGADO","NO","Soacha,La Mesa,Anapoima,Apulo,Tocaima,Girardot,Ibague,Cajamarca,Calarca,Armenia,"]
["2026-07-01",76109000,"BUENAVENTURA","VALLE DEL CAUCA",25126000,"CAJICA","CUNDINAMARCA",523,"2_8_105",5.4,40495,4,10.91,1658159,161980,307066.48,3170.48,3480.19,337062.78,{"v":1820139,"d":"$ 1,820,139"},"ESTIBAS","General","CARGADO","SI","Guadalajara De Buga,San Pedro,Tulua,Andalucia,Bugalagrande,La Tebaida,Calarca,Ca"]
["2026-07-01",25736000,"SESQUILE","CUNDINAMARCA",54001000,"CUCUTA","NORTE DE SANTANDER",520,"2_8_105",5.4,70516,4,12.63,2083889,282064,385905.37,4007.48,4549.91,438139.44,{"v":2365953,"d":"$ 2,365,953"},"FURGON REFRIGERADO","Carga Refrigerada","CARGADO","SI","Choconta,Villapinzon,Ventaquemada,Tunja,Paipa,Duitama,Santa Rosa De Viterbo,Ceri"]
["2026-07-01",23001000,"MONTERIA","CÓRDOBA",5154000,"CAUCASIA","ANTIOQUIA",120,"2_8_105",5.4,39930,4,2.25,408899,159720,75722.04,3407.49,4738.49,105299.81,{"v":568619,"d":"$ 568,619"},"ESTACAS","General","CARGADO","SI","Planeta Rica,Buenavista,La Apartada Y La Frontera"]
["2026-07-01",11001000,"BOGOTA, D.C.","BOGOTÁ, D.C.",73001000,"IBAGUE","TOLIMA",198,"2",9,55663,4,5.2,886045,222652,98449.44,4474.97,5599.48,123188.56,{"v":1108697,"d":"$ 1,108,697"},"PLATAFORMA","Granel Sólido","CARGADO","NO","Soacha,La Mesa,Anapoima,Apulo,Tocaima,Girardot"]
["2026-07-01",15759000,"SOGAMOSO","BOYACÁ",76147000,"CARTAGO","VALLE DEL CAUCA",547,"2S3",27,63851,8,12.53,3433600,510808,127170.37,6277.15,7210.98,146089.19,{"v":3944408,"d":"$ 3,944,408"},"ESTIBAS","General","CARGADO","NO","Duitama,Paipa,Tunja,Villapinzon,Choconta,Gachancipa,Tocancipa,Chia,Cota,Funza,Mo"]
["2026-07-01",8520000,"PALMAR DE VARELA","ATLÁNTICO",17001000,"MANIZALES","CALDAS",899,"2_8_105",5.4,42101,4,17.52,2783434,168404,515450.74,3096.14,3283.47,546636.67,{"v":2951838,"d":"$ 2,951,838"},"FURGON","General","CARGADO","SI","Ponedera,Campo De La Cruz,Suan,Calamar,San Juan Nepomuceno,San Jacinto,El Carmen"]
["2026-07-01",52835000,"TUMACO","NARIÑO",11001000,"BOGOTA, D.C.","BOGOTÁ, D.C.",1112,"2_8_105",5.4,42101,4,22.93,3375760,168404,625140.74,3035.76,3187.2,656326.67,{"v":3544164,"d":"$ 3,544,164"},"FURGON","General","CARGADO","NO","Ricaurte,Piedrancha,Tuquerres,Tangua,San Juan De Pasto,Chachagui,El Bordo,Rosas,"]
["2026-07-01",25793000,"TAUSA","CUNDINAMARCA",44090000,"DIBULLA","LA GUAJIRA",991,"3S2",31,98908,8,21.43,6760645,791264,218085.32,6822.04,7620.49,243609.97,{"v":7551909,"d":"$ 7,551,909"},"TANQUE","Granel líquido","CARGADO","SI","Sutatausa,Villa De San Diego De Ubate,Susa,Chiquinquira,Saboya,Puente Nacional,B"]
["2026-07-01",50001000,"VILLAVICENCIO","META",52835000,"TUMACO","NARIÑO",1224,"2S2",22,62860,8,27.66,6822988,502880,310135.82,5574.34,5985.19,332994,{"v":7325868,"d":"$ 7,325,868"},"ESTACAS","General","CARGADO","NO","Guayabetal,Chipaque,Bogota,Soacha,La Mesa,Anapoima,Apulo,Tocaima,Girardot,Ibague"]
["2026-07-01",85263000,"PORE","CASANARE",11001000,"BOGOTA, D.C.","BOGOTÁ, D.C.",446,"2L1 Liviano entre 9 y 10.5 Tonel.",6,43175,4,8.56,1533783,172700,255630.5,3438.98,3826.2,284413.83,{"v":1706483,"d":"$ 1,706,483"},"PLATAFORMA","General","CARGADO","SI","Yopal,Aguazul,Monterrey,Villanueva,Barranca De Upia,Paratebueno,Cumaral,Restrepo"]
["2026-07-01",50001000,"VILLAVICENCIO","META",66001000,"PEREIRA","RISARALDA",421,"2S2",22,66320,8,10.68,2939808,530560,133627.64,6982.92,8243.15,157744,{"v":3470368,"d":"$ 3,470,368"},"VOLCO","Granel Sólido","CARGADO","NO","Guayabetal,Chipaque,Bogota,Soacha,La Mesa,Anapoima,Apulo,Tocaima,Girardot,Ibague"]
["2026-07-01",63001000,"ARMENIA","QUINDIO",15759000,"SOGAMOSO","BOYACÁ",482,"2L2 Liviano entre 8 y 9 Tonel.",5,40112,4,9.96,1503524,160448,300704.8,3119.34,3452.22,332794.4,{"v":1663972,"d":"$ 1,663,972"},"PLATAFORMA","General","CARGADO","NO","Calarca,Cajamarca,Ibague,Flandes,Girardot,Tocaima,Apulo,Anapoima,La Mesa,Mosquer"]
["2026-07-01",15759000,"SOGAMOSO","BOYACÁ",76109000,"BUENAVENTURA","VALLE DEL CAUCA",715,"2L1 Liviano entre 9 y 10.5 Tonel.",6,43175,4,14.86,2325909,172700,387651.5,3253.02,3494.56,416434.83,{"v":2498609,"d":"$ 2,498,609"},"ESTACAS","General","CARGADO","NO","Duitama,Paipa,Tunja,Villapinzon,Choconta,Gachancipa,Tocancipa,Chia,Cota,Funza,Mo"]
["2026-07-01",5001000,"MEDELLIN","ANTIOQUIA",5490000,"NECOCLI","ANTIOQUIA",368,"3S3",34,87862,8,8.85,2850021,702896,83824.15,7744.62,9654.67,104497.56,{"v":3552917,"d":"$ 3,552,917"},"PLATAFORMA","Granel Sólido","CARGADO","SI","San Jeronimo,Santafe De Antioquia,Cañasgordas,Uramita,Dabeiba,Mutata,Chigorodo"]
["2026-07-01",73001000,"IBAGUE","TOLIMA",73283000,"FRESNO","TOLIMA",136,"2S3",27,63851,4,2.96,713730,255404,26434.44,5248.01,7125.99,35893.85,{"v":969134,"d":"$ 969,134"},"ESTIBAS","General","CARGADO","SI","Alvarado,Venadillo,Lerida,Guayabal,Mariquita"]
["2026-07-01",68276000,"FLORIDABLANCA","SANTANDER",25286000,"FUNZA","CUNDINAMARCA",400,"2S3",27,79136,8,9.3,2445418,633088,90571.04,6113.54,7696.26,114018.74,{"v":3078506,"d":"$ 3,078,506"},"FURGON","Granel Sólido","CARGADO","SI","Piedecuesta,Aratoca,San Gil,Pinchote,Socorro,Oiba,Santana,San Jose De Pare,Gueps"]
["2026-07-01",15759000,"SOGAMOSO","BOYACÁ",66001000,"PEREIRA","RISARALDA",531,"2",9,60412,8,13.5,2317769,483296,257529.89,4364.91,5275.08,311229.44,{"v":2801065,"d":"$ 2,801,065"},"FURGON","General","CARGADO","NO","Duitama,Paipa,Tunja,Villapinzon,Choconta,Gachancipa,Tocancipa,Chia,Cota,Funza,Mo"]
["2026-07-01",50001000,"VILLAVICENCIO","META",66001000,"PEREIRA","RISARALDA",421,"2L1 Liviano entre 9 y 10.5 Tonel.",6,76057,4,9.79,2103013,304228,350502.17,4995.28,5717.91,401206.83,{"v":2407241,"d":"$ 2,407,241"},"FURGON REFRIGERADO","Carga Refrigerada","CARGADO","NO","Guayabetal,Chipaque,Bogota,Soacha,La Mesa,Anapoima,Apulo,Tocaima,Girardot,Ibague"]
["2026-07-01",25486000,"NEMOCON","CUNDINAMARCA",8001000,"BARRANQUILLA","ATLÁNTICO",951,"3S2",31,89209,8,20.67,6523568,713672,210437.68,6859.69,7610.14,233459.35,{"v":7237240,"d":"$ 7,237,240"},"VOLCO","Granel Sólido","CARGADO","SI","Sutatausa,Villa De San Diego De Ubate,Susa,Chiquinquira,Saboya,Puente Nacional,B"]
["2026-07-01",25126000,"CAJICA","CUNDINAMARCA",68001000,"BUCARAMANGA","SANTANDER",372,"CA",5,34822,4,7.97,941747,139288,188349.4,2531.58,2906.01,216207,{"v":1081035,"d":"$ 1,081,035"},"ESTACAS","General","CARGADO","SI","Zipaquira,Sutatausa,Villa De San Diego De Ubate,Susa,Chiquinquira,Saboya,Puente "]
["2026-07-01",11001000,"BOGOTA, D.C.","BOGOTÁ, D.C.",68547000,"PIEDECUESTA","SANTANDER",400,"3",16,59540,8,10.99,2297287,476320,143580.44,5743.22,6934.02,173350.44,{"v":2773607,"d":"$ 2,773,607"},"ESTIBAS","Granel Sólido","CARGADO","SI","Chia,Cajica,Zipaquira,Sutatausa,Villa De San Diego De Ubate,Susa,Chiquinquira,Sa"]
["2026-07-01",73001000,"IBAGUE","TOLIMA",50001000,"VILLAVICENCIO","META",301,"2L3 Liviano entre 7.5 y 8 Tonel.",6,42327,4,6.77,1227055,169308,204509.17,4076.59,4639.08,232727.17,{"v":1396363,"d":"$ 1,396,363"},"FURGON","General","CARGADO","NO","Flandes,Girardot,Tocaima,Apulo,Anapoima,La Mesa,Soacha,Bogota,Chipaque,Guayabeta"]
["2026-07-01",25224000,"CUCUNUBA","CUNDINAMARCA",76892000,"YUMBO","VALLE DEL CAUCA",540,"CA",5,34822,4,10.93,1457018,139288,291403.6,2698.18,2956.12,319261.2,{"v":1596306,"d":"$ 1,596,306"},"ESTACAS","General","CARGADO","SI","Villa De San Diego De Ubate,Sutatausa,Zipaquira,Cajica,Chia,Bogota,Soacha,Silvan"]
["2026-07-01",63001000,"ARMENIA","QUINDIO",11001000,"BOGOTA, D.C.","BOGOTÁ, D.C.",272,"3S3",34,89674,4,7.31,2537004,358696,74617.76,9327.22,10645.96,85167.65,{"v":2895700,"d":"$ 2,895,700"},"VOLCO","Granel Sólido","CARGADO","NO","Calarca,Cajamarca,Ibague,Flandes,Girardot,Tocaima,Apulo,Anapoima,La Mesa,Mosquer"]
["2026-07-01",25486000,"NEMOCON","CUNDINAMARCA",8001000,"BARRANQUILLA","ATLÁNTICO",951,"2L2 Liviano entre 8 y 9 Tonel.",5,41243,4,17.97,2665437,164972,533087.4,2802.77,2976.25,566081.8,{"v":2830409,"d":"$ 2,830,409"},"ESTACAS","Granel Sólido","CARGADO","SI","Sutatausa,Villa De San Diego De Ubate,Susa,Chiquinquira,Saboya,Puente Nacional,B"]
["2026-07-01",25430000,"MADRID","CUNDINAMARCA",85001000,"YOPAL","CASANARE",393,"2L2 Liviano entre 8 y 9 Tonel.",5,72221,4,7.63,1643507,288884,328701.4,4181.95,4917.03,386478.2,{"v":1932391,"d":"$ 1,932,391"},"FURGON REFRIGERADO","Carga Refrigerada","CARGADO","SI","Mosquera,Funza,Bogota,Chipaque,Guayabetal,Villavicencio,Restrepo,Paratebueno,Bar"]
["2026-07-01",13001000,"CARTAGENA DE INDIAS","BOLÍVAR",73268000,"ESPINAL","TOLIMA",1107,"3S2",31,86847,8,20.73,6950916,694776,224223.1,6279.06,6906.68,246635.23,{"v":7645692,"d":"$ 7,645,692"},"ESTACAS","Granel Sólido","CARGADO","SI","Turbaco,San Juan Nepomuceno,San Jacinto,El Carmen De Bolivar,Plato,El Dificil,Bo"]
["2026-07-01",5318000,"GUARNE","ANTIOQUIA",52356000,"IPIALES","NARIÑO",937,"2",9,54531,8,22.9,3749275,436248,416586.11,4001.36,4466.94,465058.11,{"v":4185523,"d":"$ 4,185,523"},"ESTACAS","General","CARGADO","SI","Bello,Medellin,Itagui,La Estrella,Sabaneta,Caldas,Amaga,La Pintada,La Virginia,C"]
["2026-07-01",73671000,"SALDANA","TOLIMA",11001000,"BOGOTA, D.C.","BOGOTÁ, D.C.",188,"2L2 Liviano entre 8 y 9 Tonel.",5,40112,4,4.22,656689,160448,131337.8,3493.03,4346.47,163427.4,{"v":817137,"d":"$ 817,137"},"ESTACAS","General","CARGADO","NO","Guamo,Espinal,Flandes,Girardot,Tocaima,Apulo,Anapoima,La Mesa,Mosquera,Funza"]
["2026-07-01",5756000,"SONSON","ANTIOQUIA",68679000,"SAN GIL","SANTANDER",603,"3S3",34,87862,8,14.31,4743491,702896,139514.44,7866.49,9032.15,160187.85,{"v":5446387,"d":"$ 5,446,387"},"ESTACAS","Granel Sólido","CARGADO","SI","La Union,La Ceja,Rionegro,Guarne,Bello,Medellin,Copacabana,Cisneros,Lebrija,Giro"]
["2026-07-01",85001000,"YOPAL","CASANARE",41001000,"NEIVA","HUILA",638,"2L1 Liviano entre 9 y 10.5 Tonel.",6,43175,4,12.65,2053622,172700,342270.33,3218.84,3489.53,371053.67,{"v":2226322,"d":"$ 2,226,322"},"PLATAFORMA","General","CARGADO","NO","Aguazul,Monterrey,San Luis De Gaceno,Santa Maria,Guateque,Macheta,Gachancipa,Toc"]
["2026-07-01",19142000,"CALOTO","CAUCA",66001000,"PEREIRA","RISARALDA",250,"2S2",22,63992,4,4.46,1267463,255968,57611.95,5069.85,6093.72,69246.86,{"v":1523431,"d":"$ 1,523,431"},"ESTIBAS","Granel Sólido","CARGADO","SI","Villa Rica,Candelaria,El Cerrito,Guacari,Guadalajara De Buga,San Pedro,Tulua,And"]
["2026-07-01",66170000,"DOSQUEBRADAS","RISARALDA",17174000,"CHINCHINA","CALDAS",28,"2_5_8",3.4,36221,4,0.91,118818,144884,34946.47,4243.5,9417.93,77559.41,{"v":263702,"d":"$ 263,702"},"ESTIBAS","General","CARGADO","SI","Santa Rosa De Cabal"]
["2026-07-01",76109000,"BUENAVENTURA","VALLE DEL CAUCA",85010000,"AGUAZUL","CASANARE",831,"2L1 Liviano entre 9 y 10.5 Tonel.",6,44306,4,17,2898259,177224,483043.17,3487.68,3700.94,512580.5,{"v":3075483,"d":"$ 3,075,483"},"ESTIBAS","Granel Sólido","CARGADO","NO","Guadalajara De Buga,San Pedro,Tulua,Andalucia,Bugalagrande,La Tebaida,Calarca,Ca"]
["2026-07-01",25473000,"MOSQUERA","CUNDINAMARCA",76109000,"BUENAVENTURA","VALLE DEL CAUCA",513,"3",16,58409,8,13.95,3035080,467272,189692.5,5916.34,6827.2,218897,{"v":3502352,"d":"$ 3,502,352"},"PLATAFORMA","General","CARGADO","NO","Funza,Bogota,Soacha,Silvania,Fusagasuga,Ibague,Cajamarca,Calarca,La Tebaida,Buga"]
["2026-07-01",54001000,"CUCUTA","NORTE DE SANTANDER",44090003,"MINGUEO","LA GUAJIRA",722,"3",16,58409,8,16.1,3506896,467272,219181,4857.2,5504.39,248385.5,{"v":3974168,"d":"$ 3,974,168"},"PLATAFORMA","General","CARGADO","SI","El Zulia,Abrego,Ocaña,Rio De Oro,Aguachica,Pelaya,Pailitas,Curumani,Bosconia,El "]
["2026-07-01",25286000,"FUNZA","CUNDINAMARCA",5360000,"ITAGÜI","ANTIOQUIA",412,"3S2",31,98908,8,10.73,3396701,791264,109571,8244.42,10164.96,135095.65,{"v":4187965,"d":"$ 4,187,965"},"TANQUE","Granel líquido","CARGADO","SI","Mosquera,Madrid,Facatativa,Alban,Sasaima,Villeta,Guaduas,El Santuario,Marinilla,"]
["2026-07-01",25307000,"GIRARDOT","CUNDINAMARCA",11001000,"BOGOTA, D.C.","BOGOTÁ, D.C.",136,"2S3",27,63851,4,3.65,1000166,255404,37043.19,7354.16,9232.13,46502.59,{"v":1255570,"d":"$ 1,255,570"},"ESTACAS","General","CARGADO","NO","Tocaima,Apulo,Anapoima,La Mesa,Mosquera,Funza"]
["2026-07-01",85410000,"TAURAMENA","CASANARE",76109000,"BUENAVENTURA","VALLE DEL CAUCA",782,"3",16,58409,8,21.16,4701839,467272,293864.94,6012.58,6610.12,323069.44,{"v":5169111,"d":"$ 5,169,111"},"ESTACAS","General","CARGADO","NO","Monterrey,San Luis De Gaceno,Santa Maria,Guateque,Macheta,Gachancipa,Tocancipa,C"]
["2026-07-01",23162000,"CERETE","CÓRDOBA",23466000,"MONTELIBANO","CÓRDOBA",133,"2_5_8",3.4,36221,4,2.45,389076,144884,114434.12,2925.38,4014.74,157047.06,{"v":533960,"d":"$ 533,960"},"ESTIBAS","General","CARGADO","SI","Monteria,Planeta Rica,Buenavista"]
["2026-07-01",19845000,"VILLA RICA","CAUCA",17001000,"MANIZALES","CALDAS",289,"2",9,60412,4,6.29,1152101,241648,128011.22,3986.51,4822.66,154861,{"v":1393749,"d":"$ 1,393,749"},"FURGON","General","CARGADO","SI","Candelaria,El Cerrito,Guacari,Guadalajara De Buga,San Pedro,Tulua,Andalucia,Buga"]
["2026-07-01",5360000,"ITAGÜI","ANTIOQUIA",25286000,"FUNZA","CUNDINAMARCA",412,"2",9,54531,8,11.08,1780637,436248,197848.56,4321.93,5380.79,246320.56,{"v":2216885,"d":"$ 2,216,885"},"PLATAFORMA","General","CARGADO","SI","Envigado,Medellin,Bello,Guarne,Marinilla,El Santuario,Guaduas,Villeta,Sasaima,Al"]
["2026-07-01",25817000,"TOCANCIPA","CUNDINAMARCA",25307000,"GIRARDOT","CUNDINAMARCA",172,"2L1 Liviano entre 9 y 10.5 Tonel.",6,47202,4,3.7,628161,188808,104693.5,3652.1,4749.82,136161.5,{"v":816969,"d":"$ 816,969"},"FURGON","Granel Sólido","CARGADO","NO","Chia,Cota,Funza,Mosquera,La Mesa,Anapoima,Apulo,Tocaima"]
["2026-07-01",76520000,"PALMIRA","VALLE DEL CAUCA",18001000,"FLORENCIA","CAQUETÁ",671,"3",16,62802,8,15.15,3664747,502416,229046.69,5461.62,6210.38,260447.69,{"v":4167163,"d":"$ 4,167,163"},"FURGON","Granel Sólido","CARGADO","SI","El Cerrito,Guacari,Guadalajara De Buga,San Pedro,Tulua,Andalucia,Bugalagrande,La"]
["2026-07-01",11001000,"BOGOTA, D.C.","BOGOTÁ, D.C.",63401000,"LA TEBAIDA","QUINDIO",298,"2S2",22,62860,4,7.52,1886164,251440,85734.73,6329.41,7173.17,97163.82,{"v":2137604,"d":"$ 2,137,604"},"ESTIBAS","General","CARGADO","NO","Soacha,La Mesa,Anapoima,Apulo,Tocaima,Girardot,Ibague,Cajamarca,Calarca"]
["2026-07-01",76520000,"PALMIRA","VALLE DEL CAUCA",25286000,"FUNZA","CUNDINAMARCA",416,"2L1 Liviano entre 9 y 10.5 Tonel.",6,46071,4,8.58,1415457,184284,235909.5,3402.54,3845.53,266623.5,{"v":1599741,"d":"$ 1,599,741"},"FURGON","General","CARGADO","NO","El Cerrito,Guacari,Guadalajara De Buga,San Pedro,Tulua,Andalucia,Bugalagrande,La"]
["2026-07-01",76111000,"BUGA","VALLE DEL CAUCA",41551000,"PITALITO","HUILA",576,"2S3",27,66706,8,10.95,3281019,533648,121519.22,5696.21,6622.69,141283.96,{"v":3814667,"d":"$ 3,814,667"},"VOLCO","Granel Sólido","CARGADO","SI","San Pedro,Tulua,Andalucia,Bugalagrande,La Tebaida,Calarca,Cajamarca,Ibague,Guamo"]
["2026-07-01",76109000,"BUENAVENTURA","VALLE DEL CAUCA",5212000,"COPACABANA","ANTIOQUIA",501,"2",9,86677,8,11.8,2454283,693416,272698.11,4898.77,6282.83,349744.33,{"v":3147699,"d":"$ 3,147,699"},"FURGON REFRIGERADO","Carga Refrigerada","CARGADO","SI","Guadalajara De Buga,San Pedro,Tulua,Andalucia,Bugalagrande,Zarzal,Obando,Cartago"]
["2026-07-01",76109000,"BUENAVENTURA","VALLE DEL CAUCA",25740000,"SIBATE","CUNDINAMARCA",487,"2S2",22,76917,8,11.13,2997740,615336,136260.91,6155.52,7419.05,164230.73,{"v":3613076,"d":"$ 3,613,076"},"FURGON","General","CARGADO","NO","Guadalajara De Buga,San Pedro,Tulua,Andalucia,Bugalagrande,La Tebaida,Calarca,Ca"]
["2026-07-01",68307000,"GIRON","SANTANDER",81001000,"ARAUCA","ARAUCA",547,"3S2",31,145004,8,16.95,5239463,1160032,169014.94,9578.54,11699.26,206435.32,{"v":6399495,"d":"$ 6,399,495"},"FURGON REFRIGERADO","Carga Refrigerada","CARGADO","SI","Bucaramanga,Pamplona,Cubara,Saravena,Fortul"]
["2026-07-01",76111000,"BUGA","VALLE DEL CAUCA",41551000,"PITALITO","HUILA",576,"2_8_105",5.4,40495,4,10.65,1710147,161980,316693.89,2969.01,3250.22,346690.19,{"v":1872127,"d":"$ 1,872,127"},"ESTIBAS","General","CARGADO","SI","San Pedro,Tulua,Andalucia,Bugalagrande,La Tebaida,Calarca,Cajamarca,Ibague,Guamo"]
["2026-07-01",25817000,"TOCANCIPA","CUNDINAMARCA",85001000,"YOPAL","CASANARE",319,"2S2",22,62860,4,7.54,1693922,251440,76996.45,5310.1,6098.31,88425.55,{"v":1945362,"d":"$ 1,945,362"},"PLATAFORMA","General","CARGADO","SI","Gachancipa,Choconta,Villapinzon,Ventaquemada,Tunja,Paipa,Duitama,Tibasosa,Sogamo"]
["2026-07-01",25307000,"GIRARDOT","CUNDINAMARCA",25817000,"TOCANCIPA","CUNDINAMARCA",171,"2",9,61544,4,4.44,790152,246176,87794.67,4620.77,6060.4,115147.56,{"v":1036328,"d":"$ 1,036,328"},"FURGON","Granel Sólido","CARGADO","NO","Tocaima,Apulo,Anapoima,La Mesa,Mosquera,Funza,Cota,Chia"]
["2026-07-01",76318000,"GUACARI","VALLE DEL CAUCA",76109000,"BUENAVENTURA","VALLE DEL CAUCA",129,"2L3 Liviano entre 7.5 y 8 Tonel.",6,39217,4,3.09,373610,156868,62268.33,2896.2,4112.23,88413,{"v":530478,"d":"$ 530,478"},"ESTIBAS","General","CARGADO","SI","Guadalajara De Buga"]
["2026-07-01",76109000,"BUENAVENTURA","VALLE DEL CAUCA",50689000,"SAN MARTIN","META",652,"2S2",22,62860,8,14.93,3990663,502880,181393.77,6120.65,6891.94,204251.95,{"v":4493543,"d":"$ 4,493,543"},"ESTIBAS","General","CARGADO","NO","Guadalajara De Buga,San Pedro,Tulua,Andalucia,Bugalagrande,La Tebaida,Calarca,Ca"]
["2026-07-01",11001000,"BOGOTA, D.C.","BOGOTÁ, D.C.",25486000,"NEMOCON","CUNDINAMARCA",72,"2L1 Liviano entre 9 y 10.5 Tonel.",6,43175,4,1.66,256577,172700,42762.83,3563.57,5962.18,71546.17,{"v":429277,"d":"$ 429,277"},"ESTIBAS","General","CARGADO","SI","Chia,Cajica,Zipaquira"]
["2026-07-01",25307000,"GIRARDOT","CUNDINAMARCA",25817000,"TOCANCIPA","CUNDINAMARCA",171,"2_5_8",3.4,36221,4,3.74,552695,144884,162557.35,3232.13,4079.41,205170.29,{"v":697579,"d":"$ 697,579"},"ESTIBAS","General","CARGADO","NO","Tocaima,Apulo,Anapoima,La Mesa,Mosquera,Funza,Cota,Chia"]
["2026-07-01",76109000,"BUENAVENTURA","VALLE DEL CAUCA",73268000,"ESPINAL","TOLIMA",348,"2L2 Liviano entre 8 y 9 Tonel.",5,40112,4,7.5,1055427,160448,211085.4,3032.84,3493.89,243175,{"v":1215875,"d":"$ 1,215,875"},"ESTACAS","General","CARGADO","SI","Guadalajara De Buga,San Pedro,Tulua,Andalucia,Bugalagrande,La Tebaida,Calarca,Ca"]
["2026-07-01",76109000,"BUENAVENTURA","VALLE DEL CAUCA",25740000,"SIBATE","CUNDINAMARCA",487,"3",16,62802,8,13.12,3013039,502416,188314.94,6186.94,7218.59,219715.94,{"v":3515455,"d":"$ 3,515,455"},"FURGON","Granel Sólido","CARGADO","NO","Guadalajara De Buga,San Pedro,Tulua,Andalucia,Bugalagrande,La Tebaida,Calarca,Ca"]
["2026-07-01",25740000,"SIBATE","CUNDINAMARCA",76109000,"BUENAVENTURA","VALLE DEL CAUCA",497,"CA",5,34822,4,10.84,1419711,139288,283942.2,2856.56,3136.82,311799.8,{"v":1558999,"d":"$ 1,558,999"},"PLATAFORMA","General","CARGADO","NO","La Mesa,Anapoima,Apulo,Tocaima,Girardot,Ibague,Cajamarca,Calarca,La Tebaida,Buga"]
["2026-07-01",76520000,"PALMIRA","VALLE DEL CAUCA",11001000,"BOGOTA, D.C.","BOGOTÁ, D.C.",431,"2S3",27,63851,8,9.47,2792715,510808,103433.89,6479.62,7664.79,122352.7,{"v":3303523,"d":"$ 3,303,523"},"ESTIBAS","General","CARGADO","NO","El Cerrito,Guacari,Guadalajara De Buga,San Pedro,Tulua,Andalucia,Bugalagrande,La"]
["2026-07-01",76109000,"BUENAVENTURA","VALLE DEL CAUCA",25286000,"FUNZA","CUNDINAMARCA",481,"2S2",22,62860,8,11.08,2822215,502880,128282.5,5867.39,6912.88,151140.68,{"v":3325095,"d":"$ 3,325,095"},"ESTIBAS","General","CARGADO","NO","Guadalajara De Buga,San Pedro,Tulua,Andalucia,Bugalagrande,La Tebaida,Calarca,Ca"]
["2026-07-01",8001000,"BARRANQUILLA","ATLÁNTICO",68679000,"SAN GIL","SANTANDER",690,"2S2",22,61871,8,13.15,2832195,494968,128736.14,4104.63,4821.98,151234.68,{"v":3327163,"d":"$ 3,327,163"},"PORTACONTENEDORES","Contenedor vacío","CARGADO","SI","Puebloviejo,Cienaga,El Copey,Bosconia,Curumani,Pailitas,Pelaya,Aguachica,San Alb"]
["2026-07-01",19845000,"VILLA RICA","CAUCA",11001000,"BOGOTA, D.C.","BOGOTÁ, D.C.",469,"2",9,86677,8,10.95,2236916,693416,248546.22,4769.54,6248.04,325592.44,{"v":2930332,"d":"$ 2,930,332"},"FURGON REFRIGERADO","Carga Refrigerada","CARGADO","SI","Candelaria,El Cerrito,Guacari,Guadalajara De Buga,San Pedro,Tulua,Andalucia,Buga"]
["2026-07-01",76109000,"BUENAVENTURA","VALLE DEL CAUCA",15757000,"SOCHA","BOYACÁ",745,"2_5_8",3.4,37352,4,15.22,2126515,149408,625445.59,2854.38,3054.93,669389.12,{"v":2275923,"d":"$ 2,275,923"},"PLATAFORMA","Granel Sólido","CARGADO","NO","Guadalajara De Buga,San Pedro,Tulua,Andalucia,Bugalagrande,La Tebaida,Calarca,Ca"]
["2026-07-01",47001000,"SANTA MARTA","MAGDALENA",5360000,"ITAGÜI","ANTIOQUIA",803,"2S2",22,62860,8,15.27,4099926,502880,186360.27,5105.76,5732.01,209218.45,{"v":4602806,"d":"$ 4,602,806"},"PLATAFORMA","General","CARGADO","SI","Cienaga,Puebloviejo,Barranquilla,Soledad,Malambo,Sabanagrande,Santo Tomas,Ponede"]
["2026-07-01",73001000,"IBAGUE","TOLIMA",5154000,"CAUCASIA","ANTIOQUIA",679,"2S3",27,75310,8,14.81,4225490,602480,156499.63,6223.11,7110.41,178813.7,{"v":4827970,"d":"$ 4,827,970"},"TANQUE","Granel líquido","CARGADO","SI","Alvarado,Venadillo,Lerida,Guayabal,Mariquita,Honda,El Santuario,Marinilla,Guarne"]
["2026-07-01",73001000,"IBAGUE","TOLIMA",5148000,"EL CARMEN DE VIBORAL","ANTIOQUIA",376,"2S3",27,62754,4,7.95,2223677,251016,82358.41,5914.03,6581.63,91655.3,{"v":2474693,"d":"$ 2,474,693"},"PORTACONTENEDORES","Contenedor cargado","CARGADO","SI","Alvarado,Venadillo,Lerida,Guayabal,Mariquita,Honda,El Santuario,Marinilla,Rioneg"]
["2026-07-01",76111000,"BUGA","VALLE DEL CAUCA",5615000,"RIONEGRO","ANTIOQUIA",421,"2L2 Liviano entre 8 y 9 Tonel.",5,40112,4,8.43,1367573,160448,273514.6,3248.39,3629.5,305604.2,{"v":1528021,"d":"$ 1,528,021"},"PLATAFORMA","General","CARGADO","SI","San Pedro,Tulua,Andalucia,Bugalagrande,Zarzal,Obando,Cartago,La Virginia,La Pint"]
["2026-07-01",68547000,"PIEDECUESTA","SANTANDER",73001000,"IBAGUE","TOLIMA",518,"2S3",27,120421,8,9.49,3283010,963368,121592.96,6337.86,8197.64,157273.26,{"v":4246378,"d":"$ 4,246,378"},"FURGON REFRIGERADO","Carga Refrigerada","CARGADO","SI","Floridablanca,Giron,Lebrija,Honda,Mariquita,Guayabal,Lerida,Venadillo,Alvarado"]
["2026-07-01",8001000,"BARRANQUILLA","ATLÁNTICO",41615000,"RIVERA","HUILA",1207,"2",9,54531,8,21.18,4158643,436248,462071.44,3445.44,3806.87,510543.44,{"v":4594891,"d":"$ 4,594,891"},"ESTIBAS","General","CARGADO","SI","Puebloviejo,Cienaga,El Copey,Bosconia,Curumani,Pailitas,Pelaya,Aguachica,San Alb"]
["2026-07-01",8001000,"BARRANQUILLA","ATLÁNTICO",70670000,"SAMPUES","SUCRE",251,"2S2",22,66320,4,4.59,1237769,265280,56262.23,4931.35,5988.24,68320.41,{"v":1503049,"d":"$ 1,503,049"},"VOLCO","Granel Sólido","CARGADO","SI","Soledad,Malambo,Sabanagrande,Santo Tomas,Ponedera,Campo De La Cruz,Suan,Calamar,"]
["2026-07-01",5308000,"GIRARDOTA","ANTIOQUIA",5045000,"APARTADO","ANTIOQUIA",317,"CA",5,35954,4,6.84,844609,143816,168921.8,2664.38,3118.06,197685,{"v":988425,"d":"$ 988,425"},"ESTIBAS","Granel Sólido","CARGADO","SI","Copacabana,Bello,Medellin,San Jeronimo,Santafe De Antioquia,Cañasgordas,Uramita,"]
["2026-07-01",11001000,"BOGOTA, D.C.","BOGOTÁ, D.C.",52001000,"PASTO","NARIÑO",847,"CA",5,34822,4,17.79,2255856,139288,451171.2,2663.35,2827.8,479028.8,{"v":2395144,"d":"$ 2,395,144"},"PLATAFORMA","General","CARGADO","NO","Soacha,La Mesa,Anapoima,Apulo,Tocaima,Girardot,Ibague,Cajamarca,Calarca,La Tebai"]
["2026-07-01",76111000,"BUGA","VALLE DEL CAUCA",25286000,"FUNZA","CUNDINAMARCA",378,"3S3",34,85728,8,9.1,2880176,685824,84711.06,7619.51,9433.86,104882.35,{"v":3566000,"d":"$ 3,566,000"},"PORTACONTENEDORES","Contenedor vacío","CARGADO","SI","San Pedro,Tulua,Andalucia,Bugalagrande,La Tebaida,Calarca,Cajamarca,Ibague,Fusag"]
["2026-07-01",11001000,"BOGOTA, D.C.","BOGOTÁ, D.C.",5264000,"ENTRERRIOS","ANTIOQUIA",503,"2L1 Liviano entre 9 y 10.5 Tonel.",6,44306,4,11.37,1765511,177224,294251.83,3509.96,3862.3,323789.17,{"v":1942735,"d":"$ 1,942,735"},"ESTIBAS","Granel Sólido","CARGADO","SI","El Rosal,La Vega,Villeta,Guaduas,El Santuario,Marinilla,Guarne,Bello,Medellin,Co"]
["2026-07-01",25214000,"COTA","CUNDINAMARCA",15238000,"DUITAMA","BOYACÁ",186,"2",9,57575,4,4.32,727891,230300,80876.78,3913.39,5151.56,106465.67,{"v":958191,"d":"$ 958,191"},"VOLCO","Granel Sólido","CARGADO","SI","Chia,Tocancipa,Gachancipa,Choconta,Villapinzon,Ventaquemada,Tunja,Paipa"]
["2026-07-01",13001000,"CARTAGENA DE INDIAS","BOLÍVAR",15001000,"TUNJA","BOYACÁ",949,"2S2",22,76917,8,18.89,4972562,615336,226025.55,5239.79,5888.2,253995.36,{"v":5587898,"d":"$ 5,587,898"},"FURGON","General","CARGADO","SI","Turbaco,San Juan Nepomuceno,San Jacinto,El Carmen De Bolivar,Plato,El Dificil,Bo"]
["2026-07-01",8001000,"BARRANQUILLA","ATLÁNTICO",5045000,"APARTADO","ANTIOQUIA",570,"2S3",27,79136,8,9.88,2906043,633088,107631.22,5098.32,6209,131078.93,{"v":3539131,"d":"$ 3,539,131"},"FURGON","Granel Sólido","CARGADO","SI","Soledad,Malambo,Sabanagrande,Santo Tomas,Ponedera,Campo De La Cruz,Suan,Calamar,"]
["2026-07-01",25407000,"LENGUAZAQUE","CUNDINAMARCA",44090000,"DIBULLA","LA GUAJIRA",988,"2",9,55663,8,21.1,3567690,445304,396410,3611.02,4061.73,445888.22,{"v":4012994,"d":"$ 4,012,994"},"ESTIBAS","Granel Sólido","CARGADO","SI","Susa,Chiquinquira,Saboya,Puente Nacional,Barbosa,Guepsa,San Jose De Pare,Santana"]
["2026-07-01",76364000,"JAMUNDI","VALLE DEL CAUCA",19142000,"CALOTO","CAUCA",33,"2L1 Liviano entre 9 y 10.5 Tonel.",6,43175,4,0.81,101957,172700,16992.83,3089.61,8322.94,45776.17,{"v":274657,"d":"$ 274,657"},"ESTIBAS","General","CARGADO","SI"]
["2026-07-01",76892000,"YUMBO","VALLE DEL CAUCA",15238000,"DUITAMA","BOYACÁ",638,"2",9,54531,8,14.29,2492411,436248,276934.56,3906.6,4590.37,325406.56,{"v":2928659,"d":"$ 2,928,659"},"PORTACONTENEDORES","Contenedor cargado","CARGADO","SI","El Cerrito,Guacari,Guadalajara De Buga,San Pedro,Tulua,Andalucia,Bugalagrande,La"]
["2026-07-01",76111000,"BUGA","VALLE DEL CAUCA",25473000,"MOSQUERA","CUNDINAMARCA",377,"3",16,59540,8,9.82,2411649,476320,150728.06,6396.95,7660.4,180498.06,{"v":2887969,"d":"$ 2,887,969"},"ESTACAS","Granel Sólido","CARGADO","SI","San Pedro,Tulua,Andalucia,Bugalagrande,La Tebaida,Calarca,Cajamarca,Ibague,Fusag"]
["2026-07-01",76364000,"JAMUNDI","VALLE DEL CAUCA",15491000,"NOBSA","BOYACÁ",704,"3",16,62802,8,16.44,3959222,502416,247451.38,5623.89,6337.55,278852.38,{"v":4461638,"d":"$ 4,461,638"},"FURGON","Granel Sólido","CARGADO","SI","Villa Rica,Candelaria,El Cerrito,Guacari,Guadalajara De Buga,San Pedro,Tulua,And"]
["2026-07-01",11001000,"BOGOTA, D.C.","BOGOTÁ, D.C.",68615000,"RIONEGRO","SANTANDER",444,"2S3",27,62754,8,10.43,2108694,502032,78099.78,4749.31,5880.01,96693.56,{"v":2610726,"d":"$ 2,610,726"},"PORTACONTENEDORES","Contenedor vacío","CARGADO","SI","Chia,Cajica,Zipaquira,Sutatausa,Villa De San Diego De Ubate,Susa,Chiquinquira,Sa"]
["2026-07-01",8001000,"BARRANQUILLA","ATLÁNTICO",5686000,"SANTA ROSA DE OSOS","ANTIOQUIA",630,"2_8_105",5.4,41061,4,11.47,1806999,164244,334629.44,2868.25,3128.96,365045,{"v":1971243,"d":"$ 1,971,243"},"PLATAFORMA","Granel Sólido","CARGADO","SI","Soledad,Malambo,Sabanagrande,Santo Tomas,Ponedera,Campo De La Cruz,Suan,Calamar,"]
["2026-07-01",68001000,"BUCARAMANGA","SANTANDER",15806000,"TIBASOSA","BOYACÁ",346,"2L3 Liviano entre 7.5 y 8 Tonel.",6,71753,4,7.42,1272606,287012,212101,3678.05,4507.57,259936.33,{"v":1559618,"d":"$ 1,559,618"},"FURGON REFRIGERADO","Carga Refrigerada","CARGADO","SI","Floridablanca,Piedecuesta,Aratoca,San Gil,Pinchote,Socorro,Oiba,Santana,San Jose"]
["2026-07-01",11001000,"BOGOTA, D.C.","BOGOTÁ, D.C.",18001000,"FLORENCIA","CAQUETÁ",549,"2L3 Liviano entre 7.5 y 8 Tonel.",6,42327,4,10.64,1659880,169308,276646.67,3023.46,3331.85,304864.67,{"v":1829188,"d":"$ 1,829,188"},"FURGON","General","CARGADO","NO","Soacha,La Mesa,Anapoima,Apulo,Tocaima,Girardot,Flandes,Guamo,Saldana,Natagaima,A"]
["2026-07-01",25430000,"MADRID","CUNDINAMARCA",25899000,"ZIPAQUIRA","CUNDINAMARCA",60,"2_8_105",5.4,39930,4,1.25,193068,159720,35753.33,3217.8,5879.8,65331.11,{"v":352788,"d":"$ 352,788"},"ESTACAS","General","CARGADO","SI","Mosquera,Funza,Cota,Chia,Cajica"]
["2026-07-01",5615000,"RIONEGRO","ANTIOQUIA",52001000,"PASTO","NARIÑO",880,"2S3",27,120421,8,19.05,6409894,963368,237403.48,7283.97,8378.71,273083.78,{"v":7373262,"d":"$ 7,373,262"},"FURGON REFRIGERADO","Carga Refrigerada","CARGADO","SI","Guarne,Bello,Medellin,Itagui,La Estrella,Sabaneta,Caldas,Amaga,La Pintada,La Vir"]
["2026-07-01",8001000,"BARRANQUILLA","ATLÁNTICO",5686000,"SANTA ROSA DE OSOS","ANTIOQUIA",630,"2L1 Liviano entre 9 y 10.5 Tonel.",6,43175,4,11.47,1831240,172700,305206.67,2906.73,3180.86,333990,{"v":2003940,"d":"$ 2,003,940"},"ESTIBAS","General","CARGADO","SI","Soledad,Malambo,Sabanagrande,Santo Tomas,Ponedera,Campo De La Cruz,Suan,Calamar,"]
["2026-07-01",5756000,"SONSON","ANTIOQUIA",66170000,"DOSQUEBRADAS","RISARALDA",372,"2_8_105",5.4,39930,4,7.97,1233320,159720,228392.59,3315.38,3744.73,257970.37,{"v":1393040,"d":"$ 1,393,040"},"PLATAFORMA","General","CARGADO","SI","La Union,Rionegro,Guarne,Bello,Medellin,Itagui,La Estrella,Sabaneta,Caldas,La Pi"]
["2026-07-01",50001000,"VILLAVICENCIO","META",95001000,"SAN JOSE DEL GUAVIARE","GUAVIARE",285,"2_5_8",3.4,36221,4,4.88,710935,144884,209098.53,2494.51,3002.87,251711.47,{"v":855819,"d":"$ 855,819"},"PLATAFORMA","General","CARGADO","SI","Acacias,Guamal,San Martin,Granada,Fuente De Oro,Puerto Lleras,Puerto Concordia"]
["2026-07-01",5001000,"MEDELLIN","ANTIOQUIA",5250000,"EL BAGRE","ANTIOQUIA",362,"2S3",27,63851,4,7.94,2053972,255404,76073.04,5673.96,6379.49,85532.44,{"v":2309376,"d":"$ 2,309,376"},"ESTIBAS","General","CARGADO","SI","Bello,Copacabana,Don Matias,Santa Rosa De Osos,Yarumal,Valdivia,Taraza,Caucasia"]
["2026-07-01",11001000,"BOGOTA, D.C.","BOGOTÁ, D.C.",52835000,"TUMACO","NARIÑO",1125,"2_5_8",3.4,36221,4,23.35,3076861,144884,904959.12,2734.99,2863.77,947572.06,{"v":3221745,"d":"$ 3,221,745"},"ESTIBAS","General","CARGADO","NO","Soacha,La Mesa,Anapoima,Apulo,Tocaima,Girardot,Ibague,Cajamarca,Calarca,La Tebai"]
["2026-07-01",25430000,"MADRID","CUNDINAMARCA",17001000,"MANIZALES","CALDAS",263,"2",9,54531,8,8.61,1191756,436248,132417.33,4531.39,6190.13,180889.33,{"v":1628004,"d":"$ 1,628,004"},"ESTACAS","General","CARGADO","SI","Facatativa,Alban,Sasaima,Villeta,Guaduas,Honda,Mariquita,Fresno"]
["2026-07-01",47745000,"SITIONUEVO","MAGDALENA",11001000,"BOGOTA, D.C.","BOGOTÁ, D.C.",1015,"2_5_8",3.4,37352,4,19.97,2707870,149408,796432.35,2667.85,2815.05,840375.88,{"v":2857278,"d":"$ 2,857,278"},"ESTACAS","Granel Sólido","CARGADO","SI","Puebloviejo,Cienaga,El Copey,Bosconia,Curumani,Pailitas,Pelaya,Aguachica,San Alb"]
["2026-07-01",8001000,"BARRANQUILLA","ATLÁNTICO",44279000,"FONSECA","LA GUAJIRA",376,"2_8_105",5.4,43798,4,6.37,1084802,175192,200889.26,2885.11,3351.05,233332.22,{"v":1259994,"d":"$ 1,259,994"},"FURGON","Granel Sólido","CARGADO","SI","Puebloviejo,Cienaga,El Copey,Bosconia,Valledupar,Distraccion"]
["2026-07-01",76520000,"PALMIRA","VALLE DEL CAUCA",68001000,"BUCARAMANGA","SANTANDER",746,"2",9,54531,8,15.17,2706592,436248,300732.44,3628.14,4212.92,349204.44,{"v":3142840,"d":"$ 3,142,840"},"PORTACONTENEDORES","Contenedor cargado","CARGADO","SI","El Cerrito,Guacari,Guadalajara De Buga,San Pedro,Tulua,Andalucia,Bugalagrande,La"]
["2026-07-01",76001000,"CALI","VALLE DEL CAUCA",15238000,"DUITAMA","BOYACÁ",649,"3S3",34,87862,8,14.81,5544861,702896,163084.15,8543.7,9626.74,183757.56,{"v":6247757,"d":"$ 6,247,757"},"ESTACAS","Granel Sólido","CARGADO","NO","El Cerrito,Guacari,Guadalajara De Buga,San Pedro,Tulua,Andalucia,Bugalagrande,La"]
["2026-07-01",85010000,"AGUAZUL","CASANARE",76364000,"JAMUNDI","VALLE DEL CAUCA",833,"V4",36.9,66252,8,18.72,6628008,530016,179620.81,7956.79,8593.07,193984.39,{"v":7158024,"d":"$ 7,158,024"},"VOLCO","Granel Sólido","CARGADO","SI","Monterrey,Villanueva,Barranca De Upia,Paratebueno,Cumaral,Restrepo,Villavicencio"]
["2026-07-01",5318000,"GUARNE","ANTIOQUIA",8001000,"BARRANQUILLA","ATLÁNTICO",721,"3S3",34,86730,8,15.55,5537093,693840,162855.68,7679.74,8642.07,183262.74,{"v":6230933,"d":"$ 6,230,933"},"ESTIBAS","General","CARGADO","SI","Bello,Medellin,Copacabana,Don Matias,Santa Rosa De Osos,Yarumal,Valdivia,Taraza,"]
["2026-07-01",25430000,"MADRID","CUNDINAMARCA",17001000,"MANIZALES","CALDAS",263,"3",16,58409,8,9.22,1675665,467272,104729.06,6371.35,8148.05,133933.56,{"v":2142937,"d":"$ 2,142,937"},"PORTACONTENEDORES","Contenedor cargado","CARGADO","SI","Facatativa,Alban,Sasaima,Villeta,Guaduas,Honda,Mariquita,Fresno"]
["2026-07-01",5001000,"MEDELLIN","ANTIOQUIA",27205000,"CONDOTO","CHOCÓ",314,"2L3 Liviano entre 7.5 y 8 Tonel.",6,39217,4,11.77,1174999,156868,195833.17,3742.04,4241.61,221977.83,{"v":1331867,"d":"$ 1,331,867"},"ESTACAS","General","CARGADO","SI","Itagui,La Estrella,Sabaneta,Caldas,Amaga,Ciudad Bolivar,San Francisco De Quibdo,"]
["2026-07-01",25430000,"MADRID","CUNDINAMARCA",17001000,"MANIZALES","CALDAS",263,"3S2",31,145004,8,8.12,2725033,1160032,87904.29,10361.34,14772.11,125324.68,{"v":3885065,"d":"$ 3,885,065"},"FURGON REFRIGERADO","Carga Refrigerada","CARGADO","SI","Facatativa,Alban,Sasaima,Villeta,Guaduas,Honda,Mariquita,Fresno"]
["2026-07-01",25473000,"MOSQUERA","CUNDINAMARCA",25260000,"EL ROSAL","CUNDINAMARCA",29,"2S3",27,78005,4,0.75,315625,312020,11689.81,10883.62,21642.93,23246.11,{"v":627645,"d":"$ 627,645"},"FURGON","General","CARGADO","SI","Funza"]
["2026-07-01",5088000,"BELLO","ANTIOQUIA",5282000,"FREDONIA","ANTIOQUIA",68,"2_8_105",5.4,40495,4,1.91,253124,161980,46874.81,3722.41,6104.47,76871.11,{"v":415104,"d":"$ 415,104"},"ESTIBAS","General","CARGADO","SI","Medellin,Itagui,La Estrella,Sabaneta,Caldas,Amaga"]
["2026-07-01",54001000,"CUCUTA","NORTE DE SANTANDER",25799000,"TENJO","CUNDINAMARCA",596,"2_5_8",3.4,37352,4,12.8,1664014,149408,489415.88,2791.97,3042.65,533359.41,{"v":1813422,"d":"$ 1,813,422"},"ESTIBAS","Granel Sólido","CARGADO","SI","Los Patios,Pamplona,Bucaramanga,Floridablanca,Piedecuesta,Aratoca,San Gil,Pincho"]
["2026-07-01",5154000,"CAUCASIA","ANTIOQUIA",73001000,"IBAGUE","TOLIMA",721,"2L3 Liviano entre 7.5 y 8 Tonel.",6,40348,4,13.76,1999984,161392,333330.67,2773.9,2997.75,360229.33,{"v":2161376,"d":"$ 2,161,376"},"ESTIBAS","Granel Sólido","CARGADO","SI","Taraza,Valdivia,Yarumal,Santa Rosa De Osos,Don Matias,Cisneros,Honda,Mariquita,G"]
["2026-07-01",25286000,"FUNZA","CUNDINAMARCA",23162000,"CERETE","CÓRDOBA",807,"2S3",27,75310,8,18.19,5227912,602480,193626.37,6478.21,7224.77,215940.44,{"v":5830392,"d":"$ 5,830,392"},"TANQUE","Granel líquido","CARGADO","SI","Mosquera,Madrid,Facatativa,Alban,Sasaima,Villeta,Guaduas,El Santuario,Marinilla,"]
["2026-07-01",8001000,"BARRANQUILLA","ATLÁNTICO",8001001,"JUAN MINA","ATLÁNTICO",24,"2S2",22,62860,4,0.69,200338,251440,9106.27,8347.42,18824.08,20535.36,{"v":451778,"d":"$ 451,778"},"ESTIBAS","General","CARGADO","SI","Galapa"]
["2026-07-01",76364000,"JAMUNDI","VALLE DEL CAUCA",5756033,"JERUSALEN","ANTIOQUIA",545,"CA",5,38189,4,10.08,1452124,152756,290424.8,2664.45,2944.73,320976,{"v":1604880,"d":"$ 1,604,880"},"FURGON","Granel Sólido","CARGADO","SI","Santiago De Cali,El Cerrito,Guacari,Guadalajara De Buga,San Pedro,Tulua,Andaluci"]
["2026-07-01",15757000,"SOCHA","BOYACÁ",15646000,"SAMACA","BOYACÁ",144,"3S2",31,86847,4,3.63,985707,347388,31797,6845.19,9257.6,43003.06,{"v":1333095,"d":"$ 1,333,095"},"PLATAFORMA","Granel Sólido","CARGADO","SI","Paz De Rio,Belen,Cerinza,Santa Rosa De Viterbo,Duitama,Paipa,Tunja"]
["2026-07-01",8001001,"JUAN MINA","ATLÁNTICO",8001000,"BARRANQUILLA","ATLÁNTICO",25,"2",9,60412,4,0.84,112051,241648,12450.11,4482.04,14147.96,39299.89,{"v":353699,"d":"$ 353,699"},"FURGON","General","CARGADO","SI","Puerto Colombia"]
["2026-07-01",25817000,"TOCANCIPA","CUNDINAMARCA",8433000,"MALAMBO","ATLÁNTICO",970,"3S2",31,85716,8,20.98,6481327,685728,209075.06,6681.78,7388.72,231195.32,{"v":7167055,"d":"$ 7,167,055"},"ESTACAS","General","CARGADO","SI","Sopo,Zipaquira,Sutatausa,Villa De San Diego De Ubate,Susa,Chiquinquira,Saboya,Pu"]
["2026-07-01",8001000,"BARRANQUILLA","ATLÁNTICO",8001001,"JUAN MINA","ATLÁNTICO",24,"3",16,61671,4,0.89,214911,246684,13431.94,8954.62,19233.12,28849.69,{"v":461595,"d":"$ 461,595"},"FURGON","General","CARGADO","SI","Galapa"]
["2026-07-01",5045000,"APARTADO","ANTIOQUIA",70823000,"TOLU VIEJO","SUCRE",331,"3S3",34,87862,4,6.39,2048151,351448,60239.74,6187.77,7249.54,70576.44,{"v":2399599,"d":"$ 2,399,599"},"PLATAFORMA","Granel Sólido","CARGADO","SI","Necocli,San Juan De Uraba,San Pelayo,Santa Cruz De Lorica,San Antero,Coveñas,San"]
["2026-07-01",25430000,"MADRID","CUNDINAMARCA",15176000,"CHIQUINQUIRA","BOYACÁ",150,"3S3",34,102788,4,3.36,1180038,411152,34707,7866.92,10607.93,46799.71,{"v":1591190,"d":"$ 1,591,190"},"FURGON","Granel Sólido","CARGADO","SI","Mosquera,Funza,Cota,Chia,Cajica,Zipaquira,Sutatausa,Villa De San Diego De Ubate,"]
["2026-07-01",41298000,"GARZON","HUILA",41001000,"NEIVA","HUILA",118,"CA",5,38189,4,2.32,312911,152756,62582.2,2651.79,3946.33,93133.4,{"v":465667,"d":"$ 465,667"},"FURGON","Granel Sólido","CARGADO","SI","Gigante,Hobo,Campoalegre"]
["2026-07-01",8433000,"MALAMBO","ATLÁNTICO",85001000,"YOPAL","CASANARE",1094,"3S3",34,98323,8,24.46,8288949,786584,243792.62,7576.74,8295.73,266927.44,{"v":9075533,"d":"$ 9,075,533"},"TANQUE","Granel líquido","CARGADO","SI","Soledad,Barranquilla,Puebloviejo,Cienaga,El Copey,Bosconia,Curumani,Pailitas,Pel"]
["2026-07-01",11001000,"BOGOTA, D.C.","BOGOTÁ, D.C.",73443000,"MARIQUITA","TOLIMA",183,"2_5_8",3.4,36221,4,4.49,587911,144884,172915,3212.63,4004.34,215527.94,{"v":732795,"d":"$ 732,795"},"ESTIBAS","General","CARGADO","SI","El Rosal,La Vega,Villeta,Guaduas,Honda"]
["2026-07-01",5615000,"RIONEGRO","ANTIOQUIA",5756000,"SONSON","ANTIOQUIA",87,"3S3",34,87862,4,2.38,638797,351448,18788.15,7342.49,11382.13,29124.85,{"v":990245,"d":"$ 990,245"},"ESTIBAS","Granel Sólido","CARGADO","SI","La Ceja,La Union"]
["2026-07-01",5756000,"SONSON","ANTIOQUIA",25200000,"COGUA","CUNDINAMARCA",504,"2S3",27,78005,8,11.89,3126906,624040,115811.33,6204.18,7442.35,138923.93,{"v":3750946,"d":"$ 3,750,946"},"FURGON","General","CARGADO","SI","La Union,La Ceja,Rionegro,Marinilla,El Santuario,Guaduas,Villeta,La Vega,Cota,Ch"]
["2026-07-01",5631000,"SABANETA","ANTIOQUIA",5615000,"RIONEGRO","ANTIOQUIA",65,"2L3 Liviano entre 7.5 y 8 Tonel.",6,40348,4,1.67,228405,161392,38067.5,3513.92,5996.88,64966.17,{"v":389797,"d":"$ 389,797"},"PLATAFORMA","Granel Sólido","CARGADO","SI","Envigado,Medellin,Bello,Guarne"]
["2026-07-01",54001046,"SANTA CECILIA","NORTE DE SANTANDER",8001000,"BARRANQUILLA","ATLÁNTICO",720,"2S2",22,63992,8,14.58,3556659,511936,161666.32,4939.8,5650.83,184936.14,{"v":4068595,"d":"$ 4,068,595"},"ESTIBAS","Granel Sólido","CARGADO","SI","Cucuta,El Zulia,Abrego,Ocaña,Rio De Oro,Aguachica,Pelaya,Pailitas,Curumani,Bosco"]
["2026-07-01",5266000,"ENVIGADO","ANTIOQUIA",5376000,"LA CEJA","ANTIOQUIA",79,"2",9,54531,4,2.5,315534,218124,35059.33,3994.1,6755.16,59295.33,{"v":533658,"d":"$ 533,658"},"PORTACONTENEDORES","Contenedor vacío","CARGADO","SI","Medellin,Bello,Guarne"]
["2026-07-01",25269000,"FACATATIVA","CUNDINAMARCA",50226000,"CUMARAL","META",172,"V2",17.5,57575,4,5.83,1172496,230300,66999.77,6816.84,8155.79,80159.77,{"v":1402796,"d":"$ 1,402,796"},"VOLCO","Granel Sólido","CARGADO","SI","Madrid,Mosquera,Funza,Bogota,Chipaque,Guayabetal,Villavicencio,Restrepo"]
["2026-07-01",68307000,"GIRON","SANTANDER",68255000,"EL PLAYON","SANTANDER",55,"2",9,55663,4,1.86,254162,222652,28240.22,4621.13,8669.35,52979.33,{"v":476814,"d":"$ 476,814"},"ESTACAS","Granel Sólido","CARGADO","SI","Bucaramanga,Rionegro"]
["2026-07-01",13001000,"CARTAGENA DE INDIAS","BOLÍVAR",8634000,"SABANAGRANDE","ATLÁNTICO",117,"2S3",27,78005,4,2.18,599075,312020,22187.96,5120.3,7787.14,33744.26,{"v":911095,"d":"$ 911,095"},"FURGON","General","CARGADO","SI","Clemencia,Santa Catalina,Luruaco,Sabanalarga,Santo Tomas"]
["2026-07-01",11001000,"BOGOTA, D.C.","BOGOTÁ, D.C.",73275000,"FLANDES","TOLIMA",134,"3S2",31,100350,4,3.73,1128849,401400,36414.48,8424.25,11419.77,49362.87,{"v":1530249,"d":"$ 1,530,249"},"FURGON","General","CARGADO","SI","Soacha,Silvania,Fusagasuga"]
["2026-07-01",54001000,"CUCUTA","NORTE DE SANTANDER",5318000,"GUARNE","ANTIOQUIA",619,"2_5_8",3.4,36221,4,12.8,1755101,144884,516206.18,2835.38,3069.44,558819.12,{"v":1899985,"d":"$ 1,899,985"},"PLATAFORMA","General","CARGADO","SI","Los Patios,Pamplona,Bucaramanga,Giron,Lebrija,Cisneros,Copacabana,Bello,Medellin"]
["2026-07-01",5001000,"MEDELLIN","ANTIOQUIA",76109000,"BUENAVENTURA","VALLE DEL CAUCA",456,"3S2",31,101482,8,10.8,3547195,811856,114425.65,7778.94,9559.32,140614.55,{"v":4359051,"d":"$ 4,359,051"},"FURGON","Granel Sólido","CARGADO","NO","Itagui,La Estrella,Sabaneta,Caldas,Santa Barbara,La Pintada,La Union,Roldanillo,"]
["2026-07-01",15759000,"SOGAMOSO","BOYACÁ",8433000,"MALAMBO","ATLÁNTICO",949,"2L1 Liviano entre 9 y 10.5 Tonel.",6,44306,4,17.82,2775435,177224,462572.5,2924.59,3111.34,492109.83,{"v":2952659,"d":"$ 2,952,659"},"PLATAFORMA","Granel Sólido","CARGADO","SI","Duitama,Paipa,Tunja,Arcabuco,Moniquira,Barbosa,Guepsa,San Jose De Pare,Santana,O"]
["2026-07-01",76001000,"CALI","VALLE DEL CAUCA",19845000,"VILLA RICA","CAUCA",37,"2_5_8",3.4,36221,4,0.93,119537,144884,35157.94,3230.73,7146.51,77770.88,{"v":264421,"d":"$ 264,421"},"ESTACAS","General","CARGADO","SI","Jamundi"]
["2026-07-01",52356000,"IPIALES","NARIÑO",5318000,"GUARNE","ANTIOQUIA",934,"2S3",27,64983,8,21.09,5695340,519864,210938.52,6097.79,6654.39,230192.74,{"v":6215204,"d":"$ 6,215,204"},"ESTIBAS","Granel Sólido","CARGADO","SI","Tangua,San Juan De Pasto,Chachagui,El Bordo,Rosas,Timbio,Popayan,Piendamo,Santan"]
["2026-07-01",85139000,"MANI","CASANARE",85162000,"MONTERREY","CASANARE",134,"2",9,86677,4,2.77,581710,346708,64634.44,4341.12,6928.49,103157.56,{"v":928418,"d":"$ 928,418"},"FURGON REFRIGERADO","Carga Refrigerada","CARGADO","SI","Aguazul"]
["2026-07-01",76520000,"PALMIRA","VALLE DEL CAUCA",73001000,"IBAGUE","TOLIMA",240,"2L1 Liviano entre 9 y 10.5 Tonel.",6,76057,4,4.97,977150,304228,162858.33,4071.46,5339.08,213563,{"v":1281378,"d":"$ 1,281,378"},"FURGON REFRIGERADO","Carga Refrigerada","CARGADO","SI","El Cerrito,Guacari,Guadalajara De Buga,San Pedro,Tulua,Andalucia,Bugalagrande,La"]
["2026-07-01",5756033,"JERUSALEN","ANTIOQUIA",73001000,"IBAGUE","TOLIMA",255,"3",16,59540,4,5.32,1378071,238160,86129.44,5404.2,6338.16,101014.44,{"v":1616231,"d":"$ 1,616,231"},"ESTACAS","Granel Sólido","CARGADO","SI","Honda,Mariquita,Guayabal,Lerida,Venadillo,Alvarado"]
["2026-07-01",66001000,"PEREIRA","RISARALDA",25799000,"TENJO","CUNDINAMARCA",339,"2S2",22,78048,8,9.6,2225022,624384,101137.36,6563.49,8405.33,129518.45,{"v":2849406,"d":"$ 2,849,406"},"FURGON","Granel Sólido","CARGADO","SI","Dosquebradas,Santa Rosa De Cabal,Chinchina,Manizales,Villamaria,Fresno,Mariquita"]
["2026-07-01",5234000,"DABEIBA","ANTIOQUIA",73001000,"IBAGUE","TOLIMA",478,"3S3",34,85728,8,12.36,3399832,685824,99995.06,7112.62,8547.4,120166.35,{"v":4085656,"d":"$ 4,085,656"},"PORTACONTENEDORES","Contenedor vacío","CARGADO","SI","Uramita,Cañasgordas,Santafe De Antioquia,La Pintada,Chinchina,Santa Rosa De Caba"]
["2026-07-01",76869000,"VIJES","VALLE DEL CAUCA",76109000,"BUENAVENTURA","VALLE DEL CAUCA",130,"3S2",31,100350,4,3.58,1065623,401400,34374.94,8197.1,11284.79,47323.32,{"v":1467023,"d":"$ 1,467,023"},"FURGON","General","CARGADO","SI","Yotoco"]
["2026-07-01",47001000,"SANTA MARTA","MAGDALENA",25224000,"CUCUNUBA","CUNDINAMARCA",872,"3S3",34,101656,8,18.97,6490422,813248,190894.76,7443.14,8375.77,214813.82,{"v":7303670,"d":"$ 7,303,670"},"FURGON","General","CARGADO","SI","Cienaga,El Copey,Bosconia,Curumani,Pailitas,Pelaya,Aguachica,San Alberto,La Espe"]
["2026-07-01",76001000,"CALI","VALLE DEL CAUCA",5652010,"RIO CLARO","ANTIOQUIA",525,"2S3",27,62754,8,10.09,3091202,502032,114488.96,5888,6844.26,133082.74,{"v":3593234,"d":"$ 3,593,234"},"PORTACONTENEDORES","Contenedor cargado","CARGADO","SI","El Cerrito,Guacari,Guadalajara De Buga,San Pedro,Tulua,Andalucia,Bugalagrande,La"]
["2026-07-01",5001000,"MEDELLIN","ANTIOQUIA",68307000,"GIRON","SANTANDER",378,"2_5_8",3.4,64759,4,7.32,1268857,259036,373193.24,3356.76,4042.04,449380.29,{"v":1527893,"d":"$ 1,527,893"},"FURGON REFRIGERADO","Carga Refrigerada","CARGADO","SI","Bello,Copacabana,Cisneros,Lebrija"]
["2026-07-01",23162000,"CERETE","CÓRDOBA",5001000,"MEDELLIN","ANTIOQUIA",423,"3",16,58409,8,10.49,2425233,467272,151577.06,5733.41,6838.07,180781.56,{"v":2892505,"d":"$ 2,892,505"},"PORTACONTENEDORES","Contenedor cargado","CARGADO","SI","Monteria,Planeta Rica,Buenavista,La Apartada Y La Frontera,Caucasia,Taraza,Valdi"]
["2026-07-01",11001000,"BOGOTA, D.C.","BOGOTÁ, D.C.",50573000,"PUERTO LOPEZ","META",199,"3S3",34,86730,4,5.19,2001244,346920,58860.12,10056.5,11799.82,69063.65,{"v":2348164,"d":"$ 2,348,164"},"PLATAFORMA","General","CARGADO","SI","Chipaque,Guayabetal,Villavicencio"]
["2026-07-01",25407000,"LENGUAZAQUE","CUNDINAMARCA",15537000,"PAZ DE RIO","BOYACÁ",279,"2S3",27,62754,4,6.18,1599070,251016,59224.81,5731.43,6631.13,68521.7,{"v":1850086,"d":"$ 1,850,086"},"PORTACONTENEDORES","Contenedor cargado","CARGADO","SI","Villa De San Diego De Ubate,Sutatausa,Zipaquira,Sopo,Tocancipa,Gachancipa,Chocon"]
["2026-07-01",5154000,"CAUCASIA","ANTIOQUIA",13001000,"CARTAGENA DE INDIAS","BOLÍVAR",371,"CA",5,38189,4,6.46,991957,152756,198391.4,2673.74,3085.48,228942.6,{"v":1144713,"d":"$ 1,144,713"},"FURGON","Granel Sólido","CARGADO","SI","La Apartada Y La Frontera,Buenavista,Planeta Rica,Pueblo Nuevo,Sahagun,Chinu,Sam"]
["2026-07-01",8078000,"BARANOA","ATLÁNTICO",47001000,"SANTA MARTA","MAGDALENA",130,"2_5_8",3.4,36221,4,2.38,389037,144884,114422.65,2992.59,4107.08,157035.59,{"v":533921,"d":"$ 533,921"},"PLATAFORMA","General","CARGADO","SI","Galapa,Barranquilla,Soledad,Puebloviejo,Cienaga"]
["2026-07-01",25817000,"TOCANCIPA","CUNDINAMARCA",23001000,"MONTERIA","CÓRDOBA",879,"3",16,59540,8,21.43,4894135,476320,305883.44,5567.84,6109.73,335653.44,{"v":5370455,"d":"$ 5,370,455"},"ESTIBAS","Granel Sólido","CARGADO","SI","Chia,Cota,El Rosal,La Vega,Villeta,Guaduas,Cisneros,Don Matias,Santa Rosa De Oso"]
["2026-07-01",25430000,"MADRID","CUNDINAMARCA",76892000,"YUMBO","VALLE DEL CAUCA",449,"2L1 Liviano entre 9 y 10.5 Tonel.",6,43175,4,9.35,1540550,172700,256758.33,3431.07,3815.7,285541.67,{"v":1713250,"d":"$ 1,713,250"},"ESTIBAS","General","CARGADO","SI","Mosquera,Silvania,Fusagasuga,Ibague,Cajamarca,Calarca,La Tebaida,Bugalagrande,An"]
["2026-07-01",68081000,"BARRANCABERMEJA","SANTANDER",85010000,"AGUAZUL","CASANARE",590,"2L1 Liviano entre 9 y 10.5 Tonel.",6,44306,4,12.79,1859802,177224,309967,3152.21,3452.59,339504.33,{"v":2037026,"d":"$ 2,037,026"},"ESTACAS","Granel Sólido","CARGADO","SI","Lebrija,Giron,Floridablanca,Piedecuesta,Aratoca,San Gil,Pinchote,Socorro,Oiba,Sa"]
["2026-07-01",47001000,"SANTA MARTA","MAGDALENA",5615000,"RIONEGRO","ANTIOQUIA",831,"2L3 Liviano entre 7.5 y 8 Tonel.",6,39217,4,15.55,2383958,156868,397326.33,2868.78,3057.55,423471,{"v":2540826,"d":"$ 2,540,826"},"ESTACAS","General","CARGADO","SI","Cienaga,Puebloviejo,Barranquilla,Soledad,Malambo,Sabanagrande,Santo Tomas,Ponede"]
["2026-07-01",76109000,"BUENAVENTURA","VALLE DEL CAUCA",5129000,"CALDAS","ANTIOQUIA",464,"3S2",31,86847,8,10.97,3699969,694776,119353.84,7974.07,9471.43,141765.97,{"v":4394745,"d":"$ 4,394,745"},"ESTIBAS","Granel Sólido","CARGADO","SI","Guadalajara De Buga,San Pedro,Tulua,Andalucia,Bugalagrande,Zarzal,Obando,Cartago"]
["2026-07-01",52356000,"IPIALES","NARIÑO",5308000,"GIRARDOTA","ANTIOQUIA",928,"3S3",34,86730,8,22.4,7486444,693840,220189.53,8067.29,8814.96,240596.59,{"v":8180284,"d":"$ 8,180,284"},"PLATAFORMA","General","CARGADO","SI","Tangua,San Juan De Pasto,Chachagui,El Bordo,Rosas,Timbio,Popayan,Piendamo,Santan"]
["2026-07-01",11001000,"BOGOTA, D.C.","BOGOTÁ, D.C.",68190000,"CIMITARRA","SANTANDER",300,"3S3",34,87862,4,7.37,2272838,351448,66848.18,7576.13,8747.62,77184.88,{"v":2624286,"d":"$ 2,624,286"},"ESTIBAS","Granel Sólido","CARGADO","SI","Chia,Cajica,Zipaquira,Sutatausa,Villa De San Diego De Ubate,Susa,Chiquinquira,Sa"]
["2026-07-01",25286000,"FUNZA","CUNDINAMARCA",68276000,"FLORIDABLANCA","SANTANDER",399,"2S3",27,64983,8,9.29,2311333,519864,85604.93,5792.81,7095.73,104859.15,{"v":2831197,"d":"$ 2,831,197"},"PLATAFORMA","Granel Sólido","CARGADO","SI","Cota,Chia,Cajica,Zipaquira,Sutatausa,Villa De San Diego De Ubate,Susa,Chiquinqui"]
["2026-07-01",25473000,"MOSQUERA","CUNDINAMARCA",68081000,"BARRANCABERMEJA","SANTANDER",410,"2_8_105",5.4,39930,4,7.92,1194204,159720,221148.89,2912.69,3302.25,250726.67,{"v":1353924,"d":"$ 1,353,924"},"PLATAFORMA","General","CARGADO","SI","Madrid,Facatativa,Alban,Sasaima,Villeta,Guaduas"]
["2026-07-01",25286000,"FUNZA","CUNDINAMARCA",25899000,"ZIPAQUIRA","CUNDINAMARCA",51,"2S2",22,76917,4,1.11,322181,307668,14644.59,6317.27,12349.98,28629.5,{"v":629849,"d":"$ 629,849"},"FURGON","General","CARGADO","SI","Cota,Chia,Cajica"]
["2026-07-01",8001000,"BARRANQUILLA","ATLÁNTICO",47555000,"PLATO","MAGDALENA",212,"2S2",22,62860,4,3.83,1011931,251440,45996.86,4773.26,5959.3,57425.95,{"v":1263371,"d":"$ 1,263,371"},"PLATAFORMA","General","CARGADO","SI","Soledad,Malambo,Sabanagrande,Santo Tomas,Ponedera,Campo De La Cruz,Suan,Calamar,"]
["2026-07-01",63001000,"ARMENIA","QUINDIO",5360000,"ITAGÜI","ANTIOQUIA",289,"3",16,59540,8,8.13,1952829,476320,122051.81,6757.19,8405.36,151821.81,{"v":2429149,"d":"$ 2,429,149"},"ESTIBAS","Granel Sólido","CARGADO","SI","Circasia,Pereira,Dosquebradas,Santa Rosa De Cabal,Chinchina,La Pintada,Amaga,Cal"]
["2026-07-01",76520000,"PALMIRA","VALLE DEL CAUCA",76834000,"TULUA","VALLE DEL CAUCA",73,"2S3",27,62754,4,1.43,393563,251016,14576.41,5391.27,8829.85,23873.3,{"v":644579,"d":"$ 644,579"},"PORTACONTENEDORES","Contenedor vacío","CARGADO","SI","El Cerrito,Guacari,Guadalajara De Buga,San Pedro"]
["2026-07-01",25758006,"BRICENO","CUNDINAMARCA",25839000,"UBALA","CUNDINAMARCA",100,"3S2",31,89209,4,2.91,789772,356836,25476.52,7897.72,11466.08,36987.35,{"v":1146608,"d":"$ 1,146,608"},"VOLCO","Granel Sólido","CARGADO","SI","Sopo,Guasca,Gacheta"]
["2026-07-01",85440000,"VILLANUEVA","CASANARE",85162000,"MONTERREY","CASANARE",46,"2S2",22,119585,4,1.02,433101,478340,19686.41,9415.24,19813.93,41429.14,{"v":911441,"d":"$ 911,441"},"FURGON REFRIGERADO","Carga Refrigerada","CARGADO","SI"]
["2026-07-01",15757000,"SOCHA","BOYACÁ",25317000,"GUACHETA","CUNDINAMARCA",300,"3S3",34,86730,4,7.09,2250899,346920,66202.91,7503,8659.4,76406.44,{"v":2597819,"d":"$ 2,597,819"},"PLATAFORMA","General","CARGADO","SI","Paz De Rio,Belen,Cerinza,Santa Rosa De Viterbo,Duitama,Paipa,Tunja,Villapinzon,C"]
["2026-07-01",76111000,"BUGA","VALLE DEL CAUCA",76520000,"PALMIRA","VALLE DEL CAUCA",48,"2",9,55663,4,1.19,195211,222652,21690.11,4066.9,8705.48,46429.22,{"v":417863,"d":"$ 417,863"},"PLATAFORMA","Granel Sólido","CARGADO","SI","Guacari,El Cerrito"]
["2026-07-01",5001000,"MEDELLIN","ANTIOQUIA",27001000,"QUIBDO","CHOCÓ",229,"2S2",22,66320,8,8.03,1534294,530560,69740.64,6699.97,9016.83,93857,{"v":2064854,"d":"$ 2,064,854"},"VOLCO","Granel Sólido","CARGADO","SI","Itagui,La Estrella,Sabaneta,Caldas,Amaga,Ciudad Bolivar"]
["2026-07-01",25817000,"TOCANCIPA","CUNDINAMARCA",25754000,"SOACHA","CUNDINAMARCA",65,"2",9,61544,4,1.49,235788,246176,26198.67,3627.51,7414.83,53551.56,{"v":481964,"d":"$ 481,964"},"FURGON","Granel Sólido","CARGADO","SI","Bogota"]
["2026-07-01",47245000,"EL BANCO","MAGDALENA",8001000,"BARRANQUILLA","ATLÁNTICO",345,"3S3",34,87862,4,6.46,2385638,351448,70165.82,6914.89,7933.58,80502.53,{"v":2737086,"d":"$ 2,737,086"},"ESTACAS","Granel Sólido","CARGADO","SI","El Paso,Bosconia,El Copey,Cienaga,Puebloviejo"]
["2026-07-01",76520000,"PALMIRA","VALLE DEL CAUCA",76834000,"TULUA","VALLE DEL CAUCA",73,"3S3",34,146310,4,1.59,798342,585240,23480.65,10936.19,18953.18,40693.59,{"v":1383582,"d":"$ 1,383,582"},"FURGON REFRIGERADO","Carga Refrigerada","CARGADO","SI","El Cerrito,Guacari,Guadalajara De Buga,San Pedro"]
["2026-07-01",85001000,"YOPAL","CASANARE",85162000,"MONTERREY","CASANARE",102,"2",9,61544,4,2.26,364507,246176,40500.78,3573.6,5987.09,67853.67,{"v":610683,"d":"$ 610,683"},"FURGON","Granel Sólido","CARGADO","SI","Aguazul"]
["2026-07-01",68001000,"BUCARAMANGA","SANTANDER",68276000,"FLORIDABLANCA","SANTANDER",9,"2L3 Liviano entre 7.5 y 8 Tonel.",6,40348,4,0.38,37437,161392,6239.5,4159.67,22092.11,33138.17,{"v":198829,"d":"$ 198,829"},"ESTIBAS","Granel Sólido","CARGADO","SI"]
["2026-07-01",5001000,"MEDELLIN","ANTIOQUIA",19573000,"PUERTO TEJADA","CAUCA",460,"CA",5,61390,4,8.84,1527452,245560,305490.4,3320.55,3854.37,354602.4,{"v":1773012,"d":"$ 1,773,012"},"FURGON REFRIGERADO","Carga Refrigerada","CARGADO","SI","Itagui,La Estrella,Sabaneta,Caldas,Amaga,La Pintada,La Virginia,Cartago,Obando,Z"]
["2026-07-01",20001000,"VALLEDUPAR","CESAR",25286000,"FUNZA","CUNDINAMARCA",871,"3S2",31,84854,8,17.43,4511841,678832,145543.26,5180.07,5959.44,167441.06,{"v":5190673,"d":"$ 5,190,673"},"PORTACONTENEDORES","Contenedor vacío","CARGADO","SI","Bosconia,Curumani,Pailitas,Pelaya,Aguachica,San Alberto,Guaduas,Villeta,Sasaima,"]
["2026-07-01",19698000,"SANTANDER DE QUILICHAO","CAUCA",76622005,"CANDELARIA","VALLE DEL CAUCA",199,"2",9,55663,4,3.74,713132,222652,79236.89,3583.58,4702.43,103976,{"v":935784,"d":"$ 935,784"},"ESTACAS","Granel Sólido","CARGADO","SI","Villa Rica,Candelaria,El Cerrito,Guacari,Guadalajara De Buga,San Pedro,Tulua,And"]
["2026-07-01",19455000,"MIRANDA","CAUCA",76109000,"BUENAVENTURA","VALLE DEL CAUCA",195,"3S2",31,86847,4,4.75,1362839,347388,43962.55,6988.92,8770.39,55168.61,{"v":1710227,"d":"$ 1,710,227"},"PLATAFORMA","Granel Sólido","CARGADO","SI","Florida,Pradera,Palmira,El Cerrito,Guacari,Guadalajara De Buga"]
["2026-07-01",76834000,"TULUA","VALLE DEL CAUCA",66001000,"PEREIRA","RISARALDA",115,"2_8_105",5.4,41061,4,2.25,347626,164244,64375.19,3022.83,4451.04,94790.74,{"v":511870,"d":"$ 511,870"},"ESTIBAS","Granel Sólido","CARGADO","SI","Andalucia,Bugalagrande,Zarzal,Obando,Cartago"]
["2026-07-01",8001000,"BARRANQUILLA","ATLÁNTICO",47288000,"FUNDACION","MAGDALENA",142,"2_5_8",3.4,37352,4,2.6,434685,149408,127848.53,3061.16,4113.33,171792.06,{"v":584093,"d":"$ 584,093"},"PLATAFORMA","Granel Sólido","CARGADO","SI","Puebloviejo,Cienaga"]
["2026-07-01",11001000,"BOGOTA, D.C.","BOGOTÁ, D.C.",50006000,"ACACIAS","META",139,"2",9,54531,4,4.4,795885,218124,88431.67,5725.79,7295.03,112667.67,{"v":1014009,"d":"$ 1,014,009"},"PORTACONTENEDORES","Contenedor vacío","CARGADO","SI","Chipaque,Guayabetal,Villavicencio"]
["2026-07-01",5308000,"GIRARDOTA","ANTIOQUIA",47001000,"SANTA MARTA","MAGDALENA",770,"3S2",31,98908,8,16.07,5540412,791264,178722.97,7195.34,8222.96,204247.61,{"v":6331676,"d":"$ 6,331,676"},"TANQUE","Granel líquido","CARGADO","SI","Don Matias,Santa Rosa De Osos,Yarumal,Valdivia,Taraza,Caucasia,La Apartada Y La "]
["2026-07-01",5308000,"GIRARDOTA","ANTIOQUIA",68001000,"BUCARAMANGA","SANTANDER",363,"2S3",27,64983,4,7.5,2084046,259932,77186.89,5741.17,6457.24,86814,{"v":2343978,"d":"$ 2,343,978"},"ESTIBAS","Granel Sólido","CARGADO","SI","Cisneros,Lebrija,Giron"]
["2026-07-01",5308000,"GIRARDOTA","ANTIOQUIA",5440000,"MARINILLA","ANTIOQUIA",59,"2L3 Liviano entre 7.5 y 8 Tonel.",6,42327,4,1.62,222811,169308,37135.17,3776.46,6646.08,65353.17,{"v":392119,"d":"$ 392,119"},"FURGON","General","CARGADO","SI","Copacabana,Bello,Medellin,Guarne"]
["2026-07-01",11001000,"BOGOTA, D.C.","BOGOTÁ, D.C.",76233000,"DAGUA","VALLE DEL CAUCA",455,"2S2",22,75644,8,10.62,2749330,605152,124969.55,6042.48,7372.49,152476.45,{"v":3354482,"d":"$ 3,354,482"},"TANQUE","Granel líquido","CARGADO","SI","Soacha,Silvania,Fusagasuga,Ibague,Cajamarca,Calarca,La Tebaida,Bugalagrande,Anda"]
["2026-07-01",25286000,"FUNZA","CUNDINAMARCA",18001000,"FLORENCIA","CAQUETÁ",544,"2",9,54531,8,11.84,2137956,436248,237550.67,3930.07,4731.99,286022.67,{"v":2574204,"d":"$ 2,574,204"},"ESTIBAS","General","CARGADO","SI","Mosquera,Silvania,Fusagasuga,Guamo,Saldana,Natagaima,Aipe,Campoalegre,Hobo,Gigan"]
["2026-07-01",85010000,"AGUAZUL","CASANARE",68081010,"LA FORTUNA","SANTANDER",549,"2",9,57575,8,14.8,2258672,460600,250963.56,4114.16,4953.14,302141.33,{"v":2719272,"d":"$ 2,719,272"},"VOLCO","Granel Sólido","CARGADO","SI","Pajarito,Sogamoso,Tibasosa,Duitama,Paipa,Tunja,Arcabuco,Moniquira,Barbosa,Guepsa"]
["2026-07-01",25126000,"CAJICA","CUNDINAMARCA",5001000,"MEDELLIN","ANTIOQUIA",435,"2S3",27,79136,8,10.6,2926943,633088,108405.3,6728.6,8183.98,131853,{"v":3560031,"d":"$ 3,560,031"},"FURGON","Granel Sólido","CARGADO","SI","Chia,Cota,El Rosal,La Vega,Villeta,Guaduas,El Santuario,Marinilla,Guarne,Bello"]
["2026-07-01",5308000,"GIRARDOTA","ANTIOQUIA",5440000,"MARINILLA","ANTIOQUIA",59,"3S2",31,145004,4,1.85,746330,580016,24075.16,12649.66,22480.44,42785.35,{"v":1326346,"d":"$ 1,326,346"},"FURGON REFRIGERADO","Carga Refrigerada","CARGADO","SI","Copacabana,Bello,Medellin,Guarne"]
["2026-07-01",25430000,"MADRID","CUNDINAMARCA",76892000,"YUMBO","VALLE DEL CAUCA",449,"2_5_8",3.4,38689,4,9.35,1405785,154756,413466.18,3130.92,3475.59,458982.65,{"v":1560541,"d":"$ 1,560,541"},"FURGON","General","CARGADO","SI","Mosquera,Silvania,Fusagasuga,Ibague,Cajamarca,Calarca,La Tebaida,Bugalagrande,An"]
["2026-07-01",47288000,"FUNDACION","MAGDALENA",47001000,"SANTA MARTA","MAGDALENA",94,"2S3",27,63851,4,1.77,473748,255404,17546.22,5039.87,7756.94,27005.63,{"v":729152,"d":"$ 729,152"},"ESTACAS","General","CARGADO","SI","Aracataca"]
["2026-07-01",5380000,"LA ESTRELLA","ANTIOQUIA",25286000,"FUNZA","CUNDINAMARCA",417,"V4",36.9,66252,8,10.98,3516312,530016,95293.01,8432.4,9703.42,109656.59,{"v":4046328,"d":"$ 4,046,328"},"VOLCO","Granel Sólido","CARGADO","SI","Sabaneta,Envigado,Medellin,Bello,Guarne,Marinilla,El Santuario,Guaduas,Villeta,S"]
["2026-07-01",85001000,"YOPAL","CASANARE",15759000,"SOGAMOSO","BOYACÁ",596,"CA",5,35954,4,11.15,1734267,143816,346853.4,2909.84,3151.15,375616.6,{"v":1878083,"d":"$ 1,878,083"},"ESTACAS","Granel Sólido","CARGADO","NO","Aguazul,Monterrey,Villanueva,Barranca De Upia,Paratebueno,Cumaral,Restrepo,Villa"]
["2026-07-01",5360000,"ITAGÜI","ANTIOQUIA",25754000,"SOACHA","CUNDINAMARCA",435,"2L1 Liviano entre 9 y 10.5 Tonel.",6,44306,4,9.59,1552095,177224,258682.5,3568.03,3975.45,288219.83,{"v":1729319,"d":"$ 1,729,319"},"PLATAFORMA","Granel Sólido","CARGADO","SI","Envigado,Medellin,Bello,Guarne,Marinilla,El Santuario,Guaduas,Villeta,Sasaima,Al"]
["2026-07-01",20295000,"GAMARRA","CESAR",54720000,"SARDINATA","NORTE DE SANTANDER",210,"2_8_105",5.4,42101,4,4.81,633449,168404,117305.37,3016.42,3818.35,148491.3,{"v":801853,"d":"$ 801,853"},"FURGON","General","CARGADO","SI","Aguachica,Rio De Oro,Ocaña,Abrego"]
["2026-07-01",5045000,"APARTADO","ANTIOQUIA",47001000,"SANTA MARTA","MAGDALENA",655,"2S3",27,63851,8,11.22,3121116,510808,115596.89,4765.06,5544.92,134515.7,{"v":3631924,"d":"$ 3,631,924"},"ESTIBAS","General","CARGADO","SI","Necocli,San Juan De Uraba,San Pelayo,Cerete,Cienaga De Oro,Sahagun,Chinu,Sampues"]
["2026-07-01",5615000,"RIONEGRO","ANTIOQUIA",5652010,"RIO CLARO","ANTIOQUIA",114,"3S2",31,89209,4,3.57,979110,356836,31584.19,8588.68,11718.82,43095.03,{"v":1335946,"d":"$ 1,335,946"},"VOLCO","Granel Sólido","CARGADO","SI","Marinilla,El Santuario"]
["2026-07-01",13001000,"CARTAGENA DE INDIAS","BOLÍVAR",20400000,"LA JAGUA DE IBIRICO","CESAR",389,"2S3",27,63851,4,6.74,2003361,255404,74198.56,5150.03,5806.59,83657.96,{"v":2258765,"d":"$ 2,258,765"},"ESTIBAS","General","CARGADO","SI","Turbaco,San Juan Nepomuceno,San Jacinto,El Carmen De Bolivar,Plato,El Dificil,Bo"]
["2026-07-01",25040000,"ANOLAIMA","CUNDINAMARCA",25286000,"FUNZA","CUNDINAMARCA",53,"2",9,54531,4,1.77,252458,218124,28050.89,4763.36,8878.91,52286.89,{"v":470582,"d":"$ 470,582"},"ESTIBAS","General","CARGADO","SI","Zipacon,Facatativa,Madrid,Mosquera"]
["2026-07-01",76109000,"BUENAVENTURA","VALLE DEL CAUCA",66075000,"BALBOA","RISARALDA",269,"3",16,64943,4,7.01,1560960,259772,97560,5802.83,6768.52,113795.75,{"v":1820732,"d":"$ 1,820,732"},"TANQUE","Granel líquido","CARGADO","SI","Guadalajara De Buga,San Pedro,Tulua,Andalucia,Bugalagrande,Zarzal,Obando,Cartago"]
["2026-07-01",5837000,"TURBO","ANTIOQUIA",5266000,"ENVIGADO","ANTIOQUIA",337,"3S3",34,98323,8,8.32,2760722,786584,81197.71,8192.05,10526.13,104332.53,{"v":3547306,"d":"$ 3,547,306"},"TANQUE","Granel líquido","CARGADO","SI","Chigorodo,Mutata,Dabeiba,Uramita,Cañasgordas,Santafe De Antioquia,San Jeronimo,M"]
["2026-07-01",5652010,"RIO CLARO","ANTIOQUIA",41001000,"NEIVA","HUILA",452,"2S3",27,63851,4,7.91,2541293,255404,94121.96,5622.33,6187.38,103581.37,{"v":2796697,"d":"$ 2,796,697"},"ESTACAS","General","CARGADO","SI","Honda,Mariquita,Guayabal,Lerida,Venadillo,Alvarado,Ibague,Guamo,Saldana,Natagaim"]
["2026-07-01",68679000,"SAN GIL","SANTANDER",8001000,"BARRANQUILLA","ATLÁNTICO",692,"3S3",34,98323,8,14.47,5233573,786584,153928.62,7562.97,8699.65,177063.44,{"v":6020157,"d":"$ 6,020,157"},"TANQUE","Granel líquido","CARGADO","SI","Aratoca,Piedecuesta,Floridablanca,Giron,Bucaramanga,Rionegro,El Playon,La Espera"]
["2026-07-01",8433000,"MALAMBO","ATLÁNTICO",20013000,"AGUSTIN CODAZZI","CESAR",306,"3",16,64943,4,5.84,1524083,259772,95255.19,4980.66,5829.59,111490.94,{"v":1783855,"d":"$ 1,783,855"},"TANQUE","Granel líquido","CARGADO","SI","Soledad,Barranquilla,Puebloviejo,Cienaga,El Copey,Bosconia"]
["2026-07-01",95001000,"SAN JOSE DEL GUAVIARE","GUAVIARE",54001000,"CUCUTA","NORTE DE SANTANDER",971,"3",16,58409,8,24.94,4446859,467272,277928.69,4579.67,5060.9,307133.19,{"v":4914131,"d":"$ 4,914,131"},"PORTACONTENEDORES","Contenedor vacío","CARGADO","SI","Puerto Concordia,Puerto Lleras,Fuente De Oro,Granada,San Martin,Guamal,Acacias,V"]
["2026-07-01",5652010,"RIO CLARO","ANTIOQUIA",41001000,"NEIVA","HUILA",452,"3",16,59540,8,8.91,2380610,476320,148788.12,5266.84,6320.64,178558.12,{"v":2856930,"d":"$ 2,856,930"},"ESTIBAS","Granel Sólido","CARGADO","SI","Honda,Mariquita,Guayabal,Lerida,Venadillo,Alvarado,Ibague,Guamo,Saldana,Natagaim"]
["2026-07-01",68092000,"BETULIA","SANTANDER",8001000,"BARRANQUILLA","ATLÁNTICO",696,"2L1 Liviano entre 9 y 10.5 Tonel.",6,46071,4,13.24,2063028,184284,343838,2964.12,3228.9,374552,{"v":2247312,"d":"$ 2,247,312"},"FURGON","General","CARGADO","SI","San Alberto,San Martin,Aguachica,Pelaya,Pailitas,Curumani,Bosconia,El Copey,Cien"]
["2026-07-01",47001000,"SANTA MARTA","MAGDALENA",5664000,"SAN PEDRO DE LOS MILAGROS","ANTIOQUIA",755,"3S3",34,86730,8,15.62,5535704,693840,162814.82,7332.06,8251.05,183221.88,{"v":6229544,"d":"$ 6,229,544"},"ESTIBAS","General","CARGADO","SI","Cienaga,Puebloviejo,Barranquilla,Soledad,Malambo,Sabanagrande,Santo Tomas,Ponede"]
["2026-07-01",41551000,"PITALITO","HUILA",76892000,"YUMBO","VALLE DEL CAUCA",647,"2L2 Liviano entre 8 y 9 Tonel.",5,42266,4,12.12,1938438,169064,387687.6,2996.04,3257.34,421500.4,{"v":2107502,"d":"$ 2,107,502"},"FURGON","General","CARGADO","SI","Timana,Altamira,Garzon,Gigante,Hobo,Campoalegre,Aipe,Natagaima,Saldana,Guamo,Iba"]
["2026-07-01",76364000,"JAMUNDI","VALLE DEL CAUCA",76109000,"BUENAVENTURA","VALLE DEL CAUCA",141,"3",16,58409,4,4.4,796519,233636,49782.44,5649.07,7306.06,64384.69,{"v":1030155,"d":"$ 1,030,155"},"ESTACAS","General","CARGADO","SI","Santiago De Cali,Dagua"]
["2026-07-01",5361000,"ITUANGO","ANTIOQUIA",5652010,"RIO CLARO","ANTIOQUIA",349,"2S3",27,63851,8,9.4,2228136,510808,82523.56,6384.34,7847.98,101442.37,{"v":2738944,"d":"$ 2,738,944"},"PLATAFORMA","General","CARGADO","SI","San Andres De Cuerquia,Santa Rosa De Osos,Don Matias,Copacabana,Bello,Medellin,G"]
["2026-07-01",8433000,"MALAMBO","ATLÁNTICO",19142000,"CALOTO","CAUCA",1170,"2S2",22,61871,8,22.68,5131635,494968,233256.14,4386.01,4809.06,255754.68,{"v":5626603,"d":"$ 5,626,603"},"PORTACONTENEDORES","Contenedor vacío","CARGADO","SI","Sabanagrande,Santo Tomas,Palmar De Varela,Ponedera,Campo De La Cruz,Suan,Calamar"]
["2026-07-01",76364000,"JAMUNDI","VALLE DEL CAUCA",5652010,"RIO CLARO","ANTIOQUIA",545,"2_5_8",3.4,36221,4,10.07,1488895,144884,437910.29,2731.92,2997.76,480523.24,{"v":1633779,"d":"$ 1,633,779"},"ESTIBAS","General","CARGADO","SI","Santiago De Cali,El Cerrito,Guacari,Guadalajara De Buga,San Pedro,Tulua,Andaluci"]
["2026-07-01",25214000,"COTA","CUNDINAMARCA",5212000,"COPACABANA","ANTIOQUIA",416,"2_5_8",3.4,36221,4,9.17,1260291,144884,370673.82,3029.55,3377.82,413286.76,{"v":1405175,"d":"$ 1,405,175"},"ESTACAS","General","CARGADO","SI","El Rosal,La Vega,Villeta,Guaduas,El Santuario,Marinilla,Guarne,Bello,Medellin"]
["2026-07-01",15491000,"NOBSA","BOYACÁ",76364000,"JAMUNDI","VALLE DEL CAUCA",714,"2L3 Liviano entre 7.5 y 8 Tonel.",6,39217,4,14.04,2014725,156868,335787.5,2821.74,3041.45,361932.17,{"v":2171593,"d":"$ 2,171,593"},"ESTACAS","General","CARGADO","SI","Duitama,Paipa,Tunja,Villapinzon,Choconta,Gachancipa,Tocancipa,Bogota,Soacha,Silv"]
["2026-07-01",5266000,"ENVIGADO","ANTIOQUIA",5579000,"PUERTO BERRIO","ANTIOQUIA",180,"3",16,92437,4,4.69,1320691,369748,82543.19,7337.17,9391.33,105652.44,{"v":1690439,"d":"$ 1,690,439"},"FURGON REFRIGERADO","Carga Refrigerada","CARGADO","SI","Medellin,Bello,Copacabana,Cisneros"]
["2026-07-01",44090000,"DIBULLA","LA GUAJIRA",23466000,"MONTELIBANO","CÓRDOBA",614,"3S2",31,85716,8,11.75,3989837,685728,128704.42,6498.11,7614.93,150824.68,{"v":4675565,"d":"$ 4,675,565"},"PLATAFORMA","General","CARGADO","SI","Santa Marta,Cienaga,Puebloviejo,Barranquilla,Soledad,Malambo,Sabanagrande,Santo "]
["2026-07-01",18001000,"FLORENCIA","CAQUETÁ",8433000,"MALAMBO","ATLÁNTICO",1428,"2",9,61066,8,26.03,5128283,488528,569809.22,3591.23,3933.34,624090.11,{"v":5616811,"d":"$ 5,616,811"},"TANQUE","Granel líquido","CARGADO","SI","Suaza,Altamira,Garzon,Hobo,Campoalegre,Aipe,Natagaima,Saldana,Guamo,Ibague,Alvar"]
["2026-07-01",8433000,"MALAMBO","ATLÁNTICO",5212000,"COPACABANA","ANTIOQUIA",669,"2",9,54531,8,14.07,2156707,436248,239634.11,3223.78,3875.87,288106.11,{"v":2592955,"d":"$ 2,592,955"},"PORTACONTENEDORES","Contenedor vacío","CARGADO","SI","Sabanagrande,Santo Tomas,Palmar De Varela,Ponedera,Campo De La Cruz,Suan,Calamar"]
["2026-07-01",8433000,"MALAMBO","ATLÁNTICO",5631000,"SABANETA","ANTIOQUIA",697,"CA",5,37057,4,13.02,1809477,148228,361895.4,2596.09,2808.76,391541,{"v":1957705,"d":"$ 1,957,705"},"FURGON","General","CARGADO","SI","Sabanagrande,Santo Tomas,Palmar De Varela,Ponedera,Campo De La Cruz,Suan,Calamar"]
["2026-07-01",5266000,"ENVIGADO","ANTIOQUIA",70001000,"SINCELEJO","SUCRE",480,"3",16,58409,8,11.45,2619953,467272,163747.06,5458.24,6431.72,192951.56,{"v":3087225,"d":"$ 3,087,225"},"ESTIBAS","General","CARGADO","SI","Medellin,Bello,Copacabana,Don Matias,Santa Rosa De Osos,Yarumal,Valdivia,Taraza,"]
["2026-07-01",5652010,"RIO CLARO","ANTIOQUIA",5308000,"GIRARDOTA","ANTIOQUIA",163,"3",16,66231,4,5.32,1104530,264924,69033.12,6776.26,8401.56,85590.88,{"v":1369454,"d":"$ 1,369,454"},"VOLCO","Granel Sólido","CARGADO","SI","El Santuario,Marinilla,Guarne,Bello,Medellin,Copacabana"]
["2026-07-01",17174000,"CHINCHINA","CALDAS",76001000,"CALI","VALLE DEL CAUCA",245,"3S3",34,102788,4,5.2,2130075,411152,62649.26,8694.18,10372.36,74741.97,{"v":2541227,"d":"$ 2,541,227"},"FURGON","Granel Sólido","CARGADO","SI","Santa Rosa De Cabal,Dosquebradas,Pereira,Cartago,Obando,Zarzal,Bugalagrande,Anda"]
["2026-07-01",85010000,"AGUAZUL","CASANARE",15238000,"DUITAMA","BOYACÁ",372,"2L2 Liviano entre 8 y 9 Tonel.",5,41243,4,7.85,1094946,164972,218989.2,2943.4,3386.88,251983.6,{"v":1259918,"d":"$ 1,259,918"},"ESTIBAS","Granel Sólido","CARGADO","NO","Monterrey,San Luis De Gaceno,Santa Maria,Guateque,Macheta,Choconta,Villapinzon,V"]
["2026-07-01",76892000,"YUMBO","VALLE DEL CAUCA",25307000,"GIRARDOT","CUNDINAMARCA",313,"2L3 Liviano entre 7.5 y 8 Tonel.",6,71753,4,6.23,1192340,287012,198723.33,3809.39,4726.36,246558.67,{"v":1479352,"d":"$ 1,479,352"},"FURGON REFRIGERADO","Carga Refrigerada","CARGADO","SI","El Cerrito,Guacari,Guadalajara De Buga,San Pedro,Tulua,Andalucia,Bugalagrande,La"]
["2026-07-01",17001000,"MANIZALES","CALDAS",8520000,"PALMAR DE VARELA","ATLÁNTICO",899,"3S3",34,146310,8,20.07,8369122,1170480,246150.65,9309.37,10611.35,280576.53,{"v":9539602,"d":"$ 9,539,602"},"FURGON REFRIGERADO","Carga Refrigerada","CARGADO","SI","La Pintada,Amaga,Caldas,La Estrella,Sabaneta,Envigado,Medellin,Bello,Copacabana,"]
["2026-07-01",5652010,"RIO CLARO","ANTIOQUIA",76001000,"CALI","VALLE DEL CAUCA",533,"3S2",31,145004,8,11.64,4761204,1160032,153587.23,8932.84,11109.26,191007.61,{"v":5921236,"d":"$ 5,921,236"},"FURGON REFRIGERADO","Carga Refrigerada","CARGADO","SI","Honda,Mariquita,Guayabal,Lerida,Venadillo,Alvarado,Ibague,Cajamarca,Calarca,La T"]
["2026-07-01",8001000,"BARRANQUILLA","ATLÁNTICO",19698000,"SANTANDER DE QUILICHAO","CAUCA",1190,"2S2",22,63992,8,22.92,6393543,511936,290615.59,5372.73,5802.92,313885.41,{"v":6905479,"d":"$ 6,905,479"},"ESTIBAS","Granel Sólido","CARGADO","SI","Soledad,Malambo,Sabanagrande,Santo Tomas,Ponedera,Campo De La Cruz,Suan,Calamar,"]
["2026-07-01",85010000,"AGUAZUL","CASANARE",15238000,"DUITAMA","BOYACÁ",372,"3S3",34,87862,8,9.09,2890083,702896,85002.44,7769.04,9658.55,105675.85,{"v":3592979,"d":"$ 3,592,979"},"ESTACAS","Granel Sólido","CARGADO","NO","Monterrey,San Luis De Gaceno,Santa Maria,Guateque,Macheta,Choconta,Villapinzon,V"]
["2026-07-01",17174000,"CHINCHINA","CALDAS",76001000,"CALI","VALLE DEL CAUCA",245,"2S2",22,63992,4,4.73,1405548,255968,63888.55,5736.93,6781.7,75523.45,{"v":1661516,"d":"$ 1,661,516"},"PLATAFORMA","Granel Sólido","CARGADO","SI","Santa Rosa De Cabal,Dosquebradas,Pereira,Cartago,Obando,Zarzal,Bugalagrande,Anda"]
["2026-07-01",25758000,"SOPO","CUNDINAMARCA",25817000,"TOCANCIPA","CUNDINAMARCA",10,"3S3",34,87862,4,0.47,110066,351448,3237.24,11006.6,46151.4,13573.94,{"v":461514,"d":"$ 461,514"},"ESTACAS","Granel Sólido","CARGADO","SI"]
["2026-07-01",54001000,"CUCUTA","NORTE DE SANTANDER",81001000,"ARAUCA","ARAUCA",484,"2S3",27,62754,8,13.82,2845509,502032,105389.22,5879.15,6916.41,123983,{"v":3347541,"d":"$ 3,347,541"},"PORTACONTENEDORES","Contenedor cargado","CARGADO","SI","Los Patios,Pamplona,Cubara,Saravena,Fortul"]
["2026-07-01",85001000,"YOPAL","CASANARE",85440000,"VILLANUEVA","CASANARE",147,"2",9,55663,4,3.03,536160,222652,59573.33,3647.35,5161.99,84312.44,{"v":758812,"d":"$ 758,812"},"ESTACAS","Granel Sólido","CARGADO","SI","Aguazul,Monterrey"]
["2026-07-01",23417000,"LORICA","CÓRDOBA",8001000,"BARRANQUILLA","ATLÁNTICO",296,"2_5_8",3.4,39821,4,5.1,740612,159284,217827.06,2502.07,3040.19,264675.29,{"v":899896,"d":"$ 899,896"},"FURGON","Granel Sólido","CARGADO","SI","San Antero,Coveñas,Santiago De Tolu,San Onofre,Maria La Baja,Calamar,Suan,Campo "]
["2026-07-01",8634000,"SABANAGRANDE","ATLÁNTICO",13001000,"CARTAGENA DE INDIAS","BOLÍVAR",117,"2L1 Liviano entre 9 y 10.5 Tonel.",6,44306,4,2.21,324116,177224,54019.33,2770.22,4284.96,83556.67,{"v":501340,"d":"$ 501,340"},"PLATAFORMA","Granel Sólido","CARGADO","SI","Santo Tomas,Sabanalarga,Luruaco,Santa Catalina,Clemencia"]
["2026-07-01",76001000,"CALI","VALLE DEL CAUCA",63401000,"LA TEBAIDA","QUINDIO",172,"2L2 Liviano entre 8 y 9 Tonel.",5,40112,4,3.19,525388,160448,105077.6,3054.58,3987.42,137167.2,{"v":685836,"d":"$ 685,836"},"ESTACAS","General","CARGADO","SI","El Cerrito,Guacari,Guadalajara De Buga,San Pedro,Tulua,Andalucia,Bugalagrande"]
["2026-07-01",5308000,"GIRARDOTA","ANTIOQUIA",70820000,"SANTIAGO DE TOLU","SUCRE",485,"CA",5,37057,4,9.53,1303134,148228,260626.8,2686.87,2992.5,290272.4,{"v":1451362,"d":"$ 1,451,362"},"FURGON","General","CARGADO","SI","Don Matias,Santa Rosa De Osos,Yarumal,Valdivia,Taraza,Caucasia,La Apartada Y La "]
["2026-07-01",25126000,"CAJICA","CUNDINAMARCA",76109000,"BUENAVENTURA","VALLE DEL CAUCA",532,"2L1 Liviano entre 9 y 10.5 Tonel.",6,46071,4,11.36,1743763,184284,290627.17,3277.75,3624.15,321341.17,{"v":1928047,"d":"$ 1,928,047"},"FURGON","General","CARGADO","SI","Chia,Bogota,Soacha,Silvania,Fusagasuga,Ibague,Cajamarca,Calarca,La Tebaida,Bugal"]
["2026-07-01",20250002,"LA LOMA","CESAR",13001000,"CARTAGENA DE INDIAS","BOLÍVAR",325,"2L3 Liviano entre 7.5 y 8 Tonel.",6,42327,4,5.65,878445,169308,146407.5,2702.91,3223.86,174625.5,{"v":1047753,"d":"$ 1,047,753"},"FURGON","General","CARGADO","SI","Bosconia,El Dificil,Plato,El Carmen De Bolivar,San Jacinto,San Juan Nepomuceno"]
["2026-07-01",25843000,"UBATE","CUNDINAMARCA",11001000,"BOGOTA, D.C.","BOGOTÁ, D.C.",91,"3S3",34,146310,4,2.43,948826,585240,27906.65,10426.66,16857.87,45119.59,{"v":1534066,"d":"$ 1,534,066"},"FURGON REFRIGERADO","Carga Refrigerada","CARGADO","SI","Sutatausa,Zipaquira,Cajica,Chia"]
["2026-07-01",5001000,"MEDELLIN","ANTIOQUIA",25269000,"FACATATIVA","CUNDINAMARCA",381,"2_5_8",3.4,37352,4,8.69,1189666,149408,349901.76,3122.48,3514.63,393845.29,{"v":1339074,"d":"$ 1,339,074"},"ESTIBAS","Granel Sólido","CARGADO","SI","Bello,Guarne,Marinilla,El Santuario,Guaduas,Villeta,Sasaima,Alban"]
["2026-07-01",5088000,"BELLO","ANTIOQUIA",5736000,"SEGOVIA ANT","ANTIOQUIA",184,"2S3",27,63851,4,4.04,966206,255404,35785.41,5251.12,6639.18,45244.81,{"v":1221610,"d":"$ 1,221,610"},"PLATAFORMA","General","CARGADO","SI","Copacabana,Yolombo,Yali,Vegachi,Remedios"]
["2026-07-01",27361000,"ISTMINA","CHOCÓ",5001000,"MEDELLIN","ANTIOQUIA",306,"2S3",27,64983,8,9.31,1875078,519864,69447.33,6127.71,7826.61,88701.56,{"v":2394942,"d":"$ 2,394,942"},"ESTIBAS","Granel Sólido","CARGADO","SI","Animas,Certegui,Yuto,San Francisco De Quibdo,Ciudad Bolivar,Amaga,Caldas,La Estr"]
["2026-07-01",20250002,"LA LOMA","CESAR",13001000,"CARTAGENA DE INDIAS","BOLÍVAR",325,"3",16,59540,4,6.47,1618942,238160,101183.88,4981.36,5714.16,116068.88,{"v":1857102,"d":"$ 1,857,102"},"ESTACAS","Granel Sólido","CARGADO","SI","Bosconia,El Dificil,Plato,El Carmen De Bolivar,San Jacinto,San Juan Nepomuceno"]
["2026-07-01",25286000,"FUNZA","CUNDINAMARCA",25718000,"SASAIMA","CUNDINAMARCA",59,"2S2",22,61871,4,1.68,384058,247484,17457.18,6509.46,10704.1,28706.45,{"v":631542,"d":"$ 631,542"},"PORTACONTENEDORES","Contenedor cargado","CARGADO","SI","Mosquera,Madrid,Facatativa,Alban"]
["2026-07-01",68001000,"BUCARAMANGA","SANTANDER",25799000,"TENJO","CUNDINAMARCA",389,"2_8_105",5.4,70516,4,8.25,1447726,282064,268097.41,3721.66,4446.76,320331.48,{"v":1729790,"d":"$ 1,729,790"},"FURGON REFRIGERADO","Carga Refrigerada","CARGADO","SI","Floridablanca,Piedecuesta,Aratoca,San Gil,Pinchote,Socorro,Oiba,Santana,San Jose"]
["2026-07-01",23580000,"PUERTO LIBERTADOR","CÓRDOBA",8001000,"BARRANQUILLA","ATLÁNTICO",454,"2S3",27,75310,8,8.8,2529517,602480,93685.81,5571.62,6898.67,115999.89,{"v":3131997,"d":"$ 3,131,997"},"TANQUE","Granel líquido","CARGADO","SI","Montelibano,Buenavista,Planeta Rica,Pueblo Nuevo,Sahagun,Chinu,Sampues,Corozal,L"]
["2026-07-01",8433000,"MALAMBO","ATLÁNTICO",54001000,"CUCUTA","NORTE DE SANTANDER",680,"2L3 Liviano entre 7.5 y 8 Tonel.",6,71753,4,12.65,2242011,287012,373668.5,3297.08,3719.15,421503.83,{"v":2529023,"d":"$ 2,529,023"},"FURGON REFRIGERADO","Carga Refrigerada","CARGADO","SI","Soledad,Barranquilla,Puebloviejo,Cienaga,El Copey,Bosconia,Curumani,Pailitas,Pel"]
["2026-07-01",66001000,"PEREIRA","RISARALDA",5615000,"RIONEGRO","ANTIOQUIA",315,"3S3",34,98323,4,7.76,2971511,393292,87397.38,9433.37,10681.91,98964.79,{"v":3364803,"d":"$ 3,364,803"},"TANQUE","Granel líquido","CARGADO","SI","La Virginia,La Pintada,Caldas,La Estrella,Sabaneta,Envigado,Medellin,Bello,Guarn"]
["2026-07-01",25754000,"SOACHA","CUNDINAMARCA",54001000,"CUCUTA","NORTE DE SANTANDER",603,"2L3 Liviano entre 7.5 y 8 Tonel.",6,42327,4,13.98,1843721,169308,307286.83,3057.58,3338.36,335504.83,{"v":2013029,"d":"$ 2,013,029"},"FURGON","General","CARGADO","SI","Bogota,Tocancipa,Gachancipa,Choconta,Villapinzon,Ventaquemada,Tunja,Paipa,Duitam"]
["2026-07-01",5490000,"NECOCLI","ANTIOQUIA",5001000,"MEDELLIN","ANTIOQUIA",365,"2L2 Liviano entre 8 y 9 Tonel.",5,43397,4,7.67,1093932,173588,218786.4,2997.07,3472.66,253504,{"v":1267520,"d":"$ 1,267,520"},"FURGON","Granel Sólido","CARGADO","SI","Chigorodo,Mutata,Dabeiba,Uramita,Cañasgordas,Santafe De Antioquia,San Jeronimo"]
["2026-07-01",85001000,"YOPAL","CASANARE",50124000,"CABUYARO","META",196,"3S2",31,86847,4,3.98,1217161,347388,39263.26,6210.01,7982.39,50469.32,{"v":1564549,"d":"$ 1,564,549"},"ESTACAS","Granel Sólido","CARGADO","SI","Aguazul,Monterrey,Villanueva,Barranca De Upia"]
["2026-07-01",20295000,"GAMARRA","CESAR",68307000,"GIRON","SANTANDER",191,"2_8_105",5.4,41061,4,3.97,571632,164244,105857.78,2992.84,3852.75,136273.33,{"v":735876,"d":"$ 735,876"},"ESTACAS","Granel Sólido","CARGADO","SI","Aguachica,San Alberto,La Esperanza,El Playon,Rionegro,Bucaramanga"]
["2026-07-01",44090000,"DIBULLA","LA GUAJIRA",15759000,"SOGAMOSO","BOYACÁ",1013,"2L3 Liviano entre 7.5 y 8 Tonel.",6,40348,4,18.92,2656667,161392,442777.83,2622.57,2781.89,469676.5,{"v":2818059,"d":"$ 2,818,059"},"ESTACAS","Granel Sólido","CARGADO","SI","Santa Marta,Cienaga,El Copey,Bosconia,Curumani,Pailitas,Pelaya,Aguachica,San Alb"]
["2026-07-01",25899000,"ZIPAQUIRA","CUNDINAMARCA",8001000,"BARRANQUILLA","ATLÁNTICO",954,"2S2",22,61871,8,18.98,3877510,494968,176250.45,4064.48,4583.31,198749,{"v":4372478,"d":"$ 4,372,478"},"PORTACONTENEDORES","Contenedor vacío","CARGADO","SI","Sutatausa,Villa De San Diego De Ubate,Susa,Chiquinquira,Saboya,Puente Nacional,B"]
["2026-07-01",73449000,"MELGAR","TOLIMA",73001000,"IBAGUE","TOLIMA",90,"2_8_105",5.4,39930,4,1.8,284660,159720,52714.81,3162.89,4937.56,82292.59,{"v":444380,"d":"$ 444,380"},"ESTACAS","General","CARGADO","SI"]
["2026-07-01",5001000,"MEDELLIN","ANTIOQUIA",70823000,"TOLU VIEJO","SUCRE",489,"2",9,54531,8,11.04,1632372,436248,181374.67,3338.18,4230.31,229846.67,{"v":2068620,"d":"$ 2,068,620"},"PORTACONTENEDORES","Contenedor vacío","CARGADO","SI","Bello,Copacabana,Don Matias,Santa Rosa De Osos,Yarumal,Valdivia,Taraza,Caucasia,"]
["2026-07-01",8433000,"MALAMBO","ATLÁNTICO",25430000,"MADRID","CUNDINAMARCA",975,"2L1 Liviano entre 9 y 10.5 Tonel.",6,43175,4,17.1,2786115,172700,464352.5,2857.55,3034.68,493135.83,{"v":2958815,"d":"$ 2,958,815"},"PLATAFORMA","General","CARGADO","SI","Soledad,Barranquilla,Puebloviejo,Cienaga,El Copey,Bosconia,Curumani,Pailitas,Pel"]
["2026-07-01",8433000,"MALAMBO","ATLÁNTICO",25736000,"SESQUILE","CUNDINAMARCA",962,"2_5_8",3.4,37352,4,18.24,2498097,149408,734734.41,2596.77,2752.08,778677.94,{"v":2647505,"d":"$ 2,647,505"},"ESTACAS","Granel Sólido","CARGADO","SI","Soledad,Barranquilla,Puebloviejo,Cienaga,El Copey,Bosconia,Curumani,Pailitas,Pel"]
["2026-07-01",5001000,"MEDELLIN","ANTIOQUIA",5310003,"LA ESTRELLA","ANTIOQUIA",71,"CA",5,38189,4,1.72,222218,152756,44443.6,3129.83,5281.32,74994.8,{"v":374974,"d":"$ 374,974"},"FURGON","Granel Sólido","CARGADO","SI","Bello,Copacabana"]
["2026-07-01",25754000,"SOACHA","CUNDINAMARCA",54001000,"CUCUTA","NORTE DE SANTANDER",603,"V3",28.7,66231,8,18.02,3905734,529848,136088.29,6477.17,7355.86,154549.9,{"v":4435582,"d":"$ 4,435,582"},"VOLCO","Granel Sólido","CARGADO","SI","Bogota,Tocancipa,Gachancipa,Choconta,Villapinzon,Ventaquemada,Tunja,Paipa,Duitam"]
["2026-07-01",25754000,"SOACHA","CUNDINAMARCA",17001000,"MANIZALES","CALDAS",295,"3S2",31,86847,8,8.78,2594972,694776,83708.77,8796.52,11151.69,106120.9,{"v":3289748,"d":"$ 3,289,748"},"ESTACAS","Granel Sólido","CARGADO","SI","Mosquera,Madrid,Facatativa,Alban,Sasaima,Villeta,Guaduas,Honda,Mariquita,Fresno"]
["2026-07-01",85010000,"AGUAZUL","CASANARE",68081000,"BARRANCABERMEJA","SANTANDER",588,"2",9,54531,8,15.47,2336868,436248,259652,3974.27,4716.18,308124,{"v":2773116,"d":"$ 2,773,116"},"ESTIBAS","General","CARGADO","SI","Pajarito,Sogamoso,Tibasosa,Duitama,Paipa,Tunja,Arcabuco,Moniquira,Barbosa,Guepsa"]
["2026-07-01",8433000,"MALAMBO","ATLÁNTICO",25736000,"SESQUILE","CUNDINAMARCA",962,"2L1 Liviano entre 9 y 10.5 Tonel.",6,44306,4,18.24,2824092,177224,470682,2935.65,3119.87,500219.33,{"v":3001316,"d":"$ 3,001,316"},"PLATAFORMA","Granel Sólido","CARGADO","SI","Soledad,Barranquilla,Puebloviejo,Cienaga,El Copey,Bosconia,Curumani,Pailitas,Pel"]
["2026-07-01",5360000,"ITAGÜI","ANTIOQUIA",76520000,"PALMIRA","VALLE DEL CAUCA",411,"CA",5,34822,4,7.98,1162818,139288,232563.6,2829.24,3168.14,260421.2,{"v":1302106,"d":"$ 1,302,106"},"PLATAFORMA","General","CARGADO","SI","La Estrella,Sabaneta,Caldas,Amaga,La Pintada,La Virginia,Cartago,Obando,Zarzal,B"]
["2026-07-01",8758000,"SOLEDAD","ATLÁNTICO",8634000,"SABANAGRANDE","ATLÁNTICO",19,"3S3",34,86730,4,0.61,213844,346920,6289.53,11254.95,29513.89,16493.06,{"v":560764,"d":"$ 560,764"},"PLATAFORMA","General","CARGADO","SI","Malambo"]
["2026-07-01",8001000,"BARRANQUILLA","ATLÁNTICO",5664000,"SAN PEDRO DE LOS MILAGROS","ANTIOQUIA",667,"2",9,86677,8,13.77,2914206,693416,323800.67,4369.12,5408.73,400846.89,{"v":3607622,"d":"$ 3,607,622"},"FURGON REFRIGERADO","Carga Refrigerada","CARGADO","SI","Soledad,Malambo,Sabanagrande,Santo Tomas,Ponedera,Campo De La Cruz,Suan,Calamar,"]
["2026-07-01",5756000,"SONSON","ANTIOQUIA",25224000,"CUCUNUBA","CUNDINAMARCA",541,"2",9,55663,8,13.73,2186098,445304,242899.78,4040.85,4863.96,292378,{"v":2631402,"d":"$ 2,631,402"},"ESTIBAS","Granel Sólido","CARGADO","SI","La Union,La Ceja,Rionegro,Marinilla,El Santuario,Guaduas,Villeta,La Vega,Cota,Ch"]
["2026-07-01",25817000,"TOCANCIPA","CUNDINAMARCA",25817014,"TOCANCIPA","CUNDINAMARCA",3,"2S3",27,120421,4,0.13,113944,481684,4220.15,37981.33,198542.67,22060.3,{"v":595628,"d":"$ 595,628"},"FURGON REFRIGERADO","Carga Refrigerada","CARGADO","SI"]
["2026-07-01",54874000,"VILLA DEL ROSARIO","NORTE DE SANTANDER",8001000,"BARRANQUILLA","ATLÁNTICO",692,"3S2",31,85716,8,14.81,4497741,685728,145088.42,6499.63,7490.56,167208.68,{"v":5183469,"d":"$ 5,183,469"},"ESTACAS","General","CARGADO","SI","Los Patios,Cucuta,El Zulia,Abrego,Ocaña,Rio De Oro,Aguachica,Pelaya,Pailitas,Cur"]
["2026-07-01",8001000,"BARRANQUILLA","ATLÁNTICO",19142000,"CALOTO","CAUCA",1183,"3",16,64943,8,26.15,6654770,519544,415923.12,5625.33,6064.51,448394.62,{"v":7174314,"d":"$ 7,174,314"},"TANQUE","Granel líquido","CARGADO","SI","Soledad,Malambo,Sabanagrande,Santo Tomas,Ponedera,Campo De La Cruz,Suan,Calamar,"]
["2026-07-01",44090000,"DIBULLA","LA GUAJIRA",15757000,"SOCHA","BOYACÁ",1053,"2",9,54531,8,22.41,3761118,436248,417902,3571.81,3986.1,466374,{"v":4197366,"d":"$ 4,197,366"},"PORTACONTENEDORES","Contenedor cargado","CARGADO","SI","Santa Marta,Cienaga,El Copey,Bosconia,Curumani,Pailitas,Pelaya,Aguachica,San Alb"]
["2026-07-01",76622005,"CANDELARIA","VALLE DEL CAUCA",76606000,"RESTREPO","VALLE DEL CAUCA",123,"3S2",31,84854,4,2.72,710032,339416,22904.26,5772.62,8532.1,33853.16,{"v":1049448,"d":"$ 1,049,448"},"PORTACONTENEDORES","Contenedor vacío","CARGADO","SI","Roldanillo,Zarzal,Bugalagrande,Andalucia,Tulua,Guadalajara De Buga"]
["2026-07-01",8001000,"BARRANQUILLA","ATLÁNTICO",20013000,"AGUSTIN CODAZZI","CESAR",303,"2S3",27,79136,4,5.11,1660240,316544,61490.37,5479.34,6524.04,73214.22,{"v":1976784,"d":"$ 1,976,784"},"FURGON","Granel Sólido","CARGADO","SI","Puebloviejo,Cienaga,El Copey,Bosconia"]
["2026-07-01",66170000,"DOSQUEBRADAS","RISARALDA",5631000,"SABANETA","ANTIOQUIA",232,"V2",17.5,57575,4,7.44,1298149,230300,74179.94,5595.47,6588.14,87339.94,{"v":1528449,"d":"$ 1,528,449"},"VOLCO","Granel Sólido","CARGADO","SI","Santa Rosa De Cabal,Chinchina,La Pintada,Amaga,Caldas,La Estrella"]
["2026-07-01",76111000,"BUGA","VALLE DEL CAUCA",76364000,"JAMUNDI","VALLE DEL CAUCA",115,"3S2",31,145004,4,2.33,945015,580016,30484.35,8217.52,13261.14,49194.55,{"v":1525031,"d":"$ 1,525,031"},"FURGON REFRIGERADO","Carga Refrigerada","CARGADO","SI","Guacari,El Cerrito,Villa Rica"]
["2026-07-01",23001000,"MONTERIA","CÓRDOBA",23189000,"CIENAGA DE ORO","CÓRDOBA",42,"2L1 Liviano entre 9 y 10.5 Tonel.",6,44306,4,0.98,145105,177224,24184.17,3454.88,7674.5,53721.5,{"v":322329,"d":"$ 322,329"},"ESTACAS","Granel Sólido","CARGADO","SI","Cerete"]
["2026-07-01",15001000,"TUNJA","BOYACÁ",15759000,"SOGAMOSO","BOYACÁ",74,"2S3",27,64983,4,1.65,410911,259932,15218.93,5552.85,9065.45,24846.04,{"v":670843,"d":"$ 670,843"},"ESTACAS","Granel Sólido","CARGADO","SI","Paipa,Duitama"]
["2026-07-01",15001000,"TUNJA","BOYACÁ",15759000,"SOGAMOSO","BOYACÁ",74,"2L2 Liviano entre 8 y 9 Tonel.",5,41243,4,1.55,213769,164972,42753.8,2888.77,5118.12,75748.2,{"v":378741,"d":"$ 378,741"},"ESTIBAS","Granel Sólido","CARGADO","SI","Paipa,Duitama"]
["2026-07-01",76233000,"DAGUA","VALLE DEL CAUCA",76306000,"GINEBRA","VALLE DEL CAUCA",97,"2_8_105",5.4,70516,4,2.22,392460,282064,72677.78,4045.98,6953.86,124911.85,{"v":674524,"d":"$ 674,524"},"FURGON REFRIGERADO","Carga Refrigerada","CARGADO","SI","Guadalajara De Buga,Guacari"]
["2026-07-01",76622005,"CANDELARIA","VALLE DEL CAUCA",76606000,"RESTREPO","VALLE DEL CAUCA",123,"2",9,54531,4,2.73,461948,218124,51327.56,3755.67,5529.04,75563.56,{"v":680072,"d":"$ 680,072"},"ESTACAS","General","CARGADO","SI","Roldanillo,Zarzal,Bugalagrande,Andalucia,Tulua,Guadalajara De Buga"]
["2026-07-01",15491000,"NOBSA","BOYACÁ",76892000,"YUMBO","VALLE DEL CAUCA",659,"2_5_8",3.4,36221,4,13.15,1840584,144884,541348.24,2793,3012.85,583961.18,{"v":1985468,"d":"$ 1,985,468"},"ESTIBAS","General","CARGADO","SI","Duitama,Paipa,Tunja,Villapinzon,Choconta,Gachancipa,Tocancipa,Bogota,Soacha,Silv"]
["2026-07-01",15759000,"SOGAMOSO","BOYACÁ",73275000,"FLANDES","TOLIMA",355,"2_8_105",5.4,40495,4,7.06,1032873,161980,191272.78,2909.5,3365.78,221269.07,{"v":1194853,"d":"$ 1,194,853"},"ESTIBAS","General","CARGADO","SI","Duitama,Paipa,Tunja,Villapinzon,Choconta,Gachancipa,Tocancipa,Bogota,Soacha,Silv"]
["2026-07-01",68547000,"PIEDECUESTA","SANTANDER",5756000,"SONSON","ANTIOQUIA",519,"3S3",34,102788,8,12.11,4148613,822304,122018.03,7993.47,9577.87,146203.44,{"v":4970917,"d":"$ 4,970,917"},"FURGON","Granel Sólido","CARGADO","SI","Floridablanca,Giron,Lebrija,Cisneros,Copacabana,Bello,Medellin,Guarne,Rionegro,L"]
["2026-07-01",85410000,"TAURAMENA","CASANARE",81794004,"COROCITO MACAGUA","ARAUCA",302,"2L1 Liviano entre 9 y 10.5 Tonel.",6,46071,4,5.33,770738,184284,128456.33,2552.11,3162.32,159170.33,{"v":955022,"d":"$ 955,022"},"FURGON","General","CARGADO","SI","Aguazul,Yopal,Pore,Paz De Ariporo,Hato Corozal,Tame"]
["2026-07-01",25386000,"LA MESA","CUNDINAMARCA",25286000,"FUNZA","CUNDINAMARCA",56,"2L3 Liviano entre 7.5 y 8 Tonel.",6,71753,4,1.56,303447,287012,50574.5,5418.7,10543.91,98409.83,{"v":590459,"d":"$ 590,459"},"FURGON REFRIGERADO","Carga Refrigerada","CARGADO","SI","Mosquera"]
["2026-07-01",25740000,"SIBATE","CUNDINAMARCA",25126000,"CAJICA","CUNDINAMARCA",68,"3",16,58409,4,1.63,384060,233636,24003.75,5647.94,9083.76,38606,{"v":617696,"d":"$ 617,696"},"ESTACAS","General","CARGADO","SI","Soacha,Bogota,Chia"]
["2026-07-01",68001000,"BUCARAMANGA","SANTANDER",5756000,"SONSON","ANTIOQUIA",507,"3S3",34,87862,8,11.86,3893418,702896,114512.29,7679.33,9065.71,135185.71,{"v":4596314,"d":"$ 4,596,314"},"PLATAFORMA","Granel Sólido","CARGADO","SI","Giron,Lebrija,Cisneros,Copacabana,Bello,Medellin,Guarne,Rionegro,La Union"]
["2026-07-01",73168000,"CHAPARRAL","TOLIMA",73001000,"IBAGUE","TOLIMA",149,"3S3",34,89674,4,3.13,1031289,358696,30332.03,6921.4,9328.76,40881.91,{"v":1389985,"d":"$ 1,389,985"},"VOLCO","Granel Sólido","CARGADO","SI","Ortega,Guamo"]
["2026-07-01",76109000,"BUENAVENTURA","VALLE DEL CAUCA",25781000,"SUTATAUSA","CUNDINAMARCA",569,"2_5_8",3.4,36221,4,11.8,1627482,144884,478671.18,2860.25,3114.88,521284.12,{"v":1772366,"d":"$ 1,772,366"},"ESTIBAS","General","CARGADO","SI","Guadalajara De Buga,San Pedro,Tulua,Andalucia,Bugalagrande,La Tebaida,Calarca,Ca"]
["2026-07-01",41797000,"TESALIA","HUILA",41518000,"PAICOL","HUILA",7,"3",16,66231,4,0.38,55774,264924,3485.88,7967.71,45814,20043.62,{"v":320698,"d":"$ 320,698"},"VOLCO","Granel Sólido","CARGADO","SI"]
["2026-07-01",20383001,"AYACUCHO","CESAR",68081010,"LA FORTUNA","SANTANDER",192,"2L1 Liviano entre 9 y 10.5 Tonel.",6,44306,4,3.43,532041,177224,88673.5,2771.05,3694.09,118210.83,{"v":709265,"d":"$ 709,265"},"PLATAFORMA","Granel Sólido","CARGADO","SI","Aguachica,San Alberto"]
["2026-07-01",25317000,"GUACHETA","CUNDINAMARCA",15757000,"SOCHA","BOYACÁ",300,"2_5_8",3.4,38689,4,5.89,786642,154756,231365.29,2622.14,3137.99,276881.76,{"v":941398,"d":"$ 941,398"},"FURGON","General","CARGADO","SI","Villa De San Diego De Ubate,Sutatausa,Zipaquira,Sopo,Tocancipa,Gachancipa,Chocon"]
["2026-07-01",25295000,"GACHANCIPA","CUNDINAMARCA",76109000,"BUENAVENTURA","VALLE DEL CAUCA",549,"2",9,54531,8,13.63,2194745,436248,243860.56,3997.71,4792.34,292332.56,{"v":2630993,"d":"$ 2,630,993"},"ESTACAS","General","CARGADO","SI","Tocancipa,Bogota,Soacha,Silvania,Fusagasuga,Ibague,Cajamarca,Calarca,La Tebaida,"]
["2026-07-01",8560000,"PONEDERA","ATLÁNTICO",47745003,"PALERMO","MAGDALENA",44,"2_8_105",5.4,40495,4,0.98,141236,161980,26154.81,3209.91,6891.27,56151.11,{"v":303216,"d":"$ 303,216"},"ESTIBAS","General","CARGADO","SI","Santo Tomas,Sabanagrande,Malambo,Soledad,Barranquilla"]
["2026-07-01",68547000,"PIEDECUESTA","SANTANDER",68081000,"BARRANCABERMEJA","SANTANDER",132,"CA",5,35954,4,2.89,357825,143816,71565,2710.8,3800.31,100328.2,{"v":501641,"d":"$ 501,641"},"ESTIBAS","Granel Sólido","CARGADO","SI","Floridablanca,Giron,Lebrija"]
["2026-07-01",25269000,"FACATATIVA","CUNDINAMARCA",25799000,"TENJO","CUNDINAMARCA",34,"3S2",31,85716,4,0.97,241017,342864,7774.74,7088.74,17172.97,18834.87,{"v":583881,"d":"$ 583,881"},"ESTIBAS","General","CARGADO","SI"]
["2026-07-01",25386000,"LA MESA","CUNDINAMARCA",11001000,"BOGOTA, D.C.","BOGOTÁ, D.C.",70,"2L1 Liviano entre 9 y 10.5 Tonel.",6,44306,4,1.98,271438,177224,45239.67,3877.69,6409.46,74777,{"v":448662,"d":"$ 448,662"},"PLATAFORMA","Granel Sólido","CARGADO","SI","Soacha"]
["2026-07-01",8758000,"SOLEDAD","ATLÁNTICO",8078000,"BARANOA","ATLÁNTICO",30,"3S3",34,101656,4,0.83,290473,406624,8543.32,9682.43,23236.57,20502.85,{"v":697097,"d":"$ 697,097"},"FURGON","General","CARGADO","SI","Barranquilla,Galapa"]
["2026-07-01",5308000,"GIRARDOTA","ANTIOQUIA",25817000,"TOCANCIPA","CUNDINAMARCA",462,"2L2 Liviano entre 8 y 9 Tonel.",5,43397,4,10.06,1542623,173588,308524.6,3339.01,3714.74,343242.2,{"v":1716211,"d":"$ 1,716,211"},"FURGON","Granel Sólido","CARGADO","SI","Copacabana,Bello,Medellin,Guarne,Marinilla,El Santuario,Guaduas,Villeta,Sasaima,"]
["2026-07-01",25269000,"FACATATIVA","CUNDINAMARCA",5001000,"MEDELLIN","ANTIOQUIA",380,"2_8_105",5.4,43798,4,8.54,1316265,175192,243752.78,3463.86,3924.89,276195.74,{"v":1491457,"d":"$ 1,491,457"},"FURGON","Granel Sólido","CARGADO","SI","Alban,Sasaima,Villeta,Guaduas,El Santuario,Marinilla,Guarne,Bello"]
["2026-07-01",25295000,"GACHANCIPA","CUNDINAMARCA",76109000,"BUENAVENTURA","VALLE DEL CAUCA",549,"2_8_105",5.4,39930,4,11.64,1713969,159720,317401.67,3121.98,3412.91,346979.44,{"v":1873689,"d":"$ 1,873,689"},"ESTACAS","General","CARGADO","SI","Tocancipa,Bogota,Soacha,Silvania,Fusagasuga,Ibague,Cajamarca,Calarca,La Tebaida,"]
["2026-07-01",25317000,"GUACHETA","CUNDINAMARCA",15757000,"SOCHA","BOYACÁ",300,"3S3",34,87862,4,7.06,2251953,351448,66233.91,7506.51,8678,76570.62,{"v":2603401,"d":"$ 2,603,401"},"ESTACAS","Granel Sólido","CARGADO","SI","Villa De San Diego De Ubate,Sutatausa,Zipaquira,Sopo,Tocancipa,Gachancipa,Chocon"]
["2026-07-01",25269000,"FACATATIVA","CUNDINAMARCA",50001000,"VILLAVICENCIO","META",148,"3",16,58409,4,4.61,1132476,233636,70779.75,7651.86,9230.49,85382,{"v":1366112,"d":"$ 1,366,112"},"ESTIBAS","General","CARGADO","SI","Madrid,Mosquera,Funza,Bogota,Chipaque,Guayabetal"]
["2026-07-01",76111000,"BUGA","VALLE DEL CAUCA",63111000,"BUENAVISTA","QUINDIO",132,"3",16,61671,4,3.13,779553,246684,48722.06,5905.7,7774.52,64139.81,{"v":1026237,"d":"$ 1,026,237"},"FURGON","General","CARGADO","SI","San Pedro,Tulua,Andalucia,Bugalagrande,La Tebaida"]
["2026-07-01",66170000,"DOSQUEBRADAS","RISARALDA",76147000,"CARTAGO","VALLE DEL CAUCA",38,"2S2",22,61871,4,1.08,266392,247484,12108.73,7010.32,13523.05,23358,{"v":513876,"d":"$ 513,876"},"PORTACONTENEDORES","Contenedor cargado","CARGADO","SI","Pereira"]
["2026-07-01",50568011,"RUBIALES","META",50001000,"VILLAVICENCIO","META",353,"CA",5,34822,4,8.52,937954,139288,187590.8,2657.09,3051.68,215448.4,{"v":1077242,"d":"$ 1,077,242"},"ESTIBAS","General","CARGADO","SI","Puerto Gaitan,Puerto Lopez"]
["2026-07-01",5615000,"RIONEGRO","ANTIOQUIA",73001000,"IBAGUE","TOLIMA",371,"3",16,61671,8,9,2105531,493368,131595.69,5675.29,7005.12,162431.19,{"v":2598899,"d":"$ 2,598,899"},"FURGON","General","CARGADO","SI","Marinilla,El Santuario,Honda,Mariquita,Guayabal,Lerida,Venadillo,Alvarado"]
["2026-07-01",5591000,"PUERTO TRIUNFO","ANTIOQUIA",13001000,"CARTAGENA DE INDIAS","BOLÍVAR",861,"2_5_8",3.4,36221,4,14.4,2108400,144884,620117.65,2448.78,2617.05,662730.59,{"v":2253284,"d":"$ 2,253,284"},"ESTIBAS","General","CARGADO","SI","San Alberto,San Martin,Aguachica,Pelaya,Pailitas,Curumani,Bosconia,El Dificil,Pl"]
["2026-07-01",76892000,"YUMBO","VALLE DEL CAUCA",15759000,"SOGAMOSO","BOYACÁ",657,"2S2",22,66320,8,13.64,3726347,530560,169379.41,5671.76,6479.31,193495.77,{"v":4256907,"d":"$ 4,256,907"},"VOLCO","Granel Sólido","CARGADO","SI","El Cerrito,Guacari,Guadalajara De Buga,San Pedro,Tulua,Andalucia,Bugalagrande,La"]
["2026-07-01",23162000,"CERETE","CÓRDOBA",13001000,"CARTAGENA DE INDIAS","BOLÍVAR",235,"3",16,61671,4,4.67,1214669,246684,75916.81,5168.8,6218.52,91334.56,{"v":1461353,"d":"$ 1,461,353"},"FURGON","General","CARGADO","SI","San Pelayo,Santa Cruz De Lorica,San Antero,Coveñas,Santiago De Tolu,San Onofre,M"]
["2026-07-01",5756000,"SONSON","ANTIOQUIA",73001000,"IBAGUE","TOLIMA",456,"2",9,54531,8,10.47,1760823,436248,195647,3861.45,4818.14,244119,{"v":2197071,"d":"$ 2,197,071"},"ESTIBAS","General","CARGADO","SI","La Union,La Ceja,Rionegro,Marinilla,El Santuario,Honda,Mariquita,Guayabal,Lerida"]
["2026-07-01",8296000,"GALAPA","ATLÁNTICO",47745000,"SITIONUEVO","MAGDALENA",42,"3S3",34,146310,4,2.18,710307,585240,20891.38,16912.07,30846.36,38104.32,{"v":1295547,"d":"$ 1,295,547"},"FURGON REFRIGERADO","Carga Refrigerada","CARGADO","SI","Barranquilla,Soledad"]
["2026-07-01",47745000,"SITIONUEVO","MAGDALENA",8433000,"MALAMBO","ATLÁNTICO",38,"2L3 Liviano entre 7.5 y 8 Tonel.",6,40348,4,2.86,237993,161392,39665.5,6262.97,10510.13,66564.17,{"v":399385,"d":"$ 399,385"},"ESTIBAS","Granel Sólido","CARGADO","SI","Barranquilla,Soledad"]
["2026-07-01",5001000,"MEDELLIN","ANTIOQUIA",5697000,"EL SANTUARIO","ANTIOQUIA",60,"2_8_105",5.4,41061,4,1.7,239178,164244,44292.22,3986.3,6723.7,74707.78,{"v":403422,"d":"$ 403,422"},"PLATAFORMA","Granel Sólido","CARGADO","SI","Bello,Guarne,Marinilla"]
["2026-07-01",25386000,"LA MESA","CUNDINAMARCA",25286000,"FUNZA","CUNDINAMARCA",56,"2",9,61066,4,1.96,289979,244264,32219.89,5178.2,9540.05,59360.33,{"v":534243,"d":"$ 534,243"},"TANQUE","Granel líquido","CARGADO","SI","Mosquera"]
["2026-07-01",25126000,"CAJICA","CUNDINAMARCA",15759000,"SOGAMOSO","BOYACÁ",201,"3S3",34,86730,4,4.65,1513081,346920,44502.38,7527.77,9253.74,54705.91,{"v":1860001,"d":"$ 1,860,001"},"ESTIBAS","General","CARGADO","SI","Sopo,Tocancipa,Gachancipa,Choconta,Villapinzon,Ventaquemada,Tunja,Paipa,Duitama"]
["2026-07-01",54498000,"OCANA","NORTE DE SANTANDER",68307000,"GIRON","SANTANDER",221,"CA",5,38189,4,4.97,607716,152756,121543.2,2749.85,3441.05,152094.4,{"v":760472,"d":"$ 760,472"},"FURGON","Granel Sólido","CARGADO","SI","Rio De Oro,San Alberto,La Esperanza,El Playon,Rionegro,Bucaramanga"]
["2026-07-01",11001000,"BOGOTA, D.C.","BOGOTÁ, D.C.",76834000,"TULUA","VALLE DEL CAUCA",361,"3S3",34,86730,8,9.28,3152654,693840,92725.12,8733.11,10655.11,113132.18,{"v":3846494,"d":"$ 3,846,494"},"PLATAFORMA","General","CARGADO","SI","Soacha,Silvania,Fusagasuga,Ibague,Cajamarca,Calarca,La Tebaida,Bugalagrande,Anda"]
["2026-07-01",5631000,"SABANETA","ANTIOQUIA",5756000,"SONSON","ANTIOQUIA",149,"2S3",27,120421,4,3.67,1153328,481684,42715.85,7740.46,10973.23,60556,{"v":1635012,"d":"$ 1,635,012"},"FURGON REFRIGERADO","Carga Refrigerada","CARGADO","SI","Envigado,Medellin,Bello,Guarne,Rionegro,La Union"]
["2026-07-01",27001000,"QUIBDO","CHOCÓ",66001000,"PEREIRA","RISARALDA",253,"3",16,58409,8,8.42,1117888,467272,69868,4418.53,6265.45,99072.5,{"v":1585160,"d":"$ 1,585,160"},"PORTACONTENEDORES","Contenedor vacío","CARGADO","SI","Yuto,Certegui,Animas,Tado,Pueblo Rico,Apia,La Virginia"]
["2026-07-01",76622005,"CANDELARIA","VALLE DEL CAUCA",76834000,"TULUA","VALLE DEL CAUCA",63,"2",9,54531,4,1.44,239854,218124,26650.44,3807.21,7269.49,50886.44,{"v":457978,"d":"$ 457,978"},"ESTIBAS","General","CARGADO","SI","Roldanillo,Zarzal,Bugalagrande,Andalucia"]
["2026-07-01",5756000,"SONSON","ANTIOQUIA",73001000,"IBAGUE","TOLIMA",456,"3S2",31,86847,8,10.56,3284042,694776,105936.84,7201.85,8725.48,128348.97,{"v":3978818,"d":"$ 3,978,818"},"ESTIBAS","Granel Sólido","CARGADO","SI","La Union,La Ceja,Rionegro,Marinilla,El Santuario,Honda,Mariquita,Guayabal,Lerida"]
["2026-07-01",68307000,"GIRON","SANTANDER",25286000,"FUNZA","CUNDINAMARCA",409,"2S2",22,63992,8,9.51,2235156,511936,101598,5464.93,6716.61,124867.82,{"v":2747092,"d":"$ 2,747,092"},"PLATAFORMA","Granel Sólido","CARGADO","SI","Floridablanca,Piedecuesta,Aratoca,San Gil,Pinchote,Socorro,Oiba,Santana,San Jose"]
["2026-07-01",85001000,"YOPAL","CASANARE",85250000,"PAZ DE ARIPORO","CASANARE",95,"2_5_8",3.4,37352,4,1.87,223625,149408,65772.06,2353.95,3926.66,109715.59,{"v":373033,"d":"$ 373,033"},"PLATAFORMA","Granel Sólido","CARGADO","SI","Pore"]
["2026-07-01",54874000,"VILLA DEL ROSARIO","NORTE DE SANTANDER",47745000,"SITIONUEVO","MAGDALENA",703,"2_5_8",3.4,38689,4,14.99,1916962,154756,563812.35,2726.83,2946.97,609328.82,{"v":2071718,"d":"$ 2,071,718"},"FURGON","General","CARGADO","SI","Los Patios,Cucuta,El Zulia,Abrego,Ocaña,Rio De Oro,Aguachica,Pelaya,Pailitas,Cur"]
["2026-07-01",68190000,"CIMITARRA","SANTANDER",85410000,"TAURAMENA","CASANARE",399,"3",16,59540,8,11.07,2137156,476320,133572.25,5356.28,6550.07,163342.25,{"v":2613476,"d":"$ 2,613,476"},"ESTIBAS","Granel Sólido","CARGADO","SI","Landazuri,Velez,Barbosa,Moniquira,Arcabuco,Tunja,Paipa,Duitama,Tibasosa,Sogamoso"]
["2026-07-01",63401001,"LA HERRADURA","QUINDIO",76109000,"BUENAVENTURA","VALLE DEL CAUCA",218,"2L3 Liviano entre 7.5 y 8 Tonel.",6,39217,4,4.7,645701,156868,107616.83,2961.93,3681.51,133761.5,{"v":802569,"d":"$ 802,569"},"ESTIBAS","General","CARGADO","SI","La Tebaida,Bugalagrande,Andalucia,Tulua,Guadalajara De Buga"]
["2026-07-01",5360000,"ITAGÜI","ANTIOQUIA",17001000,"MANIZALES","CALDAS",219,"3S2",31,85716,4,5.79,1875908,342864,60513.16,8565.79,10131.38,71573.29,{"v":2218772,"d":"$ 2,218,772"},"ESTACAS","General","CARGADO","SI","La Estrella,Sabaneta,Caldas,Amaga,La Pintada"]
["2026-07-01",85250000,"PAZ DE ARIPORO","CASANARE",85001000,"YOPAL","CASANARE",95,"CA",5,35954,4,1.87,210497,143816,42099.4,2215.76,3729.61,70862.6,{"v":354313,"d":"$ 354,313"},"ESTIBAS","Granel Sólido","CARGADO","SI","Pore"]
["2026-07-01",18001000,"FLORENCIA","CAQUETÁ",25286000,"FUNZA","CUNDINAMARCA",542,"2L1 Liviano entre 9 y 10.5 Tonel.",6,43175,4,10.3,1722979,172700,287163.17,3178.93,3497.56,315946.5,{"v":1895679,"d":"$ 1,895,679"},"ESTIBAS","General","CARGADO","SI","Suaza,Altamira,Garzon,Gigante,Hobo,Campoalegre,Aipe,Natagaima,Saldana,Guamo,Espi"]
["2026-07-01",5308000,"GIRARDOTA","ANTIOQUIA",5079000,"BARBOSA","ANTIOQUIA",20,"2L2 Liviano entre 8 y 9 Tonel.",5,42266,4,0.63,112115,169064,22423,5605.75,14058.95,56235.8,{"v":281179,"d":"$ 281,179"},"FURGON","General","CARGADO","SI"]
["2026-07-01",76248000,"EL CERRITO","VALLE DEL CAUCA",11001000,"BOGOTA, D.C.","BOGOTÁ, D.C.",405,"CA",5,38189,4,8.47,1141085,152756,228217,2817.49,3194.67,258768.2,{"v":1293841,"d":"$ 1,293,841"},"FURGON","Granel Sólido","CARGADO","SI","Guacari,Guadalajara De Buga,San Pedro,Tulua,Andalucia,Bugalagrande,La Tebaida,Ca"]
["2026-07-01",47001000,"SANTA MARTA","MAGDALENA",47288000,"FUNDACION","MAGDALENA",99,"2S2",22,63992,4,1.87,471327,255968,21423.95,4760.88,7346.41,33058.86,{"v":727295,"d":"$ 727,295"},"ESTIBAS","Granel Sólido","CARGADO","SI","Cienaga"]
["2026-07-01",50001000,"VILLAVICENCIO","META",25430000,"MADRID","CUNDINAMARCA",132,"CA",5,38189,4,3.12,619995,152756,123999,4696.93,5854.17,154550.2,{"v":772751,"d":"$ 772,751"},"FURGON","Granel Sólido","CARGADO","SI","Guayabetal,Chipaque,Bogota,Funza,Mosquera"]
["2026-07-01",5360000,"ITAGÜI","ANTIOQUIA",70820000,"SANTIAGO DE TOLU","SUCRE",518,"2L2 Liviano entre 8 y 9 Tonel.",5,42266,4,10.11,1547931,169064,309586.2,2988.28,3314.66,343399,{"v":1716995,"d":"$ 1,716,995"},"FURGON","General","CARGADO","SI","Envigado,Medellin,Bello,Copacabana,Don Matias,Santa Rosa De Osos,Yarumal,Valdivi"]
["2026-07-01",5440000,"MARINILLA","ANTIOQUIA",5308000,"GIRARDOTA","ANTIOQUIA",58,"2_8_105",5.4,39930,4,1.49,218765,159720,40512.04,3771.81,6525.6,70089.81,{"v":378485,"d":"$ 378,485"},"ESTACAS","General","CARGADO","SI","Guarne,Bello,Medellin,Copacabana"]
["2026-07-01",47189022,"CORDOBITA","MAGDALENA",44090003,"MINGUEO","LA GUAJIRA",118,"2S2",22,62860,4,2.35,572129,251440,26005.86,4848.55,6979.4,37434.95,{"v":823569,"d":"$ 823,569"},"ESTIBAS","General","CARGADO","SI","Santa Marta"]
["2026-07-01",68307000,"GIRON","SANTANDER",15491000,"NOBSA","BOYACÁ",354,"2_5_8",3.4,36221,4,7.53,956424,144884,281301.18,2701.76,3111.04,323914.12,{"v":1101308,"d":"$ 1,101,308"},"ESTACAS","General","CARGADO","SI","Floridablanca,Piedecuesta,Aratoca,San Gil,Pinchote,Socorro,Oiba,Santana,San Jose"]
["2026-07-01",5887000,"YARUMAL","ANTIOQUIA",8001000,"BARRANQUILLA","ATLÁNTICO",582,"2_5_8",3.4,36221,4,10.5,1500641,144884,441365,2578.42,2827.36,483977.94,{"v":1645525,"d":"$ 1,645,525"},"ESTACAS","General","CARGADO","SI","Valdivia,Taraza,Caucasia,La Apartada Y La Frontera,Buenavista,Planeta Rica,Puebl"]
["2026-07-01",27001000,"QUIBDO","CHOCÓ",5001000,"MEDELLIN","ANTIOQUIA",231,"3S2",31,85716,8,8.68,2076398,685728,66980.58,8988.74,11957.26,89100.84,{"v":2762126,"d":"$ 2,762,126"},"ESTACAS","General","CARGADO","SI","Ciudad Bolivar,Amaga,Caldas,La Estrella,Sabaneta,Envigado"]
["2026-07-01",85001000,"YOPAL","CASANARE",85230000,"OROCUE","CASANARE",183,"3",16,58409,4,5.09,935306,233636,58456.62,5110.96,6387.66,73058.88,{"v":1168942,"d":"$ 1,168,942"},"PLATAFORMA","General","CARGADO","SI"]
["2026-07-01",76001000,"CALI","VALLE DEL CAUCA",25126000,"CAJICA","CUNDINAMARCA",487,"3",16,61671,8,11.77,2882454,493368,180153.38,5918.8,6931.87,210988.88,{"v":3375822,"d":"$ 3,375,822"},"FURGON","General","CARGADO","SI","El Cerrito,Guacari,Guadalajara De Buga,San Pedro,Tulua,Andalucia,Bugalagrande,La"]
["2026-07-01",85162000,"MONTERREY","CASANARE",81794004,"COROCITO MACAGUA","ARAUCA",340,"3",16,58409,4,6.81,1466724,233636,91670.25,4313.89,5001.06,106272.5,{"v":1700360,"d":"$ 1,700,360"},"ESTACAS","General","CARGADO","SI","Aguazul,Yopal,Pore,Paz De Ariporo,Hato Corozal,Tame"]
["2026-07-01",66001000,"PEREIRA","RISARALDA",73268000,"ESPINAL","TOLIMA",165,"2",9,61544,4,4.78,752095,246176,83566.11,4558.15,6050.13,110919,{"v":998271,"d":"$ 998,271"},"FURGON","Granel Sólido","CARGADO","SI","Circasia,Armenia,Calarca,Cajamarca,Ibague"]
["2026-07-01",76520000,"PALMIRA","VALLE DEL CAUCA",25817000,"TOCANCIPA","CUNDINAMARCA",469,"V2",17.5,57575,8,12.76,2355927,460600,134624.4,5023.3,6005.39,160944.4,{"v":2816527,"d":"$ 2,816,527"},"VOLCO","Granel Sólido","CARGADO","SI","El Cerrito,Guacari,Guadalajara De Buga,San Pedro,Tulua,Andalucia,Bugalagrande,La"]
["2026-07-01",85001000,"YOPAL","CASANARE",85325000,"SAN LUIS DE PALENQUE","CASANARE",104,"2S2",22,63992,4,1.95,451163,255968,20507.41,4338.11,6799.34,32142.32,{"v":707131,"d":"$ 707,131"},"ESTACAS","Granel Sólido","CARGADO","SI"]
["2026-07-01",15806000,"TIBASOSA","BOYACÁ",11001000,"BOGOTA, D.C.","BOGOTÁ, D.C.",211,"2_5_8",3.4,36221,4,4.4,562075,144884,165316.18,2663.86,3350.52,207929.12,{"v":706959,"d":"$ 706,959"},"ESTIBAS","General","CARGADO","SI","Duitama,Paipa,Tunja,Villapinzon,Choconta,Gachancipa,Tocancipa"]
["2026-07-01",85001000,"YOPAL","CASANARE",50568011,"RUBIALES","META",616,"2L3 Liviano entre 7.5 y 8 Tonel.",6,40348,4,12.89,1741929,161392,290321.5,2827.81,3089.81,317220.17,{"v":1903321,"d":"$ 1,903,321"},"ESTIBAS","Granel Sólido","CARGADO","SI","Aguazul,Monterrey,Villanueva,Barranca De Upia,Paratebueno,Cumaral,Restrepo,Villa"]
["2026-07-01",11001000,"BOGOTA, D.C.","BOGOTÁ, D.C.",47745000,"SITIONUEVO","MAGDALENA",1021,"V4",36.9,66252,8,21.62,7502613,530016,203322.85,7348.3,7867.41,217686.42,{"v":8032629,"d":"$ 8,032,629"},"VOLCO","Granel Sólido","CARGADO","SI","El Rosal,La Vega,Villeta,Guaduas,San Alberto,San Martin,Aguachica,Pelaya,Pailita"]
["2026-07-01",15001000,"TUNJA","BOYACÁ",25295000,"GACHANCIPA","CUNDINAMARCA",98,"2L2 Liviano entre 8 y 9 Tonel.",5,41243,4,2.19,305699,164972,61139.8,3119.38,4802.77,94134.2,{"v":470671,"d":"$ 470,671"},"ESTIBAS","Granel Sólido","CARGADO","SI","Villapinzon,Choconta"]
["2026-07-01",5001000,"MEDELLIN","ANTIOQUIA",19142000,"CALOTO","CAUCA",483,"3S3",34,87862,8,10.48,4022735,702896,118315.74,8328.64,9783.92,138989.15,{"v":4725631,"d":"$ 4,725,631"},"PLATAFORMA","Granel Sólido","CARGADO","SI","Itagui,La Estrella,Sabaneta,Caldas,La Pintada,La Virginia,Cartago,Obando,Zarzal,"]
["2026-07-01",63401000,"LA TEBAIDA","QUINDIO",76109000,"BUENAVENTURA","VALLE DEL CAUCA",209,"3S3",34,87862,4,5.1,1724819,351448,50729.97,8252.72,9934.29,61066.68,{"v":2076267,"d":"$ 2,076,267"},"ESTACAS","Granel Sólido","CARGADO","SI","Bugalagrande,Andalucia,Tulua,Guadalajara De Buga"]
["2026-07-01",25295000,"GACHANCIPA","CUNDINAMARCA",25799000,"TENJO","CUNDINAMARCA",67,"CA",5,34822,4,1.38,180403,139288,36080.6,2692.58,4771.51,63938.2,{"v":319691,"d":"$ 319,691"},"ESTACAS","General","CARGADO","SI","Tocancipa,Chia,Cota"]
["2026-07-01",15759000,"SOGAMOSO","BOYACÁ",25126000,"CAJICA","CUNDINAMARCA",201,"2S3",27,66706,4,4.34,1135318,266824,42048.81,5648.35,6975.83,51931.19,{"v":1402142,"d":"$ 1,402,142"},"VOLCO","Granel Sólido","CARGADO","SI","Duitama,Paipa,Tunja,Villapinzon,Choconta,Gachancipa,Tocancipa,Chia"]
["2026-07-01",5376000,"LA CEJA","ANTIOQUIA",5266000,"ENVIGADO","ANTIOQUIA",83,"3",16,58409,4,2.68,530144,233636,33134,6387.28,9202.17,47736.25,{"v":763780,"d":"$ 763,780"},"PORTACONTENEDORES","Contenedor cargado","CARGADO","SI","Guarne,Bello,Medellin,Itagui"]
["2026-07-01",15238000,"DUITAMA","BOYACÁ",25817000,"TOCANCIPA","CUNDINAMARCA",154,"2L3 Liviano entre 7.5 y 8 Tonel.",6,39217,4,3.22,443643,156868,73940.5,2880.8,3899.42,100085.17,{"v":600511,"d":"$ 600,511"},"ESTIBAS","General","CARGADO","SI","Paipa,Tunja,Villapinzon,Choconta,Gachancipa"]
["2026-07-01",5360000,"ITAGÜI","ANTIOQUIA",70820000,"SANTIAGO DE TOLU","SUCRE",518,"2S2",22,61871,8,10.52,2705774,494968,122989.73,5223.5,6179.04,145488.27,{"v":3200742,"d":"$ 3,200,742"},"PORTACONTENEDORES","Contenedor cargado","CARGADO","SI","Envigado,Medellin,Bello,Copacabana,Don Matias,Santa Rosa De Osos,Yarumal,Valdivi"]
["2026-07-01",68418000,"LOS SANTOS","SANTANDER",68406000,"LEBRIJA","SANTANDER",77,"2_8_105",5.4,39930,4,1.98,249282,159720,46163.33,3237.43,5311.71,75741.11,{"v":409002,"d":"$ 409,002"},"ESTACAS","General","CARGADO","SI","Piedecuesta,Floridablanca,Giron"]
["2026-07-01",41518000,"PAICOL","HUILA",41797000,"TESALIA","HUILA",7,"CA",5,34822,4,0.28,23674,139288,4734.8,3382,23280.29,32592.4,{"v":162962,"d":"$ 162,962"},"ESTIBAS","General","CARGADO","SI"]
["2026-07-01",8433000,"MALAMBO","ATLÁNTICO",8520000,"PALMAR DE VARELA","ATLÁNTICO",14,"2_5_8",3.4,36221,4,0.5,65355,144884,19222.06,4668.21,15017.07,61835,{"v":210239,"d":"$ 210,239"},"PLATAFORMA","General","CARGADO","SI","Sabanagrande,Santo Tomas"]
["2026-07-01",15238000,"DUITAMA","BOYACÁ",25817000,"TOCANCIPA","CUNDINAMARCA",154,"3S2",31,100350,4,3.81,1198887,401400,38673.77,7784.98,10391.47,51622.16,{"v":1600287,"d":"$ 1,600,287"},"FURGON","General","CARGADO","SI","Paipa,Tunja,Villapinzon,Choconta,Gachancipa"]
["2026-07-01",5756000,"SONSON","ANTIOQUIA",5631000,"SABANETA","ANTIOQUIA",149,"3S3",34,85728,4,3.88,1162277,342912,34184.62,7800.52,10101.94,44270.26,{"v":1505189,"d":"$ 1,505,189"},"PORTACONTENEDORES","Contenedor cargado","CARGADO","SI","La Union,Rionegro,Guarne,Bello,Medellin,Itagui"]
["2026-07-01",73275000,"FLANDES","TOLIMA",73671000,"SALDANA","TOLIMA",49,"3",16,62802,4,1.27,311354,251208,19459.62,6354.16,11480.86,35160.12,{"v":562562,"d":"$ 562,562"},"FURGON","Granel Sólido","CARGADO","SI","Guamo"]
["2026-07-01",54001000,"CUCUTA","NORTE DE SANTANDER",25214000,"COTA","CUNDINAMARCA",596,"2S2",22,66320,8,14.43,3342621,530560,151937.32,5608.42,6498.63,176053.68,{"v":3873181,"d":"$ 3,873,181"},"VOLCO","Granel Sólido","CARGADO","SI","Los Patios,Pamplona,Bucaramanga,Floridablanca,Piedecuesta,Aratoca,San Gil,Pincho"]
["2026-07-01",5308000,"GIRARDOTA","ANTIOQUIA",5318000,"GUARNE","ANTIOQUIA",41,"3S2",31,85716,4,1.43,442127,342864,14262.16,10783.59,19146.12,25322.29,{"v":784991,"d":"$ 784,991"},"ESTIBAS","General","CARGADO","SI","Copacabana,Bello,Medellin"]
["2026-07-01",15646000,"SAMACA","BOYACÁ",15757000,"SOCHA","BOYACÁ",147,"3",16,66231,4,3.92,811930,264924,50745.62,5523.33,7325.54,67303.38,{"v":1076854,"d":"$ 1,076,854"},"VOLCO","Granel Sólido","CARGADO","SI","Tunja,Paipa,Duitama,Santa Rosa De Viterbo,Cerinza,Belen,Paz De Rio"]
["2026-07-01",68001000,"BUCARAMANGA","SANTANDER",8433000,"MALAMBO","ATLÁNTICO",588,"2S2",22,62860,8,10.52,2852493,502880,129658.77,4851.18,5706.42,152516.95,{"v":3355373,"d":"$ 3,355,373"},"ESTIBAS","General","CARGADO","SI","Rionegro,El Playon,La Esperanza,San Alberto,San Martin,Aguachica,Pelaya,Pailitas"]
["2026-07-01",5631000,"SABANETA","ANTIOQUIA",25286000,"FUNZA","CUNDINAMARCA",414,"2L2 Liviano entre 8 y 9 Tonel.",5,41243,4,9.19,1372311,164972,274462.2,3314.76,3713.24,307456.6,{"v":1537283,"d":"$ 1,537,283"},"PLATAFORMA","Granel Sólido","CARGADO","SI","Envigado,Medellin,Bello,Guarne,Marinilla,El Santuario,Guaduas,Villeta,Sasaima,Al"]
["2026-07-01",76109000,"BUENAVENTURA","VALLE DEL CAUCA",5079000,"BARBOSA","ANTIOQUIA",526,"3S3",34,98323,8,12.28,4657055,786584,136972.21,8853.72,10349.12,160107.03,{"v":5443639,"d":"$ 5,443,639"},"TANQUE","Granel líquido","CARGADO","SI","Guadalajara De Buga,San Pedro,Tulua,Andalucia,Bugalagrande,Zarzal,Obando,Cartago"]
["2026-07-01",54001000,"CUCUTA","NORTE DE SANTANDER",54518000,"PAMPLONA","NORTE DE SANTANDER",84,"3S3",34,98323,4,2.35,815295,393292,23979.26,9705.89,14387.94,35546.68,{"v":1208587,"d":"$ 1,208,587"},"TANQUE","Granel líquido","CARGADO","SI","Los Patios"]
["2026-07-01",15759000,"SOGAMOSO","BOYACÁ",68547000,"PIEDECUESTA","SANTANDER",343,"3S2",31,145004,8,8.85,3106583,1160032,100212.35,9057.09,12439.11,137632.74,{"v":4266615,"d":"$ 4,266,615"},"FURGON REFRIGERADO","Carga Refrigerada","CARGADO","SI","Duitama,Paipa,Tunja,Arcabuco,Moniquira,Barbosa,Guepsa,San Jose De Pare,Santana,O"]
["2026-07-01",63401000,"LA TEBAIDA","QUINDIO",76001000,"CALI","VALLE DEL CAUCA",173,"CA",5,34822,4,3.21,471911,139288,94382.2,2727.81,3532.94,122239.8,{"v":611199,"d":"$ 611,199"},"PLATAFORMA","General","CARGADO","SI","Bugalagrande,Andalucia,Tulua,Guadalajara De Buga,Guacari,El Cerrito"]
["2026-07-01",63401000,"LA TEBAIDA","QUINDIO",76001000,"CALI","VALLE DEL CAUCA",173,"V2",17.5,57575,4,4.15,844191,230300,48239.49,4879.72,6210.93,61399.49,{"v":1074491,"d":"$ 1,074,491"},"VOLCO","Granel Sólido","CARGADO","SI","Bugalagrande,Andalucia,Tulua,Guadalajara De Buga,Guacari,El Cerrito"]
["2026-07-01",63401000,"LA TEBAIDA","QUINDIO",76001000,"CALI","VALLE DEL CAUCA",173,"V3",28.7,66231,4,3.74,1177451,264924,41026.17,6806.08,8337.43,50256.97,{"v":1442375,"d":"$ 1,442,375"},"VOLCO","Granel Sólido","CARGADO","SI","Bugalagrande,Andalucia,Tulua,Guadalajara De Buga,Guacari,El Cerrito"]
["2026-07-01",63401000,"LA TEBAIDA","QUINDIO",76001000,"CALI","VALLE DEL CAUCA",173,"V4",36.9,66252,4,3.57,1401032,265008,37968.35,8098.45,9630.29,45150.14,{"v":1666040,"d":"$ 1,666,040"},"VOLCO","Granel Sólido","CARGADO","SI","Bugalagrande,Andalucia,Tulua,Guadalajara De Buga,Guacari,El Cerrito"]
["2026-07-01",25269000,"FACATATIVA","CUNDINAMARCA",25473000,"MOSQUERA","CUNDINAMARCA",23,"2",9,60412,4,0.79,130347,241648,14483,5667.26,16173.7,41332.78,{"v":371995,"d":"$ 371,995"},"FURGON","General","CARGADO","SI","Madrid"]
["2026-07-01",25269000,"FACATATIVA","CUNDINAMARCA",25473000,"MOSQUERA","CUNDINAMARCA",23,"2",9,86677,4,0.79,201089,346708,22343.22,8743,23817.26,60866.33,{"v":547797,"d":"$ 547,797"},"FURGON REFRIGERADO","Carga Refrigerada","CARGADO","SI","Madrid"]
["2026-07-01",25269000,"FACATATIVA","CUNDINAMARCA",25473000,"MOSQUERA","CUNDINAMARCA",23,"2",9,61544,4,0.79,131240,246176,14582.22,5706.09,16409.39,41935.11,{"v":377416,"d":"$ 377,416"},"FURGON","Granel Sólido","CARGADO","SI","Madrid"]
["2026-07-01",25269000,"FACATATIVA","CUNDINAMARCA",25473000,"MOSQUERA","CUNDINAMARCA",23,"2_8_105",5.4,41061,4,0.66,103081,164244,19089.07,4481.78,11622.83,49504.63,{"v":267325,"d":"$ 267,325"},"ESTIBAS","Granel Sólido","CARGADO","SI","Madrid"]
["2026-07-01",25269000,"FACATATIVA","CUNDINAMARCA",25473000,"MOSQUERA","CUNDINAMARCA",23,"2L2 Liviano entre 8 y 9 Tonel.",5,72221,4,0.66,171188,288884,34237.6,7442.96,20003.13,92014.4,{"v":460072,"d":"$ 460,072"},"FURGON REFRIGERADO","Carga Refrigerada","CARGADO","SI","Madrid"]
["2026-07-01",25269000,"FACATATIVA","CUNDINAMARCA",25473000,"MOSQUERA","CUNDINAMARCA",23,"2_5_8",3.4,37352,4,0.66,94063,149408,27665.59,4089.7,10585.7,71609.12,{"v":243471,"d":"$ 243,471"},"ESTACAS","Granel Sólido","CARGADO","SI","Madrid"]
["2026-07-01",25269000,"FACATATIVA","CUNDINAMARCA",25473000,"MOSQUERA","CUNDINAMARCA",23,"2L2 Liviano entre 8 y 9 Tonel.",5,41243,4,0.66,100661,164972,20132.2,4376.57,11549.26,53126.6,{"v":265633,"d":"$ 265,633"},"ESTACAS","Granel Sólido","CARGADO","SI","Madrid"]
["2026-07-01",25269000,"FACATATIVA","CUNDINAMARCA",25473000,"MOSQUERA","CUNDINAMARCA",23,"2L2 Liviano entre 8 y 9 Tonel.",5,43397,4,0.66,102088,173588,20417.6,4438.61,11985.91,55135.2,{"v":275676,"d":"$ 275,676"},"FURGON","Granel Sólido","CARGADO","SI","Madrid"]
["2026-07-01",25269000,"FACATATIVA","CUNDINAMARCA",25473000,"MOSQUERA","CUNDINAMARCA",23,"2L2 Liviano entre 8 y 9 Tonel.",5,41243,4,0.66,100661,164972,20132.2,4376.57,11549.26,53126.6,{"v":265633,"d":"$ 265,633"},"ESTIBAS","Granel Sólido","CARGADO","SI","Madrid"]
["2026-07-01",25269000,"FACATATIVA","CUNDINAMARCA",25473000,"MOSQUERA","CUNDINAMARCA",23,"2L2 Liviano entre 8 y 9 Tonel.",5,41243,4,0.66,100661,164972,20132.2,4376.57,11549.26,53126.6,{"v":265633,"d":"$ 265,633"},"PLATAFORMA","Granel Sólido","CARGADO","SI","Madrid"]
["2026-07-01",25269000,"FACATATIVA","CUNDINAMARCA",25473000,"MOSQUERA","CUNDINAMARCA",23,"2L2 Liviano entre 8 y 9 Tonel.",5,40112,4,0.66,99911,160448,19982.2,4343.96,11319.96,52071.8,{"v":260359,"d":"$ 260,359"},"ESTACAS","General","CARGADO","SI","Madrid"]
["2026-07-01",25269000,"FACATATIVA","CUNDINAMARCA",25473000,"MOSQUERA","CUNDINAMARCA",23,"2L2 Liviano entre 8 y 9 Tonel.",5,42266,4,0.66,101338,169064,20267.6,4406,11756.61,54080.4,{"v":270402,"d":"$ 270,402"},"FURGON","General","CARGADO","SI","Madrid"]
["2026-07-01",25269000,"FACATATIVA","CUNDINAMARCA",25473000,"MOSQUERA","CUNDINAMARCA",23,"2L2 Liviano entre 8 y 9 Tonel.",5,40112,4,0.66,99911,160448,19982.2,4343.96,11319.96,52071.8,{"v":260359,"d":"$ 260,359"},"ESTIBAS","General","CARGADO","SI","Madrid"]
["2026-07-01",25269000,"FACATATIVA","CUNDINAMARCA",25473000,"MOSQUERA","CUNDINAMARCA",23,"2L2 Liviano entre 8 y 9 Tonel.",5,40112,4,0.66,99911,160448,19982.2,4343.96,11319.96,52071.8,{"v":260359,"d":"$ 260,359"},"PLATAFORMA","General","CARGADO","SI","Madrid"]
["2026-07-01",25269000,"FACATATIVA","CUNDINAMARCA",25473000,"MOSQUERA","CUNDINAMARCA",23,"2L1 Liviano entre 9 y 10.5 Tonel.",6,76057,4,0.66,176271,304228,29378.5,7663.96,20891.26,80083.17,{"v":480499,"d":"$ 480,499"},"FURGON REFRIGERADO","Carga Refrigerada","CARGADO","SI","Madrid"]
["2026-07-01",25269000,"FACATATIVA","CUNDINAMARCA",25473000,"MOSQUERA","CUNDINAMARCA",23,"2L1 Liviano entre 9 y 10.5 Tonel.",6,44306,4,0.66,105231,177224,17538.5,4575.26,12280.65,47075.83,{"v":282455,"d":"$ 282,455"},"ESTACAS","Granel Sólido","CARGADO","SI","Madrid"]
["2026-07-01",25269000,"FACATATIVA","CUNDINAMARCA",25473000,"MOSQUERA","CUNDINAMARCA",23,"2L1 Liviano entre 9 y 10.5 Tonel.",6,47202,4,0.66,107150,188808,17858.33,4658.7,12867.74,49326.33,{"v":295958,"d":"$ 295,958"},"FURGON","Granel Sólido","CARGADO","SI","Madrid"]
["2026-07-01",25269000,"FACATATIVA","CUNDINAMARCA",25473000,"MOSQUERA","CUNDINAMARCA",23,"2L1 Liviano entre 9 y 10.5 Tonel.",6,44306,4,0.66,105231,177224,17538.5,4575.26,12280.65,47075.83,{"v":282455,"d":"$ 282,455"},"ESTIBAS","Granel Sólido","CARGADO","SI","Madrid"]
["2026-07-01",25269000,"FACATATIVA","CUNDINAMARCA",25473000,"MOSQUERA","CUNDINAMARCA",23,"2L1 Liviano entre 9 y 10.5 Tonel.",6,44306,4,0.66,105231,177224,17538.5,4575.26,12280.65,47075.83,{"v":282455,"d":"$ 282,455"},"PLATAFORMA","Granel Sólido","CARGADO","SI","Madrid"]
["2026-07-01",25269000,"FACATATIVA","CUNDINAMARCA",25473000,"MOSQUERA","CUNDINAMARCA",23,"2L1 Liviano entre 9 y 10.5 Tonel.",6,43175,4,0.66,104482,172700,17413.67,4542.7,12051.39,46197,{"v":277182,"d":"$ 277,182"},"ESTACAS","General","CARGADO","SI","Madrid"]
["2026-07-01",25269000,"FACATATIVA","CUNDINAMARCA",25473000,"MOSQUERA","CUNDINAMARCA",23,"2L1 Liviano entre 9 y 10.5 Tonel.",6,46071,4,0.66,106401,184284,17733.5,4626.13,12638.48,48447.5,{"v":290685,"d":"$ 290,685"},"FURGON","General","CARGADO","SI","Madrid"]
["2026-07-01",25269000,"FACATATIVA","CUNDINAMARCA",25473000,"MOSQUERA","CUNDINAMARCA",23,"2L1 Liviano entre 9 y 10.5 Tonel.",6,43175,4,0.66,104482,172700,17413.67,4542.7,12051.39,46197,{"v":277182,"d":"$ 277,182"},"ESTIBAS","General","CARGADO","SI","Madrid"]
["2026-07-01",25269000,"FACATATIVA","CUNDINAMARCA",25473000,"MOSQUERA","CUNDINAMARCA",23,"2L1 Liviano entre 9 y 10.5 Tonel.",6,43175,4,0.66,104482,172700,17413.67,4542.7,12051.39,46197,{"v":277182,"d":"$ 277,182"},"PLATAFORMA","General","CARGADO","SI","Madrid"]
["2026-07-01",25269000,"FACATATIVA","CUNDINAMARCA",25473000,"MOSQUERA","CUNDINAMARCA",23,"3",16,92437,4,0.84,268750,369748,16796.88,11684.78,27760.78,39906.12,{"v":638498,"d":"$ 638,498"},"FURGON REFRIGERADO","Carga Refrigerada","CARGADO","SI","Madrid"]
["2026-07-01",25269000,"FACATATIVA","CUNDINAMARCA",25473000,"MOSQUERA","CUNDINAMARCA",23,"3",16,59540,4,0.84,180250,238160,11265.62,7836.96,18191.74,26150.62,{"v":418410,"d":"$ 418,410"},"ESTACAS","Granel Sólido","CARGADO","SI","Madrid"]
["2026-07-01",25269000,"FACATATIVA","CUNDINAMARCA",25473000,"MOSQUERA","CUNDINAMARCA",23,"3",16,62802,4,0.84,182993,251208,11437.06,7956.22,18878.3,27137.56,{"v":434201,"d":"$ 434,201"},"FURGON","Granel Sólido","CARGADO","SI","Madrid"]
["2026-07-01",25269000,"FACATATIVA","CUNDINAMARCA",25473000,"MOSQUERA","CUNDINAMARCA",23,"3",16,66231,4,0.84,187555,264924,11722.19,8154.57,19673,28279.94,{"v":452479,"d":"$ 452,479"},"VOLCO","Granel Sólido","CARGADO","SI","Madrid"]
["2026-07-01",25269000,"FACATATIVA","CUNDINAMARCA",25473000,"MOSQUERA","CUNDINAMARCA",23,"3",16,59540,4,0.84,180250,238160,11265.62,7836.96,18191.74,26150.62,{"v":418410,"d":"$ 418,410"},"ESTIBAS","Granel Sólido","CARGADO","SI","Madrid"]
["2026-07-01",25269000,"FACATATIVA","CUNDINAMARCA",25473000,"MOSQUERA","CUNDINAMARCA",23,"3",16,59540,4,0.84,180250,238160,11265.62,7836.96,18191.74,26150.62,{"v":418410,"d":"$ 418,410"},"PLATAFORMA","Granel Sólido","CARGADO","SI","Madrid"]
["2026-07-01",25269000,"FACATATIVA","CUNDINAMARCA",25473000,"MOSQUERA","CUNDINAMARCA",23,"3",16,58409,4,0.84,179299,233636,11206.19,7795.61,17953.7,25808.44,{"v":412935,"d":"$ 412,935"},"ESTACAS","General","CARGADO","SI","Madrid"]
["2026-07-01",25269000,"FACATATIVA","CUNDINAMARCA",25473000,"MOSQUERA","CUNDINAMARCA",23,"3",16,61671,4,0.84,182042,246684,11377.62,7914.87,18640.26,26795.38,{"v":428726,"d":"$ 428,726"},"FURGON","General","CARGADO","SI","Madrid"]
["2026-07-01",25269000,"FACATATIVA","CUNDINAMARCA",25473000,"MOSQUERA","CUNDINAMARCA",23,"3",16,58409,4,0.84,179299,233636,11206.19,7795.61,17953.7,25808.44,{"v":412935,"d":"$ 412,935"},"ESTIBAS","General","CARGADO","SI","Madrid"]
["2026-07-01",25269000,"FACATATIVA","CUNDINAMARCA",25473000,"MOSQUERA","CUNDINAMARCA",23,"3",16,58409,4,0.84,179299,233636,11206.19,7795.61,17953.7,25808.44,{"v":412935,"d":"$ 412,935"},"PLATAFORMA","General","CARGADO","SI","Madrid"]
["2026-07-01",25269000,"FACATATIVA","CUNDINAMARCA",25473000,"MOSQUERA","CUNDINAMARCA",23,"3",16,58409,4,0.84,179299,233636,11206.19,7795.61,17953.7,25808.44,{"v":412935,"d":"$ 412,935"},"PORTACONTENEDORES","Contenedor cargado","CARGADO","SI","Madrid"]
["2026-07-01",25269000,"FACATATIVA","CUNDINAMARCA",25473000,"MOSQUERA","CUNDINAMARCA",23,"CA",5,37057,4,0.66,90074,148228,18014.8,3916.26,10360.96,47660.4,{"v":238302,"d":"$ 238,302"},"FURGON","General","CARGADO","SI","Madrid"]
["2026-07-01",25269000,"FACATATIVA","CUNDINAMARCA",25473000,"MOSQUERA","CUNDINAMARCA",23,"CA",5,35954,4,0.66,89343,143816,17868.6,3884.48,10137.35,46631.8,{"v":233159,"d":"$ 233,159"},"ESTIBAS","Granel Sólido","CARGADO","SI","Madrid"]
["2026-07-01",25269000,"FACATATIVA","CUNDINAMARCA",25473000,"MOSQUERA","CUNDINAMARCA",23,"CA",5,35954,4,0.66,89343,143816,17868.6,3884.48,10137.35,46631.8,{"v":233159,"d":"$ 233,159"},"PLATAFORMA","Granel Sólido","CARGADO","SI","Madrid"]
["2026-07-01",25269000,"FACATATIVA","CUNDINAMARCA",25473000,"MOSQUERA","CUNDINAMARCA",23,"CA",5,34822,4,0.66,88593,139288,17718.6,3851.87,9907.87,45576.2,{"v":227881,"d":"$ 227,881"},"ESTACAS","General","CARGADO","SI","Madrid"]
["2026-07-01",25269000,"FACATATIVA","CUNDINAMARCA",25473000,"MOSQUERA","CUNDINAMARCA",23,"CA",5,34822,4,0.66,88593,139288,17718.6,3851.87,9907.87,45576.2,{"v":227881,"d":"$ 227,881"},"ESTIBAS","General","CARGADO","SI","Madrid"]
["2026-07-01",25269000,"FACATATIVA","CUNDINAMARCA",25473000,"MOSQUERA","CUNDINAMARCA",23,"CA",5,34822,4,0.66,88593,139288,17718.6,3851.87,9907.87,45576.2,{"v":227881,"d":"$ 227,881"},"PLATAFORMA","General","CARGADO","SI","Madrid"]
["2026-07-01",25269000,"FACATATIVA","CUNDINAMARCA",25473000,"MOSQUERA","CUNDINAMARCA",23,"V2",17.5,57575,4,1.01,157877,230300,9021.54,6864.22,16877.26,22181.54,{"v":388177,"d":"$ 388,177"},"VOLCO","Granel Sólido","CARGADO","SI","Madrid"]
["2026-07-01",25269000,"FACATATIVA","CUNDINAMARCA",25473000,"MOSQUERA","CUNDINAMARCA",23,"V3",28.7,66231,4,0.85,194872,264924,6789.97,8472.7,19991.13,16020.77,{"v":459796,"d":"$ 459,796"},"VOLCO","Granel Sólido","CARGADO","SI","Madrid"]
["2026-07-01",25269000,"FACATATIVA","CUNDINAMARCA",25473000,"MOSQUERA","CUNDINAMARCA",23,"V4",36.9,66252,4,0.71,232299,265008,6295.37,10099.96,21622.04,13477.15,{"v":497307,"d":"$ 497,307"},"VOLCO","Granel Sólido","CARGADO","SI","Madrid"]
["2026-07-01",17001000,"MANIZALES","CALDAS",25286000,"FUNZA","CUNDINAMARCA",272,"2",9,55663,8,8.76,1254281,445304,139364.56,4611.33,6248.47,188842.78,{"v":1699585,"d":"$ 1,699,585"},"ESTACAS","Granel Sólido","CARGADO","SI","Fresno,Mariquita,Honda,Guaduas,Villeta,Sasaima,Alban,Facatativa,Madrid,Mosquera"]
["2026-07-01",17001000,"MANIZALES","CALDAS",25286000,"FUNZA","CUNDINAMARCA",272,"2",9,61544,8,8.76,1305812,492352,145090.22,4800.78,6610.9,199796,{"v":1798164,"d":"$ 1,798,164"},"FURGON","Granel Sólido","CARGADO","SI","Fresno,Mariquita,Honda,Guaduas,Villeta,Sasaima,Alban,Facatativa,Madrid,Mosquera"]
["2026-07-01",17001000,"MANIZALES","CALDAS",25286000,"FUNZA","CUNDINAMARCA",272,"2",9,54531,8,8.76,1244367,436248,138263,4574.88,6178.73,186735,{"v":1680615,"d":"$ 1,680,615"},"ESTIBAS","General","CARGADO","SI","Fresno,Mariquita,Honda,Guaduas,Villeta,Sasaima,Alban,Facatativa,Madrid,Mosquera"]
["2026-07-01",17001000,"MANIZALES","CALDAS",25286000,"FUNZA","CUNDINAMARCA",272,"2",9,54531,8,8.76,1244367,436248,138263,4574.88,6178.73,186735,{"v":1680615,"d":"$ 1,680,615"},"PLATAFORMA","General","CARGADO","SI","Fresno,Mariquita,Honda,Guaduas,Villeta,Sasaima,Alban,Facatativa,Madrid,Mosquera"]
["2026-07-01",17001000,"MANIZALES","CALDAS",25286000,"FUNZA","CUNDINAMARCA",272,"2",9,86677,8,8.76,1576026,693416,175114,5794.21,8343.54,252160.22,{"v":2269442,"d":"$ 2,269,442"},"FURGON REFRIGERADO","Carga Refrigerada","CARGADO","SI","Fresno,Mariquita,Honda,Guaduas,Villeta,Sasaima,Alban,Facatativa,Madrid,Mosquera"]
["2026-07-01",17001000,"MANIZALES","CALDAS",25286000,"FUNZA","CUNDINAMARCA",272,"2",9,54531,8,8.76,1244367,436248,138263,4574.88,6178.73,186735,{"v":1680615,"d":"$ 1,680,615"},"ESTACAS","General","CARGADO","SI","Fresno,Mariquita,Honda,Guaduas,Villeta,Sasaima,Alban,Facatativa,Madrid,Mosquera"]
["2026-07-01",17001000,"MANIZALES","CALDAS",25286000,"FUNZA","CUNDINAMARCA",272,"2",9,57575,8,8.76,1290887,460600,143431.89,4745.91,6439.29,194609.67,{"v":1751487,"d":"$ 1,751,487"},"VOLCO","Granel Sólido","CARGADO","SI","Fresno,Mariquita,Honda,Guaduas,Villeta,Sasaima,Alban,Facatativa,Madrid,Mosquera"]
["2026-07-01",17001000,"MANIZALES","CALDAS",25286000,"FUNZA","CUNDINAMARCA",272,"2",9,55663,8,8.76,1254281,445304,139364.56,4611.33,6248.47,188842.78,{"v":1699585,"d":"$ 1,699,585"},"ESTIBAS","Granel Sólido","CARGADO","SI","Fresno,Mariquita,Honda,Guaduas,Villeta,Sasaima,Alban,Facatativa,Madrid,Mosquera"]
["2026-07-01",17001000,"MANIZALES","CALDAS",25286000,"FUNZA","CUNDINAMARCA",272,"2",9,54531,8,8.76,1244367,436248,138263,4574.88,6178.73,186735,{"v":1680615,"d":"$ 1,680,615"},"PORTACONTENEDORES","Contenedor cargado","CARGADO","SI","Fresno,Mariquita,Honda,Guaduas,Villeta,Sasaima,Alban,Facatativa,Madrid,Mosquera"]
["2026-07-01",17001000,"MANIZALES","CALDAS",25286000,"FUNZA","CUNDINAMARCA",272,"2",9,55663,8,8.76,1254281,445304,139364.56,4611.33,6248.47,188842.78,{"v":1699585,"d":"$ 1,699,585"},"PLATAFORMA","Granel Sólido","CARGADO","SI","Fresno,Mariquita,Honda,Guaduas,Villeta,Sasaima,Alban,Facatativa,Madrid,Mosquera"]
["2026-07-01",17001000,"MANIZALES","CALDAS",25286000,"FUNZA","CUNDINAMARCA",272,"2",9,60412,8,8.76,1295898,483296,143988.67,4764.33,6541.15,197688.22,{"v":1779194,"d":"$ 1,779,194"},"FURGON","General","CARGADO","SI","Fresno,Mariquita,Honda,Guaduas,Villeta,Sasaima,Alban,Facatativa,Madrid,Mosquera"]
["2026-07-01",17001000,"MANIZALES","CALDAS",25286000,"FUNZA","CUNDINAMARCA",272,"2",9,54531,8,8.76,1070472,436248,118941.33,3935.56,5539.41,167413.33,{"v":1506720,"d":"$ 1,506,720"},"PORTACONTENEDORES","Contenedor vacío","CARGADO","SI","Fresno,Mariquita,Honda,Guaduas,Villeta,Sasaima,Alban,Facatativa,Madrid,Mosquera"]
["2026-07-01",17001000,"MANIZALES","CALDAS",25286000,"FUNZA","CUNDINAMARCA",272,"2",9,61066,8,8.76,1301621,488528,144624.56,4785.37,6581.43,198905.44,{"v":1790149,"d":"$ 1,790,149"},"TANQUE","Granel líquido","CARGADO","SI","Fresno,Mariquita,Honda,Guaduas,Villeta,Sasaima,Alban,Facatativa,Madrid,Mosquera"]
["2026-07-01",17001000,"MANIZALES","CALDAS",25286000,"FUNZA","CUNDINAMARCA",272,"2S2",22,78048,4,7.78,1782763,312192,81034.68,6554.28,7702.04,95225.23,{"v":2094955,"d":"$ 2,094,955"},"FURGON","Granel Sólido","CARGADO","SI","Fresno,Mariquita,Honda,Guaduas,Villeta,Sasaima,Alban,Facatativa,Madrid,Mosquera"]
["2026-07-01",17001000,"MANIZALES","CALDAS",25286000,"FUNZA","CUNDINAMARCA",272,"2S2",22,62860,4,7.78,1664533,251440,75660.59,6119.61,7044.02,87089.68,{"v":1915973,"d":"$ 1,915,973"},"ESTIBAS","General","CARGADO","SI","Fresno,Mariquita,Honda,Guaduas,Villeta,Sasaima,Alban,Facatativa,Madrid,Mosquera"]
["2026-07-01",17001000,"MANIZALES","CALDAS",25286000,"FUNZA","CUNDINAMARCA",272,"2S3",27,62754,4,7.78,1442155,251016,53413.15,5302.04,6224.89,62710.04,{"v":1693171,"d":"$ 1,693,171"},"PORTACONTENEDORES","Contenedor vacío","CARGADO","SI","Fresno,Mariquita,Honda,Guaduas,Villeta,Sasaima,Alban,Facatativa,Madrid,Mosquera"]
["2026-07-01",17001000,"MANIZALES","CALDAS",25286000,"FUNZA","CUNDINAMARCA",272,"2S3",27,64983,4,7.78,1777816,259932,65845.04,6536.09,7491.72,75472.15,{"v":2037748,"d":"$ 2,037,748"},"ESTACAS","Granel Sólido","CARGADO","SI","Fresno,Mariquita,Honda,Guaduas,Villeta,Sasaima,Alban,Facatativa,Madrid,Mosquera"]
["2026-07-01",17001000,"MANIZALES","CALDAS",25286000,"FUNZA","CUNDINAMARCA",272,"2S3",27,75310,4,7.78,1858200,301240,68822.22,6831.62,7939.12,79979.26,{"v":2159440,"d":"$ 2,159,440"},"TANQUE","Granel líquido","CARGADO","SI","Fresno,Mariquita,Honda,Guaduas,Villeta,Sasaima,Alban,Facatativa,Madrid,Mosquera"]
["2026-07-01",17001000,"MANIZALES","CALDAS",25286000,"FUNZA","CUNDINAMARCA",272,"2_5_8",3.4,64759,4,7,1097899,259036,322911.47,4036.39,4988.73,399098.53,{"v":1356935,"d":"$ 1,356,935"},"FURGON REFRIGERADO","Carga Refrigerada","CARGADO","SI","Fresno,Mariquita,Honda,Guaduas,Villeta,Sasaima,Alban,Facatativa,Madrid,Mosquera"]
["2026-07-01",17001000,"MANIZALES","CALDAS",25286000,"FUNZA","CUNDINAMARCA",272,"2_5_8",3.4,37352,4,7,866133,149408,254745,3184.31,3733.61,298688.53,{"v":1015541,"d":"$ 1,015,541"},"ESTACAS","Granel Sólido","CARGADO","SI","Fresno,Mariquita,Honda,Guaduas,Villeta,Sasaima,Alban,Facatativa,Madrid,Mosquera"]
["2026-07-01",17001000,"MANIZALES","CALDAS",25286000,"FUNZA","CUNDINAMARCA",272,"2_5_8",3.4,39821,4,7,887489,159284,261026.18,3262.83,3848.43,307874.41,{"v":1046773,"d":"$ 1,046,773"},"FURGON","Granel Sólido","CARGADO","SI","Fresno,Mariquita,Honda,Guaduas,Villeta,Sasaima,Alban,Facatativa,Madrid,Mosquera"]
["2026-07-01",17001000,"MANIZALES","CALDAS",25286000,"FUNZA","CUNDINAMARCA",272,"2_5_8",3.4,37352,4,7,870208,149408,255943.53,3199.29,3748.59,299887.06,{"v":1019616,"d":"$ 1,019,616"},"ESTIBAS","Granel Sólido","CARGADO","SI","Fresno,Mariquita,Honda,Guaduas,Villeta,Sasaima,Alban,Facatativa,Madrid,Mosquera"]
["2026-07-01",17001000,"MANIZALES","CALDAS",25286000,"FUNZA","CUNDINAMARCA",272,"2_5_8",3.4,37352,4,7,870208,149408,255943.53,3199.29,3748.59,299887.06,{"v":1019616,"d":"$ 1,019,616"},"PLATAFORMA","Granel Sólido","CARGADO","SI","Fresno,Mariquita,Honda,Guaduas,Villeta,Sasaima,Alban,Facatativa,Madrid,Mosquera"]
["2026-07-01",17001000,"MANIZALES","CALDAS",25286000,"FUNZA","CUNDINAMARCA",272,"2_5_8",3.4,36221,4,7,862287,144884,253613.82,3170.17,3702.83,296226.76,{"v":1007171,"d":"$ 1,007,171"},"ESTACAS","General","CARGADO","SI","Fresno,Mariquita,Honda,Guaduas,Villeta,Sasaima,Alban,Facatativa,Madrid,Mosquera"]
["2026-07-01",17001000,"MANIZALES","CALDAS",25286000,"FUNZA","CUNDINAMARCA",272,"2_5_8",3.4,38689,4,7,879568,154756,258696.47,3233.71,3802.66,304212.94,{"v":1034324,"d":"$ 1,034,324"},"FURGON","General","CARGADO","SI","Fresno,Mariquita,Honda,Guaduas,Villeta,Sasaima,Alban,Facatativa,Madrid,Mosquera"]
["2026-07-01",17001000,"MANIZALES","CALDAS",25286000,"FUNZA","CUNDINAMARCA",272,"2_5_8",3.4,36221,4,7,862287,144884,253613.82,3170.17,3702.83,296226.76,{"v":1007171,"d":"$ 1,007,171"},"ESTIBAS","General","CARGADO","SI","Fresno,Mariquita,Honda,Guaduas,Villeta,Sasaima,Alban,Facatativa,Madrid,Mosquera"]
["2026-07-01",17001000,"MANIZALES","CALDAS",25286000,"FUNZA","CUNDINAMARCA",272,"2_5_8",3.4,36221,4,7,862287,144884,253613.82,3170.17,3702.83,296226.76,{"v":1007171,"d":"$ 1,007,171"},"PLATAFORMA","General","CARGADO","SI","Fresno,Mariquita,Honda,Guaduas,Villeta,Sasaima,Alban,Facatativa,Madrid,Mosquera"]
["2026-07-01",17001000,"MANIZALES","CALDAS",25286000,"FUNZA","CUNDINAMARCA",272,"2L3 Liviano entre 7.5 y 8 Tonel.",6,71753,4,7,1178328,287012,196388,4332.09,5387.28,244223.33,{"v":1465340,"d":"$ 1,465,340"},"FURGON REFRIGERADO","Carga Refrigerada","CARGADO","SI","Fresno,Mariquita,Honda,Guaduas,Villeta,Sasaima,Alban,Facatativa,Madrid,Mosquera"]
["2026-07-01",17001000,"MANIZALES","CALDAS",25286000,"FUNZA","CUNDINAMARCA",272,"2L3 Liviano entre 7.5 y 8 Tonel.",6,40348,4,7,904411,161392,150735.17,3325.04,3918.39,177633.83,{"v":1065803,"d":"$ 1,065,803"},"ESTACAS","Granel Sólido","CARGADO","SI","Fresno,Mariquita,Honda,Guaduas,Villeta,Sasaima,Alban,Facatativa,Madrid,Mosquera"]
["2026-07-01",17001000,"MANIZALES","CALDAS",25286000,"FUNZA","CUNDINAMARCA",272,"2L3 Liviano entre 7.5 y 8 Tonel.",6,43458,4,7,930258,173832,155043,3420.07,4059.15,184015,{"v":1104090,"d":"$ 1,104,090"},"FURGON","Granel Sólido","CARGADO","SI","Fresno,Mariquita,Honda,Guaduas,Villeta,Sasaima,Alban,Facatativa,Madrid,Mosquera"]
["2026-07-01",17001000,"MANIZALES","CALDAS",25286000,"FUNZA","CUNDINAMARCA",272,"2L3 Liviano entre 7.5 y 8 Tonel.",6,40348,4,7,908486,161392,151414.33,3340.02,3933.38,178313,{"v":1069878,"d":"$ 1,069,878"},"ESTIBAS","Granel Sólido","CARGADO","SI","Fresno,Mariquita,Honda,Guaduas,Villeta,Sasaima,Alban,Facatativa,Madrid,Mosquera"]
["2026-07-01",17001000,"MANIZALES","CALDAS",25286000,"FUNZA","CUNDINAMARCA",272,"2L3 Liviano entre 7.5 y 8 Tonel.",6,40348,4,7,908486,161392,151414.33,3340.02,3933.38,178313,{"v":1069878,"d":"$ 1,069,878"},"PLATAFORMA","Granel Sólido","CARGADO","SI","Fresno,Mariquita,Honda,Guaduas,Villeta,Sasaima,Alban,Facatativa,Madrid,Mosquera"]
["2026-07-01",17001000,"MANIZALES","CALDAS",25286000,"FUNZA","CUNDINAMARCA",272,"2L3 Liviano entre 7.5 y 8 Tonel.",6,39217,4,7,900565,156868,150094.17,3310.9,3887.62,176238.83,{"v":1057433,"d":"$ 1,057,433"},"ESTACAS","General","CARGADO","SI","Fresno,Mariquita,Honda,Guaduas,Villeta,Sasaima,Alban,Facatativa,Madrid,Mosquera"]
["2026-07-01",17001000,"MANIZALES","CALDAS",25286000,"FUNZA","CUNDINAMARCA",272,"2L3 Liviano entre 7.5 y 8 Tonel.",6,42327,4,7,922337,169308,153722.83,3390.94,4013.4,181940.83,{"v":1091645,"d":"$ 1,091,645"},"FURGON","General","CARGADO","SI","Fresno,Mariquita,Honda,Guaduas,Villeta,Sasaima,Alban,Facatativa,Madrid,Mosquera"]
["2026-07-01",17001000,"MANIZALES","CALDAS",25286000,"FUNZA","CUNDINAMARCA",272,"2L3 Liviano entre 7.5 y 8 Tonel.",6,39217,4,7,900565,156868,150094.17,3310.9,3887.62,176238.83,{"v":1057433,"d":"$ 1,057,433"},"ESTIBAS","General","CARGADO","SI","Fresno,Mariquita,Honda,Guaduas,Villeta,Sasaima,Alban,Facatativa,Madrid,Mosquera"]
["2026-07-01",17001000,"MANIZALES","CALDAS",25286000,"FUNZA","CUNDINAMARCA",272,"2L3 Liviano entre 7.5 y 8 Tonel.",6,39217,4,7,900565,156868,150094.17,3310.9,3887.62,176238.83,{"v":1057433,"d":"$ 1,057,433"},"PLATAFORMA","General","CARGADO","SI","Fresno,Mariquita,Honda,Guaduas,Villeta,Sasaima,Alban,Facatativa,Madrid,Mosquera"]
["2026-07-01",17001000,"MANIZALES","CALDAS",25286000,"FUNZA","CUNDINAMARCA",272,"2L1 Liviano entre 9 y 10.5 Tonel.",6,43175,4,7,977007,172700,162834.5,3591.94,4226.86,191617.83,{"v":1149707,"d":"$ 1,149,707"},"ESTIBAS","General","CARGADO","SI","Fresno,Mariquita,Honda,Guaduas,Villeta,Sasaima,Alban,Facatativa,Madrid,Mosquera"]
["2026-07-01",17001000,"MANIZALES","CALDAS",25286000,"FUNZA","CUNDINAMARCA",272,"2L1 Liviano entre 9 y 10.5 Tonel.",6,44306,4,7,984928,177224,164154.67,3621.06,4272.62,193692,{"v":1162152,"d":"$ 1,162,152"},"PLATAFORMA","Granel Sólido","CARGADO","SI","Fresno,Mariquita,Honda,Guaduas,Villeta,Sasaima,Alban,Facatativa,Madrid,Mosquera"]
["2026-07-01",17001000,"MANIZALES","CALDAS",25286000,"FUNZA","CUNDINAMARCA",272,"2L1 Liviano entre 9 y 10.5 Tonel.",6,43175,4,7,977007,172700,162834.5,3591.94,4226.86,191617.83,{"v":1149707,"d":"$ 1,149,707"},"ESTACAS","General","CARGADO","SI","Fresno,Mariquita,Honda,Guaduas,Villeta,Sasaima,Alban,Facatativa,Madrid,Mosquera"]
["2026-07-01",17001000,"MANIZALES","CALDAS",25286000,"FUNZA","CUNDINAMARCA",272,"2L1 Liviano entre 9 y 10.5 Tonel.",6,46071,4,7,997281,184284,166213.5,3666.47,4343.99,196927.5,{"v":1181565,"d":"$ 1,181,565"},"FURGON","General","CARGADO","SI","Fresno,Mariquita,Honda,Guaduas,Villeta,Sasaima,Alban,Facatativa,Madrid,Mosquera"]
["2026-07-01",17001000,"MANIZALES","CALDAS",25286000,"FUNZA","CUNDINAMARCA",272,"2L1 Liviano entre 9 y 10.5 Tonel.",6,43175,4,7,977007,172700,162834.5,3591.94,4226.86,191617.83,{"v":1149707,"d":"$ 1,149,707"},"PLATAFORMA","General","CARGADO","SI","Fresno,Mariquita,Honda,Guaduas,Villeta,Sasaima,Alban,Facatativa,Madrid,Mosquera"]
["2026-07-01",17001000,"MANIZALES","CALDAS",25286000,"FUNZA","CUNDINAMARCA",272,"3",16,92437,8,9.39,2136299,739496,133518.69,7854.04,10572.78,179737.19,{"v":2875795,"d":"$ 2,875,795"},"FURGON REFRIGERADO","Carga Refrigerada","CARGADO","SI","Fresno,Mariquita,Honda,Guaduas,Villeta,Sasaima,Alban,Facatativa,Madrid,Mosquera"]
["2026-07-01",17001000,"MANIZALES","CALDAS",25286000,"FUNZA","CUNDINAMARCA",272,"3",16,59540,8,9.39,1766685,476320,110417.81,6495.17,8246.34,140187.81,{"v":2243005,"d":"$ 2,243,005"},"ESTACAS","Granel Sólido","CARGADO","SI","Fresno,Mariquita,Honda,Guaduas,Villeta,Sasaima,Alban,Facatativa,Madrid,Mosquera"]
["2026-07-01",17001000,"MANIZALES","CALDAS",25286000,"FUNZA","CUNDINAMARCA",272,"3",16,62802,8,9.39,1797299,502416,112331.19,6607.72,8454.83,143732.19,{"v":2299715,"d":"$ 2,299,715"},"FURGON","Granel Sólido","CARGADO","SI","Fresno,Mariquita,Honda,Guaduas,Villeta,Sasaima,Alban,Facatativa,Madrid,Mosquera"]
["2026-07-01",17001000,"MANIZALES","CALDAS",25286000,"FUNZA","CUNDINAMARCA",272,"3",16,66231,8,9.39,1848954,529848,115559.62,6797.62,8745.6,148675.12,{"v":2378802,"d":"$ 2,378,802"},"VOLCO","Granel Sólido","CARGADO","SI","Fresno,Mariquita,Honda,Guaduas,Villeta,Sasaima,Alban,Facatativa,Madrid,Mosquera"]
["2026-07-01",17001000,"MANIZALES","CALDAS",25286000,"FUNZA","CUNDINAMARCA",272,"3",16,59540,8,9.39,1766685,476320,110417.81,6495.17,8246.34,140187.81,{"v":2243005,"d":"$ 2,243,005"},"ESTIBAS","Granel Sólido","CARGADO","SI","Fresno,Mariquita,Honda,Guaduas,Villeta,Sasaima,Alban,Facatativa,Madrid,Mosquera"]
["2026-07-01",17001000,"MANIZALES","CALDAS",25286000,"FUNZA","CUNDINAMARCA",272,"3",16,59540,8,9.39,1766685,476320,110417.81,6495.17,8246.34,140187.81,{"v":2243005,"d":"$ 2,243,005"},"PLATAFORMA","Granel Sólido","CARGADO","SI","Fresno,Mariquita,Honda,Guaduas,Villeta,Sasaima,Alban,Facatativa,Madrid,Mosquera"]
["2026-07-01",17001000,"MANIZALES","CALDAS",25286000,"FUNZA","CUNDINAMARCA",272,"3",16,58409,8,9.39,1756064,467272,109754,6456.12,8174.03,138958.5,{"v":2223336,"d":"$ 2,223,336"},"ESTACAS","General","CARGADO","SI","Fresno,Mariquita,Honda,Guaduas,Villeta,Sasaima,Alban,Facatativa,Madrid,Mosquera"]
["2026-07-01",17001000,"MANIZALES","CALDAS",25286000,"FUNZA","CUNDINAMARCA",272,"3",16,61671,8,9.39,1786679,493368,111667.44,6568.67,8382.53,142502.94,{"v":2280047,"d":"$ 2,280,047"},"FURGON","General","CARGADO","SI","Fresno,Mariquita,Honda,Guaduas,Villeta,Sasaima,Alban,Facatativa,Madrid,Mosquera"]
["2026-07-01",17001000,"MANIZALES","CALDAS",25286000,"FUNZA","CUNDINAMARCA",272,"3",16,58409,8,9.39,1756064,467272,109754,6456.12,8174.03,138958.5,{"v":2223336,"d":"$ 2,223,336"},"ESTIBAS","General","CARGADO","SI","Fresno,Mariquita,Honda,Guaduas,Villeta,Sasaima,Alban,Facatativa,Madrid,Mosquera"]
["2026-07-01",17001000,"MANIZALES","CALDAS",25286000,"FUNZA","CUNDINAMARCA",272,"3",16,58409,8,9.39,1756064,467272,109754,6456.12,8174.03,138958.5,{"v":2223336,"d":"$ 2,223,336"},"PLATAFORMA","General","CARGADO","SI","Fresno,Mariquita,Honda,Guaduas,Villeta,Sasaima,Alban,Facatativa,Madrid,Mosquera"]
["2026-07-01",17001000,"MANIZALES","CALDAS",25286000,"FUNZA","CUNDINAMARCA",272,"3",16,58409,8,9.39,1756064,467272,109754,6456.12,8174.03,138958.5,{"v":2223336,"d":"$ 2,223,336"},"PORTACONTENEDORES","Contenedor cargado","CARGADO","SI","Fresno,Mariquita,Honda,Guaduas,Villeta,Sasaima,Alban,Facatativa,Madrid,Mosquera"]
["2026-07-01",17001000,"MANIZALES","CALDAS",25286000,"FUNZA","CUNDINAMARCA",272,"3",16,58409,8,9.39,1428746,467272,89296.62,5252.74,6970.65,118501.12,{"v":1896018,"d":"$ 1,896,018"},"PORTACONTENEDORES","Contenedor vacío","CARGADO","SI","Fresno,Mariquita,Honda,Guaduas,Villeta,Sasaima,Alban,Facatativa,Madrid,Mosquera"]
["2026-07-01",17001000,"MANIZALES","CALDAS",25286000,"FUNZA","CUNDINAMARCA",272,"3",16,64943,8,9.39,1817399,519544,113587.44,6681.61,8591.7,146058.94,{"v":2336943,"d":"$ 2,336,943"},"TANQUE","Granel líquido","CARGADO","SI","Fresno,Mariquita,Honda,Guaduas,Villeta,Sasaima,Alban,Facatativa,Madrid,Mosquera"]
["2026-07-01",17001000,"MANIZALES","CALDAS",25286000,"FUNZA","CUNDINAMARCA",272,"3S2",31,145004,8,8.29,2841605,1160032,91664.68,10447.08,14711.9,129085.06,{"v":4001637,"d":"$ 4,001,637"},"FURGON REFRIGERADO","Carga Refrigerada","CARGADO","SI","Fresno,Mariquita,Honda,Guaduas,Villeta,Sasaima,Alban,Facatativa,Madrid,Mosquera"]
["2026-07-01",17001000,"MANIZALES","CALDAS",25286000,"FUNZA","CUNDINAMARCA",272,"3S2",31,86847,8,8.29,2276315,694776,73429.52,8368.81,10923.13,95841.65,{"v":2971091,"d":"$ 2,971,091"},"ESTACAS","Granel Sólido","CARGADO","SI","Fresno,Mariquita,Honda,Guaduas,Villeta,Sasaima,Alban,Facatativa,Madrid,Mosquera"]
["2026-07-01",17001000,"MANIZALES","CALDAS",25286000,"FUNZA","CUNDINAMARCA",272,"3S2",31,101482,8,8.29,2397594,811856,77341.74,8814.68,11799.45,103530.65,{"v":3209450,"d":"$ 3,209,450"},"FURGON","Granel Sólido","CARGADO","SI","Fresno,Mariquita,Honda,Guaduas,Villeta,Sasaima,Alban,Facatativa,Madrid,Mosquera"]
["2026-07-01",17001000,"MANIZALES","CALDAS",25286000,"FUNZA","CUNDINAMARCA",272,"3S2",31,89209,8,8.29,2314923,713672,74674.94,8510.75,11134.54,97696.61,{"v":3028595,"d":"$ 3,028,595"},"VOLCO","Granel Sólido","CARGADO","SI","Fresno,Mariquita,Honda,Guaduas,Villeta,Sasaima,Alban,Facatativa,Madrid,Mosquera"]
["2026-07-01",17001000,"MANIZALES","CALDAS",25286000,"FUNZA","CUNDINAMARCA",272,"3S2",31,86847,8,8.29,2276315,694776,73429.52,8368.81,10923.13,95841.65,{"v":2971091,"d":"$ 2,971,091"},"ESTIBAS","Granel Sólido","CARGADO","SI","Fresno,Mariquita,Honda,Guaduas,Villeta,Sasaima,Alban,Facatativa,Madrid,Mosquera"]
["2026-07-01",17001000,"MANIZALES","CALDAS",25286000,"FUNZA","CUNDINAMARCA",272,"3S2",31,86847,8,8.29,2276315,694776,73429.52,8368.81,10923.13,95841.65,{"v":2971091,"d":"$ 2,971,091"},"PLATAFORMA","Granel Sólido","CARGADO","SI","Fresno,Mariquita,Honda,Guaduas,Villeta,Sasaima,Alban,Facatativa,Madrid,Mosquera"]
["2026-07-01",17001000,"MANIZALES","CALDAS",25286000,"FUNZA","CUNDINAMARCA",272,"3S2",31,85716,8,8.29,2266938,685728,73127.03,8334.33,10855.39,95247.29,{"v":2952666,"d":"$ 2,952,666"},"ESTACAS","General","CARGADO","SI","Fresno,Mariquita,Honda,Guaduas,Villeta,Sasaima,Alban,Facatativa,Madrid,Mosquera"]
["2026-07-01",17001000,"MANIZALES","CALDAS",25286000,"FUNZA","CUNDINAMARCA",272,"3S2",31,100350,8,8.29,2388217,802800,77039.26,8780.21,11731.68,102936.03,{"v":3191017,"d":"$ 3,191,017"},"FURGON","General","CARGADO","SI","Fresno,Mariquita,Honda,Guaduas,Villeta,Sasaima,Alban,Facatativa,Madrid,Mosquera"]
["2026-07-01",17001000,"MANIZALES","CALDAS",25286000,"FUNZA","CUNDINAMARCA",272,"3S2",31,85716,8,8.29,2266938,685728,73127.03,8334.33,10855.39,95247.29,{"v":2952666,"d":"$ 2,952,666"},"ESTIBAS","General","CARGADO","SI","Fresno,Mariquita,Honda,Guaduas,Villeta,Sasaima,Alban,Facatativa,Madrid,Mosquera"]
["2026-07-01",17001000,"MANIZALES","CALDAS",25286000,"FUNZA","CUNDINAMARCA",272,"3S2",31,85716,8,8.29,2266938,685728,73127.03,8334.33,10855.39,95247.29,{"v":2952666,"d":"$ 2,952,666"},"PLATAFORMA","General","CARGADO","SI","Fresno,Mariquita,Honda,Guaduas,Villeta,Sasaima,Alban,Facatativa,Madrid,Mosquera"]
["2026-07-01",17001000,"MANIZALES","CALDAS",25286000,"FUNZA","CUNDINAMARCA",272,"3S2",31,84854,8,8.29,2259793,678832,72896.55,8308.06,10803.77,94794.35,{"v":2938625,"d":"$ 2,938,625"},"PORTACONTENEDORES","Contenedor cargado","CARGADO","SI","Fresno,Mariquita,Honda,Guaduas,Villeta,Sasaima,Alban,Facatativa,Madrid,Mosquera"]
["2026-07-01",17001000,"MANIZALES","CALDAS",25286000,"FUNZA","CUNDINAMARCA",272,"3S2",31,84854,8,8.29,1812802,678832,58477.48,6664.71,9160.42,80375.29,{"v":2491634,"d":"$ 2,491,634"},"PORTACONTENEDORES","Contenedor vacío","CARGADO","SI","Fresno,Mariquita,Honda,Guaduas,Villeta,Sasaima,Alban,Facatativa,Madrid,Mosquera"]
["2026-07-01",17001000,"MANIZALES","CALDAS",25286000,"FUNZA","CUNDINAMARCA",272,"3S2",31,98908,8,8.29,2376266,791264,76653.74,8736.27,11645.33,102178.39,{"v":3167530,"d":"$ 3,167,530"},"TANQUE","Granel líquido","CARGADO","SI","Fresno,Mariquita,Honda,Guaduas,Villeta,Sasaima,Alban,Facatativa,Madrid,Mosquera"]
["2026-07-01",17001000,"MANIZALES","CALDAS",25286000,"FUNZA","CUNDINAMARCA",272,"3S3",34,146310,8,8.29,3020210,1170480,88829.71,11103.71,15406.95,123255.59,{"v":4190690,"d":"$ 4,190,690"},"FURGON REFRIGERADO","Carga Refrigerada","CARGADO","SI","Fresno,Mariquita,Honda,Guaduas,Villeta,Sasaima,Alban,Facatativa,Madrid,Mosquera"]
["2026-07-01",17001000,"MANIZALES","CALDAS",25286000,"FUNZA","CUNDINAMARCA",272,"3S3",34,87862,8,8.29,2452502,702896,72132.41,9016.55,11600.73,92805.82,{"v":3155398,"d":"$ 3,155,398"},"ESTACAS","Granel Sólido","CARGADO","SI","Fresno,Mariquita,Honda,Guaduas,Villeta,Sasaima,Alban,Facatativa,Madrid,Mosquera"]
["2026-07-01",17001000,"MANIZALES","CALDAS",25286000,"FUNZA","CUNDINAMARCA",272,"3S3",34,102788,8,8.29,2576198,822304,75770.53,9471.32,12494.49,99955.94,{"v":3398502,"d":"$ 3,398,502"},"FURGON","Granel Sólido","CARGADO","SI","Fresno,Mariquita,Honda,Guaduas,Villeta,Sasaima,Alban,Facatativa,Madrid,Mosquera"]
["2026-07-01",17001000,"MANIZALES","CALDAS",25286000,"FUNZA","CUNDINAMARCA",272,"3S3",34,89674,8,8.29,2486259,717392,73125.26,9140.66,11778.13,94225.03,{"v":3203651,"d":"$ 3,203,651"},"VOLCO","Granel Sólido","CARGADO","SI","Fresno,Mariquita,Honda,Guaduas,Villeta,Sasaima,Alban,Facatativa,Madrid,Mosquera"]
["2026-07-01",17001000,"MANIZALES","CALDAS",25286000,"FUNZA","CUNDINAMARCA",272,"3S3",34,87862,8,8.29,2452502,702896,72132.41,9016.55,11600.73,92805.82,{"v":3155398,"d":"$ 3,155,398"},"ESTIBAS","Granel Sólido","CARGADO","SI","Fresno,Mariquita,Honda,Guaduas,Villeta,Sasaima,Alban,Facatativa,Madrid,Mosquera"]
["2026-07-01",17001000,"MANIZALES","CALDAS",25286000,"FUNZA","CUNDINAMARCA",272,"3S3",34,87862,8,8.29,2452502,702896,72132.41,9016.55,11600.73,92805.82,{"v":3155398,"d":"$ 3,155,398"},"PLATAFORMA","Granel Sólido","CARGADO","SI","Fresno,Mariquita,Honda,Guaduas,Villeta,Sasaima,Alban,Facatativa,Madrid,Mosquera"]
["2026-07-01",17001000,"MANIZALES","CALDAS",25286000,"FUNZA","CUNDINAMARCA",272,"3S3",34,86730,8,8.29,2443125,693840,71856.62,8982.08,11532.96,92263.68,{"v":3136965,"d":"$ 3,136,965"},"ESTACAS","General","CARGADO","SI","Fresno,Mariquita,Honda,Guaduas,Villeta,Sasaima,Alban,Facatativa,Madrid,Mosquera"]
["2026-07-01",17001000,"MANIZALES","CALDAS",25286000,"FUNZA","CUNDINAMARCA",272,"3S3",34,101656,8,8.29,2566821,813248,75494.74,9436.84,12426.72,99413.79,{"v":3380069,"d":"$ 3,380,069"},"FURGON","General","CARGADO","SI","Fresno,Mariquita,Honda,Guaduas,Villeta,Sasaima,Alban,Facatativa,Madrid,Mosquera"]
["2026-07-01",17001000,"MANIZALES","CALDAS",25286000,"FUNZA","CUNDINAMARCA",272,"3S3",34,86730,8,8.29,2443125,693840,71856.62,8982.08,11532.96,92263.68,{"v":3136965,"d":"$ 3,136,965"},"ESTIBAS","General","CARGADO","SI","Fresno,Mariquita,Honda,Guaduas,Villeta,Sasaima,Alban,Facatativa,Madrid,Mosquera"]
["2026-07-01",17001000,"MANIZALES","CALDAS",25286000,"FUNZA","CUNDINAMARCA",272,"3S3",34,86730,8,8.29,2443125,693840,71856.62,8982.08,11532.96,92263.68,{"v":3136965,"d":"$ 3,136,965"},"PLATAFORMA","General","CARGADO","SI","Fresno,Mariquita,Honda,Guaduas,Villeta,Sasaima,Alban,Facatativa,Madrid,Mosquera"]
["2026-07-01",17001000,"MANIZALES","CALDAS",25286000,"FUNZA","CUNDINAMARCA",272,"3S3",34,85728,8,8.29,2434822,685824,71612.41,8951.55,11472.96,91783.71,{"v":3120646,"d":"$ 3,120,646"},"PORTACONTENEDORES","Contenedor cargado","CARGADO","SI","Fresno,Mariquita,Honda,Guaduas,Villeta,Sasaima,Alban,Facatativa,Madrid,Mosquera"]
["2026-07-01",17001000,"MANIZALES","CALDAS",25286000,"FUNZA","CUNDINAMARCA",272,"3S3",34,85728,8,8.29,1962940,685824,57733.53,7216.69,9738.1,77904.82,{"v":2648764,"d":"$ 2,648,764"},"PORTACONTENEDORES","Contenedor vacío","CARGADO","SI","Fresno,Mariquita,Honda,Guaduas,Villeta,Sasaima,Alban,Facatativa,Madrid,Mosquera"]
["2026-07-01",17001000,"MANIZALES","CALDAS",25286000,"FUNZA","CUNDINAMARCA",272,"3S3",34,98323,8,8.29,2539200,786584,74682.35,9335.29,12227.15,97817.18,{"v":3325784,"d":"$ 3,325,784"},"TANQUE","Granel líquido","CARGADO","SI","Fresno,Mariquita,Honda,Guaduas,Villeta,Sasaima,Alban,Facatativa,Madrid,Mosquera"]
["2026-07-01",17001000,"MANIZALES","CALDAS",25286000,"FUNZA","CUNDINAMARCA",272,"CA",5,61390,4,7,1020232,245560,204046.4,3750.85,4653.65,253158.4,{"v":1265792,"d":"$ 1,265,792"},"FURGON REFRIGERADO","Carga Refrigerada","CARGADO","SI","Fresno,Mariquita,Honda,Guaduas,Villeta,Sasaima,Alban,Facatativa,Madrid,Mosquera"]
["2026-07-01",17001000,"MANIZALES","CALDAS",25286000,"FUNZA","CUNDINAMARCA",272,"CA",5,35954,4,7,810597,143816,162119.4,2980.14,3508.87,190882.6,{"v":954413,"d":"$ 954,413"},"ESTACAS","Granel Sólido","CARGADO","SI","Fresno,Mariquita,Honda,Guaduas,Villeta,Sasaima,Alban,Facatativa,Madrid,Mosquera"]
["2026-07-01",17001000,"MANIZALES","CALDAS",25286000,"FUNZA","CUNDINAMARCA",272,"CA",5,38189,4,7,830317,152756,166063.4,3052.64,3614.24,196614.6,{"v":983073,"d":"$ 983,073"},"FURGON","Granel Sólido","CARGADO","SI","Fresno,Mariquita,Honda,Guaduas,Villeta,Sasaima,Alban,Facatativa,Madrid,Mosquera"]
["2026-07-01",17001000,"MANIZALES","CALDAS",25286000,"FUNZA","CUNDINAMARCA",272,"CA",5,35954,4,7,814673,143816,162934.6,2995.12,3523.86,191697.8,{"v":958489,"d":"$ 958,489"},"ESTIBAS","Granel Sólido","CARGADO","SI","Fresno,Mariquita,Honda,Guaduas,Villeta,Sasaima,Alban,Facatativa,Madrid,Mosquera"]
["2026-07-01",17001000,"MANIZALES","CALDAS",25286000,"FUNZA","CUNDINAMARCA",272,"CA",5,35954,4,7,814673,143816,162934.6,2995.12,3523.86,191697.8,{"v":958489,"d":"$ 958,489"},"PLATAFORMA","Granel Sólido","CARGADO","SI","Fresno,Mariquita,Honda,Guaduas,Villeta,Sasaima,Alban,Facatativa,Madrid,Mosquera"]
["2026-07-01",17001000,"MANIZALES","CALDAS",25286000,"FUNZA","CUNDINAMARCA",272,"CA",5,34822,4,7,806752,139288,161350.4,2966,3478.09,189208,{"v":946040,"d":"$ 946,040"},"ESTACAS","General","CARGADO","SI","Fresno,Mariquita,Honda,Guaduas,Villeta,Sasaima,Alban,Facatativa,Madrid,Mosquera"]
["2026-07-01",17001000,"MANIZALES","CALDAS",25286000,"FUNZA","CUNDINAMARCA",272,"CA",5,37057,4,7,822396,148228,164479.2,3023.51,3568.47,194124.8,{"v":970624,"d":"$ 970,624"},"FURGON","General","CARGADO","SI","Fresno,Mariquita,Honda,Guaduas,Villeta,Sasaima,Alban,Facatativa,Madrid,Mosquera"]
["2026-07-01",17001000,"MANIZALES","CALDAS",25286000,"FUNZA","CUNDINAMARCA",272,"CA",5,34822,4,7,806752,139288,161350.4,2966,3478.09,189208,{"v":946040,"d":"$ 946,040"},"ESTIBAS","General","CARGADO","SI","Fresno,Mariquita,Honda,Guaduas,Villeta,Sasaima,Alban,Facatativa,Madrid,Mosquera"]
["2026-07-01",17001000,"MANIZALES","CALDAS",25286000,"FUNZA","CUNDINAMARCA",272,"CA",5,34822,4,7,806752,139288,161350.4,2966,3478.09,189208,{"v":946040,"d":"$ 946,040"},"PLATAFORMA","General","CARGADO","SI","Fresno,Mariquita,Honda,Guaduas,Villeta,Sasaima,Alban,Facatativa,Madrid,Mosquera"]
["2026-07-01",17001000,"MANIZALES","CALDAS",25286000,"FUNZA","CUNDINAMARCA",272,"V2",17.5,57575,8,10.96,1598057,460600,91317.54,5875.21,7568.59,117637.54,{"v":2058657,"d":"$ 2,058,657"},"VOLCO","Granel Sólido","CARGADO","SI","Fresno,Mariquita,Honda,Guaduas,Villeta,Sasaima,Alban,Facatativa,Madrid,Mosquera"]
["2026-07-01",17001000,"MANIZALES","CALDAS",25286000,"FUNZA","CUNDINAMARCA",272,"V3",28.7,66231,8,9.79,1959326,529848,68269.2,7203.4,9151.38,86730.8,{"v":2489174,"d":"$ 2,489,174"},"VOLCO","Granel Sólido","CARGADO","SI","Fresno,Mariquita,Honda,Guaduas,Villeta,Sasaima,Alban,Facatativa,Madrid,Mosquera"]
["2026-07-01",17001000,"MANIZALES","CALDAS",25286000,"FUNZA","CUNDINAMARCA",272,"V4",36.9,66252,8,8.29,2379936,530016,64496.91,8749.76,10698.35,78860.49,{"v":2909952,"d":"$ 2,909,952"},"VOLCO","Granel Sólido","CARGADO","SI","Fresno,Mariquita,Honda,Guaduas,Villeta,Sasaima,Alban,Facatativa,Madrid,Mosquera"]
["2026-07-01",5308000,"GIRARDOTA","ANTIOQUIA",5686000,"SANTA ROSA DE OSOS","ANTIOQUIA",56,"2",9,60412,4,2.07,331127,241648,36791.89,5912.98,10228.12,63641.67,{"v":572775,"d":"$ 572,775"},"FURGON","General","CARGADO","SI","Don Matias"]
["2026-07-01",5308000,"GIRARDOTA","ANTIOQUIA",5686000,"SANTA ROSA DE OSOS","ANTIOQUIA",56,"2",9,61544,4,2.07,333474,246176,37052.67,5954.89,10350.89,64405.56,{"v":579650,"d":"$ 579,650"},"FURGON","Granel Sólido","CARGADO","SI","Don Matias"]
["2026-07-01",5308000,"GIRARDOTA","ANTIOQUIA",5686000,"SANTA ROSA DE OSOS","ANTIOQUIA",56,"2",9,55663,4,2.07,321274,222652,35697.11,5737.04,9712.96,60436.22,{"v":543926,"d":"$ 543,926"},"PLATAFORMA","Granel Sólido","CARGADO","SI","Don Matias"]
["2026-07-01",5308000,"GIRARDOTA","ANTIOQUIA",5686000,"SANTA ROSA DE OSOS","ANTIOQUIA",56,"2",9,86677,4,2.07,435608,346708,48400.89,7778.71,13969.93,86924,{"v":782316,"d":"$ 782,316"},"FURGON REFRIGERADO","Carga Refrigerada","CARGADO","SI","Don Matias"]
["2026-07-01",5308000,"GIRARDOTA","ANTIOQUIA",5686000,"SANTA ROSA DE OSOS","ANTIOQUIA",56,"2",9,55663,4,2.07,321274,222652,35697.11,5737.04,9712.96,60436.22,{"v":543926,"d":"$ 543,926"},"ESTACAS","Granel Sólido","CARGADO","SI","Don Matias"]
["2026-07-01",5308000,"GIRARDOTA","ANTIOQUIA",5686000,"SANTA ROSA DE OSOS","ANTIOQUIA",56,"2",9,55663,4,2.07,321274,222652,35697.11,5737.04,9712.96,60436.22,{"v":543926,"d":"$ 543,926"},"ESTIBAS","Granel Sólido","CARGADO","SI","Don Matias"]
["2026-07-01",5308000,"GIRARDOTA","ANTIOQUIA",5686000,"SANTA ROSA DE OSOS","ANTIOQUIA",56,"2",9,54531,4,2.07,318927,218124,35436.33,5695.12,9590.2,59672.33,{"v":537051,"d":"$ 537,051"},"ESTACAS","General","CARGADO","SI","Don Matias"]
["2026-07-01",5308000,"GIRARDOTA","ANTIOQUIA",5686000,"SANTA ROSA DE OSOS","ANTIOQUIA",56,"2",9,57575,4,2.07,329325,230300,36591.67,5880.8,9993.3,62180.56,{"v":559625,"d":"$ 559,625"},"VOLCO","Granel Sólido","CARGADO","SI","Don Matias"]
["2026-07-01",5308000,"GIRARDOTA","ANTIOQUIA",5686000,"SANTA ROSA DE OSOS","ANTIOQUIA",56,"2",9,54531,4,2.07,318927,218124,35436.33,5695.12,9590.2,59672.33,{"v":537051,"d":"$ 537,051"},"ESTIBAS","General","CARGADO","SI","Don Matias"]
["2026-07-01",5308000,"GIRARDOTA","ANTIOQUIA",5686000,"SANTA ROSA DE OSOS","ANTIOQUIA",56,"2",9,54531,4,2.07,318927,218124,35436.33,5695.12,9590.2,59672.33,{"v":537051,"d":"$ 537,051"},"PORTACONTENEDORES","Contenedor cargado","CARGADO","SI","Don Matias"]
["2026-07-01",5308000,"GIRARDOTA","ANTIOQUIA",5686000,"SANTA ROSA DE OSOS","ANTIOQUIA",56,"2S2",22,78048,4,1.76,466141,312192,21188.23,8323.95,13898.8,35378.77,{"v":778333,"d":"$ 778,333"},"FURGON","Granel Sólido","CARGADO","SI","Don Matias"]
["2026-07-01",5308000,"GIRARDOTA","ANTIOQUIA",5686000,"SANTA ROSA DE OSOS","ANTIOQUIA",56,"2S2",22,63992,4,1.76,441344,255968,20061.09,7881.14,12452,31696,{"v":697312,"d":"$ 697,312"},"ESTACAS","Granel Sólido","CARGADO","SI","Don Matias"]
["2026-07-01",5308000,"GIRARDOTA","ANTIOQUIA",5686000,"SANTA ROSA DE OSOS","ANTIOQUIA",56,"2S2",22,63992,4,1.76,441344,255968,20061.09,7881.14,12452,31696,{"v":697312,"d":"$ 697,312"},"PLATAFORMA","Granel Sólido","CARGADO","SI","Don Matias"]
["2026-07-01",5308000,"GIRARDOTA","ANTIOQUIA",5686000,"SANTA ROSA DE OSOS","ANTIOQUIA",56,"2S2",22,76917,4,1.76,464145,307668,21097.5,8288.3,13782.38,35082.41,{"v":771813,"d":"$ 771,813"},"FURGON","General","CARGADO","SI","Don Matias"]
["2026-07-01",5308000,"GIRARDOTA","ANTIOQUIA",5686000,"SANTA ROSA DE OSOS","ANTIOQUIA",56,"2",9,54531,4,2.07,318927,218124,35436.33,5695.12,9590.2,59672.33,{"v":537051,"d":"$ 537,051"},"PLATAFORMA","General","CARGADO","SI","Don Matias"]
["2026-07-01",5308000,"GIRARDOTA","ANTIOQUIA",5686000,"SANTA ROSA DE OSOS","ANTIOQUIA",56,"2",9,61066,4,2.07,332482,244264,36942.44,5937.18,10299.04,64082.89,{"v":576746,"d":"$ 576,746"},"TANQUE","Granel líquido","CARGADO","SI","Don Matias"]
["2026-07-01",5308000,"GIRARDOTA","ANTIOQUIA",5686000,"SANTA ROSA DE OSOS","ANTIOQUIA",56,"2",9,54531,4,2.07,280744,218124,31193.78,5013.29,8908.36,55429.78,{"v":498868,"d":"$ 498,868"},"PORTACONTENEDORES","Contenedor vacío","CARGADO","SI","Don Matias"]
["2026-07-01",5308000,"GIRARDOTA","ANTIOQUIA",5686000,"SANTA ROSA DE OSOS","ANTIOQUIA",56,"2S2",22,119585,4,1.76,622750,478340,28306.82,11120.54,19662.32,50049.55,{"v":1101090,"d":"$ 1,101,090"},"FURGON REFRIGERADO","Carga Refrigerada","CARGADO","SI","Don Matias"]
["2026-07-01",5308000,"GIRARDOTA","ANTIOQUIA",5686000,"SANTA ROSA DE OSOS","ANTIOQUIA",56,"2S2",22,63992,4,1.76,441344,255968,20061.09,7881.14,12452,31696,{"v":697312,"d":"$ 697,312"},"ESTIBAS","Granel Sólido","CARGADO","SI","Don Matias"]
["2026-07-01",5308000,"GIRARDOTA","ANTIOQUIA",5686000,"SANTA ROSA DE OSOS","ANTIOQUIA",56,"2S2",22,62860,4,1.76,439348,251440,19970.36,7845.5,12335.5,31399.45,{"v":690788,"d":"$ 690,788"},"ESTACAS","General","CARGADO","SI","Don Matias"]
["2026-07-01",5308000,"GIRARDOTA","ANTIOQUIA",5686000,"SANTA ROSA DE OSOS","ANTIOQUIA",56,"2S2",22,66320,4,1.76,449318,265280,20423.55,8023.54,12760.68,32481.73,{"v":714598,"d":"$ 714,598"},"VOLCO","Granel Sólido","CARGADO","SI","Don Matias"]
["2026-07-01",5308000,"GIRARDOTA","ANTIOQUIA",5686000,"SANTA ROSA DE OSOS","ANTIOQUIA",56,"2S2",22,62860,4,1.76,439348,251440,19970.36,7845.5,12335.5,31399.45,{"v":690788,"d":"$ 690,788"},"PLATAFORMA","General","CARGADO","SI","Don Matias"]
["2026-07-01",5308000,"GIRARDOTA","ANTIOQUIA",5686000,"SANTA ROSA DE OSOS","ANTIOQUIA",56,"2S2",22,62860,4,1.76,439348,251440,19970.36,7845.5,12335.5,31399.45,{"v":690788,"d":"$ 690,788"},"ESTIBAS","General","CARGADO","SI","Don Matias"]
["2026-07-01",5308000,"GIRARDOTA","ANTIOQUIA",5686000,"SANTA ROSA DE OSOS","ANTIOQUIA",56,"2S2",22,61871,4,1.76,437602,247484,19891,7814.32,12233.68,31140.27,{"v":685086,"d":"$ 685,086"},"PORTACONTENEDORES","Contenedor cargado","CARGADO","SI","Don Matias"]
["2026-07-01",5308000,"GIRARDOTA","ANTIOQUIA",5686000,"SANTA ROSA DE OSOS","ANTIOQUIA",56,"2S2",22,61871,4,1.76,368297,247484,16740.77,6576.73,10996.09,27990.05,{"v":615781,"d":"$ 615,781"},"PORTACONTENEDORES","Contenedor vacío","CARGADO","SI","Don Matias"]
["2026-07-01",5308000,"GIRARDOTA","ANTIOQUIA",5686000,"SANTA ROSA DE OSOS","ANTIOQUIA",56,"2S2",22,75644,4,1.76,461900,302576,20995.45,8248.21,13651.36,34748.91,{"v":764476,"d":"$ 764,476"},"TANQUE","Granel líquido","CARGADO","SI","Don Matias"]
["2026-07-01",5308000,"GIRARDOTA","ANTIOQUIA",5686000,"SANTA ROSA DE OSOS","ANTIOQUIA",56,"2S3",27,120421,4,1.76,666585,481684,24688.33,11903.3,20504.8,42528.48,{"v":1148269,"d":"$ 1,148,269"},"FURGON REFRIGERADO","Carga Refrigerada","CARGADO","SI","Don Matias"]
["2026-07-01",5308000,"GIRARDOTA","ANTIOQUIA",5686000,"SANTA ROSA DE OSOS","ANTIOQUIA",56,"2S3",27,64983,4,1.76,485457,259932,17979.89,8668.88,13310.52,27607,{"v":745389,"d":"$ 745,389"},"ESTACAS","Granel Sólido","CARGADO","SI","Don Matias"]
["2026-07-01",5308000,"GIRARDOTA","ANTIOQUIA",5686000,"SANTA ROSA DE OSOS","ANTIOQUIA",56,"2S3",27,79136,4,1.76,510424,316544,18904.59,9114.71,14767.29,30628.44,{"v":826968,"d":"$ 826,968"},"FURGON","Granel Sólido","CARGADO","SI","Don Matias"]
["2026-07-01",5308000,"GIRARDOTA","ANTIOQUIA",5686000,"SANTA ROSA DE OSOS","ANTIOQUIA",56,"2S3",27,66706,4,1.76,492412,266824,18237.48,8793.07,13557.79,28119.85,{"v":759236,"d":"$ 759,236"},"VOLCO","Granel Sólido","CARGADO","SI","Don Matias"]
["2026-07-01",5308000,"GIRARDOTA","ANTIOQUIA",5686000,"SANTA ROSA DE OSOS","ANTIOQUIA",56,"2S3",27,64983,4,1.76,485457,259932,17979.89,8668.88,13310.52,27607,{"v":745389,"d":"$ 745,389"},"ESTIBAS","Granel Sólido","CARGADO","SI","Don Matias"]
["2026-07-01",5308000,"GIRARDOTA","ANTIOQUIA",5686000,"SANTA ROSA DE OSOS","ANTIOQUIA",56,"2S3",27,64983,4,1.76,485457,259932,17979.89,8668.88,13310.52,27607,{"v":745389,"d":"$ 745,389"},"PLATAFORMA","Granel Sólido","CARGADO","SI","Don Matias"]
["2026-07-01",5308000,"GIRARDOTA","ANTIOQUIA",5686000,"SANTA ROSA DE OSOS","ANTIOQUIA",56,"2S3",27,63851,4,1.76,483461,255404,17905.96,8633.23,13194.02,27365.37,{"v":738865,"d":"$ 738,865"},"ESTACAS","General","CARGADO","SI","Don Matias"]
["2026-07-01",5308000,"GIRARDOTA","ANTIOQUIA",5686000,"SANTA ROSA DE OSOS","ANTIOQUIA",56,"2S3",27,78005,4,1.76,508428,312020,18830.67,9079.07,14650.86,30386.96,{"v":820448,"d":"$ 820,448"},"FURGON","General","CARGADO","SI","Don Matias"]
["2026-07-01",5308000,"GIRARDOTA","ANTIOQUIA",5686000,"SANTA ROSA DE OSOS","ANTIOQUIA",56,"2S3",27,63851,4,1.76,483461,255404,17905.96,8633.23,13194.02,27365.37,{"v":738865,"d":"$ 738,865"},"ESTIBAS","General","CARGADO","SI","Don Matias"]
["2026-07-01",5308000,"GIRARDOTA","ANTIOQUIA",5686000,"SANTA ROSA DE OSOS","ANTIOQUIA",56,"2S3",27,63851,4,1.76,483461,255404,17905.96,8633.23,13194.02,27365.37,{"v":738865,"d":"$ 738,865"},"PLATAFORMA","General","CARGADO","SI","Don Matias"]
["2026-07-01",5308000,"GIRARDOTA","ANTIOQUIA",5686000,"SANTA ROSA DE OSOS","ANTIOQUIA",56,"2S3",27,62754,4,1.76,481525,251016,17834.26,8598.66,13081.09,27131.15,{"v":732541,"d":"$ 732,541"},"PORTACONTENEDORES","Contenedor cargado","CARGADO","SI","Don Matias"]
["2026-07-01",5308000,"GIRARDOTA","ANTIOQUIA",5686000,"SANTA ROSA DE OSOS","ANTIOQUIA",56,"2S3",27,62754,4,1.76,411029,251016,15223.3,7339.8,11822.23,24520.19,{"v":662045,"d":"$ 662,045"},"PORTACONTENEDORES","Contenedor vacío","CARGADO","SI","Don Matias"]
["2026-07-01",15646000,"SAMACA","BOYACÁ",15757000,"SOCHA","BOYACÁ",147,"V3",28.7,66231,4,4.1,895078,264924,31187.39,6088.97,7891.17,40418.19,{"v":1160002,"d":"$ 1,160,002"},"VOLCO","Granel Sólido","CARGADO","SI","Tunja,Paipa,Duitama,Santa Rosa De Viterbo,Cerinza,Belen,Paz De Rio"]
["2026-07-01",15646000,"SAMACA","BOYACÁ",15757000,"SOCHA","BOYACÁ",147,"V2",17.5,57575,4,4.41,712847,230300,40734.11,4849.3,6415.97,53894.11,{"v":943147,"d":"$ 943,147"},"VOLCO","Granel Sólido","CARGADO","SI","Tunja,Paipa,Duitama,Santa Rosa De Viterbo,Cerinza,Belen,Paz De Rio"]
["2026-07-01",15646000,"SAMACA","BOYACÁ",15757000,"SOCHA","BOYACÁ",147,"V4",36.9,66252,4,3.68,1098489,265008,29769.35,7472.71,9275.49,36951.14,{"v":1363497,"d":"$ 1,363,497"},"VOLCO","Granel Sólido","CARGADO","SI","Tunja,Paipa,Duitama,Santa Rosa De Viterbo,Cerinza,Belen,Paz De Rio"]
["2026-07-01",73443000,"MARIQUITA","TOLIMA",11001000,"BOGOTA, D.C.","BOGOTÁ, D.C.",178,"2",9,54531,4,5.43,816347,218124,90705.22,4586.22,5811.63,114941.22,{"v":1034471,"d":"$ 1,034,471"},"PLATAFORMA","General","CARGADO","SI","Honda,Guaduas,Villeta,La Vega"]
["2026-07-01",73443000,"MARIQUITA","TOLIMA",11001000,"BOGOTA, D.C.","BOGOTÁ, D.C.",178,"2",9,86677,4,5.43,1040758,346708,115639.78,5846.96,7794.75,154162.89,{"v":1387466,"d":"$ 1,387,466"},"FURGON REFRIGERADO","Carga Refrigerada","CARGADO","SI","Honda,Guaduas,Villeta,La Vega"]
["2026-07-01",73443000,"MARIQUITA","TOLIMA",11001000,"BOGOTA, D.C.","BOGOTÁ, D.C.",178,"2",9,55663,4,5.43,822486,222652,91387.33,4620.71,5871.56,116126.44,{"v":1045138,"d":"$ 1,045,138"},"PLATAFORMA","Granel Sólido","CARGADO","SI","Honda,Guaduas,Villeta,La Vega"]
["2026-07-01",73443000,"MARIQUITA","TOLIMA",11001000,"BOGOTA, D.C.","BOGOTÁ, D.C.",178,"2",9,55663,4,5.43,822486,222652,91387.33,4620.71,5871.56,116126.44,{"v":1045138,"d":"$ 1,045,138"},"ESTACAS","Granel Sólido","CARGADO","SI","Honda,Guaduas,Villeta,La Vega"]
["2026-07-01",73443000,"MARIQUITA","TOLIMA",11001000,"BOGOTA, D.C.","BOGOTÁ, D.C.",178,"2",9,61544,4,5.43,854396,246176,94932.89,4799.98,6182.99,122285.78,{"v":1100572,"d":"$ 1,100,572"},"FURGON","Granel Sólido","CARGADO","SI","Honda,Guaduas,Villeta,La Vega"]
["2026-07-01",73443000,"MARIQUITA","TOLIMA",11001000,"BOGOTA, D.C.","BOGOTÁ, D.C.",178,"2",9,57575,4,5.43,845874,230300,93986,4752.1,6045.92,119574.89,{"v":1076174,"d":"$ 1,076,174"},"VOLCO","Granel Sólido","CARGADO","SI","Honda,Guaduas,Villeta,La Vega"]
["2026-07-01",73443000,"MARIQUITA","TOLIMA",11001000,"BOGOTA, D.C.","BOGOTÁ, D.C.",178,"2",9,55663,4,5.43,822486,222652,91387.33,4620.71,5871.56,116126.44,{"v":1045138,"d":"$ 1,045,138"},"ESTIBAS","Granel Sólido","CARGADO","SI","Honda,Guaduas,Villeta,La Vega"]
["2026-07-01",73443000,"MARIQUITA","TOLIMA",11001000,"BOGOTA, D.C.","BOGOTÁ, D.C.",178,"2",9,54531,4,5.43,816347,218124,90705.22,4586.22,5811.63,114941.22,{"v":1034471,"d":"$ 1,034,471"},"ESTACAS","General","CARGADO","SI","Honda,Guaduas,Villeta,La Vega"]
["2026-07-01",73443000,"MARIQUITA","TOLIMA",11001000,"BOGOTA, D.C.","BOGOTÁ, D.C.",178,"2",9,54531,4,5.43,816347,218124,90705.22,4586.22,5811.63,114941.22,{"v":1034471,"d":"$ 1,034,471"},"ESTIBAS","General","CARGADO","SI","Honda,Guaduas,Villeta,La Vega"]
["2026-07-01",73443000,"MARIQUITA","TOLIMA",11001000,"BOGOTA, D.C.","BOGOTÁ, D.C.",178,"2",9,60412,4,5.43,848257,241648,94250.78,4765.49,6123.06,121100.56,{"v":1089905,"d":"$ 1,089,905"},"FURGON","General","CARGADO","SI","Honda,Guaduas,Villeta,La Vega"]
["2026-07-01",73443000,"MARIQUITA","TOLIMA",11001000,"BOGOTA, D.C.","BOGOTÁ, D.C.",178,"2",9,54531,4,5.43,816347,218124,90705.22,4586.22,5811.63,114941.22,{"v":1034471,"d":"$ 1,034,471"},"PORTACONTENEDORES","Contenedor cargado","CARGADO","SI","Honda,Guaduas,Villeta,La Vega"]
["2026-07-01",73443000,"MARIQUITA","TOLIMA",11001000,"BOGOTA, D.C.","BOGOTÁ, D.C.",178,"2",9,54531,4,5.43,705332,218124,78370.22,3962.54,5187.96,102606.22,{"v":923456,"d":"$ 923,456"},"PORTACONTENEDORES","Contenedor vacío","CARGADO","SI","Honda,Guaduas,Villeta,La Vega"]
["2026-07-01",73443000,"MARIQUITA","TOLIMA",11001000,"BOGOTA, D.C.","BOGOTÁ, D.C.",178,"2",9,61066,4,5.43,851800,244264,94644.44,4785.39,6157.66,121784.89,{"v":1096064,"d":"$ 1,096,064"},"TANQUE","Granel líquido","CARGADO","SI","Honda,Guaduas,Villeta,La Vega"]
["2026-07-01",73443000,"MARIQUITA","TOLIMA",11001000,"BOGOTA, D.C.","BOGOTÁ, D.C.",178,"2S2",22,63992,4,4.87,1136468,255968,51657.64,6384.65,7822.67,63292.55,{"v":1392436,"d":"$ 1,392,436"},"ESTACAS","Granel Sólido","CARGADO","SI","Honda,Guaduas,Villeta,La Vega"]
["2026-07-01",73443000,"MARIQUITA","TOLIMA",11001000,"BOGOTA, D.C.","BOGOTÁ, D.C.",178,"2S2",22,78048,4,4.87,1204887,312192,54767.59,6769.03,8522.92,68958.14,{"v":1517079,"d":"$ 1,517,079"},"FURGON","Granel Sólido","CARGADO","SI","Honda,Guaduas,Villeta,La Vega"]
["2026-07-01",73443000,"MARIQUITA","TOLIMA",11001000,"BOGOTA, D.C.","BOGOTÁ, D.C.",178,"2S2",22,66320,4,4.87,1160121,265280,52732.77,6517.53,8007.87,64790.95,{"v":1425401,"d":"$ 1,425,401"},"VOLCO","Granel Sólido","CARGADO","SI","Honda,Guaduas,Villeta,La Vega"]
["2026-07-01",73443000,"MARIQUITA","TOLIMA",11001000,"BOGOTA, D.C.","BOGOTÁ, D.C.",178,"2S2",22,63992,4,4.87,1136468,255968,51657.64,6384.65,7822.67,63292.55,{"v":1392436,"d":"$ 1,392,436"},"ESTIBAS","Granel Sólido","CARGADO","SI","Honda,Guaduas,Villeta,La Vega"]
["2026-07-01",73443000,"MARIQUITA","TOLIMA",11001000,"BOGOTA, D.C.","BOGOTÁ, D.C.",178,"2S2",22,63992,4,4.87,1136468,255968,51657.64,6384.65,7822.67,63292.55,{"v":1392436,"d":"$ 1,392,436"},"PLATAFORMA","Granel Sólido","CARGADO","SI","Honda,Guaduas,Villeta,La Vega"]
["2026-07-01",73443000,"MARIQUITA","TOLIMA",11001000,"BOGOTA, D.C.","BOGOTÁ, D.C.",178,"2S2",22,62860,4,4.87,1130960,251440,51407.27,6353.71,7766.29,62836.36,{"v":1382400,"d":"$ 1,382,400"},"ESTACAS","General","CARGADO","SI","Honda,Guaduas,Villeta,La Vega"]
["2026-07-01",73443000,"MARIQUITA","TOLIMA",11001000,"BOGOTA, D.C.","BOGOTÁ, D.C.",178,"2S2",22,76917,4,4.87,1199379,307668,54517.23,6738.08,8466.56,68502.14,{"v":1507047,"d":"$ 1,507,047"},"FURGON","General","CARGADO","SI","Honda,Guaduas,Villeta,La Vega"]
["2026-07-01",73443000,"MARIQUITA","TOLIMA",11001000,"BOGOTA, D.C.","BOGOTÁ, D.C.",178,"2S2",22,62860,4,4.87,1130960,251440,51407.27,6353.71,7766.29,62836.36,{"v":1382400,"d":"$ 1,382,400"},"ESTIBAS","General","CARGADO","SI","Honda,Guaduas,Villeta,La Vega"]
["2026-07-01",73443000,"MARIQUITA","TOLIMA",11001000,"BOGOTA, D.C.","BOGOTÁ, D.C.",178,"2S2",22,62860,4,4.87,1130960,251440,51407.27,6353.71,7766.29,62836.36,{"v":1382400,"d":"$ 1,382,400"},"PLATAFORMA","General","CARGADO","SI","Honda,Guaduas,Villeta,La Vega"]
["2026-07-01",73443000,"MARIQUITA","TOLIMA",11001000,"BOGOTA, D.C.","BOGOTÁ, D.C.",178,"2S2",22,75644,4,4.87,1193186,302576,54235.73,6703.29,8403.16,67989.18,{"v":1495762,"d":"$ 1,495,762"},"TANQUE","Granel líquido","CARGADO","SI","Honda,Guaduas,Villeta,La Vega"]
["2026-07-01",73443000,"MARIQUITA","TOLIMA",11001000,"BOGOTA, D.C.","BOGOTÁ, D.C.",178,"2S3",27,64983,4,4.87,1219597,259932,45170.26,6851.67,8311.96,54797.37,{"v":1479529,"d":"$ 1,479,529"},"ESTACAS","Granel Sólido","CARGADO","SI","Honda,Guaduas,Villeta,La Vega"]
["2026-07-01",73443000,"MARIQUITA","TOLIMA",11001000,"BOGOTA, D.C.","BOGOTÁ, D.C.",178,"2S3",27,66706,4,4.87,1240460,266824,45942.96,6968.88,8467.89,55825.33,{"v":1507284,"d":"$ 1,507,284"},"VOLCO","Granel Sólido","CARGADO","SI","Honda,Guaduas,Villeta,La Vega"]
["2026-07-01",73443000,"MARIQUITA","TOLIMA",11001000,"BOGOTA, D.C.","BOGOTÁ, D.C.",178,"2S3",27,64983,4,4.87,1219597,259932,45170.26,6851.67,8311.96,54797.37,{"v":1479529,"d":"$ 1,479,529"},"PLATAFORMA","Granel Sólido","CARGADO","SI","Honda,Guaduas,Villeta,La Vega"]
["2026-07-01",5001000,"MEDELLIN","ANTIOQUIA",76130000,"CANDELARIA","VALLE DEL CAUCA",439,"2S3",27,63851,8,8.82,2820902,510808,104477.85,6425.74,7589.32,123396.67,{"v":3331710,"d":"$ 3,331,710"},"ESTACAS","General","CARGADO","SI","Itagui,La Estrella,Sabaneta,Caldas,Amaga,La Pintada,La Virginia,Cartago,Obando,Z"]
["2026-07-01",5001000,"MEDELLIN","ANTIOQUIA",76130000,"CANDELARIA","VALLE DEL CAUCA",439,"2S3",27,66706,8,8.82,2876793,533648,106547.89,6553.06,7768.66,126312.63,{"v":3410441,"d":"$ 3,410,441"},"VOLCO","Granel Sólido","CARGADO","SI","Itagui,La Estrella,Sabaneta,Caldas,Amaga,La Pintada,La Virginia,Cartago,Obando,Z"]
["2026-07-01",5001000,"MEDELLIN","ANTIOQUIA",76130000,"CANDELARIA","VALLE DEL CAUCA",439,"2S3",27,64983,8,8.82,2830883,519864,104847.52,6448.48,7632.68,124101.74,{"v":3350747,"d":"$ 3,350,747"},"ESTIBAS","Granel Sólido","CARGADO","SI","Itagui,La Estrella,Sabaneta,Caldas,Amaga,La Pintada,La Virginia,Cartago,Obando,Z"]
["2026-07-01",5001000,"MEDELLIN","ANTIOQUIA",76130000,"CANDELARIA","VALLE DEL CAUCA",439,"2S3",27,64983,8,8.82,2830883,519864,104847.52,6448.48,7632.68,124101.74,{"v":3350747,"d":"$ 3,350,747"},"PLATAFORMA","Granel Sólido","CARGADO","SI","Itagui,La Estrella,Sabaneta,Caldas,Amaga,La Pintada,La Virginia,Cartago,Obando,Z"]
["2026-07-01",5001000,"MEDELLIN","ANTIOQUIA",76130000,"CANDELARIA","VALLE DEL CAUCA",439,"2S3",27,78005,8,8.82,2945754,624040,109102,6710.15,8131.65,132214.59,{"v":3569794,"d":"$ 3,569,794"},"FURGON","General","CARGADO","SI","Itagui,La Estrella,Sabaneta,Caldas,Amaga,La Pintada,La Virginia,Cartago,Obando,Z"]
["2026-07-01",5001000,"MEDELLIN","ANTIOQUIA",76130000,"CANDELARIA","VALLE DEL CAUCA",439,"2S3",27,63851,8,8.82,2820902,510808,104477.85,6425.74,7589.32,123396.67,{"v":3331710,"d":"$ 3,331,710"},"ESTIBAS","General","CARGADO","SI","Itagui,La Estrella,Sabaneta,Caldas,Amaga,La Pintada,La Virginia,Cartago,Obando,Z"]
["2026-07-01",5001000,"MEDELLIN","ANTIOQUIA",76130000,"CANDELARIA","VALLE DEL CAUCA",439,"2S3",27,63851,8,8.82,2820902,510808,104477.85,6425.74,7589.32,123396.67,{"v":3331710,"d":"$ 3,331,710"},"PLATAFORMA","General","CARGADO","SI","Itagui,La Estrella,Sabaneta,Caldas,Amaga,La Pintada,La Virginia,Cartago,Obando,Z"]
["2026-07-01",5001000,"MEDELLIN","ANTIOQUIA",76130000,"CANDELARIA","VALLE DEL CAUCA",439,"2S3",27,62754,8,8.82,2811221,502032,104119.3,6403.69,7547.27,122713.07,{"v":3313253,"d":"$ 3,313,253"},"PORTACONTENEDORES","Contenedor cargado","CARGADO","SI","Itagui,La Estrella,Sabaneta,Caldas,Amaga,La Pintada,La Virginia,Cartago,Obando,Z"]
["2026-07-01",5001000,"MEDELLIN","ANTIOQUIA",76130000,"CANDELARIA","VALLE DEL CAUCA",439,"2S3",27,62754,8,8.82,2386504,502032,88389.04,5436.23,6579.81,106982.81,{"v":2888536,"d":"$ 2,888,536"},"PORTACONTENEDORES","Contenedor vacío","CARGADO","SI","Itagui,La Estrella,Sabaneta,Caldas,Amaga,La Pintada,La Virginia,Cartago,Obando,Z"]
["2026-07-01",5001000,"MEDELLIN","ANTIOQUIA",76130000,"CANDELARIA","VALLE DEL CAUCA",439,"2S3",27,75310,8,8.82,2921984,602480,108221.63,6656,8028.39,130535.7,{"v":3524464,"d":"$ 3,524,464"},"TANQUE","Granel líquido","CARGADO","SI","Itagui,La Estrella,Sabaneta,Caldas,Amaga,La Pintada,La Virginia,Cartago,Obando,Z"]
["2026-07-01",5001000,"MEDELLIN","ANTIOQUIA",76130000,"CANDELARIA","VALLE DEL CAUCA",439,"2_5_8",3.4,64759,4,8.5,1562505,259036,459560.29,3559.24,4149.3,535747.35,{"v":1821541,"d":"$ 1,821,541"},"FURGON REFRIGERADO","Carga Refrigerada","CARGADO","SI","Itagui,La Estrella,Sabaneta,Caldas,Amaga,La Pintada,La Virginia,Cartago,Obando,Z"]
["2026-07-01",5001000,"MEDELLIN","ANTIOQUIA",76130000,"CANDELARIA","VALLE DEL CAUCA",439,"2_5_8",3.4,37352,4,8.5,1287128,149408,378567.06,2931.95,3272.29,422510.59,{"v":1436536,"d":"$ 1,436,536"},"ESTACAS","Granel Sólido","CARGADO","SI","Itagui,La Estrella,Sabaneta,Caldas,Amaga,La Pintada,La Virginia,Cartago,Obando,Z"]
["2026-07-01",5001000,"MEDELLIN","ANTIOQUIA",76130000,"CANDELARIA","VALLE DEL CAUCA",439,"2_5_8",3.4,39821,4,8.5,1314687,159284,386672.65,2994.73,3357.56,433520.88,{"v":1473971,"d":"$ 1,473,971"},"FURGON","Granel Sólido","CARGADO","SI","Itagui,La Estrella,Sabaneta,Caldas,Amaga,La Pintada,La Virginia,Cartago,Obando,Z"]
["2026-07-01",5001000,"MEDELLIN","ANTIOQUIA",76130000,"CANDELARIA","VALLE DEL CAUCA",439,"2_5_8",3.4,37352,4,8.5,1293704,149408,380501.18,2946.93,3287.27,424444.71,{"v":1443112,"d":"$ 1,443,112"},"ESTIBAS","Granel Sólido","CARGADO","SI","Itagui,La Estrella,Sabaneta,Caldas,Amaga,La Pintada,La Virginia,Cartago,Obando,Z"]
["2026-07-01",5001000,"MEDELLIN","ANTIOQUIA",76130000,"CANDELARIA","VALLE DEL CAUCA",439,"2_5_8",3.4,37352,4,8.5,1293704,149408,380501.18,2946.93,3287.27,424444.71,{"v":1443112,"d":"$ 1,443,112"},"PLATAFORMA","Granel Sólido","CARGADO","SI","Itagui,La Estrella,Sabaneta,Caldas,Amaga,La Pintada,La Virginia,Cartago,Obando,Z"]
["2026-07-01",5001000,"MEDELLIN","ANTIOQUIA",76130000,"CANDELARIA","VALLE DEL CAUCA",439,"2_5_8",3.4,36221,4,8.5,1284086,144884,377672.35,2925.03,3255.06,420285.29,{"v":1428970,"d":"$ 1,428,970"},"ESTACAS","General","CARGADO","SI","Itagui,La Estrella,Sabaneta,Caldas,Amaga,La Pintada,La Virginia,Cartago,Obando,Z"]
["2026-07-01",5001000,"MEDELLIN","ANTIOQUIA",76130000,"CANDELARIA","VALLE DEL CAUCA",439,"2_5_8",3.4,38689,4,8.5,1305069,154756,383843.82,2972.82,3325.34,429360.29,{"v":1459825,"d":"$ 1,459,825"},"FURGON","General","CARGADO","SI","Itagui,La Estrella,Sabaneta,Caldas,Amaga,La Pintada,La Virginia,Cartago,Obando,Z"]
["2026-07-01",5001000,"MEDELLIN","ANTIOQUIA",76130000,"CANDELARIA","VALLE DEL CAUCA",439,"2_5_8",3.4,36221,4,8.5,1284086,144884,377672.35,2925.03,3255.06,420285.29,{"v":1428970,"d":"$ 1,428,970"},"ESTIBAS","General","CARGADO","SI","Itagui,La Estrella,Sabaneta,Caldas,Amaga,La Pintada,La Virginia,Cartago,Obando,Z"]
["2026-07-01",5001000,"MEDELLIN","ANTIOQUIA",76130000,"CANDELARIA","VALLE DEL CAUCA",439,"2_5_8",3.4,36221,4,8.5,1284086,144884,377672.35,2925.03,3255.06,420285.29,{"v":1428970,"d":"$ 1,428,970"},"PLATAFORMA","General","CARGADO","SI","Itagui,La Estrella,Sabaneta,Caldas,Amaga,La Pintada,La Virginia,Cartago,Obando,Z"]
["2026-07-01",5001000,"MEDELLIN","ANTIOQUIA",76130000,"CANDELARIA","VALLE DEL CAUCA",439,"2L3 Liviano entre 7.5 y 8 Tonel.",6,71753,4,8.5,1658054,287012,276342.33,3776.89,4430.67,324177.67,{"v":1945066,"d":"$ 1,945,066"},"FURGON REFRIGERADO","Carga Refrigerada","CARGADO","SI","Itagui,La Estrella,Sabaneta,Caldas,Amaga,La Pintada,La Virginia,Cartago,Obando,Z"]
["2026-07-01",50001000,"VILLAVICENCIO","META",25430000,"MADRID","CUNDINAMARCA",132,"2S3",27,62754,4,3.41,963685,251016,35692.04,7300.64,9202.28,44988.93,{"v":1214701,"d":"$ 1,214,701"},"PORTACONTENEDORES","Contenedor vacío","CARGADO","SI","Guayabetal,Chipaque,Bogota,Funza,Mosquera"]
["2026-07-01",50001000,"VILLAVICENCIO","META",25430000,"MADRID","CUNDINAMARCA",132,"2S3",27,75310,4,3.41,1152413,301240,42681.96,8730.4,11012.52,53839,{"v":1453653,"d":"$ 1,453,653"},"TANQUE","Granel líquido","CARGADO","SI","Guayabetal,Chipaque,Bogota,Funza,Mosquera"]
["2026-07-01",50001000,"VILLAVICENCIO","META",25430000,"MADRID","CUNDINAMARCA",132,"2_5_8",3.4,64759,4,3.12,758607,259036,223119.71,5747.02,7709.42,299306.76,{"v":1017643,"d":"$ 1,017,643"},"FURGON REFRIGERADO","Carga Refrigerada","CARGADO","SI","Guayabetal,Chipaque,Bogota,Funza,Mosquera"]
["2026-07-01",50001000,"VILLAVICENCIO","META",25430000,"MADRID","CUNDINAMARCA",132,"2_5_8",3.4,37352,4,3.12,637160,149408,187400,4826.97,5958.85,231343.53,{"v":786568,"d":"$ 786,568"},"PLATAFORMA","Granel Sólido","CARGADO","SI","Guayabetal,Chipaque,Bogota,Funza,Mosquera"]
["2026-07-01",50001000,"VILLAVICENCIO","META",25430000,"MADRID","CUNDINAMARCA",132,"2_5_8",3.4,36221,4,3.12,633625,144884,186360.29,4800.19,5897.8,228973.24,{"v":778509,"d":"$ 778,509"},"ESTACAS","General","CARGADO","SI","Guayabetal,Chipaque,Bogota,Funza,Mosquera"]
["2026-07-01",50001000,"VILLAVICENCIO","META",25430000,"MADRID","CUNDINAMARCA",132,"2_5_8",3.4,37352,4,3.12,635173,149408,186815.59,4811.92,5943.8,230759.12,{"v":784581,"d":"$ 784,581"},"ESTACAS","Granel Sólido","CARGADO","SI","Guayabetal,Chipaque,Bogota,Funza,Mosquera"]
["2026-07-01",50001000,"VILLAVICENCIO","META",25430000,"MADRID","CUNDINAMARCA",132,"2_5_8",3.4,39821,4,3.12,644871,159284,189667.94,4885.39,6092.08,236516.18,{"v":804155,"d":"$ 804,155"},"FURGON","Granel Sólido","CARGADO","SI","Guayabetal,Chipaque,Bogota,Funza,Mosquera"]
["2026-07-01",50001000,"VILLAVICENCIO","META",25430000,"MADRID","CUNDINAMARCA",132,"2_5_8",3.4,37352,4,3.12,637160,149408,187400,4826.97,5958.85,231343.53,{"v":786568,"d":"$ 786,568"},"ESTIBAS","Granel Sólido","CARGADO","SI","Guayabetal,Chipaque,Bogota,Funza,Mosquera"]
["2026-07-01",50001000,"VILLAVICENCIO","META",25430000,"MADRID","CUNDINAMARCA",132,"2_5_8",3.4,38689,4,3.12,641336,154756,188628.24,4858.61,6031,234144.71,{"v":796092,"d":"$ 796,092"},"FURGON","General","CARGADO","SI","Guayabetal,Chipaque,Bogota,Funza,Mosquera"]
["2026-07-01",50001000,"VILLAVICENCIO","META",25430000,"MADRID","CUNDINAMARCA",132,"2_5_8",3.4,36221,4,3.12,633625,144884,186360.29,4800.19,5897.8,228973.24,{"v":778509,"d":"$ 778,509"},"ESTIBAS","General","CARGADO","SI","Guayabetal,Chipaque,Bogota,Funza,Mosquera"]
["2026-07-01",50001000,"VILLAVICENCIO","META",25430000,"MADRID","CUNDINAMARCA",132,"2_5_8",3.4,36221,4,3.12,633625,144884,186360.29,4800.19,5897.8,228973.24,{"v":778509,"d":"$ 778,509"},"PLATAFORMA","General","CARGADO","SI","Guayabetal,Chipaque,Bogota,Funza,Mosquera"]
["2026-07-01",50001000,"VILLAVICENCIO","META",25430000,"MADRID","CUNDINAMARCA",132,"2L3 Liviano entre 7.5 y 8 Tonel.",6,71753,4,3.12,802438,287012,133739.67,6079.08,8253.41,181575,{"v":1089450,"d":"$ 1,089,450"},"FURGON REFRIGERADO","Carga Refrigerada","CARGADO","SI","Guayabetal,Chipaque,Bogota,Funza,Mosquera"]
["2026-07-01",50001000,"VILLAVICENCIO","META",25430000,"MADRID","CUNDINAMARCA",132,"2L3 Liviano entre 7.5 y 8 Tonel.",6,40348,4,3.12,652349,161392,108724.83,4942.04,6164.7,135623.5,{"v":813741,"d":"$ 813,741"},"ESTACAS","Granel Sólido","CARGADO","SI","Guayabetal,Chipaque,Bogota,Funza,Mosquera"]
["2026-07-01",50001000,"VILLAVICENCIO","META",25430000,"MADRID","CUNDINAMARCA",132,"2L3 Liviano entre 7.5 y 8 Tonel.",6,43458,4,3.12,664051,173832,110675.17,5030.69,6347.6,139647.17,{"v":837883,"d":"$ 837,883"},"FURGON","Granel Sólido","CARGADO","SI","Guayabetal,Chipaque,Bogota,Funza,Mosquera"]
["2026-07-01",50001000,"VILLAVICENCIO","META",25430000,"MADRID","CUNDINAMARCA",132,"2L3 Liviano entre 7.5 y 8 Tonel.",6,40348,4,3.12,654336,161392,109056,4957.09,6179.76,135954.67,{"v":815728,"d":"$ 815,728"},"ESTIBAS","Granel Sólido","CARGADO","SI","Guayabetal,Chipaque,Bogota,Funza,Mosquera"]
["2026-07-01",50001000,"VILLAVICENCIO","META",25430000,"MADRID","CUNDINAMARCA",132,"2L3 Liviano entre 7.5 y 8 Tonel.",6,40348,4,3.12,654336,161392,109056,4957.09,6179.76,135954.67,{"v":815728,"d":"$ 815,728"},"PLATAFORMA","Granel Sólido","CARGADO","SI","Guayabetal,Chipaque,Bogota,Funza,Mosquera"]
["2026-07-01",50001000,"VILLAVICENCIO","META",25430000,"MADRID","CUNDINAMARCA",132,"2L3 Liviano entre 7.5 y 8 Tonel.",6,39217,4,3.12,650801,156868,108466.83,4930.31,6118.7,134611.5,{"v":807669,"d":"$ 807,669"},"ESTACAS","General","CARGADO","SI","Guayabetal,Chipaque,Bogota,Funza,Mosquera"]
["2026-07-01",50001000,"VILLAVICENCIO","META",25430000,"MADRID","CUNDINAMARCA",132,"2L3 Liviano entre 7.5 y 8 Tonel.",6,42327,4,3.12,660517,169308,110086.17,5003.92,6286.55,138304.17,{"v":829825,"d":"$ 829,825"},"FURGON","General","CARGADO","SI","Guayabetal,Chipaque,Bogota,Funza,Mosquera"]
["2026-07-01",50001000,"VILLAVICENCIO","META",25430000,"MADRID","CUNDINAMARCA",132,"2L3 Liviano entre 7.5 y 8 Tonel.",6,39217,4,3.12,650801,156868,108466.83,4930.31,6118.7,134611.5,{"v":807669,"d":"$ 807,669"},"ESTIBAS","General","CARGADO","SI","Guayabetal,Chipaque,Bogota,Funza,Mosquera"]
["2026-07-01",50001000,"VILLAVICENCIO","META",25430000,"MADRID","CUNDINAMARCA",132,"2L3 Liviano entre 7.5 y 8 Tonel.",6,39217,4,3.12,650801,156868,108466.83,4930.31,6118.7,134611.5,{"v":807669,"d":"$ 807,669"},"PLATAFORMA","General","CARGADO","SI","Guayabetal,Chipaque,Bogota,Funza,Mosquera"]
["2026-07-01",50001000,"VILLAVICENCIO","META",25430000,"MADRID","CUNDINAMARCA",132,"2_8_105",5.4,70516,4,3.12,816620,282064,151225.93,6186.52,8323.36,203460,{"v":1098684,"d":"$ 1,098,684"},"FURGON REFRIGERADO","Carga Refrigerada","CARGADO","SI","Guayabetal,Chipaque,Bogota,Funza,Mosquera"]
["2026-07-01",50001000,"VILLAVICENCIO","META",25430000,"MADRID","CUNDINAMARCA",132,"2_8_105",5.4,41061,4,3.12,678775,164244,125699.07,5142.23,6386.51,156114.63,{"v":843019,"d":"$ 843,019"},"ESTACAS","Granel Sólido","CARGADO","SI","Guayabetal,Chipaque,Bogota,Funza,Mosquera"]
["2026-07-01",50001000,"VILLAVICENCIO","META",25430000,"MADRID","CUNDINAMARCA",132,"2_8_105",5.4,43798,4,3.12,687323,175192,127282.04,5206.99,6534.2,159725,{"v":862515,"d":"$ 862,515"},"FURGON","Granel Sólido","CARGADO","SI","Guayabetal,Chipaque,Bogota,Funza,Mosquera"]
["2026-07-01",50001000,"VILLAVICENCIO","META",25430000,"MADRID","CUNDINAMARCA",132,"2_8_105",5.4,41061,4,3.12,678775,164244,125699.07,5142.23,6386.51,156114.63,{"v":843019,"d":"$ 843,019"},"ESTIBAS","Granel Sólido","CARGADO","SI","Guayabetal,Chipaque,Bogota,Funza,Mosquera"]